{"text_format":"3","workbook":"xlsx","n_sheets":2,"sheets":["Pivot","Data"],"not_rendered":{"defined_names":2,"pivot_tables":1},"read":"whole","date_system":"1900"}

{"sheet":"Pivot","index":0,"n_rows":12,"n_cols":3,"rows_kept":12}
["Code Type Of Sale","Consumer"]
[]
["Row Labels","Distinct Count of Account Store Id","Sum of Volume"]
["East1",354,861]
["East2",332,653]
["North1",724,1305]
["North2",519,759]
["South1",318,859]
["South2",504,1284]
["West1 M",591,1841]
["West1 R",313,1084]
["Grand Total",3649,8646]

{"sheet":"Data","index":1,"n_rows":7183,"n_cols":84,"rows_kept":1125,"cut":true,"bounds":{"rows_first":500,"rows_last":125,"rows_between":500,"halvings":2}}
["Submission ID","User Name","User Email","User Mobile","User Store Name","User City","User Employee Id","User Location","User State","User Contract Number","User Agency","User Area Manager Name","User Area Manger Email","User Route Trainer Name","User Route Trainer Email ","User Store Code","User Zone","User Org Group","User Vertical","User Retailer Type","User Retailer Type 2","User Lenovo Internal Type","User Work Status","User Les Isds Hb Shop Id","User Designation","User Heartbeat Les And Lmb","User Rcm Name","User Dsm Name","User Wow Demo Spoc 2019","User Rsm","User Srgm","User Instant Alert","User Dsm Email Id","User Rcm Email Id","User Rsm Email Id","User Srgm Email Id","User User Type","User Sr Dsm Name","User Sr Dsm Email Id","User Country","User Rsm Or Rkam Name","User Channel Type Tr","User Rsm Or Rkam Email","User Omo Trainings","Submission Date","Submission Time","GPS Location","Account Name","Account City","Account State","Account Store Type","Account Bp Category","Account Gstin","Account Region","Account Zone","Account Store Id","Account User City","Account User State","Account Agency","Account Hb Shop Id"," Do You Have Any Sales For The Day"," Lead Source","Code","Volume","Code Brand","Code Series","Code Sub Series","Code Configuration","Code Os","Code Form Factor","Code Level","Code Processor","Code Type Of Sale","Code Price","Code Retail Price","Prod Type","Revenue","New Region","SRP","SP Y","G/NG","User Zone","New Code Level","NEW MTM"]
[21331350,"Mohit Chaturvedi","mohit.chaturvedi@v5global.co.in",9753911212,"V5 Global","Gwalior",601082,"Madhya Pradesh","Madhya Pradesh",null,"V5 Global",null,null,"Mohd Asif","mohd.asif@v5global.co.in",null,"North2",null,"External Consumer","ASO","V5 Global ASO",null,"FT",null,"ASO",null,"Mehul Raval","Rahil Rasheed",null,"Durgendra Singh","Raghavendra Araveeti","rahil.rasheed@v5global.co.in","rahil.rasheed@v5global.co.in","mraval@lenovo.com","dsingh1@lenovo.com","raraveeti@lenovo.com","ASO","Shilpi Gautam","sgautam2@lenovo.com",null,"Durgendra Singh",null,"dsingh1@lenovo.com",null,"2025-11-01","10:30:00","22.2984617,82.0254367","E Life",{"$nulls":3},"T3","23ALEPB8821D1ZO","North2",null,"T-29427","Shivpuri","Madhya Pradesh","V5 Global",null,"Yes","Face to Face","90XW005UIN",1,"Lenovo","IdeaCentre","IdeaCentre 08IRH9","8GB RAM/512 GB SSD/Integrated Graphics/WINDOWS 11","Win 11","TDT","Entry","CORE I5","Consumer",32619,null,"TDT",{"$f":"BV2*BL2","v":32619},{"$f":"Q2","v":"North2"},{"$f":"BV2*118%","v":38490.42},{"$f":"IF(CF2=\"Premium\",IF(CA2>=65000,\"SP\",\"\"),\"\")","v":""},null,"North2",{"$f":"IF(BU2=\"Consumer\",IF(CA2<40000,\"Entry\",IF(AND(CA2>=40000,CA2<65000),\"Mainstream\",\"Premium\")),IF(BU2=\"Visuals\",BS2,\"NA\"))","v":"Entry"},"Mainstream"]
[21333284,"Manpreet Singh Brar","manpreet.brar@v5global.co.in",9780000315,"V5 Global","Ludhiana","V5414354","Punjab","Punjab",null,"V5 Global",null,null,"Gourav Jain","gourav.jain@v5global.co.in",null,"North1",null,"External Consumer","ASO","V5 Global ASO",null,"FT",null,"ASO",null,"Karan Kapoor","Gaurav Sharma",null,"Kumar Tanksale","Raghavendra Araveeti","gaurav.sharma@v5global.co.in","gaurav.sharma@v5global.co.in","kkapoor@lenovo.com","ktanksale1@lenovo.com","raraveeti@lenovo.com","ASO","Shilpi Gautam","sgautam2@lenovo.com",null,"Kumar Tanksale",null,"ktanksale1@lenovo.com",null,"2025-11-01","11:55:00","30.8971933,75.838445","Arham Infosys",{"$nulls":3},"T3","03AYDPJ6298G1ZC","North1",null,"T-30882","Jagraon","Punjab","V5 Global",null,"Yes","Face to Face","83GS00PJIN",1,"Lenovo","LOQ","LOQ 15IAX9","15.6,16GB,521SSD,RTX3050 6GB,2024 MSO,LUNA GREE","Win 11","Gaming","Premium","Core i5-12450HX","Consumer",75864,null,"NB",{"$f":"BV3*BL3","v":75864},{"$f":"Q3","v":"North1"},{"$f":"BV3*118%","v":89519.51999999999},{"$f":"IF(CF3=\"Premium\",IF(CA3>=65000,\"SP\",\"\"),\"\")","v":"SP"},"Gaming","North1",{"$f":"IF(BU3=\"Consumer\",IF(CA3<40000,\"Entry\",IF(AND(CA3>=40000,CA3<65000),\"Mainstream\",\"Premium\")),IF(BU3=\"Visuals\",BS3,\"NA\"))","v":"Premium"},"Premium"]
[21334580,"Manish Kumar ","manish.k@v5global.co.in",9815306161,"V5 Global","Chandigarh","V5294765","Punjab","Punjab",null,"V5 Global",null,null,"Gourav Jain","gourav.jain@v5global.co.in",null,"North1",null,"External Consumer","ASO","V5 Global ASO",null,"FT",null,"ASO",null,"Naveen Kumar","Gaurav Sharma",null,"Kumar Tanksale","Raghavendra Araveeti","gaurav.sharma@v5global.co.in","gaurav.sharma@v5global.co.in","nkumar12@lenovo.com","ktanksale1@lenovo.com","raraveeti@lenovo.com","ASO","Shilpi Gautam","sgautam2@lenovo.com",null,"Kumar Tanksale",null,"ktanksale1@lenovo.com",null,"2025-11-01","13:30:00","31.4119459,76.5513095","IT WORLD",{"$nulls":3},"T3","04BYHPS2781L2ZW","North1",null,"T-31392","Chandigarh","Chandigarh","V5 Global",null,"Yes","Telephonic","83DV01AAIN",5,"Lenovo","LOQ","LOQ","LOQ I5 13gen 16GB RAM 512 gb SSD RTX4050 win11 MSO\t","Win 11","Gaming","Premium","I5 13gen","Consumer",78000,null,"NB",390000,"North1",92040,"SP","Gaming","North1","Premium","Premium"]
[21334580,"Manish Kumar ","manish.k@v5global.co.in",9815306161,"V5 Global","Chandigarh","V5294765","Punjab","Punjab",null,"V5 Global",null,null,"Gourav Jain","gourav.jain@v5global.co.in",null,"North1",null,"External Consumer","ASO","V5 Global ASO",null,"FT",null,"ASO",null,"Naveen Kumar","Gaurav Sharma",null,"Kumar Tanksale","Raghavendra Araveeti","gaurav.sharma@v5global.co.in","gaurav.sharma@v5global.co.in","nkumar12@lenovo.com","ktanksale1@lenovo.com","raraveeti@lenovo.com","ASO","Shilpi Gautam","sgautam2@lenovo.com",null,"Kumar Tanksale",null,"ktanksale1@lenovo.com",null,"2025-11-01","13:30:00","31.4119459,76.5513095","IT WORLD",{"$nulls":3},"T3","04BYHPS2781L2ZW","North1",null,"T-31392","Chandigarh","Chandigarh","V5 Global",null,"Yes","Telephonic","83K100C9IN",5,"Lenovo","Slim 3","IdeaPad Slim 3 15IRH10","NB IP Slim 3 15IRH10 I7 8G 8G 512G 11S","Win 11","Thin & Light","Mainstream","i7 13620H","Consumer",64700,null,"NB",323500,"North1",76346,"SP","Non-Gaming","North1","Premium","Premium"]
[21334580,"Manish Kumar ","manish.k@v5global.co.in",9815306161,"V5 Global","Chandigarh","V5294765","Punjab","Punjab",null,"V5 Global",null,null,"Gourav Jain","gourav.jain@v5global.co.in",null,"North1",null,"External Consumer","ASO","V5 Global ASO",null,"FT",null,"ASO",null,"Naveen Kumar","Gaurav Sharma",null,"Kumar Tanksale","Raghavendra Araveeti","gaurav.sharma@v5global.co.in","gaurav.sharma@v5global.co.in","nkumar12@lenovo.com","ktanksale1@lenovo.com","raraveeti@lenovo.com","ASO","Shilpi Gautam","sgautam2@lenovo.com",null,"Kumar Tanksale",null,"ktanksale1@lenovo.com",null,"2025-11-01","13:30:00","31.4119459,76.5513095","IT WORLD",{"$nulls":3},"T3","04BYHPS2781L2ZW","North1",null,"T-31392","Chandigarh","Chandigarh","V5 Global",null,"Yes","Telephonic","83HX00A5IN",3,"Lenovo","Ideapad","Slim 5","Ryzen AI 7 350/Co-Pilot+ PC\t","Win 11","Thin & Light","Premium","Ryzen AI 7 350","Consumer",87990,null,"NB",263970,"North1",103828.2,"SP","Non-Gaming","North1","Premium","Premium"]
[21334584,"Manish Kumar ","manish.k@v5global.co.in",9815306161,"V5 Global","Chandigarh","V5294765","Punjab","Punjab",null,"V5 Global",null,null,"Gourav Jain","gourav.jain@v5global.co.in",null,"North1",null,"External Consumer","ASO","V5 Global ASO",null,"FT",null,"ASO",null,"Naveen Kumar","Gaurav Sharma",null,"Kumar Tanksale","Raghavendra Araveeti","gaurav.sharma@v5global.co.in","gaurav.sharma@v5global.co.in","nkumar12@lenovo.com","ktanksale1@lenovo.com","raraveeti@lenovo.com","ASO","Shilpi Gautam","sgautam2@lenovo.com",null,"Kumar Tanksale",null,"ktanksale1@lenovo.com",null,"2025-11-01","13:31:00","31.4119515,76.5512972","RELIABLE COMPUTER",{"$nulls":3},"T3","02BHXPK9682D1ZV","North1",null,"T-3400","Hamirpur","Himachal Pradesh","Denave",null,"Yes","Telephonic","83B40004IN",1,"Lenovo","Ideapad","Ideapad 1","15.6\"FHD,8GB/512GB/I3 1315/WIN/MS OFFICE/","Win 11","Thin & Light","Entry","13 1315","Consumer",36960,null,"NB",36960,"North1",43612.799999999996,"",null,"North1","Mainstream","Entry"]
[21335676,"Rajesh MG","rajesh.mg@v5global.co.in",8157020114,"V5 Global","COCHIN",601146,"KERELA","KERELA",null,"V5 Global",null,null,"Athul Krishna","athul.n@v5global.co.in",null,"South1",null,"External Consumer","ASO","V5 Global ASO",null,"FT",null,"ASO",null,"Shaiju","Prakash Kumar K P",null,"S Sreekumar","Sharad verma","prakash.kp@v5global.co.in","prakash.kp@v5global.co.in","ss89@lenovo.com","ssreekumar@lenovo.com","sharverm@lenovo.com","ASO","Shilpi Gautam","sgautam2@lenovo.com",null,"S Sreekumar",null,"ssreekumar@lenovo.com",null,"2025-11-01","17:38:00","10.6062853,76.1429307","TEJAS IT DISTRIBUTORS",{"$nulls":3},"T3","32BNWPG4763N1ZB","South2",null,"T-19526","MALAPPURAM","Kerala",null,null,"Yes","Telephonic","67AFKACBIN",3,"Lenovo","L Series","L22E-40","LEN L22E-40 21.5 VA 75 HZ HDMI","NA","Visual Variants","Entry","NA","Visuals",7900,null,null,23700,"South1",9322,"",null,"South1","Entry","Entry"]
[21335684,"Rajesh MG","rajesh.mg@v5global.co.in",8157020114,"V5 Global","COCHIN",601146,"KERELA","KERELA",null,"V5 Global",null,null,"Athul Krishna","athul.n@v5global.co.in",null,"South1",null,"External Consumer","ASO","V5 Global ASO",null,"FT",null,"ASO",null,"Shaiju","Prakash Kumar K P",null,"S Sreekumar","Sharad verma","prakash.kp@v5global.co.in","prakash.kp@v5global.co.in","ss89@lenovo.com","ssreekumar@lenovo.com","sharverm@lenovo.com","ASO","Shilpi Gautam","sgautam2@lenovo.com",null,"S Sreekumar",null,"ssreekumar@lenovo.com",null,"2025-11-01","17:39:00","10.6062857,76.1429306","ASTER DISTRIBUTIORS",{"$nulls":3},"T3","32ABDFA4059P1ZA","South1",null,"T-8006","Thrissur","Kerala","V5 Global",null,"Yes","Telephonic","67AFKACBIN",2,"Lenovo","L Series","L22E-40","LEN L22E-40 21.5 VA 75 HZ HDMI","NA","Visual Variants","Entry","NA","Visuals",7900,null,null,15800,"South1",9322,"",null,"South1","Entry","Entry"]
[21337060,"Govind Gulab Rajbhar","govind.gulab@v5global.co.in",9029031943,"V5 Global","Mumbai","V5263641","Maharashtra","Maharashtra",null,"V5 Global",null,null,"Pooja Thakur","pooja.thakur@v5global.co.in",null,"West1",null,"External Consumer","ASO","V5 Global ASO",null,"FT",null,"ASO",null,"Amit Tiwari","Yunus Hamid Mansoori",null,"Hemant C Baghel","Sharad verma","yunus.hamid@v5global.co.in","yunus.hamid@v5global.co.in","atiwari5@lenovo.com","hbaghel@lenovo.com","sharverm@lenovo.com","ASO","Shilpi Gautam","sgautam2@lenovo.com",null,"Hemant C Baghel",null,"hbaghel@lenovo.com",null,"2025-11-01","20:47:00","19.2168236,72.8439754","En tech",{"$nulls":3},"T3",null,"West1",null,"T-25776","Mumbai","Maharashtra","V5 Global",null,"Yes","Telephonic","83LK0068IN",1,"Lenovo","LOQ","LOQ 15IAX9E","NB LOQ 15IAX9E I7 12G 512G 11S","Win 11","Gaming","Premium","i7 12650HX","Consumer",67936,null,"NB",67936,"West1",80164.48,"SP","Gaming","West1 M","Premium","Premium"]
[21337072,"Govind Gulab Rajbhar","govind.gulab@v5global.co.in",9029031943,"V5 Global","Mumbai","V5263641","Maharashtra","Maharashtra",null,"V5 Global",null,null,"Pooja Thakur","pooja.thakur@v5global.co.in",null,"West1",null,"External Consumer","ASO","V5 Global ASO",null,"FT",null,"ASO",null,"Amit Tiwari","Yunus Hamid Mansoori",null,"Hemant C Baghel","Sharad verma","yunus.hamid@v5global.co.in","yunus.hamid@v5global.co.in","atiwari5@lenovo.com","hbaghel@lenovo.com","sharverm@lenovo.com","ASO","Shilpi Gautam","sgautam2@lenovo.com",null,"Hemant C Baghel",null,"hbaghel@lenovo.com",null,"2025-11-01","20:48:00","19.2168377,72.8439644","En tech",{"$nulls":3},"T3",null,"West1",null,"T-25776","Mumbai","Maharashtra","V5 Global",null,"Yes","Telephonic","82ER00MCIN",1,"Lenovo","Ideapad","Slim 3","15.6\" (39.62cm) FHD / 16 GB DDR5 RAM / 512 GB SSD/ARCTIC GREY/\t","Win 11","Thin & Light","Mainstream","Core i5 12th Gen","Consumer",53000,null,"NB",53000,"West1",62540,"",null,"West1 M","Mainstream","Mainstream"]
[21337078,"Govind Gulab Rajbhar","govind.gulab@v5global.co.in",9029031943,"V5 Global","Mumbai","V5263641","Maharashtra","Maharashtra",null,"V5 Global",null,null,"Pooja Thakur","pooja.thakur@v5global.co.in",null,"West1",null,"External Consumer","ASO","V5 Global ASO",null,"FT",null,"ASO",null,"Amit Tiwari","Yunus Hamid Mansoori",null,"Hemant C Baghel","Sharad verma","yunus.hamid@v5global.co.in","yunus.hamid@v5global.co.in","atiwari5@lenovo.com","hbaghel@lenovo.com","sharverm@lenovo.com","ASO","Shilpi Gautam","sgautam2@lenovo.com",null,"Hemant C Baghel",null,"hbaghel@lenovo.com",null,"2025-11-01","20:48:00","19.2168397,72.843965","ORNO INFOSYS INDIA",{"$nulls":3},"T3","27AELPM8871N1ZI","West1",null,"T-28803","Mumbai","Maharashtra","V5 Global",null,"Yes","Telephonic","82ER00MCIN",3,"Lenovo","Ideapad","Slim 3","15.6\" (39.62cm) FHD / 16 GB DDR5 RAM / 512 GB SSD/ARCTIC GREY/\t","Win 11","Thin & Light","Mainstream","Core i5 12th Gen","Consumer",53000,null,"NB",159000,"West1",62540,"",null,"West1 M","Mainstream","Mainstream"]
[21337078,"Govind Gulab Rajbhar","govind.gulab@v5global.co.in",9029031943,"V5 Global","Mumbai","V5263641","Maharashtra","Maharashtra",null,"V5 Global",null,null,"Pooja Thakur","pooja.thakur@v5global.co.in",null,"West1",null,"External Consumer","ASO","V5 Global ASO",null,"FT",null,"ASO",null,"Amit Tiwari","Yunus Hamid Mansoori",null,"Hemant C Baghel","Sharad verma","yunus.hamid@v5global.co.in","yunus.hamid@v5global.co.in","atiwari5@lenovo.com","hbaghel@lenovo.com","sharverm@lenovo.com","ASO","Shilpi Gautam","sgautam2@lenovo.com",null,"Hemant C Baghel",null,"hbaghel@lenovo.com",null,"2025-11-01","20:48:00","19.2168397,72.843965","ORNO INFOSYS INDIA",{"$nulls":3},"T3","27AELPM8871N1ZI","West1",null,"T-28803","Mumbai","Maharashtra","V5 Global",null,"Yes","Telephonic","67D5KAC6IN",1,"Lenovo","L22-4E","L Series","LEN L22-4E 21.5 IPS  BLACK 100HZ","NA","Visual Variants","Mainstream","NA","Visuals",5331,null,null,5331,"West1",6290.58,"",null,"West1 M","Mainstream","Mainstream"]
[21337095,"Govind Gulab Rajbhar","govind.gulab@v5global.co.in",9029031943,"V5 Global","Mumbai","V5263641","Maharashtra","Maharashtra",null,"V5 Global",null,null,"Pooja Thakur","pooja.thakur@v5global.co.in",null,"West1",null,"External Consumer","ASO","V5 Global ASO",null,"FT",null,"ASO",null,"Amit Tiwari","Yunus Hamid Mansoori",null,"Hemant C Baghel","Sharad verma","yunus.hamid@v5global.co.in","yunus.hamid@v5global.co.in","atiwari5@lenovo.com","hbaghel@lenovo.com","sharverm@lenovo.com","ASO","Shilpi Gautam","sgautam2@lenovo.com",null,"Hemant C Baghel",null,"hbaghel@lenovo.com",null,"2025-11-01","20:49:00","19.2168363,72.8439655","GIRIA ENTERPRISE",{"$nulls":3},"T3",null,"West1",null,"T-21996","Mumbai","Maharashtra","V5 Global",null,"Yes","Telephonic","F0HN00PGIN",1,"Lenovo","AIO","AIO i-24IRH9","i3-1315U-8-512-UHD-W11-O24-23.80","Win 11","AIO","Mainstream","i3-1315U","Consumer",57990,null,"AIO",57990,"West1",68428.2,"",null,"West1 M","Premium","Mainstream"]
[21337106,"Govind Gulab Rajbhar","govind.gulab@v5global.co.in",9029031943,"V5 Global","Mumbai","V5263641","Maharashtra","Maharashtra",null,"V5 Global",null,null,"Pooja Thakur","pooja.thakur@v5global.co.in",null,"West1",null,"External Consumer","ASO","V5 Global ASO",null,"FT",null,"ASO",null,"Amit Tiwari","Yunus Hamid Mansoori",null,"Hemant C Baghel","Sharad verma","yunus.hamid@v5global.co.in","yunus.hamid@v5global.co.in","atiwari5@lenovo.com","hbaghel@lenovo.com","sharverm@lenovo.com","ASO","Shilpi Gautam","sgautam2@lenovo.com",null,"Hemant C Baghel",null,"hbaghel@lenovo.com",null,"2025-11-01","20:50:00","19.2168409,72.8439692","Global Net Computer",{"$nulls":3},"T3",null,"West1",null,"T-18101","Mumbai","Maharashtra","V5 Global",null,"Yes","Telephonic","F0HN00PHIN",1,"Lenovo","AIO","AIO","LEN I5-13420H 16GB 512GB SSD 23.8 MSO","Win 11","AIO","Mainstream","i5-13420H","Consumer",53381,null,"AIO",53381,"West1",62989.579999999994,"",null,"West1 M","Mainstream","Mainstream"]
[21337106,"Govind Gulab Rajbhar","govind.gulab@v5global.co.in",9029031943,"V5 Global","Mumbai","V5263641","Maharashtra","Maharashtra",null,"V5 Global",null,null,"Pooja Thakur","pooja.thakur@v5global.co.in",null,"West1",null,"External Consumer","ASO","V5 Global ASO",null,"FT",null,"ASO",null,"Amit Tiwari","Yunus Hamid Mansoori",null,"Hemant C Baghel","Sharad verma","yunus.hamid@v5global.co.in","yunus.hamid@v5global.co.in","atiwari5@lenovo.com","hbaghel@lenovo.com","sharverm@lenovo.com","ASO","Shilpi Gautam","sgautam2@lenovo.com",null,"Hemant C Baghel",null,"hbaghel@lenovo.com",null,"2025-11-01","20:50:00","19.2168409,72.8439692","Global Net Computer",{"$nulls":3},"T3",null,"West1",null,"T-18101","Mumbai","Maharashtra","V5 Global",null,"Yes","Telephonic","68CDKAC1IN",2,"Lenovo","L27-4E","L Series","LEN L27-4E 27 IPS BLACK 100HZ","NA","Visual Variants","Premium","NA","Visuals",8158,null,null,16316,"West1",9626.439999999999,"",null,"West1 M","Premium","Premium"]
[21337108,"Govind Gulab Rajbhar","govind.gulab@v5global.co.in",9029031943,"V5 Global","Mumbai","V5263641","Maharashtra","Maharashtra",null,"V5 Global",null,null,"Pooja Thakur","pooja.thakur@v5global.co.in",null,"West1",null,"External Consumer","ASO","V5 Global ASO",null,"FT",null,"ASO",null,"Amit Tiwari","Yunus Hamid Mansoori",null,"Hemant C Baghel","Sharad verma","yunus.hamid@v5global.co.in","yunus.hamid@v5global.co.in","atiwari5@lenovo.com","hbaghel@lenovo.com","sharverm@lenovo.com","ASO","Shilpi Gautam","sgautam2@lenovo.com",null,"Hemant C Baghel",null,"hbaghel@lenovo.com",null,"2025-11-01","20:50:00","19.2168341,72.843971","Integrated Perfect Systems",{"$nulls":3},"T3",null,"West1",null,"T-25775","Mumbai","Maharashtra","V5 Global",null,"Yes","Telephonic","61E0KAR6WW",5,"Lenovo","D Series","D19-10","D19: 18.5\" VGA + HDMI with HDMI Cable","NA","Visual Variants","Entry","NA","Visuals",5058,null,null,25290,"West1",5968.44,"",null,"West1 M","Entry","Entry"]
[21337114,"Govind Gulab Rajbhar","govind.gulab@v5global.co.in",9029031943,"V5 Global","Mumbai","V5263641","Maharashtra","Maharashtra",null,"V5 Global",null,null,"Pooja Thakur","pooja.thakur@v5global.co.in",null,"West1",null,"External Consumer","ASO","V5 Global ASO",null,"FT",null,"ASO",null,"Amit Tiwari","Yunus Hamid Mansoori",null,"Hemant C Baghel","Sharad verma","yunus.hamid@v5global.co.in","yunus.hamid@v5global.co.in","atiwari5@lenovo.com","hbaghel@lenovo.com","sharverm@lenovo.com","ASO","Shilpi Gautam","sgautam2@lenovo.com",null,"Hemant C Baghel",null,"hbaghel@lenovo.com",null,"2025-11-01","20:50:00","19.2168322,72.8439711","Jayshree",{"$nulls":3},"T3",null,"West1",null,"T-25668","Mumbai","Maharashtra","V5 Global",null,"Yes","Telephonic","67BCKAC6IN",1,"Lenovo","Monitor -L24i4A","Monitor -L24i4A","Full HD IPS Panel Ultra Thin Monitor with WLED Backlight","NA","Visual Variants","Premium","NA","Visuals",7203,null,null,7203,"West1",8499.539999999999,"",null,"West1 M","Premium","Premium"]
[21345805,"Dharmaraja Ayyakutty","dharmaraja.ayyakutty@v5global.co.in",9345577776,"V5 Global","MADURAI","V5431236","TAMIL NADU","TAMIL NADU","-","V5 Global",null,null,"Prabhakaran A","prabhakaran@v5global.co.in",null,"South2",null,"External Consumer","ASO","V5 Global ASO",null,"FT",null,"ASO",null,"Sridhar Ethirajulu","S.Arunbabu",null,"Prabhu Subaramanian","Sharad verma","arun.babu@v5global.co.in","arun.babu@v5global.co.in","sethirajulu1@lenovo.com","psubramania4@lenovo.com","sharverm@lenovo.com","ASO","Shilpi Gautam","sgautam2@lenovo.com",null,"Prabhu Subaramanian",null,"psubramania4@lenovo.com",null,"2025-11-03","07:58:00","10.0130515,77.9706699","ACE COMPUTER AND SOLUTION",{"$nulls":3},"T3","33APEPP0374B1ZD","South2",null,"T-8946","Madurai","Tamil Nadu",null,null,"Yes","Face to Face","83B40004IN",2,"Lenovo","Ideapad","Ideapad 1","15.6\"FHD,8GB/512GB/I3 1315/WIN/MS OFFICE/","Win 11","Thin & Light","Entry","13 1315","Consumer",36960,null,"NB",73920,"South2",43612.799999999996,"",null,"South2","Mainstream","Entry"]
[21345805,"Dharmaraja Ayyakutty","dharmaraja.ayyakutty@v5global.co.in",9345577776,"V5 Global","MADURAI","V5431236","TAMIL NADU","TAMIL NADU","-","V5 Global",null,null,"Prabhakaran A","prabhakaran@v5global.co.in",null,"South2",null,"External Consumer","ASO","V5 Global ASO",null,"FT",null,"ASO",null,"Sridhar Ethirajulu","S.Arunbabu",null,"Prabhu Subaramanian","Sharad verma","arun.babu@v5global.co.in","arun.babu@v5global.co.in","sethirajulu1@lenovo.com","psubramania4@lenovo.com","sharverm@lenovo.com","ASO","Shilpi Gautam","sgautam2@lenovo.com",null,"Prabhu Subaramanian",null,"psubramania4@lenovo.com",null,"2025-11-03","07:58:00","10.0130515,77.9706699","ACE COMPUTER AND SOLUTION",{"$nulls":3},"T3","33APEPP0374B1ZD","South2",null,"T-8946","Madurai","Tamil Nadu",null,null,"Yes","Face to Face","83DV01A9IN",1,"Lenovo","LOQ","LOQ 15IRX9","i5 OS 6GB Gfx/i5 13450HX/RTX 3050 6GB","Win 11","Gaming","Premium","RTX 3050 6GB/512GB SSD/i5 13450HX","Consumer",77845,null,"NB",77845,"South2",91857.09999999999,"SP","Gaming","South2","Premium","Premium"]
[21345805,"Dharmaraja Ayyakutty","dharmaraja.ayyakutty@v5global.co.in",9345577776,"V5 Global","MADURAI","V5431236","TAMIL NADU","TAMIL NADU","-","V5 Global",null,null,"Prabhakaran A","prabhakaran@v5global.co.in",null,"South2",null,"External Consumer","ASO","V5 Global ASO",null,"FT",null,"ASO",null,"Sridhar Ethirajulu","S.Arunbabu",null,"Prabhu Subaramanian","Sharad verma","arun.babu@v5global.co.in","arun.babu@v5global.co.in","sethirajulu1@lenovo.com","psubramania4@lenovo.com","sharverm@lenovo.com","ASO","Shilpi Gautam","sgautam2@lenovo.com",null,"Prabhu Subaramanian",null,"psubramania4@lenovo.com",null,"2025-11-03","07:58:00","10.0130515,77.9706699","ACE COMPUTER AND SOLUTION",{"$nulls":3},"T3","33APEPP0374B1ZD","South2",null,"T-8946","Madurai","Tamil Nadu",null,null,"Yes","Face to Face","83K100CJIN",1,"Lenovo","Slim 3","IdeaPad Slim 3 15IRH10","NB IP Slim 3 15IRH10 I7 8G 8G 512G 11S","Win 11","Thin & Light","Mainstream","i7 13620H","Consumer",63827,null,"NB",63827,"South2",75315.86,"SP","Non-Gaming","South2","Premium","Premium"]
[21345805,"Dharmaraja Ayyakutty","dharmaraja.ayyakutty@v5global.co.in",9345577776,"V5 Global","MADURAI","V5431236","TAMIL NADU","TAMIL NADU","-","V5 Global",null,null,"Prabhakaran A","prabhakaran@v5global.co.in",null,"South2",null,"External Consumer","ASO","V5 Global ASO",null,"FT",null,"ASO",null,"Sridhar Ethirajulu","S.Arunbabu",null,"Prabhu Subaramanian","Sharad verma","arun.babu@v5global.co.in","arun.babu@v5global.co.in","sethirajulu1@lenovo.com","psubramania4@lenovo.com","sharverm@lenovo.com","ASO","Shilpi Gautam","sgautam2@lenovo.com",null,"Prabhu Subaramanian",null,"psubramania4@lenovo.com",null,"2025-11-03","07:58:00","10.0130515,77.9706699","ACE COMPUTER AND SOLUTION",{"$nulls":3},"T3","33APEPP0374B1ZD","South2",null,"T-8946","Madurai","Tamil Nadu",null,null,"Yes","Face to Face","82XQ00MDIN",3,"Lenovo","Ideapad","Slim 3","RYZEN-7320U/8GB LPDDR5-5500/512GB SSD/Integrated AMD Radeon graphics","Win 11","Thin & Light","Entry","Ryzen3 7320U","Consumer",33000,null,"NB",99000,"South2",38940,"",null,"South2","Entry","Entry"]
[21345805,"Dharmaraja Ayyakutty","dharmaraja.ayyakutty@v5global.co.in",9345577776,"V5 Global","MADURAI","V5431236","TAMIL NADU","TAMIL NADU","-","V5 Global",null,null,"Prabhakaran A","prabhakaran@v5global.co.in",null,"South2",null,"External Consumer","ASO","V5 Global ASO",null,"FT",null,"ASO",null,"Sridhar Ethirajulu","S.Arunbabu",null,"Prabhu Subaramanian","Sharad verma","arun.babu@v5global.co.in","arun.babu@v5global.co.in","sethirajulu1@lenovo.com","psubramania4@lenovo.com","sharverm@lenovo.com","ASO","Shilpi Gautam","sgautam2@lenovo.com",null,"Prabhu Subaramanian",null,"psubramania4@lenovo.com",null,"2025-11-03","07:58:00","10.0130515,77.9706699","ACE COMPUTER AND SOLUTION",{"$nulls":3},"T3","33APEPP0374B1ZD","South2",null,"T-8946","Madurai","Tamil Nadu",null,null,"Yes","Face to Face","83GS000PJIN",1,"Lenovo","LOQ","LOQ 15","Lenovo LOQ Intel Core i5 12th Gen 12450HX - (16 GB/512 GB SSD/Windows 11 Home/6 GB Graphics/NVIDIA GeForce RTX 3050) (15.6 inch,","Win 11","Gaming","Premium","Core i5 12th GenÂ ","Consumer",69000,null,"NB",69000,"South2",81420,"SP","Gaming","South2","Premium","Premium"]
[21345805,"Dharmaraja Ayyakutty","dharmaraja.ayyakutty@v5global.co.in",9345577776,"V5 Global","MADURAI","V5431236","TAMIL NADU","TAMIL NADU","-","V5 Global",null,null,"Prabhakaran A","prabhakaran@v5global.co.in",null,"South2",null,"External Consumer","ASO","V5 Global ASO",null,"FT",null,"ASO",null,"Sridhar Ethirajulu","S.Arunbabu",null,"Prabhu Subaramanian","Sharad verma","arun.babu@v5global.co.in","arun.babu@v5global.co.in","sethirajulu1@lenovo.com","psubramania4@lenovo.com","sharverm@lenovo.com","ASO","Shilpi Gautam","sgautam2@lenovo.com",null,"Prabhu Subaramanian",null,"psubramania4@lenovo.com",null,"2025-11-03","07:58:00","10.0130515,77.9706699","ACE COMPUTER AND SOLUTION",{"$nulls":3},"T3","33APEPP0374B1ZD","South2",null,"T-8946","Madurai","Tamil Nadu",null,null,"Yes","Face to Face","83B40004IN",6,"Lenovo","Ideapad","Ideapad 1","15.6\"FHD,8GB/512GB/I3 1315/WIN/MS OFFICE/","Win 11","Thin & Light","Entry","13 1315","Consumer",36960,null,"NB",221760,"South2",43612.799999999996,"",null,"South2","Mainstream","Entry"]
[21345805,"Dharmaraja Ayyakutty","dharmaraja.ayyakutty@v5global.co.in",9345577776,"V5 Global","MADURAI","V5431236","TAMIL NADU","TAMIL NADU","-","V5 Global",null,null,"Prabhakaran A","prabhakaran@v5global.co.in",null,"South2",null,"External Consumer","ASO","V5 Global ASO",null,"FT",null,"ASO",null,"Sridhar Ethirajulu","S.Arunbabu",null,"Prabhu Subaramanian","Sharad verma","arun.babu@v5global.co.in","arun.babu@v5global.co.in","sethirajulu1@lenovo.com","psubramania4@lenovo.com","sharverm@lenovo.com","ASO","Shilpi Gautam","sgautam2@lenovo.com",null,"Prabhu Subaramanian",null,"psubramania4@lenovo.com",null,"2025-11-03","07:58:00","10.0130515,77.9706699","ACE COMPUTER AND SOLUTION",{"$nulls":3},"T3","33APEPP0374B1ZD","South2",null,"T-8946","Madurai","Tamil Nadu",null,null,"Yes","Face to Face","83ER00MCIN",1,"Lenovo","Ideapad","Slim 3","Lenovo IdeaPad Slim 3 12th Gen Intel Core i5-12450H 15\" (39.6cm) FHD IPS 300 Nits Thin & Light Laptop (16GB/512GB SSD/Win 11/MSO","Win 11","Thin & Light","Mainstream","i5 12th Gen","Consumer",41000,null,"NB",41000,"South2",48380,"",null,"South2","Mainstream","Mainstream"]
[21345805,"Dharmaraja Ayyakutty","dharmaraja.ayyakutty@v5global.co.in",9345577776,"V5 Global","MADURAI","V5431236","TAMIL NADU","TAMIL NADU","-","V5 Global",null,null,"Prabhakaran A","prabhakaran@v5global.co.in",null,"South2",null,"External Consumer","ASO","V5 Global ASO",null,"FT",null,"ASO",null,"Sridhar Ethirajulu","S.Arunbabu",null,"Prabhu Subaramanian","Sharad verma","arun.babu@v5global.co.in","arun.babu@v5global.co.in","sethirajulu1@lenovo.com","psubramania4@lenovo.com","sharverm@lenovo.com","ASO","Shilpi Gautam","sgautam2@lenovo.com",null,"Prabhu Subaramanian",null,"psubramania4@lenovo.com",null,"2025-11-03","07:58:00","10.0130515,77.9706699","ACE COMPUTER AND SOLUTION",{"$nulls":3},"T3","33APEPP0374B1ZD","South2",null,"T-8946","Madurai","Tamil Nadu",null,null,"Yes","Face to Face","83K100CAIN",2,"Lenovo","Ideapad","Slim 3","NB IP Slim 3 15IRH10 I5 8G 512G 11S","Win 11","Thin & Light","Premium","i5 13420H/8GB/512GB SSD","Consumer",56251,null,"NB",112502,"South2",66376.18,"",null,"South2","Premium","Mainstream"]
[21345805,"Dharmaraja Ayyakutty","dharmaraja.ayyakutty@v5global.co.in",9345577776,"V5 Global","MADURAI","V5431236","TAMIL NADU","TAMIL NADU","-","V5 Global",null,null,"Prabhakaran A","prabhakaran@v5global.co.in",null,"South2",null,"External Consumer","ASO","V5 Global ASO",null,"FT",null,"ASO",null,"Sridhar Ethirajulu","S.Arunbabu",null,"Prabhu Subaramanian","Sharad verma","arun.babu@v5global.co.in","arun.babu@v5global.co.in","sethirajulu1@lenovo.com","psubramania4@lenovo.com","sharverm@lenovo.com","ASO","Shilpi Gautam","sgautam2@lenovo.com",null,"Prabhu Subaramanian",null,"psubramania4@lenovo.com",null,"2025-11-03","07:58:00","10.0130515,77.9706699","ACE COMPUTER AND SOLUTION",{"$nulls":3},"T3","33APEPP0374B1ZD","South2",null,"T-8946","Madurai","Tamil Nadu",null,null,"Yes","Face to Face","82XM0118IN",1,"Lenovo","Ideapad","Slim 3","15.6\" FHD (1920x1080)/16 GB/ 512 GB SSD/Integrated AMD Graphics/Office Home 2024/Arctic Grey","Win 11","Thin & Light","Mainstream","AMD Ryzen 5 5625U","Consumer",44000,null,"NB",44000,"South2",51920,"",null,"South2","Mainstream","Mainstream"]
[21364176,"Ashwani Kumar","ashwani.kumar@v5global.co.in",7827383769,"V5 Global","Delhi","V5262001","Delhi","Delhi",null,"V5 Global",null,null,"Mohd Asif","mohd.asif@v5global.co.in",null,"North1",null,"External Consumer","ASO","V5 Global ASO",null,"FT",null,"ASO",null,"Kanwaldeep Singh","Gaurav Sharma",null,"Kumar Tanksale","Raghavendra Araveeti","gaurav.sharma@v5global.co.in","gaurav.sharma@v5global.co.in","ksingh15@lenovo.com","ktanksale1@lenovo.com","raraveeti@lenovo.com","ASO","Shilpi Gautam","sgautam2@lenovo.com",null,"Kumar Tanksale",null,"ktanksale1@lenovo.com",null,"2025-11-03","12:06:00","28.5486059,77.2515758","2BYTES INFOTECH",{"$nulls":3},"T3","07AWFPR6958P1ZG","North1",null,"T-17219","New Delhi","New Delhi","V5 Global",null,"Yes","Face to Face","83DV01AAIN",1,"Lenovo","LOQ","LOQ","LOQ I5 13gen 16GB RAM 512 gb SSD RTX4050 win11 MSO\t","Win 11","Gaming","Premium","I5 13gen","Consumer",78000,null,"NB",78000,"North1",92040,"SP","Gaming","North1","Premium","Premium"]
[21364187,"Ashwani Kumar","ashwani.kumar@v5global.co.in",7827383769,"V5 Global","Delhi","V5262001","Delhi","Delhi",null,"V5 Global",null,null,"Mohd Asif","mohd.asif@v5global.co.in",null,"North1",null,"External Consumer","ASO","V5 Global ASO",null,"FT",null,"ASO",null,"Kanwaldeep Singh","Gaurav Sharma",null,"Kumar Tanksale","Raghavendra Araveeti","gaurav.sharma@v5global.co.in","gaurav.sharma@v5global.co.in","ksingh15@lenovo.com","ktanksale1@lenovo.com","raraveeti@lenovo.com","ASO","Shilpi Gautam","sgautam2@lenovo.com",null,"Kumar Tanksale",null,"ktanksale1@lenovo.com",null,"2025-11-03","12:53:00","28.548596,77.2515882","TTL INFOTEC PRIVATE LIMITED",{"$nulls":3},"T3","07AABCT1173D1ZQ","North1",null,"T-19332","New Delhi","New Delhi","V5 Global",null,"Yes","Face to Face","83DV01A5IN",1,"Lenovo","LOQ","LOQ 15IRX9","CI7-13650HX/16GB/512GB/RTX 4050 6GB/WIN11/OFFICE2024/15.6FULLHDIPS","Win 11","Gaming","Premium","C I7-13650HX","Consumer",91500,null,"NB",91500,"North1",107970,"SP","Gaming","North1","Premium","Premium"]
[21364198,"Ashwani Kumar","ashwani.kumar@v5global.co.in",7827383769,"V5 Global","Delhi","V5262001","Delhi","Delhi",null,"V5 Global",null,null,"Mohd Asif","mohd.asif@v5global.co.in",null,"North1",null,"External Consumer","ASO","V5 Global ASO",null,"FT",null,"ASO",null,"Kanwaldeep Singh","Gaurav Sharma",null,"Kumar Tanksale","Raghavendra Araveeti","gaurav.sharma@v5global.co.in","gaurav.sharma@v5global.co.in","ksingh15@lenovo.com","ktanksale1@lenovo.com","raraveeti@lenovo.com","ASO","Shilpi Gautam","sgautam2@lenovo.com",null,"Kumar Tanksale",null,"ktanksale1@lenovo.com",null,"2025-11-03","13:49:00","28.5486112,77.2515821","TAB ENTERPRISES",{"$nulls":3},"T3","07AFBPJ4272M1ZA","North1",null,"T-3801","New Delhi","New Delhi","V5 Global",null,"Yes","Face to Face","83GS000PJIN",1,"Lenovo","LOQ","LOQ 15","Lenovo LOQ Intel Core i5 12th Gen 12450HX - (16 GB/512 GB SSD/Windows 11 Home/6 GB Graphics/NVIDIA GeForce RTX 3050) (15.6 inch,","Win 11","Gaming","Premium","Core i5 12th GenÂ ","Consumer",69000,null,"NB",69000,"North1",81420,"SP","Gaming","North1","Premium","Premium"]
[21350394,"Saurav Kumar","saurav.kumar@v5global.co.in",9798375154,"V5 Global","Ranchi",601537,"Ranchi","Jharkhand",null,"V5 Global",null,null,"Shivam Kumar","shivam.kumar@v5global.co.in",null,"East2",null,"External Consumer","ASO","V5 Global ASO",null,"FT",null,"ASO",null,"Krishna Kumar Singh","Imam Hassan",null,"Rajender Negi","Raghavendra Araveeti","imam.hassan@v5global.co.in","imam.hassan@v5global.co.in","ksingh25@lenovo.com","rnegi@lenovo.com","raraveeti@lenovo.com","ASO","Shilpi Gautam","sgautam2@lenovo.com",null,"Rajender Negi",null,"rnegi@lenovo.com",null,"2025-11-03","14:18:00","23.3548629,85.3216738","Agarwal Computer",{"$nulls":3},"T3",null,"East2",null,"T-2626","Ranchi","Jharkhand",null,null,"Yes","Face to Face","83DV01A5IN",1,"Lenovo","LOQ","LOQ 15IRX9","CI7-13650HX/16GB/512GB/RTX 4050 6GB/WIN11/OFFICE2024/15.6FULLHDIPS","Win 11","Gaming","Premium","C I7-13650HX","Consumer",91500,null,"NB",91500,"East2",107970,"SP","Gaming","East2","Premium","Premium"]
[21350527,"Vinod Kumar","vinod.kumar@v5global.co.in",9911547614,"V5 Global","Delhi","V5265873","Delhi","Delhi",null,"V5 Global",null,null,"Chetan Mehta","Chetan.mehta@v5global.co.in",null,"North1",null,"External Consumer","ASO","V5 Global ASO",null,"FT",null,"ASO",null,"Kanwaldeep Singh","Gaurav Sharma",null,"Kumar Tanksale","Raghavendra Araveeti","gaurav.sharma@v5global.co.in","gaurav.sharma@v5global.co.in","ksingh15@lenovo.com","ktanksale1@lenovo.com","raraveeti@lenovo.com","ASO","Shilpi Gautam","sgautam2@lenovo.com",null,"Kumar Tanksale",null,"ktanksale1@lenovo.com",null,"2025-11-03","14:43:00","28.7004112,77.1667981","BONAFIDE INFOSYSTEM",{"$nulls":3},"T3",null,"North1",null,"T-3794","New Delhi","New Delhi","Denave",null,"Yes","Telephonic","90XW0051IN",1,"Lenovo","IdeaCentre","Tower 08IRH9"," 16GB/1 TB SSD Integrated Graphics MSO 2024 ,","Win 11","TDT","Premium","Intel Core i7-13620H","Consumer",58900,null,"TDT",58900,"North1",69502,"",null,"North1","Premium","Mainstream"]
[21364201,"Ashwani Kumar","ashwani.kumar@v5global.co.in",7827383769,"V5 Global","Delhi","V5262001","Delhi","Delhi",null,"V5 Global",null,null,"Mohd Asif","mohd.asif@v5global.co.in",null,"North1",null,"External Consumer","ASO","V5 Global ASO",null,"FT",null,"ASO",null,"Kanwaldeep Singh","Gaurav Sharma",null,"Kumar Tanksale","Raghavendra Araveeti","gaurav.sharma@v5global.co.in","gaurav.sharma@v5global.co.in","ksingh15@lenovo.com","ktanksale1@lenovo.com","raraveeti@lenovo.com","ASO","Shilpi Gautam","sgautam2@lenovo.com",null,"Kumar Tanksale",null,"ktanksale1@lenovo.com",null,"2025-11-03","14:56:00","28.5485962,77.251594","NEW DEDIKA SYSTEMS AND SOLUTIONS",{"$nulls":3},"T3","07AAOFN8917H1ZR","North1",null,"T-3803","New Delhi","New Delhi","V5 Global",null,"Yes","Face to Face","83DV00XFIN",1,"Lenovo","LOQ","LOQ 15IRX9","IntelÂ® Core i7-13650HX/GB SO-DIMM DDR5-4800/512GB SSD/RTX 4050 6GB GDDR6/WindowsÂ® 11/Luna Grey","Win 11","Gaming","Premium","IntelÂ® Core i7-13650HX","Consumer",98000,null,"NB",98000,"North1",115640,"SP","Gaming","North1","Premium","Premium"]
[21537995,"Arabinda Samanta","arabinda.samanta@v5global.co.in",8879216607,"V5 Global","Mumbai","V5360834","Maharashtra","Maharashtra",null,"V5 Global",null,null,"Muffazal Momin","muffazal.momin@v5global.co.in",null,"West1",null,"External Consumer","ASO","V5 Global ASO",null,"FT",null,"ASO",null,"Amit Tiwari","Yunus Hamid Mansoori",null,"Hemant C Baghel","Sharad verma","yunus.hamid@v5global.co.in","yunus.hamid@v5global.co.in","atiwari5@lenovo.com","hbaghel@lenovo.com","sharverm@lenovo.com","ASO","Shilpi Gautam","sgautam2@lenovo.com",null,"Hemant C Baghel",null,"hbaghel@lenovo.com",null,"2025-11-03","15:15:00","19.1185517,72.8458668","Compuguid",{"$nulls":3},"T3","27AAAPN9110E1Z1","West1",null,"T-11312","Mumbai","Maharashtra","V5 Global",null,"Yes","Face to Face","83ER00MCIN",1,"Lenovo","Ideapad","Slim 3","Lenovo IdeaPad Slim 3 12th Gen Intel Core i5-12450H 15\" (39.6cm) FHD IPS 300 Nits Thin & Light Laptop (16GB/512GB SSD/Win 11/MSO","Win 11","Thin & Light","Mainstream","i5 12th Gen","Consumer",41000,null,"NB",41000,"West1",48380,"",null,"West1 M","Mainstream","Mainstream"]
[21538000,"Arabinda Samanta","arabinda.samanta@v5global.co.in",8879216607,"V5 Global","Mumbai","V5360834","Maharashtra","Maharashtra",null,"V5 Global",null,null,"Muffazal Momin","muffazal.momin@v5global.co.in",null,"West1",null,"External Consumer","ASO","V5 Global ASO",null,"FT",null,"ASO",null,"Amit Tiwari","Yunus Hamid Mansoori",null,"Hemant C Baghel","Sharad verma","yunus.hamid@v5global.co.in","yunus.hamid@v5global.co.in","atiwari5@lenovo.com","hbaghel@lenovo.com","sharverm@lenovo.com","ASO","Shilpi Gautam","sgautam2@lenovo.com",null,"Hemant C Baghel",null,"hbaghel@lenovo.com",null,"2025-11-03","15:16:00","19.1186606,72.846111","Computer Inn",{"$nulls":3},"T3","27AMJPN6988P1ZS","West1",null,"T-11326","Mumbai","Maharashtra","V5 Global",null,"Yes","Face to Face","83B40004IN",1,"Lenovo","Ideapad","Ideapad 1","15.6\"FHD,8GB/512GB/I3 1315/WIN/MS OFFICE/","Win 11","Thin & Light","Entry","13 1315","Consumer",36960,null,"NB",36960,"West1",43612.799999999996,"",null,"West1 M","Mainstream","Entry"]
[21364208,"Ashwani Kumar","ashwani.kumar@v5global.co.in",7827383769,"V5 Global","Delhi","V5262001","Delhi","Delhi",null,"V5 Global",null,null,"Mohd Asif","mohd.asif@v5global.co.in",null,"North1",null,"External Consumer","ASO","V5 Global ASO",null,"FT",null,"ASO",null,"Kanwaldeep Singh","Gaurav Sharma",null,"Kumar Tanksale","Raghavendra Araveeti","gaurav.sharma@v5global.co.in","gaurav.sharma@v5global.co.in","ksingh15@lenovo.com","ktanksale1@lenovo.com","raraveeti@lenovo.com","ASO","Shilpi Gautam","sgautam2@lenovo.com",null,"Kumar Tanksale",null,"ktanksale1@lenovo.com",null,"2025-11-03","16:40:00","28.5486033,77.2515965","R.J.Computer",{"$nulls":3},"T3","09AYHPA7852P1ZS","North1",null,"T-3866","New Delhi","New Delhi","V5 Global",null,"Yes","Face to Face","83K100C6IN",1,"Lenovo","Ideapad","Slim 3","IntelÂ® Coreâ„¢ i5-13420H, 8C (4P + 4E) / 12T, P-core 2.1 / 4.6GHz, E-core 1.5 / 3.4GHz, 12MB,8GB Soldered DDR5-4800 + 8GB SO-DIMM ","Win 11","Thin & Light","Mainstream","i5-13420H","Consumer",46000,null,"NB",46000,"North1",54280,"",null,"North1","Mainstream","Mainstream"]
[21364218,"Ashwani Kumar","ashwani.kumar@v5global.co.in",7827383769,"V5 Global","Delhi","V5262001","Delhi","Delhi",null,"V5 Global",null,null,"Mohd Asif","mohd.asif@v5global.co.in",null,"North1",null,"External Consumer","ASO","V5 Global ASO",null,"FT",null,"ASO",null,"Kanwaldeep Singh","Gaurav Sharma",null,"Kumar Tanksale","Raghavendra Araveeti","gaurav.sharma@v5global.co.in","gaurav.sharma@v5global.co.in","ksingh15@lenovo.com","ktanksale1@lenovo.com","raraveeti@lenovo.com","ASO","Shilpi Gautam","sgautam2@lenovo.com",null,"Kumar Tanksale",null,"ktanksale1@lenovo.com",null,"2025-11-03","17:31:00","28.5486064,77.2515764","Jupiter IT India",{"$nulls":3},"T3","07bwtps9359e1zm","North1",null,"T-24860","New Delhi","New Delhi","Denave",null,"Yes","Face to Face","83K100C6IN",1,"Lenovo","Ideapad","Slim 3","IntelÂ® Coreâ„¢ i5-13420H, 8C (4P + 4E) / 12T, P-core 2.1 / 4.6GHz, E-core 1.5 / 3.4GHz, 12MB,8GB Soldered DDR5-4800 + 8GB SO-DIMM ","Win 11","Thin & Light","Mainstream","i5-13420H","Consumer",46000,null,"NB",46000,"North1",54280,"",null,"North1","Mainstream","Mainstream"]
[21351429,"Vinod Kumar","vinod.kumar@v5global.co.in",9911547614,"V5 Global","Delhi","V5265873","Delhi","Delhi",null,"V5 Global",null,null,"Chetan Mehta","Chetan.mehta@v5global.co.in",null,"North1",null,"External Consumer","ASO","V5 Global ASO",null,"FT",null,"ASO",null,"Kanwaldeep Singh","Gaurav Sharma",null,"Kumar Tanksale","Raghavendra Araveeti","gaurav.sharma@v5global.co.in","gaurav.sharma@v5global.co.in","ksingh15@lenovo.com","ktanksale1@lenovo.com","raraveeti@lenovo.com","ASO","Shilpi Gautam","sgautam2@lenovo.com",null,"Kumar Tanksale",null,"ktanksale1@lenovo.com",null,"2025-11-03","17:43:00","28.7015245,77.1663567","NAURANG COMPUTER",{"$nulls":3},"T3",null,"North1",null,"T-3790","New Delhi","New Delhi","V5 Global",null,"Yes","Telephonic","82X700G3IN",1,"Lenovo","Ideapad","Slim 3i","15.6\" FHD (1920x1080) TN 250nits Anti-glare / 8GB soldered memory, not upgradable / 512GB SSD M.2 2242 PCIeÂ® 4.0x4 NVMeÂ® / One M","Win 11","Thin & Light","Entry","IntelÂ® Coreâ„¢ i3-1315U","Consumer",35018,null,"NB",35018,"North1",41321.24,"",null,"North1","Mainstream","Entry"]
[21364231,"Ashwani Kumar","ashwani.kumar@v5global.co.in",7827383769,"V5 Global","Delhi","V5262001","Delhi","Delhi",null,"V5 Global",null,null,"Mohd Asif","mohd.asif@v5global.co.in",null,"North1",null,"External Consumer","ASO","V5 Global ASO",null,"FT",null,"ASO",null,"Kanwaldeep Singh","Gaurav Sharma",null,"Kumar Tanksale","Raghavendra Araveeti","gaurav.sharma@v5global.co.in","gaurav.sharma@v5global.co.in","ksingh15@lenovo.com","ktanksale1@lenovo.com","raraveeti@lenovo.com","ASO","Shilpi Gautam","sgautam2@lenovo.com",null,"Kumar Tanksale",null,"ktanksale1@lenovo.com",null,"2025-11-03","18:17:00","28.5485861,77.2515909","Om Shakti Computers",{"$nulls":3},"T3","07AAIFO4945N1ZN","North1",null,"T-30636","New delhi","Delhi","V5 Global",null,"Yes","Face to Face","82ER00MCIN",1,"Lenovo","Ideapad","Slim 3","15.6\" (39.62cm) FHD / 16 GB DDR5 RAM / 512 GB SSD/ARCTIC GREY/\t","Win 11","Thin & Light","Mainstream","Core i5 12th Gen","Consumer",53000,null,"NB",53000,"North1",62540,"",null,"North1","Mainstream","Mainstream"]
[21353061,"Govind Gulab Rajbhar","govind.gulab@v5global.co.in",9029031943,"V5 Global","Mumbai","V5263641","Maharashtra","Maharashtra",null,"V5 Global",null,null,"Pooja Thakur","pooja.thakur@v5global.co.in",null,"West1",null,"External Consumer","ASO","V5 Global ASO",null,"FT",null,"ASO",null,"Amit Tiwari","Yunus Hamid Mansoori",null,"Hemant C Baghel","Sharad verma","yunus.hamid@v5global.co.in","yunus.hamid@v5global.co.in","atiwari5@lenovo.com","hbaghel@lenovo.com","sharverm@lenovo.com","ASO","Shilpi Gautam","sgautam2@lenovo.com",null,"Hemant C Baghel",null,"hbaghel@lenovo.com",null,"2025-11-03","21:00:00","19.2169881,72.8438952","Mk infotech",{"$nulls":3},"T3",null,"West2",null,"T-20404","Mumbai","Maharashtra","Denave",null,"Yes","Telephonic","67D5KAC6IN",1,"Lenovo","L22-4E","L Series","LEN L22-4E 21.5 IPS  BLACK 100HZ","NA","Visual Variants","Mainstream","NA","Visuals",5331,null,null,5331,"West1",6290.58,"",null,"West1 M","Mainstream","Mainstream"]
[21353068,"Govind Gulab Rajbhar","govind.gulab@v5global.co.in",9029031943,"V5 Global","Mumbai","V5263641","Maharashtra","Maharashtra",null,"V5 Global",null,null,"Pooja Thakur","pooja.thakur@v5global.co.in",null,"West1",null,"External Consumer","ASO","V5 Global ASO",null,"FT",null,"ASO",null,"Amit Tiwari","Yunus Hamid Mansoori",null,"Hemant C Baghel","Sharad verma","yunus.hamid@v5global.co.in","yunus.hamid@v5global.co.in","atiwari5@lenovo.com","hbaghel@lenovo.com","sharverm@lenovo.com","ASO","Shilpi Gautam","sgautam2@lenovo.com",null,"Hemant C Baghel",null,"hbaghel@lenovo.com",null,"2025-11-03","21:00:00","19.217004,72.8439197","Anupam Stationery( Goregon)",{"$nulls":3},"T3",null,"West1",null,"T-25777","Mumbai","Maharashtra","V5 Global",null,"Yes","Face to Face","61E0KAR6WW",2,"Lenovo","D Series","D19-10","D19: 18.5\" VGA + HDMI with HDMI Cable","NA","Visual Variants","Entry","NA","Visuals",5058,null,null,10116,"West1",5968.44,"",null,"West1 M","Entry","Entry"]
[21353068,"Govind Gulab Rajbhar","govind.gulab@v5global.co.in",9029031943,"V5 Global","Mumbai","V5263641","Maharashtra","Maharashtra",null,"V5 Global",null,null,"Pooja Thakur","pooja.thakur@v5global.co.in",null,"West1",null,"External Consumer","ASO","V5 Global ASO",null,"FT",null,"ASO",null,"Amit Tiwari","Yunus Hamid Mansoori",null,"Hemant C Baghel","Sharad verma","yunus.hamid@v5global.co.in","yunus.hamid@v5global.co.in","atiwari5@lenovo.com","hbaghel@lenovo.com","sharverm@lenovo.com","ASO","Shilpi Gautam","sgautam2@lenovo.com",null,"Hemant C Baghel",null,"hbaghel@lenovo.com",null,"2025-11-03","21:00:00","19.217004,72.8439197","Anupam Stationery( Goregon)",{"$nulls":3},"T3",null,"West1",null,"T-25777","Mumbai","Maharashtra","V5 Global",null,"Yes","Face to Face","67D5KAC6IN",2,"Lenovo","L22-4E","L Series","LEN L22-4E 21.5 IPS  BLACK 100HZ","NA","Visual Variants","Mainstream","NA","Visuals",5331,null,null,10662,"West1",6290.58,"",null,"West1 M","Mainstream","Mainstream"]
[21353068,"Govind Gulab Rajbhar","govind.gulab@v5global.co.in",9029031943,"V5 Global","Mumbai","V5263641","Maharashtra","Maharashtra",null,"V5 Global",null,null,"Pooja Thakur","pooja.thakur@v5global.co.in",null,"West1",null,"External Consumer","ASO","V5 Global ASO",null,"FT",null,"ASO",null,"Amit Tiwari","Yunus Hamid Mansoori",null,"Hemant C Baghel","Sharad verma","yunus.hamid@v5global.co.in","yunus.hamid@v5global.co.in","atiwari5@lenovo.com","hbaghel@lenovo.com","sharverm@lenovo.com","ASO","Shilpi Gautam","sgautam2@lenovo.com",null,"Hemant C Baghel",null,"hbaghel@lenovo.com",null,"2025-11-03","21:00:00","19.217004,72.8439197","Anupam Stationery( Goregon)",{"$nulls":3},"T3",null,"West1",null,"T-25777","Mumbai","Maharashtra","V5 Global",null,"Yes","Face to Face","68C2KAC1IN",2,"Lenovo","L24-4E","L Series","LEN L24-4E 23.8 IPS  BLACK 100HZ","NA","Visual Variants","Mainstream","NA","Visuals",6464,null,null,12928,"West1",7627.5199999999995,"",null,"West1 M","Mainstream","Mainstream"]
[21353068,"Govind Gulab Rajbhar","govind.gulab@v5global.co.in",9029031943,"V5 Global","Mumbai","V5263641","Maharashtra","Maharashtra",null,"V5 Global",null,null,"Pooja Thakur","pooja.thakur@v5global.co.in",null,"West1",null,"External Consumer","ASO","V5 Global ASO",null,"FT",null,"ASO",null,"Amit Tiwari","Yunus Hamid Mansoori",null,"Hemant C Baghel","Sharad verma","yunus.hamid@v5global.co.in","yunus.hamid@v5global.co.in","atiwari5@lenovo.com","hbaghel@lenovo.com","sharverm@lenovo.com","ASO","Shilpi Gautam","sgautam2@lenovo.com",null,"Hemant C Baghel",null,"hbaghel@lenovo.com",null,"2025-11-03","21:00:00","19.217004,72.8439197","Anupam Stationery( Goregon)",{"$nulls":3},"T3",null,"West1",null,"T-25777","Mumbai","Maharashtra","V5 Global",null,"Yes","Face to Face","68CDKAC1IN",1,"Lenovo","L27-4E","L Series","LEN L27-4E 27 IPS BLACK 100HZ","NA","Visual Variants","Premium","NA","Visuals",8158,null,null,8158,"West1",9626.439999999999,"",null,"West1 M","Premium","Premium"]
[21353099,"Govind Gulab Rajbhar","govind.gulab@v5global.co.in",9029031943,"V5 Global","Mumbai","V5263641","Maharashtra","Maharashtra",null,"V5 Global",null,null,"Pooja Thakur","pooja.thakur@v5global.co.in",null,"West1",null,"External Consumer","ASO","V5 Global ASO",null,"FT",null,"ASO",null,"Amit Tiwari","Yunus Hamid Mansoori",null,"Hemant C Baghel","Sharad verma","yunus.hamid@v5global.co.in","yunus.hamid@v5global.co.in","atiwari5@lenovo.com","hbaghel@lenovo.com","sharverm@lenovo.com","ASO","Shilpi Gautam","sgautam2@lenovo.com",null,"Hemant C Baghel",null,"hbaghel@lenovo.com",null,"2025-11-03","21:01:00","19.2170077,72.84392","Ultimate Solutions",{"$nulls":3},"T3",null,"West1",null,"T-25661","Goregaon","Maharashtra","V5 Global",null,"Yes","Face to Face","GY51L52636",10,"Lenovo","Wired mouse","Input","Lenovo 120 Wired Mouse","NA","Accessories","NA","NA","Accessories",259,null,null,2590,"West1",305.62,"",null,"West1 M","NA","NA"]
[21353099,"Govind Gulab Rajbhar","govind.gulab@v5global.co.in",9029031943,"V5 Global","Mumbai","V5263641","Maharashtra","Maharashtra",null,"V5 Global",null,null,"Pooja Thakur","pooja.thakur@v5global.co.in",null,"West1",null,"External Consumer","ASO","V5 Global ASO",null,"FT",null,"ASO",null,"Amit Tiwari","Yunus Hamid Mansoori",null,"Hemant C Baghel","Sharad verma","yunus.hamid@v5global.co.in","yunus.hamid@v5global.co.in","atiwari5@lenovo.com","hbaghel@lenovo.com","sharverm@lenovo.com","ASO","Shilpi Gautam","sgautam2@lenovo.com",null,"Hemant C Baghel",null,"hbaghel@lenovo.com",null,"2025-11-03","21:01:00","19.2170077,72.84392","Ultimate Solutions",{"$nulls":3},"T3",null,"West1",null,"T-25661","Goregaon","Maharashtra","V5 Global",null,"Yes","Face to Face","GY51L52638",5,"Lenovo","Wireless Mouse","Input","Lenovo 150 Wireless Mouse ","NA","Accessories","NA","NA","Accessories",649,null,null,3245,"West1",765.8199999999999,"",null,"West1 M","NA","NA"]
[21353099,"Govind Gulab Rajbhar","govind.gulab@v5global.co.in",9029031943,"V5 Global","Mumbai","V5263641","Maharashtra","Maharashtra",null,"V5 Global",null,null,"Pooja Thakur","pooja.thakur@v5global.co.in",null,"West1",null,"External Consumer","ASO","V5 Global ASO",null,"FT",null,"ASO",null,"Amit Tiwari","Yunus Hamid Mansoori",null,"Hemant C Baghel","Sharad verma","yunus.hamid@v5global.co.in","yunus.hamid@v5global.co.in","atiwari5@lenovo.com","hbaghel@lenovo.com","sharverm@lenovo.com","ASO","Shilpi Gautam","sgautam2@lenovo.com",null,"Hemant C Baghel",null,"hbaghel@lenovo.com",null,"2025-11-03","21:01:00","19.2170077,72.84392","Ultimate Solutions",{"$nulls":3},"T3",null,"West1",null,"T-25661","Goregaon","Maharashtra","V5 Global",null,"Yes","Face to Face","GY51C12380",5,"Lenovo","Wireless Mouse","Input","Lenovo 130 wireless mouse","NA","Accessories","NA","NA","Accessories",649,null,null,3245,"West1",765.8199999999999,"",null,"West1 M","NA","NA"]
[21353099,"Govind Gulab Rajbhar","govind.gulab@v5global.co.in",9029031943,"V5 Global","Mumbai","V5263641","Maharashtra","Maharashtra",null,"V5 Global",null,null,"Pooja Thakur","pooja.thakur@v5global.co.in",null,"West1",null,"External Consumer","ASO","V5 Global ASO",null,"FT",null,"ASO",null,"Amit Tiwari","Yunus Hamid Mansoori",null,"Hemant C Baghel","Sharad verma","yunus.hamid@v5global.co.in","yunus.hamid@v5global.co.in","atiwari5@lenovo.com","hbaghel@lenovo.com","sharverm@lenovo.com","ASO","Shilpi Gautam","sgautam2@lenovo.com",null,"Hemant C Baghel",null,"hbaghel@lenovo.com",null,"2025-11-03","21:01:00","19.2170077,72.84392","Ultimate Solutions",{"$nulls":3},"T3",null,"West1",null,"T-25661","Goregaon","Maharashtra","V5 Global",null,"Yes","Face to Face","GX20P92532",5,"Lenovo","AC Adapter","Power","Lenovo 65W AC USB C Adapter(IN)","NA","Accessories","NA","NA","Accessories",2690,null,null,13450,"West1",3174.2,"",null,"West1 M","NA","NA"]
[21353099,"Govind Gulab Rajbhar","govind.gulab@v5global.co.in",9029031943,"V5 Global","Mumbai","V5263641","Maharashtra","Maharashtra",null,"V5 Global",null,null,"Pooja Thakur","pooja.thakur@v5global.co.in",null,"West1",null,"External Consumer","ASO","V5 Global ASO",null,"FT",null,"ASO",null,"Amit Tiwari","Yunus Hamid Mansoori",null,"Hemant C Baghel","Sharad verma","yunus.hamid@v5global.co.in","yunus.hamid@v5global.co.in","atiwari5@lenovo.com","hbaghel@lenovo.com","sharverm@lenovo.com","ASO","Shilpi Gautam","sgautam2@lenovo.com",null,"Hemant C Baghel",null,"hbaghel@lenovo.com",null,"2025-11-03","21:01:00","19.2170077,72.84392","Ultimate Solutions",{"$nulls":3},"T3",null,"West1",null,"T-25661","Goregaon","Maharashtra","V5 Global",null,"Yes","Face to Face","GX31L52655",5,"Lenovo","Wired Combo","Input","Lenovo 160 Wired Combo","NA","Accessories","NA","NA","Accessories",999,null,null,4995,"West1",1178.82,"",null,"West1 M","NA","NA"]
[21353136,"Govind Gulab Rajbhar","govind.gulab@v5global.co.in",9029031943,"V5 Global","Mumbai","V5263641","Maharashtra","Maharashtra",null,"V5 Global",null,null,"Pooja Thakur","pooja.thakur@v5global.co.in",null,"West1",null,"External Consumer","ASO","V5 Global ASO",null,"FT",null,"ASO",null,"Amit Tiwari","Yunus Hamid Mansoori",null,"Hemant C Baghel","Sharad verma","yunus.hamid@v5global.co.in","yunus.hamid@v5global.co.in","atiwari5@lenovo.com","hbaghel@lenovo.com","sharverm@lenovo.com","ASO","Shilpi Gautam","sgautam2@lenovo.com",null,"Hemant C Baghel",null,"hbaghel@lenovo.com",null,"2025-11-03","21:05:00","19.217017,72.843916","Concept Computers",{"$nulls":3},"T3",null,"West1",null,"T-25667","Mumbai","Maharashtra","V5 Global",null,"Yes","Telephonic","83KX004QIN",1,"Lenovo","Ideapad 5","2 in 1","i5 13420h 16gb 512 gb ","Win 11","Notebook","Premium","i5","Consumer",67500,null,"NB",67500,"West1",79650,"SP","Non-Gaming","West1 M","Premium","Premium"]
[21353174,"Govind Gulab Rajbhar","govind.gulab@v5global.co.in",9029031943,"V5 Global","Mumbai","V5263641","Maharashtra","Maharashtra",null,"V5 Global",null,null,"Pooja Thakur","pooja.thakur@v5global.co.in",null,"West1",null,"External Consumer","ASO","V5 Global ASO",null,"FT",null,"ASO",null,"Amit Tiwari","Yunus Hamid Mansoori",null,"Hemant C Baghel","Sharad verma","yunus.hamid@v5global.co.in","yunus.hamid@v5global.co.in","atiwari5@lenovo.com","hbaghel@lenovo.com","sharverm@lenovo.com","ASO","Shilpi Gautam","sgautam2@lenovo.com",null,"Hemant C Baghel",null,"hbaghel@lenovo.com",null,"2025-11-03","21:07:00","19.2170181,72.8439123","S S Computer",{"$nulls":3},"T3",null,"West1",null,"T-25832","Mumbai","Maharashtra","V5 Global",null,"Yes","Telephonic","83GS00PJIN",1,"Lenovo","LOQ","LOQ 15IAX9","15.6,16GB,521SSD,RTX3050 6GB,2024 MSO,LUNA GREE","Win 11","Gaming","Premium","Core i5-12450HX","Consumer",75864,null,"NB",75864,"West1",89519.51999999999,"SP","Gaming","West1 M","Premium","Premium"]
[21353193,"Govind Gulab Rajbhar","govind.gulab@v5global.co.in",9029031943,"V5 Global","Mumbai","V5263641","Maharashtra","Maharashtra",null,"V5 Global",null,null,"Pooja Thakur","pooja.thakur@v5global.co.in",null,"West1",null,"External Consumer","ASO","V5 Global ASO",null,"FT",null,"ASO",null,"Amit Tiwari","Yunus Hamid Mansoori",null,"Hemant C Baghel","Sharad verma","yunus.hamid@v5global.co.in","yunus.hamid@v5global.co.in","atiwari5@lenovo.com","hbaghel@lenovo.com","sharverm@lenovo.com","ASO","Shilpi Gautam","sgautam2@lenovo.com",null,"Hemant C Baghel",null,"hbaghel@lenovo.com",null,"2025-11-03","21:07:00","19.2170157,72.8439109","Ambika Technology",{"$nulls":3},"T3",null,"West1",null,"T-25690","Mumbai","Maharashtra","V5 Global",null,"Yes","Telephonic","83B40004IN",2,"Lenovo","Ideapad","Ideapad 1","15.6\"FHD,8GB/512GB/I3 1315/WIN/MS OFFICE/","Win 11","Thin & Light","Entry","13 1315","Consumer",36960,null,"NB",73920,"West1",43612.799999999996,"",null,"West1 M","Mainstream","Entry"]
[21353203,"Govind Gulab Rajbhar","govind.gulab@v5global.co.in",9029031943,"V5 Global","Mumbai","V5263641","Maharashtra","Maharashtra",null,"V5 Global",null,null,"Pooja Thakur","pooja.thakur@v5global.co.in",null,"West1",null,"External Consumer","ASO","V5 Global ASO",null,"FT",null,"ASO",null,"Amit Tiwari","Yunus Hamid Mansoori",null,"Hemant C Baghel","Sharad verma","yunus.hamid@v5global.co.in","yunus.hamid@v5global.co.in","atiwari5@lenovo.com","hbaghel@lenovo.com","sharverm@lenovo.com","ASO","Shilpi Gautam","sgautam2@lenovo.com",null,"Hemant C Baghel",null,"hbaghel@lenovo.com",null,"2025-11-03","21:08:00","19.2170131,72.8439123","Diss Computers And Sales Centre",{"$nulls":3},"T3",null,"West1",null,"T-25677","Mumbai","Maharashtra","V5 Global",null,"Yes","Telephonic","F0HN00PGIN",1,"Lenovo","AIO","AIO i-24IRH9","i3-1315U-8-512-UHD-W11-O24-23.80","Win 11","AIO","Mainstream","i3-1315U","Consumer",57990,null,"AIO",57990,"West1",68428.2,"",null,"West1 M","Premium","Mainstream"]
[21353225,"Govind Gulab Rajbhar","govind.gulab@v5global.co.in",9029031943,"V5 Global","Mumbai","V5263641","Maharashtra","Maharashtra",null,"V5 Global",null,null,"Pooja Thakur","pooja.thakur@v5global.co.in",null,"West1",null,"External Consumer","ASO","V5 Global ASO",null,"FT",null,"ASO",null,"Amit Tiwari","Yunus Hamid Mansoori",null,"Hemant C Baghel","Sharad verma","yunus.hamid@v5global.co.in","yunus.hamid@v5global.co.in","atiwari5@lenovo.com","hbaghel@lenovo.com","sharverm@lenovo.com","ASO","Shilpi Gautam","sgautam2@lenovo.com",null,"Hemant C Baghel",null,"hbaghel@lenovo.com",null,"2025-11-03","21:10:00","19.2170142,72.8439128","SOLNET SYSTEM",{"$nulls":3},"T3",null,"West1",null,"T-19655","Mumbai","Maharashtra","V5 Global",null,"Yes","Telephonic","90XS005PIN",1,"Lenovo","IdeaCentre","IdeaCentre","IntelÂ® Coreâ„¢ i3-14100 4C, 8GB DDR5/512 SSD/ WiFi 6 + BT 5.2/ 260W/ SFF 8.2Lt / Wired KeyBoard & Mouse /Win 11 Home/1 Yr Onsite","Win 11","TDT","Entry","IntelÂ® Coreâ„¢ i3-14100","Consumer",31500,null,"TDT",31500,"West1",37170,"",null,"West1 M","Entry","Entry"]
[21353228,"Govind Gulab Rajbhar","govind.gulab@v5global.co.in",9029031943,"V5 Global","Mumbai","V5263641","Maharashtra","Maharashtra",null,"V5 Global",null,null,"Pooja Thakur","pooja.thakur@v5global.co.in",null,"West1",null,"External Consumer","ASO","V5 Global ASO",null,"FT",null,"ASO",null,"Amit Tiwari","Yunus Hamid Mansoori",null,"Hemant C Baghel","Sharad verma","yunus.hamid@v5global.co.in","yunus.hamid@v5global.co.in","atiwari5@lenovo.com","hbaghel@lenovo.com","sharverm@lenovo.com","ASO","Shilpi Gautam","sgautam2@lenovo.com",null,"Hemant C Baghel",null,"hbaghel@lenovo.com",null,"2025-11-03","21:10:00","19.2170153,72.8439149","microway computers kandivali",{"$nulls":3},"T3",null,"West1",null,"T-21980","Mumbai","Maharashtra","V5 Global",null,"Yes","Telephonic","90XS005PIN",1,"Lenovo","IdeaCentre","IdeaCentre","IntelÂ® Coreâ„¢ i3-14100 4C, 8GB DDR5/512 SSD/ WiFi 6 + BT 5.2/ 260W/ SFF 8.2Lt / Wired KeyBoard & Mouse /Win 11 Home/1 Yr Onsite","Win 11","TDT","Entry","IntelÂ® Coreâ„¢ i3-14100","Consumer",31500,null,"TDT",31500,"West1",37170,"",null,"West1 M","Entry","Entry"]
[21353239,"Govind Gulab Rajbhar","govind.gulab@v5global.co.in",9029031943,"V5 Global","Mumbai","V5263641","Maharashtra","Maharashtra",null,"V5 Global",null,null,"Pooja Thakur","pooja.thakur@v5global.co.in",null,"West1",null,"External Consumer","ASO","V5 Global ASO",null,"FT",null,"ASO",null,"Amit Tiwari","Yunus Hamid Mansoori",null,"Hemant C Baghel","Sharad verma","yunus.hamid@v5global.co.in","yunus.hamid@v5global.co.in","atiwari5@lenovo.com","hbaghel@lenovo.com","sharverm@lenovo.com","ASO","Shilpi Gautam","sgautam2@lenovo.com",null,"Hemant C Baghel",null,"hbaghel@lenovo.com",null,"2025-11-03","21:11:00","19.2170132,72.8439149","Astro Solutions",{"$nulls":3},"T3",null,"West1",null,"T-25666","Mumbai","Maharashtra","V5 Global",null,"Yes","Telephonic","83LK0032IN",1,"Lenovo","LOQ","LOQ 15IAX9E","NB LOQ 15IAX9E I5 12G 512G 11S","Win 11","Gaming","Mainstream","i5 12450HX","Consumer",60945,null,"NB",60945,"West1",71915.09999999999,"",null,"West1 M","Premium","Mainstream"]
[21353665,"Surjeet Kumar","surjeet.kumar@v5global.co.in",7004963220,"V5 Global","Muzaffarpur","V5339429","Bihar","Bihar",null,"V5 Global",null,null,"Shivam Kumar","shivam.kumar@v5global.co.in",null,"East2",null,"External Consumer","ASO","V5 Global ASO",null,"FT",null,"ASO",null,"Krishna Kumar Singh","Imam Hassan",null,"Rajender Negi","Raghavendra Araveeti","imam.hassan@v5global.co.in","imam.hassan@v5global.co.in","ksingh25@lenovo.com","rnegi@lenovo.com","raraveeti@lenovo.com","ASO","Shilpi Gautam","sgautam2@lenovo.com",null,"Rajender Negi",null,"rnegi@lenovo.com",null,"2025-11-03","21:39:00","25.2949602,85.0189238","Shree Krishna computers",{"$nulls":3},"T3",null,"East2",null,"T-28226","Darbhanga","Bihar","Denave",null,"Yes","Face to Face","83ER00MCIN",1,"Lenovo","Ideapad","Slim 3","Lenovo IdeaPad Slim 3 12th Gen Intel Core i5-12450H 15\" (39.6cm) FHD IPS 300 Nits Thin & Light Laptop (16GB/512GB SSD/Win 11/MSO","Win 11","Thin & Light","Mainstream","i5 12th Gen","Consumer",41000,null,"NB",41000,"East2",48380,"",null,"East2","Mainstream","Mainstream"]
[21353665,"Surjeet Kumar","surjeet.kumar@v5global.co.in",7004963220,"V5 Global","Muzaffarpur","V5339429","Bihar","Bihar",null,"V5 Global",null,null,"Shivam Kumar","shivam.kumar@v5global.co.in",null,"East2",null,"External Consumer","ASO","V5 Global ASO",null,"FT",null,"ASO",null,"Krishna Kumar Singh","Imam Hassan",null,"Rajender Negi","Raghavendra Araveeti","imam.hassan@v5global.co.in","imam.hassan@v5global.co.in","ksingh25@lenovo.com","rnegi@lenovo.com","raraveeti@lenovo.com","ASO","Shilpi Gautam","sgautam2@lenovo.com",null,"Rajender Negi",null,"rnegi@lenovo.com",null,"2025-11-03","21:39:00","25.2949602,85.0189238","Shree Krishna computers",{"$nulls":3},"T3",null,"East2",null,"T-28226","Darbhanga","Bihar","Denave",null,"Yes","Face to Face","83K100CAIN",1,"Lenovo","Ideapad","Slim 3","NB IP Slim 3 15IRH10 I5 8G 512G 11S","Win 11","Thin & Light","Premium","i5 13420H/8GB/512GB SSD","Consumer",56251,null,"NB",56251,"East2",66376.18,"",null,"East2","Premium","Mainstream"]
[21353681,"Surjeet Kumar","surjeet.kumar@v5global.co.in",7004963220,"V5 Global","Muzaffarpur","V5339429","Bihar","Bihar",null,"V5 Global",null,null,"Shivam Kumar","shivam.kumar@v5global.co.in",null,"East2",null,"External Consumer","ASO","V5 Global ASO",null,"FT",null,"ASO",null,"Krishna Kumar Singh","Imam Hassan",null,"Rajender Negi","Raghavendra Araveeti","imam.hassan@v5global.co.in","imam.hassan@v5global.co.in","ksingh25@lenovo.com","rnegi@lenovo.com","raraveeti@lenovo.com","ASO","Shilpi Gautam","sgautam2@lenovo.com",null,"Rajender Negi",null,"rnegi@lenovo.com",null,"2025-11-03","21:40:00","25.2949884,85.0189124","Global computer services",{"$nulls":3},"T3","10EZZPK5938R1Z8","East2",null,"T-28922","Madhubani","Bihar","V5 Global",null,"Yes","Face to Face","F0HN00PGIN",2,"Lenovo","AIO","AIO i-24IRH9","i3-1315U-8-512-UHD-W11-O24-23.80","Win 11","AIO","Mainstream","i3-1315U","Consumer",57990,null,"AIO",115980,"East2",68428.2,"",null,"East2","Premium","Mainstream"]
[21353689,"Surjeet Kumar","surjeet.kumar@v5global.co.in",7004963220,"V5 Global","Muzaffarpur","V5339429","Bihar","Bihar",null,"V5 Global",null,null,"Shivam Kumar","shivam.kumar@v5global.co.in",null,"East2",null,"External Consumer","ASO","V5 Global ASO",null,"FT",null,"ASO",null,"Krishna Kumar Singh","Imam Hassan",null,"Rajender Negi","Raghavendra Araveeti","imam.hassan@v5global.co.in","imam.hassan@v5global.co.in","ksingh25@lenovo.com","rnegi@lenovo.com","raraveeti@lenovo.com","ASO","Shilpi Gautam","sgautam2@lenovo.com",null,"Rajender Negi",null,"rnegi@lenovo.com",null,"2025-11-03","21:41:00","25.2950408,85.0189163","Sri sai computer",{"$nulls":3},"T3","10DDBPK0421C1ZP","East2",null,"T-28923","Madhubani","Bihar","V5 Global",null,"Yes","Face to Face","F0HN00PGIN",1,"Lenovo","AIO","AIO i-24IRH9","i3-1315U-8-512-UHD-W11-O24-23.80","Win 11","AIO","Mainstream","i3-1315U","Consumer",57990,null,"AIO",57990,"East2",68428.2,"",null,"East2","Premium","Mainstream"]
[21353706,"Surjeet Kumar","surjeet.kumar@v5global.co.in",7004963220,"V5 Global","Muzaffarpur","V5339429","Bihar","Bihar",null,"V5 Global",null,null,"Shivam Kumar","shivam.kumar@v5global.co.in",null,"East2",null,"External Consumer","ASO","V5 Global ASO",null,"FT",null,"ASO",null,"Krishna Kumar Singh","Imam Hassan",null,"Rajender Negi","Raghavendra Araveeti","imam.hassan@v5global.co.in","imam.hassan@v5global.co.in","ksingh25@lenovo.com","rnegi@lenovo.com","raraveeti@lenovo.com","ASO","Shilpi Gautam","sgautam2@lenovo.com",null,"Rajender Negi",null,"rnegi@lenovo.com",null,"2025-11-03","21:41:00","25.2950743,85.0188982","DAKSH IT SOLUTIONS",{"$nulls":3},"T3","10AQHPP2833R1ZJ","East2",null,"T-2158","Madhubani","Bihar","V5 Global",null,"Yes","Face to Face","90VT004XIN",1,"Lenovo","IdeaCentre","IdeaCentre 3 07IRB8","DT IC 3 07IRB8 I513400 512G 8G","Win 11","TDT","Mainstream","i5 13400","Consumer",46990,null,"TDT",46990,"East2",55448.2,"",null,"East2","Mainstream","Mainstream"]
[21353731,"Surjeet Kumar","surjeet.kumar@v5global.co.in",7004963220,"V5 Global","Muzaffarpur","V5339429","Bihar","Bihar",null,"V5 Global",null,null,"Shivam Kumar","shivam.kumar@v5global.co.in",null,"East2",null,"External Consumer","ASO","V5 Global ASO",null,"FT",null,"ASO",null,"Krishna Kumar Singh","Imam Hassan",null,"Rajender Negi","Raghavendra Araveeti","imam.hassan@v5global.co.in","imam.hassan@v5global.co.in","ksingh25@lenovo.com","rnegi@lenovo.com","raraveeti@lenovo.com","ASO","Shilpi Gautam","sgautam2@lenovo.com",null,"Rajender Negi",null,"rnegi@lenovo.com",null,"2025-11-03","21:43:00","25.2949916,85.01889","Computer Plaza",{"$nulls":3},"T3","10ASPPS1441N1ZI","East2",null,"T-22987","Begusaria","Bihar","V5 Global",null,"Yes","Face to Face","67BCKAC6IN",2,"Lenovo","Monitor -L24i4A","Monitor -L24i4A","Full HD IPS Panel Ultra Thin Monitor with WLED Backlight","NA","Visual Variants","Premium","NA","Visuals",7203,null,null,14406,"East2",8499.539999999999,"",null,"East2","Premium","Premium"]
[21353731,"Surjeet Kumar","surjeet.kumar@v5global.co.in",7004963220,"V5 Global","Muzaffarpur","V5339429","Bihar","Bihar",null,"V5 Global",null,null,"Shivam Kumar","shivam.kumar@v5global.co.in",null,"East2",null,"External Consumer","ASO","V5 Global ASO",null,"FT",null,"ASO",null,"Krishna Kumar Singh","Imam Hassan",null,"Rajender Negi","Raghavendra Araveeti","imam.hassan@v5global.co.in","imam.hassan@v5global.co.in","ksingh25@lenovo.com","rnegi@lenovo.com","raraveeti@lenovo.com","ASO","Shilpi Gautam","sgautam2@lenovo.com",null,"Rajender Negi",null,"rnegi@lenovo.com",null,"2025-11-03","21:43:00","25.2949916,85.01889","Computer Plaza",{"$nulls":3},"T3","10ASPPS1441N1ZI","East2",null,"T-22987","Begusaria","Bihar","V5 Global",null,"Yes","Face to Face","GY51L52636",15,"Lenovo","Wired mouse","Input","Lenovo 120 Wired Mouse","NA","Accessories","NA","NA","Accessories",259,null,null,3885,"East2",305.62,"",null,"East2","NA","NA"]
[21364331,"Ashwani Kumar","ashwani.kumar@v5global.co.in",7827383769,"V5 Global","Delhi","V5262001","Delhi","Delhi",null,"V5 Global",null,null,"Mohd Asif","mohd.asif@v5global.co.in",null,"North1",null,"External Consumer","ASO","V5 Global ASO",null,"FT",null,"ASO",null,"Kanwaldeep Singh","Gaurav Sharma",null,"Kumar Tanksale","Raghavendra Araveeti","gaurav.sharma@v5global.co.in","gaurav.sharma@v5global.co.in","ksingh15@lenovo.com","ktanksale1@lenovo.com","raraveeti@lenovo.com","ASO","Shilpi Gautam","sgautam2@lenovo.com",null,"Kumar Tanksale",null,"ktanksale1@lenovo.com",null,"2025-11-04","00:06:00","28.5486089,77.2515814","AVS Infomedia",{"$nulls":3},"T3","07ABBFA9411H1ZO","North1",null,"T-17221","New Delhi","New Delhi","V5 Global",null,"Yes","Face to Face","82ER00MCIN",1,"Lenovo","Ideapad","Slim 3","15.6\" (39.62cm) FHD / 16 GB DDR5 RAM / 512 GB SSD/ARCTIC GREY/\t","Win 11","Thin & Light","Mainstream","Core i5 12th Gen","Consumer",53000,null,"NB",53000,"North1",62540,"",null,"North1","Mainstream","Mainstream"]
[21364343,"Ashwani Kumar","ashwani.kumar@v5global.co.in",7827383769,"V5 Global","Delhi","V5262001","Delhi","Delhi",null,"V5 Global",null,null,"Mohd Asif","mohd.asif@v5global.co.in",null,"North1",null,"External Consumer","ASO","V5 Global ASO",null,"FT",null,"ASO",null,"Kanwaldeep Singh","Gaurav Sharma",null,"Kumar Tanksale","Raghavendra Araveeti","gaurav.sharma@v5global.co.in","gaurav.sharma@v5global.co.in","ksingh15@lenovo.com","ktanksale1@lenovo.com","raraveeti@lenovo.com","ASO","Shilpi Gautam","sgautam2@lenovo.com",null,"Kumar Tanksale",null,"ktanksale1@lenovo.com",null,"2025-11-04","01:23:00","28.5486129,77.2515751","MEENAKSHI INFOTECH",{"$nulls":3},"T3",null,"North1",null,"T-19547","Delhi","New Delhi","V5 Global",null,"Yes","Face to Face","83J2000HIN",1,"Lenovo","Ideapad","Slim 5","13.3\" WUXGA (1920 x 1200), IPS, Anti-Glare/16 GB LPDDR5X/512 GB SSD/AMD Radeonâ„¢ 680M Graphics/Office Home 2024/Cloud Grey","Win 11","Thin & Light","Mainstream","AMD Ryzenâ„¢ 7 7735HS","Consumer",61491,null,"NB",61491,"North1",72559.37999999999,"",null,"North1","Premium","Mainstream"]
[21364356,"Ashwani Kumar","ashwani.kumar@v5global.co.in",7827383769,"V5 Global","Delhi","V5262001","Delhi","Delhi",null,"V5 Global",null,null,"Mohd Asif","mohd.asif@v5global.co.in",null,"North1",null,"External Consumer","ASO","V5 Global ASO",null,"FT",null,"ASO",null,"Kanwaldeep Singh","Gaurav Sharma",null,"Kumar Tanksale","Raghavendra Araveeti","gaurav.sharma@v5global.co.in","gaurav.sharma@v5global.co.in","ksingh15@lenovo.com","ktanksale1@lenovo.com","raraveeti@lenovo.com","ASO","Shilpi Gautam","sgautam2@lenovo.com",null,"Kumar Tanksale",null,"ktanksale1@lenovo.com",null,"2025-11-04","02:12:00","28.5486082,77.2515861","Mindtree Solutions",{"$nulls":3},"T3",null,"North1",null,"T-20738","New Delhi","New Delhi","V5 Global",null,"Yes","Face to Face","82ER00MCIN",1,"Lenovo","Ideapad","Slim 3","15.6\" (39.62cm) FHD / 16 GB DDR5 RAM / 512 GB SSD/ARCTIC GREY/\t","Win 11","Thin & Light","Mainstream","Core i5 12th Gen","Consumer",53000,null,"NB",53000,"North1",62540,"",null,"North1","Mainstream","Mainstream"]
[21364368,"Ashwani Kumar","ashwani.kumar@v5global.co.in",7827383769,"V5 Global","Delhi","V5262001","Delhi","Delhi",null,"V5 Global",null,null,"Mohd Asif","mohd.asif@v5global.co.in",null,"North1",null,"External Consumer","ASO","V5 Global ASO",null,"FT",null,"ASO",null,"Kanwaldeep Singh","Gaurav Sharma",null,"Kumar Tanksale","Raghavendra Araveeti","gaurav.sharma@v5global.co.in","gaurav.sharma@v5global.co.in","ksingh15@lenovo.com","ktanksale1@lenovo.com","raraveeti@lenovo.com","ASO","Shilpi Gautam","sgautam2@lenovo.com",null,"Kumar Tanksale",null,"ktanksale1@lenovo.com",null,"2025-11-04","02:53:00","28.5485821,77.2515941","PARAMOUNT INTERNATIONAL",{"$nulls":3},"T3",null,"North1",null,"T-20751","New Delhi","New Delhi","V5 Global",null,"Yes","Face to Face","82ER00MCIN",1,"Lenovo","Ideapad","Slim 3","15.6\" (39.62cm) FHD / 16 GB DDR5 RAM / 512 GB SSD/ARCTIC GREY/\t","Win 11","Thin & Light","Mainstream","Core i5 12th Gen","Consumer",53000,null,"NB",{"$f":"BV67*BL67","v":53000},{"$f":"Q67","v":"North1"},{"$f":"BV67*118%","v":62540},{"$f":"IF(CF67=\"Premium\",IF(CA67>=65000,\"SP\",\"\"),\"\")","v":""},null,"North1",{"$f":"IF(BU67=\"Consumer\",IF(CA67<40000,\"Entry\",IF(AND(CA67>=40000,CA67<65000),\"Mainstream\",\"Premium\")),IF(BU67=\"Visuals\",BS67,\"NA\"))","v":"Mainstream"},"Mainstream"]
[21364373,"Ashwani Kumar","ashwani.kumar@v5global.co.in",7827383769,"V5 Global","Delhi","V5262001","Delhi","Delhi",null,"V5 Global",null,null,"Mohd Asif","mohd.asif@v5global.co.in",null,"North1",null,"External Consumer","ASO","V5 Global ASO",null,"FT",null,"ASO",null,"Kanwaldeep Singh","Gaurav Sharma",null,"Kumar Tanksale","Raghavendra Araveeti","gaurav.sharma@v5global.co.in","gaurav.sharma@v5global.co.in","ksingh15@lenovo.com","ktanksale1@lenovo.com","raraveeti@lenovo.com","ASO","Shilpi Gautam","sgautam2@lenovo.com",null,"Kumar Tanksale",null,"ktanksale1@lenovo.com",null,"2025-11-04","03:47:00","28.5486187,77.2515723","Intech Systems",{"$nulls":3},"T3",null,"North1",null,"T-22055","New Delhi","New Delhi","V5 Global",null,"Yes","Face to Face","82ER00MCIN",1,"Lenovo","Ideapad","Slim 3","15.6\" (39.62cm) FHD / 16 GB DDR5 RAM / 512 GB SSD/ARCTIC GREY/\t","Win 11","Thin & Light","Mainstream","Core i5 12th Gen","Consumer",53000,null,"NB",53000,"North1",62540,"",null,"North1","Mainstream","Mainstream"]
[21364385,"Ashwani Kumar","ashwani.kumar@v5global.co.in",7827383769,"V5 Global","Delhi","V5262001","Delhi","Delhi",null,"V5 Global",null,null,"Mohd Asif","mohd.asif@v5global.co.in",null,"North1",null,"External Consumer","ASO","V5 Global ASO",null,"FT",null,"ASO",null,"Kanwaldeep Singh","Gaurav Sharma",null,"Kumar Tanksale","Raghavendra Araveeti","gaurav.sharma@v5global.co.in","gaurav.sharma@v5global.co.in","ksingh15@lenovo.com","ktanksale1@lenovo.com","raraveeti@lenovo.com","ASO","Shilpi Gautam","sgautam2@lenovo.com",null,"Kumar Tanksale",null,"ktanksale1@lenovo.com",null,"2025-11-04","04:28:00","28.5485964,77.2515701","Earth Tech Solutions",{"$nulls":3},"T3","07AAHFE9859L1ZN","North1",null,"T-22328","Delhi","New Delhi","V5 Global",null,"Yes","Face to Face","82ER00MCIN",1,"Lenovo","Ideapad","Slim 3","15.6\" (39.62cm) FHD / 16 GB DDR5 RAM / 512 GB SSD/ARCTIC GREY/\t","Win 11","Thin & Light","Mainstream","Core i5 12th Gen","Consumer",53000,null,"NB",53000,"North1",62540,"",null,"North1","Mainstream","Mainstream"]
[21387846,"Manoj Bihari","manoj.bihari@v5global.co.in",9861291397,"V5 Global","Sambalpur","V5263625","Orissa","Orissa",null,"V5 Global",null,null,"Arindam Mazumdar","arindam.mazumdar@v5global.co.in",null,"East2",null,"External Consumer","ASO","V5 Global ASO",null,"FT",null,"ASO","LES","Biswa Ranjan Jena","Imam Hassan",null,"Rajender Negi","Raghavendra Araveeti","imam.hassan@v5global.co.in","imam.hassan@v5global.co.in","bjena1@lenovo.com","rnegi@lenovo.com","raraveeti@lenovo.com","ASO","Shilpi Gautam","sgautam2@lenovo.com",null,"Rajender Negi","LES","rnegi@lenovo.com",null,"2025-11-04","08:54:00","21.53800841415807,84.73314363509417","Mahamaya Computerss",{"$nulls":3},"T3","21AJNPP7333H1Z4","East2",null,"T-2875","Sambalpur","Orissa","V5 Global",null,"Yes","Face to Face","83K100C7IN",1,"Lenovo","Ideapad","Slim 3","i5-13450H,Ram-16,512,15.3 wuxga,win-11 office 2024,\t","Win 11","Thin & Light","Mainstream","i5-13450H","Consumer",64790,null,"NB",64790,"East2",76452.2,"",null,"East2","Premium","Mainstream"]
[21387846,"Manoj Bihari","manoj.bihari@v5global.co.in",9861291397,"V5 Global","Sambalpur","V5263625","Orissa","Orissa",null,"V5 Global",null,null,"Arindam Mazumdar","arindam.mazumdar@v5global.co.in",null,"East2",null,"External Consumer","ASO","V5 Global ASO",null,"FT",null,"ASO","LES","Biswa Ranjan Jena","Imam Hassan",null,"Rajender Negi","Raghavendra Araveeti","imam.hassan@v5global.co.in","imam.hassan@v5global.co.in","bjena1@lenovo.com","rnegi@lenovo.com","raraveeti@lenovo.com","ASO","Shilpi Gautam","sgautam2@lenovo.com",null,"Rajender Negi","LES","rnegi@lenovo.com",null,"2025-11-04","08:54:00","21.53800841415807,84.73314363509417","Mahamaya Computerss",{"$nulls":3},"T3","21AJNPP7333H1Z4","East2",null,"T-2875","Sambalpur","Orissa","V5 Global",null,"Yes","Face to Face","83DV01AAIN",1,"Lenovo","LOQ","LOQ","LOQ I5 13gen 16GB RAM 512 gb SSD RTX4050 win11 MSO\t","Win 11","Gaming","Premium","I5 13gen","Consumer",78000,null,"NB",78000,"East2",92040,"SP","Gaming","East2","Premium","Premium"]
[21376833,"Ramisetty Gopalkrishna","ramisetty.krishna@v5global.co.in",7050129999,"V5 Global","Vijaywada","V5303153","Andhra Pradesh","Andhra Pradesh",null,"V5 Global",null,null,"Avinash R","avinash.r@v5global.co.in",null,"South2",null,"External Consumer","ASO","V5 Global ASO",null,"FT",null,"ASO",null,"Prabhakar G","S.Arunbabu",null,"Prabhu Subaramanian","Sharad verma","arun.babu@v5global.co.in","arun.babu@v5global.co.in","gprabhakar@lenovo.com","psubramania4@lenovo.com","sharverm@lenovo.com","ASO","Shilpi Gautam","sgautam2@lenovo.com",null,"Prabhu Subaramanian",null,"psubramania4@lenovo.com",null,"2025-11-04","12:35:00","16.9737617,82.0497383","Prasad computers","Guntur","Andhra Pradesh","Unmanned","T3","37ACBPE9862F1ZJ","South2",null,"T-20166","Guntur","Andhra Pradesh","V5 Agency",null,"Yes","Face to Face","83GS00PJIN",1,"Lenovo","LOQ","LOQ 15IAX9","15.6,16GB,521SSD,RTX3050 6GB,2024 MSO,LUNA GREE","Win 11","Gaming","Premium","Core i5-12450HX","Consumer",75864,null,"NB",75864,"South2",89519.51999999999,"SP","Gaming","South2","Premium","Premium"]
[21376833,"Ramisetty Gopalkrishna","ramisetty.krishna@v5global.co.in",7050129999,"V5 Global","Vijaywada","V5303153","Andhra Pradesh","Andhra Pradesh",null,"V5 Global",null,null,"Avinash R","avinash.r@v5global.co.in",null,"South2",null,"External Consumer","ASO","V5 Global ASO",null,"FT",null,"ASO",null,"Prabhakar G","S.Arunbabu",null,"Prabhu Subaramanian","Sharad verma","arun.babu@v5global.co.in","arun.babu@v5global.co.in","gprabhakar@lenovo.com","psubramania4@lenovo.com","sharverm@lenovo.com","ASO","Shilpi Gautam","sgautam2@lenovo.com",null,"Prabhu Subaramanian",null,"psubramania4@lenovo.com",null,"2025-11-04","12:35:00","16.9737617,82.0497383","Prasad computers","Guntur","Andhra Pradesh","Unmanned","T3","37ACBPE9862F1ZJ","South2",null,"T-20166","Guntur","Andhra Pradesh","V5 Agency",null,"Yes","Face to Face","83ER00MCIN",5,"Lenovo","Ideapad","Slim 3","Lenovo IdeaPad Slim 3 12th Gen Intel Core i5-12450H 15\" (39.6cm) FHD IPS 300 Nits Thin & Light Laptop (16GB/512GB SSD/Win 11/MSO","Win 11","Thin & Light","Mainstream","i5 12th Gen","Consumer",41000,null,"NB",205000,"South2",48380,"",null,"South2","Mainstream","Mainstream"]
[21362145,"Devendar Vaishnav","devendar.vaishnav@v5global.co.in",9346025615,"V5 Global","Hyderabad",601572,"Hyderabad","Telangana",null,"V5 Global",null,null,"Mohammed Ibrahim","mohammed.ibrahim@v5global.co.in",null,"South2",null,"External Consumer","ASO","V5 Global ASO",{"$nulls":3},"ASO",null,"Santosh Singh","S.Arunbabu",null,"Prabhu Subaramanian","Sharad verma","arun.babu@v5global.co.in","arun.babu@v5global.co.in","ssingh9@lenovo.com","psubramania4@lenovo.com","sharverm@lenovo.com","ASO","Shilpi Gautam","sgautam2@lenovo.com",null,"Prabhu Subaramanian",null,"psubramania4@lenovo.com",null,"2025-11-04","13:03:00","17.4404605,78.4897855","Aditya Computers",{"$nulls":3},"T3","36ABUPY0253G1Z7","South2",null,"T-10539","Hyderabad","Telangana","V5 Global",null,"Yes","Telephonic","83DJ00FVIN",1,"Lenovo","Yoga 7","2 in 1","14 inch touch convertible","Win 11","Convertible","Premium","Core Ultra 5 125H","Consumer",89900,null,"NB",89900,"South2",106082,"SP","Non-Gaming","South2","Premium","Premium"]
[21538006,"Arabinda Samanta","arabinda.samanta@v5global.co.in",8879216607,"V5 Global","Mumbai","V5360834","Maharashtra","Maharashtra",null,"V5 Global",null,null,"Muffazal Momin","muffazal.momin@v5global.co.in",null,"West1",null,"External Consumer","ASO","V5 Global ASO",null,"FT",null,"ASO",null,"Amit Tiwari","Yunus Hamid Mansoori",null,"Hemant C Baghel","Sharad verma","yunus.hamid@v5global.co.in","yunus.hamid@v5global.co.in","atiwari5@lenovo.com","hbaghel@lenovo.com","sharverm@lenovo.com","ASO","Shilpi Gautam","sgautam2@lenovo.com",null,"Hemant C Baghel",null,"hbaghel@lenovo.com",null,"2025-11-04","15:17:00","19.1185495,72.8458638","Corporet Infosestes India Pvt Ltd",{"$nulls":3},"T3","27AABCC4983E1ZN","West1",null,"T-11336","Mumbai","Maharashtra","V5 Global",null,"Yes","Face to Face","83B40004IN",1,"Lenovo","Ideapad","Ideapad 1","15.6\"FHD,8GB/512GB/I3 1315/WIN/MS OFFICE/","Win 11","Thin & Light","Entry","13 1315","Consumer",36960,null,"NB",36960,"West1",43612.799999999996,"",null,"West1 M","Mainstream","Entry"]
[21538014,"Arabinda Samanta","arabinda.samanta@v5global.co.in",8879216607,"V5 Global","Mumbai","V5360834","Maharashtra","Maharashtra",null,"V5 Global",null,null,"Muffazal Momin","muffazal.momin@v5global.co.in",null,"West1",null,"External Consumer","ASO","V5 Global ASO",null,"FT",null,"ASO",null,"Amit Tiwari","Yunus Hamid Mansoori",null,"Hemant C Baghel","Sharad verma","yunus.hamid@v5global.co.in","yunus.hamid@v5global.co.in","atiwari5@lenovo.com","hbaghel@lenovo.com","sharverm@lenovo.com","ASO","Shilpi Gautam","sgautam2@lenovo.com",null,"Hemant C Baghel",null,"hbaghel@lenovo.com",null,"2025-11-04","15:18:00","19.1185467,72.8458918","New Tech Computer",{"$nulls":3},"T3","24APMPN3384B1ZY","West1",null,"T-11353","Mumbai","Maharashtra","V5 Global",null,"Yes","Face to Face","83B40004IN",1,"Lenovo","Ideapad","Ideapad 1","15.6\"FHD,8GB/512GB/I3 1315/WIN/MS OFFICE/","Win 11","Thin & Light","Entry","13 1315","Consumer",36960,null,"NB",36960,"West1",43612.799999999996,"",null,"West1 M","Mainstream","Entry"]
[21538021,"Arabinda Samanta","arabinda.samanta@v5global.co.in",8879216607,"V5 Global","Mumbai","V5360834","Maharashtra","Maharashtra",null,"V5 Global",null,null,"Muffazal Momin","muffazal.momin@v5global.co.in",null,"West1",null,"External Consumer","ASO","V5 Global ASO",null,"FT",null,"ASO",null,"Amit Tiwari","Yunus Hamid Mansoori",null,"Hemant C Baghel","Sharad verma","yunus.hamid@v5global.co.in","yunus.hamid@v5global.co.in","atiwari5@lenovo.com","hbaghel@lenovo.com","sharverm@lenovo.com","ASO","Shilpi Gautam","sgautam2@lenovo.com",null,"Hemant C Baghel",null,"hbaghel@lenovo.com",null,"2025-11-04","15:19:00","19.1180643,72.8459659","G N United Computer",{"$nulls":3},"T3","27AIBPS5876K1ZK","West1",null,"T-11356","Mumbai","Maharashtra","V5 Global",null,"Yes","Face to Face","83HX001NIN",1,"Lenovo","Ideapad","Slim 5","\"14\"\" WUXGA (1920x1200) OLED 400nits Glossy, 100% DCI-P3, DisplayHDRâ„¢ True Black 500 / 2x 12GB SO-DIMM DDR5-4800 / Up to 24GB DD","Win 11","Thin & Light","Premium","AMD Ryzenâ„¢ AI 7 350 (8C / 16T, 2.0 / 5.0GHz, 8MB L2 / 16MB L3)","Consumer",74568,null,"NB",74568,"West1",87990.23999999999,"SP","Non-Gaming","West1 M","Premium","Premium"]
[21364396,"Ashwani Kumar","ashwani.kumar@v5global.co.in",7827383769,"V5 Global","Delhi","V5262001","Delhi","Delhi",null,"V5 Global",null,null,"Mohd Asif","mohd.asif@v5global.co.in",null,"North1",null,"External Consumer","ASO","V5 Global ASO",null,"FT",null,"ASO",null,"Kanwaldeep Singh","Gaurav Sharma",null,"Kumar Tanksale","Raghavendra Araveeti","gaurav.sharma@v5global.co.in","gaurav.sharma@v5global.co.in","ksingh15@lenovo.com","ktanksale1@lenovo.com","raraveeti@lenovo.com","ASO","Shilpi Gautam","sgautam2@lenovo.com",null,"Kumar Tanksale",null,"ktanksale1@lenovo.com",null,"2025-11-04","17:47:00","28.5486117,77.2515748","Genesis Global",{"$nulls":3},"T3",null,"North1",null,"T-25201","Delhi","New Delhi","V5 Global",null,"Yes","Face to Face","82ER00MCIN",1,"Lenovo","Ideapad","Slim 3","15.6\" (39.62cm) FHD / 16 GB DDR5 RAM / 512 GB SSD/ARCTIC GREY/\t","Win 11","Thin & Light","Mainstream","Core i5 12th Gen","Consumer",53000,null,"NB",53000,"North1",62540,"",null,"North1","Mainstream","Mainstream"]
[21364446,"Ashwani Kumar","ashwani.kumar@v5global.co.in",7827383769,"V5 Global","Delhi","V5262001","Delhi","Delhi",null,"V5 Global",null,null,"Mohd Asif","mohd.asif@v5global.co.in",null,"North1",null,"External Consumer","ASO","V5 Global ASO",null,"FT",null,"ASO",null,"Kanwaldeep Singh","Gaurav Sharma",null,"Kumar Tanksale","Raghavendra Araveeti","gaurav.sharma@v5global.co.in","gaurav.sharma@v5global.co.in","ksingh15@lenovo.com","ktanksale1@lenovo.com","raraveeti@lenovo.com","ASO","Shilpi Gautam","sgautam2@lenovo.com",null,"Kumar Tanksale",null,"ktanksale1@lenovo.com",null,"2025-11-04","18:44:00","28.5487022,77.2529087","Setup I.T.",{"$nulls":3},"T3",null,"North1",null,"T-27088","Nehru Place   South Delhi","New Delhi","V5 Global",null,"Yes","Face to Face","82ER00MCIN",1,"Lenovo","Ideapad","Slim 3","15.6\" (39.62cm) FHD / 16 GB DDR5 RAM / 512 GB SSD/ARCTIC GREY/\t","Win 11","Thin & Light","Mainstream","Core i5 12th Gen","Consumer",53000,null,"NB",53000,"North1",62540,"",null,"North1","Mainstream","Mainstream"]
[21365624,"Mohammed Abdulla","mohammed.abdulla@v5global.co.in",9513623651,"V5 Global","Bangalore","V5266026","Karnataka","Karnataka",null,"V5 Global",null,null,"M Bhaskar Gowda","bhaskar.gowda@v5global.co.in",null,"South1",null,"External Consumer","ASO","V5 Global ASO",null,"FT",null,"ASO",null,"Anuj Kumar","Prakash Kumar K P",null,"S Sreekumar","Sharad verma","prakash.kp@v5global.co.in","prakash.kp@v5global.co.in","virtualcosmos.it@gmail.com","ssreekumar@lenovo.com","sharverm@lenovo.com","ASO","Shilpi Gautam","sgautam2@lenovo.com",null,"S Sreekumar",null,"ssreekumar@lenovo.com",null,"2025-11-04","20:45:00","12.9025719,77.5889815","Techsync Solutions Inc",{"$nulls":3},"T3",null,"South1",null,"T-25367","Bangalore","KARNATAKA","V5 Global",null,"Yes","Face to Face","GX31L52655",5,"Lenovo","Wired Combo","Input","Lenovo 160 Wired Combo","NA","Accessories","NA","NA","Accessories",999,null,null,4995,"South1",1178.82,"",null,"South1","NA","NA"]
[21365624,"Mohammed Abdulla","mohammed.abdulla@v5global.co.in",9513623651,"V5 Global","Bangalore","V5266026","Karnataka","Karnataka",null,"V5 Global",null,null,"M Bhaskar Gowda","bhaskar.gowda@v5global.co.in",null,"South1",null,"External Consumer","ASO","V5 Global ASO",null,"FT",null,"ASO",null,"Anuj Kumar","Prakash Kumar K P",null,"S Sreekumar","Sharad verma","prakash.kp@v5global.co.in","prakash.kp@v5global.co.in","virtualcosmos.it@gmail.com","ssreekumar@lenovo.com","sharverm@lenovo.com","ASO","Shilpi Gautam","sgautam2@lenovo.com",null,"S Sreekumar",null,"ssreekumar@lenovo.com",null,"2025-11-04","20:45:00","12.9025719,77.5889815","Techsync Solutions Inc",{"$nulls":3},"T3",null,"South1",null,"T-25367","Bangalore","KARNATAKA","V5 Global",null,"Yes","Face to Face","GY51L52636",10,"Lenovo","Wired mouse","Input","Lenovo 120 Wired Mouse","NA","Accessories","NA","NA","Accessories",259,null,null,2590,"South1",305.62,"",null,"South1","NA","NA"]
[21365624,"Mohammed Abdulla","mohammed.abdulla@v5global.co.in",9513623651,"V5 Global","Bangalore","V5266026","Karnataka","Karnataka",null,"V5 Global",null,null,"M Bhaskar Gowda","bhaskar.gowda@v5global.co.in",null,"South1",null,"External Consumer","ASO","V5 Global ASO",null,"FT",null,"ASO",null,"Anuj Kumar","Prakash Kumar K P",null,"S Sreekumar","Sharad verma","prakash.kp@v5global.co.in","prakash.kp@v5global.co.in","virtualcosmos.it@gmail.com","ssreekumar@lenovo.com","sharverm@lenovo.com","ASO","Shilpi Gautam","sgautam2@lenovo.com",null,"S Sreekumar",null,"ssreekumar@lenovo.com",null,"2025-11-04","20:45:00","12.9025719,77.5889815","Techsync Solutions Inc",{"$nulls":3},"T3",null,"South1",null,"T-25367","Bangalore","KARNATAKA","V5 Global",null,"Yes","Face to Face","GY51C12380",5,"Lenovo","Wireless Mouse","Input","Lenovo 130 wireless mouse","NA","Accessories","NA","NA","Accessories",649,null,null,3245,"South1",765.8199999999999,"",null,"South1","NA","NA"]
[21365637,"Mohammed Abdulla","mohammed.abdulla@v5global.co.in",9513623651,"V5 Global","Bangalore","V5266026","Karnataka","Karnataka",null,"V5 Global",null,null,"M Bhaskar Gowda","bhaskar.gowda@v5global.co.in",null,"South1",null,"External Consumer","ASO","V5 Global ASO",null,"FT",null,"ASO",null,"Anuj Kumar","Prakash Kumar K P",null,"S Sreekumar","Sharad verma","prakash.kp@v5global.co.in","prakash.kp@v5global.co.in","virtualcosmos.it@gmail.com","ssreekumar@lenovo.com","sharverm@lenovo.com","ASO","Shilpi Gautam","sgautam2@lenovo.com",null,"S Sreekumar",null,"ssreekumar@lenovo.com",null,"2025-11-04","20:47:00","12.9025873,77.5889356","Dns It Solutions( Ulsoor)",{"$nulls":3},"T3",null,"South1",null,"T-25379","Bangalore","Karnataka","Denave",null,"Yes","Face to Face","GY51C12380",5,"Lenovo","Wireless Mouse","Input","Lenovo 130 wireless mouse","NA","Accessories","NA","NA","Accessories",649,null,null,3245,"South1",765.8199999999999,"",null,"South1","NA","NA"]
[21365637,"Mohammed Abdulla","mohammed.abdulla@v5global.co.in",9513623651,"V5 Global","Bangalore","V5266026","Karnataka","Karnataka",null,"V5 Global",null,null,"M Bhaskar Gowda","bhaskar.gowda@v5global.co.in",null,"South1",null,"External Consumer","ASO","V5 Global ASO",null,"FT",null,"ASO",null,"Anuj Kumar","Prakash Kumar K P",null,"S Sreekumar","Sharad verma","prakash.kp@v5global.co.in","prakash.kp@v5global.co.in","virtualcosmos.it@gmail.com","ssreekumar@lenovo.com","sharverm@lenovo.com","ASO","Shilpi Gautam","sgautam2@lenovo.com",null,"S Sreekumar",null,"ssreekumar@lenovo.com",null,"2025-11-04","20:47:00","12.9025873,77.5889356","Dns It Solutions( Ulsoor)",{"$nulls":3},"T3",null,"South1",null,"T-25379","Bangalore","Karnataka","Denave",null,"Yes","Face to Face","GX31L52655",5,"Lenovo","Wired Combo","Input","Lenovo 160 Wired Combo","NA","Accessories","NA","NA","Accessories",999,null,null,4995,"South1",1178.82,"",null,"South1","NA","NA"]
[21365947,"Surjeet Kumar","surjeet.kumar@v5global.co.in",7004963220,"V5 Global","Muzaffarpur","V5339429","Bihar","Bihar",null,"V5 Global",null,null,"Shivam Kumar","shivam.kumar@v5global.co.in",null,"East2",null,"External Consumer","ASO","V5 Global ASO",null,"FT",null,"ASO",null,"Krishna Kumar Singh","Imam Hassan",null,"Rajender Negi","Raghavendra Araveeti","imam.hassan@v5global.co.in","imam.hassan@v5global.co.in","ksingh25@lenovo.com","rnegi@lenovo.com","raraveeti@lenovo.com","ASO","Shilpi Gautam","sgautam2@lenovo.com",null,"Rajender Negi",null,"rnegi@lenovo.com",null,"2025-11-04","21:06:00","25.2950865,85.0188677","Sri sai computer",{"$nulls":3},"T3","10DDBPK0421C1ZP","East2",null,"T-28923","Madhubani","Bihar","V5 Global",null,"Yes","Face to Face","83K100HSIN",1,"Lenovo","Ideapad","Slim 3","15.3inch 16GB/1 TBSSD Integrated Graphics MSO 2024 Arctic Greay","Win 11","Thin & Light","Premium","Intel Core i5-13420H","Consumer",64900,null,"NB",64900,"East2",76582,"SP","Non-Gaming","East2","Premium","Premium"]
[21365983,"Surjeet Kumar","surjeet.kumar@v5global.co.in",7004963220,"V5 Global","Muzaffarpur","V5339429","Bihar","Bihar",null,"V5 Global",null,null,"Shivam Kumar","shivam.kumar@v5global.co.in",null,"East2",null,"External Consumer","ASO","V5 Global ASO",null,"FT",null,"ASO",null,"Krishna Kumar Singh","Imam Hassan",null,"Rajender Negi","Raghavendra Araveeti","imam.hassan@v5global.co.in","imam.hassan@v5global.co.in","ksingh25@lenovo.com","rnegi@lenovo.com","raraveeti@lenovo.com","ASO","Shilpi Gautam","sgautam2@lenovo.com",null,"Rajender Negi",null,"rnegi@lenovo.com",null,"2025-11-04","21:06:00","25.294991,85.0187981","Skylar infotech",{"$nulls":3},"T3","10CRUPK8019E1ZS","East2",null,"T-29661","Motihar","Bihar","V5 Global",null,"Yes","Face to Face","83K100HSIN",1,"Lenovo","Ideapad","Slim 3","15.3inch 16GB/1 TBSSD Integrated Graphics MSO 2024 Arctic Greay","Win 11","Thin & Light","Premium","Intel Core i5-13420H","Consumer",64900,null,"NB",64900,"East2",76582,"SP","Non-Gaming","East2","Premium","Premium"]
[21365983,"Surjeet Kumar","surjeet.kumar@v5global.co.in",7004963220,"V5 Global","Muzaffarpur","V5339429","Bihar","Bihar",null,"V5 Global",null,null,"Shivam Kumar","shivam.kumar@v5global.co.in",null,"East2",null,"External Consumer","ASO","V5 Global ASO",null,"FT",null,"ASO",null,"Krishna Kumar Singh","Imam Hassan",null,"Rajender Negi","Raghavendra Araveeti","imam.hassan@v5global.co.in","imam.hassan@v5global.co.in","ksingh25@lenovo.com","rnegi@lenovo.com","raraveeti@lenovo.com","ASO","Shilpi Gautam","sgautam2@lenovo.com",null,"Rajender Negi",null,"rnegi@lenovo.com",null,"2025-11-04","21:06:00","25.294991,85.0187981","Skylar infotech",{"$nulls":3},"T3","10CRUPK8019E1ZS","East2",null,"T-29661","Motihar","Bihar","V5 Global",null,"Yes","Face to Face","67AEKACBIN",3,"Lenovo","Monitor","L22i-40","MONITOR 21.5","NA","Visual Variants","Mainstream","NA","Visuals",9099,null,null,27297,"East2",10736.82,"",null,"East2","Mainstream","Mainstream"]
[21365983,"Surjeet Kumar","surjeet.kumar@v5global.co.in",7004963220,"V5 Global","Muzaffarpur","V5339429","Bihar","Bihar",null,"V5 Global",null,null,"Shivam Kumar","shivam.kumar@v5global.co.in",null,"East2",null,"External Consumer","ASO","V5 Global ASO",null,"FT",null,"ASO",null,"Krishna Kumar Singh","Imam Hassan",null,"Rajender Negi","Raghavendra Araveeti","imam.hassan@v5global.co.in","imam.hassan@v5global.co.in","ksingh25@lenovo.com","rnegi@lenovo.com","raraveeti@lenovo.com","ASO","Shilpi Gautam","sgautam2@lenovo.com",null,"Rajender Negi",null,"rnegi@lenovo.com",null,"2025-11-04","21:06:00","25.294991,85.0187981","Skylar infotech",{"$nulls":3},"T3","10CRUPK8019E1ZS","East2",null,"T-29661","Motihar","Bihar","V5 Global",null,"Yes","Face to Face","67BCKAC6IN",1,"Lenovo","Monitor -L24i4A","Monitor -L24i4A","Full HD IPS Panel Ultra Thin Monitor with WLED Backlight","NA","Visual Variants","Premium","NA","Visuals",7203,null,null,7203,"East2",8499.539999999999,"",null,"East2","Premium","Premium"]
[21365983,"Surjeet Kumar","surjeet.kumar@v5global.co.in",7004963220,"V5 Global","Muzaffarpur","V5339429","Bihar","Bihar",null,"V5 Global",null,null,"Shivam Kumar","shivam.kumar@v5global.co.in",null,"East2",null,"External Consumer","ASO","V5 Global ASO",null,"FT",null,"ASO",null,"Krishna Kumar Singh","Imam Hassan",null,"Rajender Negi","Raghavendra Araveeti","imam.hassan@v5global.co.in","imam.hassan@v5global.co.in","ksingh25@lenovo.com","rnegi@lenovo.com","raraveeti@lenovo.com","ASO","Shilpi Gautam","sgautam2@lenovo.com",null,"Rajender Negi",null,"rnegi@lenovo.com",null,"2025-11-04","21:06:00","25.294991,85.0187981","Skylar infotech",{"$nulls":3},"T3","10CRUPK8019E1ZS","East2",null,"T-29661","Motihar","Bihar","V5 Global",null,"Yes","Face to Face","67BEKAC1IN",1,"Lenovo","Monitor","L27I-4A","L27I-4A","NA","Visual Variants","Premium","NA","Visuals",13000,null,null,13000,"East2",15340,"",null,"East2","Premium","Premium"]
[21365983,"Surjeet Kumar","surjeet.kumar@v5global.co.in",7004963220,"V5 Global","Muzaffarpur","V5339429","Bihar","Bihar",null,"V5 Global",null,null,"Shivam Kumar","shivam.kumar@v5global.co.in",null,"East2",null,"External Consumer","ASO","V5 Global ASO",null,"FT",null,"ASO",null,"Krishna Kumar Singh","Imam Hassan",null,"Rajender Negi","Raghavendra Araveeti","imam.hassan@v5global.co.in","imam.hassan@v5global.co.in","ksingh25@lenovo.com","rnegi@lenovo.com","raraveeti@lenovo.com","ASO","Shilpi Gautam","sgautam2@lenovo.com",null,"Rajender Negi",null,"rnegi@lenovo.com",null,"2025-11-04","21:06:00","25.294991,85.0187981","Skylar infotech",{"$nulls":3},"T3","10CRUPK8019E1ZS","East2",null,"T-29661","Motihar","Bihar","V5 Global",null,"Yes","Face to Face","GY51L52636",10,"Lenovo","Wired mouse","Input","Lenovo 120 Wired Mouse","NA","Accessories","NA","NA","Accessories",259,null,null,2590,"East2",305.62,"",null,"East2","NA","NA"]
[21365983,"Surjeet Kumar","surjeet.kumar@v5global.co.in",7004963220,"V5 Global","Muzaffarpur","V5339429","Bihar","Bihar",null,"V5 Global",null,null,"Shivam Kumar","shivam.kumar@v5global.co.in",null,"East2",null,"External Consumer","ASO","V5 Global ASO",null,"FT",null,"ASO",null,"Krishna Kumar Singh","Imam Hassan",null,"Rajender Negi","Raghavendra Araveeti","imam.hassan@v5global.co.in","imam.hassan@v5global.co.in","ksingh25@lenovo.com","rnegi@lenovo.com","raraveeti@lenovo.com","ASO","Shilpi Gautam","sgautam2@lenovo.com",null,"Rajender Negi",null,"rnegi@lenovo.com",null,"2025-11-04","21:06:00","25.294991,85.0187981","Skylar infotech",{"$nulls":3},"T3","10CRUPK8019E1ZS","East2",null,"T-29661","Motihar","Bihar","V5 Global",null,"Yes","Face to Face","GY51C12380",10,"Lenovo","Wireless Mouse","Input","Lenovo 130 wireless mouse","NA","Accessories","NA","NA","Accessories",649,null,null,6490,"East2",765.8199999999999,"",null,"East2","NA","NA"]
[21365983,"Surjeet Kumar","surjeet.kumar@v5global.co.in",7004963220,"V5 Global","Muzaffarpur","V5339429","Bihar","Bihar",null,"V5 Global",null,null,"Shivam Kumar","shivam.kumar@v5global.co.in",null,"East2",null,"External Consumer","ASO","V5 Global ASO",null,"FT",null,"ASO",null,"Krishna Kumar Singh","Imam Hassan",null,"Rajender Negi","Raghavendra Araveeti","imam.hassan@v5global.co.in","imam.hassan@v5global.co.in","ksingh25@lenovo.com","rnegi@lenovo.com","raraveeti@lenovo.com","ASO","Shilpi Gautam","sgautam2@lenovo.com",null,"Rajender Negi",null,"rnegi@lenovo.com",null,"2025-11-04","21:06:00","25.294991,85.0187981","Skylar infotech",{"$nulls":3},"T3","10CRUPK8019E1ZS","East2",null,"T-29661","Motihar","Bihar","V5 Global",null,"Yes","Face to Face","GX20K78585",2,"Lenovo","AC Adapter","Power","Lenovo 65W AC Roundtip Adapter(IN)","NA","Accessories","NA","NA","Accessories",2490,null,null,4980,"East2",2938.2,"",null,"East2","NA","NA"]
[21366812,"Govind Gulab Rajbhar","govind.gulab@v5global.co.in",9029031943,"V5 Global","Mumbai","V5263641","Maharashtra","Maharashtra",null,"V5 Global",null,null,"Pooja Thakur","pooja.thakur@v5global.co.in",null,"West1",null,"External Consumer","ASO","V5 Global ASO",null,"FT",null,"ASO",null,"Amit Tiwari","Yunus Hamid Mansoori",null,"Hemant C Baghel","Sharad verma","yunus.hamid@v5global.co.in","yunus.hamid@v5global.co.in","atiwari5@lenovo.com","hbaghel@lenovo.com","sharverm@lenovo.com","ASO","Shilpi Gautam","sgautam2@lenovo.com",null,"Hemant C Baghel",null,"hbaghel@lenovo.com",null,"2025-11-04","22:10:00","19.2169492,72.8439585","Presistent Computer",{"$nulls":3},"T3",null,"West1",null,"T-25778","Mumbai","Maharashtra","V5 Global",null,"Yes","Telephonic","67D5KAC6IN",1,"Lenovo","L22-4E","L Series","LEN L22-4E 21.5 IPS  BLACK 100HZ","NA","Visual Variants","Mainstream","NA","Visuals",5331,null,null,5331,"West1",6290.58,"",null,"West1 M","Mainstream","Mainstream"]
[21366815,"Govind Gulab Rajbhar","govind.gulab@v5global.co.in",9029031943,"V5 Global","Mumbai","V5263641","Maharashtra","Maharashtra",null,"V5 Global",null,null,"Pooja Thakur","pooja.thakur@v5global.co.in",null,"West1",null,"External Consumer","ASO","V5 Global ASO",null,"FT",null,"ASO",null,"Amit Tiwari","Yunus Hamid Mansoori",null,"Hemant C Baghel","Sharad verma","yunus.hamid@v5global.co.in","yunus.hamid@v5global.co.in","atiwari5@lenovo.com","hbaghel@lenovo.com","sharverm@lenovo.com","ASO","Shilpi Gautam","sgautam2@lenovo.com",null,"Hemant C Baghel",null,"hbaghel@lenovo.com",null,"2025-11-04","22:10:00","19.2169303,72.8439624","Ambika Technology",{"$nulls":3},"T3",null,"West1",null,"T-25690","Mumbai","Maharashtra","V5 Global",null,"Yes","Telephonic","67BEKAC1IN",1,"Lenovo","Monitor","L27I-4A","L27I-4A","NA","Visual Variants","Premium","NA","Visuals",13000,null,null,13000,"West1",15340,"",null,"West1 M","Premium","Premium"]
[21366818,"Govind Gulab Rajbhar","govind.gulab@v5global.co.in",9029031943,"V5 Global","Mumbai","V5263641","Maharashtra","Maharashtra",null,"V5 Global",null,null,"Pooja Thakur","pooja.thakur@v5global.co.in",null,"West1",null,"External Consumer","ASO","V5 Global ASO",null,"FT",null,"ASO",null,"Amit Tiwari","Yunus Hamid Mansoori",null,"Hemant C Baghel","Sharad verma","yunus.hamid@v5global.co.in","yunus.hamid@v5global.co.in","atiwari5@lenovo.com","hbaghel@lenovo.com","sharverm@lenovo.com","ASO","Shilpi Gautam","sgautam2@lenovo.com",null,"Hemant C Baghel",null,"hbaghel@lenovo.com",null,"2025-11-04","22:11:00","19.2169305,72.8439596","Diss Computers And Sales Centre",{"$nulls":3},"T3",null,"West1",null,"T-25677","Mumbai","Maharashtra","V5 Global",null,"Yes","Telephonic","61E0KAR6WW",4,"Lenovo","D Series","D19-10","D19: 18.5\" VGA + HDMI with HDMI Cable","NA","Visual Variants","Entry","NA","Visuals",5058,null,null,20232,"West1",5968.44,"",null,"West1 M","Entry","Entry"]
[21366825,"Govind Gulab Rajbhar","govind.gulab@v5global.co.in",9029031943,"V5 Global","Mumbai","V5263641","Maharashtra","Maharashtra",null,"V5 Global",null,null,"Pooja Thakur","pooja.thakur@v5global.co.in",null,"West1",null,"External Consumer","ASO","V5 Global ASO",null,"FT",null,"ASO",null,"Amit Tiwari","Yunus Hamid Mansoori",null,"Hemant C Baghel","Sharad verma","yunus.hamid@v5global.co.in","yunus.hamid@v5global.co.in","atiwari5@lenovo.com","hbaghel@lenovo.com","sharverm@lenovo.com","ASO","Shilpi Gautam","sgautam2@lenovo.com",null,"Hemant C Baghel",null,"hbaghel@lenovo.com",null,"2025-11-04","22:11:00","19.2169255,72.843966","Microworld",{"$nulls":3},"T3",null,"West1",null,"T-25705","Mumbai","Maharashtra","Denave",null,"Yes","Telephonic","67AKACBIN",1,"Lenovo","L Series","L22E-40","21.5'' VA75HZ HDMI","NA","Visual Variants","Mainstream","NA","Visuals",6250,null,null,6250,"West1",7375,"",null,"West1 M","Mainstream","Mainstream"]
[21366833,"Govind Gulab Rajbhar","govind.gulab@v5global.co.in",9029031943,"V5 Global","Mumbai","V5263641","Maharashtra","Maharashtra",null,"V5 Global",null,null,"Pooja Thakur","pooja.thakur@v5global.co.in",null,"West1",null,"External Consumer","ASO","V5 Global ASO",null,"FT",null,"ASO",null,"Amit Tiwari","Yunus Hamid Mansoori",null,"Hemant C Baghel","Sharad verma","yunus.hamid@v5global.co.in","yunus.hamid@v5global.co.in","atiwari5@lenovo.com","hbaghel@lenovo.com","sharverm@lenovo.com","ASO","Shilpi Gautam","sgautam2@lenovo.com",null,"Hemant C Baghel",null,"hbaghel@lenovo.com",null,"2025-11-04","22:12:00","19.2169195,72.8439719","Novelty Computech",{"$nulls":3},"T3",null,"West1",null,"T-18067","Mumbai","Maharashtra","V5 Global",null,"Yes","Telephonic","F0HM003CIN",2,"Lenovo","IdeaCentre","IdeaCentre AIO 27IRH9","DT IC AIO 27IRH9 I513420H 1T 16G","Win 11","AIO","Premium","i5 13420H","Consumer",69990,null,"AIO",139980,"West1",82588.2,"SP","Non-Gaming","West1 M","Premium","Premium"]
[21366838,"Govind Gulab Rajbhar","govind.gulab@v5global.co.in",9029031943,"V5 Global","Mumbai","V5263641","Maharashtra","Maharashtra",null,"V5 Global",null,null,"Pooja Thakur","pooja.thakur@v5global.co.in",null,"West1",null,"External Consumer","ASO","V5 Global ASO",null,"FT",null,"ASO",null,"Amit Tiwari","Yunus Hamid Mansoori",null,"Hemant C Baghel","Sharad verma","yunus.hamid@v5global.co.in","yunus.hamid@v5global.co.in","atiwari5@lenovo.com","hbaghel@lenovo.com","sharverm@lenovo.com","ASO","Shilpi Gautam","sgautam2@lenovo.com",null,"Hemant C Baghel",null,"hbaghel@lenovo.com",null,"2025-11-04","22:13:00","19.2169138,72.8439719","Global Net Computer",{"$nulls":3},"T3",null,"West1",null,"T-18101","Mumbai","Maharashtra","V5 Global",null,"Yes","Telephonic","F0HM00GQIN",1,"Lenovo","IdeaCentre","AIO 27IRH9","CORE i7-13620H 32GB DDR5 1TB SSD INTEGRATED","Win 11","AIO","Premium","CORE i7-13620H","Consumer",99990,null,"AIO",99990,"West1",117988.2,"SP","Non-Gaming","West1 M","Premium","Premium"]
[21366843,"Govind Gulab Rajbhar","govind.gulab@v5global.co.in",9029031943,"V5 Global","Mumbai","V5263641","Maharashtra","Maharashtra",null,"V5 Global",null,null,"Pooja Thakur","pooja.thakur@v5global.co.in",null,"West1",null,"External Consumer","ASO","V5 Global ASO",null,"FT",null,"ASO",null,"Amit Tiwari","Yunus Hamid Mansoori",null,"Hemant C Baghel","Sharad verma","yunus.hamid@v5global.co.in","yunus.hamid@v5global.co.in","atiwari5@lenovo.com","hbaghel@lenovo.com","sharverm@lenovo.com","ASO","Shilpi Gautam","sgautam2@lenovo.com",null,"Hemant C Baghel",null,"hbaghel@lenovo.com",null,"2025-11-04","22:13:00","19.216915,72.8439718","Diss Computers And Sales Centre",{"$nulls":3},"T3",null,"West1",null,"T-25677","Mumbai","Maharashtra","V5 Global",null,"Yes","Telephonic","83LK0068IN",1,"Lenovo","LOQ","LOQ 15IAX9E","NB LOQ 15IAX9E I7 12G 512G 11S","Win 11","Gaming","Premium","i7 12650HX","Consumer",67936,null,"NB",67936,"West1",80164.48,"SP","Gaming","West1 M","Premium","Premium"]
[21367178,"Mohammed Abdulla","mohammed.abdulla@v5global.co.in",9513623651,"V5 Global","Bangalore","V5266026","Karnataka","Karnataka",null,"V5 Global",null,null,"M Bhaskar Gowda","bhaskar.gowda@v5global.co.in",null,"South1",null,"External Consumer","ASO","V5 Global ASO",null,"FT",null,"ASO",null,"Anuj Kumar","Prakash Kumar K P",null,"S Sreekumar","Sharad verma","prakash.kp@v5global.co.in","prakash.kp@v5global.co.in","virtualcosmos.it@gmail.com","ssreekumar@lenovo.com","sharverm@lenovo.com","ASO","Shilpi Gautam","sgautam2@lenovo.com",null,"S Sreekumar",null,"ssreekumar@lenovo.com",null,"2025-11-04","22:58:00","12.9066298,77.5704957","SCL Gaming.in",{"$nulls":3},"T3","29GUHPK0914A1ZW","South1",null,null,"Bangalore 2","KARNATAKA","V5 Global",null,"Yes","Face to Face","83DJ00FVIN",1,"Lenovo","Yoga 7","2 in 1","14 inch touch convertible","Win 11","Convertible","Premium","Core Ultra 5 125H","Consumer",89900,null,"NB",89900,"South1",106082,"SP","Non-Gaming","South1","Premium","Premium"]
[21367182,"Mohammed Abdulla","mohammed.abdulla@v5global.co.in",9513623651,"V5 Global","Bangalore","V5266026","Karnataka","Karnataka",null,"V5 Global",null,null,"M Bhaskar Gowda","bhaskar.gowda@v5global.co.in",null,"South1",null,"External Consumer","ASO","V5 Global ASO",null,"FT",null,"ASO",null,"Anuj Kumar","Prakash Kumar K P",null,"S Sreekumar","Sharad verma","prakash.kp@v5global.co.in","prakash.kp@v5global.co.in","virtualcosmos.it@gmail.com","ssreekumar@lenovo.com","sharverm@lenovo.com","ASO","Shilpi Gautam","sgautam2@lenovo.com",null,"S Sreekumar",null,"ssreekumar@lenovo.com",null,"2025-11-04","22:59:00","12.9065994,77.5704593","Laptop Shopee",{"$nulls":3},"T3",null,"South1",null,"T-26566","Bruhat Bangalore","Karnataka","Denave",null,"Yes","Face to Face","83K100C6IN",1,"Lenovo","Ideapad","Slim 3","IntelÂ® Coreâ„¢ i5-13420H, 8C (4P + 4E) / 12T, P-core 2.1 / 4.6GHz, E-core 1.5 / 3.4GHz, 12MB,8GB Soldered DDR5-4800 + 8GB SO-DIMM ","Win 11","Thin & Light","Mainstream","i5-13420H","Consumer",46000,null,"NB",46000,"South1",54280,"",null,"South1","Mainstream","Mainstream"]
[21367186,"Mohammed Abdulla","mohammed.abdulla@v5global.co.in",9513623651,"V5 Global","Bangalore","V5266026","Karnataka","Karnataka",null,"V5 Global",null,null,"M Bhaskar Gowda","bhaskar.gowda@v5global.co.in",null,"South1",null,"External Consumer","ASO","V5 Global ASO",null,"FT",null,"ASO",null,"Anuj Kumar","Prakash Kumar K P",null,"S Sreekumar","Sharad verma","prakash.kp@v5global.co.in","prakash.kp@v5global.co.in","virtualcosmos.it@gmail.com","ssreekumar@lenovo.com","sharverm@lenovo.com","ASO","Shilpi Gautam","sgautam2@lenovo.com",null,"S Sreekumar",null,"ssreekumar@lenovo.com",null,"2025-11-04","22:59:00","12.9065994,77.5704593","Techsync Solutions Inc",{"$nulls":3},"T3",null,"South1",null,"T-25367","Bangalore","KARNATAKA","V5 Global",null,"Yes","Face to Face","83K100C6IN",1,"Lenovo","Ideapad","Slim 3","IntelÂ® Coreâ„¢ i5-13420H, 8C (4P + 4E) / 12T, P-core 2.1 / 4.6GHz, E-core 1.5 / 3.4GHz, 12MB,8GB Soldered DDR5-4800 + 8GB SO-DIMM ","Win 11","Thin & Light","Mainstream","i5-13420H","Consumer",46000,null,"NB",46000,"South1",54280,"",null,"South1","Mainstream","Mainstream"]
[21367192,"Mohammed Abdulla","mohammed.abdulla@v5global.co.in",9513623651,"V5 Global","Bangalore","V5266026","Karnataka","Karnataka",null,"V5 Global",null,null,"M Bhaskar Gowda","bhaskar.gowda@v5global.co.in",null,"South1",null,"External Consumer","ASO","V5 Global ASO",null,"FT",null,"ASO",null,"Anuj Kumar","Prakash Kumar K P",null,"S Sreekumar","Sharad verma","prakash.kp@v5global.co.in","prakash.kp@v5global.co.in","virtualcosmos.it@gmail.com","ssreekumar@lenovo.com","sharverm@lenovo.com","ASO","Shilpi Gautam","sgautam2@lenovo.com",null,"S Sreekumar",null,"ssreekumar@lenovo.com",null,"2025-11-04","23:00:00","12.9066412,77.5705015","Compu Net",{"$nulls":3},"T3",null,"South1",null,"T-25349","Bangalore","KARNATAKA","V5 Global",null,"Yes","Face to Face","83ER00MCIN",1,"Lenovo","Ideapad","Slim 3","Lenovo IdeaPad Slim 3 12th Gen Intel Core i5-12450H 15\" (39.6cm) FHD IPS 300 Nits Thin & Light Laptop (16GB/512GB SSD/Win 11/MSO","Win 11","Thin & Light","Mainstream","i5 12th Gen","Consumer",41000,null,"NB",41000,"South1",48380,"",null,"South1","Mainstream","Mainstream"]
[21367196,"Mohammed Abdulla","mohammed.abdulla@v5global.co.in",9513623651,"V5 Global","Bangalore","V5266026","Karnataka","Karnataka",null,"V5 Global",null,null,"M Bhaskar Gowda","bhaskar.gowda@v5global.co.in",null,"South1",null,"External Consumer","ASO","V5 Global ASO",null,"FT",null,"ASO",null,"Anuj Kumar","Prakash Kumar K P",null,"S Sreekumar","Sharad verma","prakash.kp@v5global.co.in","prakash.kp@v5global.co.in","virtualcosmos.it@gmail.com","ssreekumar@lenovo.com","sharverm@lenovo.com","ASO","Shilpi Gautam","sgautam2@lenovo.com",null,"S Sreekumar",null,"ssreekumar@lenovo.com",null,"2025-11-04","23:00:00","12.9066412,77.5705015","Anurag Infotech",{"$nulls":3},"T3",null,"South1",null,"T-6369","Bangalore","KARNATAKA","V5 Global",null,"Yes","Face to Face","83ER00MCIN",1,"Lenovo","Ideapad","Slim 3","Lenovo IdeaPad Slim 3 12th Gen Intel Core i5-12450H 15\" (39.6cm) FHD IPS 300 Nits Thin & Light Laptop (16GB/512GB SSD/Win 11/MSO","Win 11","Thin & Light","Mainstream","i5 12th Gen","Consumer",41000,null,"NB",41000,"South1",48380,"",null,"South1","Mainstream","Mainstream"]
[21367357,"Chetti Srinivas","chetti.srinivas1@v5global.co.in",9515976797,"V5 Global","Hyderabad",601126,"TELANGANA","Telangana",null,"V5 Global",null,null,"Mohammed Ibrahim","mohammed.ibrahim@v5global.co.in",null,"South2",null,"External Consumer","ASO","V5 Global ASO",null,"FT",null,"ASO",null,"Santosh Singh","S.Arunbabu",null,"Prabhu Subaramanian","Sharad verma","arun.babu@v5global.co.in","arun.babu@v5global.co.in","ssingh9@lenovo.com","psubramania4@lenovo.com","sharverm@lenovo.com","ASO","Shilpi Gautam","sgautam2@lenovo.com",null,"Prabhu Subaramanian",null,"psubramania4@lenovo.com",null,"2025-11-04","23:26:00","17.4138657,78.5660375","Dotcom Computers",{"$nulls":3},"T3","36ATGPK7869N1ZR","South2",null,"T-10544","Hyderabad","Telangana","V5 Global",null,"Yes","Face to Face","90XW0051IN",1,"Lenovo","IdeaCentre","Tower 08IRH9"," 16GB/1 TB SSD Integrated Graphics MSO 2024 ,","Win 11","TDT","Premium","Intel Core i7-13620H","Consumer",58900,null,"TDT",58900,"South2",69502,"",null,"South2","Premium","Mainstream"]
[21367361,"Chetti Srinivas","chetti.srinivas1@v5global.co.in",9515976797,"V5 Global","Hyderabad",601126,"TELANGANA","Telangana",null,"V5 Global",null,null,"Mohammed Ibrahim","mohammed.ibrahim@v5global.co.in",null,"South2",null,"External Consumer","ASO","V5 Global ASO",null,"FT",null,"ASO",null,"Santosh Singh","S.Arunbabu",null,"Prabhu Subaramanian","Sharad verma","arun.babu@v5global.co.in","arun.babu@v5global.co.in","ssingh9@lenovo.com","psubramania4@lenovo.com","sharverm@lenovo.com","ASO","Shilpi Gautam","sgautam2@lenovo.com",null,"Prabhu Subaramanian",null,"psubramania4@lenovo.com",null,"2025-11-04","23:27:00","17.4138639,78.5660681","Sri Chaitanya Computers",{"$nulls":3},"T3","36AJOPK3706A1ZI","South2",null,"T-10600","Hyderabad","Telangana","V5 Global",null,"Yes","Telephonic","F0HN00PGIN",1,"Lenovo","AIO","AIO i-24IRH9","i3-1315U-8-512-UHD-W11-O24-23.80","Win 11","AIO","Mainstream","i3-1315U","Consumer",57990,null,"AIO",57990,"South2",68428.2,"",null,"South2","Premium","Mainstream"]
[21367365,"Chetti Srinivas","chetti.srinivas1@v5global.co.in",9515976797,"V5 Global","Hyderabad",601126,"TELANGANA","Telangana",null,"V5 Global",null,null,"Mohammed Ibrahim","mohammed.ibrahim@v5global.co.in",null,"South2",null,"External Consumer","ASO","V5 Global ASO",null,"FT",null,"ASO",null,"Santosh Singh","S.Arunbabu",null,"Prabhu Subaramanian","Sharad verma","arun.babu@v5global.co.in","arun.babu@v5global.co.in","ssingh9@lenovo.com","psubramania4@lenovo.com","sharverm@lenovo.com","ASO","Shilpi Gautam","sgautam2@lenovo.com",null,"Prabhu Subaramanian",null,"psubramania4@lenovo.com",null,"2025-11-04","23:27:00","17.4138679,78.5660218","Aditya Computers",{"$nulls":3},"T3","36ABUPY0253G1Z7","South2",null,"T-10539","Hyderabad","Telangana","V5 Global",null,"Yes","Face to Face","F0G0015NIN",1,"Lenovo","IdeaCentre","AIO-3","23.8\" FHD AG 250N/8B/1TB HDD/Integrated/MSO 2021/Black","Win 11","AIO","Mainstream","Core i5 1135G7","Consumer",62990,null,"AIO",62990,"South2",74328.2,"",null,"South2","Premium","Mainstream"]
[21367365,"Chetti Srinivas","chetti.srinivas1@v5global.co.in",9515976797,"V5 Global","Hyderabad",601126,"TELANGANA","Telangana",null,"V5 Global",null,null,"Mohammed Ibrahim","mohammed.ibrahim@v5global.co.in",null,"South2",null,"External Consumer","ASO","V5 Global ASO",null,"FT",null,"ASO",null,"Santosh Singh","S.Arunbabu",null,"Prabhu Subaramanian","Sharad verma","arun.babu@v5global.co.in","arun.babu@v5global.co.in","ssingh9@lenovo.com","psubramania4@lenovo.com","sharverm@lenovo.com","ASO","Shilpi Gautam","sgautam2@lenovo.com",null,"Prabhu Subaramanian",null,"psubramania4@lenovo.com",null,"2025-11-04","23:27:00","17.4138679,78.5660218","Aditya Computers",{"$nulls":3},"T3","36ABUPY0253G1Z7","South2",null,"T-10539","Hyderabad","Telangana","V5 Global",null,"Yes","Face to Face","F0HN00PGIN",2,"Lenovo","AIO","AIO i-24IRH9","i3-1315U-8-512-UHD-W11-O24-23.80","Win 11","AIO","Mainstream","i3-1315U","Consumer",57990,null,"AIO",115980,"South2",68428.2,"",null,"South2","Premium","Mainstream"]
[21367370,"Chetti Srinivas","chetti.srinivas1@v5global.co.in",9515976797,"V5 Global","Hyderabad",601126,"TELANGANA","Telangana",null,"V5 Global",null,null,"Mohammed Ibrahim","mohammed.ibrahim@v5global.co.in",null,"South2",null,"External Consumer","ASO","V5 Global ASO",null,"FT",null,"ASO",null,"Santosh Singh","S.Arunbabu",null,"Prabhu Subaramanian","Sharad verma","arun.babu@v5global.co.in","arun.babu@v5global.co.in","ssingh9@lenovo.com","psubramania4@lenovo.com","sharverm@lenovo.com","ASO","Shilpi Gautam","sgautam2@lenovo.com",null,"Prabhu Subaramanian",null,"psubramania4@lenovo.com",null,"2025-11-04","23:29:00","17.413872,78.5660894","Maithri System",{"$nulls":3},"T3","36ADXPN0079J1ZW","South2",null,"T-10543","Hyderabad","Telangana","V5 Global",null,"Yes","Face to Face","F0HN00PGIN",2,"Lenovo","AIO","AIO i-24IRH9","i3-1315U-8-512-UHD-W11-O24-23.80","Win 11","AIO","Mainstream","i3-1315U","Consumer",57990,null,"AIO",115980,"South2",68428.2,"",null,"South2","Premium","Mainstream"]
[21368127,"Prasannaraj P","prasannaraj.p@v5global.co.in",9092045806,"V5 Global","Chennai","V5335880","Tamil Nadu","Tamil Nadu",null,"V5 Global",null,null,"Prabhakaran A","prabhakaran@v5global.co.in",null,"South2",null,"External Consumer","ASO","V5 Global ASO",null,"FT",null,"ASO","LES","Sridhar Ethirajulu","S.Arunbabu",null,"Prabhu Subaramanian","Sharad verma","arun.babu@v5global.co.in","arun.babu@v5global.co.in","sethirajulu1@lenovo.com","psubramania4@lenovo.com","sharverm@lenovo.com","ASO","Shilpi Gautam","sgautam2@lenovo.com",null,"Prabhu Subaramanian","LES","psubramania4@lenovo.com",null,"2025-11-05","09:41:00","13.0290307,80.1942985","Access Computers",{"$nulls":3},"T3",null,"South2",null,"T-8943","Chennai","Tamil Nadu","V5 Global",null,"Yes","Face to Face","83F500D7IN",1,"Lenovo","Legion","Legion Pro 7","CORE ULT9 275HX 32GB, 1TB SSD","Win 11","Gaming","Premium","CORE ULT9 275HX","Consumer",241000,null,"NB",241000,"South2",284380,"SP","Gaming","South2","Premium","Premium"]
[21368127,"Prasannaraj P","prasannaraj.p@v5global.co.in",9092045806,"V5 Global","Chennai","V5335880","Tamil Nadu","Tamil Nadu",null,"V5 Global",null,null,"Prabhakaran A","prabhakaran@v5global.co.in",null,"South2",null,"External Consumer","ASO","V5 Global ASO",null,"FT",null,"ASO","LES","Sridhar Ethirajulu","S.Arunbabu",null,"Prabhu Subaramanian","Sharad verma","arun.babu@v5global.co.in","arun.babu@v5global.co.in","sethirajulu1@lenovo.com","psubramania4@lenovo.com","sharverm@lenovo.com","ASO","Shilpi Gautam","sgautam2@lenovo.com",null,"Prabhu Subaramanian","LES","psubramania4@lenovo.com",null,"2025-11-05","09:41:00","13.0290307,80.1942985","Access Computers",{"$nulls":3},"T3",null,"South2",null,"T-8943","Chennai","Tamil Nadu","V5 Global",null,"Yes","Face to Face","67D5KAC6IN",2,"Lenovo","L22-4E","L Series","LEN L22-4E 21.5 IPS  BLACK 100HZ","NA","Visual Variants","Mainstream","NA","Visuals",5331,null,null,10662,"South2",6290.58,"",null,"South2","Mainstream","Mainstream"]
[21368131,"Prasannaraj P","prasannaraj.p@v5global.co.in",9092045806,"V5 Global","Chennai","V5335880","Tamil Nadu","Tamil Nadu",null,"V5 Global",null,null,"Prabhakaran A","prabhakaran@v5global.co.in",null,"South2",null,"External Consumer","ASO","V5 Global ASO",null,"FT",null,"ASO","LES","Sridhar Ethirajulu","S.Arunbabu",null,"Prabhu Subaramanian","Sharad verma","arun.babu@v5global.co.in","arun.babu@v5global.co.in","sethirajulu1@lenovo.com","psubramania4@lenovo.com","sharverm@lenovo.com","ASO","Shilpi Gautam","sgautam2@lenovo.com",null,"Prabhu Subaramanian","LES","psubramania4@lenovo.com",null,"2025-11-05","09:41:00","13.0290307,80.1943029","Axiom Infotech Private Ltd",{"$nulls":3},"T3",null,"South2",null,"T-9029","Chennai","Tamil Nadu","V5 Global",null,"Yes","Face to Face","F0HN00PGIN",1,"Lenovo","AIO","AIO i-24IRH9","i3-1315U-8-512-UHD-W11-O24-23.80","Win 11","AIO","Mainstream","i3-1315U","Consumer",57990,null,"AIO",57990,"South2",68428.2,"",null,"South2","Premium","Mainstream"]
[21368131,"Prasannaraj P","prasannaraj.p@v5global.co.in",9092045806,"V5 Global","Chennai","V5335880","Tamil Nadu","Tamil Nadu",null,"V5 Global",null,null,"Prabhakaran A","prabhakaran@v5global.co.in",null,"South2",null,"External Consumer","ASO","V5 Global ASO",null,"FT",null,"ASO","LES","Sridhar Ethirajulu","S.Arunbabu",null,"Prabhu Subaramanian","Sharad verma","arun.babu@v5global.co.in","arun.babu@v5global.co.in","sethirajulu1@lenovo.com","psubramania4@lenovo.com","sharverm@lenovo.com","ASO","Shilpi Gautam","sgautam2@lenovo.com",null,"Prabhu Subaramanian","LES","psubramania4@lenovo.com",null,"2025-11-05","09:41:00","13.0290307,80.1943029","Axiom Infotech Private Ltd",{"$nulls":3},"T3",null,"South2",null,"T-9029","Chennai","Tamil Nadu","V5 Global",null,"Yes","Face to Face","67D5KAC6IN",2,"Lenovo","L22-4E","L Series","LEN L22-4E 21.5 IPS  BLACK 100HZ","NA","Visual Variants","Mainstream","NA","Visuals",5331,null,null,10662,"South2",6290.58,"",null,"South2","Mainstream","Mainstream"]
[21368135,"Prasannaraj P","prasannaraj.p@v5global.co.in",9092045806,"V5 Global","Chennai","V5335880","Tamil Nadu","Tamil Nadu",null,"V5 Global",null,null,"Prabhakaran A","prabhakaran@v5global.co.in",null,"South2",null,"External Consumer","ASO","V5 Global ASO",null,"FT",null,"ASO","LES","Sridhar Ethirajulu","S.Arunbabu",null,"Prabhu Subaramanian","Sharad verma","arun.babu@v5global.co.in","arun.babu@v5global.co.in","sethirajulu1@lenovo.com","psubramania4@lenovo.com","sharverm@lenovo.com","ASO","Shilpi Gautam","sgautam2@lenovo.com",null,"Prabhu Subaramanian","LES","psubramania4@lenovo.com",null,"2025-11-05","09:42:00","13.0290304,80.1942957","Challenger Computer Pvt Ltd",{"$nulls":3},"T3",null,"South2",null,"T-27533","Chennai","Tamil Nadu","Denave",null,"Yes","Face to Face","82R4011PIN",1,"Lenovo","IdeaPad","IdeaPad 1 15ALC7","AMD Ryzenâ„¢ 5 5500U , Integrated AMD Radeonâ„¢ Graphics, 8GB , 512 GB SSD, 15.6\" FHD (1920x1080) IPS 250nits Anti-glare, 1.61 kg, C","Win 11","Thin & Light","Mainstream","AMD Ryzenâ„¢ 5 5500U","Consumer",35259,null,"NB",35259,"South2",41605.619999999995,"",null,"South2","Mainstream","Entry"]
[21368138,"Prasannaraj P","prasannaraj.p@v5global.co.in",9092045806,"V5 Global","Chennai","V5335880","Tamil Nadu","Tamil Nadu",null,"V5 Global",null,null,"Prabhakaran A","prabhakaran@v5global.co.in",null,"South2",null,"External Consumer","ASO","V5 Global ASO",null,"FT",null,"ASO","LES","Sridhar Ethirajulu","S.Arunbabu",null,"Prabhu Subaramanian","Sharad verma","arun.babu@v5global.co.in","arun.babu@v5global.co.in","sethirajulu1@lenovo.com","psubramania4@lenovo.com","sharverm@lenovo.com","ASO","Shilpi Gautam","sgautam2@lenovo.com",null,"Prabhu Subaramanian","LES","psubramania4@lenovo.com",null,"2025-11-05","09:43:00","13.0290326,80.1943018","Challenger Computer",{"$nulls":3},"T3",null,"South2",null,"T-21846","Chennai","Tamil Nadu","V5 Global",null,"Yes","Face to Face","82X700HMIN",1,"Lenovo","IdeaPad Slim 3","Slim 3","15.6\", 8GB, 512GB, Integrated Intel UHD Graphics, Office Home 2024, Arctic Grey\t","Win 11","Thin & Light","Mainstream","Intel Core i3-1315U\t","Consumer",41000,null,"NB",41000,"South2",48380,"",null,"South2","Mainstream","Entry"]
[21368140,"Prasannaraj P","prasannaraj.p@v5global.co.in",9092045806,"V5 Global","Chennai","V5335880","Tamil Nadu","Tamil Nadu",null,"V5 Global",null,null,"Prabhakaran A","prabhakaran@v5global.co.in",null,"South2",null,"External Consumer","ASO","V5 Global ASO",null,"FT",null,"ASO","LES","Sridhar Ethirajulu","S.Arunbabu",null,"Prabhu Subaramanian","Sharad verma","arun.babu@v5global.co.in","arun.babu@v5global.co.in","sethirajulu1@lenovo.com","psubramania4@lenovo.com","sharverm@lenovo.com","ASO","Shilpi Gautam","sgautam2@lenovo.com",null,"Prabhu Subaramanian","LES","psubramania4@lenovo.com",null,"2025-11-05","09:43:00","13.029033,80.1943018","COMPUTER GALAXY",{"$nulls":3},"T3",null,"South2",null,"T-9991","Chennai","Tamil Nadu","V5 Global",null,"Yes","Face to Face","82R4011PIN",1,"Lenovo","IdeaPad","IdeaPad 1 15ALC7","AMD Ryzenâ„¢ 5 5500U , Integrated AMD Radeonâ„¢ Graphics, 8GB , 512 GB SSD, 15.6\" FHD (1920x1080) IPS 250nits Anti-glare, 1.61 kg, C","Win 11","Thin & Light","Mainstream","AMD Ryzenâ„¢ 5 5500U","Consumer",35259,null,"NB",35259,"South2",41605.619999999995,"",null,"South2","Mainstream","Entry"]
[21368140,"Prasannaraj P","prasannaraj.p@v5global.co.in",9092045806,"V5 Global","Chennai","V5335880","Tamil Nadu","Tamil Nadu",null,"V5 Global",null,null,"Prabhakaran A","prabhakaran@v5global.co.in",null,"South2",null,"External Consumer","ASO","V5 Global ASO",null,"FT",null,"ASO","LES","Sridhar Ethirajulu","S.Arunbabu",null,"Prabhu Subaramanian","Sharad verma","arun.babu@v5global.co.in","arun.babu@v5global.co.in","sethirajulu1@lenovo.com","psubramania4@lenovo.com","sharverm@lenovo.com","ASO","Shilpi Gautam","sgautam2@lenovo.com",null,"Prabhu Subaramanian","LES","psubramania4@lenovo.com",null,"2025-11-05","09:43:00","13.029033,80.1943018","COMPUTER GALAXY",{"$nulls":3},"T3",null,"South2",null,"T-9991","Chennai","Tamil Nadu","V5 Global",null,"Yes","Face to Face","67D5KAC6IN",2,"Lenovo","L22-4E","L Series","LEN L22-4E 21.5 IPS  BLACK 100HZ","NA","Visual Variants","Mainstream","NA","Visuals",5331,null,null,10662,"South2",6290.58,"",null,"South2","Mainstream","Mainstream"]
[21368160,"Prasannaraj P","prasannaraj.p@v5global.co.in",9092045806,"V5 Global","Chennai","V5335880","Tamil Nadu","Tamil Nadu",null,"V5 Global",null,null,"Prabhakaran A","prabhakaran@v5global.co.in",null,"South2",null,"External Consumer","ASO","V5 Global ASO",null,"FT",null,"ASO","LES","Sridhar Ethirajulu","S.Arunbabu",null,"Prabhu Subaramanian","Sharad verma","arun.babu@v5global.co.in","arun.babu@v5global.co.in","sethirajulu1@lenovo.com","psubramania4@lenovo.com","sharverm@lenovo.com","ASO","Shilpi Gautam","sgautam2@lenovo.com",null,"Prabhu Subaramanian","LES","psubramania4@lenovo.com",null,"2025-11-05","09:45:00","13.0290245,80.1943009","ABHINAV COMPUTERS",{"$nulls":3},"T3",null,"South2",null,"T-8939","Chennai","Tamil Nadu","V5 Global",null,"Yes","Face to Face","82X700HMIN",1,"Lenovo","IdeaPad Slim 3","Slim 3","15.6\", 8GB, 512GB, Integrated Intel UHD Graphics, Office Home 2024, Arctic Grey\t","Win 11","Thin & Light","Mainstream","Intel Core i3-1315U\t","Consumer",41000,null,"NB",41000,"South2",48380,"",null,"South2","Mainstream","Entry"]
[21368160,"Prasannaraj P","prasannaraj.p@v5global.co.in",9092045806,"V5 Global","Chennai","V5335880","Tamil Nadu","Tamil Nadu",null,"V5 Global",null,null,"Prabhakaran A","prabhakaran@v5global.co.in",null,"South2",null,"External Consumer","ASO","V5 Global ASO",null,"FT",null,"ASO","LES","Sridhar Ethirajulu","S.Arunbabu",null,"Prabhu Subaramanian","Sharad verma","arun.babu@v5global.co.in","arun.babu@v5global.co.in","sethirajulu1@lenovo.com","psubramania4@lenovo.com","sharverm@lenovo.com","ASO","Shilpi Gautam","sgautam2@lenovo.com",null,"Prabhu Subaramanian","LES","psubramania4@lenovo.com",null,"2025-11-05","09:45:00","13.0290245,80.1943009","ABHINAV COMPUTERS",{"$nulls":3},"T3",null,"South2",null,"T-8939","Chennai","Tamil Nadu","V5 Global",null,"Yes","Face to Face","67D5KAC6IN",2,"Lenovo","L22-4E","L Series","LEN L22-4E 21.5 IPS  BLACK 100HZ","NA","Visual Variants","Mainstream","NA","Visuals",5331,null,null,10662,"South2",6290.58,"",null,"South2","Mainstream","Mainstream"]
[21368160,"Prasannaraj P","prasannaraj.p@v5global.co.in",9092045806,"V5 Global","Chennai","V5335880","Tamil Nadu","Tamil Nadu",null,"V5 Global",null,null,"Prabhakaran A","prabhakaran@v5global.co.in",null,"South2",null,"External Consumer","ASO","V5 Global ASO",null,"FT",null,"ASO","LES","Sridhar Ethirajulu","S.Arunbabu",null,"Prabhu Subaramanian","Sharad verma","arun.babu@v5global.co.in","arun.babu@v5global.co.in","sethirajulu1@lenovo.com","psubramania4@lenovo.com","sharverm@lenovo.com","ASO","Shilpi Gautam","sgautam2@lenovo.com",null,"Prabhu Subaramanian","LES","psubramania4@lenovo.com",null,"2025-11-05","09:45:00","13.0290245,80.1943009","ABHINAV COMPUTERS",{"$nulls":3},"T3",null,"South2",null,"T-8939","Chennai","Tamil Nadu","V5 Global",null,"Yes","Face to Face","GX31L52655",20,"Lenovo","Wired Combo","Input","Lenovo 160 Wired Combo","NA","Accessories","NA","NA","Accessories",999,null,null,19980,"South2",1178.82,"",null,"South2","NA","NA"]
[21368167,"Prasannaraj P","prasannaraj.p@v5global.co.in",9092045806,"V5 Global","Chennai","V5335880","Tamil Nadu","Tamil Nadu",null,"V5 Global",null,null,"Prabhakaran A","prabhakaran@v5global.co.in",null,"South2",null,"External Consumer","ASO","V5 Global ASO",null,"FT",null,"ASO","LES","Sridhar Ethirajulu","S.Arunbabu",null,"Prabhu Subaramanian","Sharad verma","arun.babu@v5global.co.in","arun.babu@v5global.co.in","sethirajulu1@lenovo.com","psubramania4@lenovo.com","sharverm@lenovo.com","ASO","Shilpi Gautam","sgautam2@lenovo.com",null,"Prabhu Subaramanian","LES","psubramania4@lenovo.com",null,"2025-11-05","09:46:00","13.0290293,80.1943026","ALDI COMPUTERS",{"$nulls":3},"T3","33AGOPV4939M2ZH","South2",null,"T-10213","Chennai","Tamil Nadu","V5 Global",null,"Yes","Face to Face","82X700HMIN",1,"Lenovo","IdeaPad Slim 3","Slim 3","15.6\", 8GB, 512GB, Integrated Intel UHD Graphics, Office Home 2024, Arctic Grey\t","Win 11","Thin & Light","Mainstream","Intel Core i3-1315U\t","Consumer",41000,null,"NB",41000,"South2",48380,"",null,"South2","Mainstream","Entry"]
[21368174,"Prasannaraj P","prasannaraj.p@v5global.co.in",9092045806,"V5 Global","Chennai","V5335880","Tamil Nadu","Tamil Nadu",null,"V5 Global",null,null,"Prabhakaran A","prabhakaran@v5global.co.in",null,"South2",null,"External Consumer","ASO","V5 Global ASO",null,"FT",null,"ASO","LES","Sridhar Ethirajulu","S.Arunbabu",null,"Prabhu Subaramanian","Sharad verma","arun.babu@v5global.co.in","arun.babu@v5global.co.in","sethirajulu1@lenovo.com","psubramania4@lenovo.com","sharverm@lenovo.com","ASO","Shilpi Gautam","sgautam2@lenovo.com",null,"Prabhu Subaramanian","LES","psubramania4@lenovo.com",null,"2025-11-05","09:46:00","13.0290318,80.1942918","E-Corner (Anna Nagar)",{"$nulls":3},"T3",null,"South2",null,"T-19369","Chennai","Tamil Nadu",null,null,"Yes","Face to Face","82X700HMIN",1,"Lenovo","IdeaPad Slim 3","Slim 3","15.6\", 8GB, 512GB, Integrated Intel UHD Graphics, Office Home 2024, Arctic Grey\t","Win 11","Thin & Light","Mainstream","Intel Core i3-1315U\t","Consumer",41000,null,"NB",41000,"South2",48380,"",null,"South2","Mainstream","Entry"]
[21368178,"Prasannaraj P","prasannaraj.p@v5global.co.in",9092045806,"V5 Global","Chennai","V5335880","Tamil Nadu","Tamil Nadu",null,"V5 Global",null,null,"Prabhakaran A","prabhakaran@v5global.co.in",null,"South2",null,"External Consumer","ASO","V5 Global ASO",null,"FT",null,"ASO","LES","Sridhar Ethirajulu","S.Arunbabu",null,"Prabhu Subaramanian","Sharad verma","arun.babu@v5global.co.in","arun.babu@v5global.co.in","sethirajulu1@lenovo.com","psubramania4@lenovo.com","sharverm@lenovo.com","ASO","Shilpi Gautam","sgautam2@lenovo.com",null,"Prabhu Subaramanian","LES","psubramania4@lenovo.com",null,"2025-11-05","09:46:00","13.0290343,80.1942994","EMERAALD INFO SYSTEMS",{"$nulls":3},"T3",null,"South2",null,"T-9178","Chennai","Tamil Nadu","V5 Global",null,"Yes","Face to Face","82X700HMIN",1,"Lenovo","IdeaPad Slim 3","Slim 3","15.6\", 8GB, 512GB, Integrated Intel UHD Graphics, Office Home 2024, Arctic Grey\t","Win 11","Thin & Light","Mainstream","Intel Core i3-1315U\t","Consumer",41000,null,"NB",41000,"South2",48380,"",null,"South2","Mainstream","Entry"]
[21368179,"Prasannaraj P","prasannaraj.p@v5global.co.in",9092045806,"V5 Global","Chennai","V5335880","Tamil Nadu","Tamil Nadu",null,"V5 Global",null,null,"Prabhakaran A","prabhakaran@v5global.co.in",null,"South2",null,"External Consumer","ASO","V5 Global ASO",null,"FT",null,"ASO","LES","Sridhar Ethirajulu","S.Arunbabu",null,"Prabhu Subaramanian","Sharad verma","arun.babu@v5global.co.in","arun.babu@v5global.co.in","sethirajulu1@lenovo.com","psubramania4@lenovo.com","sharverm@lenovo.com","ASO","Shilpi Gautam","sgautam2@lenovo.com",null,"Prabhu Subaramanian","LES","psubramania4@lenovo.com",null,"2025-11-05","09:47:00","13.0290304,80.1942998","INFINIZE CORPTECH PRIVATE LIMITED",{"$nulls":3},"T3",null,"South2",null,"T-10202","Chennai","Tamil Nadu","V5 Global",null,"Yes","Face to Face","82X700HMIN",1,"Lenovo","IdeaPad Slim 3","Slim 3","15.6\", 8GB, 512GB, Integrated Intel UHD Graphics, Office Home 2024, Arctic Grey\t","Win 11","Thin & Light","Mainstream","Intel Core i3-1315U\t","Consumer",41000,null,"NB",41000,"South2",48380,"",null,"South2","Mainstream","Entry"]
[21368181,"Prasannaraj P","prasannaraj.p@v5global.co.in",9092045806,"V5 Global","Chennai","V5335880","Tamil Nadu","Tamil Nadu",null,"V5 Global",null,null,"Prabhakaran A","prabhakaran@v5global.co.in",null,"South2",null,"External Consumer","ASO","V5 Global ASO",null,"FT",null,"ASO","LES","Sridhar Ethirajulu","S.Arunbabu",null,"Prabhu Subaramanian","Sharad verma","arun.babu@v5global.co.in","arun.babu@v5global.co.in","sethirajulu1@lenovo.com","psubramania4@lenovo.com","sharverm@lenovo.com","ASO","Shilpi Gautam","sgautam2@lenovo.com",null,"Prabhu Subaramanian","LES","psubramania4@lenovo.com",null,"2025-11-05","09:47:00","13.0290282,80.1942991","MAX SYSTEMS",{"$nulls":3},"T3",null,"South2",null,"T-22090","Chennai","Tamil Nadu","V5 Global",null,"Yes","Face to Face","82X700HMIN",1,"Lenovo","IdeaPad Slim 3","Slim 3","15.6\", 8GB, 512GB, Integrated Intel UHD Graphics, Office Home 2024, Arctic Grey\t","Win 11","Thin & Light","Mainstream","Intel Core i3-1315U\t","Consumer",41000,null,"NB",41000,"South2",48380,"",null,"South2","Mainstream","Entry"]
[21368182,"Prasannaraj P","prasannaraj.p@v5global.co.in",9092045806,"V5 Global","Chennai","V5335880","Tamil Nadu","Tamil Nadu",null,"V5 Global",null,null,"Prabhakaran A","prabhakaran@v5global.co.in",null,"South2",null,"External Consumer","ASO","V5 Global ASO",null,"FT",null,"ASO","LES","Sridhar Ethirajulu","S.Arunbabu",null,"Prabhu Subaramanian","Sharad verma","arun.babu@v5global.co.in","arun.babu@v5global.co.in","sethirajulu1@lenovo.com","psubramania4@lenovo.com","sharverm@lenovo.com","ASO","Shilpi Gautam","sgautam2@lenovo.com",null,"Prabhu Subaramanian","LES","psubramania4@lenovo.com",null,"2025-11-05","09:47:00","13.0290277,80.1942947","RAYYAAN INFOSERVE",{"$nulls":3},"T3","33AEAPN0887L1ZB","South2",null,"T-19045","Chennai","Tamil Nadu","V5 Global",null,"Yes","Face to Face","82X700HMIN",1,"Lenovo","IdeaPad Slim 3","Slim 3","15.6\", 8GB, 512GB, Integrated Intel UHD Graphics, Office Home 2024, Arctic Grey\t","Win 11","Thin & Light","Mainstream","Intel Core i3-1315U\t","Consumer",41000,null,"NB",41000,"South2",48380,"",null,"South2","Mainstream","Entry"]
[21368184,"Prasannaraj P","prasannaraj.p@v5global.co.in",9092045806,"V5 Global","Chennai","V5335880","Tamil Nadu","Tamil Nadu",null,"V5 Global",null,null,"Prabhakaran A","prabhakaran@v5global.co.in",null,"South2",null,"External Consumer","ASO","V5 Global ASO",null,"FT",null,"ASO","LES","Sridhar Ethirajulu","S.Arunbabu",null,"Prabhu Subaramanian","Sharad verma","arun.babu@v5global.co.in","arun.babu@v5global.co.in","sethirajulu1@lenovo.com","psubramania4@lenovo.com","sharverm@lenovo.com","ASO","Shilpi Gautam","sgautam2@lenovo.com",null,"Prabhu Subaramanian","LES","psubramania4@lenovo.com",null,"2025-11-05","09:48:00","13.0290287,80.1943022","Virtual Infotech",{"$nulls":3},"T3",null,"South2",null,"T-19374","Chennai","Tamil Nadu","V5 Global",null,"Yes","Face to Face","82X700HMIN",1,"Lenovo","IdeaPad Slim 3","Slim 3","15.6\", 8GB, 512GB, Integrated Intel UHD Graphics, Office Home 2024, Arctic Grey\t","Win 11","Thin & Light","Mainstream","Intel Core i3-1315U\t","Consumer",41000,null,"NB",41000,"South2",48380,"",null,"South2","Mainstream","Entry"]
[21368190,"Prasannaraj P","prasannaraj.p@v5global.co.in",9092045806,"V5 Global","Chennai","V5335880","Tamil Nadu","Tamil Nadu",null,"V5 Global",null,null,"Prabhakaran A","prabhakaran@v5global.co.in",null,"South2",null,"External Consumer","ASO","V5 Global ASO",null,"FT",null,"ASO","LES","Sridhar Ethirajulu","S.Arunbabu",null,"Prabhu Subaramanian","Sharad verma","arun.babu@v5global.co.in","arun.babu@v5global.co.in","sethirajulu1@lenovo.com","psubramania4@lenovo.com","sharverm@lenovo.com","ASO","Shilpi Gautam","sgautam2@lenovo.com",null,"Prabhu Subaramanian","LES","psubramania4@lenovo.com",null,"2025-11-05","09:48:00","13.0290308,80.1942957","MAGTECH SECURITY SYSTEMS PVT LTD",{"$nulls":3},"T3",null,"South2",null,"T-9431","Chennai","Tamil Nadu",null,null,"Yes","Face to Face","82X700HMIN",1,"Lenovo","IdeaPad Slim 3","Slim 3","15.6\", 8GB, 512GB, Integrated Intel UHD Graphics, Office Home 2024, Arctic Grey\t","Win 11","Thin & Light","Mainstream","Intel Core i3-1315U\t","Consumer",41000,null,"NB",41000,"South2",48380,"",null,"South2","Mainstream","Entry"]
[21368198,"Prasannaraj P","prasannaraj.p@v5global.co.in",9092045806,"V5 Global","Chennai","V5335880","Tamil Nadu","Tamil Nadu",null,"V5 Global",null,null,"Prabhakaran A","prabhakaran@v5global.co.in",null,"South2",null,"External Consumer","ASO","V5 Global ASO",null,"FT",null,"ASO","LES","Sridhar Ethirajulu","S.Arunbabu",null,"Prabhu Subaramanian","Sharad verma","arun.babu@v5global.co.in","arun.babu@v5global.co.in","sethirajulu1@lenovo.com","psubramania4@lenovo.com","sharverm@lenovo.com","ASO","Shilpi Gautam","sgautam2@lenovo.com",null,"Prabhu Subaramanian","LES","psubramania4@lenovo.com",null,"2025-11-05","09:49:00","13.0290234,80.1943022","Galaxy Computer",{"$nulls":3},"T3",null,"South2",null,"T-9209","Chennai","Tamil Nadu",null,null,"Yes","Face to Face","82X700HMIN",2,"Lenovo","IdeaPad Slim 3","Slim 3","15.6\", 8GB, 512GB, Integrated Intel UHD Graphics, Office Home 2024, Arctic Grey\t","Win 11","Thin & Light","Mainstream","Intel Core i3-1315U\t","Consumer",41000,null,"NB",82000,"South2",48380,"",null,"South2","Mainstream","Entry"]
[21368204,"Prasannaraj P","prasannaraj.p@v5global.co.in",9092045806,"V5 Global","Chennai","V5335880","Tamil Nadu","Tamil Nadu",null,"V5 Global",null,null,"Prabhakaran A","prabhakaran@v5global.co.in",null,"South2",null,"External Consumer","ASO","V5 Global ASO",null,"FT",null,"ASO","LES","Sridhar Ethirajulu","S.Arunbabu",null,"Prabhu Subaramanian","Sharad verma","arun.babu@v5global.co.in","arun.babu@v5global.co.in","sethirajulu1@lenovo.com","psubramania4@lenovo.com","sharverm@lenovo.com","ASO","Shilpi Gautam","sgautam2@lenovo.com",null,"Prabhu Subaramanian","LES","psubramania4@lenovo.com",null,"2025-11-05","09:50:00","13.0290234,80.194303","DELTA PERIPHERALS",{"$nulls":3},"T3",null,"South2",null,"T-9142","Chennai","Tamil Nadu","V5 Global",null,"Yes","Face to Face","90XS005JIN",1,"Lenovo","IdeaCentre","IdeaCentre","i3 14100 14th Gen Processor,8Gb Ram ddr5,512Ssd,Windows 11,Wifi,BT, Usb calliope Black, keybord,mouse\t","Win 11","TDT","Mainstream","I3 14100","Consumer",25747,null,"TDT",25747,"South2",30381.46,"",null,"South2","Entry","Entry"]
[21368222,"Prasannaraj P","prasannaraj.p@v5global.co.in",9092045806,"V5 Global","Chennai","V5335880","Tamil Nadu","Tamil Nadu",null,"V5 Global",null,null,"Prabhakaran A","prabhakaran@v5global.co.in",null,"South2",null,"External Consumer","ASO","V5 Global ASO",null,"FT",null,"ASO","LES","Sridhar Ethirajulu","S.Arunbabu",null,"Prabhu Subaramanian","Sharad verma","arun.babu@v5global.co.in","arun.babu@v5global.co.in","sethirajulu1@lenovo.com","psubramania4@lenovo.com","sharverm@lenovo.com","ASO","Shilpi Gautam","sgautam2@lenovo.com",null,"Prabhu Subaramanian","LES","psubramania4@lenovo.com",null,"2025-11-05","09:51:00","13.0290287,80.1942979","GETS INFOTECK",{"$nulls":3},"T3",null,"South2",null,"T-9223","Chennai","Tamil Nadu","V5 Global",null,"Yes","Face to Face","90XW005UIN",1,"Lenovo","IdeaCentre","IdeaCentre 08IRH9","8GB RAM/512 GB SSD/Integrated Graphics/WINDOWS 11","Win 11","TDT","Entry","CORE I5","Consumer",32619,null,"TDT",{"$f":"BV131*BL131","v":32619},{"$f":"Q131","v":"South2"},{"$f":"BV131*118%","v":38490.42},{"$f":"IF(CF131=\"Premium\",IF(CA131>=65000,\"SP\",\"\"),\"\")","v":""},null,"South2",{"$f":"IF(BU131=\"Consumer\",IF(CA131<40000,\"Entry\",IF(AND(CA131>=40000,CA131<65000),\"Mainstream\",\"Premium\")),IF(BU131=\"Visuals\",BS131,\"NA\"))","v":"Entry"},"Mainstream"]
[21368222,"Prasannaraj P","prasannaraj.p@v5global.co.in",9092045806,"V5 Global","Chennai","V5335880","Tamil Nadu","Tamil Nadu",null,"V5 Global",null,null,"Prabhakaran A","prabhakaran@v5global.co.in",null,"South2",null,"External Consumer","ASO","V5 Global ASO",null,"FT",null,"ASO","LES","Sridhar Ethirajulu","S.Arunbabu",null,"Prabhu Subaramanian","Sharad verma","arun.babu@v5global.co.in","arun.babu@v5global.co.in","sethirajulu1@lenovo.com","psubramania4@lenovo.com","sharverm@lenovo.com","ASO","Shilpi Gautam","sgautam2@lenovo.com",null,"Prabhu Subaramanian","LES","psubramania4@lenovo.com",null,"2025-11-05","09:51:00","13.0290287,80.1942979","GETS INFOTECK",{"$nulls":3},"T3",null,"South2",null,"T-9223","Chennai","Tamil Nadu","V5 Global",null,"Yes","Face to Face","67D5KAC6IN",2,"Lenovo","L22-4E","L Series","LEN L22-4E 21.5 IPS  BLACK 100HZ","NA","Visual Variants","Mainstream","NA","Visuals",5331,null,null,10662,"South2",6290.58,"",null,"South2","Mainstream","Mainstream"]
[21368229,"Prasannaraj P","prasannaraj.p@v5global.co.in",9092045806,"V5 Global","Chennai","V5335880","Tamil Nadu","Tamil Nadu",null,"V5 Global",null,null,"Prabhakaran A","prabhakaran@v5global.co.in",null,"South2",null,"External Consumer","ASO","V5 Global ASO",null,"FT",null,"ASO","LES","Sridhar Ethirajulu","S.Arunbabu",null,"Prabhu Subaramanian","Sharad verma","arun.babu@v5global.co.in","arun.babu@v5global.co.in","sethirajulu1@lenovo.com","psubramania4@lenovo.com","sharverm@lenovo.com","ASO","Shilpi Gautam","sgautam2@lenovo.com",null,"Prabhu Subaramanian","LES","psubramania4@lenovo.com",null,"2025-11-05","09:52:00","13.0290324,80.1942941","Links Technologies",{"$nulls":3},"T3",null,"South2",null,"T-27567","Chennai","Tamil Nadu","Denave",null,"Yes","Face to Face","90XS005JIN",1,"Lenovo","IdeaCentre","IdeaCentre","i3 14100 14th Gen Processor,8Gb Ram ddr5,512Ssd,Windows 11,Wifi,BT, Usb calliope Black, keybord,mouse\t","Win 11","TDT","Mainstream","I3 14100","Consumer",25747,null,"TDT",25747,"South2",30381.46,"",null,"South2","Entry","Entry"]
[21368237,"Prasannaraj P","prasannaraj.p@v5global.co.in",9092045806,"V5 Global","Chennai","V5335880","Tamil Nadu","Tamil Nadu",null,"V5 Global",null,null,"Prabhakaran A","prabhakaran@v5global.co.in",null,"South2",null,"External Consumer","ASO","V5 Global ASO",null,"FT",null,"ASO","LES","Sridhar Ethirajulu","S.Arunbabu",null,"Prabhu Subaramanian","Sharad verma","arun.babu@v5global.co.in","arun.babu@v5global.co.in","sethirajulu1@lenovo.com","psubramania4@lenovo.com","sharverm@lenovo.com","ASO","Shilpi Gautam","sgautam2@lenovo.com",null,"Prabhu Subaramanian","LES","psubramania4@lenovo.com",null,"2025-11-05","09:52:00","13.029028,80.1943039","Milinam Computer",{"$nulls":3},"T3",null,"South2",null,"T-9483","Chennai","Tamil Nadu",null,null,"Yes","Face to Face","F0HN003WIN",2,"Lenovo","IdeaCentre","IdeaCentre AIO 24IRH9","DT IC AIO 24IRH9 I513420H 512G 16G","Win 11","AIO","Mainstream","i5 13420H","Consumer",61990,null,"AIO",123980,"South2",73148.2,"",null,"South2","Premium","Mainstream"]
[21368237,"Prasannaraj P","prasannaraj.p@v5global.co.in",9092045806,"V5 Global","Chennai","V5335880","Tamil Nadu","Tamil Nadu",null,"V5 Global",null,null,"Prabhakaran A","prabhakaran@v5global.co.in",null,"South2",null,"External Consumer","ASO","V5 Global ASO",null,"FT",null,"ASO","LES","Sridhar Ethirajulu","S.Arunbabu",null,"Prabhu Subaramanian","Sharad verma","arun.babu@v5global.co.in","arun.babu@v5global.co.in","sethirajulu1@lenovo.com","psubramania4@lenovo.com","sharverm@lenovo.com","ASO","Shilpi Gautam","sgautam2@lenovo.com",null,"Prabhu Subaramanian","LES","psubramania4@lenovo.com",null,"2025-11-05","09:52:00","13.029028,80.1943039","Milinam Computer",{"$nulls":3},"T3",null,"South2",null,"T-9483","Chennai","Tamil Nadu",null,null,"Yes","Face to Face","67D5KAC6IN",2,"Lenovo","L22-4E","L Series","LEN L22-4E 21.5 IPS  BLACK 100HZ","NA","Visual Variants","Mainstream","NA","Visuals",5331,null,null,10662,"South2",6290.58,"",null,"South2","Mainstream","Mainstream"]
[21368241,"Prasannaraj P","prasannaraj.p@v5global.co.in",9092045806,"V5 Global","Chennai","V5335880","Tamil Nadu","Tamil Nadu",null,"V5 Global",null,null,"Prabhakaran A","prabhakaran@v5global.co.in",null,"South2",null,"External Consumer","ASO","V5 Global ASO",null,"FT",null,"ASO","LES","Sridhar Ethirajulu","S.Arunbabu",null,"Prabhu Subaramanian","Sharad verma","arun.babu@v5global.co.in","arun.babu@v5global.co.in","sethirajulu1@lenovo.com","psubramania4@lenovo.com","sharverm@lenovo.com","ASO","Shilpi Gautam","sgautam2@lenovo.com",null,"Prabhu Subaramanian","LES","psubramania4@lenovo.com",null,"2025-11-05","09:53:00","13.0290278,80.1943002","Nexus India Info Systems",{"$nulls":3},"T3",null,"South2",null,"T-18631","Chennai","Tamil Nadu",null,null,"Yes","Face to Face","83K100CAIN",1,"Lenovo","Ideapad","Slim 3","NB IP Slim 3 15IRH10 I5 8G 512G 11S","Win 11","Thin & Light","Premium","i5 13420H/8GB/512GB SSD","Consumer",56251,null,"NB",56251,"South2",66376.18,"",null,"South2","Premium","Mainstream"]
[21368261,"Prasannaraj P","prasannaraj.p@v5global.co.in",9092045806,"V5 Global","Chennai","V5335880","Tamil Nadu","Tamil Nadu",null,"V5 Global",null,null,"Prabhakaran A","prabhakaran@v5global.co.in",null,"South2",null,"External Consumer","ASO","V5 Global ASO",null,"FT",null,"ASO","LES","Sridhar Ethirajulu","S.Arunbabu",null,"Prabhu Subaramanian","Sharad verma","arun.babu@v5global.co.in","arun.babu@v5global.co.in","sethirajulu1@lenovo.com","psubramania4@lenovo.com","sharverm@lenovo.com","ASO","Shilpi Gautam","sgautam2@lenovo.com",null,"Prabhu Subaramanian","LES","psubramania4@lenovo.com",null,"2025-11-05","09:55:00","13.0290235,80.1942992","Ks Enterprises",{"$nulls":3},"T3",null,"South2",null,"T-100521","Chennai","Tamil Nadu","V5 Global",null,"Yes","Face to Face","83LK009VIN",1,"Lenovo","LOQ","LOQ-15AX9E","i5-12450HX-RTX3050A-W11-O24-15.6","Win 11","Gaming","Premium","i5-12450HX","Consumer",85290,null,"NB",85290,"South2",100642.2,"SP","Gaming","South2","Premium","Premium"]
[21368267,"Prasannaraj P","prasannaraj.p@v5global.co.in",9092045806,"V5 Global","Chennai","V5335880","Tamil Nadu","Tamil Nadu",null,"V5 Global",null,null,"Prabhakaran A","prabhakaran@v5global.co.in",null,"South2",null,"External Consumer","ASO","V5 Global ASO",null,"FT",null,"ASO","LES","Sridhar Ethirajulu","S.Arunbabu",null,"Prabhu Subaramanian","Sharad verma","arun.babu@v5global.co.in","arun.babu@v5global.co.in","sethirajulu1@lenovo.com","psubramania4@lenovo.com","sharverm@lenovo.com","ASO","Shilpi Gautam","sgautam2@lenovo.com",null,"Prabhu Subaramanian","LES","psubramania4@lenovo.com",null,"2025-11-05","09:55:00","13.0290247,80.1942934","Oasis India A Network Pvt Ltd",{"$nulls":3},"T3","33AAGCB1101L2Z6","South2",null,"T-20810","Chennai","Tamil Nadu","Denave",null,"Yes","Face to Face","F0HR009BIN",1,"Lenovo","IdeaCentre","AIO","DT IC AIO 24ARR9 A57535HS 512G 8G","Win 11","TDT","Mainstream","R7 7735HS","Consumer",42990,null,"TDT",42990,"South2",50728.2,"",null,"South2","Mainstream","Mainstream"]
[21368271,"Prasannaraj P","prasannaraj.p@v5global.co.in",9092045806,"V5 Global","Chennai","V5335880","Tamil Nadu","Tamil Nadu",null,"V5 Global",null,null,"Prabhakaran A","prabhakaran@v5global.co.in",null,"South2",null,"External Consumer","ASO","V5 Global ASO",null,"FT",null,"ASO","LES","Sridhar Ethirajulu","S.Arunbabu",null,"Prabhu Subaramanian","Sharad verma","arun.babu@v5global.co.in","arun.babu@v5global.co.in","sethirajulu1@lenovo.com","psubramania4@lenovo.com","sharverm@lenovo.com","ASO","Shilpi Gautam","sgautam2@lenovo.com",null,"Prabhu Subaramanian","LES","psubramania4@lenovo.com",null,"2025-11-05","09:56:00","13.0290271,80.194297","OMEGA COMPUTRONIX",{"$nulls":3},"T3",null,"South2",null,"T-9566","Chennai","Tamil Nadu","V5 Global",null,"Yes","Face to Face","83GS00PJIN",1,"Lenovo","LOQ","LOQ 15IAX9","15.6,16GB,521SSD,RTX3050 6GB,2024 MSO,LUNA GREE","Win 11","Gaming","Premium","Core i5-12450HX","Consumer",75864,null,"NB",75864,"South2",89519.51999999999,"SP","Gaming","South2","Premium","Premium"]
[21368282,"Prasannaraj P","prasannaraj.p@v5global.co.in",9092045806,"V5 Global","Chennai","V5335880","Tamil Nadu","Tamil Nadu",null,"V5 Global",null,null,"Prabhakaran A","prabhakaran@v5global.co.in",null,"South2",null,"External Consumer","ASO","V5 Global ASO",null,"FT",null,"ASO","LES","Sridhar Ethirajulu","S.Arunbabu",null,"Prabhu Subaramanian","Sharad verma","arun.babu@v5global.co.in","arun.babu@v5global.co.in","sethirajulu1@lenovo.com","psubramania4@lenovo.com","sharverm@lenovo.com","ASO","Shilpi Gautam","sgautam2@lenovo.com",null,"Prabhu Subaramanian","LES","psubramania4@lenovo.com",null,"2025-11-05","09:56:00","13.0290281,80.1942967","SHAFI COMPUTERS",{"$nulls":3},"T3",null,"South2",null,"T-9762","Chennai","Tamil Nadu",null,null,"Yes","Face to Face","83DJ00FVIN",1,"Lenovo","Yoga 7","2 in 1","14 inch touch convertible","Win 11","Convertible","Premium","Core Ultra 5 125H","Consumer",89900,null,"NB",89900,"South2",106082,"SP","Non-Gaming","South2","Premium","Premium"]
[21368295,"Prasannaraj P","prasannaraj.p@v5global.co.in",9092045806,"V5 Global","Chennai","V5335880","Tamil Nadu","Tamil Nadu",null,"V5 Global",null,null,"Prabhakaran A","prabhakaran@v5global.co.in",null,"South2",null,"External Consumer","ASO","V5 Global ASO",null,"FT",null,"ASO","LES","Sridhar Ethirajulu","S.Arunbabu",null,"Prabhu Subaramanian","Sharad verma","arun.babu@v5global.co.in","arun.babu@v5global.co.in","sethirajulu1@lenovo.com","psubramania4@lenovo.com","sharverm@lenovo.com","ASO","Shilpi Gautam","sgautam2@lenovo.com",null,"Prabhu Subaramanian","LES","psubramania4@lenovo.com",null,"2025-11-05","09:57:00","13.0290247,80.1943033","SHANKESHWARA INFOTECH",{"$nulls":3},"T3",null,"South2",null,"T-10124","Chennai","Tamil Nadu","V5 Global",null,"Yes","Face to Face","F0J6005FIN",1,"Lenovo","AIO","Lenovo A100","23.8\" FHD/8GB RAM/512 SSD/Integrated Graphics/MSO 2024/White","Win 11","AIO","Entry","Intel N100","Consumer",32000,null,"AIO",32000,"South2",37760,"",null,"South2","Entry","Entry"]
[21368295,"Prasannaraj P","prasannaraj.p@v5global.co.in",9092045806,"V5 Global","Chennai","V5335880","Tamil Nadu","Tamil Nadu",null,"V5 Global",null,null,"Prabhakaran A","prabhakaran@v5global.co.in",null,"South2",null,"External Consumer","ASO","V5 Global ASO",null,"FT",null,"ASO","LES","Sridhar Ethirajulu","S.Arunbabu",null,"Prabhu Subaramanian","Sharad verma","arun.babu@v5global.co.in","arun.babu@v5global.co.in","sethirajulu1@lenovo.com","psubramania4@lenovo.com","sharverm@lenovo.com","ASO","Shilpi Gautam","sgautam2@lenovo.com",null,"Prabhu Subaramanian","LES","psubramania4@lenovo.com",null,"2025-11-05","09:57:00","13.0290247,80.1943033","SHANKESHWARA INFOTECH",{"$nulls":3},"T3",null,"South2",null,"T-10124","Chennai","Tamil Nadu","V5 Global",null,"Yes","Face to Face","82XM0118IN",1,"Lenovo","Ideapad","Slim 3","15.6\" FHD (1920x1080)/16 GB/ 512 GB SSD/Integrated AMD Graphics/Office Home 2024/Arctic Grey","Win 11","Thin & Light","Mainstream","AMD Ryzen 5 5625U","Consumer",44000,null,"NB",44000,"South2",51920,"",null,"South2","Mainstream","Mainstream"]
[21368303,"Prasannaraj P","prasannaraj.p@v5global.co.in",9092045806,"V5 Global","Chennai","V5335880","Tamil Nadu","Tamil Nadu",null,"V5 Global",null,null,"Prabhakaran A","prabhakaran@v5global.co.in",null,"South2",null,"External Consumer","ASO","V5 Global ASO",null,"FT",null,"ASO","LES","Sridhar Ethirajulu","S.Arunbabu",null,"Prabhu Subaramanian","Sharad verma","arun.babu@v5global.co.in","arun.babu@v5global.co.in","sethirajulu1@lenovo.com","psubramania4@lenovo.com","sharverm@lenovo.com","ASO","Shilpi Gautam","sgautam2@lenovo.com",null,"Prabhu Subaramanian","LES","psubramania4@lenovo.com",null,"2025-11-05","09:58:00","13.0290238,80.1943013","RUDRA COMPUTERS",{"$nulls":3},"T3",null,"South2",null,"T-9698","Chennai","Tamil Nadu",null,null,"Yes","Face to Face","F0HM003CIN",2,"Lenovo","IdeaCentre","IdeaCentre AIO 27IRH9","DT IC AIO 27IRH9 I513420H 1T 16G","Win 11","AIO","Premium","i5 13420H","Consumer",69990,null,"AIO",139980,"South2",82588.2,"SP","Non-Gaming","South2","Premium","Premium"]
[21368315,"Prasannaraj P","prasannaraj.p@v5global.co.in",9092045806,"V5 Global","Chennai","V5335880","Tamil Nadu","Tamil Nadu",null,"V5 Global",null,null,"Prabhakaran A","prabhakaran@v5global.co.in",null,"South2",null,"External Consumer","ASO","V5 Global ASO",null,"FT",null,"ASO","LES","Sridhar Ethirajulu","S.Arunbabu",null,"Prabhu Subaramanian","Sharad verma","arun.babu@v5global.co.in","arun.babu@v5global.co.in","sethirajulu1@lenovo.com","psubramania4@lenovo.com","sharverm@lenovo.com","ASO","Shilpi Gautam","sgautam2@lenovo.com",null,"Prabhu Subaramanian","LES","psubramania4@lenovo.com",null,"2025-11-05","09:59:00","13.0290312,80.194297","Sri Balaji Enterprises (T.Nagar)","Chennai","Tamil Nadu",null,"T3","33AAVPS9426R1ZG","South2",null,"T-18640",null,null,"V5 Global",null,"Yes","Face to Face","F0HM003EIN",1,"Lenovo","IdeaCentre","IdeaCentre AIO 27IRH9","DT IC AIO 27IRH9 I713620H 1T 16G","Win 11","AIO","Premium","i7 13620H","Consumer",79990,null,"AIO",79990,"South2",94388.2,"SP","Non-Gaming","South2","Premium","Premium"]
[21368463,"Prasannaraj P","prasannaraj.p@v5global.co.in",9092045806,"V5 Global","Chennai","V5335880","Tamil Nadu","Tamil Nadu",null,"V5 Global",null,null,"Prabhakaran A","prabhakaran@v5global.co.in",null,"South2",null,"External Consumer","ASO","V5 Global ASO",null,"FT",null,"ASO","LES","Sridhar Ethirajulu","S.Arunbabu",null,"Prabhu Subaramanian","Sharad verma","arun.babu@v5global.co.in","arun.babu@v5global.co.in","sethirajulu1@lenovo.com","psubramania4@lenovo.com","sharverm@lenovo.com","ASO","Shilpi Gautam","sgautam2@lenovo.com",null,"Prabhu Subaramanian","LES","psubramania4@lenovo.com",null,"2025-11-05","10:00:00","13.0290244,80.1943032","The Chennai Computers",{"$nulls":3},"T3",null,"South2",null,"T-21875","Chennai","Tamil Nadu","V5 Global",null,"Yes","Face to Face","F0HM003EIN",1,"Lenovo","IdeaCentre","IdeaCentre AIO 27IRH9","DT IC AIO 27IRH9 I713620H 1T 16G","Win 11","AIO","Premium","i7 13620H","Consumer",79990,null,"AIO",79990,"South2",94388.2,"SP","Non-Gaming","South2","Premium","Premium"]
[21368463,"Prasannaraj P","prasannaraj.p@v5global.co.in",9092045806,"V5 Global","Chennai","V5335880","Tamil Nadu","Tamil Nadu",null,"V5 Global",null,null,"Prabhakaran A","prabhakaran@v5global.co.in",null,"South2",null,"External Consumer","ASO","V5 Global ASO",null,"FT",null,"ASO","LES","Sridhar Ethirajulu","S.Arunbabu",null,"Prabhu Subaramanian","Sharad verma","arun.babu@v5global.co.in","arun.babu@v5global.co.in","sethirajulu1@lenovo.com","psubramania4@lenovo.com","sharverm@lenovo.com","ASO","Shilpi Gautam","sgautam2@lenovo.com",null,"Prabhu Subaramanian","LES","psubramania4@lenovo.com",null,"2025-11-05","10:00:00","13.0290244,80.1943032","The Chennai Computers",{"$nulls":3},"T3",null,"South2",null,"T-21875","Chennai","Tamil Nadu","V5 Global",null,"Yes","Face to Face","83K100C6IN",2,"Lenovo","Ideapad","Slim 3","IntelÂ® Coreâ„¢ i5-13420H, 8C (4P + 4E) / 12T, P-core 2.1 / 4.6GHz, E-core 1.5 / 3.4GHz, 12MB,8GB Soldered DDR5-4800 + 8GB SO-DIMM ","Win 11","Thin & Light","Mainstream","i5-13420H","Consumer",46000,null,"NB",92000,"South2",54280,"",null,"South2","Mainstream","Mainstream"]
[21368463,"Prasannaraj P","prasannaraj.p@v5global.co.in",9092045806,"V5 Global","Chennai","V5335880","Tamil Nadu","Tamil Nadu",null,"V5 Global",null,null,"Prabhakaran A","prabhakaran@v5global.co.in",null,"South2",null,"External Consumer","ASO","V5 Global ASO",null,"FT",null,"ASO","LES","Sridhar Ethirajulu","S.Arunbabu",null,"Prabhu Subaramanian","Sharad verma","arun.babu@v5global.co.in","arun.babu@v5global.co.in","sethirajulu1@lenovo.com","psubramania4@lenovo.com","sharverm@lenovo.com","ASO","Shilpi Gautam","sgautam2@lenovo.com",null,"Prabhu Subaramanian","LES","psubramania4@lenovo.com",null,"2025-11-05","10:00:00","13.0290244,80.1943032","The Chennai Computers",{"$nulls":3},"T3",null,"South2",null,"T-21875","Chennai","Tamil Nadu","V5 Global",null,"Yes","Face to Face","67D5KAC6IN",10,"Lenovo","L22-4E","L Series","LEN L22-4E 21.5 IPS  BLACK 100HZ","NA","Visual Variants","Mainstream","NA","Visuals",5331,null,null,53310,"South2",6290.58,"",null,"South2","Mainstream","Mainstream"]
[21368469,"Prasannaraj P","prasannaraj.p@v5global.co.in",9092045806,"V5 Global","Chennai","V5335880","Tamil Nadu","Tamil Nadu",null,"V5 Global",null,null,"Prabhakaran A","prabhakaran@v5global.co.in",null,"South2",null,"External Consumer","ASO","V5 Global ASO",null,"FT",null,"ASO","LES","Sridhar Ethirajulu","S.Arunbabu",null,"Prabhu Subaramanian","Sharad verma","arun.babu@v5global.co.in","arun.babu@v5global.co.in","sethirajulu1@lenovo.com","psubramania4@lenovo.com","sharverm@lenovo.com","ASO","Shilpi Gautam","sgautam2@lenovo.com",null,"Prabhu Subaramanian","LES","psubramania4@lenovo.com",null,"2025-11-05","10:11:00","13.0290415,80.1942913","Tinkas Industries Private Limited","Chennai","Tamil Nadu",null,"T3","33AAACO3114G1Z2S","South2",null,"T-29211",null,null,"V5 Global",null,"Yes","Face to Face","83KX004QIN",1,"Lenovo","Ideapad 5","2 in 1","i5 13420h 16gb 512 gb ","Win 11","Notebook","Premium","i5","Consumer",67500,null,"NB",67500,"South2",79650,"SP","Non-Gaming","South2","Premium","Premium"]
[21368710,"Pankaj Kumar","pankaj.kumar@v5global.co.in",8340543380,"V5 Global","Patna",601177,"Bihar","Bihar",null,"V5 Global",null,null,"Shivam Kumar","shivam.kumar@v5global.co.in",null,"East2",null,"External Consumer","ASO","V5 Global ASO",null,"FT",null,"ASO",null,"Krishna Kumar Singh","Imam Hassan",null,"Rajender Negi","Raghavendra Araveeti","imam.hassan@v5global.co.in","imam.hassan@v5global.co.in","ksingh25@lenovo.com","rnegi@lenovo.com","raraveeti@lenovo.com","ASO","Shilpi Gautam","sgautam2@lenovo.com",null,"Rajender Negi",null,"rnegi@lenovo.com",null,"2025-11-05","10:28:00","25.6174728,85.0920132","Vaishno Infotech",{"$nulls":3},"T3","10ENLPK1417H1ZD","East2",null,"T-22038","Dehri On Sone","Bihar","V5 Global",null,"Yes","Face to Face","83LK009VIN",1,"Lenovo","LOQ","LOQ-15AX9E","i5-12450HX-RTX3050A-W11-O24-15.6","Win 11","Gaming","Premium","i5-12450HX","Consumer",85290,null,"NB",85290,"East2",100642.2,"SP","Gaming","East2","Premium","Premium"]
[21368727,"Pankaj Kumar","pankaj.kumar@v5global.co.in",8340543380,"V5 Global","Patna",601177,"Bihar","Bihar",null,"V5 Global",null,null,"Shivam Kumar","shivam.kumar@v5global.co.in",null,"East2",null,"External Consumer","ASO","V5 Global ASO",null,"FT",null,"ASO",null,"Krishna Kumar Singh","Imam Hassan",null,"Rajender Negi","Raghavendra Araveeti","imam.hassan@v5global.co.in","imam.hassan@v5global.co.in","ksingh25@lenovo.com","rnegi@lenovo.com","raraveeti@lenovo.com","ASO","Shilpi Gautam","sgautam2@lenovo.com",null,"Rajender Negi",null,"rnegi@lenovo.com",null,"2025-11-05","10:29:00","25.6174311,85.0926191","Vaishnavi Computer",{"$nulls":3},"T3",null,"East2",null,"T-28208","Dehri","Bihar","Denave",null,"Yes","Face to Face","83K100CAIN",1,"Lenovo","Ideapad","Slim 3","NB IP Slim 3 15IRH10 I5 8G 512G 11S","Win 11","Thin & Light","Premium","i5 13420H/8GB/512GB SSD","Consumer",56251,null,"NB",56251,"East2",66376.18,"",null,"East2","Premium","Mainstream"]
[21368745,"Pankaj Kumar","pankaj.kumar@v5global.co.in",8340543380,"V5 Global","Patna",601177,"Bihar","Bihar",null,"V5 Global",null,null,"Shivam Kumar","shivam.kumar@v5global.co.in",null,"East2",null,"External Consumer","ASO","V5 Global ASO",null,"FT",null,"ASO",null,"Krishna Kumar Singh","Imam Hassan",null,"Rajender Negi","Raghavendra Araveeti","imam.hassan@v5global.co.in","imam.hassan@v5global.co.in","ksingh25@lenovo.com","rnegi@lenovo.com","raraveeti@lenovo.com","ASO","Shilpi Gautam","sgautam2@lenovo.com",null,"Rajender Negi",null,"rnegi@lenovo.com",null,"2025-11-05","10:30:00","25.6174323,85.0926014","Muskan Agencies",{"$nulls":3},"T3",null,"East2",null,"T-2101","Patna","Bihar",null,null,"Yes","Face to Face","90XS005NIN",1,"Lenovo","IdeaCentre","IdeaCentre Tower","i3-13100, 8GB/512GB/INTEL UHD GRAPHIC/win11 home/ USB combo set/1yr warranty","Win 11","TDT","Mainstream","i3-13100","Consumer",39990,null,"TDT",39990,"East2",47188.2,"",null,"East2","Mainstream","Entry"]
[21368761,"Pankaj Kumar","pankaj.kumar@v5global.co.in",8340543380,"V5 Global","Patna",601177,"Bihar","Bihar",null,"V5 Global",null,null,"Shivam Kumar","shivam.kumar@v5global.co.in",null,"East2",null,"External Consumer","ASO","V5 Global ASO",null,"FT",null,"ASO",null,"Krishna Kumar Singh","Imam Hassan",null,"Rajender Negi","Raghavendra Araveeti","imam.hassan@v5global.co.in","imam.hassan@v5global.co.in","ksingh25@lenovo.com","rnegi@lenovo.com","raraveeti@lenovo.com","ASO","Shilpi Gautam","sgautam2@lenovo.com",null,"Rajender Negi",null,"rnegi@lenovo.com",null,"2025-11-05","10:30:00","25.6174322,85.0925871","Family Computer",{"$nulls":3},"T3","10AHNPA1510F1ZC","East2",null,"T-2143","Patna","Bihar","V5 Global",null,"Yes","Face to Face","83K100CAIN",1,"Lenovo","Ideapad","Slim 3","NB IP Slim 3 15IRH10 I5 8G 512G 11S","Win 11","Thin & Light","Premium","i5 13420H/8GB/512GB SSD","Consumer",56251,null,"NB",56251,"East2",66376.18,"",null,"East2","Premium","Mainstream"]
[21368772,"Pankaj Kumar","pankaj.kumar@v5global.co.in",8340543380,"V5 Global","Patna",601177,"Bihar","Bihar",null,"V5 Global",null,null,"Shivam Kumar","shivam.kumar@v5global.co.in",null,"East2",null,"External Consumer","ASO","V5 Global ASO",null,"FT",null,"ASO",null,"Krishna Kumar Singh","Imam Hassan",null,"Rajender Negi","Raghavendra Araveeti","imam.hassan@v5global.co.in","imam.hassan@v5global.co.in","ksingh25@lenovo.com","rnegi@lenovo.com","raraveeti@lenovo.com","ASO","Shilpi Gautam","sgautam2@lenovo.com",null,"Rajender Negi",null,"rnegi@lenovo.com",null,"2025-11-05","10:31:00","25.6174427,85.0925744","Pal Computer",{"$nulls":3},"T3","10ANNPP4133H1Z7","East2",null,"T-2090","Patna","Bihar","V5 Global",null,"Yes","Face to Face","83JC00MVIN",1,"Lenovo","LOQ","LOQ 15ARP9","AMD Ryzen 7 7435HS , 16GB RAM, 512GB SSD, 15.6\" FHD (1920x1080) IPS 300nits Anti-glare, 100% sRGB, 144Hz, G-SYNC, NVIDIA GeForce","Win 11","Gaming","Premium","AMD Ryzen 7 7435HS","Consumer",80192,null,"NB",80192,"East2",94626.56,"SP","Gaming","East2","Premium","Premium"]
[21368782,"Pankaj Kumar","pankaj.kumar@v5global.co.in",8340543380,"V5 Global","Patna",601177,"Bihar","Bihar",null,"V5 Global",null,null,"Shivam Kumar","shivam.kumar@v5global.co.in",null,"East2",null,"External Consumer","ASO","V5 Global ASO",null,"FT",null,"ASO",null,"Krishna Kumar Singh","Imam Hassan",null,"Rajender Negi","Raghavendra Araveeti","imam.hassan@v5global.co.in","imam.hassan@v5global.co.in","ksingh25@lenovo.com","rnegi@lenovo.com","raraveeti@lenovo.com","ASO","Shilpi Gautam","sgautam2@lenovo.com",null,"Rajender Negi",null,"rnegi@lenovo.com",null,"2025-11-05","10:32:00","25.6174433,85.0925535","Vipul Bhai Computer Wala",{"$nulls":3},"T3","10ASGPK6268C1Z3","East2",null,"T-2046","Patna","Bihar","V5 Global",null,"Yes","Face to Face","83JC00EEIN",1,"Lenovo","LOQ","LOQ 15ARP9","NB LOQ 15ARP9 R5 12G 512G 11S","Win 11","Gaming","Mainstream","R5 7235HS","Consumer",64762,null,"NB",64762,"East2",76419.15999999999,"SP","Gaming","East2","Premium","Premium"]
[21368805,"Pankaj Kumar","pankaj.kumar@v5global.co.in",8340543380,"V5 Global","Patna",601177,"Bihar","Bihar",null,"V5 Global",null,null,"Shivam Kumar","shivam.kumar@v5global.co.in",null,"East2",null,"External Consumer","ASO","V5 Global ASO",null,"FT",null,"ASO",null,"Krishna Kumar Singh","Imam Hassan",null,"Rajender Negi","Raghavendra Araveeti","imam.hassan@v5global.co.in","imam.hassan@v5global.co.in","ksingh25@lenovo.com","rnegi@lenovo.com","raraveeti@lenovo.com","ASO","Shilpi Gautam","sgautam2@lenovo.com",null,"Rajender Negi",null,"rnegi@lenovo.com",null,"2025-11-05","10:33:00","25.617459,85.0925394","Continental Infotech",{"$nulls":3},"T3","10AOEPK6049M1ZX","East2",null,"T-2162","Patna","Bihar","V5 Global",null,"Yes","Face to Face","90XS005PIN",1,"Lenovo","IdeaCentre","IdeaCentre","IntelÂ® Coreâ„¢ i3-14100 4C, 8GB DDR5/512 SSD/ WiFi 6 + BT 5.2/ 260W/ SFF 8.2Lt / Wired KeyBoard & Mouse /Win 11 Home/1 Yr Onsite","Win 11","TDT","Entry","IntelÂ® Coreâ„¢ i3-14100","Consumer",31500,null,"TDT",31500,"East2",37170,"",null,"East2","Entry","Entry"]
[21368824,"Pankaj Kumar","pankaj.kumar@v5global.co.in",8340543380,"V5 Global","Patna",601177,"Bihar","Bihar",null,"V5 Global",null,null,"Shivam Kumar","shivam.kumar@v5global.co.in",null,"East2",null,"External Consumer","ASO","V5 Global ASO",null,"FT",null,"ASO",null,"Krishna Kumar Singh","Imam Hassan",null,"Rajender Negi","Raghavendra Araveeti","imam.hassan@v5global.co.in","imam.hassan@v5global.co.in","ksingh25@lenovo.com","rnegi@lenovo.com","raraveeti@lenovo.com","ASO","Shilpi Gautam","sgautam2@lenovo.com",null,"Rajender Negi",null,"rnegi@lenovo.com",null,"2025-11-05","10:34:00","25.6174488,85.0923662","UNITECH SYSTEMS",{"$nulls":3},"T3","10AACFU9061F1ZG","East2",null,"T-2049","Patna","Bihar","V5 Global",null,"Yes","Face to Face","90XS0014IN",1,"Lenovo","IdeaCentre","Tower","\"Intel Core i3-13100/ 8GB UDIMM DDR5-4800/ \t512GB SSD M.2 2280 PCIe 4.0x4 NVMe/ Integrated Intel UHD Graphics 730/ 260W 90%/ USB","DOS","TDT","Entry","Intel Core i3-13100","Consumer",24907,null,"TDT",24907,"East2",29390.26,"",null,"East2","Entry","Entry"]
[21368842,"Pankaj Kumar","pankaj.kumar@v5global.co.in",8340543380,"V5 Global","Patna",601177,"Bihar","Bihar",null,"V5 Global",null,null,"Shivam Kumar","shivam.kumar@v5global.co.in",null,"East2",null,"External Consumer","ASO","V5 Global ASO",null,"FT",null,"ASO",null,"Krishna Kumar Singh","Imam Hassan",null,"Rajender Negi","Raghavendra Araveeti","imam.hassan@v5global.co.in","imam.hassan@v5global.co.in","ksingh25@lenovo.com","rnegi@lenovo.com","raraveeti@lenovo.com","ASO","Shilpi Gautam","sgautam2@lenovo.com",null,"Rajender Negi",null,"rnegi@lenovo.com",null,"2025-11-05","10:35:00","25.6174501,85.0925486","Total Solution",{"$nulls":3},"T3","10ABBPU6193N1ZA","East2",null,"T-2051","Patna","Bihar","V5 Global",null,"Yes","Face to Face","90VT004XIN",1,"Lenovo","IdeaCentre","IdeaCentre 3 07IRB8","DT IC 3 07IRB8 I513400 512G 8G","Win 11","TDT","Mainstream","i5 13400","Consumer",46990,null,"TDT",46990,"East2",55448.2,"",null,"East2","Mainstream","Mainstream"]
[21368996,"Pankaj Kumar","pankaj.kumar@v5global.co.in",8340543380,"V5 Global","Patna",601177,"Bihar","Bihar",null,"V5 Global",null,null,"Shivam Kumar","shivam.kumar@v5global.co.in",null,"East2",null,"External Consumer","ASO","V5 Global ASO",null,"FT",null,"ASO",null,"Krishna Kumar Singh","Imam Hassan",null,"Rajender Negi","Raghavendra Araveeti","imam.hassan@v5global.co.in","imam.hassan@v5global.co.in","ksingh25@lenovo.com","rnegi@lenovo.com","raraveeti@lenovo.com","ASO","Shilpi Gautam","sgautam2@lenovo.com",null,"Rajender Negi",null,"rnegi@lenovo.com",null,"2025-11-05","10:38:00","25.6174463,85.0925107","Techno Point",{"$nulls":3},"T3","10ANIPS6574Q1Z9","East2",null,"T-2056","Patna","Bihar","V5 Global",null,"Yes","Face to Face","90XW0022IN",1,"Lenovo","IdeaCentre","IdeaCentre 3","Intel Core i7-13620H,10C SFF 7.4 Lt,8 GB DDR4 ,512 GB SSD","DOS","TDT","Mainstream","Intel Core i7-13620H","Consumer",55000,null,"TDT",55000,"East2",64900,"",null,"East2","Mainstream","Mainstream"]
[21369010,"Pankaj Kumar","pankaj.kumar@v5global.co.in",8340543380,"V5 Global","Patna",601177,"Bihar","Bihar",null,"V5 Global",null,null,"Shivam Kumar","shivam.kumar@v5global.co.in",null,"East2",null,"External Consumer","ASO","V5 Global ASO",null,"FT",null,"ASO",null,"Krishna Kumar Singh","Imam Hassan",null,"Rajender Negi","Raghavendra Araveeti","imam.hassan@v5global.co.in","imam.hassan@v5global.co.in","ksingh25@lenovo.com","rnegi@lenovo.com","raraveeti@lenovo.com","ASO","Shilpi Gautam","sgautam2@lenovo.com",null,"Rajender Negi",null,"rnegi@lenovo.com",null,"2025-11-05","10:41:00","25.6174652,85.0921991","Shree Ganesh Computer",{"$nulls":3},"T3","10AOLPK4066R1ZJ","East2",null,"T-2073","Patna","Bihar","V5 Global",null,"Yes","Face to Face","90XW0022IN",1,"Lenovo","IdeaCentre","IdeaCentre 3","Intel Core i7-13620H,10C SFF 7.4 Lt,8 GB DDR4 ,512 GB SSD","DOS","TDT","Mainstream","Intel Core i7-13620H","Consumer",55000,null,"TDT",55000,"East2",64900,"",null,"East2","Mainstream","Mainstream"]
[21369026,"Pankaj Kumar","pankaj.kumar@v5global.co.in",8340543380,"V5 Global","Patna",601177,"Bihar","Bihar",null,"V5 Global",null,null,"Shivam Kumar","shivam.kumar@v5global.co.in",null,"East2",null,"External Consumer","ASO","V5 Global ASO",null,"FT",null,"ASO",null,"Krishna Kumar Singh","Imam Hassan",null,"Rajender Negi","Raghavendra Araveeti","imam.hassan@v5global.co.in","imam.hassan@v5global.co.in","ksingh25@lenovo.com","rnegi@lenovo.com","raraveeti@lenovo.com","ASO","Shilpi Gautam","sgautam2@lenovo.com",null,"Rajender Negi",null,"rnegi@lenovo.com",null,"2025-11-05","10:41:00","25.617467,85.0922111","RIDDHI SIDDHI COMPUTERS",{"$nulls":3},"T3","10AOIPG9638Q1ZG","East2",null,"T-2077","Patna","Bihar","V5 Global",null,"Yes","Face to Face","90XW0022IN",1,"Lenovo","IdeaCentre","IdeaCentre 3","Intel Core i7-13620H,10C SFF 7.4 Lt,8 GB DDR4 ,512 GB SSD","DOS","TDT","Mainstream","Intel Core i7-13620H","Consumer",55000,null,"TDT",55000,"East2",64900,"",null,"East2","Mainstream","Mainstream"]
[21369125,"Pankaj Kumar","pankaj.kumar@v5global.co.in",8340543380,"V5 Global","Patna",601177,"Bihar","Bihar",null,"V5 Global",null,null,"Shivam Kumar","shivam.kumar@v5global.co.in",null,"East2",null,"External Consumer","ASO","V5 Global ASO",null,"FT",null,"ASO",null,"Krishna Kumar Singh","Imam Hassan",null,"Rajender Negi","Raghavendra Araveeti","imam.hassan@v5global.co.in","imam.hassan@v5global.co.in","ksingh25@lenovo.com","rnegi@lenovo.com","raraveeti@lenovo.com","ASO","Shilpi Gautam","sgautam2@lenovo.com",null,"Rajender Negi",null,"rnegi@lenovo.com",null,"2025-11-05","10:44:00","25.6174687,85.0921164","Aditya Infomedia",{"$nulls":3},"T3","10AHZPA3769L1ZY","East2",null,"T-2199","Patna","Bihar",null,null,"Yes","Face to Face","83DC0003IN",1,"Lenovo","Ideapad","Slim 5","Intel core ULT5_125H/16/1TB/40.64CM/W11/MSO","Win 11","Thin & Light","Premium","INTEL CORE ULT5_125H","Consumer",83990,null,"NB",83990,"East2",99108.2,"SP","Non-Gaming","East2","Premium","Premium"]
[21369468,"Pankaj Kumar","pankaj.kumar@v5global.co.in",8340543380,"V5 Global","Patna",601177,"Bihar","Bihar",null,"V5 Global",null,null,"Shivam Kumar","shivam.kumar@v5global.co.in",null,"East2",null,"External Consumer","ASO","V5 Global ASO",null,"FT",null,"ASO",null,"Krishna Kumar Singh","Imam Hassan",null,"Rajender Negi","Raghavendra Araveeti","imam.hassan@v5global.co.in","imam.hassan@v5global.co.in","ksingh25@lenovo.com","rnegi@lenovo.com","raraveeti@lenovo.com","ASO","Shilpi Gautam","sgautam2@lenovo.com",null,"Rajender Negi",null,"rnegi@lenovo.com",null,"2025-11-05","10:57:00","25.6174643,85.0926086","Super computer",{"$nulls":3},"T3","10AIHPM9791R1ZF","East2",null,"T-31220","Patna","Bihar","V5 Global",null,"Yes","Face to Face","67AEKACBIN",2,"Lenovo","Monitor","L22i-40","MONITOR 21.5","NA","Visual Variants","Mainstream","NA","Visuals",9099,null,null,18198,"East2",10736.82,"",null,"East2","Mainstream","Mainstream"]
[21369489,"Pankaj Kumar","pankaj.kumar@v5global.co.in",8340543380,"V5 Global","Patna",601177,"Bihar","Bihar",null,"V5 Global",null,null,"Shivam Kumar","shivam.kumar@v5global.co.in",null,"East2",null,"External Consumer","ASO","V5 Global ASO",null,"FT",null,"ASO",null,"Krishna Kumar Singh","Imam Hassan",null,"Rajender Negi","Raghavendra Araveeti","imam.hassan@v5global.co.in","imam.hassan@v5global.co.in","ksingh25@lenovo.com","rnegi@lenovo.com","raraveeti@lenovo.com","ASO","Shilpi Gautam","sgautam2@lenovo.com",null,"Rajender Negi",null,"rnegi@lenovo.com",null,"2025-11-05","10:57:00","25.6174599,85.0925667","Continental Infotech",{"$nulls":3},"T3","10AOEPK6049M1ZX","East2",null,"T-2162","Patna","Bihar","V5 Global",null,"Yes","Face to Face","67AEKACBIN",2,"Lenovo","Monitor","L22i-40","MONITOR 21.5","NA","Visual Variants","Mainstream","NA","Visuals",9099,null,null,18198,"East2",10736.82,"",null,"East2","Mainstream","Mainstream"]
[21369514,"Pankaj Kumar","pankaj.kumar@v5global.co.in",8340543380,"V5 Global","Patna",601177,"Bihar","Bihar",null,"V5 Global",null,null,"Shivam Kumar","shivam.kumar@v5global.co.in",null,"East2",null,"External Consumer","ASO","V5 Global ASO",null,"FT",null,"ASO",null,"Krishna Kumar Singh","Imam Hassan",null,"Rajender Negi","Raghavendra Araveeti","imam.hassan@v5global.co.in","imam.hassan@v5global.co.in","ksingh25@lenovo.com","rnegi@lenovo.com","raraveeti@lenovo.com","ASO","Shilpi Gautam","sgautam2@lenovo.com",null,"Rajender Negi",null,"rnegi@lenovo.com",null,"2025-11-05","10:58:00","25.6174612,85.0925632","Vipul Bhai Computer Wala",{"$nulls":3},"T3","10ASGPK6268C1Z3","East2",null,"T-2046","Patna","Bihar","V5 Global",null,"Yes","Face to Face","67AEKACBIN",1,"Lenovo","Monitor","L22i-40","MONITOR 21.5","NA","Visual Variants","Mainstream","NA","Visuals",9099,null,null,9099,"East2",10736.82,"",null,"East2","Mainstream","Mainstream"]
[21369521,"Pankaj Kumar","pankaj.kumar@v5global.co.in",8340543380,"V5 Global","Patna",601177,"Bihar","Bihar",null,"V5 Global",null,null,"Shivam Kumar","shivam.kumar@v5global.co.in",null,"East2",null,"External Consumer","ASO","V5 Global ASO",null,"FT",null,"ASO",null,"Krishna Kumar Singh","Imam Hassan",null,"Rajender Negi","Raghavendra Araveeti","imam.hassan@v5global.co.in","imam.hassan@v5global.co.in","ksingh25@lenovo.com","rnegi@lenovo.com","raraveeti@lenovo.com","ASO","Shilpi Gautam","sgautam2@lenovo.com",null,"Rajender Negi",null,"rnegi@lenovo.com",null,"2025-11-05","10:58:00","25.6174665,85.0925178","UNITECH SYSTEMS",{"$nulls":3},"T3","10AACFU9061F1ZG","East2",null,"T-2049","Patna","Bihar","V5 Global",null,"Yes","Face to Face","67AEKACBIN",1,"Lenovo","Monitor","L22i-40","MONITOR 21.5","NA","Visual Variants","Mainstream","NA","Visuals",9099,null,null,9099,"East2",10736.82,"",null,"East2","Mainstream","Mainstream"]
[21369528,"Pankaj Kumar","pankaj.kumar@v5global.co.in",8340543380,"V5 Global","Patna",601177,"Bihar","Bihar",null,"V5 Global",null,null,"Shivam Kumar","shivam.kumar@v5global.co.in",null,"East2",null,"External Consumer","ASO","V5 Global ASO",null,"FT",null,"ASO",null,"Krishna Kumar Singh","Imam Hassan",null,"Rajender Negi","Raghavendra Araveeti","imam.hassan@v5global.co.in","imam.hassan@v5global.co.in","ksingh25@lenovo.com","rnegi@lenovo.com","raraveeti@lenovo.com","ASO","Shilpi Gautam","sgautam2@lenovo.com",null,"Rajender Negi",null,"rnegi@lenovo.com",null,"2025-11-05","10:59:00","25.617455,85.0925739","Total Solution",{"$nulls":3},"T3","10ABBPU6193N1ZA","East2",null,"T-2051","Patna","Bihar","V5 Global",null,"Yes","Face to Face","67AEKACBIN",1,"Lenovo","Monitor","L22i-40","MONITOR 21.5","NA","Visual Variants","Mainstream","NA","Visuals",9099,null,null,9099,"East2",10736.82,"",null,"East2","Mainstream","Mainstream"]
[21369559,"Pankaj Kumar","pankaj.kumar@v5global.co.in",8340543380,"V5 Global","Patna",601177,"Bihar","Bihar",null,"V5 Global",null,null,"Shivam Kumar","shivam.kumar@v5global.co.in",null,"East2",null,"External Consumer","ASO","V5 Global ASO",null,"FT",null,"ASO",null,"Krishna Kumar Singh","Imam Hassan",null,"Rajender Negi","Raghavendra Araveeti","imam.hassan@v5global.co.in","imam.hassan@v5global.co.in","ksingh25@lenovo.com","rnegi@lenovo.com","raraveeti@lenovo.com","ASO","Shilpi Gautam","sgautam2@lenovo.com",null,"Rajender Negi",null,"rnegi@lenovo.com",null,"2025-11-05","10:59:00","25.6174606,85.0925636","Techno Point",{"$nulls":3},"T3","10ANIPS6574Q1Z9","East2",null,"T-2056","Patna","Bihar","V5 Global",null,"Yes","Face to Face","61E0KAR6WW",3,"Lenovo","D Series","D19-10","D19: 18.5\" VGA + HDMI with HDMI Cable","NA","Visual Variants","Entry","NA","Visuals",5058,null,null,15174,"East2",5968.44,"",null,"East2","Entry","Entry"]
[21369578,"Pankaj Kumar","pankaj.kumar@v5global.co.in",8340543380,"V5 Global","Patna",601177,"Bihar","Bihar",null,"V5 Global",null,null,"Shivam Kumar","shivam.kumar@v5global.co.in",null,"East2",null,"External Consumer","ASO","V5 Global ASO",null,"FT",null,"ASO",null,"Krishna Kumar Singh","Imam Hassan",null,"Rajender Negi","Raghavendra Araveeti","imam.hassan@v5global.co.in","imam.hassan@v5global.co.in","ksingh25@lenovo.com","rnegi@lenovo.com","raraveeti@lenovo.com","ASO","Shilpi Gautam","sgautam2@lenovo.com",null,"Rajender Negi",null,"rnegi@lenovo.com",null,"2025-11-05","11:00:00","25.6174581,85.0925466","Shree Ganesh Computer",{"$nulls":3},"T3","10AOLPK4066R1ZJ","East2",null,"T-2073","Patna","Bihar","V5 Global",null,"Yes","Face to Face","67AEKACBIN",2,"Lenovo","Monitor","L22i-40","MONITOR 21.5","NA","Visual Variants","Mainstream","NA","Visuals",9099,null,null,18198,"East2",10736.82,"",null,"East2","Mainstream","Mainstream"]
[21369616,"Pankaj Kumar","pankaj.kumar@v5global.co.in",8340543380,"V5 Global","Patna",601177,"Bihar","Bihar",null,"V5 Global",null,null,"Shivam Kumar","shivam.kumar@v5global.co.in",null,"East2",null,"External Consumer","ASO","V5 Global ASO",null,"FT",null,"ASO",null,"Krishna Kumar Singh","Imam Hassan",null,"Rajender Negi","Raghavendra Araveeti","imam.hassan@v5global.co.in","imam.hassan@v5global.co.in","ksingh25@lenovo.com","rnegi@lenovo.com","raraveeti@lenovo.com","ASO","Shilpi Gautam","sgautam2@lenovo.com",null,"Rajender Negi",null,"rnegi@lenovo.com",null,"2025-11-05","11:00:00","25.6174517,85.0925757","RIDDHI SIDDHI COMPUTERS",{"$nulls":3},"T3","10AOIPG9638Q1ZG","East2",null,"T-2077","Patna","Bihar","V5 Global",null,"Yes","Face to Face","66CAKAC1IN",1,"Lenovo","L Series","L22i-30","L22i-30: 21.5\" IPS Borderless FHD VGA + HDMI + Audio Out and Metal Stand","NA","Visual Variants","Mainstream","NA","Visuals",9667,null,null,9667,"East2",11407.06,"",null,"East2","Mainstream","Mainstream"]
[21369637,"Pankaj Kumar","pankaj.kumar@v5global.co.in",8340543380,"V5 Global","Patna",601177,"Bihar","Bihar",null,"V5 Global",null,null,"Shivam Kumar","shivam.kumar@v5global.co.in",null,"East2",null,"External Consumer","ASO","V5 Global ASO",null,"FT",null,"ASO",null,"Krishna Kumar Singh","Imam Hassan",null,"Rajender Negi","Raghavendra Araveeti","imam.hassan@v5global.co.in","imam.hassan@v5global.co.in","ksingh25@lenovo.com","rnegi@lenovo.com","raraveeti@lenovo.com","ASO","Shilpi Gautam","sgautam2@lenovo.com",null,"Rajender Negi",null,"rnegi@lenovo.com",null,"2025-11-05","11:01:00","25.6174581,85.092562","Muskan Agencies",{"$nulls":3},"T3",null,"East2",null,"T-2101","Patna","Bihar",null,null,"Yes","Face to Face","66E9KAC4IN",1,"Lenovo","D SERIES","D20-30","19.5inch 1080*1250","NA","Visual Variants","Entry","NA","Visuals",5635,null,null,5635,"East2",6649.299999999999,"",null,"East2","Entry","Entry"]
[21369654,"Pankaj Kumar","pankaj.kumar@v5global.co.in",8340543380,"V5 Global","Patna",601177,"Bihar","Bihar",null,"V5 Global",null,null,"Shivam Kumar","shivam.kumar@v5global.co.in",null,"East2",null,"External Consumer","ASO","V5 Global ASO",null,"FT",null,"ASO",null,"Krishna Kumar Singh","Imam Hassan",null,"Rajender Negi","Raghavendra Araveeti","imam.hassan@v5global.co.in","imam.hassan@v5global.co.in","ksingh25@lenovo.com","rnegi@lenovo.com","raraveeti@lenovo.com","ASO","Shilpi Gautam","sgautam2@lenovo.com",null,"Rajender Negi",null,"rnegi@lenovo.com",null,"2025-11-05","11:02:00","25.6174473,85.0925755","Computer Club",{"$nulls":3},"T3","10AARFC0172C1Z3","East2",null,"T-29549","Patna","Bihar","V5 Global",null,"Yes","Face to Face","67BEKAC1IN",1,"Lenovo","Monitor","L27I-4A","L27I-4A","NA","Visual Variants","Premium","NA","Visuals",13000,null,null,13000,"East2",15340,"",null,"East2","Premium","Premium"]
[21374080,"Umer Farooq Bhat","umer.farooq@v5global.co.in",7006131255,"V5 Global","Srinagar","V5266190","Jammu and Kashmir","Jammu and Kashmir",null,"V5 Global",null,null,"Chetan Mehta","Chetan.mehta@v5global.co.in",null,"North1",null,"External Consumer","ASO","V5 Global ASO",null,"FT",null,"ASO",null,"Karan Kapoor","Gaurav Sharma",null,"Kumar Tanksale","Raghavendra Araveeti","gaurav.sharma@v5global.co.in","gaurav.sharma@v5global.co.in","Kkapoor@lenovo.com","ktanksale1@lenovo.com","raraveeti@lenovo.com","ASO","Shilpi Gautam","sgautam2@lenovo.com",null,"Kumar Tanksale",null,"ktanksale1@lenovo.com",null,"2025-11-05","11:49:00","33.73214000557233,75.14774970710278","SILICON VALLEY",{"$nulls":3},"T3","01BGTPA1771N1ZA","North1",null,"T-3564","Anantnag","Jammu And Kashmir","V5 Global",null,"Yes","Face to Face","F0GH017DIN",1,"Lenovo","AIO","IdeaCenter","LENOVO- I3 12TH GEN-8GB-512GB SSD-23.8''FHD IPS-WINDOWS 11+MSO","Win 11","AIO","Mainstream","I3 12TH GEN","Consumer",46450,null,"AIO",46450,"North1",54811,"",null,"North1","Mainstream","Mainstream"]
[21374080,"Umer Farooq Bhat","umer.farooq@v5global.co.in",7006131255,"V5 Global","Srinagar","V5266190","Jammu and Kashmir","Jammu and Kashmir",null,"V5 Global",null,null,"Chetan Mehta","Chetan.mehta@v5global.co.in",null,"North1",null,"External Consumer","ASO","V5 Global ASO",null,"FT",null,"ASO",null,"Karan Kapoor","Gaurav Sharma",null,"Kumar Tanksale","Raghavendra Araveeti","gaurav.sharma@v5global.co.in","gaurav.sharma@v5global.co.in","Kkapoor@lenovo.com","ktanksale1@lenovo.com","raraveeti@lenovo.com","ASO","Shilpi Gautam","sgautam2@lenovo.com",null,"Kumar Tanksale",null,"ktanksale1@lenovo.com",null,"2025-11-05","11:49:00","33.73214000557233,75.14774970710278","SILICON VALLEY",{"$nulls":3},"T3","01BGTPA1771N1ZA","North1",null,"T-3564","Anantnag","Jammu And Kashmir","V5 Global",null,"Yes","Face to Face","GY51C12380",2,"Lenovo","Wireless Mouse","Input","Lenovo 130 wireless mouse","NA","Accessories","NA","NA","Accessories",649,null,null,1298,"North1",765.8199999999999,"",null,"North1","NA","NA"]
[21387816,"Manoj Bihari","manoj.bihari@v5global.co.in",9861291397,"V5 Global","Sambalpur","V5263625","Orissa","Orissa",null,"V5 Global",null,null,"Arindam Mazumdar","arindam.mazumdar@v5global.co.in",null,"East2",null,"External Consumer","ASO","V5 Global ASO",null,"FT",null,"ASO","LES","Biswa Ranjan Jena","Imam Hassan",null,"Rajender Negi","Raghavendra Araveeti","imam.hassan@v5global.co.in","imam.hassan@v5global.co.in","bjena1@lenovo.com","rnegi@lenovo.com","raraveeti@lenovo.com","ASO","Shilpi Gautam","sgautam2@lenovo.com",null,"Rajender Negi","LES","rnegi@lenovo.com",null,"2025-11-05","12:22:00","21.53800841415807,84.73314363509417","Mahamaya Traders",{"$nulls":3},"T3","21CWDPP6855P1ZW","East2",null,"T-2876","Sambalpur","Orissa","V5 Global",null,"Yes","Face to Face","F0J6005FIN",1,"Lenovo","AIO","Lenovo A100","23.8\" FHD/8GB RAM/512 SSD/Integrated Graphics/MSO 2024/White","Win 11","AIO","Entry","Intel N100","Consumer",32000,null,"AIO",32000,"East2",37760,"",null,"East2","Entry","Entry"]
[21387818,"Manoj Bihari","manoj.bihari@v5global.co.in",9861291397,"V5 Global","Sambalpur","V5263625","Orissa","Orissa",null,"V5 Global",null,null,"Arindam Mazumdar","arindam.mazumdar@v5global.co.in",null,"East2",null,"External Consumer","ASO","V5 Global ASO",null,"FT",null,"ASO","LES","Biswa Ranjan Jena","Imam Hassan",null,"Rajender Negi","Raghavendra Araveeti","imam.hassan@v5global.co.in","imam.hassan@v5global.co.in","bjena1@lenovo.com","rnegi@lenovo.com","raraveeti@lenovo.com","ASO","Shilpi Gautam","sgautam2@lenovo.com",null,"Rajender Negi","LES","rnegi@lenovo.com",null,"2025-11-05","12:24:00","21.53800841415807,84.73314363509417","Bijay Computer",{"$nulls":3},"T3","21BYYPS8528Q1Z5-1","East2",null,"T-2860","Sambalpur","Orissa","V5 Global",null,"Yes","Face to Face","F0J6005FIN",1,"Lenovo","AIO","Lenovo A100","23.8\" FHD/8GB RAM/512 SSD/Integrated Graphics/MSO 2024/White","Win 11","AIO","Entry","Intel N100","Consumer",32000,null,"AIO",32000,"East2",37760,"",null,"East2","Entry","Entry"]
[21374091,"Umer Farooq Bhat","umer.farooq@v5global.co.in",7006131255,"V5 Global","Srinagar","V5266190","Jammu and Kashmir","Jammu and Kashmir",null,"V5 Global",null,null,"Chetan Mehta","Chetan.mehta@v5global.co.in",null,"North1",null,"External Consumer","ASO","V5 Global ASO",null,"FT",null,"ASO",null,"Karan Kapoor","Gaurav Sharma",null,"Kumar Tanksale","Raghavendra Araveeti","gaurav.sharma@v5global.co.in","gaurav.sharma@v5global.co.in","Kkapoor@lenovo.com","ktanksale1@lenovo.com","raraveeti@lenovo.com","ASO","Shilpi Gautam","sgautam2@lenovo.com",null,"Kumar Tanksale",null,"ktanksale1@lenovo.com",null,"2025-11-05","12:24:00","33.72907059046863,75.14969430863857","Digital Computer",{"$nulls":3},"T3",null,"North1",null,"T-3575","Anantnag","Jammu And Kashmir","V5 Global",null,"Yes","Face to Face","GY51C12380",2,"Lenovo","Wireless Mouse","Input","Lenovo 130 wireless mouse","NA","Accessories","NA","NA","Accessories",649,null,null,1298,"North1",765.8199999999999,"",null,"North1","NA","NA"]
[21372479,"Ashwani Kumar","ashwani.kumar@v5global.co.in",7827383769,"V5 Global","Delhi","V5262001","Delhi","Delhi",null,"V5 Global",null,null,"Mohd Asif","mohd.asif@v5global.co.in",null,"North1",null,"External Consumer","ASO","V5 Global ASO",null,"FT",null,"ASO",null,"Kanwaldeep Singh","Gaurav Sharma",null,"Kumar Tanksale","Raghavendra Araveeti","gaurav.sharma@v5global.co.in","gaurav.sharma@v5global.co.in","ksingh15@lenovo.com","ktanksale1@lenovo.com","raraveeti@lenovo.com","ASO","Shilpi Gautam","sgautam2@lenovo.com",null,"Kumar Tanksale",null,"ktanksale1@lenovo.com",null,"2025-11-05","12:46:00","28.5485881,77.2515885","Impulse Computer World",{"$nulls":3},"T3","07BIMPA6256P1ZQ","North1",null,"T-29008","New Delhi","Delhi","V5 Global",null,"Yes","Face to Face","82ER00MCIN",1,"Lenovo","Ideapad","Slim 3","15.6\" (39.62cm) FHD / 16 GB DDR5 RAM / 512 GB SSD/ARCTIC GREY/\t","Win 11","Thin & Light","Mainstream","Core i5 12th Gen","Consumer",53000,null,"NB",53000,"North1",62540,"",null,"North1","Mainstream","Mainstream"]
[21374112,"Umer Farooq Bhat","umer.farooq@v5global.co.in",7006131255,"V5 Global","Srinagar","V5266190","Jammu and Kashmir","Jammu and Kashmir",null,"V5 Global",null,null,"Chetan Mehta","Chetan.mehta@v5global.co.in",null,"North1",null,"External Consumer","ASO","V5 Global ASO",null,"FT",null,"ASO",null,"Karan Kapoor","Gaurav Sharma",null,"Kumar Tanksale","Raghavendra Araveeti","gaurav.sharma@v5global.co.in","gaurav.sharma@v5global.co.in","Kkapoor@lenovo.com","ktanksale1@lenovo.com","raraveeti@lenovo.com","ASO","Shilpi Gautam","sgautam2@lenovo.com",null,"Kumar Tanksale",null,"ktanksale1@lenovo.com",null,"2025-11-05","12:58:00","33.73122543842712,75.14980427920818","Cyber Computer",{"$nulls":3},"T3",null,"North1",null,"T-3577","Anantnag","Jammu And Kashmir","V5 Global",null,"Yes","Face to Face","GY51C12380",2,"Lenovo","Wireless Mouse","Input","Lenovo 130 wireless mouse","NA","Accessories","NA","NA","Accessories",649,null,null,1298,"North1",765.8199999999999,"",null,"North1","NA","NA"]
[21372795,"Ashwani Kumar","ashwani.kumar@v5global.co.in",7827383769,"V5 Global","Delhi","V5262001","Delhi","Delhi",null,"V5 Global",null,null,"Mohd Asif","mohd.asif@v5global.co.in",null,"North1",null,"External Consumer","ASO","V5 Global ASO",null,"FT",null,"ASO",null,"Kanwaldeep Singh","Gaurav Sharma",null,"Kumar Tanksale","Raghavendra Araveeti","gaurav.sharma@v5global.co.in","gaurav.sharma@v5global.co.in","ksingh15@lenovo.com","ktanksale1@lenovo.com","raraveeti@lenovo.com","ASO","Shilpi Gautam","sgautam2@lenovo.com",null,"Kumar Tanksale",null,"ktanksale1@lenovo.com",null,"2025-11-05","13:23:00","28.5486476,77.2515513","NECHRA MARKETING PRIVATE LIMITED",{"$nulls":3},"T3","07AAFCN8685C1Z7","North1",null,"T-3800","New Delhi","New Delhi","V5 Global",null,"Yes","Face to Face","82ER00MCIN",1,"Lenovo","Ideapad","Slim 3","15.6\" (39.62cm) FHD / 16 GB DDR5 RAM / 512 GB SSD/ARCTIC GREY/\t","Win 11","Thin & Light","Mainstream","Core i5 12th Gen","Consumer",53000,null,"NB",53000,"North1",62540,"",null,"North1","Mainstream","Mainstream"]
[21374132,"Umer Farooq Bhat","umer.farooq@v5global.co.in",7006131255,"V5 Global","Srinagar","V5266190","Jammu and Kashmir","Jammu and Kashmir",null,"V5 Global",null,null,"Chetan Mehta","Chetan.mehta@v5global.co.in",null,"North1",null,"External Consumer","ASO","V5 Global ASO",null,"FT",null,"ASO",null,"Karan Kapoor","Gaurav Sharma",null,"Kumar Tanksale","Raghavendra Araveeti","gaurav.sharma@v5global.co.in","gaurav.sharma@v5global.co.in","Kkapoor@lenovo.com","ktanksale1@lenovo.com","raraveeti@lenovo.com","ASO","Shilpi Gautam","sgautam2@lenovo.com",null,"Kumar Tanksale",null,"ktanksale1@lenovo.com",null,"2025-11-05","13:37:00","33.73797990035474,75.14720790088177","DADA ENTERPRISES",{"$nulls":3},"T3","01AGLPH4594D1ZM","North1",null,"T-3563","Anantnag","Jammu And Kashmir","V5 Global",null,"Yes","Face to Face","GY51C12380",3,"Lenovo","Wireless Mouse","Input","Lenovo 130 wireless mouse","NA","Accessories","NA","NA","Accessories",649,null,null,1947,"North1",765.8199999999999,"",null,"North1","NA","NA"]
[21374145,"Umer Farooq Bhat","umer.farooq@v5global.co.in",7006131255,"V5 Global","Srinagar","V5266190","Jammu and Kashmir","Jammu and Kashmir",null,"V5 Global",null,null,"Chetan Mehta","Chetan.mehta@v5global.co.in",null,"North1",null,"External Consumer","ASO","V5 Global ASO",null,"FT",null,"ASO",null,"Karan Kapoor","Gaurav Sharma",null,"Kumar Tanksale","Raghavendra Araveeti","gaurav.sharma@v5global.co.in","gaurav.sharma@v5global.co.in","Kkapoor@lenovo.com","ktanksale1@lenovo.com","raraveeti@lenovo.com","ASO","Shilpi Gautam","sgautam2@lenovo.com",null,"Kumar Tanksale",null,"ktanksale1@lenovo.com",null,"2025-11-05","14:20:00","33.737606014012314,75.1506307348609","SAMEER DIGITAL SYSTEMS",{"$nulls":3},"T3",null,"North1",null,"T-3572","Anantnag","Jammu And Kashmir","V5 Global",null,"Yes","Face to Face","GY51C12380",2,"Lenovo","Wireless Mouse","Input","Lenovo 130 wireless mouse","NA","Accessories","NA","NA","Accessories",649,null,null,1298,"North1",765.8199999999999,"",null,"North1","NA","NA"]
[21374161,"Umer Farooq Bhat","umer.farooq@v5global.co.in",7006131255,"V5 Global","Srinagar","V5266190","Jammu and Kashmir","Jammu and Kashmir",null,"V5 Global",null,null,"Chetan Mehta","Chetan.mehta@v5global.co.in",null,"North1",null,"External Consumer","ASO","V5 Global ASO",null,"FT",null,"ASO",null,"Karan Kapoor","Gaurav Sharma",null,"Kumar Tanksale","Raghavendra Araveeti","gaurav.sharma@v5global.co.in","gaurav.sharma@v5global.co.in","Kkapoor@lenovo.com","ktanksale1@lenovo.com","raraveeti@lenovo.com","ASO","Shilpi Gautam","sgautam2@lenovo.com",null,"Kumar Tanksale",null,"ktanksale1@lenovo.com",null,"2025-11-05","15:02:00","33.7378184686439,75.15013419091702","ADVANCE COMPUTER SYAYTEMS",{"$nulls":3},"T3","01BJIPD7682P1ZT","North1",null,"T-3562","Anantnag","Jammu And Kashmir","Denave",null,"Yes","Face to Face","GY51C12380",2,"Lenovo","Wireless Mouse","Input","Lenovo 130 wireless mouse","NA","Accessories","NA","NA","Accessories",649,null,null,1298,"North1",765.8199999999999,"",null,"North1","NA","NA"]
[21538031,"Arabinda Samanta","arabinda.samanta@v5global.co.in",8879216607,"V5 Global","Mumbai","V5360834","Maharashtra","Maharashtra",null,"V5 Global",null,null,"Muffazal Momin","muffazal.momin@v5global.co.in",null,"West1",null,"External Consumer","ASO","V5 Global ASO",null,"FT",null,"ASO",null,"Amit Tiwari","Yunus Hamid Mansoori",null,"Hemant C Baghel","Sharad verma","yunus.hamid@v5global.co.in","yunus.hamid@v5global.co.in","atiwari5@lenovo.com","hbaghel@lenovo.com","sharverm@lenovo.com","ASO","Shilpi Gautam","sgautam2@lenovo.com",null,"Hemant C Baghel",null,"hbaghel@lenovo.com",null,"2025-11-05","15:20:00","19.1185677,72.8458684","Prince Computer",{"$nulls":3},"T3","27AAMFP8338C1Z0","West1",null,"T-11358","Mumbai","Maharashtra","V5 Global",null,"Yes","Face to Face","83B40004IN",2,"Lenovo","Ideapad","Ideapad 1","15.6\"FHD,8GB/512GB/I3 1315/WIN/MS OFFICE/","Win 11","Thin & Light","Entry","13 1315","Consumer",36960,null,"NB",73920,"West1",43612.799999999996,"",null,"West1 M","Mainstream","Entry"]
[21538031,"Arabinda Samanta","arabinda.samanta@v5global.co.in",8879216607,"V5 Global","Mumbai","V5360834","Maharashtra","Maharashtra",null,"V5 Global",null,null,"Muffazal Momin","muffazal.momin@v5global.co.in",null,"West1",null,"External Consumer","ASO","V5 Global ASO",null,"FT",null,"ASO",null,"Amit Tiwari","Yunus Hamid Mansoori",null,"Hemant C Baghel","Sharad verma","yunus.hamid@v5global.co.in","yunus.hamid@v5global.co.in","atiwari5@lenovo.com","hbaghel@lenovo.com","sharverm@lenovo.com","ASO","Shilpi Gautam","sgautam2@lenovo.com",null,"Hemant C Baghel",null,"hbaghel@lenovo.com",null,"2025-11-05","15:20:00","19.1185677,72.8458684","Prince Computer",{"$nulls":3},"T3","27AAMFP8338C1Z0","West1",null,"T-11358","Mumbai","Maharashtra","V5 Global",null,"Yes","Face to Face","83ER00MCIN",1,"Lenovo","Ideapad","Slim 3","Lenovo IdeaPad Slim 3 12th Gen Intel Core i5-12450H 15\" (39.6cm) FHD IPS 300 Nits Thin & Light Laptop (16GB/512GB SSD/Win 11/MSO","Win 11","Thin & Light","Mainstream","i5 12th Gen","Consumer",41000,null,"NB",41000,"West1",48380,"",null,"West1 M","Mainstream","Mainstream"]
[21538031,"Arabinda Samanta","arabinda.samanta@v5global.co.in",8879216607,"V5 Global","Mumbai","V5360834","Maharashtra","Maharashtra",null,"V5 Global",null,null,"Muffazal Momin","muffazal.momin@v5global.co.in",null,"West1",null,"External Consumer","ASO","V5 Global ASO",null,"FT",null,"ASO",null,"Amit Tiwari","Yunus Hamid Mansoori",null,"Hemant C Baghel","Sharad verma","yunus.hamid@v5global.co.in","yunus.hamid@v5global.co.in","atiwari5@lenovo.com","hbaghel@lenovo.com","sharverm@lenovo.com","ASO","Shilpi Gautam","sgautam2@lenovo.com",null,"Hemant C Baghel",null,"hbaghel@lenovo.com",null,"2025-11-05","15:20:00","19.1185677,72.8458684","Prince Computer",{"$nulls":3},"T3","27AAMFP8338C1Z0","West1",null,"T-11358","Mumbai","Maharashtra","V5 Global",null,"Yes","Face to Face","F0J6005GIN",1,"Lenovo","AIO","A100","IntelÂ® Coreâ„¢ i3-N305/8GB SO-DIMM DDR4-3200/512GB SSD/Integrated IntelÂ® UHD Graphics/WindowsÂ® 11,Cloud Grey","Win 11","AIO","Mainstream","IntelÂ® Coreâ„¢ i3-N305","Consumer",49000,null,"AIO",49000,"West1",57820,"",null,"West1 M","Mainstream","Mainstream"]
[21374171,"Umer Farooq Bhat","umer.farooq@v5global.co.in",7006131255,"V5 Global","Srinagar","V5266190","Jammu and Kashmir","Jammu and Kashmir",null,"V5 Global",null,null,"Chetan Mehta","Chetan.mehta@v5global.co.in",null,"North1",null,"External Consumer","ASO","V5 Global ASO",null,"FT",null,"ASO",null,"Karan Kapoor","Gaurav Sharma",null,"Kumar Tanksale","Raghavendra Araveeti","gaurav.sharma@v5global.co.in","gaurav.sharma@v5global.co.in","Kkapoor@lenovo.com","ktanksale1@lenovo.com","raraveeti@lenovo.com","ASO","Shilpi Gautam","sgautam2@lenovo.com",null,"Kumar Tanksale",null,"ktanksale1@lenovo.com",null,"2025-11-05","15:34:00","33.73750815087509,75.14902107417583","THE COMPUTER STORE",{"$nulls":3},"T3","01EMIPB9874B1Z9","North1",null,"T-30875","anantnag","Jammu And Kashmir","V5 Global",null,"Yes","Face to Face","GY51C12380",2,"Lenovo","Wireless Mouse","Input","Lenovo 130 wireless mouse","NA","Accessories","NA","NA","Accessories",649,null,null,1298,"North1",765.8199999999999,"",null,"North1","NA","NA"]
[21374883,"Ashwani Kumar","ashwani.kumar@v5global.co.in",7827383769,"V5 Global","Delhi","V5262001","Delhi","Delhi",null,"V5 Global",null,null,"Mohd Asif","mohd.asif@v5global.co.in",null,"North1",null,"External Consumer","ASO","V5 Global ASO",null,"FT",null,"ASO",null,"Kanwaldeep Singh","Gaurav Sharma",null,"Kumar Tanksale","Raghavendra Araveeti","gaurav.sharma@v5global.co.in","gaurav.sharma@v5global.co.in","ksingh15@lenovo.com","ktanksale1@lenovo.com","raraveeti@lenovo.com","ASO","Shilpi Gautam","sgautam2@lenovo.com",null,"Kumar Tanksale",null,"ktanksale1@lenovo.com",null,"2025-11-05","15:56:00","28.5486174,77.2515789","Hitech Info Vision",{"$nulls":3},"T3","07ALJPK6300M1ZZ","North1",null,"T-3807","New Delhi","New Delhi","V5 Global",null,"Yes","Face to Face","83GS008SIN",1,"Lenovo","LOQ","LOQ","12GB, 512GB SSD","Win 11","Gaming","Mainstream","i5-12450HX","Consumer",60945,null,"NB",60945,"North1",71915.09999999999,"",null,"North1","Premium","Mainstream"]
[21374182,"Umer Farooq Bhat","umer.farooq@v5global.co.in",7006131255,"V5 Global","Srinagar","V5266190","Jammu and Kashmir","Jammu and Kashmir",null,"V5 Global",null,null,"Chetan Mehta","Chetan.mehta@v5global.co.in",null,"North1",null,"External Consumer","ASO","V5 Global ASO",null,"FT",null,"ASO",null,"Karan Kapoor","Gaurav Sharma",null,"Kumar Tanksale","Raghavendra Araveeti","gaurav.sharma@v5global.co.in","gaurav.sharma@v5global.co.in","Kkapoor@lenovo.com","ktanksale1@lenovo.com","raraveeti@lenovo.com","ASO","Shilpi Gautam","sgautam2@lenovo.com",null,"Kumar Tanksale",null,"ktanksale1@lenovo.com",null,"2025-11-05","16:06:00","33.73616314875579,75.146169885993","Print Media",{"$nulls":3},"T3",null,"North1",null,"T-3576","Anantnag","Jammu And Kashmir","V5 Global",null,"Yes","Face to Face","GY51C12380",2,"Lenovo","Wireless Mouse","Input","Lenovo 130 wireless mouse","NA","Accessories","NA","NA","Accessories",649,null,null,1298,"North1",765.8199999999999,"",null,"North1","NA","NA"]
[21374187,"Umer Farooq Bhat","umer.farooq@v5global.co.in",7006131255,"V5 Global","Srinagar","V5266190","Jammu and Kashmir","Jammu and Kashmir",null,"V5 Global",null,null,"Chetan Mehta","Chetan.mehta@v5global.co.in",null,"North1",null,"External Consumer","ASO","V5 Global ASO",null,"FT",null,"ASO",null,"Karan Kapoor","Gaurav Sharma",null,"Kumar Tanksale","Raghavendra Araveeti","gaurav.sharma@v5global.co.in","gaurav.sharma@v5global.co.in","Kkapoor@lenovo.com","ktanksale1@lenovo.com","raraveeti@lenovo.com","ASO","Shilpi Gautam","sgautam2@lenovo.com",null,"Kumar Tanksale",null,"ktanksale1@lenovo.com",null,"2025-11-05","16:39:00","33.73552409807103,75.14641497284174","AL MADINA COMPUTER WORLD",{"$nulls":3},"T3","01FIVPK3177A1ZC","North1",null,"T-30874","anantnag","Jammu And Kashmir","V5 Global",null,"Yes","Face to Face","GY51C12380",2,"Lenovo","Wireless Mouse","Input","Lenovo 130 wireless mouse","NA","Accessories","NA","NA","Accessories",649,null,null,1298,"North1",765.8199999999999,"",null,"North1","NA","NA"]
[21374893,"Ashwani Kumar","ashwani.kumar@v5global.co.in",7827383769,"V5 Global","Delhi","V5262001","Delhi","Delhi",null,"V5 Global",null,null,"Mohd Asif","mohd.asif@v5global.co.in",null,"North1",null,"External Consumer","ASO","V5 Global ASO",null,"FT",null,"ASO",null,"Kanwaldeep Singh","Gaurav Sharma",null,"Kumar Tanksale","Raghavendra Araveeti","gaurav.sharma@v5global.co.in","gaurav.sharma@v5global.co.in","ksingh15@lenovo.com","ktanksale1@lenovo.com","raraveeti@lenovo.com","ASO","Shilpi Gautam","sgautam2@lenovo.com",null,"Kumar Tanksale",null,"ktanksale1@lenovo.com",null,"2025-11-05","16:50:00","28.5486011,77.2515831","Arihant Powertronics",{"$nulls":3},"T3","07AAEPJ3755F1ZU","North1",null,"T-3808","New Delhi","New Delhi","V5 Global",null,"Yes","Face to Face","83HX00A5IN",1,"Lenovo","Ideapad","Slim 5","Ryzen AI 7 350/Co-Pilot+ PC\t","Win 11","Thin & Light","Premium","Ryzen AI 7 350","Consumer",87990,null,"NB",87990,"North1",103828.2,"SP","Non-Gaming","North1","Premium","Premium"]
[21374900,"Ashwani Kumar","ashwani.kumar@v5global.co.in",7827383769,"V5 Global","Delhi","V5262001","Delhi","Delhi",null,"V5 Global",null,null,"Mohd Asif","mohd.asif@v5global.co.in",null,"North1",null,"External Consumer","ASO","V5 Global ASO",null,"FT",null,"ASO",null,"Kanwaldeep Singh","Gaurav Sharma",null,"Kumar Tanksale","Raghavendra Araveeti","gaurav.sharma@v5global.co.in","gaurav.sharma@v5global.co.in","ksingh15@lenovo.com","ktanksale1@lenovo.com","raraveeti@lenovo.com","ASO","Shilpi Gautam","sgautam2@lenovo.com",null,"Kumar Tanksale",null,"ktanksale1@lenovo.com",null,"2025-11-05","17:37:00","28.548609,77.2515912","NOBLE TECHNOLOGIES",{"$nulls":3},"T3","07AAPFN7690A1Z0","North1",null,"T-3809","New Delhi","New Delhi","V5 Global",null,"Yes","Face to Face","82ER00MCIN",1,"Lenovo","Ideapad","Slim 3","15.6\" (39.62cm) FHD / 16 GB DDR5 RAM / 512 GB SSD/ARCTIC GREY/\t","Win 11","Thin & Light","Mainstream","Core i5 12th Gen","Consumer",53000,null,"NB",53000,"North1",62540,"",null,"North1","Mainstream","Mainstream"]
[21374909,"Ashwani Kumar","ashwani.kumar@v5global.co.in",7827383769,"V5 Global","Delhi","V5262001","Delhi","Delhi",null,"V5 Global",null,null,"Mohd Asif","mohd.asif@v5global.co.in",null,"North1",null,"External Consumer","ASO","V5 Global ASO",null,"FT",null,"ASO",null,"Kanwaldeep Singh","Gaurav Sharma",null,"Kumar Tanksale","Raghavendra Araveeti","gaurav.sharma@v5global.co.in","gaurav.sharma@v5global.co.in","ksingh15@lenovo.com","ktanksale1@lenovo.com","raraveeti@lenovo.com","ASO","Shilpi Gautam","sgautam2@lenovo.com",null,"Kumar Tanksale",null,"ktanksale1@lenovo.com",null,"2025-11-05","18:52:00","28.5486264,77.2515677","TIMES IT SOLUTIONS",{"$nulls":3},"T3","07ADKPK0524A1Z6","North1",null,"T-3812","New Delhi","New Delhi","V5 Global",null,"Yes","Face to Face","90XS005PIN",1,"Lenovo","IdeaCentre","IdeaCentre","IntelÂ® Coreâ„¢ i3-14100 4C, 8GB DDR5/512 SSD/ WiFi 6 + BT 5.2/ 260W/ SFF 8.2Lt / Wired KeyBoard & Mouse /Win 11 Home/1 Yr Onsite","Win 11","TDT","Entry","IntelÂ® Coreâ„¢ i3-14100","Consumer",31500,null,"TDT",31500,"North1",37170,"",null,"North1","Entry","Entry"]
[21376091,"Devendar Vaishnav","devendar.vaishnav@v5global.co.in",9346025615,"V5 Global","Hyderabad",601572,"Hyderabad","Telangana",null,"V5 Global",null,null,"Mohammed Ibrahim","mohammed.ibrahim@v5global.co.in",null,"South2",null,"External Consumer","ASO","V5 Global ASO",{"$nulls":3},"ASO",null,"Santosh Singh","S.Arunbabu",null,"Prabhu Subaramanian","Sharad verma","arun.babu@v5global.co.in","arun.babu@v5global.co.in","ssingh9@lenovo.com","psubramania4@lenovo.com","sharverm@lenovo.com","ASO","Shilpi Gautam","sgautam2@lenovo.com",null,"Prabhu Subaramanian",null,"psubramania4@lenovo.com",null,"2025-11-05","20:30:00","17.4835132,78.390873","Computer Bazar",{"$nulls":3},"T3","36AADFC5062B1ZY","South3",null,"T-18840","Hyderabad","Telanagana",null,null,"Yes","Face to Face","83EL0053IN",1,"Lenovo","Ideapad","Slim 3","LEN I5 13420H 16GB 512GB W11 MSO 1YR","Win 11","Thin & Light","Mainstream","i5 13420H","Consumer",60990,null,"NB",60990,"South2",71968.2,"",null,"South2","Premium","Mainstream"]
[21376381,"Sukanta Sinha","sukanta.sinha@v5global.co.in",9854184578,"V5 Global","Guwahati","V5266867","NE","NE",null,"V5 Global",null,null,"Sukamal Saha","sukamal.saha@v5global.co.in",null,"East1",null,"External Consumer","ASO","V5 Global ASO",null,"FT",null,"ASO",null,"Partha Chakraborty","Amit Thakuri",null,"Amit Tiwari","Raghavendra Araveeti","amit.thakuri@v5global.co.in","amit.thakuri@v5global.co.in","pchakraborty@lenovo.com","atiwari11@lenovo.com","raraveeti@lenovo.com","ASO","Shilpi Gautam","sgautam2@lenovo.com",null,"Amit Tiwari",null,"atiwari11@lenovo.com",null,"2025-11-05","20:54:00","26.1636266,91.7765525","Axom Computers",{"$nulls":3},"T3","18BLZPB3196F1ZN","East1",null,"T-30055","Morigaon","Assam","V5 Global",null,"Yes","Face to Face","83DV01AAIN",1,"Lenovo","LOQ","LOQ","LOQ I5 13gen 16GB RAM 512 gb SSD RTX4050 win11 MSO\t","Win 11","Gaming","Premium","I5 13gen","Consumer",78000,null,"NB",78000,"East1",92040,"SP","Gaming","East1","Premium","Premium"]
[21376391,"Sukanta Sinha","sukanta.sinha@v5global.co.in",9854184578,"V5 Global","Guwahati","V5266867","NE","NE",null,"V5 Global",null,null,"Sukamal Saha","sukamal.saha@v5global.co.in",null,"East1",null,"External Consumer","ASO","V5 Global ASO",null,"FT",null,"ASO",null,"Partha Chakraborty","Amit Thakuri",null,"Amit Tiwari","Raghavendra Araveeti","amit.thakuri@v5global.co.in","amit.thakuri@v5global.co.in","pchakraborty@lenovo.com","atiwari11@lenovo.com","raraveeti@lenovo.com","ASO","Shilpi Gautam","sgautam2@lenovo.com",null,"Amit Tiwari",null,"atiwari11@lenovo.com",null,"2025-11-05","20:55:00","26.1636266,91.7765525","Techno Point",{"$nulls":3},"T3","18AVUPM4418M1ZS","East1",null,"T-191","Kamrup Metropolitan","ASSAM","V5 Global",null,"Yes","Telephonic","82R400XSIN",5,"Lenovo","Ideapad","Ideapad","\"Ryzenâ„¢ 5 5500U 6C 8GB RAM 512GB SSD Windows11 MS Office H&S 2024  Integrated AMD Radeon  Graphics  15.6\"\" FHD TN 220nits AG 720","Win 11","Thin & Light","Entry","Amd Ryzen 5 5500U","Consumer",29407,null,"NB",{"$f":"BV195*BL195","v":147035},{"$f":"Q195","v":"East1"},{"$f":"BV195*118%","v":34700.259999999995},{"$f":"IF(CF195=\"Premium\",IF(CA195>=65000,\"SP\",\"\"),\"\")","v":""},null,"East1",{"$f":"IF(BU195=\"Consumer\",IF(CA195<40000,\"Entry\",IF(AND(CA195>=40000,CA195<65000),\"Mainstream\",\"Premium\")),IF(BU195=\"Visuals\",BS195,\"NA\"))","v":"Entry"},"Entry"]
[21376400,"Sukanta Sinha","sukanta.sinha@v5global.co.in",9854184578,"V5 Global","Guwahati","V5266867","NE","NE",null,"V5 Global",null,null,"Sukamal Saha","sukamal.saha@v5global.co.in",null,"East1",null,"External Consumer","ASO","V5 Global ASO",null,"FT",null,"ASO",null,"Partha Chakraborty","Amit Thakuri",null,"Amit Tiwari","Raghavendra Araveeti","amit.thakuri@v5global.co.in","amit.thakuri@v5global.co.in","pchakraborty@lenovo.com","atiwari11@lenovo.com","raraveeti@lenovo.com","ASO","Shilpi Gautam","sgautam2@lenovo.com",null,"Amit Tiwari",null,"atiwari11@lenovo.com",null,"2025-11-05","20:56:00","26.1636266,91.7765525","Jumsi Enterprise",{"$nulls":3},"T3",null,"East1",null,"T-15","Papum Pare","ARUNACHAL PRADESH","V5 Global",null,"Yes","Telephonic","F0HM003CIN",1,"Lenovo","IdeaCentre","IdeaCentre AIO 27IRH9","DT IC AIO 27IRH9 I513420H 1T 16G","Win 11","AIO","Premium","i5 13420H","Consumer",69990,null,"AIO",69990,"East1",82588.2,"SP","Non-Gaming","East1","Premium","Premium"]
[21376411,"Sukanta Sinha","sukanta.sinha@v5global.co.in",9854184578,"V5 Global","Guwahati","V5266867","NE","NE",null,"V5 Global",null,null,"Sukamal Saha","sukamal.saha@v5global.co.in",null,"East1",null,"External Consumer","ASO","V5 Global ASO",null,"FT",null,"ASO",null,"Partha Chakraborty","Amit Thakuri",null,"Amit Tiwari","Raghavendra Araveeti","amit.thakuri@v5global.co.in","amit.thakuri@v5global.co.in","pchakraborty@lenovo.com","atiwari11@lenovo.com","raraveeti@lenovo.com","ASO","Shilpi Gautam","sgautam2@lenovo.com",null,"Amit Tiwari",null,"atiwari11@lenovo.com",null,"2025-11-05","20:57:00","26.1636266,91.7765525","M/S I T Solution",{"$nulls":3},"T3","18AJEPG9538Q1ZF","East1",null,"T-31372","Guwahati","Assam","V5 Global",null,"Yes","Telephonic","F0J6005GIN",3,"Lenovo","AIO","A100","IntelÂ® Coreâ„¢ i3-N305/8GB SO-DIMM DDR4-3200/512GB SSD/Integrated IntelÂ® UHD Graphics/WindowsÂ® 11,Cloud Grey","Win 11","AIO","Mainstream","IntelÂ® Coreâ„¢ i3-N305","Consumer",49000,null,"AIO",147000,"East1",57820,"",null,"East1","Mainstream","Mainstream"]
[21376419,"Sukanta Sinha","sukanta.sinha@v5global.co.in",9854184578,"V5 Global","Guwahati","V5266867","NE","NE",null,"V5 Global",null,null,"Sukamal Saha","sukamal.saha@v5global.co.in",null,"East1",null,"External Consumer","ASO","V5 Global ASO",null,"FT",null,"ASO",null,"Partha Chakraborty","Amit Thakuri",null,"Amit Tiwari","Raghavendra Araveeti","amit.thakuri@v5global.co.in","amit.thakuri@v5global.co.in","pchakraborty@lenovo.com","atiwari11@lenovo.com","raraveeti@lenovo.com","ASO","Shilpi Gautam","sgautam2@lenovo.com",null,"Amit Tiwari",null,"atiwari11@lenovo.com",null,"2025-11-05","20:57:00","26.1636266,91.7765525","Great Eastern Trading Co.",{"$nulls":3},"T3","18AABCG1740K1ZO","East1",null,"T-85","Kamrup Metropolitan","ASSAM","V5 Global",null,"Yes","Telephonic","83JC00GDIN",1,"Lenovo","LOQ","LOQ","15.6_FHD_AG_300N_144_SRGB/24GB, 512GB SSD/OFFICE H&S 2024","Win 11","Gaming","Premium","AMD Ryzenâ„¢ 7 7435HS (8C / 16T, 3.1 / 4.5GHz, 4MB L2 / 16MB L3)","Consumer",78000,null,"NB",78000,"East1",92040,"SP","Gaming","East1","Premium","Premium"]
[21376432,"Sukanta Sinha","sukanta.sinha@v5global.co.in",9854184578,"V5 Global","Guwahati","V5266867","NE","NE",null,"V5 Global",null,null,"Sukamal Saha","sukamal.saha@v5global.co.in",null,"East1",null,"External Consumer","ASO","V5 Global ASO",null,"FT",null,"ASO",null,"Partha Chakraborty","Amit Thakuri",null,"Amit Tiwari","Raghavendra Araveeti","amit.thakuri@v5global.co.in","amit.thakuri@v5global.co.in","pchakraborty@lenovo.com","atiwari11@lenovo.com","raraveeti@lenovo.com","ASO","Shilpi Gautam","sgautam2@lenovo.com",null,"Amit Tiwari",null,"atiwari11@lenovo.com",null,"2025-11-05","20:58:00","26.1636266,91.7765525","J P Emporium",{"$nulls":3},"T3","18BOPB7945P1Z0","East1",null,"T-28046","Majuli","Assam","Denave",null,"Yes","Telephonic","83JC00EFIN",1,"Lenovo","LOQ","LOQ 15ARP9","NB LOQ 15ARP9 R5 24G 512G 11S","Win 11","Gaming","Premium","R5 7235HS","Consumer",67578,null,"NB",67578,"East1",79742.04,"SP","Gaming","East1","Premium","Premium"]
[21376897,"Govind Gulab Rajbhar","govind.gulab@v5global.co.in",9029031943,"V5 Global","Mumbai","V5263641","Maharashtra","Maharashtra",null,"V5 Global",null,null,"Pooja Thakur","pooja.thakur@v5global.co.in",null,"West1",null,"External Consumer","ASO","V5 Global ASO",null,"FT",null,"ASO",null,"Amit Tiwari","Yunus Hamid Mansoori",null,"Hemant C Baghel","Sharad verma","yunus.hamid@v5global.co.in","yunus.hamid@v5global.co.in","atiwari5@lenovo.com","hbaghel@lenovo.com","sharverm@lenovo.com","ASO","Shilpi Gautam","sgautam2@lenovo.com",null,"Hemant C Baghel",null,"hbaghel@lenovo.com",null,"2025-11-05","21:33:00","19.217043,72.8438996","Samruddhi Computer",{"$nulls":3},"T3","27AHTPC8679H1ZL","West1",null,"T-29179","Palghar","Maharashtra","V5 Global",null,"Yes","Telephonic","82RJ00H6IN",1,"Lenovo","Ideapad Slim 3i","Slim 3i","Thin&light|i3-1215U|8GB,512GB SSD|Arctic Grey|WINDOWS 11 HOME 64 SL|off.2024","Win 11","Thin & Light","Premium","i3-1215U","Consumer",33300,null,"NB",33300,"West1",39294,"",null,"West1 M","Entry","Entry"]
[21376904,"Govind Gulab Rajbhar","govind.gulab@v5global.co.in",9029031943,"V5 Global","Mumbai","V5263641","Maharashtra","Maharashtra",null,"V5 Global",null,null,"Pooja Thakur","pooja.thakur@v5global.co.in",null,"West1",null,"External Consumer","ASO","V5 Global ASO",null,"FT",null,"ASO",null,"Amit Tiwari","Yunus Hamid Mansoori",null,"Hemant C Baghel","Sharad verma","yunus.hamid@v5global.co.in","yunus.hamid@v5global.co.in","atiwari5@lenovo.com","hbaghel@lenovo.com","sharverm@lenovo.com","ASO","Shilpi Gautam","sgautam2@lenovo.com",null,"Hemant C Baghel",null,"hbaghel@lenovo.com",null,"2025-11-05","21:33:00","19.217002,72.8439136","Cloud 9 Electronics",{"$nulls":3},"T3",null,"West1",null,"T-21982","Mumbai","Maharashtra","V5 Global",null,"Yes","Telephonic","82LX00F7IN",1,"Lenovo","Ideapad","Slim 1","LEN N4500 8GB 512GB SSD WIN11  1YR","Win 11","Thin & Light","Entry","N4500","Consumer",25900,null,"NB",25900,"West1",30562,"",null,"West1 M","Entry","Entry"]
[21376912,"Govind Gulab Rajbhar","govind.gulab@v5global.co.in",9029031943,"V5 Global","Mumbai","V5263641","Maharashtra","Maharashtra",null,"V5 Global",null,null,"Pooja Thakur","pooja.thakur@v5global.co.in",null,"West1",null,"External Consumer","ASO","V5 Global ASO",null,"FT",null,"ASO",null,"Amit Tiwari","Yunus Hamid Mansoori",null,"Hemant C Baghel","Sharad verma","yunus.hamid@v5global.co.in","yunus.hamid@v5global.co.in","atiwari5@lenovo.com","hbaghel@lenovo.com","sharverm@lenovo.com","ASO","Shilpi Gautam","sgautam2@lenovo.com",null,"Hemant C Baghel",null,"hbaghel@lenovo.com",null,"2025-11-05","21:34:00","19.2169945,72.8439166","Ace System",{"$nulls":3},"T3",null,"West1",null,"T-25681","Mumbai","Maharashtra","Denave",null,"Yes","Telephonic","82LX00F7IN",1,"Lenovo","Ideapad","Slim 1","LEN N4500 8GB 512GB SSD WIN11  1YR","Win 11","Thin & Light","Entry","N4500","Consumer",25900,null,"NB",25900,"West1",30562,"",null,"West1 M","Entry","Entry"]
[21376912,"Govind Gulab Rajbhar","govind.gulab@v5global.co.in",9029031943,"V5 Global","Mumbai","V5263641","Maharashtra","Maharashtra",null,"V5 Global",null,null,"Pooja Thakur","pooja.thakur@v5global.co.in",null,"West1",null,"External Consumer","ASO","V5 Global ASO",null,"FT",null,"ASO",null,"Amit Tiwari","Yunus Hamid Mansoori",null,"Hemant C Baghel","Sharad verma","yunus.hamid@v5global.co.in","yunus.hamid@v5global.co.in","atiwari5@lenovo.com","hbaghel@lenovo.com","sharverm@lenovo.com","ASO","Shilpi Gautam","sgautam2@lenovo.com",null,"Hemant C Baghel",null,"hbaghel@lenovo.com",null,"2025-11-05","21:34:00","19.2169945,72.8439166","Ace System",{"$nulls":3},"T3",null,"West1",null,"T-25681","Mumbai","Maharashtra","Denave",null,"Yes","Telephonic","82RJ00H6IN",1,"Lenovo","Ideapad Slim 3i","Slim 3i","Thin&light|i3-1215U|8GB,512GB SSD|Arctic Grey|WINDOWS 11 HOME 64 SL|off.2024","Win 11","Thin & Light","Premium","i3-1215U","Consumer",33300,null,"NB",33300,"West1",39294,"",null,"West1 M","Entry","Entry"]
[21376922,"Govind Gulab Rajbhar","govind.gulab@v5global.co.in",9029031943,"V5 Global","Mumbai","V5263641","Maharashtra","Maharashtra",null,"V5 Global",null,null,"Pooja Thakur","pooja.thakur@v5global.co.in",null,"West1",null,"External Consumer","ASO","V5 Global ASO",null,"FT",null,"ASO",null,"Amit Tiwari","Yunus Hamid Mansoori",null,"Hemant C Baghel","Sharad verma","yunus.hamid@v5global.co.in","yunus.hamid@v5global.co.in","atiwari5@lenovo.com","hbaghel@lenovo.com","sharverm@lenovo.com","ASO","Shilpi Gautam","sgautam2@lenovo.com",null,"Hemant C Baghel",null,"hbaghel@lenovo.com",null,"2025-11-05","21:34:00","19.2169848,72.8439264","Computer World",{"$nulls":3},"T3",null,"West1",null,"T-25773","Mumbai","Maharashtra","V5 Global",null,"Yes","Telephonic","83K100CJIN",1,"Lenovo","Slim 3","IdeaPad Slim 3 15IRH10","NB IP Slim 3 15IRH10 I7 8G 8G 512G 11S","Win 11","Thin & Light","Mainstream","i7 13620H","Consumer",63827,null,"NB",63827,"West1",75315.86,"SP","Non-Gaming","West1 M","Premium","Premium"]
[21376935,"Govind Gulab Rajbhar","govind.gulab@v5global.co.in",9029031943,"V5 Global","Mumbai","V5263641","Maharashtra","Maharashtra",null,"V5 Global",null,null,"Pooja Thakur","pooja.thakur@v5global.co.in",null,"West1",null,"External Consumer","ASO","V5 Global ASO",null,"FT",null,"ASO",null,"Amit Tiwari","Yunus Hamid Mansoori",null,"Hemant C Baghel","Sharad verma","yunus.hamid@v5global.co.in","yunus.hamid@v5global.co.in","atiwari5@lenovo.com","hbaghel@lenovo.com","sharverm@lenovo.com","ASO","Shilpi Gautam","sgautam2@lenovo.com",null,"Hemant C Baghel",null,"hbaghel@lenovo.com",null,"2025-11-05","21:36:00","19.2169857,72.8439275","S K INFOTECH",{"$nulls":3},"T3",null,"West1",null,"T-19652","Mumbai","Maharashtra","V5 Global",null,"Yes","Telephonic","F0HN00PHIN",1,"Lenovo","AIO","AIO","LEN I5-13420H 16GB 512GB SSD 23.8 MSO","Win 11","AIO","Mainstream","i5-13420H","Consumer",53381,null,"AIO",53381,"West1",62989.579999999994,"",null,"West1 M","Mainstream","Mainstream"]
[21376947,"Govind Gulab Rajbhar","govind.gulab@v5global.co.in",9029031943,"V5 Global","Mumbai","V5263641","Maharashtra","Maharashtra",null,"V5 Global",null,null,"Pooja Thakur","pooja.thakur@v5global.co.in",null,"West1",null,"External Consumer","ASO","V5 Global ASO",null,"FT",null,"ASO",null,"Amit Tiwari","Yunus Hamid Mansoori",null,"Hemant C Baghel","Sharad verma","yunus.hamid@v5global.co.in","yunus.hamid@v5global.co.in","atiwari5@lenovo.com","hbaghel@lenovo.com","sharverm@lenovo.com","ASO","Shilpi Gautam","sgautam2@lenovo.com",null,"Hemant C Baghel",null,"hbaghel@lenovo.com",null,"2025-11-05","21:36:00","19.2169876,72.8439267","SOLNET SYSTEM",{"$nulls":3},"T3",null,"West1",null,"T-19655","Mumbai","Maharashtra","V5 Global",null,"Yes","Telephonic","67AKACBIN",1,"Lenovo","L Series","L22E-40","21.5'' VA75HZ HDMI","NA","Visual Variants","Mainstream","NA","Visuals",6250,null,null,6250,"West1",7375,"",null,"West1 M","Mainstream","Mainstream"]
[21377309,"Rajesh MG","rajesh.mg@v5global.co.in",8157020114,"V5 Global","COCHIN",601146,"KERELA","KERELA",null,"V5 Global",null,null,"Athul Krishna","athul.n@v5global.co.in",null,"South1",null,"External Consumer","ASO","V5 Global ASO",null,"FT",null,"ASO",null,"Shaiju","Prakash Kumar K P",null,"S Sreekumar","Sharad verma","prakash.kp@v5global.co.in","prakash.kp@v5global.co.in","ss89@lenovo.com","ssreekumar@lenovo.com","sharverm@lenovo.com","ASO","Shilpi Gautam","sgautam2@lenovo.com",null,"S Sreekumar",null,"ssreekumar@lenovo.com",null,"2025-11-05","22:11:00","10.606286,76.14293","sapphire technologies",{"$nulls":3},"T3","32AEDFS5701H1ZC","South1",null,"T-30632","Thrissur","Kerala","V5 Global",null,"Yes","Telephonic","68C5GAC4IN",1,"Lenovo","LEGION 27-10","L Series","LEN LEGION 27-10 27 IPS BLACK 240HZ","NA","Visual Variants","Premium","NA","Visuals",11101,null,null,11101,"South1",13099.179999999998,"",null,"South1","Premium","Premium"]
[21377342,"Rajesh MG","rajesh.mg@v5global.co.in",8157020114,"V5 Global","COCHIN",601146,"KERELA","KERELA",null,"V5 Global",null,null,"Athul Krishna","athul.n@v5global.co.in",null,"South1",null,"External Consumer","ASO","V5 Global ASO",null,"FT",null,"ASO",null,"Shaiju","Prakash Kumar K P",null,"S Sreekumar","Sharad verma","prakash.kp@v5global.co.in","prakash.kp@v5global.co.in","ss89@lenovo.com","ssreekumar@lenovo.com","sharverm@lenovo.com","ASO","Shilpi Gautam","sgautam2@lenovo.com",null,"S Sreekumar",null,"ssreekumar@lenovo.com",null,"2025-11-05","22:17:00","10.6062854,76.1429307","GULF OWN STORS LLP",{"$nulls":3},"T3","32AAUFG5117G1ZF","South2",null,"T-28926","Malappuram","Kerala","V5 Global",null,"Yes","Telephonic","83JG008NIN",1,"Lenovo","LOQ","LOQ","15.6  24GB RAM 1TB RTX 5050 W11 MS24 GREY","Win 11","Gaming","Premium","AI 7 250","Consumer",112990,null,"NB",112990,"South1",133328.19999999998,"SP","Gaming","South1","Premium","Premium"]
[21377350,"Rajesh MG","rajesh.mg@v5global.co.in",8157020114,"V5 Global","COCHIN",601146,"KERELA","KERELA",null,"V5 Global",null,null,"Athul Krishna","athul.n@v5global.co.in",null,"South1",null,"External Consumer","ASO","V5 Global ASO",null,"FT",null,"ASO",null,"Shaiju","Prakash Kumar K P",null,"S Sreekumar","Sharad verma","prakash.kp@v5global.co.in","prakash.kp@v5global.co.in","ss89@lenovo.com","ssreekumar@lenovo.com","sharverm@lenovo.com","ASO","Shilpi Gautam","sgautam2@lenovo.com",null,"S Sreekumar",null,"ssreekumar@lenovo.com",null,"2025-11-05","22:18:00","10.6062853,76.1429307","Fusion IT Traders",{"$nulls":3},"T3","32BQGPJ7228E1Z3","South1",null,"T-30983","Thrissur","Kerala","V5 Global",null,"Yes","Telephonic","83K100C9IN",1,"Lenovo","Slim 3","IdeaPad Slim 3 15IRH10","NB IP Slim 3 15IRH10 I7 8G 8G 512G 11S","Win 11","Thin & Light","Mainstream","i7 13620H","Consumer",64700,null,"NB",64700,"South1",76346,"SP","Non-Gaming","South1","Premium","Premium"]
[21377363,"Rajesh MG","rajesh.mg@v5global.co.in",8157020114,"V5 Global","COCHIN",601146,"KERELA","KERELA",null,"V5 Global",null,null,"Athul Krishna","athul.n@v5global.co.in",null,"South1",null,"External Consumer","ASO","V5 Global ASO",null,"FT",null,"ASO",null,"Shaiju","Prakash Kumar K P",null,"S Sreekumar","Sharad verma","prakash.kp@v5global.co.in","prakash.kp@v5global.co.in","ss89@lenovo.com","ssreekumar@lenovo.com","sharverm@lenovo.com","ASO","Shilpi Gautam","sgautam2@lenovo.com",null,"S Sreekumar",null,"ssreekumar@lenovo.com",null,"2025-11-05","22:20:00","10.6062854,76.1429308","RHYTHM",{"$nulls":3},"T3","32AAVFR9743E1ZR","South1",null,"T-19491","Thrissur","Kerala","V5 Global",null,"Yes","Telephonic","83DV01A9IN",1,"Lenovo","LOQ","LOQ 15IRX9","i5 OS 6GB Gfx/i5 13450HX/RTX 3050 6GB","Win 11","Gaming","Premium","RTX 3050 6GB/512GB SSD/i5 13450HX","Consumer",77845,null,"NB",77845,"South1",91857.09999999999,"SP","Gaming","South1","Premium","Premium"]
[21377368,"Rajesh MG","rajesh.mg@v5global.co.in",8157020114,"V5 Global","COCHIN",601146,"KERELA","KERELA",null,"V5 Global",null,null,"Athul Krishna","athul.n@v5global.co.in",null,"South1",null,"External Consumer","ASO","V5 Global ASO",null,"FT",null,"ASO",null,"Shaiju","Prakash Kumar K P",null,"S Sreekumar","Sharad verma","prakash.kp@v5global.co.in","prakash.kp@v5global.co.in","ss89@lenovo.com","ssreekumar@lenovo.com","sharverm@lenovo.com","ASO","Shilpi Gautam","sgautam2@lenovo.com",null,"S Sreekumar",null,"ssreekumar@lenovo.com",null,"2025-11-05","22:20:00","10.6062853,76.1429307","MARVEL AGENCIES",{"$nulls":3},"T3","32AAIFM7587L1ZO","South1",null,"T-19494","Thrissur","Kerala","V5 Global",null,"Yes","Telephonic","83LK009VIN",2,"Lenovo","LOQ","LOQ-15AX9E","i5-12450HX-RTX3050A-W11-O24-15.6","Win 11","Gaming","Premium","i5-12450HX","Consumer",85290,null,"NB",170580,"South1",100642.2,"SP","Gaming","South1","Premium","Premium"]
[21377376,"Rajesh MG","rajesh.mg@v5global.co.in",8157020114,"V5 Global","COCHIN",601146,"KERELA","KERELA",null,"V5 Global",null,null,"Athul Krishna","athul.n@v5global.co.in",null,"South1",null,"External Consumer","ASO","V5 Global ASO",null,"FT",null,"ASO",null,"Shaiju","Prakash Kumar K P",null,"S Sreekumar","Sharad verma","prakash.kp@v5global.co.in","prakash.kp@v5global.co.in","ss89@lenovo.com","ssreekumar@lenovo.com","sharverm@lenovo.com","ASO","Shilpi Gautam","sgautam2@lenovo.com",null,"S Sreekumar",null,"ssreekumar@lenovo.com",null,"2025-11-05","22:21:00","10.6062859,76.1429305","DIVINE COMPUTER SHOPY",{"$nulls":3},"T3","32AWWPN0399R1ZF","South1",null,"T-8150","Thrissur","Kerala","V5 Global",null,"Yes","Telephonic","83ER00MCIN",1,"Lenovo","Ideapad","Slim 3","Lenovo IdeaPad Slim 3 12th Gen Intel Core i5-12450H 15\" (39.6cm) FHD IPS 300 Nits Thin & Light Laptop (16GB/512GB SSD/Win 11/MSO","Win 11","Thin & Light","Mainstream","i5 12th Gen","Consumer",41000,null,"NB",41000,"South1",48380,"",null,"South1","Mainstream","Mainstream"]
[21377386,"Rajesh MG","rajesh.mg@v5global.co.in",8157020114,"V5 Global","COCHIN",601146,"KERELA","KERELA",null,"V5 Global",null,null,"Athul Krishna","athul.n@v5global.co.in",null,"South1",null,"External Consumer","ASO","V5 Global ASO",null,"FT",null,"ASO",null,"Shaiju","Prakash Kumar K P",null,"S Sreekumar","Sharad verma","prakash.kp@v5global.co.in","prakash.kp@v5global.co.in","ss89@lenovo.com","ssreekumar@lenovo.com","sharverm@lenovo.com","ASO","Shilpi Gautam","sgautam2@lenovo.com",null,"S Sreekumar",null,"ssreekumar@lenovo.com",null,"2025-11-05","22:22:00","10.6062856,76.1429306","SAF G",{"$nulls":3},"T3","32FHNPS2821C2ZG","South2",null,"T-29018","Edappal","Kerala","V5 Global",null,"Yes","Telephonic","83JC00GDIN",2,"Lenovo","LOQ","LOQ","15.6_FHD_AG_300N_144_SRGB/24GB, 512GB SSD/OFFICE H&S 2024","Win 11","Gaming","Premium","AMD Ryzenâ„¢ 7 7435HS (8C / 16T, 3.1 / 4.5GHz, 4MB L2 / 16MB L3)","Consumer",78000,null,"NB",156000,"South1",92040,"SP","Gaming","South1","Premium","Premium"]
[21377396,"Rajesh MG","rajesh.mg@v5global.co.in",8157020114,"V5 Global","COCHIN",601146,"KERELA","KERELA",null,"V5 Global",null,null,"Athul Krishna","athul.n@v5global.co.in",null,"South1",null,"External Consumer","ASO","V5 Global ASO",null,"FT",null,"ASO",null,"Shaiju","Prakash Kumar K P",null,"S Sreekumar","Sharad verma","prakash.kp@v5global.co.in","prakash.kp@v5global.co.in","ss89@lenovo.com","ssreekumar@lenovo.com","sharverm@lenovo.com","ASO","Shilpi Gautam","sgautam2@lenovo.com",null,"S Sreekumar",null,"ssreekumar@lenovo.com",null,"2025-11-05","22:23:00","10.6062853,76.1429307","MARVEL AGENCIES",{"$nulls":3},"T3","32AAIFM7587L1ZO","South1",null,"T-19494","Thrissur","Kerala","V5 Global",null,"Yes","Telephonic","F0J6005FIN",1,"Lenovo","AIO","Lenovo A100","23.8\" FHD/8GB RAM/512 SSD/Integrated Graphics/MSO 2024/White","Win 11","AIO","Entry","Intel N100","Consumer",32000,null,"AIO",32000,"South1",37760,"",null,"South1","Entry","Entry"]
[21377410,"Rajesh MG","rajesh.mg@v5global.co.in",8157020114,"V5 Global","COCHIN",601146,"KERELA","KERELA",null,"V5 Global",null,null,"Athul Krishna","athul.n@v5global.co.in",null,"South1",null,"External Consumer","ASO","V5 Global ASO",null,"FT",null,"ASO",null,"Shaiju","Prakash Kumar K P",null,"S Sreekumar","Sharad verma","prakash.kp@v5global.co.in","prakash.kp@v5global.co.in","ss89@lenovo.com","ssreekumar@lenovo.com","sharverm@lenovo.com","ASO","Shilpi Gautam","sgautam2@lenovo.com",null,"S Sreekumar",null,"ssreekumar@lenovo.com",null,"2025-11-05","22:24:00","10.6062853,76.1429307","Core Image Technologies",{"$nulls":3},"T3",null,"South2",null,"T-20495","Thrissur","Kerala","Denave",null,"Yes","Telephonic","90XS005PIN",1,"Lenovo","IdeaCentre","IdeaCentre","IntelÂ® Coreâ„¢ i3-14100 4C, 8GB DDR5/512 SSD/ WiFi 6 + BT 5.2/ 260W/ SFF 8.2Lt / Wired KeyBoard & Mouse /Win 11 Home/1 Yr Onsite","Win 11","TDT","Entry","IntelÂ® Coreâ„¢ i3-14100","Consumer",31500,null,"TDT",31500,"South1",37170,"",null,"South1","Entry","Entry"]
[21377418,"Rajesh MG","rajesh.mg@v5global.co.in",8157020114,"V5 Global","COCHIN",601146,"KERELA","KERELA",null,"V5 Global",null,null,"Athul Krishna","athul.n@v5global.co.in",null,"South1",null,"External Consumer","ASO","V5 Global ASO",null,"FT",null,"ASO",null,"Shaiju","Prakash Kumar K P",null,"S Sreekumar","Sharad verma","prakash.kp@v5global.co.in","prakash.kp@v5global.co.in","ss89@lenovo.com","ssreekumar@lenovo.com","sharverm@lenovo.com","ASO","Shilpi Gautam","sgautam2@lenovo.com",null,"S Sreekumar",null,"ssreekumar@lenovo.com",null,"2025-11-05","22:25:00","10.6062854,76.1429307","C M Mobiles",{"$nulls":3},"T3","32BGOPM6360E1ZE","South1",null,"T-31009","Palakkad","Kerala","V5 Global",null,"Yes","Telephonic","82XM0113IN",1,"Lenovo","Ideapad","Slim 3","R7/16GB/512 SSD/RYZEN 7 5825U","Win 11","Thin & Light","Entry","RYZEN 7 5825U","Consumer",45000,null,"NB",45000,"South1",53100,"",null,"South1","Mainstream","Mainstream"]
[21377424,"Rajesh MG","rajesh.mg@v5global.co.in",8157020114,"V5 Global","COCHIN",601146,"KERELA","KERELA",null,"V5 Global",null,null,"Athul Krishna","athul.n@v5global.co.in",null,"South1",null,"External Consumer","ASO","V5 Global ASO",null,"FT",null,"ASO",null,"Shaiju","Prakash Kumar K P",null,"S Sreekumar","Sharad verma","prakash.kp@v5global.co.in","prakash.kp@v5global.co.in","ss89@lenovo.com","ssreekumar@lenovo.com","sharverm@lenovo.com","ASO","Shilpi Gautam","sgautam2@lenovo.com",null,"S Sreekumar",null,"ssreekumar@lenovo.com",null,"2025-11-05","22:26:00","10.6062854,76.1429308","DIGITAL WORLD",{"$nulls":3},"T3","32AFYPG3572Q1ZO","South2",null,"T-8855","Thrissur","Kerala","Denave",null,"Yes","Telephonic","83DV01A9IN",1,"Lenovo","LOQ","LOQ 15IRX9","i5 OS 6GB Gfx/i5 13450HX/RTX 3050 6GB","Win 11","Gaming","Premium","RTX 3050 6GB/512GB SSD/i5 13450HX","Consumer",77845,null,"NB",77845,"South1",91857.09999999999,"SP","Gaming","South1","Premium","Premium"]
[21377433,"Rajesh MG","rajesh.mg@v5global.co.in",8157020114,"V5 Global","COCHIN",601146,"KERELA","KERELA",null,"V5 Global",null,null,"Athul Krishna","athul.n@v5global.co.in",null,"South1",null,"External Consumer","ASO","V5 Global ASO",null,"FT",null,"ASO",null,"Shaiju","Prakash Kumar K P",null,"S Sreekumar","Sharad verma","prakash.kp@v5global.co.in","prakash.kp@v5global.co.in","ss89@lenovo.com","ssreekumar@lenovo.com","sharverm@lenovo.com","ASO","Shilpi Gautam","sgautam2@lenovo.com",null,"S Sreekumar",null,"ssreekumar@lenovo.com",null,"2025-11-05","22:27:00","10.6062854,76.1429307","Infinity Techno Solutions",{"$nulls":3},"T3",null,"South2",null,"T-20498","Palakkad","Kerala","Denave",null,"Yes","Telephonic","GX20P92532",3,"Lenovo","AC Adapter","Power","Lenovo 65W AC USB C Adapter(IN)","NA","Accessories","NA","NA","Accessories",2690,null,null,8070,"South1",3174.2,"",null,"South1","NA","NA"]
[21377523,"Chetti Srinivas","chetti.srinivas1@v5global.co.in",9515976797,"V5 Global","Hyderabad",601126,"TELANGANA","Telangana",null,"V5 Global",null,null,"Mohammed Ibrahim","mohammed.ibrahim@v5global.co.in",null,"South2",null,"External Consumer","ASO","V5 Global ASO",null,"FT",null,"ASO",null,"Santosh Singh","S.Arunbabu",null,"Prabhu Subaramanian","Sharad verma","arun.babu@v5global.co.in","arun.babu@v5global.co.in","ssingh9@lenovo.com","psubramania4@lenovo.com","sharverm@lenovo.com","ASO","Shilpi Gautam","sgautam2@lenovo.com",null,"Prabhu Subaramanian",null,"psubramania4@lenovo.com",null,"2025-11-05","22:40:00","17.4138626,78.5660496","Compage",{"$nulls":3},"T3","36AABCC4501C1ZE","South2",null,"T-10567","Hyderabad","Telangana","V5 Global",null,"Yes","Face to Face","90XW0055IN",1,"Lenovo","IdeaCentre","Tower 08IRR9 ","8 GB DDR   , 512 GB SSDWired KeyBoard & Mouse WiFi 6 + BT 5.2 260W  3 Yr Onsite Warranty  Win 11 Home + MS Office 2024 + 1 YR Mi","Win 11","TDT","Mainstream","Intel Core i5-13420H, 8C,","Consumer",50052,null,"TDT",50052,"South2",59061.35999999999,"",null,"South2","Mainstream","Mainstream"]
[21377527,"Chetti Srinivas","chetti.srinivas1@v5global.co.in",9515976797,"V5 Global","Hyderabad",601126,"TELANGANA","Telangana",null,"V5 Global",null,null,"Mohammed Ibrahim","mohammed.ibrahim@v5global.co.in",null,"South2",null,"External Consumer","ASO","V5 Global ASO",null,"FT",null,"ASO",null,"Santosh Singh","S.Arunbabu",null,"Prabhu Subaramanian","Sharad verma","arun.babu@v5global.co.in","arun.babu@v5global.co.in","ssingh9@lenovo.com","psubramania4@lenovo.com","sharverm@lenovo.com","ASO","Shilpi Gautam","sgautam2@lenovo.com",null,"Prabhu Subaramanian",null,"psubramania4@lenovo.com",null,"2025-11-05","22:40:00","17.4138607,78.5660188","Koncept",{"$nulls":3},"T3","36BPFPS1203G1Z6","South2",null,"T-10570","Hyderabad","Telangana","V5 Global",null,"Yes","Face to Face","90XW0055IN",1,"Lenovo","IdeaCentre","Tower 08IRR9 ","8 GB DDR   , 512 GB SSDWired KeyBoard & Mouse WiFi 6 + BT 5.2 260W  3 Yr Onsite Warranty  Win 11 Home + MS Office 2024 + 1 YR Mi","Win 11","TDT","Mainstream","Intel Core i5-13420H, 8C,","Consumer",50052,null,"TDT",50052,"South2",59061.35999999999,"",null,"South2","Mainstream","Mainstream"]
[21377533,"Chetti Srinivas","chetti.srinivas1@v5global.co.in",9515976797,"V5 Global","Hyderabad",601126,"TELANGANA","Telangana",null,"V5 Global",null,null,"Mohammed Ibrahim","mohammed.ibrahim@v5global.co.in",null,"South2",null,"External Consumer","ASO","V5 Global ASO",null,"FT",null,"ASO",null,"Santosh Singh","S.Arunbabu",null,"Prabhu Subaramanian","Sharad verma","arun.babu@v5global.co.in","arun.babu@v5global.co.in","ssingh9@lenovo.com","psubramania4@lenovo.com","sharverm@lenovo.com","ASO","Shilpi Gautam","sgautam2@lenovo.com",null,"Prabhu Subaramanian",null,"psubramania4@lenovo.com",null,"2025-11-05","22:41:00","17.4138626,78.5660077","PL COMPUTERS",{"$nulls":3},"T3","36ABZPJ3472B1ZG","South2",null,"T-10655","Hyderabad","Telangana","V5 Global",null,"Yes","Face to Face","90XS005NIN",1,"Lenovo","IdeaCentre","IdeaCentre Tower","i3-13100, 8GB/512GB/INTEL UHD GRAPHIC/win11 home/ USB combo set/1yr warranty","Win 11","TDT","Mainstream","i3-13100","Consumer",39990,null,"TDT",39990,"South2",47188.2,"",null,"South2","Mainstream","Entry"]
[21377539,"Chetti Srinivas","chetti.srinivas1@v5global.co.in",9515976797,"V5 Global","Hyderabad",601126,"TELANGANA","Telangana",null,"V5 Global",null,null,"Mohammed Ibrahim","mohammed.ibrahim@v5global.co.in",null,"South2",null,"External Consumer","ASO","V5 Global ASO",null,"FT",null,"ASO",null,"Santosh Singh","S.Arunbabu",null,"Prabhu Subaramanian","Sharad verma","arun.babu@v5global.co.in","arun.babu@v5global.co.in","ssingh9@lenovo.com","psubramania4@lenovo.com","sharverm@lenovo.com","ASO","Shilpi Gautam","sgautam2@lenovo.com",null,"Prabhu Subaramanian",null,"psubramania4@lenovo.com",null,"2025-11-05","22:42:00","17.4138712,78.5660848","SPARK- CTC",{"$nulls":3},"T3",null,"South2",null,"T-10732","Hyderabad","Telangana","V5 Global",null,"Yes","Telephonic","F0HN00PGIN",1,"Lenovo","AIO","AIO i-24IRH9","i3-1315U-8-512-UHD-W11-O24-23.80","Win 11","AIO","Mainstream","i3-1315U","Consumer",57990,null,"AIO",57990,"South2",68428.2,"",null,"South2","Premium","Mainstream"]
[21377545,"Chetti Srinivas","chetti.srinivas1@v5global.co.in",9515976797,"V5 Global","Hyderabad",601126,"TELANGANA","Telangana",null,"V5 Global",null,null,"Mohammed Ibrahim","mohammed.ibrahim@v5global.co.in",null,"South2",null,"External Consumer","ASO","V5 Global ASO",null,"FT",null,"ASO",null,"Santosh Singh","S.Arunbabu",null,"Prabhu Subaramanian","Sharad verma","arun.babu@v5global.co.in","arun.babu@v5global.co.in","ssingh9@lenovo.com","psubramania4@lenovo.com","sharverm@lenovo.com","ASO","Shilpi Gautam","sgautam2@lenovo.com",null,"Prabhu Subaramanian",null,"psubramania4@lenovo.com",null,"2025-11-05","22:43:00","17.4138685,78.5661032","Multi Computers & Peripherals",{"$nulls":3},"T3","36BBHPP4743A1ZT","South2",null,"T-10536","Hyderabad","Telangana","V5 Global",null,"Yes","Telephonic","F0HN00PGIN",1,"Lenovo","AIO","AIO i-24IRH9","i3-1315U-8-512-UHD-W11-O24-23.80","Win 11","AIO","Mainstream","i3-1315U","Consumer",57990,null,"AIO",57990,"South2",68428.2,"",null,"South2","Premium","Mainstream"]
[21377553,"Chetti Srinivas","chetti.srinivas1@v5global.co.in",9515976797,"V5 Global","Hyderabad",601126,"TELANGANA","Telangana",null,"V5 Global",null,null,"Mohammed Ibrahim","mohammed.ibrahim@v5global.co.in",null,"South2",null,"External Consumer","ASO","V5 Global ASO",null,"FT",null,"ASO",null,"Santosh Singh","S.Arunbabu",null,"Prabhu Subaramanian","Sharad verma","arun.babu@v5global.co.in","arun.babu@v5global.co.in","ssingh9@lenovo.com","psubramania4@lenovo.com","sharverm@lenovo.com","ASO","Shilpi Gautam","sgautam2@lenovo.com",null,"Prabhu Subaramanian",null,"psubramania4@lenovo.com",null,"2025-11-05","22:44:00","17.4138719,78.5660952","Radiant Technologies",{"$nulls":3},"T3","36AHOPM1744N2ZR","South2",null,"T-10507","Warangal","Andhra Pradesh","V5 Global",null,"Yes","Telephonic","83DV01A5IN",1,"Lenovo","LOQ","LOQ 15IRX9","CI7-13650HX/16GB/512GB/RTX 4050 6GB/WIN11/OFFICE2024/15.6FULLHDIPS","Win 11","Gaming","Premium","C I7-13650HX","Consumer",91500,null,"NB",91500,"South2",107970,"SP","Gaming","South2","Premium","Premium"]
[21377645,"Pran Pratap Singh","pran.singh@v5global.co.in",9001585718,"V5 Global","Jaipur","V5459442","Jaipur","Rajasthan",null,"V5 Global",null,null,"Mohmmad Abrar Khan","abrar.khan@v5global.co.in",null,"North1",null,"External Consumer","ASO","V5 Global ASO",null,"FT",null,"ASO",null,"Ganga Singh","Gaurav Sharma",null,"Kumar Tanksale","Raghavendra Araveeti","gaurav.sharma@v5global.co.in","gaurav.sharma@v5global.co.in","gsingh24@lenovo.com","ktanksale1@lenovo.com","raraveeti@lenovo.com","ASO","Shilpi Gautam","sgautam2@lenovo.com",null,"Kumar Tanksale",null,"ktanksale1@lenovo.com",null,"2025-11-05","22:54:00","26.9377267,75.8927567","P.C. COMMUNICATIONS",{"$nulls":3},"T3",null,"North1",null,"T-15677","Jaipur","Rajasthan","V5 Global",null,"Yes","Telephonic","83K100C6IN",1,"Lenovo","Ideapad","Slim 3","IntelÂ® Coreâ„¢ i5-13420H, 8C (4P + 4E) / 12T, P-core 2.1 / 4.6GHz, E-core 1.5 / 3.4GHz, 12MB,8GB Soldered DDR5-4800 + 8GB SO-DIMM ","Win 11","Thin & Light","Mainstream","i5-13420H","Consumer",46000,null,"NB",46000,"North1",54280,"",null,"North1","Mainstream","Mainstream"]
[21377645,"Pran Pratap Singh","pran.singh@v5global.co.in",9001585718,"V5 Global","Jaipur","V5459442","Jaipur","Rajasthan",null,"V5 Global",null,null,"Mohmmad Abrar Khan","abrar.khan@v5global.co.in",null,"North1",null,"External Consumer","ASO","V5 Global ASO",null,"FT",null,"ASO",null,"Ganga Singh","Gaurav Sharma",null,"Kumar Tanksale","Raghavendra Araveeti","gaurav.sharma@v5global.co.in","gaurav.sharma@v5global.co.in","gsingh24@lenovo.com","ktanksale1@lenovo.com","raraveeti@lenovo.com","ASO","Shilpi Gautam","sgautam2@lenovo.com",null,"Kumar Tanksale",null,"ktanksale1@lenovo.com",null,"2025-11-05","22:54:00","26.9377267,75.8927567","P.C. COMMUNICATIONS",{"$nulls":3},"T3",null,"North1",null,"T-15677","Jaipur","Rajasthan","V5 Global",null,"Yes","Telephonic","67BEKAC1IN",1,"Lenovo","Monitor","L27I-4A","L27I-4A","NA","Visual Variants","Premium","NA","Visuals",13000,null,null,13000,"North1",15340,"",null,"North1","Premium","Premium"]
[21377655,"Pran Pratap Singh","pran.singh@v5global.co.in",9001585718,"V5 Global","Jaipur","V5459442","Jaipur","Rajasthan",null,"V5 Global",null,null,"Mohmmad Abrar Khan","abrar.khan@v5global.co.in",null,"North1",null,"External Consumer","ASO","V5 Global ASO",null,"FT",null,"ASO",null,"Ganga Singh","Gaurav Sharma",null,"Kumar Tanksale","Raghavendra Araveeti","gaurav.sharma@v5global.co.in","gaurav.sharma@v5global.co.in","gsingh24@lenovo.com","ktanksale1@lenovo.com","raraveeti@lenovo.com","ASO","Shilpi Gautam","sgautam2@lenovo.com",null,"Kumar Tanksale",null,"ktanksale1@lenovo.com",null,"2025-11-05","22:55:00","26.9377367,75.893","BALAJI COMPUTERS",{"$nulls":3},"T3",null,"West2",null,"T-24868","Jaipur","Rajasthan","Denave",null,"Yes","Telephonic","83JE00U7IN",1,"Lenovo","LOQ","LOQ 15IRX10","Lenovo LOQ(i7-13700HX/16GB /1TBSSD/W11+MSO24+AI NOW/RTX 5050,8GB/15.6\"FHD,144Hz /1yr)Gry-83JE00U7IN","Win 11","Gaming","Premium","15.6\"FHD,144Hz /1yr)Gry","Consumer",96610,null,"NB",96610,"North1",113999.79999999999,"SP","Gaming","North1","Premium","Premium"]
[21377655,"Pran Pratap Singh","pran.singh@v5global.co.in",9001585718,"V5 Global","Jaipur","V5459442","Jaipur","Rajasthan",null,"V5 Global",null,null,"Mohmmad Abrar Khan","abrar.khan@v5global.co.in",null,"North1",null,"External Consumer","ASO","V5 Global ASO",null,"FT",null,"ASO",null,"Ganga Singh","Gaurav Sharma",null,"Kumar Tanksale","Raghavendra Araveeti","gaurav.sharma@v5global.co.in","gaurav.sharma@v5global.co.in","gsingh24@lenovo.com","ktanksale1@lenovo.com","raraveeti@lenovo.com","ASO","Shilpi Gautam","sgautam2@lenovo.com",null,"Kumar Tanksale",null,"ktanksale1@lenovo.com",null,"2025-11-05","22:55:00","26.9377367,75.893","BALAJI COMPUTERS",{"$nulls":3},"T3",null,"West2",null,"T-24868","Jaipur","Rajasthan","Denave",null,"Yes","Telephonic","67BEKAC1IN",1,"Lenovo","Monitor","L27I-4A","L27I-4A","NA","Visual Variants","Premium","NA","Visuals",13000,null,null,13000,"North1",15340,"",null,"North1","Premium","Premium"]
[21377663,"Shubham Meshram","shubham.meshram@v5global.co.in",9074043451,"V5 Global","Raipur",601113,"Chhattisgarh","Chhattisgarh",null,"V5 Global",null,null,"Shivam Kumar","shivam.kumar@v5global.co.in",null,"North2",null,"External Consumer","ASO","V5 Global ASO",null,"FT",null,"ASO",null,"Krishna Kumar Singh","Rahil Rasheed",null,"Rajender Negi","Raghavendra Araveeti","rahil.rasheed@v5global.co.in","rahil.rasheed@v5global.co.in","ksingh25@lenovo.com","rnegi@lenovo.com","raraveeti@lenovo.com","ASO","Shilpi Gautam","sgautam2@lenovo.com",null,"Rajender Negi",null,"rnegi@lenovo.com",null,"2025-11-05","22:57:00","21.2660782,81.622537","COMPU WORD",{"$nulls":3},"T3","22ADOPV0374M1Z2","East2",null,"T-18374","Bhilai","Chattisgarh","V5 Global",null,"Yes","Telephonic","83JE00U4IN",1,"Lenovo","LOQ","LOQ","15.6\" ,INTEL I7,16GB RAM ,1TB SSD","Win 11","Gaming","Premium","INTEL I7","Consumer",125000,null,"NB",125000,"North2",147500,"SP","Gaming","North2","Premium","Premium"]
[21377668,"Pran Pratap Singh","pran.singh@v5global.co.in",9001585718,"V5 Global","Jaipur","V5459442","Jaipur","Rajasthan",null,"V5 Global",null,null,"Mohmmad Abrar Khan","abrar.khan@v5global.co.in",null,"North1",null,"External Consumer","ASO","V5 Global ASO",null,"FT",null,"ASO",null,"Ganga Singh","Gaurav Sharma",null,"Kumar Tanksale","Raghavendra Araveeti","gaurav.sharma@v5global.co.in","gaurav.sharma@v5global.co.in","gsingh24@lenovo.com","ktanksale1@lenovo.com","raraveeti@lenovo.com","ASO","Shilpi Gautam","sgautam2@lenovo.com",null,"Kumar Tanksale",null,"ktanksale1@lenovo.com",null,"2025-11-05","22:58:00","26.9378833,75.893205","DELTA PERIPHERAL SYSTEMS PVT LTD",{"$nulls":3},"T3",null,"North1",null,"T-15665","Jaipur","Rajasthan","V5 Global",null,"Yes","Telephonic","F0HM003EIN",1,"Lenovo","IdeaCentre","IdeaCentre AIO 27IRH9","DT IC AIO 27IRH9 I713620H 1T 16G","Win 11","AIO","Premium","i7 13620H","Consumer",79990,null,"AIO",79990,"North1",94388.2,"SP","Non-Gaming","North1","Premium","Premium"]
[21378605,"Nilay Girishbhai Bandhara","nilay.bandhara@v5global.co.in",9979302088,"V5 Global","Vadodara","V5341501","Gujarat","Gujarat",null,"V5 Global",null,null,"Darshan Shah","darshan.shah@v5global.co.in",null,"West1",null,"External Consumer","ASO","V5 Global ASO",null,"FT",null,"ASO",null,"Darshan Thakkar","Yunus Hamid Mansoori",null,"Hemant C Baghel","Sharad verma","yunus.hamid@v5global.co.in","yunus.hamid@v5global.co.in","tjitendrabha@lenovo.com","hbaghel@lenovo.com","sharverm@lenovo.com","ASO","Shilpi Gautam","sgautam2@lenovo.com",null,"Hemant C Baghel",null,"hbaghel@lenovo.com",null,"2025-11-06","10:09:00","22.2943097,73.2259289","RADHE COMPUTERS ( ANKLESHWAR)",{"$nulls":3},"T3","24ANHPS6149J1ZK","West1",null,"T-14556","Ankleshwar","Gujarat","V5 Global",null,"Yes","Telephonic","82X700HMIN",1,"Lenovo","IdeaPad Slim 3","Slim 3","15.6\", 8GB, 512GB, Integrated Intel UHD Graphics, Office Home 2024, Arctic Grey\t","Win 11","Thin & Light","Mainstream","Intel Core i3-1315U\t","Consumer",41000,null,"NB",41000,"West1",48380,"",null,"West1 M","Mainstream","Entry"]
[21378609,"Nilay Girishbhai Bandhara","nilay.bandhara@v5global.co.in",9979302088,"V5 Global","Vadodara","V5341501","Gujarat","Gujarat",null,"V5 Global",null,null,"Darshan Shah","darshan.shah@v5global.co.in",null,"West1",null,"External Consumer","ASO","V5 Global ASO",null,"FT",null,"ASO",null,"Darshan Thakkar","Yunus Hamid Mansoori",null,"Hemant C Baghel","Sharad verma","yunus.hamid@v5global.co.in","yunus.hamid@v5global.co.in","tjitendrabha@lenovo.com","hbaghel@lenovo.com","sharverm@lenovo.com","ASO","Shilpi Gautam","sgautam2@lenovo.com",null,"Hemant C Baghel",null,"hbaghel@lenovo.com",null,"2025-11-06","10:10:00","22.2943051,73.2259551","Sahara Infosys",{"$nulls":3},"T3",null,"West2",null,"T-26299",null,"Gujarat","Denave",null,"Yes","Telephonic","83GS00PJIN",1,"Lenovo","LOQ","LOQ 15IAX9","15.6,16GB,521SSD,RTX3050 6GB,2024 MSO,LUNA GREE","Win 11","Gaming","Premium","Core i5-12450HX","Consumer",75864,null,"NB",75864,"West1",89519.51999999999,"SP","Gaming","West1 M","Premium","Premium"]
[21378615,"Nilay Girishbhai Bandhara","nilay.bandhara@v5global.co.in",9979302088,"V5 Global","Vadodara","V5341501","Gujarat","Gujarat",null,"V5 Global",null,null,"Darshan Shah","darshan.shah@v5global.co.in",null,"West1",null,"External Consumer","ASO","V5 Global ASO",null,"FT",null,"ASO",null,"Darshan Thakkar","Yunus Hamid Mansoori",null,"Hemant C Baghel","Sharad verma","yunus.hamid@v5global.co.in","yunus.hamid@v5global.co.in","tjitendrabha@lenovo.com","hbaghel@lenovo.com","sharverm@lenovo.com","ASO","Shilpi Gautam","sgautam2@lenovo.com",null,"Hemant C Baghel",null,"hbaghel@lenovo.com",null,"2025-11-06","10:10:00","22.2943095,73.2259448","Pearl Computer",{"$nulls":3},"T3","24APLPS8994P1ZJ","West1",null,"T-29141","Godhra","Gujarat","V5 Global",null,"Yes","Telephonic","83JE00U7IN",1,"Lenovo","LOQ","LOQ 15IRX10","Lenovo LOQ(i7-13700HX/16GB /1TBSSD/W11+MSO24+AI NOW/RTX 5050,8GB/15.6\"FHD,144Hz /1yr)Gry-83JE00U7IN","Win 11","Gaming","Premium","15.6\"FHD,144Hz /1yr)Gry","Consumer",96610,null,"NB",96610,"West1",113999.79999999999,"SP","Gaming","West1 M","Premium","Premium"]
[21378625,"Nilay Girishbhai Bandhara","nilay.bandhara@v5global.co.in",9979302088,"V5 Global","Vadodara","V5341501","Gujarat","Gujarat",null,"V5 Global",null,null,"Darshan Shah","darshan.shah@v5global.co.in",null,"West1",null,"External Consumer","ASO","V5 Global ASO",null,"FT",null,"ASO",null,"Darshan Thakkar","Yunus Hamid Mansoori",null,"Hemant C Baghel","Sharad verma","yunus.hamid@v5global.co.in","yunus.hamid@v5global.co.in","tjitendrabha@lenovo.com","hbaghel@lenovo.com","sharverm@lenovo.com","ASO","Shilpi Gautam","sgautam2@lenovo.com",null,"Hemant C Baghel",null,"hbaghel@lenovo.com",null,"2025-11-06","10:11:00","22.2943045,73.2259582","Master Mind Hightech Corporation",{"$nulls":3},"T3","24CDQPS2873C1ZA","West1",null,"T-29144","Godhra","Gujarat","V5 Global",null,"Yes","Telephonic","83HX00A5IN",1,"Lenovo","Ideapad","Slim 5","Ryzen AI 7 350/Co-Pilot+ PC\t","Win 11","Thin & Light","Premium","Ryzen AI 7 350","Consumer",87990,null,"NB",87990,"West1",103828.2,"SP","Non-Gaming","West1 M","Premium","Premium"]
[21378628,"Nilay Girishbhai Bandhara","nilay.bandhara@v5global.co.in",9979302088,"V5 Global","Vadodara","V5341501","Gujarat","Gujarat",null,"V5 Global",null,null,"Darshan Shah","darshan.shah@v5global.co.in",null,"West1",null,"External Consumer","ASO","V5 Global ASO",null,"FT",null,"ASO",null,"Darshan Thakkar","Yunus Hamid Mansoori",null,"Hemant C Baghel","Sharad verma","yunus.hamid@v5global.co.in","yunus.hamid@v5global.co.in","tjitendrabha@lenovo.com","hbaghel@lenovo.com","sharverm@lenovo.com","ASO","Shilpi Gautam","sgautam2@lenovo.com",null,"Hemant C Baghel",null,"hbaghel@lenovo.com",null,"2025-11-06","10:11:00","22.2943153,73.2259494","Gajanand Computer & Printer",{"$nulls":3},"T3",null,"West1",null,"T-22505","Vadodara","Gujarat","V5 Global",null,"Yes","Telephonic","83K100C6IN",1,"Lenovo","Ideapad","Slim 3","IntelÂ® Coreâ„¢ i5-13420H, 8C (4P + 4E) / 12T, P-core 2.1 / 4.6GHz, E-core 1.5 / 3.4GHz, 12MB,8GB Soldered DDR5-4800 + 8GB SO-DIMM ","Win 11","Thin & Light","Mainstream","i5-13420H","Consumer",46000,null,"NB",46000,"West1",54280,"",null,"West1 M","Mainstream","Mainstream"]
[21378640,"Nilay Girishbhai Bandhara","nilay.bandhara@v5global.co.in",9979302088,"V5 Global","Vadodara","V5341501","Gujarat","Gujarat",null,"V5 Global",null,null,"Darshan Shah","darshan.shah@v5global.co.in",null,"West1",null,"External Consumer","ASO","V5 Global ASO",null,"FT",null,"ASO",null,"Darshan Thakkar","Yunus Hamid Mansoori",null,"Hemant C Baghel","Sharad verma","yunus.hamid@v5global.co.in","yunus.hamid@v5global.co.in","tjitendrabha@lenovo.com","hbaghel@lenovo.com","sharverm@lenovo.com","ASO","Shilpi Gautam","sgautam2@lenovo.com",null,"Hemant C Baghel",null,"hbaghel@lenovo.com",null,"2025-11-06","10:12:00","22.2943077,73.2259291","Shree harsh Peripherals Pvt Ltd",{"$nulls":3},"T3","24AAGCS0832H1ZM","West1",null,"T-29857","vadodara","Gujarat","V5 Global",null,"Yes","Telephonic","90XS005PIN",14,"Lenovo","IdeaCentre","IdeaCentre","IntelÂ® Coreâ„¢ i3-14100 4C, 8GB DDR5/512 SSD/ WiFi 6 + BT 5.2/ 260W/ SFF 8.2Lt / Wired KeyBoard & Mouse /Win 11 Home/1 Yr Onsite","Win 11","TDT","Entry","IntelÂ® Coreâ„¢ i3-14100","Consumer",31500,null,"TDT",441000,"West1",37170,"",null,"West1 M","Entry","Entry"]
[21378643,"Nilay Girishbhai Bandhara","nilay.bandhara@v5global.co.in",9979302088,"V5 Global","Vadodara","V5341501","Gujarat","Gujarat",null,"V5 Global",null,null,"Darshan Shah","darshan.shah@v5global.co.in",null,"West1",null,"External Consumer","ASO","V5 Global ASO",null,"FT",null,"ASO",null,"Darshan Thakkar","Yunus Hamid Mansoori",null,"Hemant C Baghel","Sharad verma","yunus.hamid@v5global.co.in","yunus.hamid@v5global.co.in","tjitendrabha@lenovo.com","hbaghel@lenovo.com","sharverm@lenovo.com","ASO","Shilpi Gautam","sgautam2@lenovo.com",null,"Hemant C Baghel",null,"hbaghel@lenovo.com",null,"2025-11-06","10:13:00","22.2943126,73.2259264","Ravechi Enterprise Pvt Ltd",{"$nulls":3},"T3",null,"West1",null,"T-22602","Vadodara","Gujarat","V5 Global",null,"Yes","Telephonic","83ER00MCIN",1,"Lenovo","Ideapad","Slim 3","Lenovo IdeaPad Slim 3 12th Gen Intel Core i5-12450H 15\" (39.6cm) FHD IPS 300 Nits Thin & Light Laptop (16GB/512GB SSD/Win 11/MSO","Win 11","Thin & Light","Mainstream","i5 12th Gen","Consumer",41000,null,"NB",41000,"West1",48380,"",null,"West1 M","Mainstream","Mainstream"]
[21378653,"Nilay Girishbhai Bandhara","nilay.bandhara@v5global.co.in",9979302088,"V5 Global","Vadodara","V5341501","Gujarat","Gujarat",null,"V5 Global",null,null,"Darshan Shah","darshan.shah@v5global.co.in",null,"West1",null,"External Consumer","ASO","V5 Global ASO",null,"FT",null,"ASO",null,"Darshan Thakkar","Yunus Hamid Mansoori",null,"Hemant C Baghel","Sharad verma","yunus.hamid@v5global.co.in","yunus.hamid@v5global.co.in","tjitendrabha@lenovo.com","hbaghel@lenovo.com","sharverm@lenovo.com","ASO","Shilpi Gautam","sgautam2@lenovo.com",null,"Hemant C Baghel",null,"hbaghel@lenovo.com",null,"2025-11-06","10:13:00","22.2943064,73.2259318","Raj Computer & Communication",{"$nulls":3},"T3",null,"West2",null,"T-25117","Chhota Udaipur","Gujarat","Denave",null,"Yes","Telephonic","82R400XSIN",1,"Lenovo","Ideapad","Ideapad","\"Ryzenâ„¢ 5 5500U 6C 8GB RAM 512GB SSD Windows11 MS Office H&S 2024  Integrated AMD Radeon  Graphics  15.6\"\" FHD TN 220nits AG 720","Win 11","Thin & Light","Entry","Amd Ryzen 5 5500U","Consumer",29407,null,"NB",29407,"West1",34700.259999999995,"",null,"West1 M","Entry","Entry"]
[21378659,"Nilay Girishbhai Bandhara","nilay.bandhara@v5global.co.in",9979302088,"V5 Global","Vadodara","V5341501","Gujarat","Gujarat",null,"V5 Global",null,null,"Darshan Shah","darshan.shah@v5global.co.in",null,"West1",null,"External Consumer","ASO","V5 Global ASO",null,"FT",null,"ASO",null,"Darshan Thakkar","Yunus Hamid Mansoori",null,"Hemant C Baghel","Sharad verma","yunus.hamid@v5global.co.in","yunus.hamid@v5global.co.in","tjitendrabha@lenovo.com","hbaghel@lenovo.com","sharverm@lenovo.com","ASO","Shilpi Gautam","sgautam2@lenovo.com",null,"Hemant C Baghel",null,"hbaghel@lenovo.com",null,"2025-11-06","10:14:00","22.2943078,73.2259482","MEDIA INCORPORATED",{"$nulls":3},"T3","24AACPZ1113B1ZC","West1",null,"T-14818","Bharuch","Gujarat","V5 Global",null,"Yes","Telephonic","F0HR009BIN",2,"Lenovo","IdeaCentre","AIO","DT IC AIO 24ARR9 A57535HS 512G 8G","Win 11","TDT","Mainstream","R7 7735HS","Consumer",42990,null,"TDT",85980,"West1",50728.2,"",null,"West1 M","Mainstream","Mainstream"]
[21378673,"Nilay Girishbhai Bandhara","nilay.bandhara@v5global.co.in",9979302088,"V5 Global","Vadodara","V5341501","Gujarat","Gujarat",null,"V5 Global",null,null,"Darshan Shah","darshan.shah@v5global.co.in",null,"West1",null,"External Consumer","ASO","V5 Global ASO",null,"FT",null,"ASO",null,"Darshan Thakkar","Yunus Hamid Mansoori",null,"Hemant C Baghel","Sharad verma","yunus.hamid@v5global.co.in","yunus.hamid@v5global.co.in","tjitendrabha@lenovo.com","hbaghel@lenovo.com","sharverm@lenovo.com","ASO","Shilpi Gautam","sgautam2@lenovo.com",null,"Hemant C Baghel",null,"hbaghel@lenovo.com",null,"2025-11-06","10:14:00","22.2943167,73.2259372","COMPUCRAFT",{"$nulls":3},"T3","24AACFC7480Q1ZZ","West1",null,"T-14564","Vadodara","Gujarat","V5 Global",null,"Yes","Telephonic","82R400XSIN",1,"Lenovo","Ideapad","Ideapad","\"Ryzenâ„¢ 5 5500U 6C 8GB RAM 512GB SSD Windows11 MS Office H&S 2024  Integrated AMD Radeon  Graphics  15.6\"\" FHD TN 220nits AG 720","Win 11","Thin & Light","Entry","Amd Ryzen 5 5500U","Consumer",29407,null,"NB",29407,"West1",34700.259999999995,"",null,"West1 M","Entry","Entry"]
[21378694,"Nilay Girishbhai Bandhara","nilay.bandhara@v5global.co.in",9979302088,"V5 Global","Vadodara","V5341501","Gujarat","Gujarat",null,"V5 Global",null,null,"Darshan Shah","darshan.shah@v5global.co.in",null,"West1",null,"External Consumer","ASO","V5 Global ASO",null,"FT",null,"ASO",null,"Darshan Thakkar","Yunus Hamid Mansoori",null,"Hemant C Baghel","Sharad verma","yunus.hamid@v5global.co.in","yunus.hamid@v5global.co.in","tjitendrabha@lenovo.com","hbaghel@lenovo.com","sharverm@lenovo.com","ASO","Shilpi Gautam","sgautam2@lenovo.com",null,"Hemant C Baghel",null,"hbaghel@lenovo.com",null,"2025-11-06","10:15:00","22.2943096,73.2259422","Saachi Enterprise",{"$nulls":3},"T3","24BYXPK0218G1ZE","West1",null,"T-29845","Vadodara","Gujarat","V5 Global",null,"Yes","Telephonic","90XS005PIN",12,"Lenovo","IdeaCentre","IdeaCentre","IntelÂ® Coreâ„¢ i3-14100 4C, 8GB DDR5/512 SSD/ WiFi 6 + BT 5.2/ 260W/ SFF 8.2Lt / Wired KeyBoard & Mouse /Win 11 Home/1 Yr Onsite","Win 11","TDT","Entry","IntelÂ® Coreâ„¢ i3-14100","Consumer",31500,null,"TDT",378000,"West1",37170,"",null,"West1 M","Entry","Entry"]
[21378694,"Nilay Girishbhai Bandhara","nilay.bandhara@v5global.co.in",9979302088,"V5 Global","Vadodara","V5341501","Gujarat","Gujarat",null,"V5 Global",null,null,"Darshan Shah","darshan.shah@v5global.co.in",null,"West1",null,"External Consumer","ASO","V5 Global ASO",null,"FT",null,"ASO",null,"Darshan Thakkar","Yunus Hamid Mansoori",null,"Hemant C Baghel","Sharad verma","yunus.hamid@v5global.co.in","yunus.hamid@v5global.co.in","tjitendrabha@lenovo.com","hbaghel@lenovo.com","sharverm@lenovo.com","ASO","Shilpi Gautam","sgautam2@lenovo.com",null,"Hemant C Baghel",null,"hbaghel@lenovo.com",null,"2025-11-06","10:15:00","22.2943096,73.2259422","Saachi Enterprise",{"$nulls":3},"T3","24BYXPK0218G1ZE","West1",null,"T-29845","Vadodara","Gujarat","V5 Global",null,"Yes","Telephonic","90XS0014IN",3,"Lenovo","IdeaCentre","Tower","\"Intel Core i3-13100/ 8GB UDIMM DDR5-4800/ \t512GB SSD M.2 2280 PCIe 4.0x4 NVMe/ Integrated Intel UHD Graphics 730/ 260W 90%/ USB","DOS","TDT","Entry","Intel Core i3-13100","Consumer",24907,null,"TDT",74721,"West1",29390.26,"",null,"West1 M","Entry","Entry"]
[21378704,"Nilay Girishbhai Bandhara","nilay.bandhara@v5global.co.in",9979302088,"V5 Global","Vadodara","V5341501","Gujarat","Gujarat",null,"V5 Global",null,null,"Darshan Shah","darshan.shah@v5global.co.in",null,"West1",null,"External Consumer","ASO","V5 Global ASO",null,"FT",null,"ASO",null,"Darshan Thakkar","Yunus Hamid Mansoori",null,"Hemant C Baghel","Sharad verma","yunus.hamid@v5global.co.in","yunus.hamid@v5global.co.in","tjitendrabha@lenovo.com","hbaghel@lenovo.com","sharverm@lenovo.com","ASO","Shilpi Gautam","sgautam2@lenovo.com",null,"Hemant C Baghel",null,"hbaghel@lenovo.com",null,"2025-11-06","10:16:00","22.2943084,73.2259262","RADHE COMPUTERS ( ANKLESHWAR)",{"$nulls":3},"T3","24ANHPS6149J1ZK","West1",null,"T-14556","Ankleshwar","Gujarat","V5 Global",null,"Yes","Telephonic","83K100C6IN",1,"Lenovo","Ideapad","Slim 3","IntelÂ® Coreâ„¢ i5-13420H, 8C (4P + 4E) / 12T, P-core 2.1 / 4.6GHz, E-core 1.5 / 3.4GHz, 12MB,8GB Soldered DDR5-4800 + 8GB SO-DIMM ","Win 11","Thin & Light","Mainstream","i5-13420H","Consumer",46000,null,"NB",46000,"West1",54280,"",null,"West1 M","Mainstream","Mainstream"]
[21378704,"Nilay Girishbhai Bandhara","nilay.bandhara@v5global.co.in",9979302088,"V5 Global","Vadodara","V5341501","Gujarat","Gujarat",null,"V5 Global",null,null,"Darshan Shah","darshan.shah@v5global.co.in",null,"West1",null,"External Consumer","ASO","V5 Global ASO",null,"FT",null,"ASO",null,"Darshan Thakkar","Yunus Hamid Mansoori",null,"Hemant C Baghel","Sharad verma","yunus.hamid@v5global.co.in","yunus.hamid@v5global.co.in","tjitendrabha@lenovo.com","hbaghel@lenovo.com","sharverm@lenovo.com","ASO","Shilpi Gautam","sgautam2@lenovo.com",null,"Hemant C Baghel",null,"hbaghel@lenovo.com",null,"2025-11-06","10:16:00","22.2943084,73.2259262","RADHE COMPUTERS ( ANKLESHWAR)",{"$nulls":3},"T3","24ANHPS6149J1ZK","West1",null,"T-14556","Ankleshwar","Gujarat","V5 Global",null,"Yes","Telephonic","F0HM00PKIN",1,"Lenovo","AIO","AIO","Core i3-1315U|8GB DDR5|512GB SSD|INTEGRATED GRAPHICS|27FHD AG 250N |WLAN+BT  |Cloud Grey|5M CAMERA WH|KBD Wireless|Win 11 Home +","Win 11","AIO","Mainstream","I3-1315U\t","Consumer",49732,null,"AIO",49732,"West1",58683.759999999995,"",null,"West1 M","Mainstream","Mainstream"]
[21378707,"Nilay Girishbhai Bandhara","nilay.bandhara@v5global.co.in",9979302088,"V5 Global","Vadodara","V5341501","Gujarat","Gujarat",null,"V5 Global",null,null,"Darshan Shah","darshan.shah@v5global.co.in",null,"West1",null,"External Consumer","ASO","V5 Global ASO",null,"FT",null,"ASO",null,"Darshan Thakkar","Yunus Hamid Mansoori",null,"Hemant C Baghel","Sharad verma","yunus.hamid@v5global.co.in","yunus.hamid@v5global.co.in","tjitendrabha@lenovo.com","hbaghel@lenovo.com","sharverm@lenovo.com","ASO","Shilpi Gautam","sgautam2@lenovo.com",null,"Hemant C Baghel",null,"hbaghel@lenovo.com",null,"2025-11-06","10:17:00","22.2943073,73.2259405","Aakash marketing",{"$nulls":3},"T3",null,"West2",null,"T-14614","Vadodara","Gujarat",null,null,"Yes","Telephonic","90XW005UIN",1,"Lenovo","IdeaCentre","IdeaCentre 08IRH9","8GB RAM/512 GB SSD/Integrated Graphics/WINDOWS 11","Win 11","TDT","Entry","CORE I5","Consumer",32619,null,"TDT",32619,"West1",38490.42,"",null,"West1 M","Entry","Mainstream"]
[21378723,"Nilay Girishbhai Bandhara","nilay.bandhara@v5global.co.in",9979302088,"V5 Global","Vadodara","V5341501","Gujarat","Gujarat",null,"V5 Global",null,null,"Darshan Shah","darshan.shah@v5global.co.in",null,"West1",null,"External Consumer","ASO","V5 Global ASO",null,"FT",null,"ASO",null,"Darshan Thakkar","Yunus Hamid Mansoori",null,"Hemant C Baghel","Sharad verma","yunus.hamid@v5global.co.in","yunus.hamid@v5global.co.in","tjitendrabha@lenovo.com","hbaghel@lenovo.com","sharverm@lenovo.com","ASO","Shilpi Gautam","sgautam2@lenovo.com",null,"Hemant C Baghel",null,"hbaghel@lenovo.com",null,"2025-11-06","10:18:00","22.2943101,73.225939","Shree harsh Peripherals Pvt Ltd",{"$nulls":3},"T3","24AAGCS0832H1ZM","West1",null,"T-29857","vadodara","Gujarat","V5 Global",null,"Yes","Telephonic","F0J6005FIN",5,"Lenovo","AIO","Lenovo A100","23.8\" FHD/8GB RAM/512 SSD/Integrated Graphics/MSO 2024/White","Win 11","AIO","Entry","Intel N100","Consumer",32000,null,"AIO",160000,"West1",37760,"",null,"West1 M","Entry","Entry"]
[21378723,"Nilay Girishbhai Bandhara","nilay.bandhara@v5global.co.in",9979302088,"V5 Global","Vadodara","V5341501","Gujarat","Gujarat",null,"V5 Global",null,null,"Darshan Shah","darshan.shah@v5global.co.in",null,"West1",null,"External Consumer","ASO","V5 Global ASO",null,"FT",null,"ASO",null,"Darshan Thakkar","Yunus Hamid Mansoori",null,"Hemant C Baghel","Sharad verma","yunus.hamid@v5global.co.in","yunus.hamid@v5global.co.in","tjitendrabha@lenovo.com","hbaghel@lenovo.com","sharverm@lenovo.com","ASO","Shilpi Gautam","sgautam2@lenovo.com",null,"Hemant C Baghel",null,"hbaghel@lenovo.com",null,"2025-11-06","10:18:00","22.2943101,73.225939","Shree harsh Peripherals Pvt Ltd",{"$nulls":3},"T3","24AAGCS0832H1ZM","West1",null,"T-29857","vadodara","Gujarat","V5 Global",null,"Yes","Telephonic","F0HN00PGIN",5,"Lenovo","AIO","AIO i-24IRH9","i3-1315U-8-512-UHD-W11-O24-23.80","Win 11","AIO","Mainstream","i3-1315U","Consumer",57990,null,"AIO",289950,"West1",68428.2,"",null,"West1 M","Premium","Mainstream"]
[21383312,"Umer Farooq Bhat","umer.farooq@v5global.co.in",7006131255,"V5 Global","Srinagar","V5266190","Jammu and Kashmir","Jammu and Kashmir",null,"V5 Global",null,null,"Chetan Mehta","Chetan.mehta@v5global.co.in",null,"North1",null,"External Consumer","ASO","V5 Global ASO",null,"FT",null,"ASO",null,"Karan Kapoor","Gaurav Sharma",null,"Kumar Tanksale","Raghavendra Araveeti","gaurav.sharma@v5global.co.in","gaurav.sharma@v5global.co.in","Kkapoor@lenovo.com","ktanksale1@lenovo.com","raraveeti@lenovo.com","ASO","Shilpi Gautam","sgautam2@lenovo.com",null,"Kumar Tanksale",null,"ktanksale1@lenovo.com",null,"2025-11-06","11:39:00","34.207347001398325,74.34236582368612","B.COM COMPUTERS",{"$nulls":3},"T3","01AAOFB9567H1Z7","North1",null,"T-3565","Baramulla","Jammu And Kashmir","V5 Global",null,"Yes","Face to Face","GY51C12380",2,"Lenovo","Wireless Mouse","Input","Lenovo 130 wireless mouse","NA","Accessories","NA","NA","Accessories",649,null,null,1298,"North1",765.8199999999999,"",null,"North1","NA","NA"]
[21383335,"Umer Farooq Bhat","umer.farooq@v5global.co.in",7006131255,"V5 Global","Srinagar","V5266190","Jammu and Kashmir","Jammu and Kashmir",null,"V5 Global",null,null,"Chetan Mehta","Chetan.mehta@v5global.co.in",null,"North1",null,"External Consumer","ASO","V5 Global ASO",null,"FT",null,"ASO",null,"Karan Kapoor","Gaurav Sharma",null,"Kumar Tanksale","Raghavendra Araveeti","gaurav.sharma@v5global.co.in","gaurav.sharma@v5global.co.in","Kkapoor@lenovo.com","ktanksale1@lenovo.com","raraveeti@lenovo.com","ASO","Shilpi Gautam","sgautam2@lenovo.com",null,"Kumar Tanksale",null,"ktanksale1@lenovo.com",null,"2025-11-06","12:12:00","34.20711131629538,74.34220589697361","DIGITECH COMPUTER SOLUTIONS",{"$nulls":3},"T3","01BXJPS0316J1ZO","North1",null,"T-3568","Baramulla","Jammu And Kashmir","Denave",null,"Yes","Face to Face","GY51C12380",2,"Lenovo","Wireless Mouse","Input","Lenovo 130 wireless mouse","NA","Accessories","NA","NA","Accessories",649,null,null,1298,"North1",765.8199999999999,"",null,"North1","NA","NA"]
[21383317,"Umer Farooq Bhat","umer.farooq@v5global.co.in",7006131255,"V5 Global","Srinagar","V5266190","Jammu and Kashmir","Jammu and Kashmir",null,"V5 Global",null,null,"Chetan Mehta","Chetan.mehta@v5global.co.in",null,"North1",null,"External Consumer","ASO","V5 Global ASO",null,"FT",null,"ASO",null,"Karan Kapoor","Gaurav Sharma",null,"Kumar Tanksale","Raghavendra Araveeti","gaurav.sharma@v5global.co.in","gaurav.sharma@v5global.co.in","Kkapoor@lenovo.com","ktanksale1@lenovo.com","raraveeti@lenovo.com","ASO","Shilpi Gautam","sgautam2@lenovo.com",null,"Kumar Tanksale",null,"ktanksale1@lenovo.com",null,"2025-11-06","12:18:00","34.20724579552309,74.3428536504507","IMB COMPUTERS",{"$nulls":3},"T3",null,"North1",null,"T-3566","Baramulla","Jammu And Kashmir","V5 Global",null,"Yes","Face to Face","GY51C12380",2,"Lenovo","Wireless Mouse","Input","Lenovo 130 wireless mouse","NA","Accessories","NA","NA","Accessories",649,null,null,1298,"North1",765.8199999999999,"",null,"North1","NA","NA"]
[21387824,"Manoj Bihari","manoj.bihari@v5global.co.in",9861291397,"V5 Global","Sambalpur","V5263625","Orissa","Orissa",null,"V5 Global",null,null,"Arindam Mazumdar","arindam.mazumdar@v5global.co.in",null,"East2",null,"External Consumer","ASO","V5 Global ASO",null,"FT",null,"ASO","LES","Biswa Ranjan Jena","Imam Hassan",null,"Rajender Negi","Raghavendra Araveeti","imam.hassan@v5global.co.in","imam.hassan@v5global.co.in","bjena1@lenovo.com","rnegi@lenovo.com","raraveeti@lenovo.com","ASO","Shilpi Gautam","sgautam2@lenovo.com",null,"Rajender Negi","LES","rnegi@lenovo.com",null,"2025-11-06","12:24:00","21.53800841415807,84.73314363509417","IT SUPPORT",{"$nulls":3},"T3","21ALEPA5657N1Z4","East2",null,"T-2904","Jharsuguda","Orissa","V5 Global",null,"Yes","Face to Face","90XW005UIN",1,"Lenovo","IdeaCentre","IdeaCentre 08IRH9","8GB RAM/512 GB SSD/Integrated Graphics/WINDOWS 11","Win 11","TDT","Entry","CORE I5","Consumer",32619,null,"TDT",32619,"East2",38490.42,"",null,"East2","Entry","Mainstream"]
[21387824,"Manoj Bihari","manoj.bihari@v5global.co.in",9861291397,"V5 Global","Sambalpur","V5263625","Orissa","Orissa",null,"V5 Global",null,null,"Arindam Mazumdar","arindam.mazumdar@v5global.co.in",null,"East2",null,"External Consumer","ASO","V5 Global ASO",null,"FT",null,"ASO","LES","Biswa Ranjan Jena","Imam Hassan",null,"Rajender Negi","Raghavendra Araveeti","imam.hassan@v5global.co.in","imam.hassan@v5global.co.in","bjena1@lenovo.com","rnegi@lenovo.com","raraveeti@lenovo.com","ASO","Shilpi Gautam","sgautam2@lenovo.com",null,"Rajender Negi","LES","rnegi@lenovo.com",null,"2025-11-06","12:24:00","21.53800841415807,84.73314363509417","IT SUPPORT",{"$nulls":3},"T3","21ALEPA5657N1Z4","East2",null,"T-2904","Jharsuguda","Orissa","V5 Global",null,"Yes","Face to Face","67AFKACBIN",2,"Lenovo","L Series","L22E-40","LEN L22E-40 21.5 VA 75 HZ HDMI","NA","Visual Variants","Entry","NA","Visuals",7900,null,null,15800,"East2",9322,"",null,"East2","Entry","Entry"]
[21387824,"Manoj Bihari","manoj.bihari@v5global.co.in",9861291397,"V5 Global","Sambalpur","V5263625","Orissa","Orissa",null,"V5 Global",null,null,"Arindam Mazumdar","arindam.mazumdar@v5global.co.in",null,"East2",null,"External Consumer","ASO","V5 Global ASO",null,"FT",null,"ASO","LES","Biswa Ranjan Jena","Imam Hassan",null,"Rajender Negi","Raghavendra Araveeti","imam.hassan@v5global.co.in","imam.hassan@v5global.co.in","bjena1@lenovo.com","rnegi@lenovo.com","raraveeti@lenovo.com","ASO","Shilpi Gautam","sgautam2@lenovo.com",null,"Rajender Negi","LES","rnegi@lenovo.com",null,"2025-11-06","12:24:00","21.53800841415807,84.73314363509417","IT SUPPORT",{"$nulls":3},"T3","21ALEPA5657N1Z4","East2",null,"T-2904","Jharsuguda","Orissa","V5 Global",null,"Yes","Face to Face","GX31L52655",5,"Lenovo","Wired Combo","Input","Lenovo 160 Wired Combo","NA","Accessories","NA","NA","Accessories",999,null,null,4995,"East2",1178.82,"",null,"East2","NA","NA"]
[21387828,"Manoj Bihari","manoj.bihari@v5global.co.in",9861291397,"V5 Global","Sambalpur","V5263625","Orissa","Orissa",null,"V5 Global",null,null,"Arindam Mazumdar","arindam.mazumdar@v5global.co.in",null,"East2",null,"External Consumer","ASO","V5 Global ASO",null,"FT",null,"ASO","LES","Biswa Ranjan Jena","Imam Hassan",null,"Rajender Negi","Raghavendra Araveeti","imam.hassan@v5global.co.in","imam.hassan@v5global.co.in","bjena1@lenovo.com","rnegi@lenovo.com","raraveeti@lenovo.com","ASO","Shilpi Gautam","sgautam2@lenovo.com",null,"Rajender Negi","LES","rnegi@lenovo.com",null,"2025-11-06","12:27:00","21.53800841415807,84.73314363509417","Ajit Computer And Service",{"$nulls":3},"T3","21BQHPM5661H1ZV","East2",null,"T-30360","Berhampur","Odisha","V5 Global",null,"Yes","Face to Face","83J2000HIN",1,"Lenovo","Ideapad","Slim 5","13.3\" WUXGA (1920 x 1200), IPS, Anti-Glare/16 GB LPDDR5X/512 GB SSD/AMD Radeonâ„¢ 680M Graphics/Office Home 2024/Cloud Grey","Win 11","Thin & Light","Mainstream","AMD Ryzenâ„¢ 7 7735HS","Consumer",61491,null,"NB",61491,"East2",72559.37999999999,"",null,"East2","Premium","Mainstream"]
[21381917,"Samya Roy","samya.roy@v5global.co.in",9474010730,"V5 Global","Bolpur","V5287255","West Bengal","West Bengal",null,"V5 Global",null,null,"Arindam Mazumdar","arindam.mazumdar@v5global.co.in",null,"East1",null,"External Consumer","ASO","V5 Global ASO",null,"FT",null,"ASO",null,"Ashique Ali","Amit Thakuri",null,"Amit Tiwari","Raghavendra Araveeti","amit.thakuri@v5global.co.in","amit.thakuri@v5global.co.in","aali11@lenovo.com","atiwari11@lenovo.com","raraveeti@lenovo.com","ASO","Shilpi Gautam","sgautam2@lenovo.com",null,"Amit Tiwari",null,"atiwari11@lenovo.com",null,"2025-11-06","12:49:00","23.5559297,87.2739211","STAR COMPUTER",{"$nulls":3},"T3",null,"East1",null,"T-1690","Birbhum","West Bengal","V5 Global",null,"Yes","Telephonic","83DV01A9IN",1,"Lenovo","LOQ","LOQ 15IRX9","i5 OS 6GB Gfx/i5 13450HX/RTX 3050 6GB","Win 11","Gaming","Premium","RTX 3050 6GB/512GB SSD/i5 13450HX","Consumer",77845,null,"NB",77845,"East1",91857.09999999999,"SP","Gaming","East1","Premium","Premium"]
[21381921,"Samya Roy","samya.roy@v5global.co.in",9474010730,"V5 Global","Bolpur","V5287255","West Bengal","West Bengal",null,"V5 Global",null,null,"Arindam Mazumdar","arindam.mazumdar@v5global.co.in",null,"East1",null,"External Consumer","ASO","V5 Global ASO",null,"FT",null,"ASO",null,"Ashique Ali","Amit Thakuri",null,"Amit Tiwari","Raghavendra Araveeti","amit.thakuri@v5global.co.in","amit.thakuri@v5global.co.in","aali11@lenovo.com","atiwari11@lenovo.com","raraveeti@lenovo.com","ASO","Shilpi Gautam","sgautam2@lenovo.com",null,"Amit Tiwari",null,"atiwari11@lenovo.com",null,"2025-11-06","12:50:00","23.5558538,87.2739101","CITY INFOCOM",{"$nulls":3},"T3","19AJHPG6561G1Z2","East1",null,"T-1539","Birbhum","West Bengal","V5 Global",null,"Yes","Telephonic","83B40004IN",2,"Lenovo","Ideapad","Ideapad 1","15.6\"FHD,8GB/512GB/I3 1315/WIN/MS OFFICE/","Win 11","Thin & Light","Entry","13 1315","Consumer",36960,null,"NB",73920,"East1",43612.799999999996,"",null,"East1","Mainstream","Entry"]
[21381929,"Samya Roy","samya.roy@v5global.co.in",9474010730,"V5 Global","Bolpur","V5287255","West Bengal","West Bengal",null,"V5 Global",null,null,"Arindam Mazumdar","arindam.mazumdar@v5global.co.in",null,"East1",null,"External Consumer","ASO","V5 Global ASO",null,"FT",null,"ASO",null,"Ashique Ali","Amit Thakuri",null,"Amit Tiwari","Raghavendra Araveeti","amit.thakuri@v5global.co.in","amit.thakuri@v5global.co.in","aali11@lenovo.com","atiwari11@lenovo.com","raraveeti@lenovo.com","ASO","Shilpi Gautam","sgautam2@lenovo.com",null,"Amit Tiwari",null,"atiwari11@lenovo.com",null,"2025-11-06","12:50:00","23.5558856,87.2738787","DL INFOTECH",{"$nulls":3},"T3","19CBJPR3428P1ZT","East1",null,"T-1566","Birbhum","West Bengal","V5 Global",null,"Yes","Telephonic","83B40004IN",2,"Lenovo","Ideapad","Ideapad 1","15.6\"FHD,8GB/512GB/I3 1315/WIN/MS OFFICE/","Win 11","Thin & Light","Entry","13 1315","Consumer",36960,null,"NB",73920,"East1",43612.799999999996,"",null,"East1","Mainstream","Entry"]
[21381937,"Samya Roy","samya.roy@v5global.co.in",9474010730,"V5 Global","Bolpur","V5287255","West Bengal","West Bengal",null,"V5 Global",null,null,"Arindam Mazumdar","arindam.mazumdar@v5global.co.in",null,"East1",null,"External Consumer","ASO","V5 Global ASO",null,"FT",null,"ASO",null,"Ashique Ali","Amit Thakuri",null,"Amit Tiwari","Raghavendra Araveeti","amit.thakuri@v5global.co.in","amit.thakuri@v5global.co.in","aali11@lenovo.com","atiwari11@lenovo.com","raraveeti@lenovo.com","ASO","Shilpi Gautam","sgautam2@lenovo.com",null,"Amit Tiwari",null,"atiwari11@lenovo.com",null,"2025-11-06","12:51:00","23.5559599,87.2738894","COMPUSYS",{"$nulls":3},"T3","19AEKPH6422D1ZN","East1",null,"T-1545","Birbhum","West Bengal","V5 Global",null,"Yes","Telephonic","83B40004IN",2,"Lenovo","Ideapad","Ideapad 1","15.6\"FHD,8GB/512GB/I3 1315/WIN/MS OFFICE/","Win 11","Thin & Light","Entry","13 1315","Consumer",36960,null,"NB",73920,"East1",43612.799999999996,"",null,"East1","Mainstream","Entry"]
[21387324,"Sunil Batra","sunil.batra@v5global.co.in",9729866778,"V5 Global","Karnal","V5267500","Haryana","Haryana",null,"V5 Global",null,null,"Chetan Mehta","Chetan.mehta@v5global.co.in",null,"North1",null,"External Consumer","ASO","V5 Global ASO",null,"FT",null,"ASO",null,"Rajat Maheshwari","Gaurav Sharma",null,"Kumar Tanksale","Raghavendra Araveeti","gaurav.sharma@v5global.co.in","gaurav.sharma@v5global.co.in","rmaheshwari@lenovo.com","ktanksale1@lenovo.com","raraveeti@lenovo.com","ASO","Shilpi Gautam","sgautam2@lenovo.com",null,"Kumar Tanksale",null,"ktanksale1@lenovo.com",null,"2025-11-06","12:54:00","29.7144672,77.0182726","COMPUTER SHOPEE",{"$nulls":3},"Top T3","06AAGPV4379P1ZR","North1",null,"T-3097","Kurukshetra","Haryana","Denave",null,"Yes","Face to Face","GX20K78585",5,"Lenovo","AC Adapter","Power","Lenovo 65W AC Roundtip Adapter(IN)","NA","Accessories","NA","NA","Accessories",2490,null,null,{"$f":"BV259*BL259","v":12450},{"$f":"Q259","v":"North1"},{"$f":"BV259*118%","v":2938.2},{"$f":"IF(CF259=\"Premium\",IF(CA259>=65000,\"SP\",\"\"),\"\")","v":""},null,"North1",{"$f":"IF(BU259=\"Consumer\",IF(CA259<40000,\"Entry\",IF(AND(CA259>=40000,CA259<65000),\"Mainstream\",\"Premium\")),IF(BU259=\"Visuals\",BS259,\"NA\"))","v":"NA"},"NA"]
[21383345,"Umer Farooq Bhat","umer.farooq@v5global.co.in",7006131255,"V5 Global","Srinagar","V5266190","Jammu and Kashmir","Jammu and Kashmir",null,"V5 Global",null,null,"Chetan Mehta","Chetan.mehta@v5global.co.in",null,"North1",null,"External Consumer","ASO","V5 Global ASO",null,"FT",null,"ASO",null,"Karan Kapoor","Gaurav Sharma",null,"Kumar Tanksale","Raghavendra Araveeti","gaurav.sharma@v5global.co.in","gaurav.sharma@v5global.co.in","Kkapoor@lenovo.com","ktanksale1@lenovo.com","raraveeti@lenovo.com","ASO","Shilpi Gautam","sgautam2@lenovo.com",null,"Kumar Tanksale",null,"ktanksale1@lenovo.com",null,"2025-11-06","13:32:00","34.2075790812616,74.34256095439196","Computer Galaxy",{"$nulls":3},"T3",null,"North1",null,"T-20616","Baramulla","Jammu And Kashmir","V5 Global",null,"Yes","Face to Face","GY51C12380",2,"Lenovo","Wireless Mouse","Input","Lenovo 130 wireless mouse","NA","Accessories","NA","NA","Accessories",649,null,null,1298,"North1",765.8199999999999,"",null,"North1","NA","NA"]
[21382619,"Sukanta Sinha","sukanta.sinha@v5global.co.in",9854184578,"V5 Global","Guwahati","V5266867","NE","NE",null,"V5 Global",null,null,"Sukamal Saha","sukamal.saha@v5global.co.in",null,"East1",null,"External Consumer","ASO","V5 Global ASO",null,"FT",null,"ASO",null,"Partha Chakraborty","Amit Thakuri",null,"Amit Tiwari","Raghavendra Araveeti","amit.thakuri@v5global.co.in","amit.thakuri@v5global.co.in","pchakraborty@lenovo.com","atiwari11@lenovo.com","raraveeti@lenovo.com","ASO","Shilpi Gautam","sgautam2@lenovo.com",null,"Amit Tiwari",null,"atiwari11@lenovo.com",null,"2025-11-06","14:15:00","26.1782974,91.7533324","JSK Computer",{"$nulls":3},"T3","18BWJPB7072H1ZE","East1",null,"T-30998","Guwahati","Assam","V5 Global",null,"Yes","Face to Face","67AFKACBIN",2,"Lenovo","L Series","L22E-40","LEN L22E-40 21.5 VA 75 HZ HDMI","NA","Visual Variants","Entry","NA","Visuals",7900,null,null,15800,"East1",9322,"",null,"East1","Entry","Entry"]
[21383353,"Umer Farooq Bhat","umer.farooq@v5global.co.in",7006131255,"V5 Global","Srinagar","V5266190","Jammu and Kashmir","Jammu and Kashmir",null,"V5 Global",null,null,"Chetan Mehta","Chetan.mehta@v5global.co.in",null,"North1",null,"External Consumer","ASO","V5 Global ASO",null,"FT",null,"ASO",null,"Karan Kapoor","Gaurav Sharma",null,"Kumar Tanksale","Raghavendra Araveeti","gaurav.sharma@v5global.co.in","gaurav.sharma@v5global.co.in","Kkapoor@lenovo.com","ktanksale1@lenovo.com","raraveeti@lenovo.com","ASO","Shilpi Gautam","sgautam2@lenovo.com",null,"Kumar Tanksale",null,"ktanksale1@lenovo.com",null,"2025-11-06","14:24:00","34.28689987962881,74.46209963411093","PRINT POINT",{"$nulls":3},"T3",null,"North1",null,"T-3567","Baramulla","Jammu And Kashmir","V5 Global",null,"Yes","Face to Face","F0HN00PGIN",1,"Lenovo","AIO","AIO i-24IRH9","i3-1315U-8-512-UHD-W11-O24-23.80","Win 11","AIO","Mainstream","i3-1315U","Consumer",57990,null,"AIO",57990,"North1",68428.2,"",null,"North1","Premium","Mainstream"]
[21383353,"Umer Farooq Bhat","umer.farooq@v5global.co.in",7006131255,"V5 Global","Srinagar","V5266190","Jammu and Kashmir","Jammu and Kashmir",null,"V5 Global",null,null,"Chetan Mehta","Chetan.mehta@v5global.co.in",null,"North1",null,"External Consumer","ASO","V5 Global ASO",null,"FT",null,"ASO",null,"Karan Kapoor","Gaurav Sharma",null,"Kumar Tanksale","Raghavendra Araveeti","gaurav.sharma@v5global.co.in","gaurav.sharma@v5global.co.in","Kkapoor@lenovo.com","ktanksale1@lenovo.com","raraveeti@lenovo.com","ASO","Shilpi Gautam","sgautam2@lenovo.com",null,"Kumar Tanksale",null,"ktanksale1@lenovo.com",null,"2025-11-06","14:24:00","34.28689987962881,74.46209963411093","PRINT POINT",{"$nulls":3},"T3",null,"North1",null,"T-3567","Baramulla","Jammu And Kashmir","V5 Global",null,"Yes","Face to Face","GY51C12380",3,"Lenovo","Wireless Mouse","Input","Lenovo 130 wireless mouse","NA","Accessories","NA","NA","Accessories",649,null,null,1947,"North1",765.8199999999999,"",null,"North1","NA","NA"]
[21387366,"Sunil Batra","sunil.batra@v5global.co.in",9729866778,"V5 Global","Karnal","V5267500","Haryana","Haryana",null,"V5 Global",null,null,"Chetan Mehta","Chetan.mehta@v5global.co.in",null,"North1",null,"External Consumer","ASO","V5 Global ASO",null,"FT",null,"ASO",null,"Rajat Maheshwari","Gaurav Sharma",null,"Kumar Tanksale","Raghavendra Araveeti","gaurav.sharma@v5global.co.in","gaurav.sharma@v5global.co.in","rmaheshwari@lenovo.com","ktanksale1@lenovo.com","raraveeti@lenovo.com","ASO","Shilpi Gautam","sgautam2@lenovo.com",null,"Kumar Tanksale",null,"ktanksale1@lenovo.com",null,"2025-11-06","14:40:00","29.7144978,77.0182069","C.S COMMUNICATIONS",{"$nulls":3},"T3","06AIQPS8836E1ZO","North1",null,"T-3129","Kurukshetra","Haryana","V5 Global",null,"Yes","Face to Face","GX20P92532",5,"Lenovo","AC Adapter","Power","Lenovo 65W AC USB C Adapter(IN)","NA","Accessories","NA","NA","Accessories",2690,null,null,13450,"North1",3174.2,"",null,"North1","NA","NA"]
[21387366,"Sunil Batra","sunil.batra@v5global.co.in",9729866778,"V5 Global","Karnal","V5267500","Haryana","Haryana",null,"V5 Global",null,null,"Chetan Mehta","Chetan.mehta@v5global.co.in",null,"North1",null,"External Consumer","ASO","V5 Global ASO",null,"FT",null,"ASO",null,"Rajat Maheshwari","Gaurav Sharma",null,"Kumar Tanksale","Raghavendra Araveeti","gaurav.sharma@v5global.co.in","gaurav.sharma@v5global.co.in","rmaheshwari@lenovo.com","ktanksale1@lenovo.com","raraveeti@lenovo.com","ASO","Shilpi Gautam","sgautam2@lenovo.com",null,"Kumar Tanksale",null,"ktanksale1@lenovo.com",null,"2025-11-06","14:40:00","29.7144978,77.0182069","C.S COMMUNICATIONS",{"$nulls":3},"T3","06AIQPS8836E1ZO","North1",null,"T-3129","Kurukshetra","Haryana","V5 Global",null,"Yes","Face to Face","67BCKAC6IN",1,"Lenovo","Monitor -L24i4A","Monitor -L24i4A","Full HD IPS Panel Ultra Thin Monitor with WLED Backlight","NA","Visual Variants","Premium","NA","Visuals",7203,null,null,7203,"North1",8499.539999999999,"",null,"North1","Premium","Premium"]
[21383361,"Umer Farooq Bhat","umer.farooq@v5global.co.in",7006131255,"V5 Global","Srinagar","V5266190","Jammu and Kashmir","Jammu and Kashmir",null,"V5 Global",null,null,"Chetan Mehta","Chetan.mehta@v5global.co.in",null,"North1",null,"External Consumer","ASO","V5 Global ASO",null,"FT",null,"ASO",null,"Karan Kapoor","Gaurav Sharma",null,"Kumar Tanksale","Raghavendra Araveeti","gaurav.sharma@v5global.co.in","gaurav.sharma@v5global.co.in","Kkapoor@lenovo.com","ktanksale1@lenovo.com","raraveeti@lenovo.com","ASO","Shilpi Gautam","sgautam2@lenovo.com",null,"Kumar Tanksale",null,"ktanksale1@lenovo.com",null,"2025-11-06","15:16:00","34.28873701790601,74.461550116539","AL MURAD OFFICE AUTOMATION",{"$nulls":3},"T3","01CHXPM2029R1ZQ","North1",null,"T-30871","sopore","Jammu And Kashmir","V5 Global",null,"Yes","Face to Face","GY51C12380",2,"Lenovo","Wireless Mouse","Input","Lenovo 130 wireless mouse","NA","Accessories","NA","NA","Accessories",649,null,null,1298,"North1",765.8199999999999,"",null,"North1","NA","NA"]
[21383286,"Ishan Modha","ishan.modha@v5global.co.in",6352456143,"V5 Global","Ahmedabad",601140,"Gujarat","Gujarat",null,"V5 Global",null,null,"Darshan Shah","darshan.shah@v5global.co.in",null,"West1",null,"External Consumer","ASO","V5 Global ASO",null,"FT",null,"ASO",null,"Jaydip Kachhot","Yunus Hamid Mansoori",null,"Hemant C Baghel","Sharad verma","yunus.hamid@v5global.co.in","yunus.hamid@v5global.co.in","jkachhot@lenovo.com","hbaghel@lenovo.com","sharverm@lenovo.com","ASO","Shilpi Gautam","sgautam2@lenovo.com",null,"Hemant C Baghel",null,"hbaghel@lenovo.com",null,"2025-11-06","16:34:00","20.7176778,70.9841632","Abhay Computer",{"$nulls":3},"T3","24AIUPL9138J1ZL","West2",null,"T-14057","Girsomnath","Gujarat",null,null,"Yes","Face to Face","82X700HMIN",1,"Lenovo","IdeaPad Slim 3","Slim 3","15.6\", 8GB, 512GB, Integrated Intel UHD Graphics, Office Home 2024, Arctic Grey\t","Win 11","Thin & Light","Mainstream","Intel Core i3-1315U\t","Consumer",41000,null,"NB",41000,"West1",48380,"",null,"West1 M","Mainstream","Entry"]
[21383292,"Ishan Modha","ishan.modha@v5global.co.in",6352456143,"V5 Global","Ahmedabad",601140,"Gujarat","Gujarat",null,"V5 Global",null,null,"Darshan Shah","darshan.shah@v5global.co.in",null,"West1",null,"External Consumer","ASO","V5 Global ASO",null,"FT",null,"ASO",null,"Jaydip Kachhot","Yunus Hamid Mansoori",null,"Hemant C Baghel","Sharad verma","yunus.hamid@v5global.co.in","yunus.hamid@v5global.co.in","jkachhot@lenovo.com","hbaghel@lenovo.com","sharverm@lenovo.com","ASO","Shilpi Gautam","sgautam2@lenovo.com",null,"Hemant C Baghel",null,"hbaghel@lenovo.com",null,"2025-11-06","16:35:00","20.7176735,70.9841601","HIGH-TECH TECHNOLGY",{"$nulls":3},"Top T3","24BGYPP8570M1Z9","West2",null,"T-14060","Girsomnath","Gujarat",null,null,"Yes","Face to Face","83B40004IN",1,"Lenovo","Ideapad","Ideapad 1","15.6\"FHD,8GB/512GB/I3 1315/WIN/MS OFFICE/","Win 11","Thin & Light","Entry","13 1315","Consumer",36960,null,"NB",36960,"West1",43612.799999999996,"",null,"West1 M","Mainstream","Entry"]
[21383298,"Ishan Modha","ishan.modha@v5global.co.in",6352456143,"V5 Global","Ahmedabad",601140,"Gujarat","Gujarat",null,"V5 Global",null,null,"Darshan Shah","darshan.shah@v5global.co.in",null,"West1",null,"External Consumer","ASO","V5 Global ASO",null,"FT",null,"ASO",null,"Jaydip Kachhot","Yunus Hamid Mansoori",null,"Hemant C Baghel","Sharad verma","yunus.hamid@v5global.co.in","yunus.hamid@v5global.co.in","jkachhot@lenovo.com","hbaghel@lenovo.com","sharverm@lenovo.com","ASO","Shilpi Gautam","sgautam2@lenovo.com",null,"Hemant C Baghel",null,"hbaghel@lenovo.com",null,"2025-11-06","16:36:00","20.7176728,70.9841603","Navjeevan Infotech",{"$nulls":3},"T3","24AMOPM4598B1ZT","West2",null,"T-14073","Girsomnath","Gujarat",null,null,"Yes","Face to Face","83B40004IN",1,"Lenovo","Ideapad","Ideapad 1","15.6\"FHD,8GB/512GB/I3 1315/WIN/MS OFFICE/","Win 11","Thin & Light","Entry","13 1315","Consumer",36960,null,"NB",36960,"West1",43612.799999999996,"",null,"West1 M","Mainstream","Entry"]
[21383302,"Ishan Modha","ishan.modha@v5global.co.in",6352456143,"V5 Global","Ahmedabad",601140,"Gujarat","Gujarat",null,"V5 Global",null,null,"Darshan Shah","darshan.shah@v5global.co.in",null,"West1",null,"External Consumer","ASO","V5 Global ASO",null,"FT",null,"ASO",null,"Jaydip Kachhot","Yunus Hamid Mansoori",null,"Hemant C Baghel","Sharad verma","yunus.hamid@v5global.co.in","yunus.hamid@v5global.co.in","jkachhot@lenovo.com","hbaghel@lenovo.com","sharverm@lenovo.com","ASO","Shilpi Gautam","sgautam2@lenovo.com",null,"Hemant C Baghel",null,"hbaghel@lenovo.com",null,"2025-11-06","16:37:00","20.7176871,70.9841524","Athiz Computer",{"$nulls":3},"T3","24AJKPM1693E1Z7","West2",null,"T-14076","Girsomnath","Gujarat",null,null,"Yes","Face to Face","F0HN00PGIN",1,"Lenovo","AIO","AIO i-24IRH9","i3-1315U-8-512-UHD-W11-O24-23.80","Win 11","AIO","Mainstream","i3-1315U","Consumer",57990,null,"AIO",57990,"West1",68428.2,"",null,"West1 M","Premium","Mainstream"]
[21383306,"Ishan Modha","ishan.modha@v5global.co.in",6352456143,"V5 Global","Ahmedabad",601140,"Gujarat","Gujarat",null,"V5 Global",null,null,"Darshan Shah","darshan.shah@v5global.co.in",null,"West1",null,"External Consumer","ASO","V5 Global ASO",null,"FT",null,"ASO",null,"Jaydip Kachhot","Yunus Hamid Mansoori",null,"Hemant C Baghel","Sharad verma","yunus.hamid@v5global.co.in","yunus.hamid@v5global.co.in","jkachhot@lenovo.com","hbaghel@lenovo.com","sharverm@lenovo.com","ASO","Shilpi Gautam","sgautam2@lenovo.com",null,"Hemant C Baghel",null,"hbaghel@lenovo.com",null,"2025-11-06","16:38:00","20.717673,70.98416","STAR ELECTRONICS",{"$nulls":3},"T3","24ADJPH9434M1Z6","West2",null,"T-14111","Girsomnath","Gujarat",null,null,"Yes","Face to Face","F0HN00PGIN",1,"Lenovo","AIO","AIO i-24IRH9","i3-1315U-8-512-UHD-W11-O24-23.80","Win 11","AIO","Mainstream","i3-1315U","Consumer",57990,null,"AIO",57990,"West1",68428.2,"",null,"West1 M","Premium","Mainstream"]
[21387402,"Sunil Batra","sunil.batra@v5global.co.in",9729866778,"V5 Global","Karnal","V5267500","Haryana","Haryana",null,"V5 Global",null,null,"Chetan Mehta","Chetan.mehta@v5global.co.in",null,"North1",null,"External Consumer","ASO","V5 Global ASO",null,"FT",null,"ASO",null,"Rajat Maheshwari","Gaurav Sharma",null,"Kumar Tanksale","Raghavendra Araveeti","gaurav.sharma@v5global.co.in","gaurav.sharma@v5global.co.in","rmaheshwari@lenovo.com","ktanksale1@lenovo.com","raraveeti@lenovo.com","ASO","Shilpi Gautam","sgautam2@lenovo.com",null,"Kumar Tanksale",null,"ktanksale1@lenovo.com",null,"2025-11-06","17:26:00","29.7144252,77.0182188","THE COMPUTER STORE",{"$nulls":3},"T3","06AOCPR9801G1ZW","North1",null,"T-3098","Kurukshetra","Haryana","V5 Global",null,"Yes","Face to Face","GX20P92532",5,"Lenovo","AC Adapter","Power","Lenovo 65W AC USB C Adapter(IN)","NA","Accessories","NA","NA","Accessories",2690,null,null,13450,"North1",3174.2,"",null,"North1","NA","NA"]
[21387402,"Sunil Batra","sunil.batra@v5global.co.in",9729866778,"V5 Global","Karnal","V5267500","Haryana","Haryana",null,"V5 Global",null,null,"Chetan Mehta","Chetan.mehta@v5global.co.in",null,"North1",null,"External Consumer","ASO","V5 Global ASO",null,"FT",null,"ASO",null,"Rajat Maheshwari","Gaurav Sharma",null,"Kumar Tanksale","Raghavendra Araveeti","gaurav.sharma@v5global.co.in","gaurav.sharma@v5global.co.in","rmaheshwari@lenovo.com","ktanksale1@lenovo.com","raraveeti@lenovo.com","ASO","Shilpi Gautam","sgautam2@lenovo.com",null,"Kumar Tanksale",null,"ktanksale1@lenovo.com",null,"2025-11-06","17:26:00","29.7144252,77.0182188","THE COMPUTER STORE",{"$nulls":3},"T3","06AOCPR9801G1ZW","North1",null,"T-3098","Kurukshetra","Haryana","V5 Global",null,"Yes","Face to Face","67BCKAC6IN",1,"Lenovo","Monitor -L24i4A","Monitor -L24i4A","Full HD IPS Panel Ultra Thin Monitor with WLED Backlight","NA","Visual Variants","Premium","NA","Visuals",7203,null,null,7203,"North1",8499.539999999999,"",null,"North1","Premium","Premium"]
[21387414,"Sunil Batra","sunil.batra@v5global.co.in",9729866778,"V5 Global","Karnal","V5267500","Haryana","Haryana",null,"V5 Global",null,null,"Chetan Mehta","Chetan.mehta@v5global.co.in",null,"North1",null,"External Consumer","ASO","V5 Global ASO",null,"FT",null,"ASO",null,"Rajat Maheshwari","Gaurav Sharma",null,"Kumar Tanksale","Raghavendra Araveeti","gaurav.sharma@v5global.co.in","gaurav.sharma@v5global.co.in","rmaheshwari@lenovo.com","ktanksale1@lenovo.com","raraveeti@lenovo.com","ASO","Shilpi Gautam","sgautam2@lenovo.com",null,"Kumar Tanksale",null,"ktanksale1@lenovo.com",null,"2025-11-06","17:27:00","29.7144274,77.0182409","P.S IT ZONE",{"$nulls":3},"T3","06AXTPK6589N1ZA","North1",null,"T-3131","Kurukshetra","Haryana","V5 Global",null,"Yes","Face to Face","GX20K78585",5,"Lenovo","AC Adapter","Power","Lenovo 65W AC Roundtip Adapter(IN)","NA","Accessories","NA","NA","Accessories",2490,null,null,12450,"North1",2938.2,"",null,"North1","NA","NA"]
[21387417,"Sunil Batra","sunil.batra@v5global.co.in",9729866778,"V5 Global","Karnal","V5267500","Haryana","Haryana",null,"V5 Global",null,null,"Chetan Mehta","Chetan.mehta@v5global.co.in",null,"North1",null,"External Consumer","ASO","V5 Global ASO",null,"FT",null,"ASO",null,"Rajat Maheshwari","Gaurav Sharma",null,"Kumar Tanksale","Raghavendra Araveeti","gaurav.sharma@v5global.co.in","gaurav.sharma@v5global.co.in","rmaheshwari@lenovo.com","ktanksale1@lenovo.com","raraveeti@lenovo.com","ASO","Shilpi Gautam","sgautam2@lenovo.com",null,"Kumar Tanksale",null,"ktanksale1@lenovo.com",null,"2025-11-06","17:28:00","29.7144915,77.01822","Computer Emprie",{"$nulls":3},"T3",null,"North1",null,"T-3158","Panipat","Haryana","V5 Global",null,"Yes","Telephonic","90XW0022IN",1,"Lenovo","IdeaCentre","IdeaCentre 3","Intel Core i7-13620H,10C SFF 7.4 Lt,8 GB DDR4 ,512 GB SSD","DOS","TDT","Mainstream","Intel Core i7-13620H","Consumer",55000,null,"TDT",55000,"North1",64900,"",null,"North1","Mainstream","Mainstream"]
[21387417,"Sunil Batra","sunil.batra@v5global.co.in",9729866778,"V5 Global","Karnal","V5267500","Haryana","Haryana",null,"V5 Global",null,null,"Chetan Mehta","Chetan.mehta@v5global.co.in",null,"North1",null,"External Consumer","ASO","V5 Global ASO",null,"FT",null,"ASO",null,"Rajat Maheshwari","Gaurav Sharma",null,"Kumar Tanksale","Raghavendra Araveeti","gaurav.sharma@v5global.co.in","gaurav.sharma@v5global.co.in","rmaheshwari@lenovo.com","ktanksale1@lenovo.com","raraveeti@lenovo.com","ASO","Shilpi Gautam","sgautam2@lenovo.com",null,"Kumar Tanksale",null,"ktanksale1@lenovo.com",null,"2025-11-06","17:28:00","29.7144915,77.01822","Computer Emprie",{"$nulls":3},"T3",null,"North1",null,"T-3158","Panipat","Haryana","V5 Global",null,"Yes","Telephonic","67BEKAC1IN",1,"Lenovo","Monitor","L27I-4A","L27I-4A","NA","Visual Variants","Premium","NA","Visuals",13000,null,null,13000,"North1",15340,"",null,"North1","Premium","Premium"]
[21387423,"Sunil Batra","sunil.batra@v5global.co.in",9729866778,"V5 Global","Karnal","V5267500","Haryana","Haryana",null,"V5 Global",null,null,"Chetan Mehta","Chetan.mehta@v5global.co.in",null,"North1",null,"External Consumer","ASO","V5 Global ASO",null,"FT",null,"ASO",null,"Rajat Maheshwari","Gaurav Sharma",null,"Kumar Tanksale","Raghavendra Araveeti","gaurav.sharma@v5global.co.in","gaurav.sharma@v5global.co.in","rmaheshwari@lenovo.com","ktanksale1@lenovo.com","raraveeti@lenovo.com","ASO","Shilpi Gautam","sgautam2@lenovo.com",null,"Kumar Tanksale",null,"ktanksale1@lenovo.com",null,"2025-11-06","17:29:00","29.7144353,77.0182026","Nutech Computer",{"$nulls":3},"T3","06BFEPS6310H1ZJ","North1",null,"T-3197","Ambala","Haryana","V5 Global",null,"Yes","Telephonic","GX20K78585",5,"Lenovo","AC Adapter","Power","Lenovo 65W AC Roundtip Adapter(IN)","NA","Accessories","NA","NA","Accessories",2490,null,null,12450,"North1",2938.2,"",null,"North1","NA","NA"]
[21387423,"Sunil Batra","sunil.batra@v5global.co.in",9729866778,"V5 Global","Karnal","V5267500","Haryana","Haryana",null,"V5 Global",null,null,"Chetan Mehta","Chetan.mehta@v5global.co.in",null,"North1",null,"External Consumer","ASO","V5 Global ASO",null,"FT",null,"ASO",null,"Rajat Maheshwari","Gaurav Sharma",null,"Kumar Tanksale","Raghavendra Araveeti","gaurav.sharma@v5global.co.in","gaurav.sharma@v5global.co.in","rmaheshwari@lenovo.com","ktanksale1@lenovo.com","raraveeti@lenovo.com","ASO","Shilpi Gautam","sgautam2@lenovo.com",null,"Kumar Tanksale",null,"ktanksale1@lenovo.com",null,"2025-11-06","17:29:00","29.7144353,77.0182026","Nutech Computer",{"$nulls":3},"T3","06BFEPS6310H1ZJ","North1",null,"T-3197","Ambala","Haryana","V5 Global",null,"Yes","Telephonic","90XW0052IN",1,"Lenovo","Ideacenter Tower","i7 13620h","i7 13th gen/ 8gb ram/ 512gb ssd/ w11 & ms office 24","Win 11","TDT","Mainstream","I7- 13620H","Consumer",52070,null,"TDT",52070,"North1",61442.6,"",null,"North1","Mainstream","Mainstream"]
[21387428,"Sunil Batra","sunil.batra@v5global.co.in",9729866778,"V5 Global","Karnal","V5267500","Haryana","Haryana",null,"V5 Global",null,null,"Chetan Mehta","Chetan.mehta@v5global.co.in",null,"North1",null,"External Consumer","ASO","V5 Global ASO",null,"FT",null,"ASO",null,"Rajat Maheshwari","Gaurav Sharma",null,"Kumar Tanksale","Raghavendra Araveeti","gaurav.sharma@v5global.co.in","gaurav.sharma@v5global.co.in","rmaheshwari@lenovo.com","ktanksale1@lenovo.com","raraveeti@lenovo.com","ASO","Shilpi Gautam","sgautam2@lenovo.com",null,"Kumar Tanksale",null,"ktanksale1@lenovo.com",null,"2025-11-06","17:30:00","29.7144785,77.018226","RAINBOW ELECTRONICS",{"$nulls":3},"T3","06AAKPR9814M1ZZ","North1",null,"T-3125","Karnal","Haryana","V5 Global",null,"Yes","Telephonic","67BCKAC6IN",2,"Lenovo","Monitor -L24i4A","Monitor -L24i4A","Full HD IPS Panel Ultra Thin Monitor with WLED Backlight","NA","Visual Variants","Premium","NA","Visuals",7203,null,null,14406,"North1",8499.539999999999,"",null,"North1","Premium","Premium"]
[21383995,"Sukanta Sinha","sukanta.sinha@v5global.co.in",9854184578,"V5 Global","Guwahati","V5266867","NE","NE",null,"V5 Global",null,null,"Sukamal Saha","sukamal.saha@v5global.co.in",null,"East1",null,"External Consumer","ASO","V5 Global ASO",null,"FT",null,"ASO",null,"Partha Chakraborty","Amit Thakuri",null,"Amit Tiwari","Raghavendra Araveeti","amit.thakuri@v5global.co.in","amit.thakuri@v5global.co.in","pchakraborty@lenovo.com","atiwari11@lenovo.com","raraveeti@lenovo.com","ASO","Shilpi Gautam","sgautam2@lenovo.com",null,"Amit Tiwari",null,"atiwari11@lenovo.com",null,"2025-11-06","18:26:00","26.1761572,91.7572251","Computer Villa",{"$nulls":3},"T3","13AKBPK4472D2ZL","East1",null,"T-513","Dimapur","NAGALAND","V5 Global",null,"Yes","Telephonic","82ER00MCIN",1,"Lenovo","Ideapad","Slim 3","15.6\" (39.62cm) FHD / 16 GB DDR5 RAM / 512 GB SSD/ARCTIC GREY/\t","Win 11","Thin & Light","Mainstream","Core i5 12th Gen","Consumer",53000,null,"NB",53000,"East1",62540,"",null,"East1","Mainstream","Mainstream"]
[21383995,"Sukanta Sinha","sukanta.sinha@v5global.co.in",9854184578,"V5 Global","Guwahati","V5266867","NE","NE",null,"V5 Global",null,null,"Sukamal Saha","sukamal.saha@v5global.co.in",null,"East1",null,"External Consumer","ASO","V5 Global ASO",null,"FT",null,"ASO",null,"Partha Chakraborty","Amit Thakuri",null,"Amit Tiwari","Raghavendra Araveeti","amit.thakuri@v5global.co.in","amit.thakuri@v5global.co.in","pchakraborty@lenovo.com","atiwari11@lenovo.com","raraveeti@lenovo.com","ASO","Shilpi Gautam","sgautam2@lenovo.com",null,"Amit Tiwari",null,"atiwari11@lenovo.com",null,"2025-11-06","18:26:00","26.1761572,91.7572251","Computer Villa",{"$nulls":3},"T3","13AKBPK4472D2ZL","East1",null,"T-513","Dimapur","NAGALAND","V5 Global",null,"Yes","Telephonic","83K100C7IN",1,"Lenovo","Ideapad","Slim 3","i5-13450H,Ram-16,512,15.3 wuxga,win-11 office 2024,\t","Win 11","Thin & Light","Mainstream","i5-13450H","Consumer",64790,null,"NB",64790,"East1",76452.2,"",null,"East1","Premium","Mainstream"]
[21384001,"Sukanta Sinha","sukanta.sinha@v5global.co.in",9854184578,"V5 Global","Guwahati","V5266867","NE","NE",null,"V5 Global",null,null,"Sukamal Saha","sukamal.saha@v5global.co.in",null,"East1",null,"External Consumer","ASO","V5 Global ASO",null,"FT",null,"ASO",null,"Partha Chakraborty","Amit Thakuri",null,"Amit Tiwari","Raghavendra Araveeti","amit.thakuri@v5global.co.in","amit.thakuri@v5global.co.in","pchakraborty@lenovo.com","atiwari11@lenovo.com","raraveeti@lenovo.com","ASO","Shilpi Gautam","sgautam2@lenovo.com",null,"Amit Tiwari",null,"atiwari11@lenovo.com",null,"2025-11-06","18:28:00","26.1761577,91.7572394","Maruti Sales and Service",{"$nulls":3},"T3","18ABGFM5224K1Z2","East1",null,"T-22304","Guwahati","Assam","Denave",null,"Yes","Face to Face","67AFKACBIN",1,"Lenovo","L Series","L22E-40","LEN L22E-40 21.5 VA 75 HZ HDMI","NA","Visual Variants","Entry","NA","Visuals",7900,null,null,7900,"East1",9322,"",null,"East1","Entry","Entry"]
[21384168,"Siddhartha Saha ","sidhartha.saha@v5global.co.in",9874293392,"V5 Global","Medinipur","V5367944","West Bengal","West Bengal",null,"V5 Global",null,null,"Sukamal Saha","sukamal.saha@v5global.co.in",null,"East1",null,"External Consumer","ASO","V5 Global ASO",null,"FT",null,"ASO",null,"Kapil Tiwari","Amit Thakuri",null,"Amit Tiwari","Raghavendra Araveeti","amit.thakuri@v5global.co.in","amit.thakuri@v5global.co.in","ktiwari1@lenovo.com","atiwari11@lenovo.com","raraveeti@lenovo.com","ASO","Shilpi Gautam","sgautam2@lenovo.com",null,"Amit Tiwari",null,"atiwari11@lenovo.com",null,"2025-11-06","18:48:00","22.08121,88.1401317","SKYLAB ELECTRONICS",{"$nulls":3},"T3","19AJEPS0987M1ZE","East1",null,"T-1473","Medinipur","West Bengal","V5 Global",null,"Yes","Face to Face","83K100CAIN",1,"Lenovo","Ideapad","Slim 3","NB IP Slim 3 15IRH10 I5 8G 512G 11S","Win 11","Thin & Light","Premium","i5 13420H/8GB/512GB SSD","Consumer",56251,null,"NB",56251,"East1",66376.18,"",null,"East1","Premium","Mainstream"]
[21384168,"Siddhartha Saha ","sidhartha.saha@v5global.co.in",9874293392,"V5 Global","Medinipur","V5367944","West Bengal","West Bengal",null,"V5 Global",null,null,"Sukamal Saha","sukamal.saha@v5global.co.in",null,"East1",null,"External Consumer","ASO","V5 Global ASO",null,"FT",null,"ASO",null,"Kapil Tiwari","Amit Thakuri",null,"Amit Tiwari","Raghavendra Araveeti","amit.thakuri@v5global.co.in","amit.thakuri@v5global.co.in","ktiwari1@lenovo.com","atiwari11@lenovo.com","raraveeti@lenovo.com","ASO","Shilpi Gautam","sgautam2@lenovo.com",null,"Amit Tiwari",null,"atiwari11@lenovo.com",null,"2025-11-06","18:48:00","22.08121,88.1401317","SKYLAB ELECTRONICS",{"$nulls":3},"T3","19AJEPS0987M1ZE","East1",null,"T-1473","Medinipur","West Bengal","V5 Global",null,"Yes","Face to Face","82XQ00MDIN",1,"Lenovo","Ideapad","Slim 3","RYZEN-7320U/8GB LPDDR5-5500/512GB SSD/Integrated AMD Radeon graphics","Win 11","Thin & Light","Entry","Ryzen3 7320U","Consumer",33000,null,"NB",33000,"East1",38940,"",null,"East1","Entry","Entry"]
[21384391,"Ishan Modha","ishan.modha@v5global.co.in",6352456143,"V5 Global","Ahmedabad",601140,"Gujarat","Gujarat",null,"V5 Global",null,null,"Darshan Shah","darshan.shah@v5global.co.in",null,"West1",null,"External Consumer","ASO","V5 Global ASO",null,"FT",null,"ASO",null,"Jaydip Kachhot","Yunus Hamid Mansoori",null,"Hemant C Baghel","Sharad verma","yunus.hamid@v5global.co.in","yunus.hamid@v5global.co.in","jkachhot@lenovo.com","hbaghel@lenovo.com","sharverm@lenovo.com","ASO","Shilpi Gautam","sgautam2@lenovo.com",null,"Hemant C Baghel",null,"hbaghel@lenovo.com",null,"2025-11-06","19:20:00","20.7735728,71.0448423","Baba Computer",{"$nulls":3},"T3","24AVHPB0906G1Z7","West2",null,"T-14115","Girsomnath","Gujarat",null,null,"Yes","Face to Face","83B40004IN",1,"Lenovo","Ideapad","Ideapad 1","15.6\"FHD,8GB/512GB/I3 1315/WIN/MS OFFICE/","Win 11","Thin & Light","Entry","13 1315","Consumer",36960,null,"NB",36960,"West1",43612.799999999996,"",null,"West1 M","Mainstream","Entry"]
[21384406,"Ishan Modha","ishan.modha@v5global.co.in",6352456143,"V5 Global","Ahmedabad",601140,"Gujarat","Gujarat",null,"V5 Global",null,null,"Darshan Shah","darshan.shah@v5global.co.in",null,"West1",null,"External Consumer","ASO","V5 Global ASO",null,"FT",null,"ASO",null,"Jaydip Kachhot","Yunus Hamid Mansoori",null,"Hemant C Baghel","Sharad verma","yunus.hamid@v5global.co.in","yunus.hamid@v5global.co.in","jkachhot@lenovo.com","hbaghel@lenovo.com","sharverm@lenovo.com","ASO","Shilpi Gautam","sgautam2@lenovo.com",null,"Hemant C Baghel",null,"hbaghel@lenovo.com",null,"2025-11-06","19:21:00","20.772184,71.0450101","Idream Computer",{"$nulls":3},"T3","24AKIPD6918J1Z3","West2",null,"T-14129","Girsomnath","Gujarat",null,null,"Yes","Face to Face","83B40004IN",1,"Lenovo","Ideapad","Ideapad 1","15.6\"FHD,8GB/512GB/I3 1315/WIN/MS OFFICE/","Win 11","Thin & Light","Entry","13 1315","Consumer",36960,null,"NB",36960,"West1",43612.799999999996,"",null,"West1 M","Mainstream","Entry"]
[21384417,"Ishan Modha","ishan.modha@v5global.co.in",6352456143,"V5 Global","Ahmedabad",601140,"Gujarat","Gujarat",null,"V5 Global",null,null,"Darshan Shah","darshan.shah@v5global.co.in",null,"West1",null,"External Consumer","ASO","V5 Global ASO",null,"FT",null,"ASO",null,"Jaydip Kachhot","Yunus Hamid Mansoori",null,"Hemant C Baghel","Sharad verma","yunus.hamid@v5global.co.in","yunus.hamid@v5global.co.in","jkachhot@lenovo.com","hbaghel@lenovo.com","sharverm@lenovo.com","ASO","Shilpi Gautam","sgautam2@lenovo.com",null,"Hemant C Baghel",null,"hbaghel@lenovo.com",null,"2025-11-06","19:22:00","20.76481,71.0358479","Parth Computer",{"$nulls":3},"T3","24ATLPD6618F1ZU","West2",null,"T-14175","Girsomnath","Gujarat",null,null,"Yes","Face to Face","82X700HMIN",1,"Lenovo","IdeaPad Slim 3","Slim 3","15.6\", 8GB, 512GB, Integrated Intel UHD Graphics, Office Home 2024, Arctic Grey\t","Win 11","Thin & Light","Mainstream","Intel Core i3-1315U\t","Consumer",41000,null,"NB",41000,"West1",48380,"",null,"West1 M","Mainstream","Entry"]
[21384436,"Ishan Modha","ishan.modha@v5global.co.in",6352456143,"V5 Global","Ahmedabad",601140,"Gujarat","Gujarat",null,"V5 Global",null,null,"Darshan Shah","darshan.shah@v5global.co.in",null,"West1",null,"External Consumer","ASO","V5 Global ASO",null,"FT",null,"ASO",null,"Jaydip Kachhot","Yunus Hamid Mansoori",null,"Hemant C Baghel","Sharad verma","yunus.hamid@v5global.co.in","yunus.hamid@v5global.co.in","jkachhot@lenovo.com","hbaghel@lenovo.com","sharverm@lenovo.com","ASO","Shilpi Gautam","sgautam2@lenovo.com",null,"Hemant C Baghel",null,"hbaghel@lenovo.com",null,"2025-11-06","19:25:00","20.7503087,71.0247045","SPACE INFOTECH",{"$nulls":3},"T3","24AFLPL4125M1ZA","West2",null,"T-14176","Girsomnath","Gujarat",null,null,"Yes","Face to Face","F0HN00PGIN",1,"Lenovo","AIO","AIO i-24IRH9","i3-1315U-8-512-UHD-W11-O24-23.80","Win 11","AIO","Mainstream","i3-1315U","Consumer",57990,null,"AIO",57990,"West1",68428.2,"",null,"West1 M","Premium","Mainstream"]
[21384447,"Ishan Modha","ishan.modha@v5global.co.in",6352456143,"V5 Global","Ahmedabad",601140,"Gujarat","Gujarat",null,"V5 Global",null,null,"Darshan Shah","darshan.shah@v5global.co.in",null,"West1",null,"External Consumer","ASO","V5 Global ASO",null,"FT",null,"ASO",null,"Jaydip Kachhot","Yunus Hamid Mansoori",null,"Hemant C Baghel","Sharad verma","yunus.hamid@v5global.co.in","yunus.hamid@v5global.co.in","jkachhot@lenovo.com","hbaghel@lenovo.com","sharverm@lenovo.com","ASO","Shilpi Gautam","sgautam2@lenovo.com",null,"Hemant C Baghel",null,"hbaghel@lenovo.com",null,"2025-11-06","19:26:00","20.7455287,71.0172754","Deep Technology",{"$nulls":3},"T3",null,"West2",null,"T-14179","Girsomnath","Gujarat",null,null,"Yes","Face to Face","82X700HMIN",1,"Lenovo","IdeaPad Slim 3","Slim 3","15.6\", 8GB, 512GB, Integrated Intel UHD Graphics, Office Home 2024, Arctic Grey\t","Win 11","Thin & Light","Mainstream","Intel Core i3-1315U\t","Consumer",41000,null,"NB",41000,"West1",48380,"",null,"West1 M","Mainstream","Entry"]
[21384722,"Vikas Pathak","vikas.pathak@v5global.co.in",9838001792,"V5 Global","Varanasi","V5396663","UTTAR PRADESH","Uttar Pradesh",null,"V5 Global",null,null,"Mohammad Atif","mohammad.atif@v5global.co.in",null,"North2",null,"External Consumer","ASO","V5 Global ASO",null,"FT",null,"ASO",null,"Rahul Sarin","Rahil Rasheed",null,"Durgendra Singh","Raghavendra Araveeti","rahil.rasheed@v5global.co.in","rahil.rasheed@v5global.co.in","rsarin2@lenovo.com","dsingh1@lenovo.com","raraveeti@lenovo.com","ASO","Shilpi Gautam","sgautam2@lenovo.com",null,"Durgendra Singh",null,"dsingh1@lenovo.com",null,"2025-11-06","19:55:00","25.330074,83.0223601","Noble Technology",{"$nulls":3},"T3","09ADZPU6719L1Z9","North2",null,"T-29362","Varanasi","Uttar Pradesh","V5 Global",null,"Yes","Face to Face","67D5KAC6IN",2,"Lenovo","L22-4E","L Series","LEN L22-4E 21.5 IPS  BLACK 100HZ","NA","Visual Variants","Mainstream","NA","Visuals",5331,null,null,10662,"North2",6290.58,"",null,"North2","Mainstream","Mainstream"]
[21384733,"Vikas Pathak","vikas.pathak@v5global.co.in",9838001792,"V5 Global","Varanasi","V5396663","UTTAR PRADESH","Uttar Pradesh",null,"V5 Global",null,null,"Mohammad Atif","mohammad.atif@v5global.co.in",null,"North2",null,"External Consumer","ASO","V5 Global ASO",null,"FT",null,"ASO",null,"Rahul Sarin","Rahil Rasheed",null,"Durgendra Singh","Raghavendra Araveeti","rahil.rasheed@v5global.co.in","rahil.rasheed@v5global.co.in","rsarin2@lenovo.com","dsingh1@lenovo.com","raraveeti@lenovo.com","ASO","Shilpi Gautam","sgautam2@lenovo.com",null,"Durgendra Singh",null,"dsingh1@lenovo.com",null,"2025-11-06","19:56:00","25.3300751,83.0223563","JAIS GROUP",{"$nulls":3},"T3",null,"North2",null,"T-23994","Varanasi","Uttar Pradesh","V5 Global",null,"Yes","Face to Face","68C2KAC1IN",2,"Lenovo","L24-4E","L Series","LEN L24-4E 23.8 IPS  BLACK 100HZ","NA","Visual Variants","Mainstream","NA","Visuals",6464,null,null,12928,"North2",7627.5199999999995,"",null,"North2","Mainstream","Mainstream"]
[21384750,"Vikas Pathak","vikas.pathak@v5global.co.in",9838001792,"V5 Global","Varanasi","V5396663","UTTAR PRADESH","Uttar Pradesh",null,"V5 Global",null,null,"Mohammad Atif","mohammad.atif@v5global.co.in",null,"North2",null,"External Consumer","ASO","V5 Global ASO",null,"FT",null,"ASO",null,"Rahul Sarin","Rahil Rasheed",null,"Durgendra Singh","Raghavendra Araveeti","rahil.rasheed@v5global.co.in","rahil.rasheed@v5global.co.in","rsarin2@lenovo.com","dsingh1@lenovo.com","raraveeti@lenovo.com","ASO","Shilpi Gautam","sgautam2@lenovo.com",null,"Durgendra Singh",null,"dsingh1@lenovo.com",null,"2025-11-06","19:57:00","25.3300627,83.0223478","V MOBILE & COMPUTER AGENCIES",{"$nulls":3},"T3",null,"North2",null,"T-23993","Varanasi","Uttar Pradesh","V5 Global",null,"Yes","Face to Face","67BEKAC1IN",1,"Lenovo","Monitor","L27I-4A","L27I-4A","NA","Visual Variants","Premium","NA","Visuals",13000,null,null,13000,"North2",15340,"",null,"North2","Premium","Premium"]
[21384760,"Vikas Pathak","vikas.pathak@v5global.co.in",9838001792,"V5 Global","Varanasi","V5396663","UTTAR PRADESH","Uttar Pradesh",null,"V5 Global",null,null,"Mohammad Atif","mohammad.atif@v5global.co.in",null,"North2",null,"External Consumer","ASO","V5 Global ASO",null,"FT",null,"ASO",null,"Rahul Sarin","Rahil Rasheed",null,"Durgendra Singh","Raghavendra Araveeti","rahil.rasheed@v5global.co.in","rahil.rasheed@v5global.co.in","rsarin2@lenovo.com","dsingh1@lenovo.com","raraveeti@lenovo.com","ASO","Shilpi Gautam","sgautam2@lenovo.com",null,"Durgendra Singh",null,"dsingh1@lenovo.com",null,"2025-11-06","19:57:00","25.3300657,83.0223433","Jai Bajrang Computer",{"$nulls":3},"T3",null,"North2",null,"T-24033","Mugalsarai","Uttar Pradesh","V5 Global",null,"Yes","Face to Face","67D5KAC6IN",1,"Lenovo","L22-4E","L Series","LEN L22-4E 21.5 IPS  BLACK 100HZ","NA","Visual Variants","Mainstream","NA","Visuals",5331,null,null,5331,"North2",6290.58,"",null,"North2","Mainstream","Mainstream"]
[21384760,"Vikas Pathak","vikas.pathak@v5global.co.in",9838001792,"V5 Global","Varanasi","V5396663","UTTAR PRADESH","Uttar Pradesh",null,"V5 Global",null,null,"Mohammad Atif","mohammad.atif@v5global.co.in",null,"North2",null,"External Consumer","ASO","V5 Global ASO",null,"FT",null,"ASO",null,"Rahul Sarin","Rahil Rasheed",null,"Durgendra Singh","Raghavendra Araveeti","rahil.rasheed@v5global.co.in","rahil.rasheed@v5global.co.in","rsarin2@lenovo.com","dsingh1@lenovo.com","raraveeti@lenovo.com","ASO","Shilpi Gautam","sgautam2@lenovo.com",null,"Durgendra Singh",null,"dsingh1@lenovo.com",null,"2025-11-06","19:57:00","25.3300657,83.0223433","Jai Bajrang Computer",{"$nulls":3},"T3",null,"North2",null,"T-24033","Mugalsarai","Uttar Pradesh","V5 Global",null,"Yes","Face to Face","67BCKAC6IN",1,"Lenovo","Monitor -L24i4A","Monitor -L24i4A","Full HD IPS Panel Ultra Thin Monitor with WLED Backlight","NA","Visual Variants","Premium","NA","Visuals",7203,null,null,7203,"North2",8499.539999999999,"",null,"North2","Premium","Premium"]
[21385264,"Siddhartha Saha ","sidhartha.saha@v5global.co.in",9874293392,"V5 Global","Medinipur","V5367944","West Bengal","West Bengal",null,"V5 Global",null,null,"Sukamal Saha","sukamal.saha@v5global.co.in",null,"East1",null,"External Consumer","ASO","V5 Global ASO",null,"FT",null,"ASO",null,"Kapil Tiwari","Amit Thakuri",null,"Amit Tiwari","Raghavendra Araveeti","amit.thakuri@v5global.co.in","amit.thakuri@v5global.co.in","ktiwari1@lenovo.com","atiwari11@lenovo.com","raraveeti@lenovo.com","ASO","Shilpi Gautam","sgautam2@lenovo.com",null,"Amit Tiwari",null,"atiwari11@lenovo.com",null,"2025-11-06","20:35:00","22.081083,88.1396794","Computer Corner",{"$nulls":3},"T3","19CPCPM7513P1ZA","East1",null,"T-1346","Jhargram","West Bengal","V5 Global",null,"Yes","Face to Face","83DV01AAIN",2,"Lenovo","LOQ","LOQ","LOQ I5 13gen 16GB RAM 512 gb SSD RTX4050 win11 MSO\t","Win 11","Gaming","Premium","I5 13gen","Consumer",78000,null,"NB",156000,"East1",92040,"SP","Gaming","East1","Premium","Premium"]
[21385274,"Siddhartha Saha ","sidhartha.saha@v5global.co.in",9874293392,"V5 Global","Medinipur","V5367944","West Bengal","West Bengal",null,"V5 Global",null,null,"Sukamal Saha","sukamal.saha@v5global.co.in",null,"East1",null,"External Consumer","ASO","V5 Global ASO",null,"FT",null,"ASO",null,"Kapil Tiwari","Amit Thakuri",null,"Amit Tiwari","Raghavendra Araveeti","amit.thakuri@v5global.co.in","amit.thakuri@v5global.co.in","ktiwari1@lenovo.com","atiwari11@lenovo.com","raraveeti@lenovo.com","ASO","Shilpi Gautam","sgautam2@lenovo.com",null,"Amit Tiwari",null,"atiwari11@lenovo.com",null,"2025-11-06","20:35:00","22.0810813,88.1396712","New Smart Computer",{"$nulls":3},"T3","19FDDPS2918J1Z2","East1",null,"T-30908","Paschim Mednipur","West Bengal","V5 Global",null,"Yes","Face to Face","83DV01AAIN",1,"Lenovo","LOQ","LOQ","LOQ I5 13gen 16GB RAM 512 gb SSD RTX4050 win11 MSO\t","Win 11","Gaming","Premium","I5 13gen","Consumer",78000,null,"NB",78000,"East1",92040,"SP","Gaming","East1","Premium","Premium"]
[21385274,"Siddhartha Saha ","sidhartha.saha@v5global.co.in",9874293392,"V5 Global","Medinipur","V5367944","West Bengal","West Bengal",null,"V5 Global",null,null,"Sukamal Saha","sukamal.saha@v5global.co.in",null,"East1",null,"External Consumer","ASO","V5 Global ASO",null,"FT",null,"ASO",null,"Kapil Tiwari","Amit Thakuri",null,"Amit Tiwari","Raghavendra Araveeti","amit.thakuri@v5global.co.in","amit.thakuri@v5global.co.in","ktiwari1@lenovo.com","atiwari11@lenovo.com","raraveeti@lenovo.com","ASO","Shilpi Gautam","sgautam2@lenovo.com",null,"Amit Tiwari",null,"atiwari11@lenovo.com",null,"2025-11-06","20:35:00","22.0810813,88.1396712","New Smart Computer",{"$nulls":3},"T3","19FDDPS2918J1Z2","East1",null,"T-30908","Paschim Mednipur","West Bengal","V5 Global",null,"Yes","Face to Face","82LX00F7IN",1,"Lenovo","Ideapad","Slim 1","LEN N4500 8GB 512GB SSD WIN11  1YR","Win 11","Thin & Light","Entry","N4500","Consumer",25900,null,"NB",25900,"East1",30562,"",null,"East1","Entry","Entry"]
[21385291,"Siddhartha Saha ","sidhartha.saha@v5global.co.in",9874293392,"V5 Global","Medinipur","V5367944","West Bengal","West Bengal",null,"V5 Global",null,null,"Sukamal Saha","sukamal.saha@v5global.co.in",null,"East1",null,"External Consumer","ASO","V5 Global ASO",null,"FT",null,"ASO",null,"Kapil Tiwari","Amit Thakuri",null,"Amit Tiwari","Raghavendra Araveeti","amit.thakuri@v5global.co.in","amit.thakuri@v5global.co.in","ktiwari1@lenovo.com","atiwari11@lenovo.com","raraveeti@lenovo.com","ASO","Shilpi Gautam","sgautam2@lenovo.com",null,"Amit Tiwari",null,"atiwari11@lenovo.com",null,"2025-11-06","20:36:00","22.0810834,88.139682","Shree Kailash Bussiness Service",{"$nulls":3},"T3","19AHKPA1313R1Z7","East1",null,"T-1471","Medinipur","West Bengal","V5 Global",null,"Yes","Face to Face","F0J6005LIN",1,"Lenovo","AIO","A100","Lenovo A100 IntelÂ® Coreâ„¢ i3-N305 8GB DDR4 512 SSD INTEGRATED GRAPHICS 23.8FHD AG 250N WLAN+BTÂ  Cloud Grey 5.0 MP","Win 11","AIO","Mainstream"," IntelÂ® Coreâ„¢ i3-N305  ","Consumer",36000,null,"AIO",36000,"East1",42480,"",null,"East1","Mainstream","Mainstream"]
[21385304,"Siddhartha Saha ","sidhartha.saha@v5global.co.in",9874293392,"V5 Global","Medinipur","V5367944","West Bengal","West Bengal",null,"V5 Global",null,null,"Sukamal Saha","sukamal.saha@v5global.co.in",null,"East1",null,"External Consumer","ASO","V5 Global ASO",null,"FT",null,"ASO",null,"Kapil Tiwari","Amit Thakuri",null,"Amit Tiwari","Raghavendra Araveeti","amit.thakuri@v5global.co.in","amit.thakuri@v5global.co.in","ktiwari1@lenovo.com","atiwari11@lenovo.com","raraveeti@lenovo.com","ASO","Shilpi Gautam","sgautam2@lenovo.com",null,"Amit Tiwari",null,"atiwari11@lenovo.com",null,"2025-11-06","20:38:00","22.0810836,88.1396792","RP ADVANCE PRO",{"$nulls":3},"T3","19CPYPP2738H1Z1","East1",null,"T-31247","Paschim Mednipur","West Bengal","V5 Global",null,"Yes","Face to Face","F0J6005FIN",1,"Lenovo","AIO","Lenovo A100","23.8\" FHD/8GB RAM/512 SSD/Integrated Graphics/MSO 2024/White","Win 11","AIO","Entry","Intel N100","Consumer",32000,null,"AIO",32000,"East1",37760,"",null,"East1","Entry","Entry"]
[21385309,"Siddhartha Saha ","sidhartha.saha@v5global.co.in",9874293392,"V5 Global","Medinipur","V5367944","West Bengal","West Bengal",null,"V5 Global",null,null,"Sukamal Saha","sukamal.saha@v5global.co.in",null,"East1",null,"External Consumer","ASO","V5 Global ASO",null,"FT",null,"ASO",null,"Kapil Tiwari","Amit Thakuri",null,"Amit Tiwari","Raghavendra Araveeti","amit.thakuri@v5global.co.in","amit.thakuri@v5global.co.in","ktiwari1@lenovo.com","atiwari11@lenovo.com","raraveeti@lenovo.com","ASO","Shilpi Gautam","sgautam2@lenovo.com",null,"Amit Tiwari",null,"atiwari11@lenovo.com",null,"2025-11-06","20:38:00","22.0810838,88.1396807","IT MALL",{"$nulls":3},"T3","19AAJFI4832K1ZZ","East1",null,"T-30867","West Medinapur","West Bengal","V5 Global",null,"Yes","Face to Face","F0J6005FIN",1,"Lenovo","AIO","Lenovo A100","23.8\" FHD/8GB RAM/512 SSD/Integrated Graphics/MSO 2024/White","Win 11","AIO","Entry","Intel N100","Consumer",32000,null,"AIO",32000,"East1",37760,"",null,"East1","Entry","Entry"]
[21385311,"Siddhartha Saha ","sidhartha.saha@v5global.co.in",9874293392,"V5 Global","Medinipur","V5367944","West Bengal","West Bengal",null,"V5 Global",null,null,"Sukamal Saha","sukamal.saha@v5global.co.in",null,"East1",null,"External Consumer","ASO","V5 Global ASO",null,"FT",null,"ASO",null,"Kapil Tiwari","Amit Thakuri",null,"Amit Tiwari","Raghavendra Araveeti","amit.thakuri@v5global.co.in","amit.thakuri@v5global.co.in","ktiwari1@lenovo.com","atiwari11@lenovo.com","raraveeti@lenovo.com","ASO","Shilpi Gautam","sgautam2@lenovo.com",null,"Amit Tiwari",null,"atiwari11@lenovo.com",null,"2025-11-06","20:39:00","22.081081,88.139676","Shree Mall",{"$nulls":4},"19AUNPM6914EIZB","East1",null,"T-31551","Paschim Medinipur","West Bengal","V5 Global",null,"Yes","Face to Face","F0J6005FIN",1,"Lenovo","AIO","Lenovo A100","23.8\" FHD/8GB RAM/512 SSD/Integrated Graphics/MSO 2024/White","Win 11","AIO","Entry","Intel N100","Consumer",32000,null,"AIO",32000,"East1",37760,"",null,"East1","Entry","Entry"]
[21385322,"Siddhartha Saha ","sidhartha.saha@v5global.co.in",9874293392,"V5 Global","Medinipur","V5367944","West Bengal","West Bengal",null,"V5 Global",null,null,"Sukamal Saha","sukamal.saha@v5global.co.in",null,"East1",null,"External Consumer","ASO","V5 Global ASO",null,"FT",null,"ASO",null,"Kapil Tiwari","Amit Thakuri",null,"Amit Tiwari","Raghavendra Araveeti","amit.thakuri@v5global.co.in","amit.thakuri@v5global.co.in","ktiwari1@lenovo.com","atiwari11@lenovo.com","raraveeti@lenovo.com","ASO","Shilpi Gautam","sgautam2@lenovo.com",null,"Amit Tiwari",null,"atiwari11@lenovo.com",null,"2025-11-06","20:39:00","22.0810854,88.1396704","S.S.INFOTECH",{"$nulls":3},"T3","19ALXPS9181J1ZT","East1",null,"T-1459","Howrah","West Bengal","V5 Global",null,"Yes","Face to Face","83B40004IN",1,"Lenovo","Ideapad","Ideapad 1","15.6\"FHD,8GB/512GB/I3 1315/WIN/MS OFFICE/","Win 11","Thin & Light","Entry","13 1315","Consumer",36960,null,"NB",36960,"East1",43612.799999999996,"",null,"East1","Mainstream","Entry"]
[21385331,"Siddhartha Saha ","sidhartha.saha@v5global.co.in",9874293392,"V5 Global","Medinipur","V5367944","West Bengal","West Bengal",null,"V5 Global",null,null,"Sukamal Saha","sukamal.saha@v5global.co.in",null,"East1",null,"External Consumer","ASO","V5 Global ASO",null,"FT",null,"ASO",null,"Kapil Tiwari","Amit Thakuri",null,"Amit Tiwari","Raghavendra Araveeti","amit.thakuri@v5global.co.in","amit.thakuri@v5global.co.in","ktiwari1@lenovo.com","atiwari11@lenovo.com","raraveeti@lenovo.com","ASO","Shilpi Gautam","sgautam2@lenovo.com",null,"Amit Tiwari",null,"atiwari11@lenovo.com",null,"2025-11-06","20:40:00","22.0810833,88.1396806","COMPUTER ZONE",{"$nulls":3},"T3","19CHDPM2348M1ZX","East1",null,"T-1357","Medinipur","West Bengal",null,null,"Yes","Face to Face","F0J6005GIN",1,"Lenovo","AIO","A100","IntelÂ® Coreâ„¢ i3-N305/8GB SO-DIMM DDR4-3200/512GB SSD/Integrated IntelÂ® UHD Graphics/WindowsÂ® 11,Cloud Grey","Win 11","AIO","Mainstream","IntelÂ® Coreâ„¢ i3-N305","Consumer",49000,null,"AIO",49000,"East1",57820,"",null,"East1","Mainstream","Mainstream"]
[21385339,"Siddhartha Saha ","sidhartha.saha@v5global.co.in",9874293392,"V5 Global","Medinipur","V5367944","West Bengal","West Bengal",null,"V5 Global",null,null,"Sukamal Saha","sukamal.saha@v5global.co.in",null,"East1",null,"External Consumer","ASO","V5 Global ASO",null,"FT",null,"ASO",null,"Kapil Tiwari","Amit Thakuri",null,"Amit Tiwari","Raghavendra Araveeti","amit.thakuri@v5global.co.in","amit.thakuri@v5global.co.in","ktiwari1@lenovo.com","atiwari11@lenovo.com","raraveeti@lenovo.com","ASO","Shilpi Gautam","sgautam2@lenovo.com",null,"Amit Tiwari",null,"atiwari11@lenovo.com",null,"2025-11-06","20:40:00","22.0810819,88.1396823","SUNNY COMPUTER POINT",{"$nulls":3},"T3","19ANVPK9513A1ZQ","East1",null,"T-1485","Hooghly","West Bengal","V5 Global",null,"Yes","Face to Face","83K100C9IN",1,"Lenovo","Slim 3","IdeaPad Slim 3 15IRH10","NB IP Slim 3 15IRH10 I7 8G 8G 512G 11S","Win 11","Thin & Light","Mainstream","i7 13620H","Consumer",64700,null,"NB",64700,"East1",76346,"SP","Non-Gaming","East1","Premium","Premium"]
[21385343,"Siddhartha Saha ","sidhartha.saha@v5global.co.in",9874293392,"V5 Global","Medinipur","V5367944","West Bengal","West Bengal",null,"V5 Global",null,null,"Sukamal Saha","sukamal.saha@v5global.co.in",null,"East1",null,"External Consumer","ASO","V5 Global ASO",null,"FT",null,"ASO",null,"Kapil Tiwari","Amit Thakuri",null,"Amit Tiwari","Raghavendra Araveeti","amit.thakuri@v5global.co.in","amit.thakuri@v5global.co.in","ktiwari1@lenovo.com","atiwari11@lenovo.com","raraveeti@lenovo.com","ASO","Shilpi Gautam","sgautam2@lenovo.com",null,"Amit Tiwari",null,"atiwari11@lenovo.com",null,"2025-11-06","20:41:00","22.0810851,88.1396781","RANA IT SOLUTIONS",{"$nulls":3},"T3","19BYCPR3675M1ZN","East1",null,"T-30856","Arambagh","West Bengal","V5 Global",null,"Yes","Face to Face","83JC00EFIN",1,"Lenovo","LOQ","LOQ 15ARP9","NB LOQ 15ARP9 R5 24G 512G 11S","Win 11","Gaming","Premium","R5 7235HS","Consumer",67578,null,"NB",67578,"East1",79742.04,"SP","Gaming","East1","Premium","Premium"]
[21385353,"Siddhartha Saha ","sidhartha.saha@v5global.co.in",9874293392,"V5 Global","Medinipur","V5367944","West Bengal","West Bengal",null,"V5 Global",null,null,"Sukamal Saha","sukamal.saha@v5global.co.in",null,"East1",null,"External Consumer","ASO","V5 Global ASO",null,"FT",null,"ASO",null,"Kapil Tiwari","Amit Thakuri",null,"Amit Tiwari","Raghavendra Araveeti","amit.thakuri@v5global.co.in","amit.thakuri@v5global.co.in","ktiwari1@lenovo.com","atiwari11@lenovo.com","raraveeti@lenovo.com","ASO","Shilpi Gautam","sgautam2@lenovo.com",null,"Amit Tiwari",null,"atiwari11@lenovo.com",null,"2025-11-06","20:42:00","22.0810893,88.1396786","COMPUTER POINT",{"$nulls":3},"T3","19ALIPD7249R1ZA","East1",null,"T-1352","Hooghly","West Bengal","V5 Global",null,"Yes","Face to Face","83K100C6IN",1,"Lenovo","Ideapad","Slim 3","IntelÂ® Coreâ„¢ i5-13420H, 8C (4P + 4E) / 12T, P-core 2.1 / 4.6GHz, E-core 1.5 / 3.4GHz, 12MB,8GB Soldered DDR5-4800 + 8GB SO-DIMM ","Win 11","Thin & Light","Mainstream","i5-13420H","Consumer",46000,null,"NB",46000,"East1",54280,"",null,"East1","Mainstream","Mainstream"]
[21385361,"Siddhartha Saha ","sidhartha.saha@v5global.co.in",9874293392,"V5 Global","Medinipur","V5367944","West Bengal","West Bengal",null,"V5 Global",null,null,"Sukamal Saha","sukamal.saha@v5global.co.in",null,"East1",null,"External Consumer","ASO","V5 Global ASO",null,"FT",null,"ASO",null,"Kapil Tiwari","Amit Thakuri",null,"Amit Tiwari","Raghavendra Araveeti","amit.thakuri@v5global.co.in","amit.thakuri@v5global.co.in","ktiwari1@lenovo.com","atiwari11@lenovo.com","raraveeti@lenovo.com","ASO","Shilpi Gautam","sgautam2@lenovo.com",null,"Amit Tiwari",null,"atiwari11@lenovo.com",null,"2025-11-06","20:42:00","22.0810838,88.13967","ELEGANT COMPUTER",{"$nulls":3},"T3","19AQQPP3967R1ZF","East1",null,"T-1385","Howrah","West Bengal","V5 Global",null,"Yes","Face to Face","F0HN00PHIN",1,"Lenovo","AIO","AIO","LEN I5-13420H 16GB 512GB SSD 23.8 MSO","Win 11","AIO","Mainstream","i5-13420H","Consumer",53381,null,"AIO",53381,"East1",62989.579999999994,"",null,"East1","Mainstream","Mainstream"]
[21385381,"Siddhartha Saha ","sidhartha.saha@v5global.co.in",9874293392,"V5 Global","Medinipur","V5367944","West Bengal","West Bengal",null,"V5 Global",null,null,"Sukamal Saha","sukamal.saha@v5global.co.in",null,"East1",null,"External Consumer","ASO","V5 Global ASO",null,"FT",null,"ASO",null,"Kapil Tiwari","Amit Thakuri",null,"Amit Tiwari","Raghavendra Araveeti","amit.thakuri@v5global.co.in","amit.thakuri@v5global.co.in","ktiwari1@lenovo.com","atiwari11@lenovo.com","raraveeti@lenovo.com","ASO","Shilpi Gautam","sgautam2@lenovo.com",null,"Amit Tiwari",null,"atiwari11@lenovo.com",null,"2025-11-06","20:43:00","22.0810838,88.139681","Casp Infotech",{"$nulls":3},"T3","19BBKPG6420N1ZA","East1",null,"T-1335","Medinipur","West Bengal","V5 Global",null,"Yes","Face to Face","90XS005PIN",1,"Lenovo","IdeaCentre","IdeaCentre","IntelÂ® Coreâ„¢ i3-14100 4C, 8GB DDR5/512 SSD/ WiFi 6 + BT 5.2/ 260W/ SFF 8.2Lt / Wired KeyBoard & Mouse /Win 11 Home/1 Yr Onsite","Win 11","TDT","Entry","IntelÂ® Coreâ„¢ i3-14100","Consumer",31500,null,"TDT",31500,"East1",37170,"",null,"East1","Entry","Entry"]
[21385381,"Siddhartha Saha ","sidhartha.saha@v5global.co.in",9874293392,"V5 Global","Medinipur","V5367944","West Bengal","West Bengal",null,"V5 Global",null,null,"Sukamal Saha","sukamal.saha@v5global.co.in",null,"East1",null,"External Consumer","ASO","V5 Global ASO",null,"FT",null,"ASO",null,"Kapil Tiwari","Amit Thakuri",null,"Amit Tiwari","Raghavendra Araveeti","amit.thakuri@v5global.co.in","amit.thakuri@v5global.co.in","ktiwari1@lenovo.com","atiwari11@lenovo.com","raraveeti@lenovo.com","ASO","Shilpi Gautam","sgautam2@lenovo.com",null,"Amit Tiwari",null,"atiwari11@lenovo.com",null,"2025-11-06","20:43:00","22.0810838,88.139681","Casp Infotech",{"$nulls":3},"T3","19BBKPG6420N1ZA","East1",null,"T-1335","Medinipur","West Bengal","V5 Global",null,"Yes","Face to Face","67CCGAC4IN",2,"Lenovo","Moniter","R24E","NA","NA","Visual Variants","Premium","NA","Visuals",10500,null,null,21000,"East1",12390,"",null,"East1","Premium","Premium"]
[21385381,"Siddhartha Saha ","sidhartha.saha@v5global.co.in",9874293392,"V5 Global","Medinipur","V5367944","West Bengal","West Bengal",null,"V5 Global",null,null,"Sukamal Saha","sukamal.saha@v5global.co.in",null,"East1",null,"External Consumer","ASO","V5 Global ASO",null,"FT",null,"ASO",null,"Kapil Tiwari","Amit Thakuri",null,"Amit Tiwari","Raghavendra Araveeti","amit.thakuri@v5global.co.in","amit.thakuri@v5global.co.in","ktiwari1@lenovo.com","atiwari11@lenovo.com","raraveeti@lenovo.com","ASO","Shilpi Gautam","sgautam2@lenovo.com",null,"Amit Tiwari",null,"atiwari11@lenovo.com",null,"2025-11-06","20:43:00","22.0810838,88.139681","Casp Infotech",{"$nulls":3},"T3","19BBKPG6420N1ZA","East1",null,"T-1335","Medinipur","West Bengal","V5 Global",null,"Yes","Face to Face","67BCKAC6IN",2,"Lenovo","Monitor -L24i4A","Monitor -L24i4A","Full HD IPS Panel Ultra Thin Monitor with WLED Backlight","NA","Visual Variants","Premium","NA","Visuals",7203,null,null,14406,"East1",8499.539999999999,"",null,"East1","Premium","Premium"]
[21385381,"Siddhartha Saha ","sidhartha.saha@v5global.co.in",9874293392,"V5 Global","Medinipur","V5367944","West Bengal","West Bengal",null,"V5 Global",null,null,"Sukamal Saha","sukamal.saha@v5global.co.in",null,"East1",null,"External Consumer","ASO","V5 Global ASO",null,"FT",null,"ASO",null,"Kapil Tiwari","Amit Thakuri",null,"Amit Tiwari","Raghavendra Araveeti","amit.thakuri@v5global.co.in","amit.thakuri@v5global.co.in","ktiwari1@lenovo.com","atiwari11@lenovo.com","raraveeti@lenovo.com","ASO","Shilpi Gautam","sgautam2@lenovo.com",null,"Amit Tiwari",null,"atiwari11@lenovo.com",null,"2025-11-06","20:43:00","22.0810838,88.139681","Casp Infotech",{"$nulls":3},"T3","19BBKPG6420N1ZA","East1",null,"T-1335","Medinipur","West Bengal","V5 Global",null,"Yes","Face to Face","67AEKACBIN",2,"Lenovo","Monitor","L22i-40","MONITOR 21.5","NA","Visual Variants","Mainstream","NA","Visuals",9099,null,null,18198,"East1",10736.82,"",null,"East1","Mainstream","Mainstream"]
[21385381,"Siddhartha Saha ","sidhartha.saha@v5global.co.in",9874293392,"V5 Global","Medinipur","V5367944","West Bengal","West Bengal",null,"V5 Global",null,null,"Sukamal Saha","sukamal.saha@v5global.co.in",null,"East1",null,"External Consumer","ASO","V5 Global ASO",null,"FT",null,"ASO",null,"Kapil Tiwari","Amit Thakuri",null,"Amit Tiwari","Raghavendra Araveeti","amit.thakuri@v5global.co.in","amit.thakuri@v5global.co.in","ktiwari1@lenovo.com","atiwari11@lenovo.com","raraveeti@lenovo.com","ASO","Shilpi Gautam","sgautam2@lenovo.com",null,"Amit Tiwari",null,"atiwari11@lenovo.com",null,"2025-11-06","20:43:00","22.0810838,88.139681","Casp Infotech",{"$nulls":3},"T3","19BBKPG6420N1ZA","East1",null,"T-1335","Medinipur","West Bengal","V5 Global",null,"Yes","Face to Face","67AFKACBIN",1,"Lenovo","L Series","L22E-40","LEN L22E-40 21.5 VA 75 HZ HDMI","NA","Visual Variants","Entry","NA","Visuals",7900,null,null,7900,"East1",9322,"",null,"East1","Entry","Entry"]
[21385391,"Siddhartha Saha ","sidhartha.saha@v5global.co.in",9874293392,"V5 Global","Medinipur","V5367944","West Bengal","West Bengal",null,"V5 Global",null,null,"Sukamal Saha","sukamal.saha@v5global.co.in",null,"East1",null,"External Consumer","ASO","V5 Global ASO",null,"FT",null,"ASO",null,"Kapil Tiwari","Amit Thakuri",null,"Amit Tiwari","Raghavendra Araveeti","amit.thakuri@v5global.co.in","amit.thakuri@v5global.co.in","ktiwari1@lenovo.com","atiwari11@lenovo.com","raraveeti@lenovo.com","ASO","Shilpi Gautam","sgautam2@lenovo.com",null,"Amit Tiwari",null,"atiwari11@lenovo.com",null,"2025-11-06","20:44:00","22.081083,88.1396813","Casp Infotech",{"$nulls":3},"T3","19BBKPG6420N1ZA","East1",null,"T-1335","Medinipur","West Bengal","V5 Global",null,"Yes","Face to Face","ZADA0068IN",1,"Lenovo","TB330FU","M11","FHD (1920 x 1200) 10.95\" 10.95\"13MP","Android 13","Tablet","Entry","MediaTek Helio G88; Octa-Core","Tablet",19999,null,null,19999,"East1",23598.82,"",null,"East1","NA","NA"]
[21385391,"Siddhartha Saha ","sidhartha.saha@v5global.co.in",9874293392,"V5 Global","Medinipur","V5367944","West Bengal","West Bengal",null,"V5 Global",null,null,"Sukamal Saha","sukamal.saha@v5global.co.in",null,"East1",null,"External Consumer","ASO","V5 Global ASO",null,"FT",null,"ASO",null,"Kapil Tiwari","Amit Thakuri",null,"Amit Tiwari","Raghavendra Araveeti","amit.thakuri@v5global.co.in","amit.thakuri@v5global.co.in","ktiwari1@lenovo.com","atiwari11@lenovo.com","raraveeti@lenovo.com","ASO","Shilpi Gautam","sgautam2@lenovo.com",null,"Amit Tiwari",null,"atiwari11@lenovo.com",null,"2025-11-06","20:44:00","22.081083,88.1396813","Casp Infotech",{"$nulls":3},"T3","19BBKPG6420N1ZA","East1",null,"T-1335","Medinipur","West Bengal","V5 Global",null,"Yes","Face to Face","ZAEH0019IN",1,"Lenovo","Tablet","Tablet","10.1\" WUXGA (1920x1200) TFT LCD (IPS) 400nits Anti-fingerprint, 72% NTSC, 60Hz, Touch / 4GB Soldered LPDDR4x/ 64GB eMMC 5.1, mic","Androidâ„¢ 14 or Later","Tablet","Entry","MediaTek Helio G85 (8C, 2x A75 @2.0GHz + 6x A55 @1.8GHz)","Tablet",9019,null,null,9019,"East1",10642.42,"",null,"East1","NA","NA"]
[21385401,"Siddhartha Saha ","sidhartha.saha@v5global.co.in",9874293392,"V5 Global","Medinipur","V5367944","West Bengal","West Bengal",null,"V5 Global",null,null,"Sukamal Saha","sukamal.saha@v5global.co.in",null,"East1",null,"External Consumer","ASO","V5 Global ASO",null,"FT",null,"ASO",null,"Kapil Tiwari","Amit Thakuri",null,"Amit Tiwari","Raghavendra Araveeti","amit.thakuri@v5global.co.in","amit.thakuri@v5global.co.in","ktiwari1@lenovo.com","atiwari11@lenovo.com","raraveeti@lenovo.com","ASO","Shilpi Gautam","sgautam2@lenovo.com",null,"Amit Tiwari",null,"atiwari11@lenovo.com",null,"2025-11-06","20:45:00","22.0810824,88.1396823","SKYLAB ELECTRONICS",{"$nulls":3},"T3","19AJEPS0987M1ZE","East1",null,"T-1473","Medinipur","West Bengal","V5 Global",null,"Yes","Face to Face","82XQ00MDIN",1,"Lenovo","Ideapad","Slim 3","RYZEN-7320U/8GB LPDDR5-5500/512GB SSD/Integrated AMD Radeon graphics","Win 11","Thin & Light","Entry","Ryzen3 7320U","Consumer",33000,null,"NB",33000,"East1",38940,"",null,"East1","Entry","Entry"]
[21385416,"Siddhartha Saha ","sidhartha.saha@v5global.co.in",9874293392,"V5 Global","Medinipur","V5367944","West Bengal","West Bengal",null,"V5 Global",null,null,"Sukamal Saha","sukamal.saha@v5global.co.in",null,"East1",null,"External Consumer","ASO","V5 Global ASO",null,"FT",null,"ASO",null,"Kapil Tiwari","Amit Thakuri",null,"Amit Tiwari","Raghavendra Araveeti","amit.thakuri@v5global.co.in","amit.thakuri@v5global.co.in","ktiwari1@lenovo.com","atiwari11@lenovo.com","raraveeti@lenovo.com","ASO","Shilpi Gautam","sgautam2@lenovo.com",null,"Amit Tiwari",null,"atiwari11@lenovo.com",null,"2025-11-06","20:46:00","22.0810834,88.1396799","Krishna Computer",{"$nulls":3},"T3","19AHFPD9722N1ZW","East1",null,"T-1417","Medinipur","West Bengal","V5 Global",null,"Yes","Face to Face","GY41P80860",1,"Lenovo","Gaming Keyboard","Gaming","Lenovo Legion K510 Mini Pro Mechanical Gaming Keyboard","NA","Accessories","NA","NA","Accessories",4999,null,null,4999,"East1",5898.82,"",null,"East1","NA","NA"]
[21385427,"Siddhartha Saha ","sidhartha.saha@v5global.co.in",9874293392,"V5 Global","Medinipur","V5367944","West Bengal","West Bengal",null,"V5 Global",null,null,"Sukamal Saha","sukamal.saha@v5global.co.in",null,"East1",null,"External Consumer","ASO","V5 Global ASO",null,"FT",null,"ASO",null,"Kapil Tiwari","Amit Thakuri",null,"Amit Tiwari","Raghavendra Araveeti","amit.thakuri@v5global.co.in","amit.thakuri@v5global.co.in","ktiwari1@lenovo.com","atiwari11@lenovo.com","raraveeti@lenovo.com","ASO","Shilpi Gautam","sgautam2@lenovo.com",null,"Amit Tiwari",null,"atiwari11@lenovo.com",null,"2025-11-06","20:47:00","22.0810796,88.1396788","Casp Infotech",{"$nulls":3},"T3","19BBKPG6420N1ZA","East1",null,"T-1335","Medinipur","West Bengal","V5 Global",null,"Yes","Face to Face","GY41N91873",1,"Lenovo","Gaming Keyboard","Gaming","Lenovo K310 Legion wired gaming keyboard","NA","Accessories","NA","NA","Accessories",3999,null,null,3999,"East1",4718.82,"",null,"East1","NA","NA"]
[21385442,"Siddhartha Saha ","sidhartha.saha@v5global.co.in",9874293392,"V5 Global","Medinipur","V5367944","West Bengal","West Bengal",null,"V5 Global",null,null,"Sukamal Saha","sukamal.saha@v5global.co.in",null,"East1",null,"External Consumer","ASO","V5 Global ASO",null,"FT",null,"ASO",null,"Kapil Tiwari","Amit Thakuri",null,"Amit Tiwari","Raghavendra Araveeti","amit.thakuri@v5global.co.in","amit.thakuri@v5global.co.in","ktiwari1@lenovo.com","atiwari11@lenovo.com","raraveeti@lenovo.com","ASO","Shilpi Gautam","sgautam2@lenovo.com",null,"Amit Tiwari",null,"atiwari11@lenovo.com",null,"2025-11-06","20:48:00","22.0810892,88.1396726","Hard N Soft",{"$nulls":3},"T3","19AREPS0162N1ZD","East1",null,"T-1396","Medinipur","West Bengal","V5 Global",null,"Yes","Face to Face","GY41P80860",1,"Lenovo","Gaming Keyboard","Gaming","Lenovo Legion K510 Mini Pro Mechanical Gaming Keyboard","NA","Accessories","NA","NA","Accessories",4999,null,null,4999,"East1",5898.82,"",null,"East1","NA","NA"]
[21385560,"Govind Gulab Rajbhar","govind.gulab@v5global.co.in",9029031943,"V5 Global","Mumbai","V5263641","Maharashtra","Maharashtra",null,"V5 Global",null,null,"Pooja Thakur","pooja.thakur@v5global.co.in",null,"West1",null,"External Consumer","ASO","V5 Global ASO",null,"FT",null,"ASO",null,"Amit Tiwari","Yunus Hamid Mansoori",null,"Hemant C Baghel","Sharad verma","yunus.hamid@v5global.co.in","yunus.hamid@v5global.co.in","atiwari5@lenovo.com","hbaghel@lenovo.com","sharverm@lenovo.com","ASO","Shilpi Gautam","sgautam2@lenovo.com",null,"Hemant C Baghel",null,"hbaghel@lenovo.com",null,"2025-11-06","20:56:00","19.2169745,72.8439319","Poonam Computers",{"$nulls":3},"T3","GST-27AQOPP1425G1ZQ","West2",null,"T-27991","Mumbai","Maharashtra","Denave",null,"Yes","Telephonic","67BCKAC6IN",2,"Lenovo","Monitor -L24i4A","Monitor -L24i4A","Full HD IPS Panel Ultra Thin Monitor with WLED Backlight","NA","Visual Variants","Premium","NA","Visuals",7203,null,null,14406,"West1",8499.539999999999,"",null,"West1 M","Premium","Premium"]
[21385572,"Govind Gulab Rajbhar","govind.gulab@v5global.co.in",9029031943,"V5 Global","Mumbai","V5263641","Maharashtra","Maharashtra",null,"V5 Global",null,null,"Pooja Thakur","pooja.thakur@v5global.co.in",null,"West1",null,"External Consumer","ASO","V5 Global ASO",null,"FT",null,"ASO",null,"Amit Tiwari","Yunus Hamid Mansoori",null,"Hemant C Baghel","Sharad verma","yunus.hamid@v5global.co.in","yunus.hamid@v5global.co.in","atiwari5@lenovo.com","hbaghel@lenovo.com","sharverm@lenovo.com","ASO","Shilpi Gautam","sgautam2@lenovo.com",null,"Hemant C Baghel",null,"hbaghel@lenovo.com",null,"2025-11-06","20:56:00","19.2169512,72.8439327","Cloud 9 Electronics",{"$nulls":3},"T3",null,"West1",null,"T-21982","Mumbai","Maharashtra","V5 Global",null,"Yes","Telephonic","67D5KAC6IN",2,"Lenovo","L22-4E","L Series","LEN L22-4E 21.5 IPS  BLACK 100HZ","NA","Visual Variants","Mainstream","NA","Visuals",5331,null,null,10662,"West1",6290.58,"",null,"West1 M","Mainstream","Mainstream"]
[21385579,"Govind Gulab Rajbhar","govind.gulab@v5global.co.in",9029031943,"V5 Global","Mumbai","V5263641","Maharashtra","Maharashtra",null,"V5 Global",null,null,"Pooja Thakur","pooja.thakur@v5global.co.in",null,"West1",null,"External Consumer","ASO","V5 Global ASO",null,"FT",null,"ASO",null,"Amit Tiwari","Yunus Hamid Mansoori",null,"Hemant C Baghel","Sharad verma","yunus.hamid@v5global.co.in","yunus.hamid@v5global.co.in","atiwari5@lenovo.com","hbaghel@lenovo.com","sharverm@lenovo.com","ASO","Shilpi Gautam","sgautam2@lenovo.com",null,"Hemant C Baghel",null,"hbaghel@lenovo.com",null,"2025-11-06","20:56:00","19.2169512,72.8439348","microway computers kandivali",{"$nulls":3},"T3",null,"West1",null,"T-21980","Mumbai","Maharashtra","V5 Global",null,"Yes","Telephonic","67D5KAC6IN",2,"Lenovo","L22-4E","L Series","LEN L22-4E 21.5 IPS  BLACK 100HZ","NA","Visual Variants","Mainstream","NA","Visuals",5331,null,null,10662,"West1",6290.58,"",null,"West1 M","Mainstream","Mainstream"]
[21385587,"Govind Gulab Rajbhar","govind.gulab@v5global.co.in",9029031943,"V5 Global","Mumbai","V5263641","Maharashtra","Maharashtra",null,"V5 Global",null,null,"Pooja Thakur","pooja.thakur@v5global.co.in",null,"West1",null,"External Consumer","ASO","V5 Global ASO",null,"FT",null,"ASO",null,"Amit Tiwari","Yunus Hamid Mansoori",null,"Hemant C Baghel","Sharad verma","yunus.hamid@v5global.co.in","yunus.hamid@v5global.co.in","atiwari5@lenovo.com","hbaghel@lenovo.com","sharverm@lenovo.com","ASO","Shilpi Gautam","sgautam2@lenovo.com",null,"Hemant C Baghel",null,"hbaghel@lenovo.com",null,"2025-11-06","20:57:00","19.2169538,72.8439352","Idenitive Infotech",{"$nulls":3},"T3",null,"West1",null,"T-25715","Mumbai","Maharashtra","V5 Global",null,"Yes","Telephonic","90XW0022IN",1,"Lenovo","IdeaCentre","IdeaCentre 3","Intel Core i7-13620H,10C SFF 7.4 Lt,8 GB DDR4 ,512 GB SSD","DOS","TDT","Mainstream","Intel Core i7-13620H","Consumer",55000,null,"TDT",55000,"West1",64900,"",null,"West1 M","Mainstream","Mainstream"]
[21385603,"Govind Gulab Rajbhar","govind.gulab@v5global.co.in",9029031943,"V5 Global","Mumbai","V5263641","Maharashtra","Maharashtra",null,"V5 Global",null,null,"Pooja Thakur","pooja.thakur@v5global.co.in",null,"West1",null,"External Consumer","ASO","V5 Global ASO",null,"FT",null,"ASO",null,"Amit Tiwari","Yunus Hamid Mansoori",null,"Hemant C Baghel","Sharad verma","yunus.hamid@v5global.co.in","yunus.hamid@v5global.co.in","atiwari5@lenovo.com","hbaghel@lenovo.com","sharverm@lenovo.com","ASO","Shilpi Gautam","sgautam2@lenovo.com",null,"Hemant C Baghel",null,"hbaghel@lenovo.com",null,"2025-11-06","20:57:00","19.2169527,72.8439362","VIRAJ INFOTECH",{"$nulls":3},"T3",null,"West1",null,"T-19634","Mumbai","Maharashtra","V5 Global",null,"Yes","Telephonic","82ER00MCIN",1,"Lenovo","Ideapad","Slim 3","15.6\" (39.62cm) FHD / 16 GB DDR5 RAM / 512 GB SSD/ARCTIC GREY/\t","Win 11","Thin & Light","Mainstream","Core i5 12th Gen","Consumer",53000,null,"NB",{"$f":"BV323*BL323","v":53000},{"$f":"Q323","v":"West1"},{"$f":"BV323*118%","v":62540},{"$f":"IF(CF323=\"Premium\",IF(CA323>=65000,\"SP\",\"\"),\"\")","v":""},null,"West1 M",{"$f":"IF(BU323=\"Consumer\",IF(CA323<40000,\"Entry\",IF(AND(CA323>=40000,CA323<65000),\"Mainstream\",\"Premium\")),IF(BU323=\"Visuals\",BS323,\"NA\"))","v":"Mainstream"},"Mainstream"]
[21385826,"Sukanta Sinha","sukanta.sinha@v5global.co.in",9854184578,"V5 Global","Guwahati","V5266867","NE","NE",null,"V5 Global",null,null,"Sukamal Saha","sukamal.saha@v5global.co.in",null,"East1",null,"External Consumer","ASO","V5 Global ASO",null,"FT",null,"ASO",null,"Partha Chakraborty","Amit Thakuri",null,"Amit Tiwari","Raghavendra Araveeti","amit.thakuri@v5global.co.in","amit.thakuri@v5global.co.in","pchakraborty@lenovo.com","atiwari11@lenovo.com","raraveeti@lenovo.com","ASO","Shilpi Gautam","sgautam2@lenovo.com",null,"Amit Tiwari",null,"atiwari11@lenovo.com",null,"2025-11-06","21:10:00","26.1636266,91.7765525","Hd System & Technology",{"$nulls":3},"T3","18BIHPD4266P1ZR","East1",null,"T-88","Kamrup Metropolitan","ASSAM","V5 Global",null,"Yes","Face to Face","GX21M75594",10,"Lenovo","AC Adapter","Power","Lenovo 45W AC Round tip Adapter(IN)","NA","Accessories","NA","NA","Accessories",2090,null,null,20900,"East1",2466.2,"",null,"East1","NA","NA"]
[21386131,"Shrikant Babasaheb Nikrad","shrikant.babasaheb@v5global.co.in",8149838223,"V5 Global","Pune","V5262114","Maharashtra","Maharashtra",null,"V5 Global",null,null,"Aparajitaa Lakhani","aparajita.lakhani@v5global.co.in",null,"West1",null,"External Consumer","ASO","V5 Global ASO",null,"FT",null,"Distribution Sales Manager",null,"Rajeev Jha","TBH",null,"Hemant C Baghel","Sharad verma",null,null,"rjha3@lenovo.com","hbaghel@lenovo.com","sharverm@lenovo.com","ASO","Shilpi Gautam","sgautam2@lenovo.com",null,"Hemant C Baghel",null,"hbaghel@lenovo.com",null,"2025-11-06","21:30:00","21.1357095,79.0824013","Essem Agencies",{"$nulls":3},"T3","27AARPB9092L1Z0","West1",null,"T-13280","Pune","Maharashtra",null,null,"Yes","Face to Face","83B40004IN",1,"Lenovo","Ideapad","Ideapad 1","15.6\"FHD,8GB/512GB/I3 1315/WIN/MS OFFICE/","Win 11","Thin & Light","Entry","13 1315","Consumer",36960,null,"NB",36960,"West1",43612.799999999996,"",null,"West1 R","Mainstream","Entry"]
[21386635,"Rajesh MG","rajesh.mg@v5global.co.in",8157020114,"V5 Global","COCHIN",601146,"KERELA","KERELA",null,"V5 Global",null,null,"Athul Krishna","athul.n@v5global.co.in",null,"South1",null,"External Consumer","ASO","V5 Global ASO",null,"FT",null,"ASO",null,"Shaiju","Prakash Kumar K P",null,"S Sreekumar","Sharad verma","prakash.kp@v5global.co.in","prakash.kp@v5global.co.in","ss89@lenovo.com","ssreekumar@lenovo.com","sharverm@lenovo.com","ASO","Shilpi Gautam","sgautam2@lenovo.com",null,"S Sreekumar",null,"ssreekumar@lenovo.com",null,"2025-11-06","22:12:00","10.6062997,76.1430516","SAF G",{"$nulls":3},"T3","32FHNPS2821C2ZG","South2",null,"T-29018","Edappal","Kerala","V5 Global",null,"Yes","Telephonic","GX41B33568",10,"Lenovo","Carry Case","Backpack","Lenovo Slim Everyday Backpack/Warranty - NA","NA","Accessories","NA","NA","Accessories",839,null,null,8390,"South1",990.02,"",null,"South1","NA","NA"]
[21386642,"Rajesh MG","rajesh.mg@v5global.co.in",8157020114,"V5 Global","COCHIN",601146,"KERELA","KERELA",null,"V5 Global",null,null,"Athul Krishna","athul.n@v5global.co.in",null,"South1",null,"External Consumer","ASO","V5 Global ASO",null,"FT",null,"ASO",null,"Shaiju","Prakash Kumar K P",null,"S Sreekumar","Sharad verma","prakash.kp@v5global.co.in","prakash.kp@v5global.co.in","ss89@lenovo.com","ssreekumar@lenovo.com","sharverm@lenovo.com","ASO","Shilpi Gautam","sgautam2@lenovo.com",null,"S Sreekumar",null,"ssreekumar@lenovo.com",null,"2025-11-06","22:12:00","10.606323,76.1429587","sapphire technologies",{"$nulls":3},"T3","32AEDFS5701H1ZC","South1",null,"T-30632","Thrissur","Kerala","V5 Global",null,"Yes","Telephonic","83HX001NIN",1,"Lenovo","Ideapad","Slim 5","\"14\"\" WUXGA (1920x1200) OLED 400nits Glossy, 100% DCI-P3, DisplayHDRâ„¢ True Black 500 / 2x 12GB SO-DIMM DDR5-4800 / Up to 24GB DD","Win 11","Thin & Light","Premium","AMD Ryzenâ„¢ AI 7 350 (8C / 16T, 2.0 / 5.0GHz, 8MB L2 / 16MB L3)","Consumer",74568,null,"NB",74568,"South1",87990.23999999999,"SP","Non-Gaming","South1","Premium","Premium"]
[21386647,"Rajesh MG","rajesh.mg@v5global.co.in",8157020114,"V5 Global","COCHIN",601146,"KERELA","KERELA",null,"V5 Global",null,null,"Athul Krishna","athul.n@v5global.co.in",null,"South1",null,"External Consumer","ASO","V5 Global ASO",null,"FT",null,"ASO",null,"Shaiju","Prakash Kumar K P",null,"S Sreekumar","Sharad verma","prakash.kp@v5global.co.in","prakash.kp@v5global.co.in","ss89@lenovo.com","ssreekumar@lenovo.com","sharverm@lenovo.com","ASO","Shilpi Gautam","sgautam2@lenovo.com",null,"S Sreekumar",null,"ssreekumar@lenovo.com",null,"2025-11-06","22:13:00","10.6063522,76.1429362","C M Mobiles",{"$nulls":3},"T3","32BGOPM6360E1ZE","South1",null,"T-31009","Palakkad","Kerala","V5 Global",null,"Yes","Telephonic","83DV01A5IN",1,"Lenovo","LOQ","LOQ 15IRX9","CI7-13650HX/16GB/512GB/RTX 4050 6GB/WIN11/OFFICE2024/15.6FULLHDIPS","Win 11","Gaming","Premium","C I7-13650HX","Consumer",91500,null,"NB",91500,"South1",107970,"SP","Gaming","South1","Premium","Premium"]
[21386652,"Rajesh MG","rajesh.mg@v5global.co.in",8157020114,"V5 Global","COCHIN",601146,"KERELA","KERELA",null,"V5 Global",null,null,"Athul Krishna","athul.n@v5global.co.in",null,"South1",null,"External Consumer","ASO","V5 Global ASO",null,"FT",null,"ASO",null,"Shaiju","Prakash Kumar K P",null,"S Sreekumar","Sharad verma","prakash.kp@v5global.co.in","prakash.kp@v5global.co.in","ss89@lenovo.com","ssreekumar@lenovo.com","sharverm@lenovo.com","ASO","Shilpi Gautam","sgautam2@lenovo.com",null,"S Sreekumar",null,"ssreekumar@lenovo.com",null,"2025-11-06","22:14:00","10.6063256,76.1429171","MARVEL AGENCIES",{"$nulls":3},"T3","32AAIFM7587L1ZO","South1",null,"T-19494","Thrissur","Kerala","V5 Global",null,"Yes","Telephonic","83JC00GDIN",1,"Lenovo","LOQ","LOQ","15.6_FHD_AG_300N_144_SRGB/24GB, 512GB SSD/OFFICE H&S 2024","Win 11","Gaming","Premium","AMD Ryzenâ„¢ 7 7435HS (8C / 16T, 3.1 / 4.5GHz, 4MB L2 / 16MB L3)","Consumer",78000,null,"NB",78000,"South1",92040,"SP","Gaming","South1","Premium","Premium"]
[21386652,"Rajesh MG","rajesh.mg@v5global.co.in",8157020114,"V5 Global","COCHIN",601146,"KERELA","KERELA",null,"V5 Global",null,null,"Athul Krishna","athul.n@v5global.co.in",null,"South1",null,"External Consumer","ASO","V5 Global ASO",null,"FT",null,"ASO",null,"Shaiju","Prakash Kumar K P",null,"S Sreekumar","Sharad verma","prakash.kp@v5global.co.in","prakash.kp@v5global.co.in","ss89@lenovo.com","ssreekumar@lenovo.com","sharverm@lenovo.com","ASO","Shilpi Gautam","sgautam2@lenovo.com",null,"S Sreekumar",null,"ssreekumar@lenovo.com",null,"2025-11-06","22:14:00","10.6063256,76.1429171","MARVEL AGENCIES",{"$nulls":3},"T3","32AAIFM7587L1ZO","South1",null,"T-19494","Thrissur","Kerala","V5 Global",null,"Yes","Telephonic","83JC00HNIN",1,"Lenovo","LOQ","LOQ","Lenovo LOQ 15 R7 7235HS Gen Gaming Laptop (12GB, 512GB SSD, Windows 11 Home, 4GB Graphics, 15.6 inch 144 Hz Full HD IPS Display,","Win 11","Thin & Light","Premium","R7 7235HS","Consumer",50000,null,"NB",50000,"South1",59000,"",null,"South1","Mainstream","Mainstream"]
[21387167,"Soumen Das","soumen.das@v5global.co.in",8001996232,"V5 Global","Krishna Nagar","V5468689","Krishna Nagar","West Bengal",null,"V5 Global",null,null,"Arindam Mazumdar","arindam.mazumdar@v5global.co.in",null,"East1",null,"External Consumer","ASO","V5 Global ASO",null,"FT",null,"ASO","MBO","Ashique Ali","Amit Thakuri",null,"Amit Tiwari","Raghavendra Araveeti","amit.thakuri@v5global.co.in","amit.thakuri@v5global.co.in","aali11@lenovo.com","atiwari11@lenovo.com","raraveeti@lenovo.com","ASO","Shilpi Gautam","sgautam2@lenovo.com",null,"Amit Tiwari","MBO","atiwari11@lenovo.com",null,"2025-11-06","23:08:00","22.4276451,87.9851707","Techno Care",{"$nulls":3},"T3","19BRNPS9620M1ZS","East1",null,"T-1821","N.24 Pargana","West Bengal","V5 Global",null,"Yes","Face to Face","83CV00D0IN",1,"Lenovo","Yoga","Slim 7","NB YGS7 14IMH9 ULT5 16G 1T 11S","Win 11","Thin & Light","Premium","CORE ULT5 125H/16GB/1TB SSD","Consumer",82990,null,"NB",82990,"East1",97928.2,"SP","Non-Gaming","East1","Premium","Premium"]
[21387257,"Laxman Anilrao Deshmukh","laxman.anilrao@v5global.co.in",9028122888,"V5 Global","AURANGABAD","V5266711","MAHARASHTRA","MAHARASHTRA",null,"V5 Global",null,null,"Safdar Hussian","safder.khan@v5global.co.in",null,"West1",null,"External Consumer","ASO","V5 Global ASO",null,"FT",null,"ASO",null,"Sonia more","TBH",null,"Hemant C Baghel","Sharad verma",null,null,"smore3@lenovo.com","hbaghel@lenovo.com","sharverm@lenovo.com","ASO","Shilpi Gautam","sgautam2@lenovo.com",null,"Hemant C Baghel",null,"hbaghel@lenovo.com",null,"2025-11-06","23:15:00","19.1554334,77.3110599","Mainfreme Computer Pvt Ltd",{"$nulls":3},"T3","27AAACM3336N1ZA","West1",null,"T-12022","Aurangabad","Maharashtra","V5 Global",null,"Yes","Face to Face","90XS005PIN",3,"Lenovo","IdeaCentre","IdeaCentre","IntelÂ® Coreâ„¢ i3-14100 4C, 8GB DDR5/512 SSD/ WiFi 6 + BT 5.2/ 260W/ SFF 8.2Lt / Wired KeyBoard & Mouse /Win 11 Home/1 Yr Onsite","Win 11","TDT","Entry","IntelÂ® Coreâ„¢ i3-14100","Consumer",31500,null,"TDT",94500,"West1",37170,"",null,"West1 R","Entry","Entry"]
[21387266,"Laxman Anilrao Deshmukh","laxman.anilrao@v5global.co.in",9028122888,"V5 Global","AURANGABAD","V5266711","MAHARASHTRA","MAHARASHTRA",null,"V5 Global",null,null,"Safdar Hussian","safder.khan@v5global.co.in",null,"West1",null,"External Consumer","ASO","V5 Global ASO",null,"FT",null,"ASO",null,"Sonia more","TBH",null,"Hemant C Baghel","Sharad verma",null,null,"smore3@lenovo.com","hbaghel@lenovo.com","sharverm@lenovo.com","ASO","Shilpi Gautam","sgautam2@lenovo.com",null,"Hemant C Baghel",null,"hbaghel@lenovo.com",null,"2025-11-06","23:15:00","19.1554296,77.3110817","It Zone",{"$nulls":3},"T3","27BJCPD5247E1ZJ","West1",null,"T-12018","Aurangabad","Maharashtra","V5 Global",null,"Yes","Face to Face","67BCKAC6IN",1,"Lenovo","Monitor -L24i4A","Monitor -L24i4A","Full HD IPS Panel Ultra Thin Monitor with WLED Backlight","NA","Visual Variants","Premium","NA","Visuals",7203,null,null,7203,"West1",8499.539999999999,"",null,"West1 R","Premium","Premium"]
[21387266,"Laxman Anilrao Deshmukh","laxman.anilrao@v5global.co.in",9028122888,"V5 Global","AURANGABAD","V5266711","MAHARASHTRA","MAHARASHTRA",null,"V5 Global",null,null,"Safdar Hussian","safder.khan@v5global.co.in",null,"West1",null,"External Consumer","ASO","V5 Global ASO",null,"FT",null,"ASO",null,"Sonia more","TBH",null,"Hemant C Baghel","Sharad verma",null,null,"smore3@lenovo.com","hbaghel@lenovo.com","sharverm@lenovo.com","ASO","Shilpi Gautam","sgautam2@lenovo.com",null,"Hemant C Baghel",null,"hbaghel@lenovo.com",null,"2025-11-06","23:15:00","19.1554296,77.3110817","It Zone",{"$nulls":3},"T3","27BJCPD5247E1ZJ","West1",null,"T-12018","Aurangabad","Maharashtra","V5 Global",null,"Yes","Face to Face","67BEKAC1IN",1,"Lenovo","Monitor","L27I-4A","L27I-4A","NA","Visual Variants","Premium","NA","Visuals",13000,null,null,13000,"West1",15340,"",null,"West1 R","Premium","Premium"]
[21387635,"Arabinda Samanta","arabinda.samanta@v5global.co.in",8879216607,"V5 Global","Mumbai","V5360834","Maharashtra","Maharashtra",null,"V5 Global",null,null,"Muffazal Momin","muffazal.momin@v5global.co.in",null,"West1",null,"External Consumer","ASO","V5 Global ASO",null,"FT",null,"ASO",null,"Amit Tiwari","Yunus Hamid Mansoori",null,"Hemant C Baghel","Sharad verma","yunus.hamid@v5global.co.in","yunus.hamid@v5global.co.in","atiwari5@lenovo.com","hbaghel@lenovo.com","sharverm@lenovo.com","ASO","Shilpi Gautam","sgautam2@lenovo.com",null,"Hemant C Baghel",null,"hbaghel@lenovo.com",null,"2025-11-07","07:08:00","19.4302799,72.8215524","Anita Champawat",{"$nulls":3},"T3","27ADIPC7142E1ZU","West1",null,"T-11294","Mumbai","Maharashtra","Denave",null,"Yes","Face to Face","83ER00MCIN",3,"Lenovo","Ideapad","Slim 3","Lenovo IdeaPad Slim 3 12th Gen Intel Core i5-12450H 15\" (39.6cm) FHD IPS 300 Nits Thin & Light Laptop (16GB/512GB SSD/Win 11/MSO","Win 11","Thin & Light","Mainstream","i5 12th Gen","Consumer",41000,null,"NB",123000,"West1",48380,"",null,"West1 M","Mainstream","Mainstream"]
[21387637,"Arabinda Samanta","arabinda.samanta@v5global.co.in",8879216607,"V5 Global","Mumbai","V5360834","Maharashtra","Maharashtra",null,"V5 Global",null,null,"Muffazal Momin","muffazal.momin@v5global.co.in",null,"West1",null,"External Consumer","ASO","V5 Global ASO",null,"FT",null,"ASO",null,"Amit Tiwari","Yunus Hamid Mansoori",null,"Hemant C Baghel","Sharad verma","yunus.hamid@v5global.co.in","yunus.hamid@v5global.co.in","atiwari5@lenovo.com","hbaghel@lenovo.com","sharverm@lenovo.com","ASO","Shilpi Gautam","sgautam2@lenovo.com",null,"Hemant C Baghel",null,"hbaghel@lenovo.com",null,"2025-11-07","07:09:00","19.4302797,72.8215506","Hardtrack Computers",{"$nulls":3},"T3","27AAACH1273K1ZL","West1",null,"T-11295","Mumbai","Maharashtra","V5 Global",null,"Yes","Face to Face","83GS008SIN",1,"Lenovo","LOQ","LOQ","12GB, 512GB SSD","Win 11","Gaming","Mainstream","i5-12450HX","Consumer",60945,null,"NB",60945,"West1",71915.09999999999,"",null,"West1 M","Premium","Mainstream"]
[21387639,"Arabinda Samanta","arabinda.samanta@v5global.co.in",8879216607,"V5 Global","Mumbai","V5360834","Maharashtra","Maharashtra",null,"V5 Global",null,null,"Muffazal Momin","muffazal.momin@v5global.co.in",null,"West1",null,"External Consumer","ASO","V5 Global ASO",null,"FT",null,"ASO",null,"Amit Tiwari","Yunus Hamid Mansoori",null,"Hemant C Baghel","Sharad verma","yunus.hamid@v5global.co.in","yunus.hamid@v5global.co.in","atiwari5@lenovo.com","hbaghel@lenovo.com","sharverm@lenovo.com","ASO","Shilpi Gautam","sgautam2@lenovo.com",null,"Hemant C Baghel",null,"hbaghel@lenovo.com",null,"2025-11-07","07:09:00","19.4302807,72.8215495","Tech Guide",{"$nulls":3},"T3","27AAEFT6297Q1Z5","West1",null,"T-11296","Mumbai","Maharashtra","V5 Global",null,"Yes","Face to Face","82RK019GIN",1,"Lenovo","Ideapad","Slim3","15inch/ Ram 8gb/ Storage 512 ssd/mso 2024 H&M/ GPU Integrated/ Colour,Arctic grey","Win 11","Thin & Light","Mainstream","i3 12th Gen","Consumer",39999,null,"NB",39999,"West1",47198.82,"",null,"West1 M","Mainstream","Mainstream"]
[21387640,"Arabinda Samanta","arabinda.samanta@v5global.co.in",8879216607,"V5 Global","Mumbai","V5360834","Maharashtra","Maharashtra",null,"V5 Global",null,null,"Muffazal Momin","muffazal.momin@v5global.co.in",null,"West1",null,"External Consumer","ASO","V5 Global ASO",null,"FT",null,"ASO",null,"Amit Tiwari","Yunus Hamid Mansoori",null,"Hemant C Baghel","Sharad verma","yunus.hamid@v5global.co.in","yunus.hamid@v5global.co.in","atiwari5@lenovo.com","hbaghel@lenovo.com","sharverm@lenovo.com","ASO","Shilpi Gautam","sgautam2@lenovo.com",null,"Hemant C Baghel",null,"hbaghel@lenovo.com",null,"2025-11-07","07:10:00","19.4302822,72.8215468","Arihant Infotech",{"$nulls":3},"T3","27AACPJ7405Q1ZC","West1",null,"T-11297","Mumbai","Maharashtra","V5 Global",null,"Yes","Face to Face","83EM00H6IN",2,"Lenovo","Slim 3","IdeaPad Slim 3 15IRH8","NB IP Slim 3 15IRH8 I7 16G 512G NOS","NA","Thin & Light","Entry","i7 13620H","Consumer",39990,null,"NB",79980,"West1",47188.2,"",null,"West1 M","Mainstream","Entry"]
[21387641,"Arabinda Samanta","arabinda.samanta@v5global.co.in",8879216607,"V5 Global","Mumbai","V5360834","Maharashtra","Maharashtra",null,"V5 Global",null,null,"Muffazal Momin","muffazal.momin@v5global.co.in",null,"West1",null,"External Consumer","ASO","V5 Global ASO",null,"FT",null,"ASO",null,"Amit Tiwari","Yunus Hamid Mansoori",null,"Hemant C Baghel","Sharad verma","yunus.hamid@v5global.co.in","yunus.hamid@v5global.co.in","atiwari5@lenovo.com","hbaghel@lenovo.com","sharverm@lenovo.com","ASO","Shilpi Gautam","sgautam2@lenovo.com",null,"Hemant C Baghel",null,"hbaghel@lenovo.com",null,"2025-11-07","07:10:00","19.4302772,72.8215491","Rediant",{"$nulls":3},"T3","27BQOPK5555K1Z6","West1",null,"T-11299","Mumbai","Maharashtra","V5 Global",null,"Yes","Face to Face","83K000B8IN",2,"Lenovo","Ideapad","IdeaPad Slim 3","15.6\" FHD (1920x1080),16GB Ram, 512 GB SSD, ,MS OFFICE 2024  Luna Grey","Win 11","Thin & Light","Premium","IntelÂ® Coreâ„¢ i5-13420H","Consumer",65000,null,"NB",130000,"West1",76700,"",null,"West1 M","Premium","Mainstream"]
[21387644,"Arabinda Samanta","arabinda.samanta@v5global.co.in",8879216607,"V5 Global","Mumbai","V5360834","Maharashtra","Maharashtra",null,"V5 Global",null,null,"Muffazal Momin","muffazal.momin@v5global.co.in",null,"West1",null,"External Consumer","ASO","V5 Global ASO",null,"FT",null,"ASO",null,"Amit Tiwari","Yunus Hamid Mansoori",null,"Hemant C Baghel","Sharad verma","yunus.hamid@v5global.co.in","yunus.hamid@v5global.co.in","atiwari5@lenovo.com","hbaghel@lenovo.com","sharverm@lenovo.com","ASO","Shilpi Gautam","sgautam2@lenovo.com",null,"Hemant C Baghel",null,"hbaghel@lenovo.com",null,"2025-11-07","07:11:00","19.4302814,72.8215481","Sai Computer",{"$nulls":3},"T3","24AUNPP9943Q1ZH","West1",null,"T-11300","Mumbai","Maharashtra","V5 Global",null,"Yes","Face to Face","83K000B8IN",2,"Lenovo","Ideapad","IdeaPad Slim 3","15.6\" FHD (1920x1080),16GB Ram, 512 GB SSD, ,MS OFFICE 2024  Luna Grey","Win 11","Thin & Light","Premium","IntelÂ® Coreâ„¢ i5-13420H","Consumer",65000,null,"NB",130000,"West1",76700,"",null,"West1 M","Premium","Mainstream"]
[21387646,"Arabinda Samanta","arabinda.samanta@v5global.co.in",8879216607,"V5 Global","Mumbai","V5360834","Maharashtra","Maharashtra",null,"V5 Global",null,null,"Muffazal Momin","muffazal.momin@v5global.co.in",null,"West1",null,"External Consumer","ASO","V5 Global ASO",null,"FT",null,"ASO",null,"Amit Tiwari","Yunus Hamid Mansoori",null,"Hemant C Baghel","Sharad verma","yunus.hamid@v5global.co.in","yunus.hamid@v5global.co.in","atiwari5@lenovo.com","hbaghel@lenovo.com","sharverm@lenovo.com","ASO","Shilpi Gautam","sgautam2@lenovo.com",null,"Hemant C Baghel",null,"hbaghel@lenovo.com",null,"2025-11-07","07:11:00","19.4302748,72.8215493","Satyam Electronics",{"$nulls":3},"T3","27ANPPS0041R1ZB","West1",null,"T-11301","Mumbai","Maharashtra","V5 Global",null,"Yes","Face to Face","83K000B8IN",1,"Lenovo","Ideapad","IdeaPad Slim 3","15.6\" FHD (1920x1080),16GB Ram, 512 GB SSD, ,MS OFFICE 2024  Luna Grey","Win 11","Thin & Light","Premium","IntelÂ® Coreâ„¢ i5-13420H","Consumer",65000,null,"NB",65000,"West1",76700,"",null,"West1 M","Premium","Mainstream"]
[21387646,"Arabinda Samanta","arabinda.samanta@v5global.co.in",8879216607,"V5 Global","Mumbai","V5360834","Maharashtra","Maharashtra",null,"V5 Global",null,null,"Muffazal Momin","muffazal.momin@v5global.co.in",null,"West1",null,"External Consumer","ASO","V5 Global ASO",null,"FT",null,"ASO",null,"Amit Tiwari","Yunus Hamid Mansoori",null,"Hemant C Baghel","Sharad verma","yunus.hamid@v5global.co.in","yunus.hamid@v5global.co.in","atiwari5@lenovo.com","hbaghel@lenovo.com","sharverm@lenovo.com","ASO","Shilpi Gautam","sgautam2@lenovo.com",null,"Hemant C Baghel",null,"hbaghel@lenovo.com",null,"2025-11-07","07:11:00","19.4302748,72.8215493","Satyam Electronics",{"$nulls":3},"T3","27ANPPS0041R1ZB","West1",null,"T-11301","Mumbai","Maharashtra","V5 Global",null,"Yes","Face to Face","83B40004IN",1,"Lenovo","Ideapad","Ideapad 1","15.6\"FHD,8GB/512GB/I3 1315/WIN/MS OFFICE/","Win 11","Thin & Light","Entry","13 1315","Consumer",36960,null,"NB",36960,"West1",43612.799999999996,"",null,"West1 M","Mainstream","Entry"]
[21388188,"Ranjeet Singh Gautam","ranjeet.gautam@v5global.co.in",9329545045,"V5 Global","Jabalpur",601169,"Madhya Pradesh","Madhya Pradesh",null,"V5 Global",null,null,"Mohmmad Abrar Khan","abrar.khan@v5global.co.in",null,"North2",null,"External Consumer","ASO","V5 Global ASO",null,"FT",null,"ASO",null,"Krishna Kumar Singh","Rahil Rasheed",null,"Durgendra Singh","Raghavendra Araveeti","rahil.rasheed@v5global.co.in","rahil.rasheed@v5global.co.in","ksingh25@lenovo.com","dsingh1@lenovo.com","raraveeti@lenovo.com","ASO","Shilpi Gautam","sgautam2@lenovo.com",null,"Durgendra Singh",null,"dsingh1@lenovo.com",null,"2025-11-07","09:59:00","23.1632235,79.9084615","9X9 Computer",{"$nulls":3},"T3","23AJRPJ8615Q1ZG","North2",null,"T-16492","Katni","Madhya Pradesh","V5 Global",null,"Yes","Face to Face","83ER00MCIN",2,"Lenovo","Ideapad","Slim 3","Lenovo IdeaPad Slim 3 12th Gen Intel Core i5-12450H 15\" (39.6cm) FHD IPS 300 Nits Thin & Light Laptop (16GB/512GB SSD/Win 11/MSO","Win 11","Thin & Light","Mainstream","i5 12th Gen","Consumer",41000,null,"NB",82000,"North2",48380,"",null,"North2","Mainstream","Mainstream"]
[21388197,"Ranjeet Singh Gautam","ranjeet.gautam@v5global.co.in",9329545045,"V5 Global","Jabalpur",601169,"Madhya Pradesh","Madhya Pradesh",null,"V5 Global",null,null,"Mohmmad Abrar Khan","abrar.khan@v5global.co.in",null,"North2",null,"External Consumer","ASO","V5 Global ASO",null,"FT",null,"ASO",null,"Krishna Kumar Singh","Rahil Rasheed",null,"Durgendra Singh","Raghavendra Araveeti","rahil.rasheed@v5global.co.in","rahil.rasheed@v5global.co.in","ksingh25@lenovo.com","dsingh1@lenovo.com","raraveeti@lenovo.com","ASO","Shilpi Gautam","sgautam2@lenovo.com",null,"Durgendra Singh",null,"dsingh1@lenovo.com",null,"2025-11-07","10:00:00","23.1632439,79.9084855","Jmd Electronics Mall",{"$nulls":3},"T3","23AAOFJ5619A1ZM","North2",null,"T-16539","Jabalpur","Madhya Pradesh","V5 Global",null,"Yes","Face to Face","83DV01A5IN",1,"Lenovo","LOQ","LOQ 15IRX9","CI7-13650HX/16GB/512GB/RTX 4050 6GB/WIN11/OFFICE2024/15.6FULLHDIPS","Win 11","Gaming","Premium","C I7-13650HX","Consumer",91500,null,"NB",91500,"North2",107970,"SP","Gaming","North2","Premium","Premium"]
[21388201,"Ranjeet Singh Gautam","ranjeet.gautam@v5global.co.in",9329545045,"V5 Global","Jabalpur",601169,"Madhya Pradesh","Madhya Pradesh",null,"V5 Global",null,null,"Mohmmad Abrar Khan","abrar.khan@v5global.co.in",null,"North2",null,"External Consumer","ASO","V5 Global ASO",null,"FT",null,"ASO",null,"Krishna Kumar Singh","Rahil Rasheed",null,"Durgendra Singh","Raghavendra Araveeti","rahil.rasheed@v5global.co.in","rahil.rasheed@v5global.co.in","ksingh25@lenovo.com","dsingh1@lenovo.com","raraveeti@lenovo.com","ASO","Shilpi Gautam","sgautam2@lenovo.com",null,"Durgendra Singh",null,"dsingh1@lenovo.com",null,"2025-11-07","10:01:00","23.1632374,79.9084882","Vedant computers & Electronics",{"$nulls":3},"T3","23AAMFM9731c1zc","North2",null,"T-31355","Jabalpur","Madhya Pradesh","V5 Global",null,"Yes","Face to Face","83LK009VIN",1,"Lenovo","LOQ","LOQ-15AX9E","i5-12450HX-RTX3050A-W11-O24-15.6","Win 11","Gaming","Premium","i5-12450HX","Consumer",85290,null,"NB",85290,"North2",100642.2,"SP","Gaming","North2","Premium","Premium"]
[21388727,"Vishal Jaiswal","vishal.jaiswal@v5global.co.in",9369840011,"V5 Global","Kanpur","V5266996","Uttar Pradesh","Uttar Pradesh",null,"V5 Global",null,null,"Mohammad Atif","mohammad.atif@v5global.co.in",null,"North2",null,"External Consumer","ASO","V5 Global ASO",null,"FT",null,"ASO",null,"Rahul Sarin","Rahil Rasheed",null,"Durgendra Singh","Raghavendra Araveeti","rahil.rasheed@v5global.co.in","rahil.rasheed@v5global.co.in","rsarin2@lenovo.com","dsingh1@lenovo.com","raraveeti@lenovo.com","ASO","Shilpi Gautam","sgautam2@lenovo.com",null,"Durgendra Singh",null,"dsingh1@lenovo.com",null,"2025-11-07","10:33:00","26.4613967,80.3561089","Computer Bazar",{"$nulls":3},"T3","09AXEPA5577B1ZO","North2",null,"T-24335","Mahoba","Uttar Pradesh","V5 Global",null,"Yes","Telephonic","82R400XSIN",1,"Lenovo","Ideapad","Ideapad","\"Ryzenâ„¢ 5 5500U 6C 8GB RAM 512GB SSD Windows11 MS Office H&S 2024  Integrated AMD Radeon  Graphics  15.6\"\" FHD TN 220nits AG 720","Win 11","Thin & Light","Entry","Amd Ryzen 5 5500U","Consumer",29407,null,"NB",29407,"North2",34700.259999999995,"",null,"North2","Entry","Entry"]
[21388763,"Vishal Jaiswal","vishal.jaiswal@v5global.co.in",9369840011,"V5 Global","Kanpur","V5266996","Uttar Pradesh","Uttar Pradesh",null,"V5 Global",null,null,"Mohammad Atif","mohammad.atif@v5global.co.in",null,"North2",null,"External Consumer","ASO","V5 Global ASO",null,"FT",null,"ASO",null,"Rahul Sarin","Rahil Rasheed",null,"Durgendra Singh","Raghavendra Araveeti","rahil.rasheed@v5global.co.in","rahil.rasheed@v5global.co.in","rsarin2@lenovo.com","dsingh1@lenovo.com","raraveeti@lenovo.com","ASO","Shilpi Gautam","sgautam2@lenovo.com",null,"Durgendra Singh",null,"dsingh1@lenovo.com",null,"2025-11-07","10:35:00","26.4615078,80.356171","Anjani Tanay Computer",{"$nulls":3},"T3",null,"North2",null,"T-23378","Mahoba","Uttar Pradesh","Denave",null,"Yes","Telephonic","82XQ00H7IN",1,"Lenovo","IdeaPad","IdeaPad Slim 3 15AMN8","NB IP Slim 3 15AMN8 R3 8G 512G 11S","Win 11","Thin & Light","Entry","R3 7320U","Consumer",36690,null,"NB",36690,"North2",43294.2,"",null,"North2","Mainstream","Entry"]
[21388805,"Vishal Jaiswal","vishal.jaiswal@v5global.co.in",9369840011,"V5 Global","Kanpur","V5266996","Uttar Pradesh","Uttar Pradesh",null,"V5 Global",null,null,"Mohammad Atif","mohammad.atif@v5global.co.in",null,"North2",null,"External Consumer","ASO","V5 Global ASO",null,"FT",null,"ASO",null,"Rahul Sarin","Rahil Rasheed",null,"Durgendra Singh","Raghavendra Araveeti","rahil.rasheed@v5global.co.in","rahil.rasheed@v5global.co.in","rsarin2@lenovo.com","dsingh1@lenovo.com","raraveeti@lenovo.com","ASO","Shilpi Gautam","sgautam2@lenovo.com",null,"Durgendra Singh",null,"dsingh1@lenovo.com",null,"2025-11-07","10:35:00","26.4614125,80.3560831","Galaxy Computers",{"$nulls":3},"T3",null,"North2",null,"T-23445","Lalitpur","Uttar Pradesh","V5 Global",null,"Yes","Telephonic","83JR001EIN",1,"Lenovo","Yoga","Yoga 7 2-in-1","Yoga 7 2-in-1 14AKP10,R AI 7 350,1TB SSD","Win 11","Convertible","Premium","R AI 7 350","Consumer",107990,null,"NB",107990,"North2",127428.2,"SP","Non-Gaming","North2","Premium","Premium"]
[21388812,"Vishal Jaiswal","vishal.jaiswal@v5global.co.in",9369840011,"V5 Global","Kanpur","V5266996","Uttar Pradesh","Uttar Pradesh",null,"V5 Global",null,null,"Mohammad Atif","mohammad.atif@v5global.co.in",null,"North2",null,"External Consumer","ASO","V5 Global ASO",null,"FT",null,"ASO",null,"Rahul Sarin","Rahil Rasheed",null,"Durgendra Singh","Raghavendra Araveeti","rahil.rasheed@v5global.co.in","rahil.rasheed@v5global.co.in","rsarin2@lenovo.com","dsingh1@lenovo.com","raraveeti@lenovo.com","ASO","Shilpi Gautam","sgautam2@lenovo.com",null,"Durgendra Singh",null,"dsingh1@lenovo.com",null,"2025-11-07","10:37:00","26.4613853,80.3561134","New Laptop House",{"$nulls":3},"T3","09ABGPQ9407J1Z5","North2",null,"T-28976","Kanpur","Uttar Pradesh","V5 Global",null,"Yes","Face to Face","82X700G3IN",1,"Lenovo","Ideapad","Slim 3i","15.6\" FHD (1920x1080) TN 250nits Anti-glare / 8GB soldered memory, not upgradable / 512GB SSD M.2 2242 PCIeÂ® 4.0x4 NVMeÂ® / One M","Win 11","Thin & Light","Entry","IntelÂ® Coreâ„¢ i3-1315U","Consumer",35018,null,"NB",35018,"North2",41321.24,"",null,"North2","Mainstream","Entry"]
[21388834,"Vishal Jaiswal","vishal.jaiswal@v5global.co.in",9369840011,"V5 Global","Kanpur","V5266996","Uttar Pradesh","Uttar Pradesh",null,"V5 Global",null,null,"Mohammad Atif","mohammad.atif@v5global.co.in",null,"North2",null,"External Consumer","ASO","V5 Global ASO",null,"FT",null,"ASO",null,"Rahul Sarin","Rahil Rasheed",null,"Durgendra Singh","Raghavendra Araveeti","rahil.rasheed@v5global.co.in","rahil.rasheed@v5global.co.in","rsarin2@lenovo.com","dsingh1@lenovo.com","raraveeti@lenovo.com","ASO","Shilpi Gautam","sgautam2@lenovo.com",null,"Durgendra Singh",null,"dsingh1@lenovo.com",null,"2025-11-07","10:38:00","26.4614307,80.3560865","Sugra Computronics",{"$nulls":3},"T3",null,"North2",null,"T-23404","Kanpur","Uttar Pradesh","V5 Global",null,"Yes","Telephonic","82XM0118IN",1,"Lenovo","Ideapad","Slim 3","15.6\" FHD (1920x1080)/16 GB/ 512 GB SSD/Integrated AMD Graphics/Office Home 2024/Arctic Grey","Win 11","Thin & Light","Mainstream","AMD Ryzen 5 5625U","Consumer",44000,null,"NB",44000,"North2",51920,"",null,"North2","Mainstream","Mainstream"]
[21394416,"Umer Farooq Bhat","umer.farooq@v5global.co.in",7006131255,"V5 Global","Srinagar","V5266190","Jammu and Kashmir","Jammu and Kashmir",null,"V5 Global",null,null,"Shivam Kumar","shivam.kumar1@v5global.co.in",null,"North1",null,"External Consumer","ASO","V5 Global ASO",null,"FT",null,"ASO",null,"Karan Kapoor","Gaurav Sharma",null,"Kumar Tanksale","Raghavendra Araveeti","gaurav.sharma@v5global.co.in","gaurav.sharma@v5global.co.in","Kkapoor@lenovo.com","ktanksale1@lenovo.com","raraveeti@lenovo.com","ASO","Shilpi Gautam","sgautam2@lenovo.com",null,"Kumar Tanksale",null,"ktanksale1@lenovo.com",null,"2025-11-07","11:20:00","34.0729902215261,74.81652438640594","Advance It",{"$nulls":3},"T3","01CNBPK7041P1ZZ","North1",null,"T-20001","Regal","Jammu And Kashmir","V5 Global",null,"Yes","Face to Face","83DV00XFIN",1,"Lenovo","LOQ","LOQ 15IRX9","IntelÂ® Core i7-13650HX/GB SO-DIMM DDR5-4800/512GB SSD/RTX 4050 6GB GDDR6/WindowsÂ® 11/Luna Grey","Win 11","Gaming","Premium","IntelÂ® Core i7-13650HX","Consumer",98000,null,"NB",98000,"North1",115640,"SP","Gaming","North1","Premium","Premium"]
[21390446,"Manish Kumar ","manish.k@v5global.co.in",9815306161,"V5 Global","Chandigarh","V5294765","Punjab","Punjab",null,"V5 Global",null,null,"Gourav Jain","gourav.jain@v5global.co.in",null,"North1",null,"External Consumer","ASO","V5 Global ASO",null,"FT",null,"ASO",null,"Naveen Kumar","Gaurav Sharma",null,"Kumar Tanksale","Raghavendra Araveeti","gaurav.sharma@v5global.co.in","gaurav.sharma@v5global.co.in","nkumar12@lenovo.com","ktanksale1@lenovo.com","raraveeti@lenovo.com","ASO","Shilpi Gautam","sgautam2@lenovo.com",null,"Kumar Tanksale",null,"ktanksale1@lenovo.com",null,"2025-11-07","11:33:00","30.7167924,76.7242514","Boss Computers Pvt.Ltd.",{"$nulls":3},"T3","04AAACB6352K1ZT","North1",null,"T-2945","Chandigarh","Chandigarh","V5 Global",null,"Yes","Face to Face","90XW0022IN",1,"Lenovo","IdeaCentre","IdeaCentre 3","Intel Core i7-13620H,10C SFF 7.4 Lt,8 GB DDR4 ,512 GB SSD","DOS","TDT","Mainstream","Intel Core i7-13620H","Consumer",55000,null,"TDT",55000,"North1",64900,"",null,"North1","Mainstream","Mainstream"]
[21390452,"Manish Kumar ","manish.k@v5global.co.in",9815306161,"V5 Global","Chandigarh","V5294765","Punjab","Punjab",null,"V5 Global",null,null,"Gourav Jain","gourav.jain@v5global.co.in",null,"North1",null,"External Consumer","ASO","V5 Global ASO",null,"FT",null,"ASO",null,"Naveen Kumar","Gaurav Sharma",null,"Kumar Tanksale","Raghavendra Araveeti","gaurav.sharma@v5global.co.in","gaurav.sharma@v5global.co.in","nkumar12@lenovo.com","ktanksale1@lenovo.com","raraveeti@lenovo.com","ASO","Shilpi Gautam","sgautam2@lenovo.com",null,"Kumar Tanksale",null,"ktanksale1@lenovo.com",null,"2025-11-07","11:34:00","30.716791,76.7242514","NR & Sons",{"$nulls":3},"T3","02BQQPD1902D1ZJ","North1",null,"T-29348","Shimla","Himachal pradesh","V5Global",null,"Yes","Telephonic","90XW0022IN",1,"Lenovo","IdeaCentre","IdeaCentre 3","Intel Core i7-13620H,10C SFF 7.4 Lt,8 GB DDR4 ,512 GB SSD","DOS","TDT","Mainstream","Intel Core i7-13620H","Consumer",55000,null,"TDT",55000,"North1",64900,"",null,"North1","Mainstream","Mainstream"]
[21390465,"Manish Kumar ","manish.k@v5global.co.in",9815306161,"V5 Global","Chandigarh","V5294765","Punjab","Punjab",null,"V5 Global",null,null,"Gourav Jain","gourav.jain@v5global.co.in",null,"North1",null,"External Consumer","ASO","V5 Global ASO",null,"FT",null,"ASO",null,"Naveen Kumar","Gaurav Sharma",null,"Kumar Tanksale","Raghavendra Araveeti","gaurav.sharma@v5global.co.in","gaurav.sharma@v5global.co.in","nkumar12@lenovo.com","ktanksale1@lenovo.com","raraveeti@lenovo.com","ASO","Shilpi Gautam","sgautam2@lenovo.com",null,"Kumar Tanksale",null,"ktanksale1@lenovo.com",null,"2025-11-07","11:35:00","30.7168057,76.7242647","Ashoka Enterprises",{"$nulls":3},"T3",null,"North1",null,"T-2940","Chandigarh","Chandigarh","V5 Global",null,"Yes","Face to Face","90XW0022IN",1,"Lenovo","IdeaCentre","IdeaCentre 3","Intel Core i7-13620H,10C SFF 7.4 Lt,8 GB DDR4 ,512 GB SSD","DOS","TDT","Mainstream","Intel Core i7-13620H","Consumer",55000,null,"TDT",55000,"North1",64900,"",null,"North1","Mainstream","Mainstream"]
[21390486,"Manish Kumar ","manish.k@v5global.co.in",9815306161,"V5 Global","Chandigarh","V5294765","Punjab","Punjab",null,"V5 Global",null,null,"Gourav Jain","gourav.jain@v5global.co.in",null,"North1",null,"External Consumer","ASO","V5 Global ASO",null,"FT",null,"ASO",null,"Naveen Kumar","Gaurav Sharma",null,"Kumar Tanksale","Raghavendra Araveeti","gaurav.sharma@v5global.co.in","gaurav.sharma@v5global.co.in","nkumar12@lenovo.com","ktanksale1@lenovo.com","raraveeti@lenovo.com","ASO","Shilpi Gautam","sgautam2@lenovo.com",null,"Kumar Tanksale",null,"ktanksale1@lenovo.com",null,"2025-11-07","11:35:00","30.7168063,76.7242737","RELIABLE COMPUTER",{"$nulls":3},"T3","02BHXPK9682D1ZV","North1",null,"T-3400","Hamirpur","Himachal Pradesh","Denave",null,"Yes","Telephonic","90XW0022IN",1,"Lenovo","IdeaCentre","IdeaCentre 3","Intel Core i7-13620H,10C SFF 7.4 Lt,8 GB DDR4 ,512 GB SSD","DOS","TDT","Mainstream","Intel Core i7-13620H","Consumer",55000,null,"TDT",55000,"North1",64900,"",null,"North1","Mainstream","Mainstream"]
[21390500,"Manish Kumar ","manish.k@v5global.co.in",9815306161,"V5 Global","Chandigarh","V5294765","Punjab","Punjab",null,"V5 Global",null,null,"Gourav Jain","gourav.jain@v5global.co.in",null,"North1",null,"External Consumer","ASO","V5 Global ASO",null,"FT",null,"ASO",null,"Naveen Kumar","Gaurav Sharma",null,"Kumar Tanksale","Raghavendra Araveeti","gaurav.sharma@v5global.co.in","gaurav.sharma@v5global.co.in","nkumar12@lenovo.com","ktanksale1@lenovo.com","raraveeti@lenovo.com","ASO","Shilpi Gautam","sgautam2@lenovo.com",null,"Kumar Tanksale",null,"ktanksale1@lenovo.com",null,"2025-11-07","11:36:00","30.7167972,76.7242809","Cyber Infotech",{"$nulls":3},"T3","04AFQPC7902Q1Z1","North1",null,"T-2952","Chandigarh","Chandigarh","V5 Global",null,"Yes","Face to Face","90XW0022IN",1,"Lenovo","IdeaCentre","IdeaCentre 3","Intel Core i7-13620H,10C SFF 7.4 Lt,8 GB DDR4 ,512 GB SSD","DOS","TDT","Mainstream","Intel Core i7-13620H","Consumer",55000,null,"TDT",55000,"North1",64900,"",null,"North1","Mainstream","Mainstream"]
[21390517,"Manish Kumar ","manish.k@v5global.co.in",9815306161,"V5 Global","Chandigarh","V5294765","Punjab","Punjab",null,"V5 Global",null,null,"Gourav Jain","gourav.jain@v5global.co.in",null,"North1",null,"External Consumer","ASO","V5 Global ASO",null,"FT",null,"ASO",null,"Naveen Kumar","Gaurav Sharma",null,"Kumar Tanksale","Raghavendra Araveeti","gaurav.sharma@v5global.co.in","gaurav.sharma@v5global.co.in","nkumar12@lenovo.com","ktanksale1@lenovo.com","raraveeti@lenovo.com","ASO","Shilpi Gautam","sgautam2@lenovo.com",null,"Kumar Tanksale",null,"ktanksale1@lenovo.com",null,"2025-11-07","11:36:00","30.7167949,76.7242652","Sapphire Infomatique Computer House",{"$nulls":3},"T3","04AAZPT8497K1ZD","North1",null,"T-2995","Chandigarh","Chandigarh","V5 Global",null,"Yes","Face to Face","90XW0022IN",1,"Lenovo","IdeaCentre","IdeaCentre 3","Intel Core i7-13620H,10C SFF 7.4 Lt,8 GB DDR4 ,512 GB SSD","DOS","TDT","Mainstream","Intel Core i7-13620H","Consumer",55000,null,"TDT",55000,"North1",64900,"",null,"North1","Mainstream","Mainstream"]
[21390523,"Manish Kumar ","manish.k@v5global.co.in",9815306161,"V5 Global","Chandigarh","V5294765","Punjab","Punjab",null,"V5 Global",null,null,"Gourav Jain","gourav.jain@v5global.co.in",null,"North1",null,"External Consumer","ASO","V5 Global ASO",null,"FT",null,"ASO",null,"Naveen Kumar","Gaurav Sharma",null,"Kumar Tanksale","Raghavendra Araveeti","gaurav.sharma@v5global.co.in","gaurav.sharma@v5global.co.in","nkumar12@lenovo.com","ktanksale1@lenovo.com","raraveeti@lenovo.com","ASO","Shilpi Gautam","sgautam2@lenovo.com",null,"Kumar Tanksale",null,"ktanksale1@lenovo.com",null,"2025-11-07","11:37:00","30.716796,76.7242492","PARAMOUNT IT SERVICES",{"$nulls":3},"T3","04AAIFP8750AIZG","North1",null,"T-18685","Chandigarh","Chandigarh","V5 Global",null,"Yes","Face to Face","90XW0022IN",1,"Lenovo","IdeaCentre","IdeaCentre 3","Intel Core i7-13620H,10C SFF 7.4 Lt,8 GB DDR4 ,512 GB SSD","DOS","TDT","Mainstream","Intel Core i7-13620H","Consumer",55000,null,"TDT",55000,"North1",64900,"",null,"North1","Mainstream","Mainstream"]
[21390536,"Manish Kumar ","manish.k@v5global.co.in",9815306161,"V5 Global","Chandigarh","V5294765","Punjab","Punjab",null,"V5 Global",null,null,"Gourav Jain","gourav.jain@v5global.co.in",null,"North1",null,"External Consumer","ASO","V5 Global ASO",null,"FT",null,"ASO",null,"Naveen Kumar","Gaurav Sharma",null,"Kumar Tanksale","Raghavendra Araveeti","gaurav.sharma@v5global.co.in","gaurav.sharma@v5global.co.in","nkumar12@lenovo.com","ktanksale1@lenovo.com","raraveeti@lenovo.com","ASO","Shilpi Gautam","sgautam2@lenovo.com",null,"Kumar Tanksale",null,"ktanksale1@lenovo.com",null,"2025-11-07","11:37:00","30.7167951,76.7242473","Systeam",{"$nulls":3},"T3","04AACPU5861H1ZK","North1",null,"T-3002","Chandigarh","Chandigarh","V5 Global",null,"Yes","Face to Face","90XW0022IN",1,"Lenovo","IdeaCentre","IdeaCentre 3","Intel Core i7-13620H,10C SFF 7.4 Lt,8 GB DDR4 ,512 GB SSD","DOS","TDT","Mainstream","Intel Core i7-13620H","Consumer",55000,null,"TDT",55000,"North1",64900,"",null,"North1","Mainstream","Mainstream"]
[21390546,"Manish Kumar ","manish.k@v5global.co.in",9815306161,"V5 Global","Chandigarh","V5294765","Punjab","Punjab",null,"V5 Global",null,null,"Gourav Jain","gourav.jain@v5global.co.in",null,"North1",null,"External Consumer","ASO","V5 Global ASO",null,"FT",null,"ASO",null,"Naveen Kumar","Gaurav Sharma",null,"Kumar Tanksale","Raghavendra Araveeti","gaurav.sharma@v5global.co.in","gaurav.sharma@v5global.co.in","nkumar12@lenovo.com","ktanksale1@lenovo.com","raraveeti@lenovo.com","ASO","Shilpi Gautam","sgautam2@lenovo.com",null,"Kumar Tanksale",null,"ktanksale1@lenovo.com",null,"2025-11-07","11:37:00","30.7167944,76.7242354","GENNIUS COMPUTERS",{"$nulls":3},"T3",null,"North1",null,"T-24491","Chandigarh","Chandigarh","V5 Global",null,"Yes","Face to Face","90XW0022IN",1,"Lenovo","IdeaCentre","IdeaCentre 3","Intel Core i7-13620H,10C SFF 7.4 Lt,8 GB DDR4 ,512 GB SSD","DOS","TDT","Mainstream","Intel Core i7-13620H","Consumer",55000,null,"TDT",55000,"North1",64900,"",null,"North1","Mainstream","Mainstream"]
[21390559,"Manish Kumar ","manish.k@v5global.co.in",9815306161,"V5 Global","Chandigarh","V5294765","Punjab","Punjab",null,"V5 Global",null,null,"Gourav Jain","gourav.jain@v5global.co.in",null,"North1",null,"External Consumer","ASO","V5 Global ASO",null,"FT",null,"ASO",null,"Naveen Kumar","Gaurav Sharma",null,"Kumar Tanksale","Raghavendra Araveeti","gaurav.sharma@v5global.co.in","gaurav.sharma@v5global.co.in","nkumar12@lenovo.com","ktanksale1@lenovo.com","raraveeti@lenovo.com","ASO","Shilpi Gautam","sgautam2@lenovo.com",null,"Kumar Tanksale",null,"ktanksale1@lenovo.com",null,"2025-11-07","11:38:00","30.7167959,76.7242249","Icon Computers And Peripherals",{"$nulls":3},"T3","04AQBPK3719P1ZO","North1",null,"T-24364","Chandigarh","Chandigarh","V5 Global",null,"Yes","Face to Face","90XW0022IN",1,"Lenovo","IdeaCentre","IdeaCentre 3","Intel Core i7-13620H,10C SFF 7.4 Lt,8 GB DDR4 ,512 GB SSD","DOS","TDT","Mainstream","Intel Core i7-13620H","Consumer",55000,null,"TDT",55000,"North1",64900,"",null,"North1","Mainstream","Mainstream"]
[21390645,"Manish Kumar ","manish.k@v5global.co.in",9815306161,"V5 Global","Chandigarh","V5294765","Punjab","Punjab",null,"V5 Global",null,null,"Gourav Jain","gourav.jain@v5global.co.in",null,"North1",null,"External Consumer","ASO","V5 Global ASO",null,"FT",null,"ASO",null,"Naveen Kumar","Gaurav Sharma",null,"Kumar Tanksale","Raghavendra Araveeti","gaurav.sharma@v5global.co.in","gaurav.sharma@v5global.co.in","nkumar12@lenovo.com","ktanksale1@lenovo.com","raraveeti@lenovo.com","ASO","Shilpi Gautam","sgautam2@lenovo.com",null,"Kumar Tanksale",null,"ktanksale1@lenovo.com",null,"2025-11-07","11:41:00","30.7168033,76.7242525","Mathura electronic",{"$nulls":3},"T3","02ACJPG5179P1Z7","North1",null,"T-24317","Solan","Himachal Pradesh","V5 Global",null,"Yes","Face to Face","83K100CAIN",1,"Lenovo","Ideapad","Slim 3","NB IP Slim 3 15IRH10 I5 8G 512G 11S","Win 11","Thin & Light","Premium","i5 13420H/8GB/512GB SSD","Consumer",56251,null,"NB",56251,"North1",66376.18,"",null,"North1","Premium","Mainstream"]
[21390656,"Manish Kumar ","manish.k@v5global.co.in",9815306161,"V5 Global","Chandigarh","V5294765","Punjab","Punjab",null,"V5 Global",null,null,"Gourav Jain","gourav.jain@v5global.co.in",null,"North1",null,"External Consumer","ASO","V5 Global ASO",null,"FT",null,"ASO",null,"Naveen Kumar","Gaurav Sharma",null,"Kumar Tanksale","Raghavendra Araveeti","gaurav.sharma@v5global.co.in","gaurav.sharma@v5global.co.in","nkumar12@lenovo.com","ktanksale1@lenovo.com","raraveeti@lenovo.com","ASO","Shilpi Gautam","sgautam2@lenovo.com",null,"Kumar Tanksale",null,"ktanksale1@lenovo.com",null,"2025-11-07","11:41:00","30.7167946,76.7242761","LEELA DOCUMENT",{"$nulls":3},"T3","02CEEPK0092L1ZO","North1",null,"T-18422","Shimla","Himachal Pradesh","V5 Global",null,"Yes","Face to Face","83K100CAIN",1,"Lenovo","Ideapad","Slim 3","NB IP Slim 3 15IRH10 I5 8G 512G 11S","Win 11","Thin & Light","Premium","i5 13420H/8GB/512GB SSD","Consumer",56251,null,"NB",56251,"North1",66376.18,"",null,"North1","Premium","Mainstream"]
[21390667,"Manish Kumar ","manish.k@v5global.co.in",9815306161,"V5 Global","Chandigarh","V5294765","Punjab","Punjab",null,"V5 Global",null,null,"Gourav Jain","gourav.jain@v5global.co.in",null,"North1",null,"External Consumer","ASO","V5 Global ASO",null,"FT",null,"ASO",null,"Naveen Kumar","Gaurav Sharma",null,"Kumar Tanksale","Raghavendra Araveeti","gaurav.sharma@v5global.co.in","gaurav.sharma@v5global.co.in","nkumar12@lenovo.com","ktanksale1@lenovo.com","raraveeti@lenovo.com","ASO","Shilpi Gautam","sgautam2@lenovo.com",null,"Kumar Tanksale",null,"ktanksale1@lenovo.com",null,"2025-11-07","11:42:00","30.7167833,76.7242906","MICRO COM COMPUTERS",{"$nulls":3},"T3",null,"North1",null,"T-3391","Hamirpur","Himachal Pradesh","Denave",null,"Yes","Face to Face","83K100CAIN",1,"Lenovo","Ideapad","Slim 3","NB IP Slim 3 15IRH10 I5 8G 512G 11S","Win 11","Thin & Light","Premium","i5 13420H/8GB/512GB SSD","Consumer",56251,null,"NB",56251,"North1",66376.18,"",null,"North1","Premium","Mainstream"]
[21390677,"Manish Kumar ","manish.k@v5global.co.in",9815306161,"V5 Global","Chandigarh","V5294765","Punjab","Punjab",null,"V5 Global",null,null,"Gourav Jain","gourav.jain@v5global.co.in",null,"North1",null,"External Consumer","ASO","V5 Global ASO",null,"FT",null,"ASO",null,"Naveen Kumar","Gaurav Sharma",null,"Kumar Tanksale","Raghavendra Araveeti","gaurav.sharma@v5global.co.in","gaurav.sharma@v5global.co.in","nkumar12@lenovo.com","ktanksale1@lenovo.com","raraveeti@lenovo.com","ASO","Shilpi Gautam","sgautam2@lenovo.com",null,"Kumar Tanksale",null,"ktanksale1@lenovo.com",null,"2025-11-07","11:42:00","30.7167962,76.7243237","KAPS",{"$nulls":3},"T3","02AODPJ3679K1ZU","North1",null,"T-29347","Solan","Himachal pradesh","V5Global",null,"Yes","Face to Face","82R4011PIN",1,"Lenovo","IdeaPad","IdeaPad 1 15ALC7","AMD Ryzenâ„¢ 5 5500U , Integrated AMD Radeonâ„¢ Graphics, 8GB , 512 GB SSD, 15.6\" FHD (1920x1080) IPS 250nits Anti-glare, 1.61 kg, C","Win 11","Thin & Light","Mainstream","AMD Ryzenâ„¢ 5 5500U","Consumer",35259,null,"NB",35259,"North1",41605.619999999995,"",null,"North1","Mainstream","Entry"]
[21390689,"Manish Kumar ","manish.k@v5global.co.in",9815306161,"V5 Global","Chandigarh","V5294765","Punjab","Punjab",null,"V5 Global",null,null,"Gourav Jain","gourav.jain@v5global.co.in",null,"North1",null,"External Consumer","ASO","V5 Global ASO",null,"FT",null,"ASO",null,"Naveen Kumar","Gaurav Sharma",null,"Kumar Tanksale","Raghavendra Araveeti","gaurav.sharma@v5global.co.in","gaurav.sharma@v5global.co.in","nkumar12@lenovo.com","ktanksale1@lenovo.com","raraveeti@lenovo.com","ASO","Shilpi Gautam","sgautam2@lenovo.com",null,"Kumar Tanksale",null,"ktanksale1@lenovo.com",null,"2025-11-07","11:43:00","30.7167953,76.7243192","Sidharth Telecom Garkhal",{"$nulls":3},"T3","02AELPC5907R1Z9","North1",null,"T-31154","Solan","Himachal Pradesh","V5 Global",null,"Yes","Face to Face","82R4011PIN",1,"Lenovo","IdeaPad","IdeaPad 1 15ALC7","AMD Ryzenâ„¢ 5 5500U , Integrated AMD Radeonâ„¢ Graphics, 8GB , 512 GB SSD, 15.6\" FHD (1920x1080) IPS 250nits Anti-glare, 1.61 kg, C","Win 11","Thin & Light","Mainstream","AMD Ryzenâ„¢ 5 5500U","Consumer",35259,null,"NB",35259,"North1",41605.619999999995,"",null,"North1","Mainstream","Entry"]
[21390695,"Manish Kumar ","manish.k@v5global.co.in",9815306161,"V5 Global","Chandigarh","V5294765","Punjab","Punjab",null,"V5 Global",null,null,"Gourav Jain","gourav.jain@v5global.co.in",null,"North1",null,"External Consumer","ASO","V5 Global ASO",null,"FT",null,"ASO",null,"Naveen Kumar","Gaurav Sharma",null,"Kumar Tanksale","Raghavendra Araveeti","gaurav.sharma@v5global.co.in","gaurav.sharma@v5global.co.in","nkumar12@lenovo.com","ktanksale1@lenovo.com","raraveeti@lenovo.com","ASO","Shilpi Gautam","sgautam2@lenovo.com",null,"Kumar Tanksale",null,"ktanksale1@lenovo.com",null,"2025-11-07","11:43:00","30.7167916,76.7243066","IT Hub",{"$nulls":3},"T3","04AAJFI8183M1ZU","North1",null,"T-29355","Chandigarh","Chandigarh","V5Global",null,"Yes","Face to Face","82R4011PIN",1,"Lenovo","IdeaPad","IdeaPad 1 15ALC7","AMD Ryzenâ„¢ 5 5500U , Integrated AMD Radeonâ„¢ Graphics, 8GB , 512 GB SSD, 15.6\" FHD (1920x1080) IPS 250nits Anti-glare, 1.61 kg, C","Win 11","Thin & Light","Mainstream","AMD Ryzenâ„¢ 5 5500U","Consumer",35259,null,"NB",35259,"North1",41605.619999999995,"",null,"North1","Mainstream","Entry"]
[21390706,"Manish Kumar ","manish.k@v5global.co.in",9815306161,"V5 Global","Chandigarh","V5294765","Punjab","Punjab",null,"V5 Global",null,null,"Gourav Jain","gourav.jain@v5global.co.in",null,"North1",null,"External Consumer","ASO","V5 Global ASO",null,"FT",null,"ASO",null,"Naveen Kumar","Gaurav Sharma",null,"Kumar Tanksale","Raghavendra Araveeti","gaurav.sharma@v5global.co.in","gaurav.sharma@v5global.co.in","nkumar12@lenovo.com","ktanksale1@lenovo.com","raraveeti@lenovo.com","ASO","Shilpi Gautam","sgautam2@lenovo.com",null,"Kumar Tanksale",null,"ktanksale1@lenovo.com",null,"2025-11-07","11:44:00","30.7167952,76.7243006","Base computer",{"$nulls":3},"T3","04AAPPD9393N1Z0","North1",null,"T-24412","Chandigarh","Chandigarh","V5 Global",null,"Yes","Telephonic","82R4011PIN",1,"Lenovo","IdeaPad","IdeaPad 1 15ALC7","AMD Ryzenâ„¢ 5 5500U , Integrated AMD Radeonâ„¢ Graphics, 8GB , 512 GB SSD, 15.6\" FHD (1920x1080) IPS 250nits Anti-glare, 1.61 kg, C","Win 11","Thin & Light","Mainstream","AMD Ryzenâ„¢ 5 5500U","Consumer",35259,null,"NB",35259,"North1",41605.619999999995,"",null,"North1","Mainstream","Entry"]
[21390716,"Manish Kumar ","manish.k@v5global.co.in",9815306161,"V5 Global","Chandigarh","V5294765","Punjab","Punjab",null,"V5 Global",null,null,"Gourav Jain","gourav.jain@v5global.co.in",null,"North1",null,"External Consumer","ASO","V5 Global ASO",null,"FT",null,"ASO",null,"Naveen Kumar","Gaurav Sharma",null,"Kumar Tanksale","Raghavendra Araveeti","gaurav.sharma@v5global.co.in","gaurav.sharma@v5global.co.in","nkumar12@lenovo.com","ktanksale1@lenovo.com","raraveeti@lenovo.com","ASO","Shilpi Gautam","sgautam2@lenovo.com",null,"Kumar Tanksale",null,"ktanksale1@lenovo.com",null,"2025-11-07","11:44:00","30.7167894,76.7243066","A.S INFOTECH",{"$nulls":3},"T3",null,"North1",null,"T-3361","Hamirpur","Himachal Pradesh","Denave",null,"Yes","Face to Face","82R4011PIN",1,"Lenovo","IdeaPad","IdeaPad 1 15ALC7","AMD Ryzenâ„¢ 5 5500U , Integrated AMD Radeonâ„¢ Graphics, 8GB , 512 GB SSD, 15.6\" FHD (1920x1080) IPS 250nits Anti-glare, 1.61 kg, C","Win 11","Thin & Light","Mainstream","AMD Ryzenâ„¢ 5 5500U","Consumer",35259,null,"NB",35259,"North1",41605.619999999995,"",null,"North1","Mainstream","Entry"]
[21394426,"Umer Farooq Bhat","umer.farooq@v5global.co.in",7006131255,"V5 Global","Srinagar","V5266190","Jammu and Kashmir","Jammu and Kashmir",null,"V5 Global",null,null,"Shivam Kumar","shivam.kumar1@v5global.co.in",null,"North1",null,"External Consumer","ASO","V5 Global ASO",null,"FT",null,"ASO",null,"Karan Kapoor","Gaurav Sharma",null,"Kumar Tanksale","Raghavendra Araveeti","gaurav.sharma@v5global.co.in","gaurav.sharma@v5global.co.in","Kkapoor@lenovo.com","ktanksale1@lenovo.com","raraveeti@lenovo.com","ASO","Shilpi Gautam","sgautam2@lenovo.com",null,"Kumar Tanksale",null,"ktanksale1@lenovo.com",null,"2025-11-07","12:16:00","34.07370950664524,74.81994152069092","SISCOM SOLUTIONS",{"$nulls":3},"T3",null,"North1",null,"T-3608","Srinagar","Jammu And Kashmir","V5 Global",null,"Yes","Face to Face","82VG00T8IN",1,"Lenovo","15AMN7","Slim1","R3 7320u,8GB,512 SSD,15.6inch ","Win 11","Thin & Light","Entry","R3,7320U","Consumer",45500,null,"NB",45500,"North1",53690,"",null,"North1","Mainstream","Entry"]
[21392204,"Mohit Chaturvedi","mohit.chaturvedi@v5global.co.in",9753911212,"V5 Global","Gwalior",601082,"Madhya Pradesh","Madhya Pradesh",null,"V5 Global",null,null,"Mohd Asif","mohd.asif@v5global.co.in",null,"North2",null,"External Consumer","ASO","V5 Global ASO",null,"FT",null,"ASO",null,"Mehul Raval","Rahil Rasheed",null,"Durgendra Singh","Raghavendra Araveeti","rahil.rasheed@v5global.co.in","rahil.rasheed@v5global.co.in","mraval@lenovo.com","dsingh1@lenovo.com","raraveeti@lenovo.com","ASO","Shilpi Gautam","sgautam2@lenovo.com",null,"Durgendra Singh",null,"dsingh1@lenovo.com",null,"2025-11-07","13:09:00","26.2035542,78.1630168","Faith System Sioution",{"$nulls":3},"T3","23AGAPG1958R1Z5","West3",null,"T-16804","Bhind","Madhya Pradesh",null,null,"Yes","Face to Face","F0HR008YIN",1,"Lenovo","IdeaCentre","AIO","DT IC AIO 24ARR9 A77735HS 512G 16G","Win 11","AIO","Mainstream","R7 7735HS/16GB/512 GB SSD","Consumer",50990,null,"AIO",50990,"North2",60168.2,"",null,"North2","Mainstream","Mainstream"]
[21392207,"Mohit Chaturvedi","mohit.chaturvedi@v5global.co.in",9753911212,"V5 Global","Gwalior",601082,"Madhya Pradesh","Madhya Pradesh",null,"V5 Global",null,null,"Mohd Asif","mohd.asif@v5global.co.in",null,"North2",null,"External Consumer","ASO","V5 Global ASO",null,"FT",null,"ASO",null,"Mehul Raval","Rahil Rasheed",null,"Durgendra Singh","Raghavendra Araveeti","rahil.rasheed@v5global.co.in","rahil.rasheed@v5global.co.in","mraval@lenovo.com","dsingh1@lenovo.com","raraveeti@lenovo.com","ASO","Shilpi Gautam","sgautam2@lenovo.com",null,"Durgendra Singh",null,"dsingh1@lenovo.com",null,"2025-11-07","13:10:00","26.203455,78.1630661","M. R. Technology",{"$nulls":3},"T3","23FCRPR8522L1ZU","North2",null,"T-29460","Gwalior","Madhya Pradesh","V5 Global",null,"Yes","Face to Face","83JC00EEIN",1,"Lenovo","LOQ","LOQ 15ARP9","NB LOQ 15ARP9 R5 12G 512G 11S","Win 11","Gaming","Mainstream","R5 7235HS","Consumer",64762,null,"NB",64762,"North2",76419.15999999999,"SP","Gaming","North2","Premium","Premium"]
[21392213,"Mohit Chaturvedi","mohit.chaturvedi@v5global.co.in",9753911212,"V5 Global","Gwalior",601082,"Madhya Pradesh","Madhya Pradesh",null,"V5 Global",null,null,"Mohd Asif","mohd.asif@v5global.co.in",null,"North2",null,"External Consumer","ASO","V5 Global ASO",null,"FT",null,"ASO",null,"Mehul Raval","Rahil Rasheed",null,"Durgendra Singh","Raghavendra Araveeti","rahil.rasheed@v5global.co.in","rahil.rasheed@v5global.co.in","mraval@lenovo.com","dsingh1@lenovo.com","raraveeti@lenovo.com","ASO","Shilpi Gautam","sgautam2@lenovo.com",null,"Durgendra Singh",null,"dsingh1@lenovo.com",null,"2025-11-07","13:10:00","26.2034378,78.1630478","A D SALES",{"$nulls":3},"T3","23CBIPR8442J2Z8","North2",null,"T-31586","Gwalior","Madhya Pradesh","V5 Global",null,"Yes","Face to Face","83JC00EEIN",1,"Lenovo","LOQ","LOQ 15ARP9","NB LOQ 15ARP9 R5 12G 512G 11S","Win 11","Gaming","Mainstream","R5 7235HS","Consumer",64762,null,"NB",64762,"North2",76419.15999999999,"SP","Gaming","North2","Premium","Premium"]
[21392223,"Mohit Chaturvedi","mohit.chaturvedi@v5global.co.in",9753911212,"V5 Global","Gwalior",601082,"Madhya Pradesh","Madhya Pradesh",null,"V5 Global",null,null,"Mohd Asif","mohd.asif@v5global.co.in",null,"North2",null,"External Consumer","ASO","V5 Global ASO",null,"FT",null,"ASO",null,"Mehul Raval","Rahil Rasheed",null,"Durgendra Singh","Raghavendra Araveeti","rahil.rasheed@v5global.co.in","rahil.rasheed@v5global.co.in","mraval@lenovo.com","dsingh1@lenovo.com","raraveeti@lenovo.com","ASO","Shilpi Gautam","sgautam2@lenovo.com",null,"Durgendra Singh",null,"dsingh1@lenovo.com",null,"2025-11-07","13:10:00","26.2034728,78.1630642","M. R. Technology",{"$nulls":3},"T3","23FCRPR8522L1ZU","North2",null,"T-29460","Gwalior","Madhya Pradesh","V5 Global",null,"Yes","Face to Face","83JC00HNIN",1,"Lenovo","LOQ","LOQ","Lenovo LOQ 15 R7 7235HS Gen Gaming Laptop (12GB, 512GB SSD, Windows 11 Home, 4GB Graphics, 15.6 inch 144 Hz Full HD IPS Display,","Win 11","Thin & Light","Premium","R7 7235HS","Consumer",50000,null,"NB",50000,"North2",59000,"",null,"North2","Mainstream","Mainstream"]
[21394438,"Umer Farooq Bhat","umer.farooq@v5global.co.in",7006131255,"V5 Global","Srinagar","V5266190","Jammu and Kashmir","Jammu and Kashmir",null,"V5 Global",null,null,"Shivam Kumar","shivam.kumar1@v5global.co.in",null,"North1",null,"External Consumer","ASO","V5 Global ASO",null,"FT",null,"ASO",null,"Karan Kapoor","Gaurav Sharma",null,"Kumar Tanksale","Raghavendra Araveeti","gaurav.sharma@v5global.co.in","gaurav.sharma@v5global.co.in","Kkapoor@lenovo.com","ktanksale1@lenovo.com","raraveeti@lenovo.com","ASO","Shilpi Gautam","sgautam2@lenovo.com",null,"Kumar Tanksale",null,"ktanksale1@lenovo.com",null,"2025-11-07","14:02:00","34.07375421876181,74.81969442218542","SYBEX THE TECHNOCITY",{"$nulls":3},"T3","01BFYPR0946G1Z6","North1",null,"T-30870","srinagar","Jammu And Kashmir","V5 Global",null,"Yes","Face to Face","83K100CAIN",1,"Lenovo","Ideapad","Slim 3","NB IP Slim 3 15IRH10 I5 8G 512G 11S","Win 11","Thin & Light","Premium","i5 13420H/8GB/512GB SSD","Consumer",56251,null,"NB",56251,"North1",66376.18,"",null,"North1","Premium","Mainstream"]
[21393699,"Ashwani Kumar","ashwani.kumar@v5global.co.in",7827383769,"V5 Global","Delhi","V5262001","Delhi","Delhi",null,"V5 Global",null,null,"Mohd Asif","mohd.asif@v5global.co.in",null,"North1",null,"External Consumer","ASO","V5 Global ASO",null,"FT",null,"ASO",null,"Kanwaldeep Singh","Gaurav Sharma",null,"Kumar Tanksale","Raghavendra Araveeti","gaurav.sharma@v5global.co.in","gaurav.sharma@v5global.co.in","ksingh15@lenovo.com","ktanksale1@lenovo.com","raraveeti@lenovo.com","ASO","Shilpi Gautam","sgautam2@lenovo.com",null,"Kumar Tanksale",null,"ktanksale1@lenovo.com",null,"2025-11-07","14:08:00","28.5482336,77.25156","Novelle Systems",{"$nulls":3},"T3","07ACTPG0879L1ZY","North1",null,"T-3850","New Delhi","New Delhi","V5 Global",null,"Yes","Face to Face","90XS005PIN",1,"Lenovo","IdeaCentre","IdeaCentre","IntelÂ® Coreâ„¢ i3-14100 4C, 8GB DDR5/512 SSD/ WiFi 6 + BT 5.2/ 260W/ SFF 8.2Lt / Wired KeyBoard & Mouse /Win 11 Home/1 Yr Onsite","Win 11","TDT","Entry","IntelÂ® Coreâ„¢ i3-14100","Consumer",31500,null,"TDT",31500,"North1",37170,"",null,"North1","Entry","Entry"]
[21392729,"Subodh Kumar Sahani","subodh.sahani@v5global.co.in",7703838818,"V5 Global","Ghaziabad",601131,"Uttar Pradesh","Uttar Pradesh",null,"V5 Global",null,null,"Mohd Asif","mohd.asif@v5global.co.in",null,"North2",null,"External Consumer","ASO","V5 Global ASO",null,"FT",null,"ASO","LMB","Nishant Aeron","Rahil Rasheed",null,"Durgendra Singh","Raghavendra Araveeti","rahil.rasheed@v5global.co.in","rahil.rasheed@v5global.co.in","naeron@lenovo.com","dsingh1@lenovo.com","raraveeti@lenovo.com","ASO","Shilpi Gautam","sgautam2@lenovo.com",null,"Durgendra Singh","LMB","dsingh1@lenovo.com",null,"2025-11-07","14:29:00","28.8172273,78.5902371","Pacific Computers",{"$nulls":3},"T3",null,"North2",null,"T-23292","Aligarh","Uttar Pradesh","V5 Global",null,"Yes","Telephonic","90XS005PIN",2,"Lenovo","IdeaCentre","IdeaCentre","IntelÂ® Coreâ„¢ i3-14100 4C, 8GB DDR5/512 SSD/ WiFi 6 + BT 5.2/ 260W/ SFF 8.2Lt / Wired KeyBoard & Mouse /Win 11 Home/1 Yr Onsite","Win 11","TDT","Entry","IntelÂ® Coreâ„¢ i3-14100","Consumer",31500,null,"TDT",63000,"North2",37170,"",null,"North2","Entry","Entry"]
[21392734,"Subodh Kumar Sahani","subodh.sahani@v5global.co.in",7703838818,"V5 Global","Ghaziabad",601131,"Uttar Pradesh","Uttar Pradesh",null,"V5 Global",null,null,"Mohd Asif","mohd.asif@v5global.co.in",null,"North2",null,"External Consumer","ASO","V5 Global ASO",null,"FT",null,"ASO","LMB","Nishant Aeron","Rahil Rasheed",null,"Durgendra Singh","Raghavendra Araveeti","rahil.rasheed@v5global.co.in","rahil.rasheed@v5global.co.in","naeron@lenovo.com","dsingh1@lenovo.com","raraveeti@lenovo.com","ASO","Shilpi Gautam","sgautam2@lenovo.com",null,"Durgendra Singh","LMB","dsingh1@lenovo.com",null,"2025-11-07","14:29:00","28.8179788,78.5994499","SIMCO COMPUTER SYSTEMS",{"$nulls":3},"T3",null,"North2",null,"T-23271","Agra","Uttar Pradesh","V5 Global",null,"Yes","Face to Face","90XS005PIN",10,"Lenovo","IdeaCentre","IdeaCentre","IntelÂ® Coreâ„¢ i3-14100 4C, 8GB DDR5/512 SSD/ WiFi 6 + BT 5.2/ 260W/ SFF 8.2Lt / Wired KeyBoard & Mouse /Win 11 Home/1 Yr Onsite","Win 11","TDT","Entry","IntelÂ® Coreâ„¢ i3-14100","Consumer",31500,null,"TDT",315000,"North2",37170,"",null,"North2","Entry","Entry"]
[21392737,"Subodh Kumar Sahani","subodh.sahani@v5global.co.in",7703838818,"V5 Global","Ghaziabad",601131,"Uttar Pradesh","Uttar Pradesh",null,"V5 Global",null,null,"Mohd Asif","mohd.asif@v5global.co.in",null,"North2",null,"External Consumer","ASO","V5 Global ASO",null,"FT",null,"ASO","LMB","Nishant Aeron","Rahil Rasheed",null,"Durgendra Singh","Raghavendra Araveeti","rahil.rasheed@v5global.co.in","rahil.rasheed@v5global.co.in","naeron@lenovo.com","dsingh1@lenovo.com","raraveeti@lenovo.com","ASO","Shilpi Gautam","sgautam2@lenovo.com",null,"Durgendra Singh","LMB","dsingh1@lenovo.com",null,"2025-11-07","14:30:00","28.8184235,78.6051278","COST 2 COST COMPUTERS",{"$nulls":3},"T3",null,"North2",null,"T-23146","Moradabad","Uttar Pradesh","V5 Global",null,"Yes","Telephonic","90XW005UIN",2,"Lenovo","IdeaCentre","IdeaCentre 08IRH9","8GB RAM/512 GB SSD/Integrated Graphics/WINDOWS 11","Win 11","TDT","Entry","CORE I5","Consumer",32619,null,"TDT",65238,"North2",38490.42,"",null,"North2","Entry","Mainstream"]
[21392739,"Subodh Kumar Sahani","subodh.sahani@v5global.co.in",7703838818,"V5 Global","Ghaziabad",601131,"Uttar Pradesh","Uttar Pradesh",null,"V5 Global",null,null,"Mohd Asif","mohd.asif@v5global.co.in",null,"North2",null,"External Consumer","ASO","V5 Global ASO",null,"FT",null,"ASO","LMB","Nishant Aeron","Rahil Rasheed",null,"Durgendra Singh","Raghavendra Araveeti","rahil.rasheed@v5global.co.in","rahil.rasheed@v5global.co.in","naeron@lenovo.com","dsingh1@lenovo.com","raraveeti@lenovo.com","ASO","Shilpi Gautam","sgautam2@lenovo.com",null,"Durgendra Singh","LMB","dsingh1@lenovo.com",null,"2025-11-07","14:30:00","28.8188248,78.6097574","Book world",{"$nulls":3},"T3","09ABRPA4559Q1ZT","North2",null,"T-22394","Ghaziabad","Uttar Pradesh","Denave",null,"Yes","Telephonic","90XW005UIN",2,"Lenovo","IdeaCentre","IdeaCentre 08IRH9","8GB RAM/512 GB SSD/Integrated Graphics/WINDOWS 11","Win 11","TDT","Entry","CORE I5","Consumer",32619,null,"TDT",65238,"North2",38490.42,"",null,"North2","Entry","Mainstream"]
[21392747,"Subodh Kumar Sahani","subodh.sahani@v5global.co.in",7703838818,"V5 Global","Ghaziabad",601131,"Uttar Pradesh","Uttar Pradesh",null,"V5 Global",null,null,"Mohd Asif","mohd.asif@v5global.co.in",null,"North2",null,"External Consumer","ASO","V5 Global ASO",null,"FT",null,"ASO","LMB","Nishant Aeron","Rahil Rasheed",null,"Durgendra Singh","Raghavendra Araveeti","rahil.rasheed@v5global.co.in","rahil.rasheed@v5global.co.in","naeron@lenovo.com","dsingh1@lenovo.com","raraveeti@lenovo.com","ASO","Shilpi Gautam","sgautam2@lenovo.com",null,"Durgendra Singh","LMB","dsingh1@lenovo.com",null,"2025-11-07","14:31:00","28.8195284,78.6179202","Gauri Enterprises",{"$nulls":3},"T3",null,"North2",null,"T-23126","Ghaziabad","Uttar Pradesh","Denave",null,"Yes","Telephonic","90XW005UIN",1,"Lenovo","IdeaCentre","IdeaCentre 08IRH9","8GB RAM/512 GB SSD/Integrated Graphics/WINDOWS 11","Win 11","TDT","Entry","CORE I5","Consumer",32619,null,"TDT",32619,"North2",38490.42,"",null,"North2","Entry","Mainstream"]
[21392751,"Subodh Kumar Sahani","subodh.sahani@v5global.co.in",7703838818,"V5 Global","Ghaziabad",601131,"Uttar Pradesh","Uttar Pradesh",null,"V5 Global",null,null,"Mohd Asif","mohd.asif@v5global.co.in",null,"North2",null,"External Consumer","ASO","V5 Global ASO",null,"FT",null,"ASO","LMB","Nishant Aeron","Rahil Rasheed",null,"Durgendra Singh","Raghavendra Araveeti","rahil.rasheed@v5global.co.in","rahil.rasheed@v5global.co.in","naeron@lenovo.com","dsingh1@lenovo.com","raraveeti@lenovo.com","ASO","Shilpi Gautam","sgautam2@lenovo.com",null,"Durgendra Singh","LMB","dsingh1@lenovo.com",null,"2025-11-07","14:32:00","28.8201084,78.6266888","Zoom Computer",{"$nulls":3},"T3",null,"North2",null,"T-23320","Noida","Uttar Pradesh","V5 Global",null,"Yes","Telephonic","90XW0022IN",1,"Lenovo","IdeaCentre","IdeaCentre 3","Intel Core i7-13620H,10C SFF 7.4 Lt,8 GB DDR4 ,512 GB SSD","DOS","TDT","Mainstream","Intel Core i7-13620H","Consumer",55000,null,"TDT",55000,"North2",64900,"",null,"North2","Mainstream","Mainstream"]
[21393711,"Ashwani Kumar","ashwani.kumar@v5global.co.in",7827383769,"V5 Global","Delhi","V5262001","Delhi","Delhi",null,"V5 Global",null,null,"Mohd Asif","mohd.asif@v5global.co.in",null,"North1",null,"External Consumer","ASO","V5 Global ASO",null,"FT",null,"ASO",null,"Kanwaldeep Singh","Gaurav Sharma",null,"Kumar Tanksale","Raghavendra Araveeti","gaurav.sharma@v5global.co.in","gaurav.sharma@v5global.co.in","ksingh15@lenovo.com","ktanksale1@lenovo.com","raraveeti@lenovo.com","ASO","Shilpi Gautam","sgautam2@lenovo.com",null,"Kumar Tanksale",null,"ktanksale1@lenovo.com",null,"2025-11-07","14:48:00","28.5482426,77.2516105","Prashad Computer World",{"$nulls":3},"T3","07AANPK6001G1ZX","North1",null,"T-3852","New Delhi","New Delhi","V5 Global",null,"Yes","Face to Face","83K100CAIN",1,"Lenovo","Ideapad","Slim 3","NB IP Slim 3 15IRH10 I5 8G 512G 11S","Win 11","Thin & Light","Premium","i5 13420H/8GB/512GB SSD","Consumer",56251,null,"NB",56251,"North1",66376.18,"",null,"North1","Premium","Mainstream"]
[21393718,"Ashwani Kumar","ashwani.kumar@v5global.co.in",7827383769,"V5 Global","Delhi","V5262001","Delhi","Delhi",null,"V5 Global",null,null,"Mohd Asif","mohd.asif@v5global.co.in",null,"North1",null,"External Consumer","ASO","V5 Global ASO",null,"FT",null,"ASO",null,"Kanwaldeep Singh","Gaurav Sharma",null,"Kumar Tanksale","Raghavendra Araveeti","gaurav.sharma@v5global.co.in","gaurav.sharma@v5global.co.in","ksingh15@lenovo.com","ktanksale1@lenovo.com","raraveeti@lenovo.com","ASO","Shilpi Gautam","sgautam2@lenovo.com",null,"Kumar Tanksale",null,"ktanksale1@lenovo.com",null,"2025-11-07","15:31:00","28.5480766,77.251737","SOHAM ENTERPRISES",{"$nulls":3},"T3","07AGLPM9414F1Z8","North1",null,"T-3856","New Delhi","New Delhi","V5 Global",null,"Yes","Face to Face","82ER00MCIN",1,"Lenovo","Ideapad","Slim 3","15.6\" (39.62cm) FHD / 16 GB DDR5 RAM / 512 GB SSD/ARCTIC GREY/\t","Win 11","Thin & Light","Mainstream","Core i5 12th Gen","Consumer",53000,null,"NB",53000,"North1",62540,"",null,"North1","Mainstream","Mainstream"]
[21393065,"Ishan Modha","ishan.modha@v5global.co.in",6352456143,"V5 Global","Ahmedabad",601140,"Gujarat","Gujarat",null,"V5 Global",null,null,"Darshan Shah","darshan.shah@v5global.co.in",null,"West1",null,"External Consumer","ASO","V5 Global ASO",null,"FT",null,"ASO",null,"Jaydip Kachhot","Yunus Hamid Mansoori",null,"Hemant C Baghel","Sharad verma","yunus.hamid@v5global.co.in","yunus.hamid@v5global.co.in","jkachhot@lenovo.com","hbaghel@lenovo.com","sharverm@lenovo.com","ASO","Shilpi Gautam","sgautam2@lenovo.com",null,"Hemant C Baghel",null,"hbaghel@lenovo.com",null,"2025-11-07","15:33:00","21.0435729,70.287448","RAAM INFOTECH",{"$nulls":3},"T3","24AMWPA0735A1ZK","West2",null,"T-14273","Rajkot","Gujarat",null,null,"Yes","Face to Face","F0HN00PGIN",1,"Lenovo","AIO","AIO i-24IRH9","i3-1315U-8-512-UHD-W11-O24-23.80","Win 11","AIO","Mainstream","i3-1315U","Consumer",57990,null,"AIO",57990,"West1",68428.2,"",null,"West1 M","Premium","Mainstream"]
[21393080,"Ishan Modha","ishan.modha@v5global.co.in",6352456143,"V5 Global","Ahmedabad",601140,"Gujarat","Gujarat",null,"V5 Global",null,null,"Darshan Shah","darshan.shah@v5global.co.in",null,"West1",null,"External Consumer","ASO","V5 Global ASO",null,"FT",null,"ASO",null,"Jaydip Kachhot","Yunus Hamid Mansoori",null,"Hemant C Baghel","Sharad verma","yunus.hamid@v5global.co.in","yunus.hamid@v5global.co.in","jkachhot@lenovo.com","hbaghel@lenovo.com","sharverm@lenovo.com","ASO","Shilpi Gautam","sgautam2@lenovo.com",null,"Hemant C Baghel",null,"hbaghel@lenovo.com",null,"2025-11-07","15:35:00","21.059916,70.2891056","RAJ COMPUTER",{"$nulls":3},"T3","24ACYPB8566G1Z5","West2",null,"T-13925","Rajkot","Gujarat",null,null,"Yes","Face to Face","82X700HMIN",1,"Lenovo","IdeaPad Slim 3","Slim 3","15.6\", 8GB, 512GB, Integrated Intel UHD Graphics, Office Home 2024, Arctic Grey\t","Win 11","Thin & Light","Mainstream","Intel Core i3-1315U\t","Consumer",41000,null,"NB",41000,"West1",48380,"",null,"West1 M","Mainstream","Entry"]
[21393091,"Ishan Modha","ishan.modha@v5global.co.in",6352456143,"V5 Global","Ahmedabad",601140,"Gujarat","Gujarat",null,"V5 Global",null,null,"Darshan Shah","darshan.shah@v5global.co.in",null,"West1",null,"External Consumer","ASO","V5 Global ASO",null,"FT",null,"ASO",null,"Jaydip Kachhot","Yunus Hamid Mansoori",null,"Hemant C Baghel","Sharad verma","yunus.hamid@v5global.co.in","yunus.hamid@v5global.co.in","jkachhot@lenovo.com","hbaghel@lenovo.com","sharverm@lenovo.com","ASO","Shilpi Gautam","sgautam2@lenovo.com",null,"Hemant C Baghel",null,"hbaghel@lenovo.com",null,"2025-11-07","15:37:00","21.0783144,70.2903221","RAJ COMPUTERS",{"$nulls":3},"T3","24AFNPD5768A1ZM","West2",null,"T-14001","Rajkot","Gujarat",null,null,"Yes","Face to Face","90LX005GIN",1,"Lenovo","IdeaCentre","510S-07ICK","i3-9100 | 4GB | 1TB | Win 10 | OFFICE H&S 2019 | INTEGRATED GFX | SILVER","Win 10","TDT","Entry","Core i3-9100","Consumer",27595,null,"TDT",{"$f":"BV387*BL387","v":27595},{"$f":"Q387","v":"West1"},{"$f":"BV387*118%","v":32562.1},{"$f":"IF(CF387=\"Premium\",IF(CA387>=65000,\"SP\",\"\"),\"\")","v":""},null,"West1 M",{"$f":"IF(BU387=\"Consumer\",IF(CA387<40000,\"Entry\",IF(AND(CA387>=40000,CA387<65000),\"Mainstream\",\"Premium\")),IF(BU387=\"Visuals\",BS387,\"NA\"))","v":"Entry"},"Entry"]
[21393105,"Ishan Modha","ishan.modha@v5global.co.in",6352456143,"V5 Global","Ahmedabad",601140,"Gujarat","Gujarat",null,"V5 Global",null,null,"Darshan Shah","darshan.shah@v5global.co.in",null,"West1",null,"External Consumer","ASO","V5 Global ASO",null,"FT",null,"ASO",null,"Jaydip Kachhot","Yunus Hamid Mansoori",null,"Hemant C Baghel","Sharad verma","yunus.hamid@v5global.co.in","yunus.hamid@v5global.co.in","jkachhot@lenovo.com","hbaghel@lenovo.com","sharverm@lenovo.com","ASO","Shilpi Gautam","sgautam2@lenovo.com",null,"Hemant C Baghel",null,"hbaghel@lenovo.com",null,"2025-11-07","15:38:00","21.0968125,70.2849185","R.N.INFOTECH",{"$nulls":3},"T3","24AIQPR8697G1ZC","West2",null,"T-14116","Rajkot","Gujarat",null,null,"Yes","Face to Face","83B40004IN",1,"Lenovo","Ideapad","Ideapad 1","15.6\"FHD,8GB/512GB/I3 1315/WIN/MS OFFICE/","Win 11","Thin & Light","Entry","13 1315","Consumer",36960,null,"NB",36960,"West1",43612.799999999996,"",null,"West1 M","Mainstream","Entry"]
[21393110,"Ishan Modha","ishan.modha@v5global.co.in",6352456143,"V5 Global","Ahmedabad",601140,"Gujarat","Gujarat",null,"V5 Global",null,null,"Darshan Shah","darshan.shah@v5global.co.in",null,"West1",null,"External Consumer","ASO","V5 Global ASO",null,"FT",null,"ASO",null,"Jaydip Kachhot","Yunus Hamid Mansoori",null,"Hemant C Baghel","Sharad verma","yunus.hamid@v5global.co.in","yunus.hamid@v5global.co.in","jkachhot@lenovo.com","hbaghel@lenovo.com","sharverm@lenovo.com","ASO","Shilpi Gautam","sgautam2@lenovo.com",null,"Hemant C Baghel",null,"hbaghel@lenovo.com",null,"2025-11-07","15:39:00","21.1025605,70.2823144","RIXN INFOTECH",{"$nulls":3},"T3","24AGKPC9637R1ZP","West2",null,"T-14080","Rajkot","Gujarat",null,null,"Yes","Face to Face","83DV01AAIN",1,"Lenovo","LOQ","LOQ","LOQ I5 13gen 16GB RAM 512 gb SSD RTX4050 win11 MSO\t","Win 11","Gaming","Premium","I5 13gen","Consumer",78000,null,"NB",78000,"West1",92040,"SP","Gaming","West1 M","Premium","Premium"]
[21393725,"Ashwani Kumar","ashwani.kumar@v5global.co.in",7827383769,"V5 Global","Delhi","V5262001","Delhi","Delhi",null,"V5 Global",null,null,"Mohd Asif","mohd.asif@v5global.co.in",null,"North1",null,"External Consumer","ASO","V5 Global ASO",null,"FT",null,"ASO",null,"Kanwaldeep Singh","Gaurav Sharma",null,"Kumar Tanksale","Raghavendra Araveeti","gaurav.sharma@v5global.co.in","gaurav.sharma@v5global.co.in","ksingh15@lenovo.com","ktanksale1@lenovo.com","raraveeti@lenovo.com","ASO","Shilpi Gautam","sgautam2@lenovo.com",null,"Kumar Tanksale",null,"ktanksale1@lenovo.com",null,"2025-11-07","16:27:00","28.5480069,77.2516871","Jagdambey Computer",{"$nulls":3},"T3","07AFJPM2313J1ZJ","North1",null,"T-3860","New Delhi","New Delhi","V5 Global",null,"Yes","Face to Face","83K100C6IN",1,"Lenovo","Ideapad","Slim 3","IntelÂ® Coreâ„¢ i5-13420H, 8C (4P + 4E) / 12T, P-core 2.1 / 4.6GHz, E-core 1.5 / 3.4GHz, 12MB,8GB Soldered DDR5-4800 + 8GB SO-DIMM ","Win 11","Thin & Light","Mainstream","i5-13420H","Consumer",46000,null,"NB",46000,"North1",54280,"",null,"North1","Mainstream","Mainstream"]
[21393733,"Ashwani Kumar","ashwani.kumar@v5global.co.in",7827383769,"V5 Global","Delhi","V5262001","Delhi","Delhi",null,"V5 Global",null,null,"Mohd Asif","mohd.asif@v5global.co.in",null,"North1",null,"External Consumer","ASO","V5 Global ASO",null,"FT",null,"ASO",null,"Kanwaldeep Singh","Gaurav Sharma",null,"Kumar Tanksale","Raghavendra Araveeti","gaurav.sharma@v5global.co.in","gaurav.sharma@v5global.co.in","ksingh15@lenovo.com","ktanksale1@lenovo.com","raraveeti@lenovo.com","ASO","Shilpi Gautam","sgautam2@lenovo.com",null,"Kumar Tanksale",null,"ktanksale1@lenovo.com",null,"2025-11-07","17:24:00","28.5480404,77.2517364","Computer Components Centre",{"$nulls":3},"T3","07AAFPJ5691P1Z1","North1",null,"T-3862","New Delhi","New Delhi","V5 Global",null,"Yes","Face to Face","83GS000PJIN",1,"Lenovo","LOQ","LOQ 15","Lenovo LOQ Intel Core i5 12th Gen 12450HX - (16 GB/512 GB SSD/Windows 11 Home/6 GB Graphics/NVIDIA GeForce RTX 3050) (15.6 inch,","Win 11","Gaming","Premium","Core i5 12th GenÂ ","Consumer",69000,null,"NB",69000,"North1",81420,"SP","Gaming","North1","Premium","Premium"]
[21394048,"Manoj Bihari","manoj.bihari@v5global.co.in",9861291397,"V5 Global","Sambalpur","V5263625","Orissa","Orissa",null,"V5 Global",null,null,"Arindam Mazumdar","arindam.mazumdar@v5global.co.in",null,"East2",null,"External Consumer","ASO","V5 Global ASO",null,"FT",null,"ASO","LES","Biswa Ranjan Jena","Imam Hassan",null,"Rajender Negi","Raghavendra Araveeti","imam.hassan@v5global.co.in","imam.hassan@v5global.co.in","bjena1@lenovo.com","rnegi@lenovo.com","raraveeti@lenovo.com","ASO","Shilpi Gautam","sgautam2@lenovo.com",null,"Rajender Negi","LES","rnegi@lenovo.com",null,"2025-11-07","18:25:00","20.698149059777908,83.4744855388999","DIGITAL WORLD",{"$nulls":3},"T3",null,"East2",null,"T-2927","Jharsuguda","Orissa",null,null,"Yes","Face to Face","83ER00MCIN",2,"Lenovo","Ideapad","Slim 3","Lenovo IdeaPad Slim 3 12th Gen Intel Core i5-12450H 15\" (39.6cm) FHD IPS 300 Nits Thin & Light Laptop (16GB/512GB SSD/Win 11/MSO","Win 11","Thin & Light","Mainstream","i5 12th Gen","Consumer",41000,null,"NB",82000,"East2",48380,"",null,"East2","Mainstream","Mainstream"]
[21418165,"Ashwani Kumar","ashwani.kumar@v5global.co.in",7827383769,"V5 Global","Delhi","V5262001","Delhi","Delhi",null,"V5 Global",null,null,"Mohd Asif","mohd.asif@v5global.co.in",null,"North1",null,"External Consumer","ASO","V5 Global ASO",null,"FT",null,"ASO",null,"Kanwaldeep Singh","Gaurav Sharma",null,"Kumar Tanksale","Raghavendra Araveeti","gaurav.sharma@v5global.co.in","gaurav.sharma@v5global.co.in","ksingh15@lenovo.com","ktanksale1@lenovo.com","raraveeti@lenovo.com","ASO","Shilpi Gautam","sgautam2@lenovo.com",null,"Kumar Tanksale",null,"ktanksale1@lenovo.com",null,"2025-11-07","18:50:00","28.5485723,77.2515574","APEX COMPUTECH",{"$nulls":3},"T3","07AGJPA6467A1ZP","North1",null,"T-3880","New Delhi","New Delhi","V5 Global",null,"Yes","Face to Face","82ER00MCIN",1,"Lenovo","Ideapad","Slim 3","15.6\" (39.62cm) FHD / 16 GB DDR5 RAM / 512 GB SSD/ARCTIC GREY/\t","Win 11","Thin & Light","Mainstream","Core i5 12th Gen","Consumer",53000,null,"NB",53000,"North1",62540,"",null,"North1","Mainstream","Mainstream"]
[21394256,"Ishan Modha","ishan.modha@v5global.co.in",6352456143,"V5 Global","Ahmedabad",601140,"Gujarat","Gujarat",null,"V5 Global",null,null,"Darshan Shah","darshan.shah@v5global.co.in",null,"West1",null,"External Consumer","ASO","V5 Global ASO",null,"FT",null,"ASO",null,"Jaydip Kachhot","Yunus Hamid Mansoori",null,"Hemant C Baghel","Sharad verma","yunus.hamid@v5global.co.in","yunus.hamid@v5global.co.in","jkachhot@lenovo.com","hbaghel@lenovo.com","sharverm@lenovo.com","ASO","Shilpi Gautam","sgautam2@lenovo.com",null,"Hemant C Baghel",null,"hbaghel@lenovo.com",null,"2025-11-07","19:01:00","22.0068486,70.7928556","REENA INFOTECH",{"$nulls":3},"T3","24AETPD3734R1ZX","West2",null,"T-13881","Rajkot","Gujarat",null,null,"Yes","Face to Face","82X700HMIN",1,"Lenovo","IdeaPad Slim 3","Slim 3","15.6\", 8GB, 512GB, Integrated Intel UHD Graphics, Office Home 2024, Arctic Grey\t","Win 11","Thin & Light","Mainstream","Intel Core i3-1315U\t","Consumer",41000,null,"NB",41000,"West1",48380,"",null,"West1 M","Mainstream","Entry"]
[21394269,"Ishan Modha","ishan.modha@v5global.co.in",6352456143,"V5 Global","Ahmedabad",601140,"Gujarat","Gujarat",null,"V5 Global",null,null,"Darshan Shah","darshan.shah@v5global.co.in",null,"West1",null,"External Consumer","ASO","V5 Global ASO",null,"FT",null,"ASO",null,"Jaydip Kachhot","Yunus Hamid Mansoori",null,"Hemant C Baghel","Sharad verma","yunus.hamid@v5global.co.in","yunus.hamid@v5global.co.in","jkachhot@lenovo.com","hbaghel@lenovo.com","sharverm@lenovo.com","ASO","Shilpi Gautam","sgautam2@lenovo.com",null,"Hemant C Baghel",null,"hbaghel@lenovo.com",null,"2025-11-07","19:04:00","22.0161413,70.7898824","R K INFOTECH",{"$nulls":3},"Top T3","24BCPPM2345Q1Z0","West2",null,"T-14006","Rajkot","Gujarat",null,null,"Yes","Face to Face","F0HN00PGIN",1,"Lenovo","AIO","AIO i-24IRH9","i3-1315U-8-512-UHD-W11-O24-23.80","Win 11","AIO","Mainstream","i3-1315U","Consumer",57990,null,"AIO",57990,"West1",68428.2,"",null,"West1 M","Premium","Mainstream"]
[21394282,"Ishan Modha","ishan.modha@v5global.co.in",6352456143,"V5 Global","Ahmedabad",601140,"Gujarat","Gujarat",null,"V5 Global",null,null,"Darshan Shah","darshan.shah@v5global.co.in",null,"West1",null,"External Consumer","ASO","V5 Global ASO",null,"FT",null,"ASO",null,"Jaydip Kachhot","Yunus Hamid Mansoori",null,"Hemant C Baghel","Sharad verma","yunus.hamid@v5global.co.in","yunus.hamid@v5global.co.in","jkachhot@lenovo.com","hbaghel@lenovo.com","sharverm@lenovo.com","ASO","Shilpi Gautam","sgautam2@lenovo.com",null,"Hemant C Baghel",null,"hbaghel@lenovo.com",null,"2025-11-07","19:05:00","22.018626,70.7884425","REGAL COMPUTER",{"$nulls":3},"T3","24AHCPC3696D1ZP","West2",null,"T-14091","Rajkot","Gujarat",null,null,"Yes","Face to Face","83B40004IN",1,"Lenovo","Ideapad","Ideapad 1","15.6\"FHD,8GB/512GB/I3 1315/WIN/MS OFFICE/","Win 11","Thin & Light","Entry","13 1315","Consumer",36960,null,"NB",36960,"West1",43612.799999999996,"",null,"West1 M","Mainstream","Entry"]
[21394293,"Ishan Modha","ishan.modha@v5global.co.in",6352456143,"V5 Global","Ahmedabad",601140,"Gujarat","Gujarat",null,"V5 Global",null,null,"Darshan Shah","darshan.shah@v5global.co.in",null,"West1",null,"External Consumer","ASO","V5 Global ASO",null,"FT",null,"ASO",null,"Jaydip Kachhot","Yunus Hamid Mansoori",null,"Hemant C Baghel","Sharad verma","yunus.hamid@v5global.co.in","yunus.hamid@v5global.co.in","jkachhot@lenovo.com","hbaghel@lenovo.com","sharverm@lenovo.com","ASO","Shilpi Gautam","sgautam2@lenovo.com",null,"Hemant C Baghel",null,"hbaghel@lenovo.com",null,"2025-11-07","19:06:00","22.0251661,70.7876525","S.R.INFOTECH",{"$nulls":3},"T3","24ALKPG2754N1ZU","West2",null,"T-14255","Rajkot","Gujarat",null,null,"Yes","Face to Face","82V700L2IN",1,"Lenovo","15IGL7","IP 1","INTEL N4020 8GB RAM 512GB SSD 15.6 HD MSO ","Win 11","Clamshell","Entry","N4020","Consumer",29990,null,"NB",29990,"West1",35388.2,"",null,"West1 M","Entry","Entry"]
[21394410,"Sukanta Sinha","sukanta.sinha@v5global.co.in",9854184578,"V5 Global","Guwahati","V5266867","NE","NE",null,"V5 Global",null,null,"Sukamal Saha","sukamal.saha@v5global.co.in",null,"East1",null,"External Consumer","ASO","V5 Global ASO",null,"FT",null,"ASO",null,"Partha Chakraborty","Amit Thakuri",null,"Amit Tiwari","Raghavendra Araveeti","amit.thakuri@v5global.co.in","amit.thakuri@v5global.co.in","pchakraborty@lenovo.com","atiwari11@lenovo.com","raraveeti@lenovo.com","ASO","Shilpi Gautam","sgautam2@lenovo.com",null,"Amit Tiwari",null,"atiwari11@lenovo.com",null,"2025-11-07","19:20:00","25.5765815,91.8821675","Tech Web",{"$nulls":3},"T3","17AQLPS6658K2ZW","East1",null,"T-481","East Khasi Hills","MEGHALAYA","V5 Global",null,"Yes","Face to Face","83B40004IN",1,"Lenovo","Ideapad","Ideapad 1","15.6\"FHD,8GB/512GB/I3 1315/WIN/MS OFFICE/","Win 11","Thin & Light","Entry","13 1315","Consumer",36960,null,"NB",36960,"East1",43612.799999999996,"",null,"East1","Mainstream","Entry"]
[21394410,"Sukanta Sinha","sukanta.sinha@v5global.co.in",9854184578,"V5 Global","Guwahati","V5266867","NE","NE",null,"V5 Global",null,null,"Sukamal Saha","sukamal.saha@v5global.co.in",null,"East1",null,"External Consumer","ASO","V5 Global ASO",null,"FT",null,"ASO",null,"Partha Chakraborty","Amit Thakuri",null,"Amit Tiwari","Raghavendra Araveeti","amit.thakuri@v5global.co.in","amit.thakuri@v5global.co.in","pchakraborty@lenovo.com","atiwari11@lenovo.com","raraveeti@lenovo.com","ASO","Shilpi Gautam","sgautam2@lenovo.com",null,"Amit Tiwari",null,"atiwari11@lenovo.com",null,"2025-11-07","19:20:00","25.5765815,91.8821675","Tech Web",{"$nulls":3},"T3","17AQLPS6658K2ZW","East1",null,"T-481","East Khasi Hills","MEGHALAYA","V5 Global",null,"Yes","Face to Face","83K100CAIN",1,"Lenovo","Ideapad","Slim 3","NB IP Slim 3 15IRH10 I5 8G 512G 11S","Win 11","Thin & Light","Premium","i5 13420H/8GB/512GB SSD","Consumer",56251,null,"NB",56251,"East1",66376.18,"",null,"East1","Premium","Mainstream"]
[21394417,"Sukanta Sinha","sukanta.sinha@v5global.co.in",9854184578,"V5 Global","Guwahati","V5266867","NE","NE",null,"V5 Global",null,null,"Sukamal Saha","sukamal.saha@v5global.co.in",null,"East1",null,"External Consumer","ASO","V5 Global ASO",null,"FT",null,"ASO",null,"Partha Chakraborty","Amit Thakuri",null,"Amit Tiwari","Raghavendra Araveeti","amit.thakuri@v5global.co.in","amit.thakuri@v5global.co.in","pchakraborty@lenovo.com","atiwari11@lenovo.com","raraveeti@lenovo.com","ASO","Shilpi Gautam","sgautam2@lenovo.com",null,"Amit Tiwari",null,"atiwari11@lenovo.com",null,"2025-11-07","19:20:00","25.5766451,91.8821528","HOC Store",{"$nulls":3},"T3","17BHIPS5170B1ZC","East1",null,"T-29876","Shillong","Meghalaya","V5 Global",null,"Yes","Face to Face","82R4011NIN",1,"Lenovo","IDEA PAD SLIM1","IDEA PAD SLIM1","R5 /5500U/8 GB RAM/512 TB SSD/INT.","WIn 11","Thin & Light","Mainstream","R5","Consumer",35000,null,"NB",35000,"East1",41300,"",null,"East1","Mainstream","Entry"]
[21394446,"Sukanta Sinha","sukanta.sinha@v5global.co.in",9854184578,"V5 Global","Guwahati","V5266867","NE","NE",null,"V5 Global",null,null,"Sukamal Saha","sukamal.saha@v5global.co.in",null,"East1",null,"External Consumer","ASO","V5 Global ASO",null,"FT",null,"ASO",null,"Partha Chakraborty","Amit Thakuri",null,"Amit Tiwari","Raghavendra Araveeti","amit.thakuri@v5global.co.in","amit.thakuri@v5global.co.in","pchakraborty@lenovo.com","atiwari11@lenovo.com","raraveeti@lenovo.com","ASO","Shilpi Gautam","sgautam2@lenovo.com",null,"Amit Tiwari",null,"atiwari11@lenovo.com",null,"2025-11-07","19:24:00","25.5766179,91.8821932","Printer Zone",{"$nulls":3},"T3","18AGQPJ0209G1ZI","East1",null,"T-150","Kamrup Metropolitan","Assam",null,null,"Yes","Telephonic","F0J6005FIN",3,"Lenovo","AIO","Lenovo A100","23.8\" FHD/8GB RAM/512 SSD/Integrated Graphics/MSO 2024/White","Win 11","AIO","Entry","Intel N100","Consumer",32000,null,"AIO",96000,"East1",37760,"",null,"East1","Entry","Entry"]
[21394494,"Vishal Jaiswal","vishal.jaiswal@v5global.co.in",9369840011,"V5 Global","Kanpur","V5266996","Uttar Pradesh","Uttar Pradesh",null,"V5 Global",null,null,"Mohammad Atif","mohammad.atif@v5global.co.in",null,"North2",null,"External Consumer","ASO","V5 Global ASO",null,"FT",null,"ASO",null,"Rahul Sarin","Rahil Rasheed",null,"Durgendra Singh","Raghavendra Araveeti","rahil.rasheed@v5global.co.in","rahil.rasheed@v5global.co.in","rsarin2@lenovo.com","dsingh1@lenovo.com","raraveeti@lenovo.com","ASO","Shilpi Gautam","sgautam2@lenovo.com",null,"Durgendra Singh",null,"dsingh1@lenovo.com",null,"2025-11-07","19:29:00","26.4616255,80.356119","Kwality Computer",{"$nulls":3},"T3","09BAJPD6500N1ZK","North2",null,"T-29481","Unnao","Uttar Pradesh","V5 Global",null,"Yes","Face to Face","GX31L52655",10,"Lenovo","Wired Combo","Input","Lenovo 160 Wired Combo","NA","Accessories","NA","NA","Accessories",999,null,null,9990,"North2",1178.82,"",null,"North2","NA","NA"]
[21394494,"Vishal Jaiswal","vishal.jaiswal@v5global.co.in",9369840011,"V5 Global","Kanpur","V5266996","Uttar Pradesh","Uttar Pradesh",null,"V5 Global",null,null,"Mohammad Atif","mohammad.atif@v5global.co.in",null,"North2",null,"External Consumer","ASO","V5 Global ASO",null,"FT",null,"ASO",null,"Rahul Sarin","Rahil Rasheed",null,"Durgendra Singh","Raghavendra Araveeti","rahil.rasheed@v5global.co.in","rahil.rasheed@v5global.co.in","rsarin2@lenovo.com","dsingh1@lenovo.com","raraveeti@lenovo.com","ASO","Shilpi Gautam","sgautam2@lenovo.com",null,"Durgendra Singh",null,"dsingh1@lenovo.com",null,"2025-11-07","19:29:00","26.4616255,80.356119","Kwality Computer",{"$nulls":3},"T3","09BAJPD6500N1ZK","North2",null,"T-29481","Unnao","Uttar Pradesh","V5 Global",null,"Yes","Face to Face","GY51L52636",50,"Lenovo","Wired mouse","Input","Lenovo 120 Wired Mouse","NA","Accessories","NA","NA","Accessories",259,null,null,12950,"North2",305.62,"",null,"North2","NA","NA"]
[21394526,"Vishal Jaiswal","vishal.jaiswal@v5global.co.in",9369840011,"V5 Global","Kanpur","V5266996","Uttar Pradesh","Uttar Pradesh",null,"V5 Global",null,null,"Mohammad Atif","mohammad.atif@v5global.co.in",null,"North2",null,"External Consumer","ASO","V5 Global ASO",null,"FT",null,"ASO",null,"Rahul Sarin","Rahil Rasheed",null,"Durgendra Singh","Raghavendra Araveeti","rahil.rasheed@v5global.co.in","rahil.rasheed@v5global.co.in","rsarin2@lenovo.com","dsingh1@lenovo.com","raraveeti@lenovo.com","ASO","Shilpi Gautam","sgautam2@lenovo.com",null,"Durgendra Singh",null,"dsingh1@lenovo.com",null,"2025-11-07","19:32:00","26.4615885,80.3561441","Gateway Computer",{"$nulls":3},"T3",null,"North2",null,"T-23424","Kanpur","Uttar Pradesh","V5 Global",null,"Yes","Face to Face","67D5KAC6IN",3,"Lenovo","L22-4E","L Series","LEN L22-4E 21.5 IPS  BLACK 100HZ","NA","Visual Variants","Mainstream","NA","Visuals",5331,null,null,15993,"North2",6290.58,"",null,"North2","Mainstream","Mainstream"]
[21394526,"Vishal Jaiswal","vishal.jaiswal@v5global.co.in",9369840011,"V5 Global","Kanpur","V5266996","Uttar Pradesh","Uttar Pradesh",null,"V5 Global",null,null,"Mohammad Atif","mohammad.atif@v5global.co.in",null,"North2",null,"External Consumer","ASO","V5 Global ASO",null,"FT",null,"ASO",null,"Rahul Sarin","Rahil Rasheed",null,"Durgendra Singh","Raghavendra Araveeti","rahil.rasheed@v5global.co.in","rahil.rasheed@v5global.co.in","rsarin2@lenovo.com","dsingh1@lenovo.com","raraveeti@lenovo.com","ASO","Shilpi Gautam","sgautam2@lenovo.com",null,"Durgendra Singh",null,"dsingh1@lenovo.com",null,"2025-11-07","19:32:00","26.4615885,80.3561441","Gateway Computer",{"$nulls":3},"T3",null,"North2",null,"T-23424","Kanpur","Uttar Pradesh","V5 Global",null,"Yes","Face to Face","67BCKAC6IN",2,"Lenovo","Monitor -L24i4A","Monitor -L24i4A","Full HD IPS Panel Ultra Thin Monitor with WLED Backlight","NA","Visual Variants","Premium","NA","Visuals",7203,null,null,14406,"North2",8499.539999999999,"",null,"North2","Premium","Premium"]
[21394526,"Vishal Jaiswal","vishal.jaiswal@v5global.co.in",9369840011,"V5 Global","Kanpur","V5266996","Uttar Pradesh","Uttar Pradesh",null,"V5 Global",null,null,"Mohammad Atif","mohammad.atif@v5global.co.in",null,"North2",null,"External Consumer","ASO","V5 Global ASO",null,"FT",null,"ASO",null,"Rahul Sarin","Rahil Rasheed",null,"Durgendra Singh","Raghavendra Araveeti","rahil.rasheed@v5global.co.in","rahil.rasheed@v5global.co.in","rsarin2@lenovo.com","dsingh1@lenovo.com","raraveeti@lenovo.com","ASO","Shilpi Gautam","sgautam2@lenovo.com",null,"Durgendra Singh",null,"dsingh1@lenovo.com",null,"2025-11-07","19:32:00","26.4615885,80.3561441","Gateway Computer",{"$nulls":3},"T3",null,"North2",null,"T-23424","Kanpur","Uttar Pradesh","V5 Global",null,"Yes","Face to Face","67BEKAC1IN",1,"Lenovo","Monitor","L27I-4A","L27I-4A","NA","Visual Variants","Premium","NA","Visuals",13000,null,null,13000,"North2",15340,"",null,"North2","Premium","Premium"]
[21394557,"Vishal Jaiswal","vishal.jaiswal@v5global.co.in",9369840011,"V5 Global","Kanpur","V5266996","Uttar Pradesh","Uttar Pradesh",null,"V5 Global",null,null,"Mohammad Atif","mohammad.atif@v5global.co.in",null,"North2",null,"External Consumer","ASO","V5 Global ASO",null,"FT",null,"ASO",null,"Rahul Sarin","Rahil Rasheed",null,"Durgendra Singh","Raghavendra Araveeti","rahil.rasheed@v5global.co.in","rahil.rasheed@v5global.co.in","rsarin2@lenovo.com","dsingh1@lenovo.com","raraveeti@lenovo.com","ASO","Shilpi Gautam","sgautam2@lenovo.com",null,"Durgendra Singh",null,"dsingh1@lenovo.com",null,"2025-11-07","19:36:00","26.4616172,80.356108","SISKOWARE",{"$nulls":3},"T3",null,"North2",null,"T-23407","Kanpur","Uttar Pradesh","V5 Global",null,"Yes","Telephonic","82R400XSIN",1,"Lenovo","Ideapad","Ideapad","\"Ryzenâ„¢ 5 5500U 6C 8GB RAM 512GB SSD Windows11 MS Office H&S 2024  Integrated AMD Radeon  Graphics  15.6\"\" FHD TN 220nits AG 720","Win 11","Thin & Light","Entry","Amd Ryzen 5 5500U","Consumer",29407,null,"NB",29407,"North2",34700.259999999995,"",null,"North2","Entry","Entry"]
[21394568,"Vishal Jaiswal","vishal.jaiswal@v5global.co.in",9369840011,"V5 Global","Kanpur","V5266996","Uttar Pradesh","Uttar Pradesh",null,"V5 Global",null,null,"Mohammad Atif","mohammad.atif@v5global.co.in",null,"North2",null,"External Consumer","ASO","V5 Global ASO",null,"FT",null,"ASO",null,"Rahul Sarin","Rahil Rasheed",null,"Durgendra Singh","Raghavendra Araveeti","rahil.rasheed@v5global.co.in","rahil.rasheed@v5global.co.in","rsarin2@lenovo.com","dsingh1@lenovo.com","raraveeti@lenovo.com","ASO","Shilpi Gautam","sgautam2@lenovo.com",null,"Durgendra Singh",null,"dsingh1@lenovo.com",null,"2025-11-07","19:38:00","26.4615999,80.3561181","Rama Electronics",{"$nulls":3},"T3","09AADFR3942F1Z7","North2",null,"T-30311","Kanpur","Uttar Pradesh","V5 Global",null,"Yes","Telephonic","82LX00F7IN",1,"Lenovo","Ideapad","Slim 1","LEN N4500 8GB 512GB SSD WIN11  1YR","Win 11","Thin & Light","Entry","N4500","Consumer",25900,null,"NB",25900,"North2",30562,"",null,"North2","Entry","Entry"]
[21394578,"Vishal Jaiswal","vishal.jaiswal@v5global.co.in",9369840011,"V5 Global","Kanpur","V5266996","Uttar Pradesh","Uttar Pradesh",null,"V5 Global",null,null,"Mohammad Atif","mohammad.atif@v5global.co.in",null,"North2",null,"External Consumer","ASO","V5 Global ASO",null,"FT",null,"ASO",null,"Rahul Sarin","Rahil Rasheed",null,"Durgendra Singh","Raghavendra Araveeti","rahil.rasheed@v5global.co.in","rahil.rasheed@v5global.co.in","rsarin2@lenovo.com","dsingh1@lenovo.com","raraveeti@lenovo.com","ASO","Shilpi Gautam","sgautam2@lenovo.com",null,"Durgendra Singh",null,"dsingh1@lenovo.com",null,"2025-11-07","19:38:00","26.4616256,80.3561285","Laptop Zone",{"$nulls":3},"T3","09FIEPS5711M1Z0","North2",null,"T-29177","KANPUR","Uttar Pradesh","V5 Global",null,"Yes","Face to Face","82XQ00MDIN",1,"Lenovo","Ideapad","Slim 3","RYZEN-7320U/8GB LPDDR5-5500/512GB SSD/Integrated AMD Radeon graphics","Win 11","Thin & Light","Entry","Ryzen3 7320U","Consumer",33000,null,"NB",33000,"North2",38940,"",null,"North2","Entry","Entry"]
[21395479,"Surjeet Kumar","surjeet.kumar@v5global.co.in",7004963220,"V5 Global","Muzaffarpur","V5339429","Bihar","Bihar",null,"V5 Global",null,null,"Shivam Kumar","shivam.kumar@v5global.co.in",null,"East2",null,"External Consumer","ASO","V5 Global ASO",null,"FT",null,"ASO",null,"Krishna Kumar Singh","Imam Hassan",null,"Rajender Negi","Raghavendra Araveeti","imam.hassan@v5global.co.in","imam.hassan@v5global.co.in","ksingh25@lenovo.com","rnegi@lenovo.com","raraveeti@lenovo.com","ASO","Shilpi Gautam","sgautam2@lenovo.com",null,"Rajender Negi",null,"rnegi@lenovo.com",null,"2025-11-07","20:54:00","25.2950225,85.0189477","Om computer & battery",{"$nulls":3},"T3","10AHRPK1353Q1Z2","East2",null,"T-2093","Samastipur","Bihar","V5 Global",null,"Yes","Face to Face","F0J6005FIN",2,"Lenovo","AIO","Lenovo A100","23.8\" FHD/8GB RAM/512 SSD/Integrated Graphics/MSO 2024/White","Win 11","AIO","Entry","Intel N100","Consumer",32000,null,"AIO",64000,"East2",37760,"",null,"East2","Entry","Entry"]
[21395506,"Surjeet Kumar","surjeet.kumar@v5global.co.in",7004963220,"V5 Global","Muzaffarpur","V5339429","Bihar","Bihar",null,"V5 Global",null,null,"Shivam Kumar","shivam.kumar@v5global.co.in",null,"East2",null,"External Consumer","ASO","V5 Global ASO",null,"FT",null,"ASO",null,"Krishna Kumar Singh","Imam Hassan",null,"Rajender Negi","Raghavendra Araveeti","imam.hassan@v5global.co.in","imam.hassan@v5global.co.in","ksingh25@lenovo.com","rnegi@lenovo.com","raraveeti@lenovo.com","ASO","Shilpi Gautam","sgautam2@lenovo.com",null,"Rajender Negi",null,"rnegi@lenovo.com",null,"2025-11-07","20:55:00","25.2950428,85.0189156","The It Vision",{"$nulls":3},"T3","10BOQPA6380E1Z9","East2",null,"T-22136","Muzaffarpur","Bihar","V5 Global",null,"Yes","Face to Face","82LX00F7IN",1,"Lenovo","Ideapad","Slim 1","LEN N4500 8GB 512GB SSD WIN11  1YR","Win 11","Thin & Light","Entry","N4500","Consumer",25900,null,"NB",25900,"East2",30562,"",null,"East2","Entry","Entry"]
[21395524,"Surjeet Kumar","surjeet.kumar@v5global.co.in",7004963220,"V5 Global","Muzaffarpur","V5339429","Bihar","Bihar",null,"V5 Global",null,null,"Shivam Kumar","shivam.kumar@v5global.co.in",null,"East2",null,"External Consumer","ASO","V5 Global ASO",null,"FT",null,"ASO",null,"Krishna Kumar Singh","Imam Hassan",null,"Rajender Negi","Raghavendra Araveeti","imam.hassan@v5global.co.in","imam.hassan@v5global.co.in","ksingh25@lenovo.com","rnegi@lenovo.com","raraveeti@lenovo.com","ASO","Shilpi Gautam","sgautam2@lenovo.com",null,"Rajender Negi",null,"rnegi@lenovo.com",null,"2025-11-07","20:56:00","25.2950603,85.0188918","KUMAR INFOTECH",{"$nulls":3},"T3","10DUWPK7216P1ZZ","East2",null,"T-31054","MUZAFFARPUR","Bihar","V5 Global",null,"Yes","Face to Face","82LX00F7IN",1,"Lenovo","Ideapad","Slim 1","LEN N4500 8GB 512GB SSD WIN11  1YR","Win 11","Thin & Light","Entry","N4500","Consumer",25900,null,"NB",25900,"East2",30562,"",null,"East2","Entry","Entry"]
[21395524,"Surjeet Kumar","surjeet.kumar@v5global.co.in",7004963220,"V5 Global","Muzaffarpur","V5339429","Bihar","Bihar",null,"V5 Global",null,null,"Shivam Kumar","shivam.kumar@v5global.co.in",null,"East2",null,"External Consumer","ASO","V5 Global ASO",null,"FT",null,"ASO",null,"Krishna Kumar Singh","Imam Hassan",null,"Rajender Negi","Raghavendra Araveeti","imam.hassan@v5global.co.in","imam.hassan@v5global.co.in","ksingh25@lenovo.com","rnegi@lenovo.com","raraveeti@lenovo.com","ASO","Shilpi Gautam","sgautam2@lenovo.com",null,"Rajender Negi",null,"rnegi@lenovo.com",null,"2025-11-07","20:56:00","25.2950603,85.0188918","KUMAR INFOTECH",{"$nulls":3},"T3","10DUWPK7216P1ZZ","East2",null,"T-31054","MUZAFFARPUR","Bihar","V5 Global",null,"Yes","Face to Face","GY51L52636",10,"Lenovo","Wired mouse","Input","Lenovo 120 Wired Mouse","NA","Accessories","NA","NA","Accessories",259,null,null,2590,"East2",305.62,"",null,"East2","NA","NA"]
[21395524,"Surjeet Kumar","surjeet.kumar@v5global.co.in",7004963220,"V5 Global","Muzaffarpur","V5339429","Bihar","Bihar",null,"V5 Global",null,null,"Shivam Kumar","shivam.kumar@v5global.co.in",null,"East2",null,"External Consumer","ASO","V5 Global ASO",null,"FT",null,"ASO",null,"Krishna Kumar Singh","Imam Hassan",null,"Rajender Negi","Raghavendra Araveeti","imam.hassan@v5global.co.in","imam.hassan@v5global.co.in","ksingh25@lenovo.com","rnegi@lenovo.com","raraveeti@lenovo.com","ASO","Shilpi Gautam","sgautam2@lenovo.com",null,"Rajender Negi",null,"rnegi@lenovo.com",null,"2025-11-07","20:56:00","25.2950603,85.0188918","KUMAR INFOTECH",{"$nulls":3},"T3","10DUWPK7216P1ZZ","East2",null,"T-31054","MUZAFFARPUR","Bihar","V5 Global",null,"Yes","Face to Face","67BCKAC6IN",1,"Lenovo","Monitor -L24i4A","Monitor -L24i4A","Full HD IPS Panel Ultra Thin Monitor with WLED Backlight","NA","Visual Variants","Premium","NA","Visuals",7203,null,null,7203,"East2",8499.539999999999,"",null,"East2","Premium","Premium"]
[21395542,"Surjeet Kumar","surjeet.kumar@v5global.co.in",7004963220,"V5 Global","Muzaffarpur","V5339429","Bihar","Bihar",null,"V5 Global",null,null,"Shivam Kumar","shivam.kumar@v5global.co.in",null,"East2",null,"External Consumer","ASO","V5 Global ASO",null,"FT",null,"ASO",null,"Krishna Kumar Singh","Imam Hassan",null,"Rajender Negi","Raghavendra Araveeti","imam.hassan@v5global.co.in","imam.hassan@v5global.co.in","ksingh25@lenovo.com","rnegi@lenovo.com","raraveeti@lenovo.com","ASO","Shilpi Gautam","sgautam2@lenovo.com",null,"Rajender Negi",null,"rnegi@lenovo.com",null,"2025-11-07","20:57:00","25.295083,85.0188707","MEDIA CENTER",{"$nulls":3},"T3","10AOXPK3144C1Z9","East2",null,"T-30664","SITAMARDHI","Bihar","V5 Global",null,"Yes","Face to Face","67BCKAC6IN",2,"Lenovo","Monitor -L24i4A","Monitor -L24i4A","Full HD IPS Panel Ultra Thin Monitor with WLED Backlight","NA","Visual Variants","Premium","NA","Visuals",7203,null,null,14406,"East2",8499.539999999999,"",null,"East2","Premium","Premium"]
[21395542,"Surjeet Kumar","surjeet.kumar@v5global.co.in",7004963220,"V5 Global","Muzaffarpur","V5339429","Bihar","Bihar",null,"V5 Global",null,null,"Shivam Kumar","shivam.kumar@v5global.co.in",null,"East2",null,"External Consumer","ASO","V5 Global ASO",null,"FT",null,"ASO",null,"Krishna Kumar Singh","Imam Hassan",null,"Rajender Negi","Raghavendra Araveeti","imam.hassan@v5global.co.in","imam.hassan@v5global.co.in","ksingh25@lenovo.com","rnegi@lenovo.com","raraveeti@lenovo.com","ASO","Shilpi Gautam","sgautam2@lenovo.com",null,"Rajender Negi",null,"rnegi@lenovo.com",null,"2025-11-07","20:57:00","25.295083,85.0188707","MEDIA CENTER",{"$nulls":3},"T3","10AOXPK3144C1Z9","East2",null,"T-30664","SITAMARDHI","Bihar","V5 Global",null,"Yes","Face to Face","GX20K78585",5,"Lenovo","AC Adapter","Power","Lenovo 65W AC Roundtip Adapter(IN)","NA","Accessories","NA","NA","Accessories",2490,null,null,12450,"East2",2938.2,"",null,"East2","NA","NA"]
[21395542,"Surjeet Kumar","surjeet.kumar@v5global.co.in",7004963220,"V5 Global","Muzaffarpur","V5339429","Bihar","Bihar",null,"V5 Global",null,null,"Shivam Kumar","shivam.kumar@v5global.co.in",null,"East2",null,"External Consumer","ASO","V5 Global ASO",null,"FT",null,"ASO",null,"Krishna Kumar Singh","Imam Hassan",null,"Rajender Negi","Raghavendra Araveeti","imam.hassan@v5global.co.in","imam.hassan@v5global.co.in","ksingh25@lenovo.com","rnegi@lenovo.com","raraveeti@lenovo.com","ASO","Shilpi Gautam","sgautam2@lenovo.com",null,"Rajender Negi",null,"rnegi@lenovo.com",null,"2025-11-07","20:57:00","25.295083,85.0188707","MEDIA CENTER",{"$nulls":3},"T3","10AOXPK3144C1Z9","East2",null,"T-30664","SITAMARDHI","Bihar","V5 Global",null,"Yes","Face to Face","82LX00F7IN",1,"Lenovo","Ideapad","Slim 1","LEN N4500 8GB 512GB SSD WIN11  1YR","Win 11","Thin & Light","Entry","N4500","Consumer",25900,null,"NB",25900,"East2",30562,"",null,"East2","Entry","Entry"]
[21395551,"Surjeet Kumar","surjeet.kumar@v5global.co.in",7004963220,"V5 Global","Muzaffarpur","V5339429","Bihar","Bihar",null,"V5 Global",null,null,"Shivam Kumar","shivam.kumar@v5global.co.in",null,"East2",null,"External Consumer","ASO","V5 Global ASO",null,"FT",null,"ASO",null,"Krishna Kumar Singh","Imam Hassan",null,"Rajender Negi","Raghavendra Araveeti","imam.hassan@v5global.co.in","imam.hassan@v5global.co.in","ksingh25@lenovo.com","rnegi@lenovo.com","raraveeti@lenovo.com","ASO","Shilpi Gautam","sgautam2@lenovo.com",null,"Rajender Negi",null,"rnegi@lenovo.com",null,"2025-11-07","20:58:00","25.2950718,85.0188364","Digital plaza",{"$nulls":3},"T3","10AANFD8464A1ZR","East2",null,"T-2147","Muzaffarpur","Bihar","V5 Global",null,"Yes","Face to Face","82X700HMIN",1,"Lenovo","IdeaPad Slim 3","Slim 3","15.6\", 8GB, 512GB, Integrated Intel UHD Graphics, Office Home 2024, Arctic Grey\t","Win 11","Thin & Light","Mainstream","Intel Core i3-1315U\t","Consumer",41000,null,"NB",41000,"East2",48380,"",null,"East2","Mainstream","Entry"]
[21395578,"Surjeet Kumar","surjeet.kumar@v5global.co.in",7004963220,"V5 Global","Muzaffarpur","V5339429","Bihar","Bihar",null,"V5 Global",null,null,"Shivam Kumar","shivam.kumar@v5global.co.in",null,"East2",null,"External Consumer","ASO","V5 Global ASO",null,"FT",null,"ASO",null,"Krishna Kumar Singh","Imam Hassan",null,"Rajender Negi","Raghavendra Araveeti","imam.hassan@v5global.co.in","imam.hassan@v5global.co.in","ksingh25@lenovo.com","rnegi@lenovo.com","raraveeti@lenovo.com","ASO","Shilpi Gautam","sgautam2@lenovo.com",null,"Rajender Negi",null,"rnegi@lenovo.com",null,"2025-11-07","20:59:00","25.2950904,85.0187687","I T CARE",{"$nulls":3},"T3","10BOIPS3736N1ZM","East2",null,"T-2133","Gopalganj","Bihar","V5 Global",null,"Yes","Face to Face","83DV00X6IN",1,"Lenovo","LOQ","15IRX9","\"15.6\" / 24GB RAM / 512GB SSD / NVIDIA RTX 3050 6GB/ MSO21/LUNA GREY","Win 11","Gaming","Premium","I5 13TH GENERATION","Consumer",67224,null,"NB",67224,"East2",79324.31999999999,"SP","Gaming","East2","Premium","Premium"]
[21395600,"Surjeet Kumar","surjeet.kumar@v5global.co.in",7004963220,"V5 Global","Muzaffarpur","V5339429","Bihar","Bihar",null,"V5 Global",null,null,"Shivam Kumar","shivam.kumar@v5global.co.in",null,"East2",null,"External Consumer","ASO","V5 Global ASO",null,"FT",null,"ASO",null,"Krishna Kumar Singh","Imam Hassan",null,"Rajender Negi","Raghavendra Araveeti","imam.hassan@v5global.co.in","imam.hassan@v5global.co.in","ksingh25@lenovo.com","rnegi@lenovo.com","raraveeti@lenovo.com","ASO","Shilpi Gautam","sgautam2@lenovo.com",null,"Rajender Negi",null,"rnegi@lenovo.com",null,"2025-11-07","21:00:00","25.295091,85.0188442","VAISHALI COMPUTER",{"$nulls":3},"T3","10AOEPK5998K3ZJ","East2",null,"T-30665","HAJIPUR","Bihar","V5 Global",null,"Yes","Face to Face","83K100CAIN",1,"Lenovo","Ideapad","Slim 3","NB IP Slim 3 15IRH10 I5 8G 512G 11S","Win 11","Thin & Light","Premium","i5 13420H/8GB/512GB SSD","Consumer",56251,null,"NB",56251,"East2",66376.18,"",null,"East2","Premium","Mainstream"]
[21395600,"Surjeet Kumar","surjeet.kumar@v5global.co.in",7004963220,"V5 Global","Muzaffarpur","V5339429","Bihar","Bihar",null,"V5 Global",null,null,"Shivam Kumar","shivam.kumar@v5global.co.in",null,"East2",null,"External Consumer","ASO","V5 Global ASO",null,"FT",null,"ASO",null,"Krishna Kumar Singh","Imam Hassan",null,"Rajender Negi","Raghavendra Araveeti","imam.hassan@v5global.co.in","imam.hassan@v5global.co.in","ksingh25@lenovo.com","rnegi@lenovo.com","raraveeti@lenovo.com","ASO","Shilpi Gautam","sgautam2@lenovo.com",null,"Rajender Negi",null,"rnegi@lenovo.com",null,"2025-11-07","21:00:00","25.295091,85.0188442","VAISHALI COMPUTER",{"$nulls":3},"T3","10AOEPK5998K3ZJ","East2",null,"T-30665","HAJIPUR","Bihar","V5 Global",null,"Yes","Face to Face","82X700HMIN",1,"Lenovo","IdeaPad Slim 3","Slim 3","15.6\", 8GB, 512GB, Integrated Intel UHD Graphics, Office Home 2024, Arctic Grey\t","Win 11","Thin & Light","Mainstream","Intel Core i3-1315U\t","Consumer",41000,null,"NB",41000,"East2",48380,"",null,"East2","Mainstream","Entry"]
[21396051,"Siddhartha Saha ","sidhartha.saha@v5global.co.in",9874293392,"V5 Global","Medinipur","V5367944","West Bengal","West Bengal",null,"V5 Global",null,null,"Sukamal Saha","sukamal.saha@v5global.co.in",null,"East1",null,"External Consumer","ASO","V5 Global ASO",null,"FT",null,"ASO",null,"Kapil Tiwari","Amit Thakuri",null,"Amit Tiwari","Raghavendra Araveeti","amit.thakuri@v5global.co.in","amit.thakuri@v5global.co.in","ktiwari1@lenovo.com","atiwari11@lenovo.com","raraveeti@lenovo.com","ASO","Shilpi Gautam","sgautam2@lenovo.com",null,"Amit Tiwari",null,"atiwari11@lenovo.com",null,"2025-11-07","21:31:00","21.775515,87.7331451","GIRI COMPUTER",{"$nulls":3},"T3","19AQYPG8536B1ZE","East1",null,"T-1390","Medinipur","West Bengal",null,null,"Yes","Face to Face","90XS005PIN",1,"Lenovo","IdeaCentre","IdeaCentre","IntelÂ® Coreâ„¢ i3-14100 4C, 8GB DDR5/512 SSD/ WiFi 6 + BT 5.2/ 260W/ SFF 8.2Lt / Wired KeyBoard & Mouse /Win 11 Home/1 Yr Onsite","Win 11","TDT","Entry","IntelÂ® Coreâ„¢ i3-14100","Consumer",31500,null,"TDT",31500,"East1",37170,"",null,"East1","Entry","Entry"]
[21396051,"Siddhartha Saha ","sidhartha.saha@v5global.co.in",9874293392,"V5 Global","Medinipur","V5367944","West Bengal","West Bengal",null,"V5 Global",null,null,"Sukamal Saha","sukamal.saha@v5global.co.in",null,"East1",null,"External Consumer","ASO","V5 Global ASO",null,"FT",null,"ASO",null,"Kapil Tiwari","Amit Thakuri",null,"Amit Tiwari","Raghavendra Araveeti","amit.thakuri@v5global.co.in","amit.thakuri@v5global.co.in","ktiwari1@lenovo.com","atiwari11@lenovo.com","raraveeti@lenovo.com","ASO","Shilpi Gautam","sgautam2@lenovo.com",null,"Amit Tiwari",null,"atiwari11@lenovo.com",null,"2025-11-07","21:31:00","21.775515,87.7331451","GIRI COMPUTER",{"$nulls":3},"T3","19AQYPG8536B1ZE","East1",null,"T-1390","Medinipur","West Bengal",null,null,"Yes","Face to Face","67AFKACBIN",1,"Lenovo","L Series","L22E-40","LEN L22E-40 21.5 VA 75 HZ HDMI","NA","Visual Variants","Entry","NA","Visuals",7900,null,null,7900,"East1",9322,"",null,"East1","Entry","Entry"]
[21396051,"Siddhartha Saha ","sidhartha.saha@v5global.co.in",9874293392,"V5 Global","Medinipur","V5367944","West Bengal","West Bengal",null,"V5 Global",null,null,"Sukamal Saha","sukamal.saha@v5global.co.in",null,"East1",null,"External Consumer","ASO","V5 Global ASO",null,"FT",null,"ASO",null,"Kapil Tiwari","Amit Thakuri",null,"Amit Tiwari","Raghavendra Araveeti","amit.thakuri@v5global.co.in","amit.thakuri@v5global.co.in","ktiwari1@lenovo.com","atiwari11@lenovo.com","raraveeti@lenovo.com","ASO","Shilpi Gautam","sgautam2@lenovo.com",null,"Amit Tiwari",null,"atiwari11@lenovo.com",null,"2025-11-07","21:31:00","21.775515,87.7331451","GIRI COMPUTER",{"$nulls":3},"T3","19AQYPG8536B1ZE","East1",null,"T-1390","Medinipur","West Bengal",null,null,"Yes","Face to Face","GY41P80860",1,"Lenovo","Gaming Keyboard","Gaming","Lenovo Legion K510 Mini Pro Mechanical Gaming Keyboard","NA","Accessories","NA","NA","Accessories",4999,null,null,4999,"East1",5898.82,"",null,"East1","NA","NA"]
[21396051,"Siddhartha Saha ","sidhartha.saha@v5global.co.in",9874293392,"V5 Global","Medinipur","V5367944","West Bengal","West Bengal",null,"V5 Global",null,null,"Sukamal Saha","sukamal.saha@v5global.co.in",null,"East1",null,"External Consumer","ASO","V5 Global ASO",null,"FT",null,"ASO",null,"Kapil Tiwari","Amit Thakuri",null,"Amit Tiwari","Raghavendra Araveeti","amit.thakuri@v5global.co.in","amit.thakuri@v5global.co.in","ktiwari1@lenovo.com","atiwari11@lenovo.com","raraveeti@lenovo.com","ASO","Shilpi Gautam","sgautam2@lenovo.com",null,"Amit Tiwari",null,"atiwari11@lenovo.com",null,"2025-11-07","21:31:00","21.775515,87.7331451","GIRI COMPUTER",{"$nulls":3},"T3","19AQYPG8536B1ZE","East1",null,"T-1390","Medinipur","West Bengal",null,null,"Yes","Face to Face","67AEKACBIN",1,"Lenovo","Monitor","L22i-40","MONITOR 21.5","NA","Visual Variants","Mainstream","NA","Visuals",9099,null,null,9099,"East1",10736.82,"",null,"East1","Mainstream","Mainstream"]
[21396059,"Siddhartha Saha ","sidhartha.saha@v5global.co.in",9874293392,"V5 Global","Medinipur","V5367944","West Bengal","West Bengal",null,"V5 Global",null,null,"Sukamal Saha","sukamal.saha@v5global.co.in",null,"East1",null,"External Consumer","ASO","V5 Global ASO",null,"FT",null,"ASO",null,"Kapil Tiwari","Amit Thakuri",null,"Amit Tiwari","Raghavendra Araveeti","amit.thakuri@v5global.co.in","amit.thakuri@v5global.co.in","ktiwari1@lenovo.com","atiwari11@lenovo.com","raraveeti@lenovo.com","ASO","Shilpi Gautam","sgautam2@lenovo.com",null,"Amit Tiwari",null,"atiwari11@lenovo.com",null,"2025-11-07","21:33:00","21.7755222,87.7331298","SKYTECH",{"$nulls":3},"T3","19AOUPB2247J1ZM","East1",null,"T-1474","Medinipur","West Bengal","V5 Global",null,"Yes","Face to Face","83JC00GCIN",1,"Lenovo","LOQ","LOQ 15ARP9","15.6 INCH/24 GB RAM/512 GB SSD/RTX 3050 A/ MSO 2024/WIN. 11/Luna Grey","Win 11","Gaming","Mainstream","AMD R5","Consumer",61300,null,"NB",61300,"East1",72334,"SP","Gaming","East1","Premium","Premium"]
[21396067,"Siddhartha Saha ","sidhartha.saha@v5global.co.in",9874293392,"V5 Global","Medinipur","V5367944","West Bengal","West Bengal",null,"V5 Global",null,null,"Sukamal Saha","sukamal.saha@v5global.co.in",null,"East1",null,"External Consumer","ASO","V5 Global ASO",null,"FT",null,"ASO",null,"Kapil Tiwari","Amit Thakuri",null,"Amit Tiwari","Raghavendra Araveeti","amit.thakuri@v5global.co.in","amit.thakuri@v5global.co.in","ktiwari1@lenovo.com","atiwari11@lenovo.com","raraveeti@lenovo.com","ASO","Shilpi Gautam","sgautam2@lenovo.com",null,"Amit Tiwari",null,"atiwari11@lenovo.com",null,"2025-11-07","21:33:00","21.7754754,87.7331458","SARADA INFOTECH ?",{"$nulls":3},"T3","19BSYPS7502L1ZO","East1",null,"T-1465","Medinipur","West Bengal","V5 Global",null,"Yes","Face to Face","83JC00EFIN",1,"Lenovo","LOQ","LOQ 15ARP9","NB LOQ 15ARP9 R5 24G 512G 11S","Win 11","Gaming","Premium","R5 7235HS","Consumer",67578,null,"NB",67578,"East1",79742.04,"SP","Gaming","East1","Premium","Premium"]
[21396121,"Sukanta Sinha","sukanta.sinha@v5global.co.in",9854184578,"V5 Global","Guwahati","V5266867","NE","NE",null,"V5 Global",null,null,"Sukamal Saha","sukamal.saha@v5global.co.in",null,"East1",null,"External Consumer","ASO","V5 Global ASO",null,"FT",null,"ASO",null,"Partha Chakraborty","Amit Thakuri",null,"Amit Tiwari","Raghavendra Araveeti","amit.thakuri@v5global.co.in","amit.thakuri@v5global.co.in","pchakraborty@lenovo.com","atiwari11@lenovo.com","raraveeti@lenovo.com","ASO","Shilpi Gautam","sgautam2@lenovo.com",null,"Amit Tiwari",null,"atiwari11@lenovo.com",null,"2025-11-07","21:36:00","25.5774319,91.8839037","HOC Store",{"$nulls":3},"T3","17BHIPS5170B1ZC","East1",null,"T-29876","Shillong","Meghalaya","V5 Global",null,"Yes","Face to Face","GX21M75594",5,"Lenovo","AC Adapter","Power","Lenovo 45W AC Round tip Adapter(IN)","NA","Accessories","NA","NA","Accessories",2090,null,null,10450,"East1",2466.2,"",null,"East1","NA","NA"]
[21396121,"Sukanta Sinha","sukanta.sinha@v5global.co.in",9854184578,"V5 Global","Guwahati","V5266867","NE","NE",null,"V5 Global",null,null,"Sukamal Saha","sukamal.saha@v5global.co.in",null,"East1",null,"External Consumer","ASO","V5 Global ASO",null,"FT",null,"ASO",null,"Partha Chakraborty","Amit Thakuri",null,"Amit Tiwari","Raghavendra Araveeti","amit.thakuri@v5global.co.in","amit.thakuri@v5global.co.in","pchakraborty@lenovo.com","atiwari11@lenovo.com","raraveeti@lenovo.com","ASO","Shilpi Gautam","sgautam2@lenovo.com",null,"Amit Tiwari",null,"atiwari11@lenovo.com",null,"2025-11-07","21:36:00","25.5774319,91.8839037","HOC Store",{"$nulls":3},"T3","17BHIPS5170B1ZC","East1",null,"T-29876","Shillong","Meghalaya","V5 Global",null,"Yes","Face to Face","GX20P92532",1,"Lenovo","AC Adapter","Power","Lenovo 65W AC USB C Adapter(IN)","NA","Accessories","NA","NA","Accessories",2690,null,null,2690,"East1",3174.2,"",null,"East1","NA","NA"]
[21396121,"Sukanta Sinha","sukanta.sinha@v5global.co.in",9854184578,"V5 Global","Guwahati","V5266867","NE","NE",null,"V5 Global",null,null,"Sukamal Saha","sukamal.saha@v5global.co.in",null,"East1",null,"External Consumer","ASO","V5 Global ASO",null,"FT",null,"ASO",null,"Partha Chakraborty","Amit Thakuri",null,"Amit Tiwari","Raghavendra Araveeti","amit.thakuri@v5global.co.in","amit.thakuri@v5global.co.in","pchakraborty@lenovo.com","atiwari11@lenovo.com","raraveeti@lenovo.com","ASO","Shilpi Gautam","sgautam2@lenovo.com",null,"Amit Tiwari",null,"atiwari11@lenovo.com",null,"2025-11-07","21:36:00","25.5774319,91.8839037","HOC Store",{"$nulls":3},"T3","17BHIPS5170B1ZC","East1",null,"T-29876","Shillong","Meghalaya","V5 Global",null,"Yes","Face to Face","GX31L52655",10,"Lenovo","Wired Combo","Input","Lenovo 160 Wired Combo","NA","Accessories","NA","NA","Accessories",999,null,null,9990,"East1",1178.82,"",null,"East1","NA","NA"]
[21396285,"Govind Gulab Rajbhar","govind.gulab@v5global.co.in",9029031943,"V5 Global","Mumbai","V5263641","Maharashtra","Maharashtra",null,"V5 Global",null,null,"Pooja Thakur","pooja.thakur@v5global.co.in",null,"West1",null,"External Consumer","ASO","V5 Global ASO",null,"FT",null,"ASO",null,"Amit Tiwari","Yunus Hamid Mansoori",null,"Hemant C Baghel","Sharad verma","yunus.hamid@v5global.co.in","yunus.hamid@v5global.co.in","atiwari5@lenovo.com","hbaghel@lenovo.com","sharverm@lenovo.com","ASO","Shilpi Gautam","sgautam2@lenovo.com",null,"Hemant C Baghel",null,"hbaghel@lenovo.com",null,"2025-11-07","21:55:00","19.2169772,72.8439335","Anupam Stationery( Goregon)",{"$nulls":3},"T3",null,"West1",null,"T-25777","Mumbai","Maharashtra","V5 Global",null,"Yes","Telephonic","GX31L52655",5,"Lenovo","Wired Combo","Input","Lenovo 160 Wired Combo","NA","Accessories","NA","NA","Accessories",999,null,null,4995,"West1",1178.82,"",null,"West1 M","NA","NA"]
[21396285,"Govind Gulab Rajbhar","govind.gulab@v5global.co.in",9029031943,"V5 Global","Mumbai","V5263641","Maharashtra","Maharashtra",null,"V5 Global",null,null,"Pooja Thakur","pooja.thakur@v5global.co.in",null,"West1",null,"External Consumer","ASO","V5 Global ASO",null,"FT",null,"ASO",null,"Amit Tiwari","Yunus Hamid Mansoori",null,"Hemant C Baghel","Sharad verma","yunus.hamid@v5global.co.in","yunus.hamid@v5global.co.in","atiwari5@lenovo.com","hbaghel@lenovo.com","sharverm@lenovo.com","ASO","Shilpi Gautam","sgautam2@lenovo.com",null,"Hemant C Baghel",null,"hbaghel@lenovo.com",null,"2025-11-07","21:55:00","19.2169772,72.8439335","Anupam Stationery( Goregon)",{"$nulls":3},"T3",null,"West1",null,"T-25777","Mumbai","Maharashtra","V5 Global",null,"Yes","Telephonic","GY51L52638",5,"Lenovo","Wireless Mouse","Input","Lenovo 150 Wireless Mouse ","NA","Accessories","NA","NA","Accessories",649,null,null,3245,"West1",765.8199999999999,"",null,"West1 M","NA","NA"]
[21396289,"Govind Gulab Rajbhar","govind.gulab@v5global.co.in",9029031943,"V5 Global","Mumbai","V5263641","Maharashtra","Maharashtra",null,"V5 Global",null,null,"Pooja Thakur","pooja.thakur@v5global.co.in",null,"West1",null,"External Consumer","ASO","V5 Global ASO",null,"FT",null,"ASO",null,"Amit Tiwari","Yunus Hamid Mansoori",null,"Hemant C Baghel","Sharad verma","yunus.hamid@v5global.co.in","yunus.hamid@v5global.co.in","atiwari5@lenovo.com","hbaghel@lenovo.com","sharverm@lenovo.com","ASO","Shilpi Gautam","sgautam2@lenovo.com",null,"Hemant C Baghel",null,"hbaghel@lenovo.com",null,"2025-11-07","21:56:00","19.2169639,72.843908","ARYAN INFOTECH",{"$nulls":3},"T3","27CHIPR4831D1Z9","West1",null,"T-28961","Mumbai","Maharashtra","V5 Global",null,"Yes","Telephonic","83JC00HNIN",1,"Lenovo","LOQ","LOQ","Lenovo LOQ 15 R7 7235HS Gen Gaming Laptop (12GB, 512GB SSD, Windows 11 Home, 4GB Graphics, 15.6 inch 144 Hz Full HD IPS Display,","Win 11","Thin & Light","Premium","R7 7235HS","Consumer",50000,null,"NB",50000,"West1",59000,"",null,"West1 M","Mainstream","Mainstream"]
[21396298,"Govind Gulab Rajbhar","govind.gulab@v5global.co.in",9029031943,"V5 Global","Mumbai","V5263641","Maharashtra","Maharashtra",null,"V5 Global",null,null,"Pooja Thakur","pooja.thakur@v5global.co.in",null,"West1",null,"External Consumer","ASO","V5 Global ASO",null,"FT",null,"ASO",null,"Amit Tiwari","Yunus Hamid Mansoori",null,"Hemant C Baghel","Sharad verma","yunus.hamid@v5global.co.in","yunus.hamid@v5global.co.in","atiwari5@lenovo.com","hbaghel@lenovo.com","sharverm@lenovo.com","ASO","Shilpi Gautam","sgautam2@lenovo.com",null,"Hemant C Baghel",null,"hbaghel@lenovo.com",null,"2025-11-07","21:57:00","19.2169628,72.843909","Concept Computers",{"$nulls":3},"T3",null,"West1",null,"T-25667","Mumbai","Maharashtra","V5 Global",null,"Yes","Telephonic","F0HN00PGIN",1,"Lenovo","AIO","AIO i-24IRH9","i3-1315U-8-512-UHD-W11-O24-23.80","Win 11","AIO","Mainstream","i3-1315U","Consumer",57990,null,"AIO",57990,"West1",68428.2,"",null,"West1 M","Premium","Mainstream"]
[21396307,"Govind Gulab Rajbhar","govind.gulab@v5global.co.in",9029031943,"V5 Global","Mumbai","V5263641","Maharashtra","Maharashtra",null,"V5 Global",null,null,"Pooja Thakur","pooja.thakur@v5global.co.in",null,"West1",null,"External Consumer","ASO","V5 Global ASO",null,"FT",null,"ASO",null,"Amit Tiwari","Yunus Hamid Mansoori",null,"Hemant C Baghel","Sharad verma","yunus.hamid@v5global.co.in","yunus.hamid@v5global.co.in","atiwari5@lenovo.com","hbaghel@lenovo.com","sharverm@lenovo.com","ASO","Shilpi Gautam","sgautam2@lenovo.com",null,"Hemant C Baghel",null,"hbaghel@lenovo.com",null,"2025-11-07","21:58:00","19.2169616,72.8439072","Ace System",{"$nulls":3},"T3",null,"West1",null,"T-25681","Mumbai","Maharashtra","Denave",null,"Yes","Telephonic","F0HN00PHIN",1,"Lenovo","AIO","AIO","LEN I5-13420H 16GB 512GB SSD 23.8 MSO","Win 11","AIO","Mainstream","i5-13420H","Consumer",53381,null,"AIO",53381,"West1",62989.579999999994,"",null,"West1 M","Mainstream","Mainstream"]
[21396311,"Govind Gulab Rajbhar","govind.gulab@v5global.co.in",9029031943,"V5 Global","Mumbai","V5263641","Maharashtra","Maharashtra",null,"V5 Global",null,null,"Pooja Thakur","pooja.thakur@v5global.co.in",null,"West1",null,"External Consumer","ASO","V5 Global ASO",null,"FT",null,"ASO",null,"Amit Tiwari","Yunus Hamid Mansoori",null,"Hemant C Baghel","Sharad verma","yunus.hamid@v5global.co.in","yunus.hamid@v5global.co.in","atiwari5@lenovo.com","hbaghel@lenovo.com","sharverm@lenovo.com","ASO","Shilpi Gautam","sgautam2@lenovo.com",null,"Hemant C Baghel",null,"hbaghel@lenovo.com",null,"2025-11-07","21:58:00","19.2169603,72.8439033","UNIVERSE",{"$nulls":3},"T3","27CBQPA2953R1ZY","West1",null,"T-31248","Mumbai","Maharashtra","V5 Global",null,"Yes","Telephonic","F0HN00PHIN",1,"Lenovo","AIO","AIO","LEN I5-13420H 16GB 512GB SSD 23.8 MSO","Win 11","AIO","Mainstream","i5-13420H","Consumer",53381,null,"AIO",53381,"West1",62989.579999999994,"",null,"West1 M","Mainstream","Mainstream"]
[21396708,"Pran Pratap Singh","pran.singh@v5global.co.in",9001585718,"V5 Global","Jaipur","V5459442","Jaipur","Rajasthan",null,"V5 Global",null,null,"Gourav Jain","gourav.jain@v5global.co.in",null,"North1",null,"External Consumer","ASO","V5 Global ASO",null,"FT",null,"ASO",null,"Ganga Singh","Gaurav Sharma",null,"Kumar Tanksale","Raghavendra Araveeti","gaurav.sharma@v5global.co.in","gaurav.sharma@v5global.co.in","gsingh24@lenovo.com","ktanksale1@lenovo.com","raraveeti@lenovo.com","ASO","Shilpi Gautam","sgautam2@lenovo.com",null,"Kumar Tanksale",null,"ktanksale1@lenovo.com",null,"2025-11-07","22:59:00","26.9377083,75.8927817","ARIHANT DIGITAL STORE",{"$nulls":3},"T3",null,"West2",null,"T-28072","Jaipur","Rajasthan","Denave",null,"Yes","Telephonic","83JQ000NIN",1,"Lenovo","Yoga 7 2-in-1","Yoga 7 2-in-1","14\"/32GB/1TSSD/Graphics 140V/MS-2024/Seashell ","Win 11","Convertible","Premium","ULT7 258V","Consumer",136990,null,"NB",136990,"North1",161648.19999999998,"SP","Non-Gaming","North1","Premium","Premium"]
[21396708,"Pran Pratap Singh","pran.singh@v5global.co.in",9001585718,"V5 Global","Jaipur","V5459442","Jaipur","Rajasthan",null,"V5 Global",null,null,"Gourav Jain","gourav.jain@v5global.co.in",null,"North1",null,"External Consumer","ASO","V5 Global ASO",null,"FT",null,"ASO",null,"Ganga Singh","Gaurav Sharma",null,"Kumar Tanksale","Raghavendra Araveeti","gaurav.sharma@v5global.co.in","gaurav.sharma@v5global.co.in","gsingh24@lenovo.com","ktanksale1@lenovo.com","raraveeti@lenovo.com","ASO","Shilpi Gautam","sgautam2@lenovo.com",null,"Kumar Tanksale",null,"ktanksale1@lenovo.com",null,"2025-11-07","22:59:00","26.9377083,75.8927817","ARIHANT DIGITAL STORE",{"$nulls":3},"T3",null,"West2",null,"T-28072","Jaipur","Rajasthan","Denave",null,"Yes","Telephonic","83CV008XIN",1,"Lenovo","Yoga","Slim 7","Intel Core Ultra 7/16GB,1TB SSD","Win 11","Thin & Light","Premium","ULTRA 7","Consumer",99991,null,"NB",99991,"North1",117989.37999999999,"SP","Non-Gaming","North1","Premium","Premium"]
[21397381,"Pankaj Kumar","pankaj.kumar@v5global.co.in",8340543380,"V5 Global","Patna",601177,"Bihar","Bihar",null,"V5 Global",null,null,"Shivam Kumar","shivam.kumar@v5global.co.in",null,"East2",null,"External Consumer","ASO","V5 Global ASO",null,"FT",null,"ASO",null,"Krishna Kumar Singh","Imam Hassan",null,"Rajender Negi","Raghavendra Araveeti","imam.hassan@v5global.co.in","imam.hassan@v5global.co.in","ksingh25@lenovo.com","rnegi@lenovo.com","raraveeti@lenovo.com","ASO","Shilpi Gautam","sgautam2@lenovo.com",null,"Rajender Negi",null,"rnegi@lenovo.com",null,"2025-11-08","09:20:00","25.6174604,85.0926203","Computer Mall",{"$nulls":3},"T3","10BHEPK5562P2Z4","East2",null,"T-2173","Patna","Bihar","V5 Global",null,"Yes","Face to Face","GX20P92532",3,"Lenovo","AC Adapter","Power","Lenovo 65W AC USB C Adapter(IN)","NA","Accessories","NA","NA","Accessories",2690,null,null,8070,"East2",3174.2,"",null,"East2","NA","NA"]
[21397384,"Pankaj Kumar","pankaj.kumar@v5global.co.in",8340543380,"V5 Global","Patna",601177,"Bihar","Bihar",null,"V5 Global",null,null,"Shivam Kumar","shivam.kumar@v5global.co.in",null,"East2",null,"External Consumer","ASO","V5 Global ASO",null,"FT",null,"ASO",null,"Krishna Kumar Singh","Imam Hassan",null,"Rajender Negi","Raghavendra Araveeti","imam.hassan@v5global.co.in","imam.hassan@v5global.co.in","ksingh25@lenovo.com","rnegi@lenovo.com","raraveeti@lenovo.com","ASO","Shilpi Gautam","sgautam2@lenovo.com",null,"Rajender Negi",null,"rnegi@lenovo.com",null,"2025-11-08","09:22:00","25.6174489,85.0926294","V k Communication",{"$nulls":3},"T3","10BX0PS3024C2ZV","East2",null,"T-31221","Patna","Bihar","V5 Global",null,"Yes","Face to Face","GX31L52655",5,"Lenovo","Wired Combo","Input","Lenovo 160 Wired Combo","NA","Accessories","NA","NA","Accessories",999,null,null,4995,"East2",1178.82,"",null,"East2","NA","NA"]
[21397386,"Pankaj Kumar","pankaj.kumar@v5global.co.in",8340543380,"V5 Global","Patna",601177,"Bihar","Bihar",null,"V5 Global",null,null,"Shivam Kumar","shivam.kumar@v5global.co.in",null,"East2",null,"External Consumer","ASO","V5 Global ASO",null,"FT",null,"ASO",null,"Krishna Kumar Singh","Imam Hassan",null,"Rajender Negi","Raghavendra Araveeti","imam.hassan@v5global.co.in","imam.hassan@v5global.co.in","ksingh25@lenovo.com","rnegi@lenovo.com","raraveeti@lenovo.com","ASO","Shilpi Gautam","sgautam2@lenovo.com",null,"Rajender Negi",null,"rnegi@lenovo.com",null,"2025-11-08","09:23:00","25.617456,85.092636","Shree Computers",{"$nulls":3},"T3","10CSQPK1913G1Z1","East2",null,"T-20026","Gaya","Bihar","V5 Global",null,"Yes","Face to Face","GX31L52655",5,"Lenovo","Wired Combo","Input","Lenovo 160 Wired Combo","NA","Accessories","NA","NA","Accessories",999,null,null,4995,"East2",1178.82,"",null,"East2","NA","NA"]
[21397387,"Pankaj Kumar","pankaj.kumar@v5global.co.in",8340543380,"V5 Global","Patna",601177,"Bihar","Bihar",null,"V5 Global",null,null,"Shivam Kumar","shivam.kumar@v5global.co.in",null,"East2",null,"External Consumer","ASO","V5 Global ASO",null,"FT",null,"ASO",null,"Krishna Kumar Singh","Imam Hassan",null,"Rajender Negi","Raghavendra Araveeti","imam.hassan@v5global.co.in","imam.hassan@v5global.co.in","ksingh25@lenovo.com","rnegi@lenovo.com","raraveeti@lenovo.com","ASO","Shilpi Gautam","sgautam2@lenovo.com",null,"Rajender Negi",null,"rnegi@lenovo.com",null,"2025-11-08","09:23:00","25.6174464,85.0926399","GAYA COMPUTER",{"$nulls":3},"T3","10AIMPG5736B1ZS","East2",null,"T-2397","Gaya","Bihar","V5 Global",null,"Yes","Face to Face","GX31L52655",5,"Lenovo","Wired Combo","Input","Lenovo 160 Wired Combo","NA","Accessories","NA","NA","Accessories",999,null,null,4995,"East2",1178.82,"",null,"East2","NA","NA"]
[21397392,"Pankaj Kumar","pankaj.kumar@v5global.co.in",8340543380,"V5 Global","Patna",601177,"Bihar","Bihar",null,"V5 Global",null,null,"Shivam Kumar","shivam.kumar@v5global.co.in",null,"East2",null,"External Consumer","ASO","V5 Global ASO",null,"FT",null,"ASO",null,"Krishna Kumar Singh","Imam Hassan",null,"Rajender Negi","Raghavendra Araveeti","imam.hassan@v5global.co.in","imam.hassan@v5global.co.in","ksingh25@lenovo.com","rnegi@lenovo.com","raraveeti@lenovo.com","ASO","Shilpi Gautam","sgautam2@lenovo.com",null,"Rajender Negi",null,"rnegi@lenovo.com",null,"2025-11-08","09:23:00","25.6174865,85.092608","S.R INFOTECH",{"$nulls":3},"T3","10DDYPK2641K1ZB","East2",null,"T-2390","Gaya","Bihar","V5 Global",null,"Yes","Face to Face","GX31L52655",5,"Lenovo","Wired Combo","Input","Lenovo 160 Wired Combo","NA","Accessories","NA","NA","Accessories",999,null,null,4995,"East2",1178.82,"",null,"East2","NA","NA"]
[21397400,"Pankaj Kumar","pankaj.kumar@v5global.co.in",8340543380,"V5 Global","Patna",601177,"Bihar","Bihar",null,"V5 Global",null,null,"Shivam Kumar","shivam.kumar@v5global.co.in",null,"East2",null,"External Consumer","ASO","V5 Global ASO",null,"FT",null,"ASO",null,"Krishna Kumar Singh","Imam Hassan",null,"Rajender Negi","Raghavendra Araveeti","imam.hassan@v5global.co.in","imam.hassan@v5global.co.in","ksingh25@lenovo.com","rnegi@lenovo.com","raraveeti@lenovo.com","ASO","Shilpi Gautam","sgautam2@lenovo.com",null,"Rajender Negi",null,"rnegi@lenovo.com",null,"2025-11-08","09:25:00","25.6174633,85.0926008","Computer Mall",{"$nulls":3},"T3","10BHEPK5562P2Z4","East2",null,"T-2173","Patna","Bihar","V5 Global",null,"Yes","Face to Face","GX31L52655",2,"Lenovo","Wired Combo","Input","Lenovo 160 Wired Combo","NA","Accessories","NA","NA","Accessories",999,null,null,1998,"East2",1178.82,"",null,"East2","NA","NA"]
[21397423,"Pankaj Kumar","pankaj.kumar@v5global.co.in",8340543380,"V5 Global","Patna",601177,"Bihar","Bihar",null,"V5 Global",null,null,"Shivam Kumar","shivam.kumar@v5global.co.in",null,"East2",null,"External Consumer","ASO","V5 Global ASO",null,"FT",null,"ASO",null,"Krishna Kumar Singh","Imam Hassan",null,"Rajender Negi","Raghavendra Araveeti","imam.hassan@v5global.co.in","imam.hassan@v5global.co.in","ksingh25@lenovo.com","rnegi@lenovo.com","raraveeti@lenovo.com","ASO","Shilpi Gautam","sgautam2@lenovo.com",null,"Rajender Negi",null,"rnegi@lenovo.com",null,"2025-11-08","09:30:00","25.6174741,85.0919594","VERMA PAPER",{"$nulls":3},"T3","10AQFPK1256P1ZV","East2",null,"T-2376","Nalanda","Bihar","V5 Global",null,"Yes","Face to Face","67BCKAC6IN",1,"Lenovo","Monitor -L24i4A","Monitor -L24i4A","Full HD IPS Panel Ultra Thin Monitor with WLED Backlight","NA","Visual Variants","Premium","NA","Visuals",7203,null,null,7203,"East2",8499.539999999999,"",null,"East2","Premium","Premium"]
[21397444,"Pankaj Kumar","pankaj.kumar@v5global.co.in",8340543380,"V5 Global","Patna",601177,"Bihar","Bihar",null,"V5 Global",null,null,"Shivam Kumar","shivam.kumar@v5global.co.in",null,"East2",null,"External Consumer","ASO","V5 Global ASO",null,"FT",null,"ASO",null,"Krishna Kumar Singh","Imam Hassan",null,"Rajender Negi","Raghavendra Araveeti","imam.hassan@v5global.co.in","imam.hassan@v5global.co.in","ksingh25@lenovo.com","rnegi@lenovo.com","raraveeti@lenovo.com","ASO","Shilpi Gautam","sgautam2@lenovo.com",null,"Rajender Negi",null,"rnegi@lenovo.com",null,"2025-11-08","09:35:00","25.6167729,85.0926514","I Next Computer",{"$nulls":3},"T3","10BMCPK2491Q1ZW","East2",null,"T-22233","Patna","Bihar","V5 Global",null,"Yes","Face to Face","67AEKACBIN",1,"Lenovo","Monitor","L22i-40","MONITOR 21.5","NA","Visual Variants","Mainstream","NA","Visuals",9099,null,null,9099,"East2",10736.82,"",null,"East2","Mainstream","Mainstream"]
[21397450,"Pankaj Kumar","pankaj.kumar@v5global.co.in",8340543380,"V5 Global","Patna",601177,"Bihar","Bihar",null,"V5 Global",null,null,"Shivam Kumar","shivam.kumar@v5global.co.in",null,"East2",null,"External Consumer","ASO","V5 Global ASO",null,"FT",null,"ASO",null,"Krishna Kumar Singh","Imam Hassan",null,"Rajender Negi","Raghavendra Araveeti","imam.hassan@v5global.co.in","imam.hassan@v5global.co.in","ksingh25@lenovo.com","rnegi@lenovo.com","raraveeti@lenovo.com","ASO","Shilpi Gautam","sgautam2@lenovo.com",null,"Rajender Negi",null,"rnegi@lenovo.com",null,"2025-11-08","09:36:00","25.6174542,85.092307","RIDDHI SIDDHI COMPUTERS",{"$nulls":3},"T3","10AOIPG9638Q1ZG","East2",null,"T-2077","Patna","Bihar","V5 Global",null,"Yes","Face to Face","67AEKACBIN",1,"Lenovo","Monitor","L22i-40","MONITOR 21.5","NA","Visual Variants","Mainstream","NA","Visuals",9099,null,null,9099,"East2",10736.82,"",null,"East2","Mainstream","Mainstream"]
[21397456,"Pankaj Kumar","pankaj.kumar@v5global.co.in",8340543380,"V5 Global","Patna",601177,"Bihar","Bihar",null,"V5 Global",null,null,"Shivam Kumar","shivam.kumar@v5global.co.in",null,"East2",null,"External Consumer","ASO","V5 Global ASO",null,"FT",null,"ASO",null,"Krishna Kumar Singh","Imam Hassan",null,"Rajender Negi","Raghavendra Araveeti","imam.hassan@v5global.co.in","imam.hassan@v5global.co.in","ksingh25@lenovo.com","rnegi@lenovo.com","raraveeti@lenovo.com","ASO","Shilpi Gautam","sgautam2@lenovo.com",null,"Rajender Negi",null,"rnegi@lenovo.com",null,"2025-11-08","09:38:00","25.6174835,85.0919879","Computer Club",{"$nulls":3},"T3","10AARFC0172C1Z3","East2",null,"T-29549","Patna","Bihar","V5 Global",null,"Yes","Face to Face","83JC00GDIN",1,"Lenovo","LOQ","LOQ","15.6_FHD_AG_300N_144_SRGB/24GB, 512GB SSD/OFFICE H&S 2024","Win 11","Gaming","Premium","AMD Ryzenâ„¢ 7 7435HS (8C / 16T, 3.1 / 4.5GHz, 4MB L2 / 16MB L3)","Consumer",78000,null,"NB",78000,"East2",92040,"SP","Gaming","East2","Premium","Premium"]
[21397468,"Pankaj Kumar","pankaj.kumar@v5global.co.in",8340543380,"V5 Global","Patna",601177,"Bihar","Bihar",null,"V5 Global",null,null,"Shivam Kumar","shivam.kumar@v5global.co.in",null,"East2",null,"External Consumer","ASO","V5 Global ASO",null,"FT",null,"ASO",null,"Krishna Kumar Singh","Imam Hassan",null,"Rajender Negi","Raghavendra Araveeti","imam.hassan@v5global.co.in","imam.hassan@v5global.co.in","ksingh25@lenovo.com","rnegi@lenovo.com","raraveeti@lenovo.com","ASO","Shilpi Gautam","sgautam2@lenovo.com",null,"Rajender Negi",null,"rnegi@lenovo.com",null,"2025-11-08","09:39:00","25.6174724,85.0919072","Adit Computer",{"$nulls":3},"T3","10AOIPK3719A1ZN","East2",null,"T-2415","Nawada","Bihar","V5 Global",null,"Yes","Face to Face","83K100CAIN",1,"Lenovo","Ideapad","Slim 3","NB IP Slim 3 15IRH10 I5 8G 512G 11S","Win 11","Thin & Light","Premium","i5 13420H/8GB/512GB SSD","Consumer",56251,null,"NB",56251,"East2",66376.18,"",null,"East2","Premium","Mainstream"]
[21397473,"Pankaj Kumar","pankaj.kumar@v5global.co.in",8340543380,"V5 Global","Patna",601177,"Bihar","Bihar",null,"V5 Global",null,null,"Shivam Kumar","shivam.kumar@v5global.co.in",null,"East2",null,"External Consumer","ASO","V5 Global ASO",null,"FT",null,"ASO",null,"Krishna Kumar Singh","Imam Hassan",null,"Rajender Negi","Raghavendra Araveeti","imam.hassan@v5global.co.in","imam.hassan@v5global.co.in","ksingh25@lenovo.com","rnegi@lenovo.com","raraveeti@lenovo.com","ASO","Shilpi Gautam","sgautam2@lenovo.com",null,"Rajender Negi",null,"rnegi@lenovo.com",null,"2025-11-08","09:40:00","25.6174644,85.0922199","Digimax Computer",{"$nulls":3},"T3","10BNJPK2111D1ZX","East2",null,"T-2405","Jehanabad","Bihar","V5 Global",null,"Yes","Face to Face","83K100HSIN",1,"Lenovo","Ideapad","Slim 3","15.3inch 16GB/1 TBSSD Integrated Graphics MSO 2024 Arctic Greay","Win 11","Thin & Light","Premium","Intel Core i5-13420H","Consumer",64900,null,"NB",64900,"East2",76582,"SP","Non-Gaming","East2","Premium","Premium"]
[21397481,"Pankaj Kumar","pankaj.kumar@v5global.co.in",8340543380,"V5 Global","Patna",601177,"Bihar","Bihar",null,"V5 Global",null,null,"Shivam Kumar","shivam.kumar@v5global.co.in",null,"East2",null,"External Consumer","ASO","V5 Global ASO",null,"FT",null,"ASO",null,"Krishna Kumar Singh","Imam Hassan",null,"Rajender Negi","Raghavendra Araveeti","imam.hassan@v5global.co.in","imam.hassan@v5global.co.in","ksingh25@lenovo.com","rnegi@lenovo.com","raraveeti@lenovo.com","ASO","Shilpi Gautam","sgautam2@lenovo.com",null,"Rajender Negi",null,"rnegi@lenovo.com",null,"2025-11-08","09:42:00","25.617458,85.0923691","SINGHAL ENTERPRISES",{"$nulls":3},"T3","10AMJPR4529C1ZD","East2",null,"T-2371","Aurangabad","Bihar","V5 Global",null,"Yes","Face to Face","90XW0022IN",1,"Lenovo","IdeaCentre","IdeaCentre 3","Intel Core i7-13620H,10C SFF 7.4 Lt,8 GB DDR4 ,512 GB SSD","DOS","TDT","Mainstream","Intel Core i7-13620H","Consumer",55000,null,"TDT",{"$f":"BV451*BL451","v":55000},{"$f":"Q451","v":"East2"},{"$f":"BV451*118%","v":64900},{"$f":"IF(CF451=\"Premium\",IF(CA451>=65000,\"SP\",\"\"),\"\")","v":""},null,"East2",{"$f":"IF(BU451=\"Consumer\",IF(CA451<40000,\"Entry\",IF(AND(CA451>=40000,CA451<65000),\"Mainstream\",\"Premium\")),IF(BU451=\"Visuals\",BS451,\"NA\"))","v":"Mainstream"},"Mainstream"]
[21402525,"Umer Farooq Bhat","umer.farooq@v5global.co.in",7006131255,"V5 Global","Srinagar","V5266190","Jammu and Kashmir","Jammu and Kashmir",null,"V5 Global",null,null,"Shivam Kumar","shivam.kumar1@v5global.co.in",null,"North1",null,"External Consumer","ASO","V5 Global ASO",null,"FT",null,"ASO",null,"Karan Kapoor","Gaurav Sharma",null,"Kumar Tanksale","Raghavendra Araveeti","gaurav.sharma@v5global.co.in","gaurav.sharma@v5global.co.in","Kkapoor@lenovo.com","ktanksale1@lenovo.com","raraveeti@lenovo.com","ASO","Shilpi Gautam","sgautam2@lenovo.com",null,"Kumar Tanksale",null,"ktanksale1@lenovo.com",null,"2025-11-08","11:24:00","33.72041998208131,74.83430240303278","Kully Computer",{"$nulls":3},"T3",null,"North1",null,"T-3580","Shopain","Jammu And Kashmir","V5 Global",null,"Yes","Face to Face","82R400XSIN",1,"Lenovo","Ideapad","Ideapad","\"Ryzenâ„¢ 5 5500U 6C 8GB RAM 512GB SSD Windows11 MS Office H&S 2024  Integrated AMD Radeon  Graphics  15.6\"\" FHD TN 220nits AG 720","Win 11","Thin & Light","Entry","Amd Ryzen 5 5500U","Consumer",29407,null,"NB",29407,"North1",34700.259999999995,"",null,"North1","Entry","Entry"]
[21402525,"Umer Farooq Bhat","umer.farooq@v5global.co.in",7006131255,"V5 Global","Srinagar","V5266190","Jammu and Kashmir","Jammu and Kashmir",null,"V5 Global",null,null,"Shivam Kumar","shivam.kumar1@v5global.co.in",null,"North1",null,"External Consumer","ASO","V5 Global ASO",null,"FT",null,"ASO",null,"Karan Kapoor","Gaurav Sharma",null,"Kumar Tanksale","Raghavendra Araveeti","gaurav.sharma@v5global.co.in","gaurav.sharma@v5global.co.in","Kkapoor@lenovo.com","ktanksale1@lenovo.com","raraveeti@lenovo.com","ASO","Shilpi Gautam","sgautam2@lenovo.com",null,"Kumar Tanksale",null,"ktanksale1@lenovo.com",null,"2025-11-08","11:24:00","33.72041998208131,74.83430240303278","Kully Computer",{"$nulls":3},"T3",null,"North1",null,"T-3580","Shopain","Jammu And Kashmir","V5 Global",null,"Yes","Face to Face","GY51C12380",3,"Lenovo","Wireless Mouse","Input","Lenovo 130 wireless mouse","NA","Accessories","NA","NA","Accessories",649,null,null,1947,"North1",765.8199999999999,"",null,"North1","NA","NA"]
[21399463,"Devendar Vaishnav","devendar.vaishnav@v5global.co.in",9346025615,"V5 Global","Hyderabad",601572,"Hyderabad","Telangana",null,"V5 Global",null,null,"Mohammed Ibrahim","mohammed.ibrahim@v5global.co.in",null,"South2",null,"External Consumer","ASO","V5 Global ASO",null,"FT",null,"ASO",null,"Santosh Singh","S.Arunbabu",null,"Prabhu Subaramanian","Sharad verma","arun.babu@v5global.co.in","arun.babu@v5global.co.in","ssingh9@lenovo.com","psubramania4@lenovo.com","sharverm@lenovo.com","ASO","Shilpi Gautam","sgautam2@lenovo.com",null,"Prabhu Subaramanian",null,"psubramania4@lenovo.com",null,"2025-11-08","11:26:00","17.4404624,78.4897813","Compage",{"$nulls":3},"T3","36AABCC4501C1ZE","South2",null,"T-10567","Hyderabad","Telangana","V5 Global",null,"Yes","Face to Face","83DJ00FVIN",1,"Lenovo","Yoga 7","2 in 1","14 inch touch convertible","Win 11","Convertible","Premium","Core Ultra 5 125H","Consumer",89900,null,"NB",89900,"South2",106082,"SP","Non-Gaming","South2","Premium","Premium"]
[21402533,"Umer Farooq Bhat","umer.farooq@v5global.co.in",7006131255,"V5 Global","Srinagar","V5266190","Jammu and Kashmir","Jammu and Kashmir",null,"V5 Global",null,null,"Shivam Kumar","shivam.kumar1@v5global.co.in",null,"North1",null,"External Consumer","ASO","V5 Global ASO",null,"FT",null,"ASO",null,"Karan Kapoor","Gaurav Sharma",null,"Kumar Tanksale","Raghavendra Araveeti","gaurav.sharma@v5global.co.in","gaurav.sharma@v5global.co.in","Kkapoor@lenovo.com","ktanksale1@lenovo.com","raraveeti@lenovo.com","ASO","Shilpi Gautam","sgautam2@lenovo.com",null,"Kumar Tanksale",null,"ktanksale1@lenovo.com",null,"2025-11-08","12:11:00","33.71873058287731,74.83084503561258","Computer Point",{"$nulls":3},"T3",null,"North1",null,"T-3579","Shopain","Jammu And Kashmir","V5 Global",null,"Yes","Face to Face","GY51C12380",2,"Lenovo","Wireless Mouse","Input","Lenovo 130 wireless mouse","NA","Accessories","NA","NA","Accessories",649,null,null,1298,"North1",765.8199999999999,"",null,"North1","NA","NA"]
[21402544,"Umer Farooq Bhat","umer.farooq@v5global.co.in",7006131255,"V5 Global","Srinagar","V5266190","Jammu and Kashmir","Jammu and Kashmir",null,"V5 Global",null,null,"Shivam Kumar","shivam.kumar1@v5global.co.in",null,"North1",null,"External Consumer","ASO","V5 Global ASO",null,"FT",null,"ASO",null,"Karan Kapoor","Gaurav Sharma",null,"Kumar Tanksale","Raghavendra Araveeti","gaurav.sharma@v5global.co.in","gaurav.sharma@v5global.co.in","Kkapoor@lenovo.com","ktanksale1@lenovo.com","raraveeti@lenovo.com","ASO","Shilpi Gautam","sgautam2@lenovo.com",null,"Kumar Tanksale",null,"ktanksale1@lenovo.com",null,"2025-11-08","13:08:00","33.71655617845157,74.8283951729536","Z COMPUTERS",{"$nulls":3},"T3","01BEOPJ2739G1ZN","North1",null,"T-30873","shopian","Jammu And Kashmir","V5 Global",null,"Yes","Face to Face","83K100CAIN",1,"Lenovo","Ideapad","Slim 3","NB IP Slim 3 15IRH10 I5 8G 512G 11S","Win 11","Thin & Light","Premium","i5 13420H/8GB/512GB SSD","Consumer",56251,null,"NB",56251,"North1",66376.18,"",null,"North1","Premium","Mainstream"]
[21402544,"Umer Farooq Bhat","umer.farooq@v5global.co.in",7006131255,"V5 Global","Srinagar","V5266190","Jammu and Kashmir","Jammu and Kashmir",null,"V5 Global",null,null,"Shivam Kumar","shivam.kumar1@v5global.co.in",null,"North1",null,"External Consumer","ASO","V5 Global ASO",null,"FT",null,"ASO",null,"Karan Kapoor","Gaurav Sharma",null,"Kumar Tanksale","Raghavendra Araveeti","gaurav.sharma@v5global.co.in","gaurav.sharma@v5global.co.in","Kkapoor@lenovo.com","ktanksale1@lenovo.com","raraveeti@lenovo.com","ASO","Shilpi Gautam","sgautam2@lenovo.com",null,"Kumar Tanksale",null,"ktanksale1@lenovo.com",null,"2025-11-08","13:08:00","33.71655617845157,74.8283951729536","Z COMPUTERS",{"$nulls":3},"T3","01BEOPJ2739G1ZN","North1",null,"T-30873","shopian","Jammu And Kashmir","V5 Global",null,"Yes","Face to Face","GY51C12380",2,"Lenovo","Wireless Mouse","Input","Lenovo 130 wireless mouse","NA","Accessories","NA","NA","Accessories",649,null,null,1298,"North1",765.8199999999999,"",null,"North1","NA","NA"]
[21418838,"Ashwani Kumar","ashwani.kumar@v5global.co.in",7827383769,"V5 Global","Delhi","V5262001","Delhi","Delhi",null,"V5 Global",null,null,"Mohd Asif","mohd.asif@v5global.co.in",null,"North1",null,"External Consumer","ASO","V5 Global ASO",null,"FT",null,"ASO",null,"Kanwaldeep Singh","Gaurav Sharma",null,"Kumar Tanksale","Raghavendra Araveeti","gaurav.sharma@v5global.co.in","gaurav.sharma@v5global.co.in","ksingh15@lenovo.com","ktanksale1@lenovo.com","raraveeti@lenovo.com","ASO","Shilpi Gautam","sgautam2@lenovo.com",null,"Kumar Tanksale",null,"ktanksale1@lenovo.com",null,"2025-11-08","14:12:00","28.5486287,77.2516013","JIT INFO SOLUTIONS",{"$nulls":3},"T3","07BPWPK1099H1ZA","North1",null,"T-3886","New Delhi","New Delhi","V5 Global",null,"Yes","Face to Face","82ER00MCIN",1,"Lenovo","Ideapad","Slim 3","15.6\" (39.62cm) FHD / 16 GB DDR5 RAM / 512 GB SSD/ARCTIC GREY/\t","Win 11","Thin & Light","Mainstream","Core i5 12th Gen","Consumer",53000,null,"NB",53000,"North1",62540,"",null,"North1","Mainstream","Mainstream"]
[21402557,"Umer Farooq Bhat","umer.farooq@v5global.co.in",7006131255,"V5 Global","Srinagar","V5266190","Jammu and Kashmir","Jammu and Kashmir",null,"V5 Global",null,null,"Shivam Kumar","shivam.kumar1@v5global.co.in",null,"North1",null,"External Consumer","ASO","V5 Global ASO",null,"FT",null,"ASO",null,"Karan Kapoor","Gaurav Sharma",null,"Kumar Tanksale","Raghavendra Araveeti","gaurav.sharma@v5global.co.in","gaurav.sharma@v5global.co.in","Kkapoor@lenovo.com","ktanksale1@lenovo.com","raraveeti@lenovo.com","ASO","Shilpi Gautam","sgautam2@lenovo.com",null,"Kumar Tanksale",null,"ktanksale1@lenovo.com",null,"2025-11-08","14:29:00","33.87344983708123,74.90060996264219","Muslim Computer",{"$nulls":3},"T3",null,"North1",null,"T-20599","Pulwama","Jammu And Kashmir","V5 Global",null,"Yes","Face to Face","83K100CAIN",1,"Lenovo","Ideapad","Slim 3","NB IP Slim 3 15IRH10 I5 8G 512G 11S","Win 11","Thin & Light","Premium","i5 13420H/8GB/512GB SSD","Consumer",56251,null,"NB",56251,"North1",66376.18,"",null,"North1","Premium","Mainstream"]
[21402557,"Umer Farooq Bhat","umer.farooq@v5global.co.in",7006131255,"V5 Global","Srinagar","V5266190","Jammu and Kashmir","Jammu and Kashmir",null,"V5 Global",null,null,"Shivam Kumar","shivam.kumar1@v5global.co.in",null,"North1",null,"External Consumer","ASO","V5 Global ASO",null,"FT",null,"ASO",null,"Karan Kapoor","Gaurav Sharma",null,"Kumar Tanksale","Raghavendra Araveeti","gaurav.sharma@v5global.co.in","gaurav.sharma@v5global.co.in","Kkapoor@lenovo.com","ktanksale1@lenovo.com","raraveeti@lenovo.com","ASO","Shilpi Gautam","sgautam2@lenovo.com",null,"Kumar Tanksale",null,"ktanksale1@lenovo.com",null,"2025-11-08","14:29:00","33.87344983708123,74.90060996264219","Muslim Computer",{"$nulls":3},"T3",null,"North1",null,"T-20599","Pulwama","Jammu And Kashmir","V5 Global",null,"Yes","Face to Face","68C2KAC1IN",1,"Lenovo","L24-4E","L Series","LEN L24-4E 23.8 IPS  BLACK 100HZ","NA","Visual Variants","Mainstream","NA","Visuals",6464,null,null,6464,"North1",7627.5199999999995,"",null,"North1","Mainstream","Mainstream"]
[21402557,"Umer Farooq Bhat","umer.farooq@v5global.co.in",7006131255,"V5 Global","Srinagar","V5266190","Jammu and Kashmir","Jammu and Kashmir",null,"V5 Global",null,null,"Shivam Kumar","shivam.kumar1@v5global.co.in",null,"North1",null,"External Consumer","ASO","V5 Global ASO",null,"FT",null,"ASO",null,"Karan Kapoor","Gaurav Sharma",null,"Kumar Tanksale","Raghavendra Araveeti","gaurav.sharma@v5global.co.in","gaurav.sharma@v5global.co.in","Kkapoor@lenovo.com","ktanksale1@lenovo.com","raraveeti@lenovo.com","ASO","Shilpi Gautam","sgautam2@lenovo.com",null,"Kumar Tanksale",null,"ktanksale1@lenovo.com",null,"2025-11-08","14:29:00","33.87344983708123,74.90060996264219","Muslim Computer",{"$nulls":3},"T3",null,"North1",null,"T-20599","Pulwama","Jammu And Kashmir","V5 Global",null,"Yes","Face to Face","GX31L52655",2,"Lenovo","Wired Combo","Input","Lenovo 160 Wired Combo","NA","Accessories","NA","NA","Accessories",999,null,null,1998,"North1",1178.82,"",null,"North1","NA","NA"]
[21418848,"Ashwani Kumar","ashwani.kumar@v5global.co.in",7827383769,"V5 Global","Delhi","V5262001","Delhi","Delhi",null,"V5 Global",null,null,"Mohd Asif","mohd.asif@v5global.co.in",null,"North1",null,"External Consumer","ASO","V5 Global ASO",null,"FT",null,"ASO",null,"Kanwaldeep Singh","Gaurav Sharma",null,"Kumar Tanksale","Raghavendra Araveeti","gaurav.sharma@v5global.co.in","gaurav.sharma@v5global.co.in","ksingh15@lenovo.com","ktanksale1@lenovo.com","raraveeti@lenovo.com","ASO","Shilpi Gautam","sgautam2@lenovo.com",null,"Kumar Tanksale",null,"ktanksale1@lenovo.com",null,"2025-11-08","14:54:00","28.5485963,77.2516044","Komptronics Systems",{"$nulls":3},"T3","07AAFFJ7069R1ZI","North1",null,"T-3887","New Delhi","New Delhi","V5 Global",null,"Yes","Face to Face","90XS005NIN",1,"Lenovo","IdeaCentre","IdeaCentre Tower","i3-13100, 8GB/512GB/INTEL UHD GRAPHIC/win11 home/ USB combo set/1yr warranty","Win 11","TDT","Mainstream","i3-13100","Consumer",39990,null,"TDT",39990,"North1",47188.2,"",null,"North1","Mainstream","Entry"]
[21538040,"Arabinda Samanta","arabinda.samanta@v5global.co.in",8879216607,"V5 Global","Mumbai","V5360834","Maharashtra","Maharashtra",null,"V5 Global",null,null,"Muffazal Momin","muffazal.momin@v5global.co.in",null,"West1",null,"External Consumer","ASO","V5 Global ASO",null,"FT",null,"ASO",null,"Amit Tiwari","Yunus Hamid Mansoori",null,"Hemant C Baghel","Sharad verma","yunus.hamid@v5global.co.in","yunus.hamid@v5global.co.in","atiwari5@lenovo.com","hbaghel@lenovo.com","sharverm@lenovo.com","ASO","Shilpi Gautam","sgautam2@lenovo.com",null,"Hemant C Baghel",null,"hbaghel@lenovo.com",null,"2025-11-08","15:21:00","19.118541,72.8458719","Ambite solutions",{"$nulls":3},"T3","27AAEHN5619L1ZT","West1",null,"T-11373","Mumbai","Maharashtra","Denave",null,"Yes","Face to Face","83JR001EIN",1,"Lenovo","Yoga","Yoga 7 2-in-1","Yoga 7 2-in-1 14AKP10,R AI 7 350,1TB SSD","Win 11","Convertible","Premium","R AI 7 350","Consumer",107990,null,"NB",107990,"West1",127428.2,"SP","Non-Gaming","West1 M","Premium","Premium"]
[21538049,"Arabinda Samanta","arabinda.samanta@v5global.co.in",8879216607,"V5 Global","Mumbai","V5360834","Maharashtra","Maharashtra",null,"V5 Global",null,null,"Muffazal Momin","muffazal.momin@v5global.co.in",null,"West1",null,"External Consumer","ASO","V5 Global ASO",null,"FT",null,"ASO",null,"Amit Tiwari","Yunus Hamid Mansoori",null,"Hemant C Baghel","Sharad verma","yunus.hamid@v5global.co.in","yunus.hamid@v5global.co.in","atiwari5@lenovo.com","hbaghel@lenovo.com","sharverm@lenovo.com","ASO","Shilpi Gautam","sgautam2@lenovo.com",null,"Hemant C Baghel",null,"hbaghel@lenovo.com",null,"2025-11-08","15:23:00","19.1185569,72.8458556","Amitron Computer",{"$nulls":3},"T3","27ADZPL9920C1Z2","West1",null,"T-11374","Mumbai","Maharashtra","V5 Global",null,"Yes","Face to Face","82RK019GIN",1,"Lenovo","Ideapad","Slim3","15inch/ Ram 8gb/ Storage 512 ssd/mso 2024 H&M/ GPU Integrated/ Colour,Arctic grey","Win 11","Thin & Light","Mainstream","i3 12th Gen","Consumer",39999,null,"NB",39999,"West1",47198.82,"",null,"West1 M","Mainstream","Mainstream"]
[21418858,"Ashwani Kumar","ashwani.kumar@v5global.co.in",7827383769,"V5 Global","Delhi","V5262001","Delhi","Delhi",null,"V5 Global",null,null,"Mohd Asif","mohd.asif@v5global.co.in",null,"North1",null,"External Consumer","ASO","V5 Global ASO",null,"FT",null,"ASO",null,"Kanwaldeep Singh","Gaurav Sharma",null,"Kumar Tanksale","Raghavendra Araveeti","gaurav.sharma@v5global.co.in","gaurav.sharma@v5global.co.in","ksingh15@lenovo.com","ktanksale1@lenovo.com","raraveeti@lenovo.com","ASO","Shilpi Gautam","sgautam2@lenovo.com",null,"Kumar Tanksale",null,"ktanksale1@lenovo.com",null,"2025-11-08","15:25:00","28.5486082,77.2515994","CAPSTECH NETWORK PVT LTD",{"$nulls":3},"T3","07AABCC7901Q1ZC","North1",null,"T-3891","New Delhi","New Delhi","V5 Global",null,"Yes","Face to Face","83K100C6IN",1,"Lenovo","Ideapad","Slim 3","IntelÂ® Coreâ„¢ i5-13420H, 8C (4P + 4E) / 12T, P-core 2.1 / 4.6GHz, E-core 1.5 / 3.4GHz, 12MB,8GB Soldered DDR5-4800 + 8GB SO-DIMM ","Win 11","Thin & Light","Mainstream","i5-13420H","Consumer",46000,null,"NB",46000,"North1",54280,"",null,"North1","Mainstream","Mainstream"]
[21402590,"Umer Farooq Bhat","umer.farooq@v5global.co.in",7006131255,"V5 Global","Srinagar","V5266190","Jammu and Kashmir","Jammu and Kashmir",null,"V5 Global",null,null,"Shivam Kumar","shivam.kumar1@v5global.co.in",null,"North1",null,"External Consumer","ASO","V5 Global ASO",null,"FT",null,"ASO",null,"Karan Kapoor","Gaurav Sharma",null,"Kumar Tanksale","Raghavendra Araveeti","gaurav.sharma@v5global.co.in","gaurav.sharma@v5global.co.in","Kkapoor@lenovo.com","ktanksale1@lenovo.com","raraveeti@lenovo.com","ASO","Shilpi Gautam","sgautam2@lenovo.com",null,"Kumar Tanksale",null,"ktanksale1@lenovo.com",null,"2025-11-08","15:26:00","33.871340880458284,74.89847794175148","Al Malikul Samad",{"$nulls":3},"T3","01ALWPM9945R1ZX","North1",null,"T-3583","Pulwama","Jammu And Kashmir","V5 Global",null,"Yes","Face to Face","83K100CAIN",1,"Lenovo","Ideapad","Slim 3","NB IP Slim 3 15IRH10 I5 8G 512G 11S","Win 11","Thin & Light","Premium","i5 13420H/8GB/512GB SSD","Consumer",56251,null,"NB",56251,"North1",66376.18,"",null,"North1","Premium","Mainstream"]
[21402590,"Umer Farooq Bhat","umer.farooq@v5global.co.in",7006131255,"V5 Global","Srinagar","V5266190","Jammu and Kashmir","Jammu and Kashmir",null,"V5 Global",null,null,"Shivam Kumar","shivam.kumar1@v5global.co.in",null,"North1",null,"External Consumer","ASO","V5 Global ASO",null,"FT",null,"ASO",null,"Karan Kapoor","Gaurav Sharma",null,"Kumar Tanksale","Raghavendra Araveeti","gaurav.sharma@v5global.co.in","gaurav.sharma@v5global.co.in","Kkapoor@lenovo.com","ktanksale1@lenovo.com","raraveeti@lenovo.com","ASO","Shilpi Gautam","sgautam2@lenovo.com",null,"Kumar Tanksale",null,"ktanksale1@lenovo.com",null,"2025-11-08","15:26:00","33.871340880458284,74.89847794175148","Al Malikul Samad",{"$nulls":3},"T3","01ALWPM9945R1ZX","North1",null,"T-3583","Pulwama","Jammu And Kashmir","V5 Global",null,"Yes","Face to Face","68C2KAC1IN",1,"Lenovo","L24-4E","L Series","LEN L24-4E 23.8 IPS  BLACK 100HZ","NA","Visual Variants","Mainstream","NA","Visuals",6464,null,null,6464,"North1",7627.5199999999995,"",null,"North1","Mainstream","Mainstream"]
[21402590,"Umer Farooq Bhat","umer.farooq@v5global.co.in",7006131255,"V5 Global","Srinagar","V5266190","Jammu and Kashmir","Jammu and Kashmir",null,"V5 Global",null,null,"Shivam Kumar","shivam.kumar1@v5global.co.in",null,"North1",null,"External Consumer","ASO","V5 Global ASO",null,"FT",null,"ASO",null,"Karan Kapoor","Gaurav Sharma",null,"Kumar Tanksale","Raghavendra Araveeti","gaurav.sharma@v5global.co.in","gaurav.sharma@v5global.co.in","Kkapoor@lenovo.com","ktanksale1@lenovo.com","raraveeti@lenovo.com","ASO","Shilpi Gautam","sgautam2@lenovo.com",null,"Kumar Tanksale",null,"ktanksale1@lenovo.com",null,"2025-11-08","15:26:00","33.871340880458284,74.89847794175148","Al Malikul Samad",{"$nulls":3},"T3","01ALWPM9945R1ZX","North1",null,"T-3583","Pulwama","Jammu And Kashmir","V5 Global",null,"Yes","Face to Face","GY51C12380",2,"Lenovo","Wireless Mouse","Input","Lenovo 130 wireless mouse","NA","Accessories","NA","NA","Accessories",649,null,null,1298,"North1",765.8199999999999,"",null,"North1","NA","NA"]
[21402590,"Umer Farooq Bhat","umer.farooq@v5global.co.in",7006131255,"V5 Global","Srinagar","V5266190","Jammu and Kashmir","Jammu and Kashmir",null,"V5 Global",null,null,"Shivam Kumar","shivam.kumar1@v5global.co.in",null,"North1",null,"External Consumer","ASO","V5 Global ASO",null,"FT",null,"ASO",null,"Karan Kapoor","Gaurav Sharma",null,"Kumar Tanksale","Raghavendra Araveeti","gaurav.sharma@v5global.co.in","gaurav.sharma@v5global.co.in","Kkapoor@lenovo.com","ktanksale1@lenovo.com","raraveeti@lenovo.com","ASO","Shilpi Gautam","sgautam2@lenovo.com",null,"Kumar Tanksale",null,"ktanksale1@lenovo.com",null,"2025-11-08","15:26:00","33.871340880458284,74.89847794175148","Al Malikul Samad",{"$nulls":3},"T3","01ALWPM9945R1ZX","North1",null,"T-3583","Pulwama","Jammu And Kashmir","V5 Global",null,"Yes","Face to Face","GX31L52655",3,"Lenovo","Wired Combo","Input","Lenovo 160 Wired Combo","NA","Accessories","NA","NA","Accessories",999,null,null,2997,"North1",1178.82,"",null,"North1","NA","NA"]
[21418885,"Ashwani Kumar","ashwani.kumar@v5global.co.in",7827383769,"V5 Global","Delhi","V5262001","Delhi","Delhi",null,"V5 Global",null,null,"Mohd Asif","mohd.asif@v5global.co.in",null,"North1",null,"External Consumer","ASO","V5 Global ASO",null,"FT",null,"ASO",null,"Kanwaldeep Singh","Gaurav Sharma",null,"Kumar Tanksale","Raghavendra Araveeti","gaurav.sharma@v5global.co.in","gaurav.sharma@v5global.co.in","ksingh15@lenovo.com","ktanksale1@lenovo.com","raraveeti@lenovo.com","ASO","Shilpi Gautam","sgautam2@lenovo.com",null,"Kumar Tanksale",null,"ktanksale1@lenovo.com",null,"2025-11-08","16:14:00","28.5485818,77.2515983","EXCLUSIVE SYSTEMS",{"$nulls":3},"T3","07AAHPB2563L1ZQ","North1",null,"T-3893","New Delhi","New Delhi","V5 Global",null,"Yes","Face to Face","82X700G3IN",1,"Lenovo","Ideapad","Slim 3i","15.6\" FHD (1920x1080) TN 250nits Anti-glare / 8GB soldered memory, not upgradable / 512GB SSD M.2 2242 PCIeÂ® 4.0x4 NVMeÂ® / One M","Win 11","Thin & Light","Entry","IntelÂ® Coreâ„¢ i3-1315U","Consumer",35018,null,"NB",35018,"North1",41321.24,"",null,"North1","Mainstream","Entry"]
[21402597,"Umer Farooq Bhat","umer.farooq@v5global.co.in",7006131255,"V5 Global","Srinagar","V5266190","Jammu and Kashmir","Jammu and Kashmir",null,"V5 Global",null,null,"Shivam Kumar","shivam.kumar1@v5global.co.in",null,"North1",null,"External Consumer","ASO","V5 Global ASO",null,"FT",null,"ASO",null,"Karan Kapoor","Gaurav Sharma",null,"Kumar Tanksale","Raghavendra Araveeti","gaurav.sharma@v5global.co.in","gaurav.sharma@v5global.co.in","Kkapoor@lenovo.com","ktanksale1@lenovo.com","raraveeti@lenovo.com","ASO","Shilpi Gautam","sgautam2@lenovo.com",null,"Kumar Tanksale",null,"ktanksale1@lenovo.com",null,"2025-11-08","16:18:00","33.87452990556473,74.89950690418482","Computer World",{"$nulls":3},"T3",null,"North1",null,"T-3582","Pulwama","Jammu And Kashmir","V5 Global",null,"Yes","Face to Face","GY51C12380",2,"Lenovo","Wireless Mouse","Input","Lenovo 130 wireless mouse","NA","Accessories","NA","NA","Accessories",649,null,null,1298,"North1",765.8199999999999,"",null,"North1","NA","NA"]
[21402528,"Ishan Modha","ishan.modha@v5global.co.in",6352456143,"V5 Global","Ahmedabad",601140,"Gujarat","Gujarat",null,"V5 Global",null,null,"Darshan Shah","darshan.shah@v5global.co.in",null,"West1",null,"External Consumer","ASO","V5 Global ASO",null,"FT",null,"ASO",null,"Jaydip Kachhot","Yunus Hamid Mansoori",null,"Hemant C Baghel","Sharad verma","yunus.hamid@v5global.co.in","yunus.hamid@v5global.co.in","jkachhot@lenovo.com","hbaghel@lenovo.com","sharverm@lenovo.com","ASO","Shilpi Gautam","sgautam2@lenovo.com",null,"Hemant C Baghel",null,"hbaghel@lenovo.com",null,"2025-11-08","16:26:00","22.3007263,70.7790035","SHREYAS COMPUTER EMPIRE",{"$nulls":3},"T3","24AOUPM2131E1Z4","West2",null,"T-14173","Porbandar","Gujarat",null,null,"Yes","Face to Face","82X700HMIN",1,"Lenovo","IdeaPad Slim 3","Slim 3","15.6\", 8GB, 512GB, Integrated Intel UHD Graphics, Office Home 2024, Arctic Grey\t","Win 11","Thin & Light","Mainstream","Intel Core i3-1315U\t","Consumer",41000,null,"NB",41000,"West1",48380,"",null,"West1 M","Mainstream","Entry"]
[21405717,"Sunil Batra","sunil.batra@v5global.co.in",9729866778,"V5 Global","Karnal","V5267500","Haryana","Haryana",null,"V5 Global",null,null,"Chetan Mehta","Chetan.mehta@v5global.co.in",null,"North1",null,"External Consumer","ASO","V5 Global ASO",null,"FT",null,"ASO",null,"Rajat Maheshwari","Gaurav Sharma",null,"Kumar Tanksale","Raghavendra Araveeti","gaurav.sharma@v5global.co.in","gaurav.sharma@v5global.co.in","rmaheshwari@lenovo.com","ktanksale1@lenovo.com","raraveeti@lenovo.com","ASO","Shilpi Gautam","sgautam2@lenovo.com",null,"Kumar Tanksale",null,"ktanksale1@lenovo.com",null,"2025-11-08","16:26:00","29.7145359,77.0181946","BALAJI COMPUTER CARE",{"$nulls":3},"T3","06ASYPP5539R1ZE","North1",null,"T-3117","Karnal","Haryana","V5 Global",null,"Yes","Face to Face","83KX004QIN",1,"Lenovo","Ideapad 5","2 in 1","i5 13420h 16gb 512 gb ","Win 11","Notebook","Premium","i5","Consumer",67500,null,"NB",67500,"North1",79650,"SP","Non-Gaming","North1","Premium","Premium"]
[21402537,"Ishan Modha","ishan.modha@v5global.co.in",6352456143,"V5 Global","Ahmedabad",601140,"Gujarat","Gujarat",null,"V5 Global",null,null,"Darshan Shah","darshan.shah@v5global.co.in",null,"West1",null,"External Consumer","ASO","V5 Global ASO",null,"FT",null,"ASO",null,"Jaydip Kachhot","Yunus Hamid Mansoori",null,"Hemant C Baghel","Sharad verma","yunus.hamid@v5global.co.in","yunus.hamid@v5global.co.in","jkachhot@lenovo.com","hbaghel@lenovo.com","sharverm@lenovo.com","ASO","Shilpi Gautam","sgautam2@lenovo.com",null,"Hemant C Baghel",null,"hbaghel@lenovo.com",null,"2025-11-08","16:27:00","22.3007318,70.7789914","RAVI COMPUTER SYSTEM",{"$nulls":3},"T3","24ACQPT5035N1ZY","West2",null,"T-14053","Porbandar","Gujarat",null,null,"Yes","Face to Face","F0HN00PGIN",1,"Lenovo","AIO","AIO i-24IRH9","i3-1315U-8-512-UHD-W11-O24-23.80","Win 11","AIO","Mainstream","i3-1315U","Consumer",57990,null,"AIO",57990,"West1",68428.2,"",null,"West1 M","Premium","Mainstream"]
[21402545,"Ishan Modha","ishan.modha@v5global.co.in",6352456143,"V5 Global","Ahmedabad",601140,"Gujarat","Gujarat",null,"V5 Global",null,null,"Darshan Shah","darshan.shah@v5global.co.in",null,"West1",null,"External Consumer","ASO","V5 Global ASO",null,"FT",null,"ASO",null,"Jaydip Kachhot","Yunus Hamid Mansoori",null,"Hemant C Baghel","Sharad verma","yunus.hamid@v5global.co.in","yunus.hamid@v5global.co.in","jkachhot@lenovo.com","hbaghel@lenovo.com","sharverm@lenovo.com","ASO","Shilpi Gautam","sgautam2@lenovo.com",null,"Hemant C Baghel",null,"hbaghel@lenovo.com",null,"2025-11-08","16:28:00","22.3007333,70.7790032","Compulink",{"$nulls":3},"T3",null,"West2",null,"T-22673","Porbandar","Gujarat","Denave",null,"Yes","Face to Face","82ER00MCIN",1,"Lenovo","Ideapad","Slim 3","15.6\" (39.62cm) FHD / 16 GB DDR5 RAM / 512 GB SSD/ARCTIC GREY/\t","Win 11","Thin & Light","Mainstream","Core i5 12th Gen","Consumer",53000,null,"NB",53000,"West1",62540,"",null,"West1 M","Mainstream","Mainstream"]
[21402553,"Ishan Modha","ishan.modha@v5global.co.in",6352456143,"V5 Global","Ahmedabad",601140,"Gujarat","Gujarat",null,"V5 Global",null,null,"Darshan Shah","darshan.shah@v5global.co.in",null,"West1",null,"External Consumer","ASO","V5 Global ASO",null,"FT",null,"ASO",null,"Jaydip Kachhot","Yunus Hamid Mansoori",null,"Hemant C Baghel","Sharad verma","yunus.hamid@v5global.co.in","yunus.hamid@v5global.co.in","jkachhot@lenovo.com","hbaghel@lenovo.com","sharverm@lenovo.com","ASO","Shilpi Gautam","sgautam2@lenovo.com",null,"Hemant C Baghel",null,"hbaghel@lenovo.com",null,"2025-11-08","16:29:00","22.3007315,70.7790042","POOJAN INFO SYSTEM",{"$nulls":3},"T3","24BLDPK2482D1ZG","West2",null,"T-14130","Porbandar","Gujarat",null,null,"Yes","Face to Face","83B40004IN",1,"Lenovo","Ideapad","Ideapad 1","15.6\"FHD,8GB/512GB/I3 1315/WIN/MS OFFICE/","Win 11","Thin & Light","Entry","13 1315","Consumer",36960,null,"NB",36960,"West1",43612.799999999996,"",null,"West1 M","Mainstream","Entry"]
[21402561,"Ishan Modha","ishan.modha@v5global.co.in",6352456143,"V5 Global","Ahmedabad",601140,"Gujarat","Gujarat",null,"V5 Global",null,null,"Darshan Shah","darshan.shah@v5global.co.in",null,"West1",null,"External Consumer","ASO","V5 Global ASO",null,"FT",null,"ASO",null,"Jaydip Kachhot","Yunus Hamid Mansoori",null,"Hemant C Baghel","Sharad verma","yunus.hamid@v5global.co.in","yunus.hamid@v5global.co.in","jkachhot@lenovo.com","hbaghel@lenovo.com","sharverm@lenovo.com","ASO","Shilpi Gautam","sgautam2@lenovo.com",null,"Hemant C Baghel",null,"hbaghel@lenovo.com",null,"2025-11-08","16:29:00","22.3007325,70.7789968","OV INFOTECH",{"$nulls":3},"T3","24AAEFO1071H1ZL","West2",null,"T-14174","Porbandar","Gujarat",null,null,"Yes","Face to Face","82X700HMIN",1,"Lenovo","IdeaPad Slim 3","Slim 3","15.6\", 8GB, 512GB, Integrated Intel UHD Graphics, Office Home 2024, Arctic Grey\t","Win 11","Thin & Light","Mainstream","Intel Core i3-1315U\t","Consumer",41000,null,"NB",41000,"West1",48380,"",null,"West1 M","Mainstream","Entry"]
[21402569,"Ishan Modha","ishan.modha@v5global.co.in",6352456143,"V5 Global","Ahmedabad",601140,"Gujarat","Gujarat",null,"V5 Global",null,null,"Darshan Shah","darshan.shah@v5global.co.in",null,"West1",null,"External Consumer","ASO","V5 Global ASO",null,"FT",null,"ASO",null,"Jaydip Kachhot","Yunus Hamid Mansoori",null,"Hemant C Baghel","Sharad verma","yunus.hamid@v5global.co.in","yunus.hamid@v5global.co.in","jkachhot@lenovo.com","hbaghel@lenovo.com","sharverm@lenovo.com","ASO","Shilpi Gautam","sgautam2@lenovo.com",null,"Hemant C Baghel",null,"hbaghel@lenovo.com",null,"2025-11-08","16:30:00","22.3007301,70.7790019","MASTER MADE COMPUTER SYSTEM",{"$nulls":3},"T3","24AFLPD9431L1Z9","West2",null,"T-14209","Porbandar","Gujarat",null,null,"Yes","Face to Face","F0HN00PHIN",1,"Lenovo","AIO","AIO","LEN I5-13420H 16GB 512GB SSD 23.8 MSO","Win 11","AIO","Mainstream","i5-13420H","Consumer",53381,null,"AIO",53381,"West1",62989.579999999994,"",null,"West1 M","Mainstream","Mainstream"]
[21418905,"Ashwani Kumar","ashwani.kumar@v5global.co.in",7827383769,"V5 Global","Delhi","V5262001","Delhi","Delhi",null,"V5 Global",null,null,"Mohd Asif","mohd.asif@v5global.co.in",null,"North1",null,"External Consumer","ASO","V5 Global ASO",null,"FT",null,"ASO",null,"Kanwaldeep Singh","Gaurav Sharma",null,"Kumar Tanksale","Raghavendra Araveeti","gaurav.sharma@v5global.co.in","gaurav.sharma@v5global.co.in","ksingh15@lenovo.com","ktanksale1@lenovo.com","raraveeti@lenovo.com","ASO","Shilpi Gautam","sgautam2@lenovo.com",null,"Kumar Tanksale",null,"ktanksale1@lenovo.com",null,"2025-11-08","16:56:00","28.5485541,77.2515219","A.R. Computers",{"$nulls":3},"T3",null,"North1",null,"T-3907","New Delhi","New Delhi","V5 Global",null,"Yes","Face to Face","83K100C6IN",1,"Lenovo","Ideapad","Slim 3","IntelÂ® Coreâ„¢ i5-13420H, 8C (4P + 4E) / 12T, P-core 2.1 / 4.6GHz, E-core 1.5 / 3.4GHz, 12MB,8GB Soldered DDR5-4800 + 8GB SO-DIMM ","Win 11","Thin & Light","Mainstream","i5-13420H","Consumer",46000,null,"NB",46000,"North1",54280,"",null,"North1","Mainstream","Mainstream"]
[21402922,"Vinod Kumar","vinod.kumar@v5global.co.in",9911547614,"V5 Global","Delhi","V5265873","Delhi","Delhi",null,"V5 Global",null,null,"Gourav Jain","gourav.jain@v5global.co.in",null,"North1",null,"External Consumer","ASO","V5 Global ASO",null,"FT",null,"ASO",null,"Kanwaldeep Singh","Gaurav Sharma",null,"Kumar Tanksale","Raghavendra Araveeti","gaurav.sharma@v5global.co.in","gaurav.sharma@v5global.co.in","ksingh15@lenovo.com","ktanksale1@lenovo.com","raraveeti@lenovo.com","ASO","Shilpi Gautam","sgautam2@lenovo.com",null,"Kumar Tanksale",null,"ktanksale1@lenovo.com",null,"2025-11-08","17:36:00","29.4117886,76.9596157","Gambhir Computers",{"$nulls":3},"T3","07AJIPG3132A1ZX","North1",null,"T-3635","New Delhi","New Delhi","V5 Global",null,"Yes","Telephonic","82X700G3IN",1,"Lenovo","Ideapad","Slim 3i","15.6\" FHD (1920x1080) TN 250nits Anti-glare / 8GB soldered memory, not upgradable / 512GB SSD M.2 2242 PCIeÂ® 4.0x4 NVMeÂ® / One M","Win 11","Thin & Light","Entry","IntelÂ® Coreâ„¢ i3-1315U","Consumer",35018,null,"NB",35018,"North1",41321.24,"",null,"North1","Mainstream","Entry"]
[21402933,"Vinod Kumar","vinod.kumar@v5global.co.in",9911547614,"V5 Global","Delhi","V5265873","Delhi","Delhi",null,"V5 Global",null,null,"Gourav Jain","gourav.jain@v5global.co.in",null,"North1",null,"External Consumer","ASO","V5 Global ASO",null,"FT",null,"ASO",null,"Kanwaldeep Singh","Gaurav Sharma",null,"Kumar Tanksale","Raghavendra Araveeti","gaurav.sharma@v5global.co.in","gaurav.sharma@v5global.co.in","ksingh15@lenovo.com","ktanksale1@lenovo.com","raraveeti@lenovo.com","ASO","Shilpi Gautam","sgautam2@lenovo.com",null,"Kumar Tanksale",null,"ktanksale1@lenovo.com",null,"2025-11-08","17:37:00","29.411865,76.95966","BIG BYTE COMPUTERS & TECHNICAL SERVICES",{"$nulls":3},"T3","07ABLPS6488A2Z9","North1",null,"T-3625","New Delhi","New Delhi","V5 Global",null,"Yes","Telephonic","82X700G3IN",1,"Lenovo","Ideapad","Slim 3i","15.6\" FHD (1920x1080) TN 250nits Anti-glare / 8GB soldered memory, not upgradable / 512GB SSD M.2 2242 PCIeÂ® 4.0x4 NVMeÂ® / One M","Win 11","Thin & Light","Entry","IntelÂ® Coreâ„¢ i3-1315U","Consumer",35018,null,"NB",35018,"North1",41321.24,"",null,"North1","Mainstream","Entry"]
[21402936,"Vinod Kumar","vinod.kumar@v5global.co.in",9911547614,"V5 Global","Delhi","V5265873","Delhi","Delhi",null,"V5 Global",null,null,"Gourav Jain","gourav.jain@v5global.co.in",null,"North1",null,"External Consumer","ASO","V5 Global ASO",null,"FT",null,"ASO",null,"Kanwaldeep Singh","Gaurav Sharma",null,"Kumar Tanksale","Raghavendra Araveeti","gaurav.sharma@v5global.co.in","gaurav.sharma@v5global.co.in","ksingh15@lenovo.com","ktanksale1@lenovo.com","raraveeti@lenovo.com","ASO","Shilpi Gautam","sgautam2@lenovo.com",null,"Kumar Tanksale",null,"ktanksale1@lenovo.com",null,"2025-11-08","17:38:00","29.4118233,76.95964","Netquest Technologies Inc.",{"$nulls":3},"T3","07CLIPK1544G1Z7","North1",null,"T-3645","New Delhi","New Delhi","V5 Global",null,"Yes","Telephonic","82X700G3IN",1,"Lenovo","Ideapad","Slim 3i","15.6\" FHD (1920x1080) TN 250nits Anti-glare / 8GB soldered memory, not upgradable / 512GB SSD M.2 2242 PCIeÂ® 4.0x4 NVMeÂ® / One M","Win 11","Thin & Light","Entry","IntelÂ® Coreâ„¢ i3-1315U","Consumer",35018,null,"NB",35018,"North1",41321.24,"",null,"North1","Mainstream","Entry"]
[21402947,"Vinod Kumar","vinod.kumar@v5global.co.in",9911547614,"V5 Global","Delhi","V5265873","Delhi","Delhi",null,"V5 Global",null,null,"Gourav Jain","gourav.jain@v5global.co.in",null,"North1",null,"External Consumer","ASO","V5 Global ASO",null,"FT",null,"ASO",null,"Kanwaldeep Singh","Gaurav Sharma",null,"Kumar Tanksale","Raghavendra Araveeti","gaurav.sharma@v5global.co.in","gaurav.sharma@v5global.co.in","ksingh15@lenovo.com","ktanksale1@lenovo.com","raraveeti@lenovo.com","ASO","Shilpi Gautam","sgautam2@lenovo.com",null,"Kumar Tanksale",null,"ktanksale1@lenovo.com",null,"2025-11-08","17:39:00","29.4118217,76.95964","Crux Computronix Pvt Ltd",{"$nulls":3},"T3","07AFBPJ4272M1ZA","North1",null,"T-3741","New Delhi","New Delhi","V5 Global",null,"Yes","Telephonic","F0HN00PGIN",1,"Lenovo","AIO","AIO i-24IRH9","i3-1315U-8-512-UHD-W11-O24-23.80","Win 11","AIO","Mainstream","i3-1315U","Consumer",57990,null,"AIO",57990,"North1",68428.2,"",null,"North1","Premium","Mainstream"]
[21402948,"Vinod Kumar","vinod.kumar@v5global.co.in",9911547614,"V5 Global","Delhi","V5265873","Delhi","Delhi",null,"V5 Global",null,null,"Gourav Jain","gourav.jain@v5global.co.in",null,"North1",null,"External Consumer","ASO","V5 Global ASO",null,"FT",null,"ASO",null,"Kanwaldeep Singh","Gaurav Sharma",null,"Kumar Tanksale","Raghavendra Araveeti","gaurav.sharma@v5global.co.in","gaurav.sharma@v5global.co.in","ksingh15@lenovo.com","ktanksale1@lenovo.com","raraveeti@lenovo.com","ASO","Shilpi Gautam","sgautam2@lenovo.com",null,"Kumar Tanksale",null,"ktanksale1@lenovo.com",null,"2025-11-08","17:40:00","29.4117033,76.959625","New Age Computer",{"$nulls":3},"T3","07AEPPG0664K1Z9","North1",null,"T-3762","New Delhi","New Delhi","V5 Global",null,"Yes","Telephonic","F0J6005FIN",1,"Lenovo","AIO","Lenovo A100","23.8\" FHD/8GB RAM/512 SSD/Integrated Graphics/MSO 2024/White","Win 11","AIO","Entry","Intel N100","Consumer",32000,null,"AIO",32000,"North1",37760,"",null,"North1","Entry","Entry"]
[21402953,"Vinod Kumar","vinod.kumar@v5global.co.in",9911547614,"V5 Global","Delhi","V5265873","Delhi","Delhi",null,"V5 Global",null,null,"Gourav Jain","gourav.jain@v5global.co.in",null,"North1",null,"External Consumer","ASO","V5 Global ASO",null,"FT",null,"ASO",null,"Kanwaldeep Singh","Gaurav Sharma",null,"Kumar Tanksale","Raghavendra Araveeti","gaurav.sharma@v5global.co.in","gaurav.sharma@v5global.co.in","ksingh15@lenovo.com","ktanksale1@lenovo.com","raraveeti@lenovo.com","ASO","Shilpi Gautam","sgautam2@lenovo.com",null,"Kumar Tanksale",null,"ktanksale1@lenovo.com",null,"2025-11-08","17:41:00","29.4118583,76.9597017","Pioneer Technologies",{"$nulls":3},"T3","07AAACP7497H1Z0","North1",null,"T-3647","New Delhi","New Delhi","V5 Global",null,"Yes","Telephonic","F0J6005FIN",1,"Lenovo","AIO","Lenovo A100","23.8\" FHD/8GB RAM/512 SSD/Integrated Graphics/MSO 2024/White","Win 11","AIO","Entry","Intel N100","Consumer",32000,null,"AIO",32000,"North1",37760,"",null,"North1","Entry","Entry"]
[21402958,"Sumit Singh","sumit.singh@v5global.co.in",8963848967,"V5 Global","Mumbai","V5266119","Maharashtra","Maharashtra",null,"V5 Global",null,null,"Muffazal Momin","muffazal.momin@v5global.co.in",null,"West1",null,"External Consumer","ASO","V5 Global ASO",null,"FT",null,"ASO",null,"Amit Tiwari","Yunus Hamid Mansoori",null,"Hemant C Baghel","Sharad verma","yunus.hamid@v5global.co.in","yunus.hamid@v5global.co.in","atiwari5@lenovo.com","hbaghel@lenovo.com","sharverm@lenovo.com","ASO","Shilpi Gautam","sgautam2@lenovo.com",null,"Hemant C Baghel",null,"hbaghel@lenovo.com",null,"2025-11-08","17:42:00","18.9605596,72.8172331","Rajshree Services & Solutions",{"$nulls":3},"T3",null,"West1",null,"T-25938","Lamington Road","Maharashtra","V5 Global",null,"Yes","Telephonic","83DV01A5IN",1,"Lenovo","LOQ","LOQ 15IRX9","CI7-13650HX/16GB/512GB/RTX 4050 6GB/WIN11/OFFICE2024/15.6FULLHDIPS","Win 11","Gaming","Premium","C I7-13650HX","Consumer",91500,null,"NB",91500,"West1",107970,"SP","Gaming","West1 M","Premium","Premium"]
[21402969,"Vinod Kumar","vinod.kumar@v5global.co.in",9911547614,"V5 Global","Delhi","V5265873","Delhi","Delhi",null,"V5 Global",null,null,"Gourav Jain","gourav.jain@v5global.co.in",null,"North1",null,"External Consumer","ASO","V5 Global ASO",null,"FT",null,"ASO",null,"Kanwaldeep Singh","Gaurav Sharma",null,"Kumar Tanksale","Raghavendra Araveeti","gaurav.sharma@v5global.co.in","gaurav.sharma@v5global.co.in","ksingh15@lenovo.com","ktanksale1@lenovo.com","raraveeti@lenovo.com","ASO","Shilpi Gautam","sgautam2@lenovo.com",null,"Kumar Tanksale",null,"ktanksale1@lenovo.com",null,"2025-11-08","17:42:00","29.4118267,76.95961","Navcom Solutions",{"$nulls":3},"T3","07ALJPG4074G1Z5","North1",null,"T-29954","New Delhi","Delhi","V5 Global",null,"Yes","Telephonic","82X6005KIN",1,"Lenovo","Ideapad","Slim 3","1315U-CI3/8GB /512GB SSD/intel uhd graphics /14\"","Win 11","Thin & Light","Entry","1315U-ci3","Consumer",31972,null,"NB",31972,"North1",37726.96,"",null,"North1","Entry","Entry"]
[21402967,"Sumit Singh","sumit.singh@v5global.co.in",8963848967,"V5 Global","Mumbai","V5266119","Maharashtra","Maharashtra",null,"V5 Global",null,null,"Muffazal Momin","muffazal.momin@v5global.co.in",null,"West1",null,"External Consumer","ASO","V5 Global ASO",null,"FT",null,"ASO",null,"Amit Tiwari","Yunus Hamid Mansoori",null,"Hemant C Baghel","Sharad verma","yunus.hamid@v5global.co.in","yunus.hamid@v5global.co.in","atiwari5@lenovo.com","hbaghel@lenovo.com","sharverm@lenovo.com","ASO","Shilpi Gautam","sgautam2@lenovo.com",null,"Hemant C Baghel",null,"hbaghel@lenovo.com",null,"2025-11-08","17:43:00","18.9605597,72.8172784","Lappie World",{"$nulls":3},"T3",null,"West1",null,"T-25998","Mumbai","Maharashtra","V5 Global",null,"Yes","Telephonic","F0HN00PHIN",1,"Lenovo","AIO","AIO","LEN I5-13420H 16GB 512GB SSD 23.8 MSO","Win 11","AIO","Mainstream","i5-13420H","Consumer",53381,null,"AIO",53381,"West1",62989.579999999994,"",null,"West1 M","Mainstream","Mainstream"]
[21402976,"Vinod Kumar","vinod.kumar@v5global.co.in",9911547614,"V5 Global","Delhi","V5265873","Delhi","Delhi",null,"V5 Global",null,null,"Gourav Jain","gourav.jain@v5global.co.in",null,"North1",null,"External Consumer","ASO","V5 Global ASO",null,"FT",null,"ASO",null,"Kanwaldeep Singh","Gaurav Sharma",null,"Kumar Tanksale","Raghavendra Araveeti","gaurav.sharma@v5global.co.in","gaurav.sharma@v5global.co.in","ksingh15@lenovo.com","ktanksale1@lenovo.com","raraveeti@lenovo.com","ASO","Shilpi Gautam","sgautam2@lenovo.com",null,"Kumar Tanksale",null,"ktanksale1@lenovo.com",null,"2025-11-08","17:44:00","29.4118133,76.9596117","RATE TO RATE SHOPPE",{"$nulls":3},"T3","07AEOPN4090F1ZA","North1",null,"T-3670","New Delhi","New Delhi","V5 Global",null,"Yes","Face to Face","82X6005KIN",1,"Lenovo","Ideapad","Slim 3","1315U-CI3/8GB /512GB SSD/intel uhd graphics /14\"","Win 11","Thin & Light","Entry","1315U-ci3","Consumer",31972,null,"NB",31972,"North1",37726.96,"",null,"North1","Entry","Entry"]
[21402984,"Vinod Kumar","vinod.kumar@v5global.co.in",9911547614,"V5 Global","Delhi","V5265873","Delhi","Delhi",null,"V5 Global",null,null,"Gourav Jain","gourav.jain@v5global.co.in",null,"North1",null,"External Consumer","ASO","V5 Global ASO",null,"FT",null,"ASO",null,"Kanwaldeep Singh","Gaurav Sharma",null,"Kumar Tanksale","Raghavendra Araveeti","gaurav.sharma@v5global.co.in","gaurav.sharma@v5global.co.in","ksingh15@lenovo.com","ktanksale1@lenovo.com","raraveeti@lenovo.com","ASO","Shilpi Gautam","sgautam2@lenovo.com",null,"Kumar Tanksale",null,"ktanksale1@lenovo.com",null,"2025-11-08","17:45:00","29.4118367,76.95965","DT Infocom",{"$nulls":3},"T3","07AAECD0602Q1ZO","North1",null,"T-3633","New Delhi","New Delhi","V5 Global",null,"Yes","Telephonic","83K000B8IN",1,"Lenovo","Ideapad","IdeaPad Slim 3","15.6\" FHD (1920x1080),16GB Ram, 512 GB SSD, ,MS OFFICE 2024  Luna Grey","Win 11","Thin & Light","Premium","IntelÂ® Coreâ„¢ i5-13420H","Consumer",65000,null,"NB",65000,"North1",76700,"",null,"North1","Premium","Mainstream"]
[21402990,"Vinod Kumar","vinod.kumar@v5global.co.in",9911547614,"V5 Global","Delhi","V5265873","Delhi","Delhi",null,"V5 Global",null,null,"Gourav Jain","gourav.jain@v5global.co.in",null,"North1",null,"External Consumer","ASO","V5 Global ASO",null,"FT",null,"ASO",null,"Kanwaldeep Singh","Gaurav Sharma",null,"Kumar Tanksale","Raghavendra Araveeti","gaurav.sharma@v5global.co.in","gaurav.sharma@v5global.co.in","ksingh15@lenovo.com","ktanksale1@lenovo.com","raraveeti@lenovo.com","ASO","Shilpi Gautam","sgautam2@lenovo.com",null,"Kumar Tanksale",null,"ktanksale1@lenovo.com",null,"2025-11-08","17:46:00","29.411815,76.9595883","Tab Enterprises",{"$nulls":3},"T3","07AFBPJ4272M1ZA","North1",null,"T-3744","New Delhi","New Delhi","V5 Global",null,"Yes","Telephonic","83KX004QIN",1,"Lenovo","Ideapad 5","2 in 1","i5 13420h 16gb 512 gb ","Win 11","Notebook","Premium","i5","Consumer",67500,null,"NB",67500,"North1",79650,"SP","Non-Gaming","North1","Premium","Premium"]
[21402992,"Sumit Singh","sumit.singh@v5global.co.in",8963848967,"V5 Global","Mumbai","V5266119","Maharashtra","Maharashtra",null,"V5 Global",null,null,"Muffazal Momin","muffazal.momin@v5global.co.in",null,"West1",null,"External Consumer","ASO","V5 Global ASO",null,"FT",null,"ASO",null,"Amit Tiwari","Yunus Hamid Mansoori",null,"Hemant C Baghel","Sharad verma","yunus.hamid@v5global.co.in","yunus.hamid@v5global.co.in","atiwari5@lenovo.com","hbaghel@lenovo.com","sharverm@lenovo.com","ASO","Shilpi Gautam","sgautam2@lenovo.com",null,"Hemant C Baghel",null,"hbaghel@lenovo.com",null,"2025-11-08","17:47:00","18.9605539,72.8172733","Side Walk System",{"$nulls":3},"T3",null,"West1",null,"T-25947","Lamington Road","Maharashtra","V5 Global",null,"Yes","Telephonic","83JE00U6IN",1,"Lenovo","LOQ","LOQ 15IRX10","Lenovo LOQ(i7-14700HX/16GB /1TBSSD/W11+MSO24+AI NOW/RTX5050,8GB/15.6\"FHD,144Hz /1yr)Gry-83JE00U5IN","Win 11","Gaming","Premium","RTX5050,8GB/15.6\"FHD,144Hz /1yr)Gr","Consumer",104228,null,"NB",104228,"West1",122989.04,"SP","Gaming","West1 M","Premium","Premium"]
[21402996,"Sumit Singh","sumit.singh@v5global.co.in",8963848967,"V5 Global","Mumbai","V5266119","Maharashtra","Maharashtra",null,"V5 Global",null,null,"Muffazal Momin","muffazal.momin@v5global.co.in",null,"West1",null,"External Consumer","ASO","V5 Global ASO",null,"FT",null,"ASO",null,"Amit Tiwari","Yunus Hamid Mansoori",null,"Hemant C Baghel","Sharad verma","yunus.hamid@v5global.co.in","yunus.hamid@v5global.co.in","atiwari5@lenovo.com","hbaghel@lenovo.com","sharverm@lenovo.com","ASO","Shilpi Gautam","sgautam2@lenovo.com",null,"Hemant C Baghel",null,"hbaghel@lenovo.com",null,"2025-11-08","17:47:00","18.960556,72.8172734","Maxxcom",{"$nulls":3},"T3","27AISPJ9239N1Z9","West1",null,"T-29483","Mumbai","Maharashtra","V5 Global",null,"Yes","Telephonic","83JE00U7IN",1,"Lenovo","LOQ","LOQ 15IRX10","Lenovo LOQ(i7-13700HX/16GB /1TBSSD/W11+MSO24+AI NOW/RTX 5050,8GB/15.6\"FHD,144Hz /1yr)Gry-83JE00U7IN","Win 11","Gaming","Premium","15.6\"FHD,144Hz /1yr)Gry","Consumer",96610,null,"NB",96610,"West1",113999.79999999999,"SP","Gaming","West1 M","Premium","Premium"]
[21402999,"Sumit Singh","sumit.singh@v5global.co.in",8963848967,"V5 Global","Mumbai","V5266119","Maharashtra","Maharashtra",null,"V5 Global",null,null,"Muffazal Momin","muffazal.momin@v5global.co.in",null,"West1",null,"External Consumer","ASO","V5 Global ASO",null,"FT",null,"ASO",null,"Amit Tiwari","Yunus Hamid Mansoori",null,"Hemant C Baghel","Sharad verma","yunus.hamid@v5global.co.in","yunus.hamid@v5global.co.in","atiwari5@lenovo.com","hbaghel@lenovo.com","sharverm@lenovo.com","ASO","Shilpi Gautam","sgautam2@lenovo.com",null,"Hemant C Baghel",null,"hbaghel@lenovo.com",null,"2025-11-08","17:48:00","18.9605572,72.8172368","My It World",{"$nulls":3},"T3",null,"West1",null,"T-25906","Lamington Road","Maharashtra","Denave",null,"Yes","Telephonic","83JJ0010IN",1,"Lenovo","Legion","Legion 5","NB LN Legion 5 15IRX9 I7 24G 512G 11S","Win 11","Gaming","Premium","i7 13650HX","Consumer",125490,null,"NB",125490,"West1",148078.19999999998,"SP","Gaming","West1 M","Premium","Premium"]
[21403007,"Sumit Singh","sumit.singh@v5global.co.in",8963848967,"V5 Global","Mumbai","V5266119","Maharashtra","Maharashtra",null,"V5 Global",null,null,"Muffazal Momin","muffazal.momin@v5global.co.in",null,"West1",null,"External Consumer","ASO","V5 Global ASO",null,"FT",null,"ASO",null,"Amit Tiwari","Yunus Hamid Mansoori",null,"Hemant C Baghel","Sharad verma","yunus.hamid@v5global.co.in","yunus.hamid@v5global.co.in","atiwari5@lenovo.com","hbaghel@lenovo.com","sharverm@lenovo.com","ASO","Shilpi Gautam","sgautam2@lenovo.com",null,"Hemant C Baghel",null,"hbaghel@lenovo.com",null,"2025-11-08","17:49:00","18.9605525,72.8172723","The It World",{"$nulls":3},"T3",null,"West1",null,"T-25961","Lamington Road","Maharashtra","V5 Global",null,"Yes","Telephonic","83KX004RIN",2,"Lenovo","Ideapad 5","2 in 1","Lenovo IP 5 2in1(Ci7-13620H/16GB /512SSD/W11+MSO/14\"WUXGA T /1yr)Gry-83KX004RIN","Win 11","Convertible ","Premium","YX0CXZ69","Consumer",85500,null,"NB",171000,"West1",100890,"SP","Non-Gaming","West1 M","Premium","Premium"]
[21403012,"Sumit Singh","sumit.singh@v5global.co.in",8963848967,"V5 Global","Mumbai","V5266119","Maharashtra","Maharashtra",null,"V5 Global",null,null,"Muffazal Momin","muffazal.momin@v5global.co.in",null,"West1",null,"External Consumer","ASO","V5 Global ASO",null,"FT",null,"ASO",null,"Amit Tiwari","Yunus Hamid Mansoori",null,"Hemant C Baghel","Sharad verma","yunus.hamid@v5global.co.in","yunus.hamid@v5global.co.in","atiwari5@lenovo.com","hbaghel@lenovo.com","sharverm@lenovo.com","ASO","Shilpi Gautam","sgautam2@lenovo.com",null,"Hemant C Baghel",null,"hbaghel@lenovo.com",null,"2025-11-08","17:49:00","18.9605518,72.8172751","Techmaxx (New)",{"$nulls":3},"T3",null,"West1",null,"T-25958","Lamington Road","Maharashtra","V5 Global",null,"Yes","Telephonic","90XW005UIN",1,"Lenovo","IdeaCentre","IdeaCentre 08IRH9","8GB RAM/512 GB SSD/Integrated Graphics/WINDOWS 11","Win 11","TDT","Entry","CORE I5","Consumer",32619,null,"TDT",32619,"West1",38490.42,"",null,"West1 M","Entry","Mainstream"]
[21403011,"Vinod Kumar","vinod.kumar@v5global.co.in",9911547614,"V5 Global","Delhi","V5265873","Delhi","Delhi",null,"V5 Global",null,null,"Gourav Jain","gourav.jain@v5global.co.in",null,"North1",null,"External Consumer","ASO","V5 Global ASO",null,"FT",null,"ASO",null,"Kanwaldeep Singh","Gaurav Sharma",null,"Kumar Tanksale","Raghavendra Araveeti","gaurav.sharma@v5global.co.in","gaurav.sharma@v5global.co.in","ksingh15@lenovo.com","ktanksale1@lenovo.com","raraveeti@lenovo.com","ASO","Shilpi Gautam","sgautam2@lenovo.com",null,"Kumar Tanksale",null,"ktanksale1@lenovo.com",null,"2025-11-08","17:49:00","29.41204,76.9596933","GLOBAL COMPUTER INDIA",{"$nulls":3},"T3",null,"North1",null,"T-20699","New Delhi","New Delhi","Denave",null,"Yes","Telephonic","90XW0022IN",1,"Lenovo","IdeaCentre","IdeaCentre 3","Intel Core i7-13620H,10C SFF 7.4 Lt,8 GB DDR4 ,512 GB SSD","DOS","TDT","Mainstream","Intel Core i7-13620H","Consumer",55000,null,"TDT",55000,"North1",64900,"",null,"North1","Mainstream","Mainstream"]
[21403019,"Vinod Kumar","vinod.kumar@v5global.co.in",9911547614,"V5 Global","Delhi","V5265873","Delhi","Delhi",null,"V5 Global",null,null,"Gourav Jain","gourav.jain@v5global.co.in",null,"North1",null,"External Consumer","ASO","V5 Global ASO",null,"FT",null,"ASO",null,"Kanwaldeep Singh","Gaurav Sharma",null,"Kumar Tanksale","Raghavendra Araveeti","gaurav.sharma@v5global.co.in","gaurav.sharma@v5global.co.in","ksingh15@lenovo.com","ktanksale1@lenovo.com","raraveeti@lenovo.com","ASO","Shilpi Gautam","sgautam2@lenovo.com",null,"Kumar Tanksale",null,"ktanksale1@lenovo.com",null,"2025-11-08","17:50:00","29.4118117,76.9597367","Horizon Computers",{"$nulls":3},"T3","07AFUPG6170Q1ZL","North1",null,"T-3753","New Delhi","New Delhi","V5 Global",null,"Yes","Telephonic","F0HN00PGIN",1,"Lenovo","AIO","AIO i-24IRH9","i3-1315U-8-512-UHD-W11-O24-23.80","Win 11","AIO","Mainstream","i3-1315U","Consumer",57990,null,"AIO",57990,"North1",68428.2,"",null,"North1","Premium","Mainstream"]
[21403025,"Vinod Kumar","vinod.kumar@v5global.co.in",9911547614,"V5 Global","Delhi","V5265873","Delhi","Delhi",null,"V5 Global",null,null,"Gourav Jain","gourav.jain@v5global.co.in",null,"North1",null,"External Consumer","ASO","V5 Global ASO",null,"FT",null,"ASO",null,"Kanwaldeep Singh","Gaurav Sharma",null,"Kumar Tanksale","Raghavendra Araveeti","gaurav.sharma@v5global.co.in","gaurav.sharma@v5global.co.in","ksingh15@lenovo.com","ktanksale1@lenovo.com","raraveeti@lenovo.com","ASO","Shilpi Gautam","sgautam2@lenovo.com",null,"Kumar Tanksale",null,"ktanksale1@lenovo.com",null,"2025-11-08","17:51:00","29.4118617,76.9596","TECHNO MEDIA INFOTECH",{"$nulls":3},"T3",null,"North1",null,"T-3798","New Delhi","New Delhi","V5 Global",null,"Yes","Telephonic","F0HM00PKIN",1,"Lenovo","AIO","AIO","Core i3-1315U|8GB DDR5|512GB SSD|INTEGRATED GRAPHICS|27FHD AG 250N |WLAN+BT  |Cloud Grey|5M CAMERA WH|KBD Wireless|Win 11 Home +","Win 11","AIO","Mainstream","I3-1315U\t","Consumer",49732,null,"AIO",49732,"North1",58683.759999999995,"",null,"North1","Mainstream","Mainstream"]
[21403050,"Vinod Kumar","vinod.kumar@v5global.co.in",9911547614,"V5 Global","Delhi","V5265873","Delhi","Delhi",null,"V5 Global",null,null,"Gourav Jain","gourav.jain@v5global.co.in",null,"North1",null,"External Consumer","ASO","V5 Global ASO",null,"FT",null,"ASO",null,"Kanwaldeep Singh","Gaurav Sharma",null,"Kumar Tanksale","Raghavendra Araveeti","gaurav.sharma@v5global.co.in","gaurav.sharma@v5global.co.in","ksingh15@lenovo.com","ktanksale1@lenovo.com","raraveeti@lenovo.com","ASO","Shilpi Gautam","sgautam2@lenovo.com",null,"Kumar Tanksale",null,"ktanksale1@lenovo.com",null,"2025-11-08","17:53:00","29.4117667,76.95965","Techno Media It",{"$nulls":3},"T3",null,"North1",null,"T-27122","New Delhi","New Delhi","V5 Global",null,"Yes","Telephonic","83K000B8IN",1,"Lenovo","Ideapad","IdeaPad Slim 3","15.6\" FHD (1920x1080),16GB Ram, 512 GB SSD, ,MS OFFICE 2024  Luna Grey","Win 11","Thin & Light","Premium","IntelÂ® Coreâ„¢ i5-13420H","Consumer",65000,null,"NB",65000,"North1",76700,"",null,"North1","Premium","Mainstream"]
[21403109,"Sumit Singh","sumit.singh@v5global.co.in",8963848967,"V5 Global","Mumbai","V5266119","Maharashtra","Maharashtra",null,"V5 Global",null,null,"Muffazal Momin","muffazal.momin@v5global.co.in",null,"West1",null,"External Consumer","ASO","V5 Global ASO",null,"FT",null,"ASO",null,"Amit Tiwari","Yunus Hamid Mansoori",null,"Hemant C Baghel","Sharad verma","yunus.hamid@v5global.co.in","yunus.hamid@v5global.co.in","atiwari5@lenovo.com","hbaghel@lenovo.com","sharverm@lenovo.com","ASO","Shilpi Gautam","sgautam2@lenovo.com",null,"Hemant C Baghel",null,"hbaghel@lenovo.com",null,"2025-11-08","18:04:00","18.9605699,72.817276","Raj Shree System",{"$nulls":3},"T3",null,"West1",null,"T-25934","Lamington Road","Maharashtra","V5 Global",null,"Yes","Telephonic","F0HN00PHIN",1,"Lenovo","AIO","AIO","LEN I5-13420H 16GB 512GB SSD 23.8 MSO","Win 11","AIO","Mainstream","i5-13420H","Consumer",53381,null,"AIO",53381,"West1",62989.579999999994,"",null,"West1 M","Mainstream","Mainstream"]
[21403269,"Shubham Meshram","shubham.meshram@v5global.co.in",9074043451,"V5 Global","Raipur",601113,"Chhattisgarh","Chhattisgarh",null,"V5 Global",null,null,"Mohmmad Abrar Khan","abrar.khan@v5global.co.in",null,"North2",null,"External Consumer","ASO","V5 Global ASO",null,"FT",null,"ASO",null,"Krishna Kumar Singh","Rahil Rasheed",null,"Rajender Negi","Raghavendra Araveeti","rahil.rasheed@v5global.co.in","rahil.rasheed@v5global.co.in","ksingh25@lenovo.com","rnegi@lenovo.com","raraveeti@lenovo.com","ASO","Shilpi Gautam","sgautam2@lenovo.com",null,"Rajender Negi",null,"rnegi@lenovo.com",null,"2025-11-08","18:26:00","21.2387552,81.6501737","COLORS COMPUTER",{"$nulls":3},"T3","22BASPJ6241B1Z0","East2",null,"T-15881","Dhamtari","Chattisgarh","V5 Global",null,"Yes","Face to Face","83KX004QIN",1,"Lenovo","Ideapad 5","2 in 1","i5 13420h 16gb 512 gb ","Win 11","Notebook","Premium","i5","Consumer",67500,null,"NB",67500,"North2",79650,"SP","Non-Gaming","North2","Premium","Premium"]
[21413772,"Sureshkumar ","suresh.kumar@v5global.co.in",9061984242,"V5 Global","COCHIN","V5365127","KERALA","Kerala",null,"V5 Global",null,null,"Athul Krishna","athul.n@v5global.co.in",null,"South1",null,"External Consumer","ASO","V5 Global ASO",null,"FT",null,"ASO",null,"Shaiju","Prakash Kumar K P",null,"S Sreekumar","Sharad verma","prakash.kp@v5global.co.in","prakash.kp@v5global.co.in","ss89@lenovo.com","ssreekumar@lenovo.com","sharverm@lenovo.com","ASO","Shilpi Gautam","sgautam2@lenovo.com",null,"S Sreekumar",null,"ssreekumar@lenovo.com",null,"2025-11-08","18:38:00","0.0,0.0","GLOBAL LINKS",{"$nulls":3},"T3","32AAFFG0004R1ZN","South1",null,"T-8200","Alappuzha","Kerala","V5 Global",null,"Yes","Telephonic","82X700HMIN",1,"Lenovo","IdeaPad Slim 3","Slim 3","15.6\", 8GB, 512GB, Integrated Intel UHD Graphics, Office Home 2024, Arctic Grey\t","Win 11","Thin & Light","Mainstream","Intel Core i3-1315U\t","Consumer",41000,null,"NB",41000,"South1",48380,"",null,"South1","Mainstream","Entry"]
[21417213,"Ashok Shrirang Jadhav ","ashok.jadhav@v5global.co.in",7303680799,"V5 Global","Mumbai","V5296049","Maharashtra","Maharashtra",null,"V5 Global",null,null,"Pooja Thakur","pooja.thakur@v5global.co.in",null,"West1",null,"External Consumer","ASO","V5 Global ASO",null,"FT",null,"ASO",null,"Amit Tiwari","Yunus Hamid Mansoori",null,"Hemant C Baghel","Sharad verma","yunus.hamid@v5global.co.in","yunus.hamid@v5global.co.in","atiwari5@lenovo.com","hbaghel@lenovo.com","sharverm@lenovo.com","ASO","Shilpi Gautam","sgautam2@lenovo.com",null,"Hemant C Baghel",null,"hbaghel@lenovo.com",null,"2025-11-08","19:11:00","19.0592218,72.9096388","KOTHARI ENTERPRISES",{"$nulls":3},"T3","27ALJPK6665P1Z7","West1",null,"T-11181","Mumbai","Maharashtra","V5 Global",null,"Yes","Face to Face","83B40004IN",2,"Lenovo","Ideapad","Ideapad 1","15.6\"FHD,8GB/512GB/I3 1315/WIN/MS OFFICE/","Win 11","Thin & Light","Entry","13 1315","Consumer",36960,null,"NB",73920,"West1",43612.799999999996,"",null,"West1 M","Mainstream","Entry"]
[21417299,"Ashok Shrirang Jadhav ","ashok.jadhav@v5global.co.in",7303680799,"V5 Global","Mumbai","V5296049","Maharashtra","Maharashtra",null,"V5 Global",null,null,"Pooja Thakur","pooja.thakur@v5global.co.in",null,"West1",null,"External Consumer","ASO","V5 Global ASO",null,"FT",null,"ASO",null,"Amit Tiwari","Yunus Hamid Mansoori",null,"Hemant C Baghel","Sharad verma","yunus.hamid@v5global.co.in","yunus.hamid@v5global.co.in","atiwari5@lenovo.com","hbaghel@lenovo.com","sharverm@lenovo.com","ASO","Shilpi Gautam","sgautam2@lenovo.com",null,"Hemant C Baghel",null,"hbaghel@lenovo.com",null,"2025-11-08","19:16:00","19.0592179,72.9096434","Master Mind Computer",{"$nulls":3},"T3","27AISPA8746R1Z8","West1",null,"T-11225","Mumbai","Maharashtra",null,null,"Yes","Telephonic","83K100CJIN",1,"Lenovo","Slim 3","IdeaPad Slim 3 15IRH10","NB IP Slim 3 15IRH10 I7 8G 8G 512G 11S","Win 11","Thin & Light","Mainstream","i7 13620H","Consumer",63827,null,"NB",63827,"West1",75315.86,"SP","Non-Gaming","West1 M","Premium","Premium"]
[21405918,"Pran Pratap Singh","pran.singh@v5global.co.in",9001585718,"V5 Global","Jaipur","V5459442","Jaipur","Rajasthan",null,"V5 Global",null,null,"Gourav Jain","gourav.jain@v5global.co.in",null,"North1",null,"External Consumer","ASO","V5 Global ASO",null,"FT",null,"ASO",null,"Ganga Singh","Gaurav Sharma",null,"Kumar Tanksale","Raghavendra Araveeti","gaurav.sharma@v5global.co.in","gaurav.sharma@v5global.co.in","gsingh24@lenovo.com","ktanksale1@lenovo.com","raraveeti@lenovo.com","ASO","Shilpi Gautam","sgautam2@lenovo.com",null,"Kumar Tanksale",null,"ktanksale1@lenovo.com",null,"2025-11-08","22:38:00","26.9419828,75.8837128","CYBER SHOPPE",{"$nulls":3},"T3",null,"North1",null,"T-15666","Jaipur","Rajasthan","V5 Global",null,"Yes","Telephonic","83KA0048IN",1,"Lenovo","IdeaPad Slim 3","Slim 3","15.3\", 8GB, 512GB, Integrated AMD Radeon 780M, Office Home 2024, Luna Grey\t","Win 11","Thin & Light","Mainstream","AMD Ryzen 7 8840HS","Consumer",65000,null,"NB",65000,"North1",76700,"",null,"North1","Premium","Mainstream"]
[21411190,"Bhaskar Borah","bhaskar.borah@v5global.co.in",9508822689,"V5 Global","Jorhat","V5354315","Assam","Assam",null,"V5 Global",null,null,"Sukamal Saha","sukamal.saha@v5global.co.in",null,"East1",null,"External Consumer","ASO","V5 Global ASO",null,"FT",null,"ASO",null,"Partha Chakraborty","Amit Thakuri",null,"Amit Tiwari","Raghavendra Araveeti","amit.thakuri@v5global.co.in","amit.thakuri@v5global.co.in","pchakraborty@lenovo.com","atiwari11@lenovo.com","raraveeti@lenovo.com","ASO","Shilpi Gautam","sgautam2@lenovo.com",null,"Amit Tiwari",null,"atiwari11@lenovo.com",null,"2025-11-09","18:44:00","26.7862633,94.1583133","Compu Plus",{"$nulls":3},"T3","18ACJPL3655K1Z6","East1",null,"T-224","Tinsukia","ASSAM","V5 Global",null,"Yes","Face to Face","F0J6005FIN",2,"Lenovo","AIO","Lenovo A100","23.8\" FHD/8GB RAM/512 SSD/Integrated Graphics/MSO 2024/White","Win 11","AIO","Entry","Intel N100","Consumer",32000,null,"AIO",64000,"East1",37760,"",null,"East1","Entry","Entry"]
[21412352,"Rajesh Kumar","rajesh.kumar2@v5global.co.in",7488484467,"V5 Global","Bhagalpur","V5456085","Bhagalpur","Bihar","-","V5 Global",null,null,"Shivam Kumar","shivam.kumar@v5global.co.in",null,"East2",null,"External Consumer","ASO","V5 Global ASO",null,"FT",null,"ASO",null,"Krishna Kumar Singh","Imam Hassan",null,"Rajender Negi","Raghavendra Araveeti","imam.hassan@v5global.co.in","imam.hassan@v5global.co.in","ksingh25@lenovo.com","rnegi@lenovo.com","raraveeti@lenovo.com","ASO","Shilpi Gautam","sgautam2@lenovo.com",null,"Rajender Negi",null,"rnegi@lenovo.com",null,"2025-11-09","21:03:00","25.8577517,87.5408367","Unique Computer",{"$nulls":3},"T3","10CKLPK6152L1Z2","East2",null,"T-2281","Supaul","Bihar",null,null,"Yes","Face to Face","67D5KAC6IN",3,"Lenovo","L22-4E","L Series","LEN L22-4E 21.5 IPS  BLACK 100HZ","NA","Visual Variants","Mainstream","NA","Visuals",5331,null,null,15993,"East2",6290.58,"",null,"East2","Mainstream","Mainstream"]
[21414577,"Mukesh Bhandari","mukesh.bhandari@v5global.co.in",9414235543,"V5 Global","Udaipur","V5301580","Rajasthan","Rajasthan",null,"V5 Global",null,null,"Gourav Jain","gourav.jain@v5global.co.in",null,"North1",null,"External Consumer","ASO","V5 Global ASO",null,"FT",null,"ASO",null,"Ganga Singh","Gaurav Sharma",null,"Kumar Tanksale","Raghavendra Araveeti","gaurav.sharma@v5global.co.in","gaurav.sharma@v5global.co.in","gsingh24@lenovo.com","ktanksale1@lenovo.com","raraveeti@lenovo.com","ASO","Shilpi Gautam","sgautam2@lenovo.com",null,"Kumar Tanksale",null,"ktanksale1@lenovo.com",null,"2025-11-10","10:24:00","24.74868,73.9352733","Nice Computers",{"$nulls":3},"T3","08AJHPM6435F1Z4","North1",null,"T-30855","Udaipur","Rajasthan","V5 Global",null,"Yes","Face to Face","83K100C9IN",1,"Lenovo","Slim 3","IdeaPad Slim 3 15IRH10","NB IP Slim 3 15IRH10 I7 8G 8G 512G 11S","Win 11","Thin & Light","Mainstream","i7 13620H","Consumer",64700,null,"NB",64700,"North1",76346,"SP","Non-Gaming","North1","Premium","Premium"]
[21414991,"Pankaj Kumar","pankaj.kumar@v5global.co.in",8340543380,"V5 Global","Patna",601177,"Bihar","Bihar",null,"V5 Global",null,null,"Shivam Kumar","shivam.kumar@v5global.co.in",null,"East2",null,"External Consumer","ASO","V5 Global ASO",null,"FT",null,"ASO",null,"Krishna Kumar Singh","Imam Hassan",null,"Rajender Negi","Raghavendra Araveeti","imam.hassan@v5global.co.in","imam.hassan@v5global.co.in","ksingh25@lenovo.com","rnegi@lenovo.com","raraveeti@lenovo.com","ASO","Shilpi Gautam","sgautam2@lenovo.com",null,"Rajender Negi",null,"rnegi@lenovo.com",null,"2025-11-10","10:44:00","25.617451,85.0926115","Pal Computer",{"$nulls":3},"T3","10ANNPP4133H1Z7","East2",null,"T-2090","Patna","Bihar","V5 Global",null,"Yes","Face to Face","GX31L52655",5,"Lenovo","Wired Combo","Input","Lenovo 160 Wired Combo","NA","Accessories","NA","NA","Accessories",999,null,null,4995,"East2",1178.82,"",null,"East2","NA","NA"]
[21438905,"Amarjit Behera","amarjit.behera@v5global.co.in",9437451999,"V5 Global","Bhubaneswar",601088,"Orissa","Orissa",null,"V5 Global",null,null,"Arindam Mazumdar","arindam.mazumdar@v5global.co.in",null,"East2",null,"External Consumer","ASO","V5 Global ASO",null,"FT",null,"ASO",null,"Biswa Ranjan Jena","Imam Hassan",null,"Rajender Negi","Raghavendra Araveeti","imam.hassan@v5global.co.in","imam.hassan@v5global.co.in","bjena1@lenovo.com","rnegi@lenovo.com","raraveeti@lenovo.com","ASO","Shilpi Gautam","sgautam2@lenovo.com",null,"Rajender Negi",null,"rnegi@lenovo.com",null,"2025-11-10","11:17:00","20.494118,85.9379138","The Gadget Zone",{"$nulls":3},"T3","21AJTPA6034G1ZJ","East2",null,"T-2750","Khordha","Orissa","V5 Global",null,"Yes","Face to Face","90XW005UIN",1,"Lenovo","IdeaCentre","IdeaCentre 08IRH9","8GB RAM/512 GB SSD/Integrated Graphics/WINDOWS 11","Win 11","TDT","Entry","CORE I5","Consumer",32619,null,"TDT",32619,"East2",38490.42,"",null,"East2","Entry","Mainstream"]
[21439189,"Amarjit Behera","amarjit.behera@v5global.co.in",9437451999,"V5 Global","Bhubaneswar",601088,"Orissa","Orissa",null,"V5 Global",null,null,"Arindam Mazumdar","arindam.mazumdar@v5global.co.in",null,"East2",null,"External Consumer","ASO","V5 Global ASO",null,"FT",null,"ASO",null,"Biswa Ranjan Jena","Imam Hassan",null,"Rajender Negi","Raghavendra Araveeti","imam.hassan@v5global.co.in","imam.hassan@v5global.co.in","bjena1@lenovo.com","rnegi@lenovo.com","raraveeti@lenovo.com","ASO","Shilpi Gautam","sgautam2@lenovo.com",null,"Rajender Negi",null,"rnegi@lenovo.com",null,"2025-11-10","11:27:00","20.4941134,85.9379064","ODISHA COMNET",{"$nulls":3},"T3","21AABFO0836B1Z3","East2",null,"T-31580","SAHIDNAGAR","Odisha","V5 Global",null,"Yes","Face to Face","90XW005UIN",1,"Lenovo","IdeaCentre","IdeaCentre 08IRH9","8GB RAM/512 GB SSD/Integrated Graphics/WINDOWS 11","Win 11","TDT","Entry","CORE I5","Consumer",32619,null,"TDT",32619,"East2",38490.42,"",null,"East2","Entry","Mainstream"]
[21417301,"Rajeshwar Kishanrao Lingamkar","rajeshwar.lingamkar@v5global.co.in",8380096899,"V5 Global","PUNE","V5300191","Maharashtra","Maharashtra",null,"V5 Global",null,null,"Aparajitaa Lakhani","aparajita.lakhani@v5global.co.in",null,"West1",null,"External Consumer","ASO","V5 Global ASO",null,"FT",null,"ASO",null,"Rajeev Jha","TBH",null,"Hemant C Baghel","Sharad verma",null,null,"rjha3@lenovo.com","hbaghel@lenovo.com","sharverm@lenovo.com","ASO","Shilpi Gautam","sgautam2@lenovo.com",null,"Hemant C Baghel",null,"hbaghel@lenovo.com",null,"2025-11-10","12:19:00","19.8682386,75.373459","SOFTBYTE SYSTEMS",{"$nulls":3},"T3",null,"West1",null,"T-17799","Pune","Maharashtra","V5 Global",null,"Yes","Face to Face","83GS000PJIN",5,"Lenovo","LOQ","LOQ 15","Lenovo LOQ Intel Core i5 12th Gen 12450HX - (16 GB/512 GB SSD/Windows 11 Home/6 GB Graphics/NVIDIA GeForce RTX 3050) (15.6 inch,","Win 11","Gaming","Premium","Core i5 12th GenÂ ","Consumer",69000,null,"NB",345000,"West1",81420,"SP","Gaming","West1 R","Premium","Premium"]
[21421578,"Lakhan Singh","lakhan.singh@v5global.co.in",8006401402,"V5 Global","Haldwani","V5422040","Uttrakhand","Uttrakhand","-","V5 Global",null,null,"Mohd Asif","mohd.asif@v5global.co.in",null,"North2",null,"External Consumer","ASO","V5 Global ASO",null,"FT",null,"ASO",null,"Nishant Aeron","Rahil Rasheed",null,"Durgendra Singh","Raghavendra Araveeti","rahil.rasheed@v5global.co.in","rahil.rasheed@v5global.co.in","naeron@lenovo.com","dsingh1@lenovo.com","raraveeti@lenovo.com","ASO","Shilpi Gautam","sgautam2@lenovo.com",null,"Durgendra Singh",null,"dsingh1@lenovo.com",null,"2025-11-10","12:23:00","29.2253531,79.5056717","Himcom",{"$nulls":3},"T3",null,"North2",null,"T-24134","Haldwani","Uttarakhand","V5 Global",null,"Yes","Face to Face","83K100CAIN",1,"Lenovo","Ideapad","Slim 3","NB IP Slim 3 15IRH10 I5 8G 512G 11S","Win 11","Thin & Light","Premium","i5 13420H/8GB/512GB SSD","Consumer",56251,null,"NB",56251,"North2",66376.18,"",null,"North2","Premium","Mainstream"]
[21417579,"Abhisekh Kumar Singh","abhisekh.kumar@v5global.co.in",9386646960,"V5 Global","Dhanbad","V5267291","Jharkhand","Jharkhand",null,"V5 Global",null,null,"Shivam Kumar","shivam.kumar@v5global.co.in",null,"East2",null,"External Consumer","ASO","V5 Global ASO",null,"FT",null,"ASO",null,"Krishna Kumar Singh","Imam Hassan",null,"Rajender Negi","Raghavendra Araveeti","imam.hassan@v5global.co.in","imam.hassan@v5global.co.in","ksingh25@lenovo.com","rnegi@lenovo.com","raraveeti@lenovo.com","ASO","Shilpi Gautam","sgautam2@lenovo.com",null,"Rajender Negi",null,"rnegi@lenovo.com",null,"2025-11-10","12:33:00","23.3635115,85.5182446","Shiva Infotech",{"$nulls":3},"T3",null,"East2",null,"T-25098","Pakur","Jharkhand","V5 Global",null,"Yes","Face to Face","F0HN00PGIN",1,"Lenovo","AIO","AIO i-24IRH9","i3-1315U-8-512-UHD-W11-O24-23.80","Win 11","AIO","Mainstream","i3-1315U","Consumer",57990,null,"AIO",57990,"East2",68428.2,"",null,"East2","Premium","Mainstream"]
[21418150,"Ramakant Arun Mali","ramakant.arun@v5global.co.in",9730708880,"V5 Global","JALGAON","V5267233","Maharashtra","Maharashtra",null,"V5 Global",null,null,"Aparajitaa Lakhani","aparajita.lakhani@v5global.co.in",null,"West1",null,"External Consumer","ASO","V5 Global ASO",null,"FT",null,"ASO",null,"Rajeev Jha","TBH",null,"Hemant C Baghel","Sharad verma",null,null,"rjha3@lenovo.com","hbaghel@lenovo.com","sharverm@lenovo.com","ASO","Shilpi Gautam","sgautam2@lenovo.com",null,"Hemant C Baghel",null,"hbaghel@lenovo.com",null,"2025-11-10","13:12:00","21.0131089,75.5646668","Atharav Computer",{"$nulls":3},"T3","27AKVPK9390G1ZC","West1",null,"T-13492","Jalgaon","Maharashtra",null,null,"Yes","Face to Face","83JE00U6IN",1,"Lenovo","LOQ","LOQ 15IRX10","Lenovo LOQ(i7-14700HX/16GB /1TBSSD/W11+MSO24+AI NOW/RTX5050,8GB/15.6\"FHD,144Hz /1yr)Gry-83JE00U5IN","Win 11","Gaming","Premium","RTX5050,8GB/15.6\"FHD,144Hz /1yr)Gr","Consumer",104228,null,"NB",104228,"West1",122989.04,"SP","Gaming","West1 R","Premium","Premium"]
[21418187,"Ramakant Arun Mali","ramakant.arun@v5global.co.in",9730708880,"V5 Global","JALGAON","V5267233","Maharashtra","Maharashtra",null,"V5 Global",null,null,"Aparajitaa Lakhani","aparajita.lakhani@v5global.co.in",null,"West1",null,"External Consumer","ASO","V5 Global ASO",null,"FT",null,"ASO",null,"Rajeev Jha","TBH",null,"Hemant C Baghel","Sharad verma",null,null,"rjha3@lenovo.com","hbaghel@lenovo.com","sharverm@lenovo.com","ASO","Shilpi Gautam","sgautam2@lenovo.com",null,"Hemant C Baghel",null,"hbaghel@lenovo.com",null,"2025-11-10","13:16:00","21.0131092,75.5646652","AMIT COMPUTER SALES & SERVICES",{"$nulls":3},"T3","27AFSPT9753N1Z3","West1",null,"T-13488","Jalgaon","Maharashtra",null,null,"Yes","Face to Face","67BEKAC1IN",1,"Lenovo","Monitor","L27I-4A","L27I-4A","NA","Visual Variants","Premium","NA","Visuals",13000,null,null,13000,"West1",15340,"",null,"West1 R","Premium","Premium"]
[21418613,"Sukanta Sinha","sukanta.sinha@v5global.co.in",9854184578,"V5 Global","Guwahati","V5266867","NE","NE",null,"V5 Global",null,null,"Sukamal Saha","sukamal.saha@v5global.co.in",null,"East1",null,"External Consumer","ASO","V5 Global ASO",null,"FT",null,"ASO",null,"Partha Chakraborty","Amit Thakuri",null,"Amit Tiwari","Raghavendra Araveeti","amit.thakuri@v5global.co.in","amit.thakuri@v5global.co.in","pchakraborty@lenovo.com","atiwari11@lenovo.com","raraveeti@lenovo.com","ASO","Shilpi Gautam","sgautam2@lenovo.com",null,"Amit Tiwari",null,"atiwari11@lenovo.com",null,"2025-11-10","14:19:00","26.1587618,91.6976326","Prag Infosystem",{"$nulls":3},"T3","18AASFP8839L1Z4","East1",null,"T-148","Kamrup Metropolitan","ASSAM","V5 Global",null,"Yes","Face to Face","F0HN00PGIN",1,"Lenovo","AIO","AIO i-24IRH9","i3-1315U-8-512-UHD-W11-O24-23.80","Win 11","AIO","Mainstream","i3-1315U","Consumer",57990,null,"AIO",57990,"East1",68428.2,"",null,"East1","Premium","Mainstream"]
[21419390,"Biplab Barman","biplab.barman@v5global.co.in",9832301778,"V5 Global","Siliguri","V5326187","West Bengal","West Bengal",null,"V5 Global",null,null,"Sukamal Saha","sukamal.saha@v5global.co.in",null,"East1",null,"External Consumer","ASO","V5 Global ASO",null,"FT",null,"ASO",null,"Kapil Tiwari","Amit Thakuri",null,"Amit Tiwari","Raghavendra Araveeti","amit.thakuri@v5global.co.in","amit.thakuri@v5global.co.in","ktiwari1@lenovo.com","atiwari11@lenovo.com","raraveeti@lenovo.com","ASO","Shilpi Gautam","sgautam2@lenovo.com",null,"Amit Tiwari",null,"atiwari11@lenovo.com",null,"2025-11-10","16:20:00","26.716967,88.4443969","BALAJI INFOTECH",{"$nulls":3},"T3","19AALFB9930F1Z6","East1",null,"T-927","Dhupguri","West Bengal","V5 Global",null,"Yes","Face to Face","83K100CAIN",1,"Lenovo","Ideapad","Slim 3","NB IP Slim 3 15IRH10 I5 8G 512G 11S","Win 11","Thin & Light","Premium","i5 13420H/8GB/512GB SSD","Consumer",56251,null,"NB",56251,"East1",66376.18,"",null,"East1","Premium","Mainstream"]
[21419495,"Ragesh K","ragesh.k@v5global.co.in",9249730104,"V5 Global","Calicut","V5313059","Kerala","Kerala",null,"V5 Global",null,null,"Athul Krishna","athul.n@v5global.co.in",null,"South1",null,"External Consumer","ASO","V5 Global ASO",null,"FT",null,"ASO",null,"Shaiju","Prakash Kumar K P",null,"S Sreekumar","Sharad verma","prakash.kp@v5global.co.in","prakash.kp@v5global.co.in","ss89@lenovo.com","ssreekumar@lenovo.com","sharverm@lenovo.com","ASO","Shilpi Gautam","sgautam2@lenovo.com",null,"S Sreekumar",null,"ssreekumar@lenovo.com",null,"2025-11-10","16:34:00","11.262069,75.8210889","FRIENDS COMPUTERS",{"$nulls":3},"T3","32AACFF8193P1ZX","South1",null,"T-8186","Calicut","Kerala","V5 Global",null,"Yes","Face to Face","82XM0113IN",1,"Lenovo","Ideapad","Slim 3","R7/16GB/512 SSD/RYZEN 7 5825U","Win 11","Thin & Light","Entry","RYZEN 7 5825U","Consumer",45000,null,"NB",45000,"South1",53100,"",null,"South1","Mainstream","Mainstream"]
[21419811,"NAVNATH ANANDA KOLASKAR","navnath.kolaskar@v5global.co.in",7720008830,"V5 Global","KOLHAPUR","V5413211","MAHARASHTRA","Maharashtra",null,"V5 Global",null,null,"Aparajitaa Lakhani","aparajita.lakhani@v5global.co.in",null,"West1",null,"External Consumer","ASO","V5 Global ASO",null,"FT",null,"ASO",null,"Rajeev Jha","TBH",null,"Hemant C Baghel","Sharad verma",null,null,"rjha3@lenovo.com","hbaghel@lenovo.com","sharverm@lenovo.com","ASO","Shilpi Gautam","sgautam2@lenovo.com",null,"Hemant C Baghel",null,"hbaghel@lenovo.com",null,"2025-11-10","17:29:00","16.6935516,74.2693646","Sizzlers Computers",{"$nulls":3},"T3","27CHWPS9604K1ZA","West1",null,"T-12890","Sangli","Maharashtra","V5 Global",null,"Yes","Face to Face","83ER00MCIN",2,"Lenovo","Ideapad","Slim 3","Lenovo IdeaPad Slim 3 12th Gen Intel Core i5-12450H 15\" (39.6cm) FHD IPS 300 Nits Thin & Light Laptop (16GB/512GB SSD/Win 11/MSO","Win 11","Thin & Light","Mainstream","i5 12th Gen","Consumer",41000,null,"NB",82000,"West1",48380,"",null,"West1 R","Mainstream","Mainstream"]
[21419815,"NAVNATH ANANDA KOLASKAR","navnath.kolaskar@v5global.co.in",7720008830,"V5 Global","KOLHAPUR","V5413211","MAHARASHTRA","Maharashtra",null,"V5 Global",null,null,"Aparajitaa Lakhani","aparajita.lakhani@v5global.co.in",null,"West1",null,"External Consumer","ASO","V5 Global ASO",null,"FT",null,"ASO",null,"Rajeev Jha","TBH",null,"Hemant C Baghel","Sharad verma",null,null,"rjha3@lenovo.com","hbaghel@lenovo.com","sharverm@lenovo.com","ASO","Shilpi Gautam","sgautam2@lenovo.com",null,"Hemant C Baghel",null,"hbaghel@lenovo.com",null,"2025-11-10","17:30:00","16.693556,74.2693692","Computech systems",{"$nulls":3},"T3","27750832426V","West1",null,"T-12909","Kolhapur","Maharashtra","V5 Global",null,"Yes","Face to Face","83B40004IN",3,"Lenovo","Ideapad","Ideapad 1","15.6\"FHD,8GB/512GB/I3 1315/WIN/MS OFFICE/","Win 11","Thin & Light","Entry","13 1315","Consumer",36960,null,"NB",110880,"West1",43612.799999999996,"",null,"West1 R","Mainstream","Entry"]
[21419909,"Sumit Singh","sumit.singh@v5global.co.in",8963848967,"V5 Global","Mumbai","V5266119","Maharashtra","Maharashtra",null,"V5 Global",null,null,"Muffazal Momin","muffazal.momin@v5global.co.in",null,"West1",null,"External Consumer","ASO","V5 Global ASO",null,"FT",null,"ASO",null,"Amit Tiwari","Yunus Hamid Mansoori",null,"Hemant C Baghel","Sharad verma","yunus.hamid@v5global.co.in","yunus.hamid@v5global.co.in","atiwari5@lenovo.com","hbaghel@lenovo.com","sharverm@lenovo.com","ASO","Shilpi Gautam","sgautam2@lenovo.com",null,"Hemant C Baghel",null,"hbaghel@lenovo.com",null,"2025-11-10","17:44:00","18.9604782,72.8177504","Raj Shree System",{"$nulls":3},"T3",null,"West1",null,"T-25934","Lamington Road","Maharashtra","V5 Global",null,"Yes","Face to Face","61E0KAR6WW",4,"Lenovo","D Series","D19-10","D19: 18.5\" VGA + HDMI with HDMI Cable","NA","Visual Variants","Entry","NA","Visuals",5058,null,null,20232,"West1",5968.44,"",null,"West1 M","Entry","Entry"]
[21420061,"Nilesh Agrawal","nilesh.agarwal@v5global.co.in",7747820820,"V5 Global","Bhopal",601083,"Madhya Pradesh","Madhya Pradesh",null,"V5 Global",null,null,"Mohmmad Abrar Khan","abrar.khan@v5global.co.in",null,"North2",null,"External Consumer","ASO","V5 Global ASO",null,"FT",null,"ASO",null,"Mehul Raval","Rahil Rasheed",null,"Durgendra Singh","Raghavendra Araveeti","rahil.rasheed@v5global.co.in","rahil.rasheed@v5global.co.in","mraval@lenovo.com","dsingh1@lenovo.com","raraveeti@lenovo.com","ASO","Shilpi Gautam","sgautam2@lenovo.com",null,"Durgendra Singh",null,"dsingh1@lenovo.com",null,"2025-11-10","18:04:00","23.2336998,77.4332494","SS Infosys",{"$nulls":3},"T3",null,"North2",null,"T-22424","Bhopal","Madhya Pradesh","V5 Global",null,"Yes","Telephonic","83DV01A5IN",1,"Lenovo","LOQ","LOQ 15IRX9","CI7-13650HX/16GB/512GB/RTX 4050 6GB/WIN11/OFFICE2024/15.6FULLHDIPS","Win 11","Gaming","Premium","C I7-13650HX","Consumer",91500,null,"NB",91500,"North2",107970,"SP","Gaming","North2","Premium","Premium"]
[21420168,"Sumit Singh","sumit.singh@v5global.co.in",8963848967,"V5 Global","Mumbai","V5266119","Maharashtra","Maharashtra",null,"V5 Global",null,null,"Muffazal Momin","muffazal.momin@v5global.co.in",null,"West1",null,"External Consumer","ASO","V5 Global ASO",null,"FT",null,"ASO",null,"Amit Tiwari","Yunus Hamid Mansoori",null,"Hemant C Baghel","Sharad verma","yunus.hamid@v5global.co.in","yunus.hamid@v5global.co.in","atiwari5@lenovo.com","hbaghel@lenovo.com","sharverm@lenovo.com","ASO","Shilpi Gautam","sgautam2@lenovo.com",null,"Hemant C Baghel",null,"hbaghel@lenovo.com",null,"2025-11-10","18:15:00","18.9607047,72.8174718","P C Guide",{"$nulls":3},"T3",null,"West1",null,"T-25923","Lamington Road","Maharashtra","V5 Global",null,"Yes","Telephonic","F0HM003EIN",1,"Lenovo","IdeaCentre","IdeaCentre AIO 27IRH9","DT IC AIO 27IRH9 I713620H 1T 16G","Win 11","AIO","Premium","i7 13620H","Consumer",79990,null,"AIO",79990,"West1",94388.2,"SP","Non-Gaming","West1 M","Premium","Premium"]
[21420370,"Manish Kumar ","manish.k@v5global.co.in",9815306161,"V5 Global","Chandigarh","V5294765","Punjab","Punjab",null,"V5 Global",null,null,"Shivam Kumar","shivam.kumar1@v5global.co.in",null,"North1",null,"External Consumer","ASO","V5 Global ASO",null,"FT",null,"ASO",null,"Naveen Kumar","Gaurav Sharma",null,"Kumar Tanksale","Raghavendra Araveeti","gaurav.sharma@v5global.co.in","gaurav.sharma@v5global.co.in","nkumar12@lenovo.com","ktanksale1@lenovo.com","raraveeti@lenovo.com","ASO","Shilpi Gautam","sgautam2@lenovo.com",null,"Kumar Tanksale",null,"ktanksale1@lenovo.com",null,"2025-11-10","18:34:00","30.7167718,76.7243677","Jai Computer",{"$nulls":3},"T3",null,"West1",null,"T-12530","Amravati","Maharashtra",null,null,"Yes","Face to Face","F0J6005FIN",1,"Lenovo","AIO","Lenovo A100","23.8\" FHD/8GB RAM/512 SSD/Integrated Graphics/MSO 2024/White","Win 11","AIO","Entry","Intel N100","Consumer",32000,null,"AIO",32000,"North1",37760,"",null,"North1","Entry","Entry"]
[21420737,"Ishan Modha","ishan.modha@v5global.co.in",6352456143,"V5 Global","Ahmedabad",601140,"Gujarat","Gujarat",null,"V5 Global",null,null,"Darshan Shah","darshan.shah@v5global.co.in",null,"West1",null,"External Consumer","ASO","V5 Global ASO",null,"FT",null,"ASO",null,"Jaydip Kachhot","Yunus Hamid Mansoori",null,"Hemant C Baghel","Sharad verma","yunus.hamid@v5global.co.in","yunus.hamid@v5global.co.in","jkachhot@lenovo.com","hbaghel@lenovo.com","sharverm@lenovo.com","ASO","Shilpi Gautam","sgautam2@lenovo.com",null,"Hemant C Baghel",null,"hbaghel@lenovo.com",null,"2025-11-10","19:22:00","22.3007291,70.778995","ANYWAY IT SOLUTIONS",{"$nulls":3},"T3","24AATFA1944J1Z9","West2",null,"T-13865","Rajkot","Gujarat",null,null,"Yes","Face to Face","82X700HMIN",1,"Lenovo","IdeaPad Slim 3","Slim 3","15.6\", 8GB, 512GB, Integrated Intel UHD Graphics, Office Home 2024, Arctic Grey\t","Win 11","Thin & Light","Mainstream","Intel Core i3-1315U\t","Consumer",41000,null,"NB",41000,"West1",48380,"",null,"West1 M","Mainstream","Entry"]
[21420854,"Surjeet Kumar","surjeet.kumar@v5global.co.in",7004963220,"V5 Global","Muzaffarpur","V5339429","Bihar","Bihar",null,"V5 Global",null,null,"Shivam Kumar","shivam.kumar@v5global.co.in",null,"East2",null,"External Consumer","ASO","V5 Global ASO",null,"FT",null,"ASO",null,"Krishna Kumar Singh","Imam Hassan",null,"Rajender Negi","Raghavendra Araveeti","imam.hassan@v5global.co.in","imam.hassan@v5global.co.in","ksingh25@lenovo.com","rnegi@lenovo.com","raraveeti@lenovo.com","ASO","Shilpi Gautam","sgautam2@lenovo.com",null,"Rajender Negi",null,"rnegi@lenovo.com",null,"2025-11-10","19:31:00","25.2951368,85.0189105","Communication And Computer City",{"$nulls":3},"T3","10APTPK2490J2ZO","East2",null,"T-29546","Ara","Bihar","V5 Global",null,"Yes","Face to Face","83K100CAIN",1,"Lenovo","Ideapad","Slim 3","NB IP Slim 3 15IRH10 I5 8G 512G 11S","Win 11","Thin & Light","Premium","i5 13420H/8GB/512GB SSD","Consumer",56251,null,"NB",56251,"East2",66376.18,"",null,"East2","Premium","Mainstream"]
[21423962,"Sureshkumar ","suresh.kumar@v5global.co.in",9061984242,"V5 Global","COCHIN","V5365127","KERALA","Kerala",null,"V5 Global",null,null,"Athul Krishna","athul.n@v5global.co.in",null,"South1",null,"External Consumer","ASO","V5 Global ASO",null,"FT",null,"ASO",null,"Shaiju","Prakash Kumar K P",null,"S Sreekumar","Sharad verma","prakash.kp@v5global.co.in","prakash.kp@v5global.co.in","ss89@lenovo.com","ssreekumar@lenovo.com","sharverm@lenovo.com","ASO","Shilpi Gautam","sgautam2@lenovo.com",null,"S Sreekumar",null,"ssreekumar@lenovo.com",null,"2025-11-10","19:39:00","9.8447875,76.3574239","B NET SOLUTIONS",{"$nulls":3},"T3","32AANFB8320R1Z1","South1",null,"T-18406","KADAVANTHRA","Kerala","V5 Global",null,"Yes","Telephonic","83KX004QIN",1,"Lenovo","Ideapad 5","2 in 1","i5 13420h 16gb 512 gb ","Win 11","Notebook","Premium","i5","Consumer",67500,null,"NB",67500,"South1",79650,"SP","Non-Gaming","South1","Premium","Premium"]
[21421301,"Manoj Bihari","manoj.bihari@v5global.co.in",9861291397,"V5 Global","Sambalpur","V5263625","Orissa","Orissa",null,"V5 Global",null,null,"Arindam Mazumdar","arindam.mazumdar@v5global.co.in",null,"East2",null,"External Consumer","ASO","V5 Global ASO",null,"FT",null,"ASO","LES","Biswa Ranjan Jena","Imam Hassan",null,"Rajender Negi","Raghavendra Araveeti","imam.hassan@v5global.co.in","imam.hassan@v5global.co.in","bjena1@lenovo.com","rnegi@lenovo.com","raraveeti@lenovo.com","ASO","Shilpi Gautam","sgautam2@lenovo.com",null,"Rajender Negi","LES","rnegi@lenovo.com",null,"2025-11-10","20:06:00","19.926394850506007,84.57765832543373","GN Infocare",{"$nulls":3},"T3","21BBEPP3027L1ZT","East2",null,"T-2818","Koraput","Orissa","V5 Global",null,"Yes","Face to Face","83B40004IN",1,"Lenovo","Ideapad","Ideapad 1","15.6\"FHD,8GB/512GB/I3 1315/WIN/MS OFFICE/","Win 11","Thin & Light","Entry","13 1315","Consumer",36960,null,"NB",36960,"East2",43612.799999999996,"",null,"East2","Mainstream","Entry"]
[21421389,"Vishal Jaiswal","vishal.jaiswal@v5global.co.in",9369840011,"V5 Global","Kanpur","V5266996","Uttar Pradesh","Uttar Pradesh",null,"V5 Global",null,null,"Mohammad Atif","mohammad.atif@v5global.co.in",null,"North2",null,"External Consumer","ASO","V5 Global ASO",null,"FT",null,"ASO",null,"Rahul Sarin","Rahil Rasheed",null,"Durgendra Singh","Raghavendra Araveeti","rahil.rasheed@v5global.co.in","rahil.rasheed@v5global.co.in","rsarin2@lenovo.com","dsingh1@lenovo.com","raraveeti@lenovo.com","ASO","Shilpi Gautam","sgautam2@lenovo.com",null,"Durgendra Singh",null,"dsingh1@lenovo.com",null,"2025-11-10","20:12:00","26.4616715,80.3560839","Isha Computer Servises",{"$nulls":3},"T3",null,"North2",null,"T-23429","Kanpur","Uttar Pradesh","V5 Global",null,"Yes","Telephonic","82R400XSIN",1,"Lenovo","Ideapad","Ideapad","\"Ryzenâ„¢ 5 5500U 6C 8GB RAM 512GB SSD Windows11 MS Office H&S 2024  Integrated AMD Radeon  Graphics  15.6\"\" FHD TN 220nits AG 720","Win 11","Thin & Light","Entry","Amd Ryzen 5 5500U","Consumer",29407,null,"NB",29407,"North2",34700.259999999995,"",null,"North2","Entry","Entry"]
[21423546,"Arabinda Samanta","arabinda.samanta@v5global.co.in",8879216607,"V5 Global","Mumbai","V5360834","Maharashtra","Maharashtra",null,"V5 Global",null,null,"Muffazal Momin","muffazal.momin@v5global.co.in",null,"West1",null,"External Consumer","ASO","V5 Global ASO",null,"FT",null,"ASO",null,"Amit Tiwari","Yunus Hamid Mansoori",null,"Hemant C Baghel","Sharad verma","yunus.hamid@v5global.co.in","yunus.hamid@v5global.co.in","atiwari5@lenovo.com","hbaghel@lenovo.com","sharverm@lenovo.com","ASO","Shilpi Gautam","sgautam2@lenovo.com",null,"Hemant C Baghel",null,"hbaghel@lenovo.com",null,"2025-11-10","20:17:00","19.4302796,72.821545","DATAFORMATICS CONSULTANCY PVT LTD",{"$nulls":3},"T3","27AACFD0713F1Z1","West1",null,"T-11079","Mumbai","Maharashtra","V5 Global",null,"Yes","Face to Face","83JJ0010IN",1,"Lenovo","Legion","Legion 5","NB LN Legion 5 15IRX9 I7 24G 512G 11S","Win 11","Gaming","Premium","i7 13650HX","Consumer",125490,null,"NB",125490,"West1",148078.19999999998,"SP","Gaming","West1 M","Premium","Premium"]
[21423605,"Mohammed Abdulla","mohammed.abdulla@v5global.co.in",9513623651,"V5 Global","Bangalore","V5266026","Karnataka","Karnataka",null,"V5 Global",null,null,"M Bhaskar Gowda","bhaskar.gowda@v5global.co.in",null,"South1",null,"External Consumer","ASO","V5 Global ASO",null,"FT",null,"ASO",null,"Anuj Kumar","Prakash Kumar K P",null,"S Sreekumar","Sharad verma","prakash.kp@v5global.co.in","prakash.kp@v5global.co.in","virtualcosmos.it@gmail.com","ssreekumar@lenovo.com","sharverm@lenovo.com","ASO","Shilpi Gautam","sgautam2@lenovo.com",null,"S Sreekumar",null,"ssreekumar@lenovo.com",null,"2025-11-10","20:23:00","12.9066339,77.5705043","Mahveer Computers",{"$nulls":3},"T3",null,"South1",null,"T-6922","Bangalore","KARNATAKA","V5 Global",null,"Yes","Face to Face","90XS0016IN",1,"Lenovo","IdeaCentre","Tower 08IRR9","Len IC Tower- 8/512) MS Office","Win 11","TDT","Mainstream","i5 13400","Consumer",49100,null,"TDT",49100,"South1",57938,"",null,"South1","Mainstream","Mainstream"]
[21421682,"Laxman Anilrao Deshmukh","laxman.anilrao@v5global.co.in",9028122888,"V5 Global","AURANGABAD","V5266711","MAHARASHTRA","MAHARASHTRA",null,"V5 Global",null,null,"Safdar Hussian","safder.khan@v5global.co.in",null,"West1",null,"External Consumer","ASO","V5 Global ASO",null,"FT",null,"ASO",null,"Sonia more","TBH",null,"Hemant C Baghel","Sharad verma",null,null,"smore3@lenovo.com","hbaghel@lenovo.com","sharverm@lenovo.com","ASO","Shilpi Gautam","sgautam2@lenovo.com",null,"Hemant C Baghel",null,"hbaghel@lenovo.com",null,"2025-11-10","20:30:00","19.8613283,75.3279153","Advance Laptop Solution",{"$nulls":3},"T3","27JMLPS3658J1Z3","West1",null,"T-30824","Latur","Maharashtra","V5 Global",null,"Yes","Telephonic","90XS005PIN",1,"Lenovo","IdeaCentre","IdeaCentre","IntelÂ® Coreâ„¢ i3-14100 4C, 8GB DDR5/512 SSD/ WiFi 6 + BT 5.2/ 260W/ SFF 8.2Lt / Wired KeyBoard & Mouse /Win 11 Home/1 Yr Onsite","Win 11","TDT","Entry","IntelÂ® Coreâ„¢ i3-14100","Consumer",31500,null,"TDT",31500,"West1",37170,"",null,"West1 R","Entry","Entry"]
[21421819,"Laxman Anilrao Deshmukh","laxman.anilrao@v5global.co.in",9028122888,"V5 Global","AURANGABAD","V5266711","MAHARASHTRA","MAHARASHTRA",null,"V5 Global",null,null,"Safdar Hussian","safder.khan@v5global.co.in",null,"West1",null,"External Consumer","ASO","V5 Global ASO",null,"FT",null,"ASO",null,"Sonia more","TBH",null,"Hemant C Baghel","Sharad verma",null,null,"smore3@lenovo.com","hbaghel@lenovo.com","sharverm@lenovo.com","ASO","Shilpi Gautam","sgautam2@lenovo.com",null,"Hemant C Baghel",null,"hbaghel@lenovo.com",null,"2025-11-10","20:38:00","19.8612962,75.3278625","United Sales",{"$nulls":3},"T3","27AAQPJ5322C1ZV","West1",null,"T-12077","Aurangabad","Maharashtra",null,null,"Yes","Telephonic","F0J6005LIN",1,"Lenovo","AIO","A100","Lenovo A100 IntelÂ® Coreâ„¢ i3-N305 8GB DDR4 512 SSD INTEGRATED GRAPHICS 23.8FHD AG 250N WLAN+BTÂ  Cloud Grey 5.0 MP","Win 11","AIO","Mainstream"," IntelÂ® Coreâ„¢ i3-N305  ","Consumer",36000,null,"AIO",36000,"West1",42480,"",null,"West1 R","Mainstream","Mainstream"]
[21421918,"Govind Gulab Rajbhar","govind.gulab@v5global.co.in",9029031943,"V5 Global","Mumbai","V5263641","Maharashtra","Maharashtra",null,"V5 Global",null,null,"Pooja Thakur","pooja.thakur@v5global.co.in",null,"West1",null,"External Consumer","ASO","V5 Global ASO",null,"FT",null,"ASO",null,"Amit Tiwari","Yunus Hamid Mansoori",null,"Hemant C Baghel","Sharad verma","yunus.hamid@v5global.co.in","yunus.hamid@v5global.co.in","atiwari5@lenovo.com","hbaghel@lenovo.com","sharverm@lenovo.com","ASO","Shilpi Gautam","sgautam2@lenovo.com",null,"Hemant C Baghel",null,"hbaghel@lenovo.com",null,"2025-11-10","20:43:00","19.2168969,72.8439935","Diss Computers And Sales Centre",{"$nulls":3},"T3",null,"West1",null,"T-25677","Mumbai","Maharashtra","V5 Global",null,"Yes","Telephonic","GY51C12380",10,"Lenovo","Wireless Mouse","Input","Lenovo 130 wireless mouse","NA","Accessories","NA","NA","Accessories",649,null,null,6490,"West1",765.8199999999999,"",null,"West1 M","NA","NA"]
[21422377,"Ragesh K","ragesh.k@v5global.co.in",9249730104,"V5 Global","Calicut","V5313059","Kerala","Kerala",null,"V5 Global",null,null,"Athul Krishna","athul.n@v5global.co.in",null,"South1",null,"External Consumer","ASO","V5 Global ASO",null,"FT",null,"ASO",null,"Shaiju","Prakash Kumar K P",null,"S Sreekumar","Sharad verma","prakash.kp@v5global.co.in","prakash.kp@v5global.co.in","ss89@lenovo.com","ssreekumar@lenovo.com","sharverm@lenovo.com","ASO","Shilpi Gautam","sgautam2@lenovo.com",null,"S Sreekumar",null,"ssreekumar@lenovo.com",null,"2025-11-10","21:14:00","11.2619067,75.8212178","BITS TACT INFOTECH PVT LTD",{"$nulls":3},"T3","32AAACB9457F1ZT","South2",null,"T-8022","Calicut","Kerala",null,null,"Yes","Face to Face","67D5KAC6IN",2,"Lenovo","L22-4E","L Series","LEN L22-4E 21.5 IPS  BLACK 100HZ","NA","Visual Variants","Mainstream","NA","Visuals",5331,null,null,10662,"South1",6290.58,"",null,"South1","Mainstream","Mainstream"]
[21423062,"Chetan Wagh Dnyanashwar","chetan.dnyanashwar@v5global.co.in",7744978870,"V5 Global","Pune",601369,"Maharashtra","Maharashtra",null,"V5 Global",null,null,"Aparajitaa Lakhani","aparajita.lakhani@v5global.co.in",null,"West1",null,"External Consumer","ASO","V5 Global ASO",null,"FT",null,"ASO",null,"Rajeev Jha","TBH",null,"Hemant C Baghel","Sharad verma",null,null,"rjha3@lenovo.com","hbaghel@lenovo.com","sharverm@lenovo.com","ASO","Shilpi Gautam","sgautam2@lenovo.com",null,"Hemant C Baghel",null,"hbaghel@lenovo.com",null,"2025-11-10","22:15:00","18.622564,73.6920668","Systems Care",{"$nulls":3},"T3","27AOVPG3209G1ZU","West1",null,"T-17828","Pune","Maharashtra","Denave",null,"Yes","Face to Face","83GS000PJIN",1,"Lenovo","LOQ","LOQ 15","Lenovo LOQ Intel Core i5 12th Gen 12450HX - (16 GB/512 GB SSD/Windows 11 Home/6 GB Graphics/NVIDIA GeForce RTX 3050) (15.6 inch,","Win 11","Gaming","Premium","Core i5 12th GenÂ ","Consumer",69000,null,"NB",69000,"West1",81420,"SP","Gaming","West1 R","Premium","Premium"]
[21423086,"Chetan Wagh Dnyanashwar","chetan.dnyanashwar@v5global.co.in",7744978870,"V5 Global","Pune",601369,"Maharashtra","Maharashtra",null,"V5 Global",null,null,"Aparajitaa Lakhani","aparajita.lakhani@v5global.co.in",null,"West1",null,"External Consumer","ASO","V5 Global ASO",null,"FT",null,"ASO",null,"Rajeev Jha","TBH",null,"Hemant C Baghel","Sharad verma",null,null,"rjha3@lenovo.com","hbaghel@lenovo.com","sharverm@lenovo.com","ASO","Shilpi Gautam","sgautam2@lenovo.com",null,"Hemant C Baghel",null,"hbaghel@lenovo.com",null,"2025-11-10","22:20:00","18.6225394,73.6920582","ADITI COMPUTER & LAPTOPS-BARAMATI",{"$nulls":3},"T3","27ADGPL9314F1ZJ","West1",null,"T-17777","Pune","Maharashtra","V5 Global",null,"Yes","Telephonic","F0HM003CIN",2,"Lenovo","IdeaCentre","IdeaCentre AIO 27IRH9","DT IC AIO 27IRH9 I513420H 1T 16G","Win 11","AIO","Premium","i5 13420H","Consumer",69990,null,"AIO",139980,"West1",82588.2,"SP","Non-Gaming","West1 R","Premium","Premium"]
[21423277,"Vijay Dattatray Boraste","vijay.dattatary@v5global.co.in",8888808035,"V5 Global","Nasik","V5266927","Maharashtra","Maharashtra",null,"V5 Global",null,null,"Aparajitaa Lakhani","aparajita.lakhani@v5global.co.in",null,"West1",null,"External Consumer","ASO","V5 Global ASO",null,"FT",null,"ASO",null,"Rajeev Jha","TBH",null,"Hemant C Baghel","Sharad verma",null,null,"rjha3@lenovo.com","hbaghel@lenovo.com","sharverm@lenovo.com","ASO","Shilpi Gautam","sgautam2@lenovo.com",null,"Hemant C Baghel",null,"hbaghel@lenovo.com",null,"2025-11-10","22:43:00","19.99238,73.83858","Arham Computer",{"$nulls":3},"T3","27AFEPC9768A1Z1","West1",null,"T-12294","Nashik","Maharashtra","V5 Global",null,"Yes","Telephonic","F0HN00PGIN",1,"Lenovo","AIO","AIO i-24IRH9","i3-1315U-8-512-UHD-W11-O24-23.80","Win 11","AIO","Mainstream","i3-1315U","Consumer",57990,null,"AIO",57990,"West1",68428.2,"",null,"West1 R","Premium","Mainstream"]
[21423331,"Rakesh Nattu Kumbhare","rakesh.k@v5global.co.in",7767033997,"V5 Global","Nagpur","V5395760","Maharashtra","Maharashtra",null,"V5 Global",null,null,"Safdar Hussian","safder.khan@v5global.co.in",null,"West1",null,"External Consumer","ASO","V5 Global ASO",null,"FT",null,"ASO",null,"Sonia more","TBH",null,"Hemant C Baghel","Sharad verma",null,null,"smore3@lenovo.com","hbaghel@lenovo.com","sharverm@lenovo.com","ASO","Shilpi Gautam","sgautam2@lenovo.com",null,"Hemant C Baghel",null,"hbaghel@lenovo.com",null,"2025-11-10","22:50:00","21.1048276,79.117246","Ashrya Sales",{"$nulls":3},"T3","27AEQPG8981E1ZZ","West1",null,"T-12216","Nagpur","Maharashtra","V5 Global",null,"Yes","Face to Face","82R4011NIN",1,"Lenovo","IDEA PAD SLIM1","IDEA PAD SLIM1","R5 /5500U/8 GB RAM/512 TB SSD/INT.","WIn 11","Thin & Light","Mainstream","R5","Consumer",35000,null,"NB",35000,"West1",41300,"",null,"West1 R","Mainstream","Entry"]
[21423622,"ABHILASH DALAVI ","abhilash.dalavi@v5global.co.in",9591852229,"V5 Global","HUBLI","V5320471","Karnataka","Karnataka",null,"V5 Global",null,null,"M Bhaskar Gowda","bhaskar.gowda@v5global.co.in",null,"South1",null,"External Consumer","ASO","V5 Global ASO",null,"FT",null,"ASO",null,"Riyaz Khan","Prakash Kumar K P",null,"S Sreekumar","Sharad verma","prakash.kp@v5global.co.in","prakash.kp@v5global.co.in","rhospet@lenovo.com","ssreekumar@lenovo.com","sharverm@lenovo.com","ASO","Shilpi Gautam","sgautam2@lenovo.com",null,"S Sreekumar",null,"ssreekumar@lenovo.com",null,"2025-11-10","23:26:00","15.3782231,75.1412693","Sri Sai computer",{"$nulls":3},"T3","29CCJPK3924QIZU","South1",null,"T-20414","Hospet","Karnataka","Denave",null,"Yes","Face to Face","F0HN00PHIN",2,"Lenovo","AIO","AIO","LEN I5-13420H 16GB 512GB SSD 23.8 MSO","Win 11","AIO","Mainstream","i5-13420H","Consumer",53381,null,"AIO",106762,"South1",62989.579999999994,"",null,"South1","Mainstream","Mainstream"]
[21423626,"ABHILASH DALAVI ","abhilash.dalavi@v5global.co.in",9591852229,"V5 Global","HUBLI","V5320471","Karnataka","Karnataka",null,"V5 Global",null,null,"M Bhaskar Gowda","bhaskar.gowda@v5global.co.in",null,"South1",null,"External Consumer","ASO","V5 Global ASO",null,"FT",null,"ASO",null,"Riyaz Khan","Prakash Kumar K P",null,"S Sreekumar","Sharad verma","prakash.kp@v5global.co.in","prakash.kp@v5global.co.in","rhospet@lenovo.com","ssreekumar@lenovo.com","sharverm@lenovo.com","ASO","Shilpi Gautam","sgautam2@lenovo.com",null,"S Sreekumar",null,"ssreekumar@lenovo.com",null,"2025-11-10","23:26:00","15.3784781,75.1412023","NG COMPUTERS",{"$nulls":3},"T3","29ASQPB1695J1Z7","South1",null,"T-7802","Yellapur","Karnataka",null,null,"Yes","Face to Face","83K100C6IN",1,"Lenovo","Ideapad","Slim 3","IntelÂ® Coreâ„¢ i5-13420H, 8C (4P + 4E) / 12T, P-core 2.1 / 4.6GHz, E-core 1.5 / 3.4GHz, 12MB,8GB Soldered DDR5-4800 + 8GB SO-DIMM ","Win 11","Thin & Light","Mainstream","i5-13420H","Consumer",46000,null,"NB",46000,"South1",54280,"",null,"South1","Mainstream","Mainstream"]
[21423753,"Pran Pratap Singh","pran.singh@v5global.co.in",9001585718,"V5 Global","Jaipur","V5459442","Jaipur","Rajasthan",null,"V5 Global",null,null,"Gourav Jain","gourav.jain@v5global.co.in",null,"North1",null,"External Consumer","ASO","V5 Global ASO",null,"FT",null,"ASO",null,"Ganga Singh","Gaurav Sharma",null,"Kumar Tanksale","Raghavendra Araveeti","gaurav.sharma@v5global.co.in","gaurav.sharma@v5global.co.in","gsingh24@lenovo.com","ktanksale1@lenovo.com","raraveeti@lenovo.com","ASO","Shilpi Gautam","sgautam2@lenovo.com",null,"Kumar Tanksale",null,"ktanksale1@lenovo.com",null,"2025-11-10","23:47:00","26.9378117,75.8927667","SHRI BALAJI COMPUTERS",{"$nulls":3},"T3",null,"North1",null,"T-22629","Jaipur","Rajasthan","V5 Global",null,"Yes","Telephonic","67A8KAC3IN",1,"Lenovo","L Series","L24I-40","LEN L24I-40 23.8 IPS 100 HZ HDMI","NA","Visual Variants","Entry","NA","Visuals",9800,null,null,9800,"North1",11564,"",null,"North1","Entry","Entry"]
[21423853,"Abinash Rabha","abhinash.rabha@v5global.co.in",8724966898,"V5 Global","GUWAHATI","V5426139","NE","NE",null,"V5 Global",null,null,"Sukamal Saha","sukamal.saha@v5global.co.in",null,"East1",null,"External Consumer","ASO","V5 Global ASO",null,"FT",null,"ASO",null,"Partha Chakraborty","Amit Thakuri",null,"Amit Tiwari","Raghavendra Araveeti","amit.thakuri@v5global.co.in","amit.thakuri@v5global.co.in","pchakraborty@lenovo.com","atiwari11@lenovo.com","raraveeti@lenovo.com","ASO","Shilpi Gautam","sgautam2@lenovo.com",null,"Amit Tiwari",null,"atiwari11@lenovo.com",null,"2025-11-11","02:08:00","26.2221233,92.6812267","INFOCHIP TECHNOLOGIES",{"$nulls":3},"T3","18ALMPD3876A1Z6","East1",null,"T-399","Darang","ASSAM","V5 Global",null,"Yes","Face to Face","83JC00EEIN",1,"Lenovo","LOQ","LOQ 15ARP9","NB LOQ 15ARP9 R5 12G 512G 11S","Win 11","Gaming","Mainstream","R5 7235HS","Consumer",64762,null,"NB",64762,"East1",76419.15999999999,"SP","Gaming","East1","Premium","Premium"]
[21423982,"Rajesh MG","rajesh.mg@v5global.co.in",8157020114,"V5 Global","COCHIN",601146,"KERELA","KERELA",null,"V5 Global",null,null,"Athul Krishna","athul.n@v5global.co.in",null,"South1",null,"External Consumer","ASO","V5 Global ASO",null,"FT",null,"ASO",null,"Shaiju","Prakash Kumar K P",null,"S Sreekumar","Sharad verma","prakash.kp@v5global.co.in","prakash.kp@v5global.co.in","ss89@lenovo.com","ssreekumar@lenovo.com","sharverm@lenovo.com","ASO","Shilpi Gautam","sgautam2@lenovo.com",null,"S Sreekumar",null,"ssreekumar@lenovo.com",null,"2025-11-11","07:50:00","10.6064726,76.1429282","VENUS DIGITAL ARCADE",{"$nulls":3},"T3","32AABCR6723K1ZE","South2",null,"T-8615","Thrissur","Kerala",null,null,"Yes","Telephonic","82XM0118IN",1,"Lenovo","Ideapad","Slim 3","15.6\" FHD (1920x1080)/16 GB/ 512 GB SSD/Integrated AMD Graphics/Office Home 2024/Arctic Grey","Win 11","Thin & Light","Mainstream","AMD Ryzen 5 5625U","Consumer",44000,null,"NB",44000,"South1",51920,"",null,"South1","Mainstream","Mainstream"]
[21424324,"Vani Alpesh kumar","vani.alpesh@v5global.co.in",9898633142,"V5 Global","Surat","V5294897","Gujarat","Gujarat",null,"V5 Global",null,null,"Muffazal Momin","muffazal.momin@v5global.co.in",null,"West1",null,"External Consumer","ASO","V5 Global ASO",null,"FT",null,"ASO",null,"Darshan Thakkar","Yunus Hamid Mansoori",null,"Hemant C Baghel","Sharad verma","yunus.hamid@v5global.co.in","yunus.hamid@v5global.co.in","tjitendrabha@lenovo.com","hbaghel@lenovo.com","sharverm@lenovo.com","ASO","Shilpi Gautam","sgautam2@lenovo.com",null,"Hemant C Baghel",null,"hbaghel@lenovo.com",null,"2025-11-11","09:26:00","21.2060168,72.7812368","SHREE KRISHNA COMPUTER",{"$nulls":3},"T3","24AJHPD1739P1Z1","West1",null,"T-14829","Surat","Gujarat","V5 Global",null,"Yes","Telephonic","83DV01BHIN",1,"Lenovo","LOQ","LOQ 15IRX9","CI7-13650HX/16GB/512GB/RTX 4060 8GB/WIN11/OFFICE2024/ 15.6 FULL HD IPS","Win 11","Gaming","Premium","C I7-13650HX","Consumer",106500,null,"NB",106500,"West1",125670,"SP","Gaming","West1 M","Premium","Premium"]
[21424349,"Anmol Sachdeva","anmol.sachdeva@v5global.co.in",9780132392,"V5 Global","BHATINDA","V5433235","PUNJAB","PUNJAB","-","V5 Global",null,null,"Shivam Kumar","shivam.kumar1@v5global.co.in",null,"North1",null,"External Consumer","ASO","V5 Global ASO",null,"FT",null,"ASO",null,"Naveen Kumar","Gaurav Sharma",null,"Kumar Tanksale","Raghavendra Araveeti","gaurav.sharma@v5global.co.in","gaurav.sharma@v5global.co.in","nkumar12@lenovo.com","ktanksale1@lenovo.com","raraveeti@lenovo.com","ASO","Shilpi Gautam","sgautam2@lenovo.com",null,"Kumar Tanksale",null,"ktanksale1@lenovo.com",null,"2025-11-11","09:28:00","30.210994000000003,74.9454745","Harnoor computers",{"$nulls":3},"T3","03GDDPS0393Q1ZZ","North1",null,"T-20348","Faridkot","Punjab","Denave",null,"Yes","Face to Face","82R400XSIN",1,"Lenovo","Ideapad","Ideapad","\"Ryzenâ„¢ 5 5500U 6C 8GB RAM 512GB SSD Windows11 MS Office H&S 2024  Integrated AMD Radeon  Graphics  15.6\"\" FHD TN 220nits AG 720","Win 11","Thin & Light","Entry","Amd Ryzen 5 5500U","Consumer",29407,null,"NB",29407,"North1",34700.259999999995,"",null,"North1","Entry","Entry"]
[21424465,"Vani Alpesh kumar","vani.alpesh@v5global.co.in",9898633142,"V5 Global","Surat","V5294897","Gujarat","Gujarat",null,"V5 Global",null,null,"Muffazal Momin","muffazal.momin@v5global.co.in",null,"West1",null,"External Consumer","ASO","V5 Global ASO",null,"FT",null,"ASO",null,"Darshan Thakkar","Yunus Hamid Mansoori",null,"Hemant C Baghel","Sharad verma","yunus.hamid@v5global.co.in","yunus.hamid@v5global.co.in","tjitendrabha@lenovo.com","hbaghel@lenovo.com","sharverm@lenovo.com","ASO","Shilpi Gautam","sgautam2@lenovo.com",null,"Hemant C Baghel",null,"hbaghel@lenovo.com",null,"2025-11-11","09:36:00","21.2059911,72.7811735","YAZAD COMPUTER",{"$nulls":3},"T3",null,"West1",null,"T-14860","VALSAD","Gujarat","V5 Global",null,"Yes","Telephonic","83K100C9IN",1,"Lenovo","Slim 3","IdeaPad Slim 3 15IRH10","NB IP Slim 3 15IRH10 I7 8G 8G 512G 11S","Win 11","Thin & Light","Mainstream","i7 13620H","Consumer",64700,null,"NB",64700,"West1",76346,"SP","Non-Gaming","West1 M","Premium","Premium"]
[21424507,"Vani Alpesh kumar","vani.alpesh@v5global.co.in",9898633142,"V5 Global","Surat","V5294897","Gujarat","Gujarat",null,"V5 Global",null,null,"Muffazal Momin","muffazal.momin@v5global.co.in",null,"West1",null,"External Consumer","ASO","V5 Global ASO",null,"FT",null,"ASO",null,"Darshan Thakkar","Yunus Hamid Mansoori",null,"Hemant C Baghel","Sharad verma","yunus.hamid@v5global.co.in","yunus.hamid@v5global.co.in","tjitendrabha@lenovo.com","hbaghel@lenovo.com","sharverm@lenovo.com","ASO","Shilpi Gautam","sgautam2@lenovo.com",null,"Hemant C Baghel",null,"hbaghel@lenovo.com",null,"2025-11-11","09:39:00","21.2060064,72.7811692","CYBER INFOTECH",{"$nulls":3},"T3","24AJTPM2725L1ZS","West1",null,"T-14823","Surat","Gujarat","V5 Global",null,"Yes","Telephonic","F0J6005GIN",1,"Lenovo","AIO","A100","IntelÂ® Coreâ„¢ i3-N305/8GB SO-DIMM DDR4-3200/512GB SSD/Integrated IntelÂ® UHD Graphics/WindowsÂ® 11,Cloud Grey","Win 11","AIO","Mainstream","IntelÂ® Coreâ„¢ i3-N305","Consumer",49000,null,"AIO",49000,"West1",57820,"",null,"West1 M","Mainstream","Mainstream"]
[21424595,"Vani Alpesh kumar","vani.alpesh@v5global.co.in",9898633142,"V5 Global","Surat","V5294897","Gujarat","Gujarat",null,"V5 Global",null,null,"Muffazal Momin","muffazal.momin@v5global.co.in",null,"West1",null,"External Consumer","ASO","V5 Global ASO",null,"FT",null,"ASO",null,"Darshan Thakkar","Yunus Hamid Mansoori",null,"Hemant C Baghel","Sharad verma","yunus.hamid@v5global.co.in","yunus.hamid@v5global.co.in","tjitendrabha@lenovo.com","hbaghel@lenovo.com","sharverm@lenovo.com","ASO","Shilpi Gautam","sgautam2@lenovo.com",null,"Hemant C Baghel",null,"hbaghel@lenovo.com",null,"2025-11-11","09:44:00","21.2059948,72.781277","Jay navkar computer",{"$nulls":3},"T3",null,"West2",null,"T-22525","Surat","Gujarat","Denave",null,"Yes","Telephonic","F0HN00PGIN",1,"Lenovo","AIO","AIO i-24IRH9","i3-1315U-8-512-UHD-W11-O24-23.80","Win 11","AIO","Mainstream","i3-1315U","Consumer",57990,null,"AIO",57990,"West1",68428.2,"",null,"West1 M","Premium","Mainstream"]
[21424606,"Rajeshwar Kishanrao Lingamkar","rajeshwar.lingamkar@v5global.co.in",8380096899,"V5 Global","PUNE","V5300191","Maharashtra","Maharashtra",null,"V5 Global",null,null,"Aparajitaa Lakhani","aparajita.lakhani@v5global.co.in",null,"West1",null,"External Consumer","ASO","V5 Global ASO",null,"FT",null,"ASO",null,"Rajeev Jha","TBH",null,"Hemant C Baghel","Sharad verma",null,null,"rjha3@lenovo.com","hbaghel@lenovo.com","sharverm@lenovo.com","ASO","Shilpi Gautam","sgautam2@lenovo.com",null,"Hemant C Baghel",null,"hbaghel@lenovo.com",null,"2025-11-11","09:46:00","19.8567745,75.3532899","VISHWAA COMPUTERS - SOLAPUR",{"$nulls":3},"T3","27APDPB4226R1ZP","West1",null,"T-11760","Solapur","Maharashtra","V5 Global",null,"Yes","Face to Face","F0J6005GIN",1,"Lenovo","AIO","A100","IntelÂ® Coreâ„¢ i3-N305/8GB SO-DIMM DDR4-3200/512GB SSD/Integrated IntelÂ® UHD Graphics/WindowsÂ® 11,Cloud Grey","Win 11","AIO","Mainstream","IntelÂ® Coreâ„¢ i3-N305","Consumer",49000,null,"AIO",49000,"West1",57820,"",null,"West1 R","Mainstream","Mainstream"]
[21424698,"Vani Alpesh kumar","vani.alpesh@v5global.co.in",9898633142,"V5 Global","Surat","V5294897","Gujarat","Gujarat",null,"V5 Global",null,null,"Muffazal Momin","muffazal.momin@v5global.co.in",null,"West1",null,"External Consumer","ASO","V5 Global ASO",null,"FT",null,"ASO",null,"Darshan Thakkar","Yunus Hamid Mansoori",null,"Hemant C Baghel","Sharad verma","yunus.hamid@v5global.co.in","yunus.hamid@v5global.co.in","tjitendrabha@lenovo.com","hbaghel@lenovo.com","sharverm@lenovo.com","ASO","Shilpi Gautam","sgautam2@lenovo.com",null,"Hemant C Baghel",null,"hbaghel@lenovo.com",null,"2025-11-11","09:50:00","21.2060112,72.7816558","Yogi Info Comuter",{"$nulls":3},"T3","24ARLPK0910B1ZG","West2",null,"T-14979","Surat","Gujarat",null,null,"Yes","Telephonic","82R400XSIN",1,"Lenovo","Ideapad","Ideapad","\"Ryzenâ„¢ 5 5500U 6C 8GB RAM 512GB SSD Windows11 MS Office H&S 2024  Integrated AMD Radeon  Graphics  15.6\"\" FHD TN 220nits AG 720","Win 11","Thin & Light","Entry","Amd Ryzen 5 5500U","Consumer",29407,null,"NB",29407,"West1",34700.259999999995,"",null,"West1 M","Entry","Entry"]
[21424785,"Pankaj Vinayakrao Bawiskar","pankaj.bawiskar@v5global.co.in",9765452225,"V5 Global","Nagpur","V5436617","Maharashtra","Maharashtra",null,"V5 Global",null,null,"Safdar Hussian","safder.khan@v5global.co.in",null,"West1",null,"External Consumer","ASO","V5 Global ASO",null,"FT",null,"ASO",null,"Sonia more","TBH",null,"Hemant C Baghel","Sharad verma",null,null,"smore3@lenovo.com","hbaghel@lenovo.com","sharverm@lenovo.com","ASO","Shilpi Gautam","sgautam2@lenovo.com",null,"Hemant C Baghel",null,"hbaghel@lenovo.com",null,"2025-11-11","09:55:00","21.1526676,79.0955968","S.S Computers (Dhantoli)",{"$nulls":3},"T3","27EBQPS9973F2ZK","West1",null,"T-12622","Nagpur","Maharashtra","V5 Global",null,"Yes","Face to Face","68C2KAC1IN",1,"Lenovo","L24-4E","L Series","LEN L24-4E 23.8 IPS  BLACK 100HZ","NA","Visual Variants","Mainstream","NA","Visuals",6464,null,null,6464,"West1",7627.5199999999995,"",null,"West1 R","Mainstream","Mainstream"]
[21425074,"Anmol Sachdeva","anmol.sachdeva@v5global.co.in",9780132392,"V5 Global","BHATINDA","V5433235","PUNJAB","PUNJAB","-","V5 Global",null,null,"Shivam Kumar","shivam.kumar1@v5global.co.in",null,"North1",null,"External Consumer","ASO","V5 Global ASO",null,"FT",null,"ASO",null,"Naveen Kumar","Gaurav Sharma",null,"Kumar Tanksale","Raghavendra Araveeti","gaurav.sharma@v5global.co.in","gaurav.sharma@v5global.co.in","nkumar12@lenovo.com","ktanksale1@lenovo.com","raraveeti@lenovo.com","ASO","Shilpi Gautam","sgautam2@lenovo.com",null,"Kumar Tanksale",null,"ktanksale1@lenovo.com",null,"2025-11-11","10:12:00","30.210994000000003,74.9454745","ROBIN COMPUTERS & COMMUNICATION",{"$nulls":3},"T3",null,"North1",null,"T-4622","Faridkot","PUNJAB","V5 Global",null,"Yes","Telephonic","82R4011NIN",1,"Lenovo","IDEA PAD SLIM1","IDEA PAD SLIM1","R5 /5500U/8 GB RAM/512 TB SSD/INT.","WIn 11","Thin & Light","Mainstream","R5","Consumer",35000,null,"NB",35000,"North1",41300,"",null,"North1","Mainstream","Entry"]
[21446299,"Ramisetty Gopalkrishna","ramisetty.krishna@v5global.co.in",7050129999,"V5 Global","Vijaywada","V5303153","Andhra Pradesh","Andhra Pradesh",null,"V5 Global",null,null,"TBH (HYD)",null,null,"South2",null,"External Consumer","ASO","V5 Global ASO",null,"FT",null,"ASO",null,"Prabhakar G","S.Arunbabu",null,"Prabhu Subaramanian","Sharad verma","arun.babu@v5global.co.in","arun.babu@v5global.co.in","gprabhakar@lenovo.com","psubramania4@lenovo.com","sharverm@lenovo.com","ASO","Shilpi Gautam","sgautam2@lenovo.com",null,"Prabhu Subaramanian",null,"psubramania4@lenovo.com",null,"2025-11-11","12:55:00","16.5223183,80.6205917","NAVDEEP COMPUTERS",{"$nulls":3},"T3","37AAXFN2551L1ZK","South2",null,"T-20325","Vijayawada","Andhra Pradesh","V5 Global",null,"Yes","Face to Face","83K100C9IN",2,"Lenovo","Slim 3","IdeaPad Slim 3 15IRH10","NB IP Slim 3 15IRH10 I7 8G 8G 512G 11S","Win 11","Thin & Light","Mainstream","i7 13620H","Consumer",64700,null,"NB",129400,"South2",76346,"SP","Non-Gaming","South2","Premium","Premium"]
[21432215,"TALAMARLA LAKSHMI REDDY","talamarla.reddy@v5global.co.in",9014290161,"V5 Global","Anantapur","V5422498","Andhra Pradesh","Andhra Pradesh",null,"V5 Global",null,null,"Mohammed Ibrahim","mohammed.ibrahim@v5global.co.in",null,"South2",null,"External Consumer","ASO","V5 Global ASO",null,"FT",null,"ASO",null,"Prabhakar G","S.Arunbabu",null,"Prabhu Subaramanian","Sharad verma","arun.babu@v5global.co.in","arun.babu@v5global.co.in","gprabhakar@lenovo.com","psubramania4@lenovo.com","sharverm@lenovo.com","ASO","Shilpi Gautam","sgautam2@lenovo.com",null,"Prabhu Subaramanian",null,"psubramania4@lenovo.com",null,"2025-11-11","14:10:00","15.4847467,78.4862317","VR SYSTEMS",{"$nulls":3},"T3","37BAIPS2254K1ZA","South2",null,"T-10430","Chittoor","Andhra Pradesh","V5 Global",null,"Yes","Face to Face","83ER00MCIN",1,"Lenovo","Ideapad","Slim 3","Lenovo IdeaPad Slim 3 12th Gen Intel Core i5-12450H 15\" (39.6cm) FHD IPS 300 Nits Thin & Light Laptop (16GB/512GB SSD/Win 11/MSO","Win 11","Thin & Light","Mainstream","i5 12th Gen","Consumer",41000,null,"NB",41000,"South2",48380,"",null,"South2","Mainstream","Mainstream"]
[21433190,"Maheswaran ","maheswaran.1@v5global.co.in",9952328485,"V5 Global","Pondicherry","V5458447","Pondicherry","Tamil Nadu","-","V5 Global",null,null,"Prabhakaran A","prabhakaran@v5global.co.in",null,"South2",null,"External Consumer","ASO","V5 Global ASO",null,"FT",null,"ASO",null,"Sridhar Ethirajulu","S.Arunbabu",null,"Prabhu Subaramanian","Sharad verma","arun.babu@v5global.co.in","arun.babu@v5global.co.in","sethirajulu1@lenovo.com","psubramania4@lenovo.com","sharverm@lenovo.com","ASO","Shilpi Gautam","sgautam2@lenovo.com",null,"Prabhu Subaramanian",null,"psubramania4@lenovo.com",null,"2025-11-11","17:10:00","11.92713,79.8000042","Mallka Furniture and Electronics LLP",{"$nulls":3},"T3","33ABMFM3267C1ZE","South2",null,"T-29001","Thanjavur","Tamil Nadu","V5 Global",null,"Yes","Telephonic","82LX00F7IN",1,"Lenovo","Ideapad","Slim 1","LEN N4500 8GB 512GB SSD WIN11  1YR","Win 11","Thin & Light","Entry","N4500","Consumer",25900,null,"NB",25900,"South2",30562,"",null,"South2","Entry","Entry"]
[21433371,"Manish Kumar ","manish.k@v5global.co.in",9815306161,"V5 Global","Chandigarh","V5294765","Punjab","Punjab",null,"V5 Global",null,null,"Shivam Kumar","shivam.kumar1@v5global.co.in",null,"North1",null,"External Consumer","ASO","V5 Global ASO",null,"FT",null,"ASO",null,"Naveen Kumar","Gaurav Sharma",null,"Kumar Tanksale","Raghavendra Araveeti","gaurav.sharma@v5global.co.in","gaurav.sharma@v5global.co.in","nkumar12@lenovo.com","ktanksale1@lenovo.com","raraveeti@lenovo.com","ASO","Shilpi Gautam","sgautam2@lenovo.com",null,"Kumar Tanksale",null,"ktanksale1@lenovo.com",null,"2025-11-11","17:38:00","30.7199252,76.7574573","Ascent computer",{"$nulls":3},"T3",null,"North1",null,"T-3364","Solan","Himachal Pradesh","Denave",null,"Yes","Telephonic","90XW005UIN",1,"Lenovo","IdeaCentre","IdeaCentre 08IRH9","8GB RAM/512 GB SSD/Integrated Graphics/WINDOWS 11","Win 11","TDT","Entry","CORE I5","Consumer",32619,null,"TDT",32619,"North1",38490.42,"",null,"North1","Entry","Mainstream"]
[21433393,"Manish Kumar ","manish.k@v5global.co.in",9815306161,"V5 Global","Chandigarh","V5294765","Punjab","Punjab",null,"V5 Global",null,null,"Shivam Kumar","shivam.kumar1@v5global.co.in",null,"North1",null,"External Consumer","ASO","V5 Global ASO",null,"FT",null,"ASO",null,"Naveen Kumar","Gaurav Sharma",null,"Kumar Tanksale","Raghavendra Araveeti","gaurav.sharma@v5global.co.in","gaurav.sharma@v5global.co.in","nkumar12@lenovo.com","ktanksale1@lenovo.com","raraveeti@lenovo.com","ASO","Shilpi Gautam","sgautam2@lenovo.com",null,"Kumar Tanksale",null,"ktanksale1@lenovo.com",null,"2025-11-11","17:42:00","30.7199422,76.7574619","Deepak Communication",{"$nulls":3},"T3",null,"North1",null,"T-20697","Chandigarh","Chandigarh","V5 Global",null,"Yes","Face to Face","90XW005UIN",1,"Lenovo","IdeaCentre","IdeaCentre 08IRH9","8GB RAM/512 GB SSD/Integrated Graphics/WINDOWS 11","Win 11","TDT","Entry","CORE I5","Consumer",32619,null,"TDT",32619,"North1",38490.42,"",null,"North1","Entry","Mainstream"]
[21433846,"Sumit Singh","sumit.singh@v5global.co.in",8963848967,"V5 Global","Mumbai","V5266119","Maharashtra","Maharashtra",null,"V5 Global",null,null,"Muffazal Momin","muffazal.momin@v5global.co.in",null,"West1",null,"External Consumer","ASO","V5 Global ASO",null,"FT",null,"ASO",null,"Amit Tiwari","Yunus Hamid Mansoori",null,"Hemant C Baghel","Sharad verma","yunus.hamid@v5global.co.in","yunus.hamid@v5global.co.in","atiwari5@lenovo.com","hbaghel@lenovo.com","sharverm@lenovo.com","ASO","Shilpi Gautam","sgautam2@lenovo.com",null,"Hemant C Baghel",null,"hbaghel@lenovo.com",null,"2025-11-11","18:55:00","18.9605737,72.8172908","Prince Laptop World",{"$nulls":3},"T3","27AIPPD3100R1Z2","West1",null,"T-29503","Mumbai","Maharashtra","V5 Global",null,"Yes","Face to Face","82ER00MCIN",15,"Lenovo","Ideapad","Slim 3","15.6\" (39.62cm) FHD / 16 GB DDR5 RAM / 512 GB SSD/ARCTIC GREY/\t","Win 11","Thin & Light","Mainstream","Core i5 12th Gen","Consumer",53000,null,"NB",795000,"West1",62540,"",null,"West1 M","Mainstream","Mainstream"]
[21433914,"Sumit Singh","sumit.singh@v5global.co.in",8963848967,"V5 Global","Mumbai","V5266119","Maharashtra","Maharashtra",null,"V5 Global",null,null,"Muffazal Momin","muffazal.momin@v5global.co.in",null,"West1",null,"External Consumer","ASO","V5 Global ASO",null,"FT",null,"ASO",null,"Amit Tiwari","Yunus Hamid Mansoori",null,"Hemant C Baghel","Sharad verma","yunus.hamid@v5global.co.in","yunus.hamid@v5global.co.in","atiwari5@lenovo.com","hbaghel@lenovo.com","sharverm@lenovo.com","ASO","Shilpi Gautam","sgautam2@lenovo.com",null,"Hemant C Baghel",null,"hbaghel@lenovo.com",null,"2025-11-11","19:04:00","18.9605703,72.8172774","Nageshwar Infosys",{"$nulls":3},"T3",null,"West1",null,"T-25988","Mumbai","Maharashtra","V5 Global",null,"Yes","Telephonic","83DV01BHIN",1,"Lenovo","LOQ","LOQ 15IRX9","CI7-13650HX/16GB/512GB/RTX 4060 8GB/WIN11/OFFICE2024/ 15.6 FULL HD IPS","Win 11","Gaming","Premium","C I7-13650HX","Consumer",106500,null,"NB",106500,"West1",125670,"SP","Gaming","West1 M","Premium","Premium"]
[21436714,"Prasannaraj P","prasannaraj.p@v5global.co.in",9092045806,"V5 Global","Chennai","V5335880","Tamil Nadu","Tamil Nadu",null,"V5 Global",null,null,"Prabhakaran A","prabhakaran@v5global.co.in",null,"South2",null,"External Consumer","ASO","V5 Global ASO",null,"FT",null,"ASO","LES","Sridhar Ethirajulu","S.Arunbabu",null,"Prabhu Subaramanian","Sharad verma","arun.babu@v5global.co.in","arun.babu@v5global.co.in","sethirajulu1@lenovo.com","psubramania4@lenovo.com","sharverm@lenovo.com","ASO","Shilpi Gautam","sgautam2@lenovo.com",null,"Prabhu Subaramanian","LES","psubramania4@lenovo.com",null,"2025-11-11","19:23:00","13.0289796,80.1942953","Q-Space Systems Private Ltd",{"$nulls":3},"T3",null,"South2",null,"T-27575","Chennai","Tamil Nadu","Denave",null,"Yes","Face to Face","82LX00F7IN",1,"Lenovo","Ideapad","Slim 1","LEN N4500 8GB 512GB SSD WIN11  1YR","Win 11","Thin & Light","Entry","N4500","Consumer",25900,null,"NB",25900,"South2",30562,"",null,"South2","Entry","Entry"]
[21434147,"Ashwani Kumar","ashwani.kumar@v5global.co.in",7827383769,"V5 Global","Delhi","V5262001","Delhi","Delhi",null,"V5 Global",null,null,"Mohd Asif","mohd.asif@v5global.co.in",null,"North1",null,"External Consumer","ASO","V5 Global ASO",null,"FT",null,"ASO",null,"Kanwaldeep Singh","Gaurav Sharma",null,"Kumar Tanksale","Raghavendra Araveeti","gaurav.sharma@v5global.co.in","gaurav.sharma@v5global.co.in","ksingh15@lenovo.com","ktanksale1@lenovo.com","raraveeti@lenovo.com","ASO","Shilpi Gautam","sgautam2@lenovo.com",null,"Kumar Tanksale",null,"ktanksale1@lenovo.com",null,"2025-11-11","19:34:00","28.5505316,77.253751","IT SERVE GLOBAL",{"$nulls":3},"T3","07AAOFA5001D1ZZ","North1",null,"T-4047","New Delhi","New Delhi","V5 Global",null,"Yes","Face to Face","83JE00U6IN",1,"Lenovo","LOQ","LOQ 15IRX10","Lenovo LOQ(i7-14700HX/16GB /1TBSSD/W11+MSO24+AI NOW/RTX5050,8GB/15.6\"FHD,144Hz /1yr)Gry-83JE00U5IN","Win 11","Gaming","Premium","RTX5050,8GB/15.6\"FHD,144Hz /1yr)Gr","Consumer",104228,null,"NB",104228,"North1",122989.04,"SP","Gaming","North1","Premium","Premium"]
[21436803,"Prasannaraj P","prasannaraj.p@v5global.co.in",9092045806,"V5 Global","Chennai","V5335880","Tamil Nadu","Tamil Nadu",null,"V5 Global",null,null,"Prabhakaran A","prabhakaran@v5global.co.in",null,"South2",null,"External Consumer","ASO","V5 Global ASO",null,"FT",null,"ASO","LES","Sridhar Ethirajulu","S.Arunbabu",null,"Prabhu Subaramanian","Sharad verma","arun.babu@v5global.co.in","arun.babu@v5global.co.in","sethirajulu1@lenovo.com","psubramania4@lenovo.com","sharverm@lenovo.com","ASO","Shilpi Gautam","sgautam2@lenovo.com",null,"Prabhu Subaramanian","LES","psubramania4@lenovo.com",null,"2025-11-11","19:36:00","13.0289729,80.1942934","Sri Ganapathy Computers",{"$nulls":3},"T3",null,"South2",null,"T-9870","Chennai","Tamil Nadu","V5 Global",null,"Yes","Face to Face","83K100CJIN",1,"Lenovo","Slim 3","IdeaPad Slim 3 15IRH10","NB IP Slim 3 15IRH10 I7 8G 8G 512G 11S","Win 11","Thin & Light","Mainstream","i7 13620H","Consumer",63827,null,"NB",63827,"South2",75315.86,"SP","Non-Gaming","South2","Premium","Premium"]
[21434253,"Chetti Srinivas","chetti.srinivas1@v5global.co.in",9515976797,"V5 Global","Hyderabad",601126,"TELANGANA","Telangana",null,"V5 Global",null,null,"Mohammed Ibrahim","mohammed.ibrahim@v5global.co.in",null,"South2",null,"External Consumer","ASO","V5 Global ASO",null,"FT",null,"ASO",null,"Santosh Singh","S.Arunbabu",null,"Prabhu Subaramanian","Sharad verma","arun.babu@v5global.co.in","arun.babu@v5global.co.in","ssingh9@lenovo.com","psubramania4@lenovo.com","sharverm@lenovo.com","ASO","Shilpi Gautam","sgautam2@lenovo.com",null,"Prabhu Subaramanian",null,"psubramania4@lenovo.com",null,"2025-11-11","19:45:00","17.4360636,78.4450439","PL COMPUTERS",{"$nulls":3},"T3","36ABZPJ3472B1ZG","South2",null,"T-10655","Hyderabad","Telangana","V5 Global",null,"Yes","Telephonic","F0HR008YIN",5,"Lenovo","IdeaCentre","AIO","DT IC AIO 24ARR9 A77735HS 512G 16G","Win 11","AIO","Mainstream","R7 7735HS/16GB/512 GB SSD","Consumer",50990,null,"AIO",254950,"South2",60168.2,"",null,"South2","Mainstream","Mainstream"]
[21436925,"Prasannaraj P","prasannaraj.p@v5global.co.in",9092045806,"V5 Global","Chennai","V5335880","Tamil Nadu","Tamil Nadu",null,"V5 Global",null,null,"Prabhakaran A","prabhakaran@v5global.co.in",null,"South2",null,"External Consumer","ASO","V5 Global ASO",null,"FT",null,"ASO","LES","Sridhar Ethirajulu","S.Arunbabu",null,"Prabhu Subaramanian","Sharad verma","arun.babu@v5global.co.in","arun.babu@v5global.co.in","sethirajulu1@lenovo.com","psubramania4@lenovo.com","sharverm@lenovo.com","ASO","Shilpi Gautam","sgautam2@lenovo.com",null,"Prabhu Subaramanian","LES","psubramania4@lenovo.com",null,"2025-11-11","19:46:00","13.0289836,80.1943012","NPC SYSTEMS",{"$nulls":3},"T3",null,"South2",null,"T-9557","Chennai","Tamil Nadu","V5 Global",null,"Yes","Face to Face","82XM0118IN",1,"Lenovo","Ideapad","Slim 3","15.6\" FHD (1920x1080)/16 GB/ 512 GB SSD/Integrated AMD Graphics/Office Home 2024/Arctic Grey","Win 11","Thin & Light","Mainstream","AMD Ryzen 5 5625U","Consumer",44000,null,"NB",44000,"South2",51920,"",null,"South2","Mainstream","Mainstream"]
[21434441,"Sukanta Sinha","sukanta.sinha@v5global.co.in",9854184578,"V5 Global","Guwahati","V5266867","NE","NE",null,"V5 Global",null,null,"Sukamal Saha","sukamal.saha@v5global.co.in",null,"East1",null,"External Consumer","ASO","V5 Global ASO",null,"FT",null,"ASO",null,"Partha Chakraborty","Amit Thakuri",null,"Amit Tiwari","Raghavendra Araveeti","amit.thakuri@v5global.co.in","amit.thakuri@v5global.co.in","pchakraborty@lenovo.com","atiwari11@lenovo.com","raraveeti@lenovo.com","ASO","Shilpi Gautam","sgautam2@lenovo.com",null,"Amit Tiwari",null,"atiwari11@lenovo.com",null,"2025-11-11","20:02:00","25.9084407,93.7257952","My Computer",{"$nulls":3},"T3","18AYTPC4758N1ZK","East1",null,"T-28870","Guwahati","Assam","V5 Global",null,"Yes","Telephonic","90XW005UIN",1,"Lenovo","IdeaCentre","IdeaCentre 08IRH9","8GB RAM/512 GB SSD/Integrated Graphics/WINDOWS 11","Win 11","TDT","Entry","CORE I5","Consumer",32619,null,"TDT",32619,"East1",38490.42,"",null,"East1","Entry","Mainstream"]
[21434505,"Sukanta Sinha","sukanta.sinha@v5global.co.in",9854184578,"V5 Global","Guwahati","V5266867","NE","NE",null,"V5 Global",null,null,"Sukamal Saha","sukamal.saha@v5global.co.in",null,"East1",null,"External Consumer","ASO","V5 Global ASO",null,"FT",null,"ASO",null,"Partha Chakraborty","Amit Thakuri",null,"Amit Tiwari","Raghavendra Araveeti","amit.thakuri@v5global.co.in","amit.thakuri@v5global.co.in","pchakraborty@lenovo.com","atiwari11@lenovo.com","raraveeti@lenovo.com","ASO","Shilpi Gautam","sgautam2@lenovo.com",null,"Amit Tiwari",null,"atiwari11@lenovo.com",null,"2025-11-11","20:06:00","25.9084538,93.725807","A K ELECTRONICS",{"$nulls":3},"T3","13AGEPL3488M1Z2","East1",null,"T-508","Dimapur","NAGALAND","V5 Global",null,"Yes","Face to Face","GY51C12380",3,"Lenovo","Wireless Mouse","Input","Lenovo 130 wireless mouse","NA","Accessories","NA","NA","Accessories",649,null,null,1947,"East1",765.8199999999999,"",null,"East1","NA","NA"]
[21435251,"Harpal Singh","harpal.singh@v5global.co.in",9549367888,"V5 Global","Bikaner","V5415979","Rajasthan","Rajasthan",null,"V5 Global",null,null,"Gourav Jain","gourav.jain@v5global.co.in",null,"North1",null,"External Consumer","ASO","V5 Global ASO",null,"FT",null,"ASO",null,"Ganga Singh","Gaurav Sharma",null,"Kumar Tanksale","Raghavendra Araveeti","gaurav.sharma@v5global.co.in","gaurav.sharma@v5global.co.in","gsingh24@lenovo.com","ktanksale1@lenovo.com","raraveeti@lenovo.com","ASO","Shilpi Gautam","sgautam2@lenovo.com",null,"Kumar Tanksale",null,"ktanksale1@lenovo.com",null,"2025-11-11","21:09:00","29.926759,73.8716985","Hitech Computers",{"$nulls":3},"T3",null,"West2",null,"T-15437","Sri Ganganagar","Rajasthan",null,null,"Yes","Face to Face","F0HN00PGIN",1,"Lenovo","AIO","AIO i-24IRH9","i3-1315U-8-512-UHD-W11-O24-23.80","Win 11","AIO","Mainstream","i3-1315U","Consumer",57990,null,"AIO",57990,"North1",68428.2,"",null,"North1","Premium","Mainstream"]
[21435402,"Surjeet Kumar","surjeet.kumar@v5global.co.in",7004963220,"V5 Global","Muzaffarpur","V5339429","Bihar","Bihar",null,"V5 Global",null,null,"Shivam Kumar","shivam.kumar@v5global.co.in",null,"East2",null,"External Consumer","ASO","V5 Global ASO",null,"FT",null,"ASO",null,"Krishna Kumar Singh","Imam Hassan",null,"Rajender Negi","Raghavendra Araveeti","imam.hassan@v5global.co.in","imam.hassan@v5global.co.in","ksingh25@lenovo.com","rnegi@lenovo.com","raraveeti@lenovo.com","ASO","Shilpi Gautam","sgautam2@lenovo.com",null,"Rajender Negi",null,"rnegi@lenovo.com",null,"2025-11-11","21:20:00","25.2952132,85.0186798","Khan Computer",{"$nulls":3},"T3","10DYWPK4187F1Z4","East2",null,"T-29663","Bettiah","Bihar","V5 Global",null,"Yes","Face to Face","67BCKAC6IN",2,"Lenovo","Monitor -L24i4A","Monitor -L24i4A","Full HD IPS Panel Ultra Thin Monitor with WLED Backlight","NA","Visual Variants","Premium","NA","Visuals",7203,null,null,14406,"East2",8499.539999999999,"",null,"East2","Premium","Premium"]
[21436119,"Ragesh K","ragesh.k@v5global.co.in",9249730104,"V5 Global","Calicut","V5313059","Kerala","Kerala",null,"V5 Global",null,null,"Athul Krishna","athul.n@v5global.co.in",null,"South1",null,"External Consumer","ASO","V5 Global ASO",null,"FT",null,"ASO",null,"Shaiju","Prakash Kumar K P",null,"S Sreekumar","Sharad verma","prakash.kp@v5global.co.in","prakash.kp@v5global.co.in","ss89@lenovo.com","ssreekumar@lenovo.com","sharverm@lenovo.com","ASO","Shilpi Gautam","sgautam2@lenovo.com",null,"S Sreekumar",null,"ssreekumar@lenovo.com",null,"2025-11-11","22:44:00","11.2620719,75.8210816","DUAL COMPUTERS",{"$nulls":3},"T3","32AALFD2258C1ZV","South2",null,"T-8805","Kasargod","Kerala","Denave",null,"Yes","Face to Face","GY51M74265",6,"Lenovo","Gaming Mouse","Gaming","Lenovo M210 RGB Gaming Mouse","NA","Accessories","NA","NA","Accessories",1399,null,null,8394,"South1",1650.82,"",null,"South1","NA","NA"]
[21437976,"Mohammed Abdulla","mohammed.abdulla@v5global.co.in",9513623651,"V5 Global","Bangalore","V5266026","Karnataka","Karnataka",null,"V5 Global",null,null,"M Bhaskar Gowda","bhaskar.gowda@v5global.co.in",null,"South1",null,"External Consumer","ASO","V5 Global ASO",null,"FT",null,"ASO",null,"Anuj Kumar","Prakash Kumar K P",null,"S Sreekumar","Sharad verma","prakash.kp@v5global.co.in","prakash.kp@v5global.co.in","virtualcosmos.it@gmail.com","ssreekumar@lenovo.com","sharverm@lenovo.com","ASO","Shilpi Gautam","sgautam2@lenovo.com",null,"S Sreekumar",null,"ssreekumar@lenovo.com",null,"2025-11-12","10:50:00","12.9027367,77.5889402","Big C Technologies Pvt. Ltd",{"$nulls":3},"T3",null,"South1",null,"T-25345","Bangalore","KARNATAKA","V5 Global",null,"Yes","Face to Face","83DV01A5IN",1,"Lenovo","LOQ","LOQ 15IRX9","CI7-13650HX/16GB/512GB/RTX 4050 6GB/WIN11/OFFICE2024/15.6FULLHDIPS","Win 11","Gaming","Premium","C I7-13650HX","Consumer",91500,null,"NB",91500,"South1",107970,"SP","Gaming","South1","Premium","Premium"]
[21438021,"Mohammed Abdulla","mohammed.abdulla@v5global.co.in",9513623651,"V5 Global","Bangalore","V5266026","Karnataka","Karnataka",null,"V5 Global",null,null,"M Bhaskar Gowda","bhaskar.gowda@v5global.co.in",null,"South1",null,"External Consumer","ASO","V5 Global ASO",null,"FT",null,"ASO",null,"Anuj Kumar","Prakash Kumar K P",null,"S Sreekumar","Sharad verma","prakash.kp@v5global.co.in","prakash.kp@v5global.co.in","virtualcosmos.it@gmail.com","ssreekumar@lenovo.com","sharverm@lenovo.com","ASO","Shilpi Gautam","sgautam2@lenovo.com",null,"S Sreekumar",null,"ssreekumar@lenovo.com",null,"2025-11-12","10:53:00","12.9027182,77.5889455","Gs Sysnet",{"$nulls":3},"T3",null,"South1",null,"T-25355","Bangalore","KARNATAKA","V5 Global",null,"Yes","Face to Face","83CV00D0IN",1,"Lenovo","Yoga","Slim 7","NB YGS7 14IMH9 ULT5 16G 1T 11S","Win 11","Thin & Light","Premium","CORE ULT5 125H/16GB/1TB SSD","Consumer",82990,null,"NB",82990,"South1",97928.2,"SP","Non-Gaming","South1","Premium","Premium"]
[21438187,"Mohammed Abdulla","mohammed.abdulla@v5global.co.in",9513623651,"V5 Global","Bangalore","V5266026","Karnataka","Karnataka",null,"V5 Global",null,null,"M Bhaskar Gowda","bhaskar.gowda@v5global.co.in",null,"South1",null,"External Consumer","ASO","V5 Global ASO",null,"FT",null,"ASO",null,"Anuj Kumar","Prakash Kumar K P",null,"S Sreekumar","Sharad verma","prakash.kp@v5global.co.in","prakash.kp@v5global.co.in","virtualcosmos.it@gmail.com","ssreekumar@lenovo.com","sharverm@lenovo.com","ASO","Shilpi Gautam","sgautam2@lenovo.com",null,"S Sreekumar",null,"ssreekumar@lenovo.com",null,"2025-11-12","10:59:00","12.9027193,77.5889418","WORLD COMPUTECH",{"$nulls":3},"T3","29AMMPJ0697E1ZQ","South1",null,"T-7621","Bangalore","Karnataka",null,null,"Yes","Face to Face","61E0KAR6WW",1,"Lenovo","D Series","D19-10","D19: 18.5\" VGA + HDMI with HDMI Cable","NA","Visual Variants","Entry","NA","Visuals",5058,null,null,5058,"South1",5968.44,"",null,"South1","Entry","Entry"]
[21438243,"Mohammed Abdulla","mohammed.abdulla@v5global.co.in",9513623651,"V5 Global","Bangalore","V5266026","Karnataka","Karnataka",null,"V5 Global",null,null,"M Bhaskar Gowda","bhaskar.gowda@v5global.co.in",null,"South1",null,"External Consumer","ASO","V5 Global ASO",null,"FT",null,"ASO",null,"Anuj Kumar","Prakash Kumar K P",null,"S Sreekumar","Sharad verma","prakash.kp@v5global.co.in","prakash.kp@v5global.co.in","virtualcosmos.it@gmail.com","ssreekumar@lenovo.com","sharverm@lenovo.com","ASO","Shilpi Gautam","sgautam2@lenovo.com",null,"S Sreekumar",null,"ssreekumar@lenovo.com",null,"2025-11-12","11:01:00","12.9027226,77.5889376","Yash Trchonologies",{"$nulls":3},"T3","29AGLPR6493B1ZW","South1",null,"T-7625","Bangalore","Karnataka",null,null,"Yes","Face to Face","90VT004XIN",1,"Lenovo","IdeaCentre","IdeaCentre 3 07IRB8","DT IC 3 07IRB8 I513400 512G 8G","Win 11","TDT","Mainstream","i5 13400","Consumer",46990,null,"TDT",46990,"South1",55448.2,"",null,"South1","Mainstream","Mainstream"]
[21438565,"Mohammed Abdulla","mohammed.abdulla@v5global.co.in",9513623651,"V5 Global","Bangalore","V5266026","Karnataka","Karnataka",null,"V5 Global",null,null,"M Bhaskar Gowda","bhaskar.gowda@v5global.co.in",null,"South1",null,"External Consumer","ASO","V5 Global ASO",null,"FT",null,"ASO",null,"Anuj Kumar","Prakash Kumar K P",null,"S Sreekumar","Sharad verma","prakash.kp@v5global.co.in","prakash.kp@v5global.co.in","virtualcosmos.it@gmail.com","ssreekumar@lenovo.com","sharverm@lenovo.com","ASO","Shilpi Gautam","sgautam2@lenovo.com",null,"S Sreekumar",null,"ssreekumar@lenovo.com",null,"2025-11-12","11:08:00","12.9026629,77.5889662","Big C Technologies Pvt. Ltd",{"$nulls":3},"T3",null,"South1",null,"T-25345","Bangalore","KARNATAKA","V5 Global",null,"Yes","Face to Face","F0HN00FWIN",1,"Lenovo","IdeaCentre","AIO 24IRH9","IntelÂ® Coreâ„¢ i3-1315U,, 8 GB RAM, 512GB SSD, 23.8\" FHD (1920x1080) IPS Anti-glare 250nits, 100Hz, 99% sRGB, hardware low blue li","Win 11","AIO","Mainstream","IntelÂ® Coreâ„¢ i3-1315U","Consumer",48990,null,"AIO",48990,"South1",57808.2,"",null,"South1","Mainstream","Mainstream"]
[21446282,"Manoj Bihari","manoj.bihari@v5global.co.in",9861291397,"V5 Global","Sambalpur","V5263625","Orissa","Orissa",null,"V5 Global",null,null,"Arindam Mazumdar","arindam.mazumdar@v5global.co.in",null,"East2",null,"External Consumer","ASO","V5 Global ASO",null,"FT",null,"ASO","LES","Biswa Ranjan Jena","Imam Hassan",null,"Rajender Negi","Raghavendra Araveeti","imam.hassan@v5global.co.in","imam.hassan@v5global.co.in","bjena1@lenovo.com","rnegi@lenovo.com","raraveeti@lenovo.com","ASO","Shilpi Gautam","sgautam2@lenovo.com",null,"Rajender Negi","LES","rnegi@lenovo.com",null,"2025-11-12","12:50:00","19.169472753458102,83.41498643159866","ASIAN COMPUTERS",{"$nulls":3},"T3","21BVBPP0450L1ZU","East2",null,"T-2822","Koraput","Orissa","V5 Global",null,"Yes","Face to Face","67AFKACBIN",1,"Lenovo","L Series","L22E-40","LEN L22E-40 21.5 VA 75 HZ HDMI","NA","Visual Variants","Entry","NA","Visuals",7900,null,null,7900,"East2",9322,"",null,"East2","Entry","Entry"]
[21442462,"Ishan Modha","ishan.modha@v5global.co.in",6352456143,"V5 Global","Ahmedabad",601140,"Gujarat","Gujarat",null,"V5 Global",null,null,"Darshan Shah","darshan.shah@v5global.co.in",null,"West1",null,"External Consumer","ASO","V5 Global ASO",null,"FT",null,"ASO",null,"Jaydip Kachhot","Yunus Hamid Mansoori",null,"Hemant C Baghel","Sharad verma","yunus.hamid@v5global.co.in","yunus.hamid@v5global.co.in","jkachhot@lenovo.com","hbaghel@lenovo.com","sharverm@lenovo.com","ASO","Shilpi Gautam","sgautam2@lenovo.com",null,"Hemant C Baghel",null,"hbaghel@lenovo.com",null,"2025-11-12","16:04:00","22.300738,70.7789931","ANUPAM SECURITY",{"$nulls":3},"T3","24BMCPB1823K1ZI","West2",null,"T-13974","Rajkot","Gujarat",null,null,"Yes","Face to Face","F0HN00PGIN",1,"Lenovo","AIO","AIO i-24IRH9","i3-1315U-8-512-UHD-W11-O24-23.80","Win 11","AIO","Mainstream","i3-1315U","Consumer",57990,null,"AIO",57990,"West1",68428.2,"",null,"West1 M","Premium","Mainstream"]
[21443079,"Vinod Kumar","vinod.kumar@v5global.co.in",9911547614,"V5 Global","Delhi","V5265873","Delhi","Delhi",null,"V5 Global",null,null,"Gourav Jain","gourav.jain@v5global.co.in",null,"North1",null,"External Consumer","ASO","V5 Global ASO",null,"FT",null,"ASO",null,"Kanwaldeep Singh","Gaurav Sharma",null,"Kumar Tanksale","Raghavendra Araveeti","gaurav.sharma@v5global.co.in","gaurav.sharma@v5global.co.in","ksingh15@lenovo.com","ktanksale1@lenovo.com","raraveeti@lenovo.com","ASO","Shilpi Gautam","sgautam2@lenovo.com",null,"Kumar Tanksale",null,"ktanksale1@lenovo.com",null,"2025-11-12","17:34:00","28.7015564,77.1662505","System Solutions",{"$nulls":3},"T3","07ADVPC6180B1ZL","North1",null,"T-3655","New Delhi","New Delhi","V5 Global",null,"Yes","Telephonic","F0HM003CIN",1,"Lenovo","IdeaCentre","IdeaCentre AIO 27IRH9","DT IC AIO 27IRH9 I513420H 1T 16G","Win 11","AIO","Premium","i5 13420H","Consumer",69990,null,"AIO",69990,"North1",82588.2,"SP","Non-Gaming","North1","Premium","Premium"]
[21444022,"Sukanta Sinha","sukanta.sinha@v5global.co.in",9854184578,"V5 Global","Guwahati","V5266867","NE","NE",null,"V5 Global",null,null,"Sukamal Saha","sukamal.saha@v5global.co.in",null,"East1",null,"External Consumer","ASO","V5 Global ASO",null,"FT",null,"ASO",null,"Partha Chakraborty","Amit Thakuri",null,"Amit Tiwari","Raghavendra Araveeti","amit.thakuri@v5global.co.in","amit.thakuri@v5global.co.in","pchakraborty@lenovo.com","atiwari11@lenovo.com","raraveeti@lenovo.com","ASO","Shilpi Gautam","sgautam2@lenovo.com",null,"Amit Tiwari",null,"atiwari11@lenovo.com",null,"2025-11-12","19:46:00","25.9084444,93.7257938","ONE BIT",{"$nulls":3},"T3","13BHHPP1203K1ZN","East1",null,"T-522","Kohima","NAGALAND","V5 Global",null,"Yes","Face to Face","82LX00F7IN",1,"Lenovo","Ideapad","Slim 1","LEN N4500 8GB 512GB SSD WIN11  1YR","Win 11","Thin & Light","Entry","N4500","Consumer",25900,null,"NB",25900,"East1",30562,"",null,"East1","Entry","Entry"]
[21444422,"Sukanta Sinha","sukanta.sinha@v5global.co.in",9854184578,"V5 Global","Guwahati","V5266867","NE","NE",null,"V5 Global",null,null,"Sukamal Saha","sukamal.saha@v5global.co.in",null,"East1",null,"External Consumer","ASO","V5 Global ASO",null,"FT",null,"ASO",null,"Partha Chakraborty","Amit Thakuri",null,"Amit Tiwari","Raghavendra Araveeti","amit.thakuri@v5global.co.in","amit.thakuri@v5global.co.in","pchakraborty@lenovo.com","atiwari11@lenovo.com","raraveeti@lenovo.com","ASO","Shilpi Gautam","sgautam2@lenovo.com",null,"Amit Tiwari",null,"atiwari11@lenovo.com",null,"2025-11-12","20:21:00","25.9084482,93.7258015","Trax Computer System",{"$nulls":3},"T3","13APGPT7953N1Z5","East1",null,"T-29875","Kohima","Nagaland","V5 Global",null,"Yes","Face to Face","GY51C12380",10,"Lenovo","Wireless Mouse","Input","Lenovo 130 wireless mouse","NA","Accessories","NA","NA","Accessories",649,null,null,6490,"East1",765.8199999999999,"",null,"East1","NA","NA"]
[21445113,"Ragesh K","ragesh.k@v5global.co.in",9249730104,"V5 Global","Calicut","V5313059","Kerala","Kerala",null,"V5 Global",null,null,"Athul Krishna","athul.n@v5global.co.in",null,"South1",null,"External Consumer","ASO","V5 Global ASO",null,"FT",null,"ASO",null,"Shaiju","Prakash Kumar K P",null,"S Sreekumar","Sharad verma","prakash.kp@v5global.co.in","prakash.kp@v5global.co.in","ss89@lenovo.com","ssreekumar@lenovo.com","sharverm@lenovo.com","ASO","Shilpi Gautam","sgautam2@lenovo.com",null,"S Sreekumar",null,"ssreekumar@lenovo.com",null,"2025-11-12","21:14:00","11.2621046,75.8211059","COMPUTER POINT (MUKKAM)",{"$nulls":3},"T3","32AAMFC7242G1ZL","South2",null,"T-8095","Calicut","Kerala",null,null,"Yes","Telephonic","GY51C12380",15,"Lenovo","Wireless Mouse","Input","Lenovo 130 wireless mouse","NA","Accessories","NA","NA","Accessories",649,null,null,9735,"South1",765.8199999999999,"",null,"South1","NA","NA"]
[21445126,"Govind Gulab Rajbhar","govind.gulab@v5global.co.in",9029031943,"V5 Global","Mumbai","V5263641","Maharashtra","Maharashtra",null,"V5 Global",null,null,"Pooja Thakur","pooja.thakur@v5global.co.in",null,"West1",null,"External Consumer","ASO","V5 Global ASO",null,"FT",null,"ASO",null,"Amit Tiwari","Yunus Hamid Mansoori",null,"Hemant C Baghel","Sharad verma","yunus.hamid@v5global.co.in","yunus.hamid@v5global.co.in","atiwari5@lenovo.com","hbaghel@lenovo.com","sharverm@lenovo.com","ASO","Shilpi Gautam","sgautam2@lenovo.com",null,"Hemant C Baghel",null,"hbaghel@lenovo.com",null,"2025-11-12","21:19:00","19.2169647,72.8439015","S K INFOTECH",{"$nulls":3},"T3",null,"West1",null,"T-19652","Mumbai","Maharashtra","V5 Global",null,"Yes","Telephonic","90XS005PIN",1,"Lenovo","IdeaCentre","IdeaCentre","IntelÂ® Coreâ„¢ i3-14100 4C, 8GB DDR5/512 SSD/ WiFi 6 + BT 5.2/ 260W/ SFF 8.2Lt / Wired KeyBoard & Mouse /Win 11 Home/1 Yr Onsite","Win 11","TDT","Entry","IntelÂ® Coreâ„¢ i3-14100","Consumer",31500,null,"TDT",31500,"West1",37170,"",null,"West1 M","Entry","Entry"]
[21445298,"Govind Gulab Rajbhar","govind.gulab@v5global.co.in",9029031943,"V5 Global","Mumbai","V5263641","Maharashtra","Maharashtra",null,"V5 Global",null,null,"Pooja Thakur","pooja.thakur@v5global.co.in",null,"West1",null,"External Consumer","ASO","V5 Global ASO",null,"FT",null,"ASO",null,"Amit Tiwari","Yunus Hamid Mansoori",null,"Hemant C Baghel","Sharad verma","yunus.hamid@v5global.co.in","yunus.hamid@v5global.co.in","atiwari5@lenovo.com","hbaghel@lenovo.com","sharverm@lenovo.com","ASO","Shilpi Gautam","sgautam2@lenovo.com",null,"Hemant C Baghel",null,"hbaghel@lenovo.com",null,"2025-11-12","21:31:00","19.2169203,72.8439251","Tech Age Computer Zone",{"$nulls":3},"T3",null,"West1",null,"T-25812","Mumbai","Maharashtra","V5 Global",null,"Yes","Telephonic","83K000B8IN",1,"Lenovo","Ideapad","IdeaPad Slim 3","15.6\" FHD (1920x1080),16GB Ram, 512 GB SSD, ,MS OFFICE 2024  Luna Grey","Win 11","Thin & Light","Premium","IntelÂ® Coreâ„¢ i5-13420H","Consumer",65000,null,"NB",65000,"West1",76700,"",null,"West1 M","Premium","Mainstream"]
[21445750,"Maheswaran ","maheswaran.1@v5global.co.in",9952328485,"V5 Global","Pondicherry","V5458447","Pondicherry","Tamil Nadu","-","V5 Global",null,null,"Prabhakaran A","prabhakaran@v5global.co.in",null,"South2",null,"External Consumer","ASO","V5 Global ASO",null,"FT",null,"ASO",null,"Sridhar Ethirajulu","S.Arunbabu",null,"Prabhu Subaramanian","Sharad verma","arun.babu@v5global.co.in","arun.babu@v5global.co.in","sethirajulu1@lenovo.com","psubramania4@lenovo.com","sharverm@lenovo.com","ASO","Shilpi Gautam","sgautam2@lenovo.com",null,"Prabhu Subaramanian",null,"psubramania4@lenovo.com",null,"2025-11-12","22:22:00","12.9322259,79.1400405","Vel system",{"$nulls":3},"T3",null,"South2",null,"T-20217","Chengalpettu","Tamil Nadu","Denave",null,"Yes","Telephonic","90XW005UIN",5,"Lenovo","IdeaCentre","IdeaCentre 08IRH9","8GB RAM/512 GB SSD/Integrated Graphics/WINDOWS 11","Win 11","TDT","Entry","CORE I5","Consumer",32619,null,"TDT",163095,"South2",38490.42,"",null,"South2","Entry","Mainstream"]
[21445889,"Dharmaraja Ayyakutty","dharmaraja.ayyakutty@v5global.co.in",9345577776,"V5 Global","MADURAI","V5431236","TAMIL NADU","TAMIL NADU","-","V5 Global",null,null,"Prabhakaran A","prabhakaran@v5global.co.in",null,"South2",null,"External Consumer","ASO","V5 Global ASO",null,"FT",null,"ASO",null,"Sridhar Ethirajulu","S.Arunbabu",null,"Prabhu Subaramanian","Sharad verma","arun.babu@v5global.co.in","arun.babu@v5global.co.in","sethirajulu1@lenovo.com","psubramania4@lenovo.com","sharverm@lenovo.com","ASO","Shilpi Gautam","sgautam2@lenovo.com",null,"Prabhu Subaramanian",null,"psubramania4@lenovo.com",null,"2025-11-12","22:41:00","10.0130275,77.970581","ANBU SYSTEMS",{"$nulls":3},"T3","33AAFFA6867J1Z8","South2",null,"T-8998","Madurai","Tamil Nadu","V5 Global",null,"Yes","Face to Face","83ER00MCIN",1,"Lenovo","Ideapad","Slim 3","Lenovo IdeaPad Slim 3 12th Gen Intel Core i5-12450H 15\" (39.6cm) FHD IPS 300 Nits Thin & Light Laptop (16GB/512GB SSD/Win 11/MSO","Win 11","Thin & Light","Mainstream","i5 12th Gen","Consumer",41000,null,"NB",41000,"South2",48380,"",null,"South2","Mainstream","Mainstream"]
[21445927,"Dharmaraja Ayyakutty","dharmaraja.ayyakutty@v5global.co.in",9345577776,"V5 Global","MADURAI","V5431236","TAMIL NADU","TAMIL NADU","-","V5 Global",null,null,"Prabhakaran A","prabhakaran@v5global.co.in",null,"South2",null,"External Consumer","ASO","V5 Global ASO",null,"FT",null,"ASO",null,"Sridhar Ethirajulu","S.Arunbabu",null,"Prabhu Subaramanian","Sharad verma","arun.babu@v5global.co.in","arun.babu@v5global.co.in","sethirajulu1@lenovo.com","psubramania4@lenovo.com","sharverm@lenovo.com","ASO","Shilpi Gautam","sgautam2@lenovo.com",null,"Prabhu Subaramanian",null,"psubramania4@lenovo.com",null,"2025-11-12","22:48:00","10.0129624,77.9704425","EXPRESS COMPUTERS",{"$nulls":3},"T3","33APWPP8081R1ZM","South2",null,"T-9192","Theni","Tamil Nadu",null,null,"Yes","Face to Face","83LK009VIN",1,"Lenovo","LOQ","LOQ-15AX9E","i5-12450HX-RTX3050A-W11-O24-15.6","Win 11","Gaming","Premium","i5-12450HX","Consumer",85290,null,"NB",85290,"South2",100642.2,"SP","Gaming","South2","Premium","Premium"]
[21448272,"Furkan ","furkan.1@v5global.co.in",9818299160,"V5 Global","New Delhi","V5462337","NEW DELHI","New Delhi",null,"V5 Global",null,null,"Mohd Asif","mohd.asif@v5global.co.in",null,"North1",null,"External Consumer","ASO","V5 Global ASO",null,"FT",null,"ASO",null,"Kanwaldeep Singh","Gaurav Sharma",null,"Kumar Tanksale","Raghavendra Araveeti","gaurav.sharma@v5global.co.in","gaurav.sharma@v5global.co.in","ksingh15@lenovo.com","ktanksale1@lenovo.com","raraveeti@lenovo.com","ASO","Shilpi Gautam","sgautam2@lenovo.com",null,"Kumar Tanksale",null,"ktanksale1@lenovo.com",null,"2025-11-13","11:09:00","28.6392217,77.284686","COMPUTER PLAZA",{"$nulls":3},"T3",null,"North1",null,"T-4357","New Delhi","New Delhi","V5 Global",null,"Yes","Face to Face","83K100CAIN",1,"Lenovo","Ideapad","Slim 3","NB IP Slim 3 15IRH10 I5 8G 512G 11S","Win 11","Thin & Light","Premium","i5 13420H/8GB/512GB SSD","Consumer",56251,null,"NB",56251,"North1",66376.18,"",null,"North1","Premium","Mainstream"]
[21451868,"Umer Farooq Bhat","umer.farooq@v5global.co.in",7006131255,"V5 Global","Srinagar","V5266190","Jammu and Kashmir","Jammu and Kashmir",null,"V5 Global",null,null,"Shivam Kumar","shivam.kumar1@v5global.co.in",null,"North1",null,"External Consumer","ASO","V5 Global ASO",null,"FT",null,"ASO",null,"Karan Kapoor","Gaurav Sharma",null,"Kumar Tanksale","Raghavendra Araveeti","gaurav.sharma@v5global.co.in","gaurav.sharma@v5global.co.in","Kkapoor@lenovo.com","ktanksale1@lenovo.com","raraveeti@lenovo.com","ASO","Shilpi Gautam","sgautam2@lenovo.com",null,"Kumar Tanksale",null,"ktanksale1@lenovo.com",null,"2025-11-13","11:24:00","34.20735836972192,74.34231217950583","B.COM COMPUTERS",{"$nulls":3},"T3","01AAOFB9567H1Z7","North1",null,"T-3565","Baramulla","Jammu And Kashmir","V5 Global",null,"Yes","Face to Face","83K100CAIN",1,"Lenovo","Ideapad","Slim 3","NB IP Slim 3 15IRH10 I5 8G 512G 11S","Win 11","Thin & Light","Premium","i5 13420H/8GB/512GB SSD","Consumer",56251,null,"NB",56251,"North1",66376.18,"",null,"North1","Premium","Mainstream"]
[21451789,"Subodh Kumar Sahani","subodh.sahani@v5global.co.in",7703838818,"V5 Global","Ghaziabad",601131,"Uttar Pradesh","Uttar Pradesh",null,"V5 Global",null,null,"Mohd Asif","mohd.asif@v5global.co.in",null,"North2",null,"External Consumer","ASO","V5 Global ASO",null,"FT",null,"ASO","LMB","Nishant Aeron","Rahil Rasheed",null,"Durgendra Singh","Raghavendra Araveeti","rahil.rasheed@v5global.co.in","rahil.rasheed@v5global.co.in","naeron@lenovo.com","dsingh1@lenovo.com","raraveeti@lenovo.com","ASO","Shilpi Gautam","sgautam2@lenovo.com",null,"Durgendra Singh","LMB","dsingh1@lenovo.com",null,"2025-11-13","16:52:00","27.2008212,78.0055806","Exel Computers",{"$nulls":3},"T3",null,"North2",null,"T-23150","Chandausi","Uttar Pradesh","Denave",null,"Yes","Telephonic","90XS005PIN",2,"Lenovo","IdeaCentre","IdeaCentre","IntelÂ® Coreâ„¢ i3-14100 4C, 8GB DDR5/512 SSD/ WiFi 6 + BT 5.2/ 260W/ SFF 8.2Lt / Wired KeyBoard & Mouse /Win 11 Home/1 Yr Onsite","Win 11","TDT","Entry","IntelÂ® Coreâ„¢ i3-14100","Consumer",31500,null,"TDT",63000,"North2",37170,"",null,"North2","Entry","Entry"]
[21455232,"Manpreet Singh Brar","manpreet.brar@v5global.co.in",9780000315,"V5 Global","Ludhiana","V5414354","Punjab","Punjab",null,"V5 Global",null,null,"Shivam Kumar","shivam.kumar1@v5global.co.in",null,"North1",null,"External Consumer","ASO","V5 Global ASO",null,"FT",null,"ASO",null,"Karan Kapoor","Gaurav Sharma",null,"Kumar Tanksale","Raghavendra Araveeti","gaurav.sharma@v5global.co.in","gaurav.sharma@v5global.co.in","kkapoor@lenovo.com","ktanksale1@lenovo.com","raraveeti@lenovo.com","ASO","Shilpi Gautam","sgautam2@lenovo.com",null,"Kumar Tanksale",null,"ktanksale1@lenovo.com",null,"2025-11-13","17:45:00","30.9227703,75.828107","Sobhagya computer",{"$nulls":3},"T3","03AGGPD0745B1ZA","North1",null,"T-4805","Ludhiana","PUNJAB","V5 Global",null,"Yes","Face to Face","83ER00KSIN",1,"Lenovo","Ideapad","Slim 3i","i5-12450H-16GB, 512GB SSD-Integrated IntelÂ® UHD Graphics-OFFICE H&S 2021 -","Win 11","Thin & Light","Mainstream","i5-12450H","Consumer",56000,null,"NB",56000,"North1",66080,"",null,"North1","Premium","Mainstream"]
[21455236,"Manpreet Singh Brar","manpreet.brar@v5global.co.in",9780000315,"V5 Global","Ludhiana","V5414354","Punjab","Punjab",null,"V5 Global",null,null,"Shivam Kumar","shivam.kumar1@v5global.co.in",null,"North1",null,"External Consumer","ASO","V5 Global ASO",null,"FT",null,"ASO",null,"Karan Kapoor","Gaurav Sharma",null,"Kumar Tanksale","Raghavendra Araveeti","gaurav.sharma@v5global.co.in","gaurav.sharma@v5global.co.in","kkapoor@lenovo.com","ktanksale1@lenovo.com","raraveeti@lenovo.com","ASO","Shilpi Gautam","sgautam2@lenovo.com",null,"Kumar Tanksale",null,"ktanksale1@lenovo.com",null,"2025-11-13","17:47:00","30.9227663,75.8281011","AMRIT ELECTROWORLD",{"$nulls":3},"T3","03DOPPS9117Q1ZZ","North1",null,"T-4684","Ludhiana","PUNJAB","V5 Global",null,"Yes","Face to Face","83ER00KSIN",1,"Lenovo","Ideapad","Slim 3i","i5-12450H-16GB, 512GB SSD-Integrated IntelÂ® UHD Graphics-OFFICE H&S 2021 -","Win 11","Thin & Light","Mainstream","i5-12450H","Consumer",56000,null,"NB",56000,"North1",66080,"",null,"North1","Premium","Mainstream"]
[21452581,"Ishan Modha","ishan.modha@v5global.co.in",6352456143,"V5 Global","Ahmedabad",601140,"Gujarat","Gujarat",null,"V5 Global",null,null,"Darshan Shah","darshan.shah@v5global.co.in",null,"West1",null,"External Consumer","ASO","V5 Global ASO",null,"FT",null,"ASO",null,"Jaydip Kachhot","Yunus Hamid Mansoori",null,"Hemant C Baghel","Sharad verma","yunus.hamid@v5global.co.in","yunus.hamid@v5global.co.in","jkachhot@lenovo.com","hbaghel@lenovo.com","sharverm@lenovo.com","ASO","Shilpi Gautam","sgautam2@lenovo.com",null,"Hemant C Baghel",null,"hbaghel@lenovo.com",null,"2025-11-13","18:57:00","22.6940766,70.76245","WORLD INFOTECH",{"$nulls":3},"T3","24AACFW1685P1ZM","West2",null,"T-14093","Rajkot","Gujarat",null,null,"Yes","Face to Face","90XW005UIN",1,"Lenovo","IdeaCentre","IdeaCentre 08IRH9","8GB RAM/512 GB SSD/Integrated Graphics/WINDOWS 11","Win 11","TDT","Entry","CORE I5","Consumer",32619,null,"TDT",32619,"West1",38490.42,"",null,"West1 M","Entry","Mainstream"]
[21453979,"Govind Gulab Rajbhar","govind.gulab@v5global.co.in",9029031943,"V5 Global","Mumbai","V5263641","Maharashtra","Maharashtra",null,"V5 Global",null,null,"Pooja Thakur","pooja.thakur@v5global.co.in",null,"West1",null,"External Consumer","ASO","V5 Global ASO",null,"FT",null,"ASO",null,"Amit Tiwari","Yunus Hamid Mansoori",null,"Hemant C Baghel","Sharad verma","yunus.hamid@v5global.co.in","yunus.hamid@v5global.co.in","atiwari5@lenovo.com","hbaghel@lenovo.com","sharverm@lenovo.com","ASO","Shilpi Gautam","sgautam2@lenovo.com",null,"Hemant C Baghel",null,"hbaghel@lenovo.com",null,"2025-11-13","21:08:00","19.2169683,72.8439308","Eden Infosol",{"$nulls":3},"T3",null,"West1",null,"T-25693","Mumbai","Maharashtra","V5 Global",null,"Yes","Telephonic","83LK0031IN",1,"Lenovo","LOQ","LOQ 15IAX9E","NB LOQ 15IAX9E I5 12G 512G 11S","Win 11","Gaming","Mainstream","i5 12450HX","Consumer",59068,null,"NB",59068,"West1",69700.23999999999,"",null,"West1 M","Premium","Mainstream"]
[21455063,"Sumit Singh","sumit.singh@v5global.co.in",8963848967,"V5 Global","Mumbai","V5266119","Maharashtra","Maharashtra",null,"V5 Global",null,null,"Muffazal Momin","muffazal.momin@v5global.co.in",null,"West1",null,"External Consumer","ASO","V5 Global ASO",null,"FT",null,"ASO",null,"Amit Tiwari","Yunus Hamid Mansoori",null,"Hemant C Baghel","Sharad verma","yunus.hamid@v5global.co.in","yunus.hamid@v5global.co.in","atiwari5@lenovo.com","hbaghel@lenovo.com","sharverm@lenovo.com","ASO","Shilpi Gautam","sgautam2@lenovo.com",null,"Hemant C Baghel",null,"hbaghel@lenovo.com",null,"2025-11-13","21:12:00","19.19666,72.9727082","Yogesh Computers",{"$nulls":3},"T3",null,"West1",null,"T-25968","Lamington Road","Maharashtra","V5 Global",null,"Yes","Face to Face","83CV00D3IN",1,"Lenovo","Yoga Slim 7","Slim 7","14\" WUXGA (1920x1200) OLED 400nits Glossy/32GB Soldered LPDDR5-6400/1TB SSD M.2 2242 PCIeÂ® 4.0x4 NVMeÂ®/Integrated IntelÂ® Arcâ„¢ Gr","Win 11","Thin & Light","Premium","IntelÂ® Coreâ„¢ Ultra 7 155H, 16C","Consumer",114710,null,"NB",114710,"West1",135357.8,"SP","Non-Gaming","West1 M","Premium","Premium"]
[21454377,"Ragesh K","ragesh.k@v5global.co.in",9249730104,"V5 Global","Calicut","V5313059","Kerala","Kerala",null,"V5 Global",null,null,"Athul Krishna","athul.n@v5global.co.in",null,"South1",null,"External Consumer","ASO","V5 Global ASO",null,"FT",null,"ASO",null,"Shaiju","Prakash Kumar K P",null,"S Sreekumar","Sharad verma","prakash.kp@v5global.co.in","prakash.kp@v5global.co.in","ss89@lenovo.com","ssreekumar@lenovo.com","sharverm@lenovo.com","ASO","Shilpi Gautam","sgautam2@lenovo.com",null,"S Sreekumar",null,"ssreekumar@lenovo.com",null,"2025-11-13","21:35:00","11.2620647,75.8210709","MEGATECH",{"$nulls":3},"T3","32ADKPT7326H1ZC","South2",null,"T-8334","Calicut","Kerala",null,null,"Yes","Telephonic","82ER00MCIN",1,"Lenovo","Ideapad","Slim 3","15.6\" (39.62cm) FHD / 16 GB DDR5 RAM / 512 GB SSD/ARCTIC GREY/\t","Win 11","Thin & Light","Mainstream","Core i5 12th Gen","Consumer",53000,null,"NB",53000,"South1",62540,"",null,"South1","Mainstream","Mainstream"]
[21454397,"Ragesh K","ragesh.k@v5global.co.in",9249730104,"V5 Global","Calicut","V5313059","Kerala","Kerala",null,"V5 Global",null,null,"Athul Krishna","athul.n@v5global.co.in",null,"South1",null,"External Consumer","ASO","V5 Global ASO",null,"FT",null,"ASO",null,"Shaiju","Prakash Kumar K P",null,"S Sreekumar","Sharad verma","prakash.kp@v5global.co.in","prakash.kp@v5global.co.in","ss89@lenovo.com","ssreekumar@lenovo.com","sharverm@lenovo.com","ASO","Shilpi Gautam","sgautam2@lenovo.com",null,"S Sreekumar",null,"ssreekumar@lenovo.com",null,"2025-11-13","21:40:00","11.2620692,75.8210816","I Team Computers",{"$nulls":3},"T3",null,"South1",null,"T-20476","Wayanad","Kerala","V5 Global",null,"Yes","Telephonic","83DV01BHIN",1,"Lenovo","LOQ","LOQ 15IRX9","CI7-13650HX/16GB/512GB/RTX 4060 8GB/WIN11/OFFICE2024/ 15.6 FULL HD IPS","Win 11","Gaming","Premium","C I7-13650HX","Consumer",106500,null,"NB",106500,"South1",125670,"SP","Gaming","South1","Premium","Premium"]
[21454888,"Maheswaran ","maheswaran.1@v5global.co.in",9952328485,"V5 Global","Pondicherry","V5458447","Pondicherry","Tamil Nadu","-","V5 Global",null,null,"Prabhakaran A","prabhakaran@v5global.co.in",null,"South2",null,"External Consumer","ASO","V5 Global ASO",null,"FT",null,"ASO",null,"Sridhar Ethirajulu","S.Arunbabu",null,"Prabhu Subaramanian","Sharad verma","arun.babu@v5global.co.in","arun.babu@v5global.co.in","sethirajulu1@lenovo.com","psubramania4@lenovo.com","sharverm@lenovo.com","ASO","Shilpi Gautam","sgautam2@lenovo.com",null,"Prabhu Subaramanian",null,"psubramania4@lenovo.com",null,"2025-11-13","22:56:00","12.4929838,78.5665181","DHIRAJ MOBILES & ELECTRONICS",{"$nulls":3},"T3",null,"South2",null,"T-24931","Vaniyambadi","Tamil Nadu","Denave",null,"Yes","Telephonic","83ER00MCIN",1,"Lenovo","Ideapad","Slim 3","Lenovo IdeaPad Slim 3 12th Gen Intel Core i5-12450H 15\" (39.6cm) FHD IPS 300 Nits Thin & Light Laptop (16GB/512GB SSD/Win 11/MSO","Win 11","Thin & Light","Mainstream","i5 12th Gen","Consumer",41000,null,"NB",{"$f":"BV1795*BL1795","v":41000},{"$f":"Q1795","v":"South2"},{"$f":"BV1795*118%","v":48380},{"$f":"IF(CF1795=\"Premium\",IF(CA1795>=65000,\"SP\",\"\"),\"\")","v":""},null,"South2",{"$f":"IF(BU1795=\"Consumer\",IF(CA1795<40000,\"Entry\",IF(AND(CA1795>=40000,CA1795<65000),\"Mainstream\",\"Premium\")),IF(BU1795=\"Visuals\",BS1795,\"NA\"))","v":"Mainstream"},"Mainstream"]
[21455160,"Saurav Kumar","saurav.kumar@v5global.co.in",9798375154,"V5 Global","Ranchi",601537,"Ranchi","Jharkhand",null,"V5 Global",null,null,"Shivam Kumar","shivam.kumar@v5global.co.in",null,"East2",null,"External Consumer","ASO","V5 Global ASO",null,"FT",null,"ASO",null,"Krishna Kumar Singh","Imam Hassan",null,"Rajender Negi","Raghavendra Araveeti","imam.hassan@v5global.co.in","imam.hassan@v5global.co.in","ksingh25@lenovo.com","rnegi@lenovo.com","raraveeti@lenovo.com","ASO","Shilpi Gautam","sgautam2@lenovo.com",null,"Rajender Negi",null,"rnegi@lenovo.com",null,"2025-11-14","06:55:00","23.3519608,85.323102","ADITYA COMPUTER",{"$nulls":3},"T3","20AHPPC1339J1ZN","East2",null,"T-2572","Ranchi","Jharkhand",null,null,"Yes","Telephonic","67D5KAC6IN",2,"Lenovo","L22-4E","L Series","LEN L22-4E 21.5 IPS  BLACK 100HZ","NA","Visual Variants","Mainstream","NA","Visuals",5331,null,null,10662,"East2",6290.58,"",null,"East2","Mainstream","Mainstream"]
[21455247,"Pankaj Kumar","pankaj.kumar@v5global.co.in",8340543380,"V5 Global","Patna",601177,"Bihar","Bihar",null,"V5 Global",null,null,"Shivam Kumar","shivam.kumar@v5global.co.in",null,"East2",null,"External Consumer","ASO","V5 Global ASO",null,"FT",null,"ASO",null,"Krishna Kumar Singh","Imam Hassan",null,"Rajender Negi","Raghavendra Araveeti","imam.hassan@v5global.co.in","imam.hassan@v5global.co.in","ksingh25@lenovo.com","rnegi@lenovo.com","raraveeti@lenovo.com","ASO","Shilpi Gautam","sgautam2@lenovo.com",null,"Rajender Negi",null,"rnegi@lenovo.com",null,"2025-11-14","07:31:00","25.6174807,85.092536","Pal Computer",{"$nulls":3},"T3","10ANNPP4133H1Z7","East2",null,"T-2090","Patna","Bihar","V5 Global",null,"Yes","Face to Face","67BEKAC1IN",1,"Lenovo","Monitor","L27I-4A","L27I-4A","NA","Visual Variants","Premium","NA","Visuals",13000,null,null,13000,"East2",15340,"",null,"East2","Premium","Premium"]
[21455252,"Pankaj Kumar","pankaj.kumar@v5global.co.in",8340543380,"V5 Global","Patna",601177,"Bihar","Bihar",null,"V5 Global",null,null,"Shivam Kumar","shivam.kumar@v5global.co.in",null,"East2",null,"External Consumer","ASO","V5 Global ASO",null,"FT",null,"ASO",null,"Krishna Kumar Singh","Imam Hassan",null,"Rajender Negi","Raghavendra Araveeti","imam.hassan@v5global.co.in","imam.hassan@v5global.co.in","ksingh25@lenovo.com","rnegi@lenovo.com","raraveeti@lenovo.com","ASO","Shilpi Gautam","sgautam2@lenovo.com",null,"Rajender Negi",null,"rnegi@lenovo.com",null,"2025-11-14","07:34:00","25.6174683,85.0925879","CHANDA COMMUNICATIONS",{"$nulls":3},"T3","10CPOPK3450B1ZF","East2",null,"T-2369","Arwal","Bihar","V5 Global",null,"Yes","Face to Face","67AEKACBIN",1,"Lenovo","Monitor","L22i-40","MONITOR 21.5","NA","Visual Variants","Mainstream","NA","Visuals",9099,null,null,9099,"East2",10736.82,"",null,"East2","Mainstream","Mainstream"]
[21463843,"Amarjit Behera","amarjit.behera@v5global.co.in",9437451999,"V5 Global","Bhubaneswar",601088,"Orissa","Orissa",null,"V5 Global",null,null,"Arindam Mazumdar","arindam.mazumdar@v5global.co.in",null,"East2",null,"External Consumer","ASO","V5 Global ASO",null,"FT",null,"ASO",null,"Biswa Ranjan Jena","Imam Hassan",null,"Rajender Negi","Raghavendra Araveeti","imam.hassan@v5global.co.in","imam.hassan@v5global.co.in","bjena1@lenovo.com","rnegi@lenovo.com","raraveeti@lenovo.com","ASO","Shilpi Gautam","sgautam2@lenovo.com",null,"Rajender Negi",null,"rnegi@lenovo.com",null,"2025-11-14","08:06:00","20.4469125,85.8884363","Micro Compu Lab",{"$nulls":3},"T3","21AEHPR3497R1ZP","East2",null,"T-2743","Khordha","Orissa","V5 Global",null,"Yes","Face to Face","90XW005UIN",1,"Lenovo","IdeaCentre","IdeaCentre 08IRH9","8GB RAM/512 GB SSD/Integrated Graphics/WINDOWS 11","Win 11","TDT","Entry","CORE I5","Consumer",32619,null,"TDT",32619,"East2",38490.42,"",null,"East2","Entry","Mainstream"]
[21463850,"Amarjit Behera","amarjit.behera@v5global.co.in",9437451999,"V5 Global","Bhubaneswar",601088,"Orissa","Orissa",null,"V5 Global",null,null,"Arindam Mazumdar","arindam.mazumdar@v5global.co.in",null,"East2",null,"External Consumer","ASO","V5 Global ASO",null,"FT",null,"ASO",null,"Biswa Ranjan Jena","Imam Hassan",null,"Rajender Negi","Raghavendra Araveeti","imam.hassan@v5global.co.in","imam.hassan@v5global.co.in","bjena1@lenovo.com","rnegi@lenovo.com","raraveeti@lenovo.com","ASO","Shilpi Gautam","sgautam2@lenovo.com",null,"Rajender Negi",null,"rnegi@lenovo.com",null,"2025-11-14","08:10:00","20.4469201,85.8887559","HB Computer World",{"$nulls":3},"T3",null,"East2",null,"T-30241","Bhubaneswar","Odisha",null,null,"Yes","Face to Face","67BCKAC6IN",1,"Lenovo","Monitor -L24i4A","Monitor -L24i4A","Full HD IPS Panel Ultra Thin Monitor with WLED Backlight","NA","Visual Variants","Premium","NA","Visuals",7203,null,null,{"$f":"BV1859*BL1859","v":7203},{"$f":"Q1859","v":"East2"},{"$f":"BV1859*118%","v":8499.539999999999},{"$f":"IF(CF1859=\"Premium\",IF(CA1859>=65000,\"SP\",\"\"),\"\")","v":""},null,"East2",{"$f":"IF(BU1859=\"Consumer\",IF(CA1859<40000,\"Entry\",IF(AND(CA1859>=40000,CA1859<65000),\"Mainstream\",\"Premium\")),IF(BU1859=\"Visuals\",BS1859,\"NA\"))","v":"Premium"},"Premium"]
[21463857,"Amarjit Behera","amarjit.behera@v5global.co.in",9437451999,"V5 Global","Bhubaneswar",601088,"Orissa","Orissa",null,"V5 Global",null,null,"Arindam Mazumdar","arindam.mazumdar@v5global.co.in",null,"East2",null,"External Consumer","ASO","V5 Global ASO",null,"FT",null,"ASO",null,"Biswa Ranjan Jena","Imam Hassan",null,"Rajender Negi","Raghavendra Araveeti","imam.hassan@v5global.co.in","imam.hassan@v5global.co.in","bjena1@lenovo.com","rnegi@lenovo.com","raraveeti@lenovo.com","ASO","Shilpi Gautam","sgautam2@lenovo.com",null,"Rajender Negi",null,"rnegi@lenovo.com",null,"2025-11-14","08:15:00","20.4469125,85.8884363","Computer Care",{"$nulls":3},"T3","21AZCPP6839R1ZP","East2",null,"T-2749","Khordha","Orissa","V5 Global",null,"Yes","Face to Face","90XS005PIN",1,"Lenovo","IdeaCentre","IdeaCentre","IntelÂ® Coreâ„¢ i3-14100 4C, 8GB DDR5/512 SSD/ WiFi 6 + BT 5.2/ 260W/ SFF 8.2Lt / Wired KeyBoard & Mouse /Win 11 Home/1 Yr Onsite","Win 11","TDT","Entry","IntelÂ® Coreâ„¢ i3-14100","Consumer",31500,null,"TDT",31500,"East2",37170,"",null,"East2","Entry","Entry"]
[21463871,"Amarjit Behera","amarjit.behera@v5global.co.in",9437451999,"V5 Global","Bhubaneswar",601088,"Orissa","Orissa",null,"V5 Global",null,null,"Arindam Mazumdar","arindam.mazumdar@v5global.co.in",null,"East2",null,"External Consumer","ASO","V5 Global ASO",null,"FT",null,"ASO",null,"Biswa Ranjan Jena","Imam Hassan",null,"Rajender Negi","Raghavendra Araveeti","imam.hassan@v5global.co.in","imam.hassan@v5global.co.in","bjena1@lenovo.com","rnegi@lenovo.com","raraveeti@lenovo.com","ASO","Shilpi Gautam","sgautam2@lenovo.com",null,"Rajender Negi",null,"rnegi@lenovo.com",null,"2025-11-14","08:21:00","20.4469201,85.8887559","Targous Technology",{"$nulls":3},"T3","21AACFT0396G1ZG","East2",null,"T-2754","Khordha","Orissa",null,null,"Yes","Face to Face","F0HN00PGIN",1,"Lenovo","AIO","AIO i-24IRH9","i3-1315U-8-512-UHD-W11-O24-23.80","Win 11","AIO","Mainstream","i3-1315U","Consumer",57990,null,"AIO",57990,"East2",68428.2,"",null,"East2","Premium","Mainstream"]
[21463877,"Amarjit Behera","amarjit.behera@v5global.co.in",9437451999,"V5 Global","Bhubaneswar",601088,"Orissa","Orissa",null,"V5 Global",null,null,"Arindam Mazumdar","arindam.mazumdar@v5global.co.in",null,"East2",null,"External Consumer","ASO","V5 Global ASO",null,"FT",null,"ASO",null,"Biswa Ranjan Jena","Imam Hassan",null,"Rajender Negi","Raghavendra Araveeti","imam.hassan@v5global.co.in","imam.hassan@v5global.co.in","bjena1@lenovo.com","rnegi@lenovo.com","raraveeti@lenovo.com","ASO","Shilpi Gautam","sgautam2@lenovo.com",null,"Rajender Negi",null,"rnegi@lenovo.com",null,"2025-11-14","08:24:00","20.4469201,85.8887559","BABA COMPUTER - NAKHARA",{"$nulls":3},"T3","21BJBPS2229C1ZT","East2",null,"T-30844","NAKHARA, CUTTACK","Odisha","V5 Global",null,"Yes","Face to Face","GX30M39704",30,"Lenovo","Input","Wired mouse","LENOVO 300 USB MOUSE/Warranty - 3 Year Carry In","NA","Accessories","NA","NA","Accessories",271,null,null,8130,"East2",319.78,"",null,"East2","NA","NA"]
[21455588,"Yathish R Rao","yathish.rao@v5global.co.in",9483372060,"V5 Global","MANGALORE","V5438066","KARNATAKA","KARNATAKA",null,"V5 Global",null,null,"M Bhaskar Gowda","bhaskar.gowda@v5global.co.in",null,"South1",null,"External Consumer","ASO","V5 Global ASO",null,"FT",null,"ASO",null,"Riyaz Khan","Prakash Kumar K P",null,"S Sreekumar","Sharad verma","prakash.kp@v5global.co.in","prakash.kp@v5global.co.in","rhospet@lenovo.com","ssreekumar@lenovo.com","sharverm@lenovo.com","ASO","Shilpi Gautam","sgautam2@lenovo.com",null,"S Sreekumar",null,"ssreekumar@lenovo.com","Week_2_Feb_2022","2025-11-14","09:45:00","13.9327731,75.5730691","Newtech computers",{"$nulls":3},"T3","29AEKPH7552N1ZS","South1",null,"T-19068","Dakshina Kannada","Karnataka","Denave",null,"Yes","Face to Face","83DV018PIN",1,"Lenovo","LOQ","LOQ","16 GB RAM 512 SSD WINDOWS 11 MS OFFICE LIFETIME TIME 2024 NVIDIA RTX 3050 6GB LUNA GREY","Win 11","Gaming","Premium","13650HX","Consumer",73305,null,"NB",73305,"South1",86499.9,"SP","Gaming","South1","Premium","Premium"]
[21459600,"Furkan ","furkan.1@v5global.co.in",9818299160,"V5 Global","New Delhi","V5462337","NEW DELHI","New Delhi",null,"V5 Global",null,null,"Mohd Asif","mohd.asif@v5global.co.in",null,"North1",null,"External Consumer","ASO","V5 Global ASO",null,"FT",null,"ASO",null,"Kanwaldeep Singh","Gaurav Sharma",null,"Kumar Tanksale","Raghavendra Araveeti","gaurav.sharma@v5global.co.in","gaurav.sharma@v5global.co.in","ksingh15@lenovo.com","ktanksale1@lenovo.com","raraveeti@lenovo.com","ASO","Shilpi Gautam","sgautam2@lenovo.com",null,"Kumar Tanksale",null,"ktanksale1@lenovo.com",null,"2025-11-14","13:41:00","28.634934,77.284688","Syscom computer pvt ltd",{"$nulls":3},"T3","07AATCS1939A1Z9","North1",null,"T-30338","Delhi","Delhi","V5 Global",null,"Yes","Telephonic","90XW0055IN",1,"Lenovo","IdeaCentre","Tower 08IRR9 ","8 GB DDR   , 512 GB SSDWired KeyBoard & Mouse WiFi 6 + BT 5.2 260W  3 Yr Onsite Warranty  Win 11 Home + MS Office 2024 + 1 YR Mi","Win 11","TDT","Mainstream","Intel Core i5-13420H, 8C,","Consumer",50052,null,"TDT",50052,"North1",59061.35999999999,"",null,"North1","Mainstream","Mainstream"]
[21460714,"Umer Farooq Bhat","umer.farooq@v5global.co.in",7006131255,"V5 Global","Srinagar","V5266190","Jammu and Kashmir","Jammu and Kashmir",null,"V5 Global",null,null,"Shivam Kumar","shivam.kumar1@v5global.co.in",null,"North1",null,"External Consumer","ASO","V5 Global ASO",null,"FT",null,"ASO",null,"Karan Kapoor","Gaurav Sharma",null,"Kumar Tanksale","Raghavendra Araveeti","gaurav.sharma@v5global.co.in","gaurav.sharma@v5global.co.in","Kkapoor@lenovo.com","ktanksale1@lenovo.com","raraveeti@lenovo.com","ASO","Shilpi Gautam","sgautam2@lenovo.com",null,"Kumar Tanksale",null,"ktanksale1@lenovo.com",null,"2025-11-14","14:49:00","34.073698675756305,74.81981445103884","Dot Com Services",{"$nulls":3},"T3","01AHKPR0917J1ZF","North1",null,"T-20004","Polo View","Jammu And Kashmir","V5 Global",null,"Yes","Face to Face","F0J6005FIN",1,"Lenovo","AIO","Lenovo A100","23.8\" FHD/8GB RAM/512 SSD/Integrated Graphics/MSO 2024/White","Win 11","AIO","Entry","Intel N100","Consumer",32000,null,"AIO",32000,"North1",37760,"",null,"North1","Entry","Entry"]
[21461316,"Nilay Girishbhai Bandhara","nilay.bandhara@v5global.co.in",9979302088,"V5 Global","Vadodara","V5341501","Gujarat","Gujarat",null,"V5 Global",null,null,"Darshan Shah","darshan.shah@v5global.co.in",null,"West1",null,"External Consumer","ASO","V5 Global ASO",null,"FT",null,"ASO",null,"Darshan Thakkar","Yunus Hamid Mansoori",null,"Hemant C Baghel","Sharad verma","yunus.hamid@v5global.co.in","yunus.hamid@v5global.co.in","tjitendrabha@lenovo.com","hbaghel@lenovo.com","sharverm@lenovo.com","ASO","Shilpi Gautam","sgautam2@lenovo.com",null,"Hemant C Baghel",null,"hbaghel@lenovo.com",null,"2025-11-14","19:18:00","22.2943134,73.225963","Trio Computers",{"$nulls":3},"T3","24ABDPT5649L1Z5","West1",null,"T-14706","Anand","Gujarat","V5 Global",null,"Yes","Telephonic","F0HM00PKIN",1,"Lenovo","AIO","AIO","Core i3-1315U|8GB DDR5|512GB SSD|INTEGRATED GRAPHICS|27FHD AG 250N |WLAN+BT  |Cloud Grey|5M CAMERA WH|KBD Wireless|Win 11 Home +","Win 11","AIO","Mainstream","I3-1315U\t","Consumer",49732,null,"AIO",49732,"West1",58683.759999999995,"",null,"West1 M","Mainstream","Mainstream"]
[21461543,"Rajesh MG","rajesh.mg@v5global.co.in",8157020114,"V5 Global","COCHIN",601146,"KERELA","KERELA",null,"V5 Global",null,null,"Athul Krishna","athul.n@v5global.co.in",null,"South1",null,"External Consumer","ASO","V5 Global ASO",null,"FT",null,"ASO",null,"Shaiju","Prakash Kumar K P",null,"S Sreekumar","Sharad verma","prakash.kp@v5global.co.in","prakash.kp@v5global.co.in","ss89@lenovo.com","ssreekumar@lenovo.com","sharverm@lenovo.com","ASO","Shilpi Gautam","sgautam2@lenovo.com",null,"S Sreekumar",null,"ssreekumar@lenovo.com",null,"2025-11-14","19:47:00","10.6062746,76.1429307","Computer City",{"$nulls":3},"T3","32AMJPA4748C1ZJ","South2",null,"T-8086","Malappuram","Kerala","Denave",null,"Yes","Telephonic","67AFKACBIN",1,"Lenovo","L Series","L22E-40","LEN L22E-40 21.5 VA 75 HZ HDMI","NA","Visual Variants","Entry","NA","Visuals",7900,null,null,7900,"South1",9322,"",null,"South1","Entry","Entry"]
[21462792,"Govind Gulab Rajbhar","govind.gulab@v5global.co.in",9029031943,"V5 Global","Mumbai","V5263641","Maharashtra","Maharashtra",null,"V5 Global",null,null,"Pooja Thakur","pooja.thakur@v5global.co.in",null,"West1",null,"External Consumer","ASO","V5 Global ASO",null,"FT",null,"ASO",null,"Amit Tiwari","Yunus Hamid Mansoori",null,"Hemant C Baghel","Sharad verma","yunus.hamid@v5global.co.in","yunus.hamid@v5global.co.in","atiwari5@lenovo.com","hbaghel@lenovo.com","sharverm@lenovo.com","ASO","Shilpi Gautam","sgautam2@lenovo.com",null,"Hemant C Baghel",null,"hbaghel@lenovo.com",null,"2025-11-14","21:29:00","19.2169365,72.8439351","S S Computer",{"$nulls":3},"T3",null,"West1",null,"T-25832","Mumbai","Maharashtra","V5 Global",null,"Yes","Telephonic","67AKACBIN",1,"Lenovo","L Series","L22E-40","21.5'' VA75HZ HDMI","NA","Visual Variants","Mainstream","NA","Visuals",6250,null,null,6250,"West1",7375,"",null,"West1 M","Mainstream","Mainstream"]
[21463504,"Pran Pratap Singh","pran.singh@v5global.co.in",9001585718,"V5 Global","Jaipur","V5459442","Jaipur","Rajasthan",null,"V5 Global",null,null,"Gourav Jain","gourav.jain@v5global.co.in",null,"North1",null,"External Consumer","ASO","V5 Global ASO",null,"FT",null,"ASO",null,"Ganga Singh","Gaurav Sharma",null,"Kumar Tanksale","Raghavendra Araveeti","gaurav.sharma@v5global.co.in","gaurav.sharma@v5global.co.in","gsingh24@lenovo.com","ktanksale1@lenovo.com","raraveeti@lenovo.com","ASO","Shilpi Gautam","sgautam2@lenovo.com",null,"Kumar Tanksale",null,"ktanksale1@lenovo.com",null,"2025-11-14","22:57:00","26.9377483,75.8928967","S.N.ENTERPRISES",{"$nulls":3},"T3",null,"West2",null,"T-15694","Jaipur","Rajasthan","Denave",null,"Yes","Telephonic","68CDKAC1IN",1,"Lenovo","L27-4E","L Series","LEN L27-4E 27 IPS BLACK 100HZ","NA","Visual Variants","Premium","NA","Visuals",8158,null,null,8158,"North1",9626.439999999999,"",null,"North1","Premium","Premium"]
[21464086,"Mukesh Bhandari","mukesh.bhandari@v5global.co.in",9414235543,"V5 Global","Udaipur","V5301580","Rajasthan","Rajasthan",null,"V5 Global",null,null,"Gourav Jain","gourav.jain@v5global.co.in",null,"North1",null,"External Consumer","ASO","V5 Global ASO",null,"FT",null,"ASO",null,"Ganga Singh","Gaurav Sharma",null,"Kumar Tanksale","Raghavendra Araveeti","gaurav.sharma@v5global.co.in","gaurav.sharma@v5global.co.in","gsingh24@lenovo.com","ktanksale1@lenovo.com","raraveeti@lenovo.com","ASO","Shilpi Gautam","sgautam2@lenovo.com",null,"Kumar Tanksale",null,"ktanksale1@lenovo.com",null,"2025-11-15","09:33:00","24.0710613,73.6817645","ARIHANT INFOTECH",{"$nulls":3},"T3","08ACEPL6623J1ZG","North1",null,"T-15597","Chittorgarh","Rajasthan","V5 Global",null,"Yes","Face to Face","90XW0022IN",1,"Lenovo","IdeaCentre","IdeaCentre 3","Intel Core i7-13620H,10C SFF 7.4 Lt,8 GB DDR4 ,512 GB SSD","DOS","TDT","Mainstream","Intel Core i7-13620H","Consumer",55000,null,"TDT",55000,"North1",64900,"",null,"North1","Mainstream","Mainstream"]
[21464129,"Mukesh Bhandari","mukesh.bhandari@v5global.co.in",9414235543,"V5 Global","Udaipur","V5301580","Rajasthan","Rajasthan",null,"V5 Global",null,null,"Gourav Jain","gourav.jain@v5global.co.in",null,"North1",null,"External Consumer","ASO","V5 Global ASO",null,"FT",null,"ASO",null,"Ganga Singh","Gaurav Sharma",null,"Kumar Tanksale","Raghavendra Araveeti","gaurav.sharma@v5global.co.in","gaurav.sharma@v5global.co.in","gsingh24@lenovo.com","ktanksale1@lenovo.com","raraveeti@lenovo.com","ASO","Shilpi Gautam","sgautam2@lenovo.com",null,"Kumar Tanksale",null,"ktanksale1@lenovo.com",null,"2025-11-15","09:39:00","24.110375,73.6978483","KAY KAY SOFTECH PVT.LTD",{"$nulls":3},"T3",null,"North1",null,"T-25637","Kota","Rajasthan","V5 Global",null,"Yes","Face to Face","90XW0022IN",1,"Lenovo","IdeaCentre","IdeaCentre 3","Intel Core i7-13620H,10C SFF 7.4 Lt,8 GB DDR4 ,512 GB SSD","DOS","TDT","Mainstream","Intel Core i7-13620H","Consumer",55000,null,"TDT",55000,"North1",64900,"",null,"North1","Mainstream","Mainstream"]
[21464469,"Karan Kanhaiyalal Gupta","karan.gupta@v5global.co.in",9594708424,"V5 Global","Mumbai","V5412124","MAHARASHTRA","Maharashtra",null,"V5 Global",null,null,"Muffazal Momin","muffazal.momin@v5global.co.in",null,"West1",null,"External Consumer","ASO","V5 Global ASO",null,"FT",null,"ASO",null,"Amit Tiwari","Yunus Hamid Mansoori",null,"Hemant C Baghel","Sharad verma","yunus.hamid@v5global.co.in","yunus.hamid@v5global.co.in","atiwari5@lenovo.com","hbaghel@lenovo.com","sharverm@lenovo.com","ASO","Shilpi Gautam","sgautam2@lenovo.com",null,"Hemant C Baghel",null,"hbaghel@lenovo.com",null,"2025-11-15","10:14:00","19.0617455,72.8927717","TECH-VISIT",{"$nulls":3},"T3","27AMIPP9499E1ZA","West1",null,"T-11320","Mumbai","Maharashtra","V5 Global",null,"Yes","Face to Face","83B40004IN",1,"Lenovo","Ideapad","Ideapad 1","15.6\"FHD,8GB/512GB/I3 1315/WIN/MS OFFICE/","Win 11","Thin & Light","Entry","13 1315","Consumer",36960,null,"NB",36960,"West1",43612.799999999996,"",null,"West1 M","Mainstream","Entry"]
[21466906,"Nithiyanadhababa A","nithiyanadhababa.a@v5global.co.in",9677596890,"V5 Global","Tirunelveli",601263,"TAMIL NADU","TAMIL NADU",null,"V5 Global",null,null,"Prabhakaran A","prabhakaran@v5global.co.in",null,"South2",null,"External Consumer","ASO","V5 Global ASO",null,"FT",null,"ASO",null,"Sridhar Ethirajulu","S.Arunbabu",null,"Prabhu Subaramanian","Sharad verma","arun.babu@v5global.co.in","arun.babu@v5global.co.in","sethirajulu1@lenovo.com","psubramania4@lenovo.com","sharverm@lenovo.com","ASO","Shilpi Gautam","sgautam2@lenovo.com",null,"Prabhu Subaramanian",null,"psubramania4@lenovo.com",null,"2025-11-15","11:48:00","8.7265739,77.728952","ANANTHA COMPUTERS",{"$nulls":3},"T3","33AASFA2210J1ZQ","South2",null,"T-8995","Tuticorin","Tamil Nadu",null,null,"Yes","Telephonic","83LK009VIN",2,"Lenovo","LOQ","LOQ-15AX9E","i5-12450HX-RTX3050A-W11-O24-15.6","Win 11","Gaming","Premium","i5-12450HX","Consumer",85290,null,"NB",170580,"South2",100642.2,"SP","Gaming","South2","Premium","Premium"]
[21466975,"Nithiyanadhababa A","nithiyanadhababa.a@v5global.co.in",9677596890,"V5 Global","Tirunelveli",601263,"TAMIL NADU","TAMIL NADU",null,"V5 Global",null,null,"Prabhakaran A","prabhakaran@v5global.co.in",null,"South2",null,"External Consumer","ASO","V5 Global ASO",null,"FT",null,"ASO",null,"Sridhar Ethirajulu","S.Arunbabu",null,"Prabhu Subaramanian","Sharad verma","arun.babu@v5global.co.in","arun.babu@v5global.co.in","sethirajulu1@lenovo.com","psubramania4@lenovo.com","sharverm@lenovo.com","ASO","Shilpi Gautam","sgautam2@lenovo.com",null,"Prabhu Subaramanian",null,"psubramania4@lenovo.com",null,"2025-11-15","11:50:00","8.726554,77.7288891","AVALON COMPUTERS",{"$nulls":3},"T3","33AAYFA8516H1Z4","South2",null,"T-9027","Tirunelveli","Tamil Nadu","V5 Global",null,"Yes","Telephonic","83K100C7IN",2,"Lenovo","Ideapad","Slim 3","i5-13450H,Ram-16,512,15.3 wuxga,win-11 office 2024,\t","Win 11","Thin & Light","Mainstream","i5-13450H","Consumer",64790,null,"NB",129580,"South2",76452.2,"",null,"South2","Premium","Mainstream"]
[21467175,"Nithiyanadhababa A","nithiyanadhababa.a@v5global.co.in",9677596890,"V5 Global","Tirunelveli",601263,"TAMIL NADU","TAMIL NADU",null,"V5 Global",null,null,"Prabhakaran A","prabhakaran@v5global.co.in",null,"South2",null,"External Consumer","ASO","V5 Global ASO",null,"FT",null,"ASO",null,"Sridhar Ethirajulu","S.Arunbabu",null,"Prabhu Subaramanian","Sharad verma","arun.babu@v5global.co.in","arun.babu@v5global.co.in","sethirajulu1@lenovo.com","psubramania4@lenovo.com","sharverm@lenovo.com","ASO","Shilpi Gautam","sgautam2@lenovo.com",null,"Prabhu Subaramanian",null,"psubramania4@lenovo.com",null,"2025-11-15","12:02:00","8.7265029,77.7289921","MAHA SYSTEMS",{"$nulls":3},"T3","33ALSPM1838K1ZO","South2",null,"T-9432","Tuticorin","Tamil Nadu",null,null,"Yes","Telephonic","F0J6005FIN",1,"Lenovo","AIO","Lenovo A100","23.8\" FHD/8GB RAM/512 SSD/Integrated Graphics/MSO 2024/White","Win 11","AIO","Entry","Intel N100","Consumer",32000,null,"AIO",32000,"South2",37760,"",null,"South2","Entry","Entry"]
[21468496,"Siddhartha Saha ","sidhartha.saha@v5global.co.in",9874293392,"V5 Global","Medinipur","V5367944","West Bengal","West Bengal",null,"V5 Global",null,null,"Sukamal Saha","sukamal.saha@v5global.co.in",null,"East1",null,"External Consumer","ASO","V5 Global ASO",null,"FT",null,"ASO",null,"Kapil Tiwari","Amit Thakuri",null,"Amit Tiwari","Raghavendra Araveeti","amit.thakuri@v5global.co.in","amit.thakuri@v5global.co.in","ktiwari1@lenovo.com","atiwari11@lenovo.com","raraveeti@lenovo.com","ASO","Shilpi Gautam","sgautam2@lenovo.com",null,"Amit Tiwari",null,"atiwari11@lenovo.com",null,"2025-11-15","13:17:00","22.59348,88.35607","INFOTRONICS",{"$nulls":3},"T3","19BSGPG1578Q1Z0","East1",null,"T-1409","Medinipur","West Bengal",null,null,"Yes","Face to Face","90XS005PIN",1,"Lenovo","IdeaCentre","IdeaCentre","IntelÂ® Coreâ„¢ i3-14100 4C, 8GB DDR5/512 SSD/ WiFi 6 + BT 5.2/ 260W/ SFF 8.2Lt / Wired KeyBoard & Mouse /Win 11 Home/1 Yr Onsite","Win 11","TDT","Entry","IntelÂ® Coreâ„¢ i3-14100","Consumer",31500,null,"TDT",31500,"East1",37170,"",null,"East1","Entry","Entry"]
[21468593,"Siddhartha Saha ","sidhartha.saha@v5global.co.in",9874293392,"V5 Global","Medinipur","V5367944","West Bengal","West Bengal",null,"V5 Global",null,null,"Sukamal Saha","sukamal.saha@v5global.co.in",null,"East1",null,"External Consumer","ASO","V5 Global ASO",null,"FT",null,"ASO",null,"Kapil Tiwari","Amit Thakuri",null,"Amit Tiwari","Raghavendra Araveeti","amit.thakuri@v5global.co.in","amit.thakuri@v5global.co.in","ktiwari1@lenovo.com","atiwari11@lenovo.com","raraveeti@lenovo.com","ASO","Shilpi Gautam","sgautam2@lenovo.com",null,"Amit Tiwari",null,"atiwari11@lenovo.com",null,"2025-11-15","13:26:00","22.5934217,88.35609","New Smart Computer",{"$nulls":3},"T3","19FDDPS2918J1Z2","East1",null,"T-30908","Paschim Mednipur","West Bengal","V5 Global",null,"Yes","Face to Face","83K100CAIN",1,"Lenovo","Ideapad","Slim 3","NB IP Slim 3 15IRH10 I5 8G 512G 11S","Win 11","Thin & Light","Premium","i5 13420H/8GB/512GB SSD","Consumer",56251,null,"NB",56251,"East1",66376.18,"",null,"East1","Premium","Mainstream"]
[21469222,"TALAMARLA LAKSHMI REDDY","talamarla.reddy@v5global.co.in",9014290161,"V5 Global","Anantapur","V5422498","Andhra Pradesh","Andhra Pradesh",null,"V5 Global",null,null,"Mohammed Ibrahim","mohammed.ibrahim@v5global.co.in",null,"South2",null,"External Consumer","ASO","V5 Global ASO",null,"FT",null,"ASO",null,"Prabhakar G","S.Arunbabu",null,"Prabhu Subaramanian","Sharad verma","arun.babu@v5global.co.in","arun.babu@v5global.co.in","gprabhakar@lenovo.com","psubramania4@lenovo.com","sharverm@lenovo.com","ASO","Shilpi Gautam","sgautam2@lenovo.com",null,"Prabhu Subaramanian",null,"psubramania4@lenovo.com",null,"2025-11-15","14:53:00","14.7806092,77.7206812","Futuretech systems",{"$nulls":3},"T3",null,"South2",null,"T-10489","Kadapa","Andhra Pradesh","V5 Global",null,"Yes","Face to Face","F0HN00PGIN",2,"Lenovo","AIO","AIO i-24IRH9","i3-1315U-8-512-UHD-W11-O24-23.80","Win 11","AIO","Mainstream","i3-1315U","Consumer",57990,null,"AIO",115980,"South2",68428.2,"",null,"South2","Premium","Mainstream"]
[21470091,"Umer Farooq Bhat","umer.farooq@v5global.co.in",7006131255,"V5 Global","Srinagar","V5266190","Jammu and Kashmir","Jammu and Kashmir",null,"V5 Global",null,null,"Shivam Kumar","shivam.kumar1@v5global.co.in",null,"North1",null,"External Consumer","ASO","V5 Global ASO",null,"FT",null,"ASO",null,"Karan Kapoor","Gaurav Sharma",null,"Kumar Tanksale","Raghavendra Araveeti","gaurav.sharma@v5global.co.in","gaurav.sharma@v5global.co.in","Kkapoor@lenovo.com","ktanksale1@lenovo.com","raraveeti@lenovo.com","ASO","Shilpi Gautam","sgautam2@lenovo.com",null,"Kumar Tanksale",null,"ktanksale1@lenovo.com",null,"2025-11-15","16:05:00","34.42313421878707,74.63540554046631","Najar Laptop Gallery",{"$nulls":3},"T3",null,"North1",null,"T-3591","Bandipora","Jammu And Kashmir","V5 Global",null,"Yes","Face to Face","GY51C12380",2,"Lenovo","Wireless Mouse","Input","Lenovo 130 wireless mouse","NA","Accessories","NA","NA","Accessories",649,null,null,1298,"North1",765.8199999999999,"",null,"North1","NA","NA"]
[21481782,"Sureshkumar ","suresh.kumar@v5global.co.in",9061984242,"V5 Global","COCHIN","V5365127","KERALA","Kerala",null,"V5 Global",null,null,"Athul Krishna","athul.n@v5global.co.in",null,"South1",null,"External Consumer","ASO","V5 Global ASO",null,"FT",null,"ASO",null,"Shaiju","Prakash Kumar K P",null,"S Sreekumar","Sharad verma","prakash.kp@v5global.co.in","prakash.kp@v5global.co.in","ss89@lenovo.com","ssreekumar@lenovo.com","sharverm@lenovo.com","ASO","Shilpi Gautam","sgautam2@lenovo.com",null,"S Sreekumar",null,"ssreekumar@lenovo.com",null,"2025-11-15","19:34:00","9.8447827,76.3574236","TECHNOLINK SYSTEMS AND SERVICES",{"$nulls":3},"T3","32AAEFT6358G1Z5","South2",null,"T-8800","Ernakulam","Kerala","Denave",null,"Yes","Telephonic","83K100CAIN",1,"Lenovo","Ideapad","Slim 3","NB IP Slim 3 15IRH10 I5 8G 512G 11S","Win 11","Thin & Light","Premium","i5 13420H/8GB/512GB SSD","Consumer",56251,null,"NB",56251,"South1",66376.18,"",null,"South1","Premium","Mainstream"]
[21481845,"Sureshkumar ","suresh.kumar@v5global.co.in",9061984242,"V5 Global","COCHIN","V5365127","KERALA","Kerala",null,"V5 Global",null,null,"Athul Krishna","athul.n@v5global.co.in",null,"South1",null,"External Consumer","ASO","V5 Global ASO",null,"FT",null,"ASO",null,"Shaiju","Prakash Kumar K P",null,"S Sreekumar","Sharad verma","prakash.kp@v5global.co.in","prakash.kp@v5global.co.in","ss89@lenovo.com","ssreekumar@lenovo.com","sharverm@lenovo.com","ASO","Shilpi Gautam","sgautam2@lenovo.com",null,"S Sreekumar",null,"ssreekumar@lenovo.com",null,"2025-11-15","19:38:00","9.8447497,76.357425","COMSOL PVT LTD",{"$nulls":3},"T3","32AACCC1986C1Z2","South2",null,"T-8109","Trivandrum","Kerala","Denave",null,"Yes","Telephonic","83GS00PJIN",1,"Lenovo","LOQ","LOQ 15IAX9","15.6,16GB,521SSD,RTX3050 6GB,2024 MSO,LUNA GREE","Win 11","Gaming","Premium","Core i5-12450HX","Consumer",75864,null,"NB",75864,"South1",89519.51999999999,"SP","Gaming","South1","Premium","Premium"]
[21481848,"Sureshkumar ","suresh.kumar@v5global.co.in",9061984242,"V5 Global","COCHIN","V5365127","KERALA","Kerala",null,"V5 Global",null,null,"Athul Krishna","athul.n@v5global.co.in",null,"South1",null,"External Consumer","ASO","V5 Global ASO",null,"FT",null,"ASO",null,"Shaiju","Prakash Kumar K P",null,"S Sreekumar","Sharad verma","prakash.kp@v5global.co.in","prakash.kp@v5global.co.in","ss89@lenovo.com","ssreekumar@lenovo.com","sharverm@lenovo.com","ASO","Shilpi Gautam","sgautam2@lenovo.com",null,"S Sreekumar",null,"ssreekumar@lenovo.com",null,"2025-11-15","19:46:00","9.8447819,76.357424","IT ERIC",{"$nulls":3},"T3","32AFWPN7571A1Z9","South2",null,"T-30063","Kochi","Kerala","V5 Global",null,"Yes","Telephonic","83JC00EFIN",1,"Lenovo","LOQ","LOQ 15ARP9","NB LOQ 15ARP9 R5 24G 512G 11S","Win 11","Gaming","Premium","R5 7235HS","Consumer",67578,null,"NB",67578,"South1",79742.04,"SP","Gaming","South1","Premium","Premium"]
[21481860,"Sureshkumar ","suresh.kumar@v5global.co.in",9061984242,"V5 Global","COCHIN","V5365127","KERALA","Kerala",null,"V5 Global",null,null,"Athul Krishna","athul.n@v5global.co.in",null,"South1",null,"External Consumer","ASO","V5 Global ASO",null,"FT",null,"ASO",null,"Shaiju","Prakash Kumar K P",null,"S Sreekumar","Sharad verma","prakash.kp@v5global.co.in","prakash.kp@v5global.co.in","ss89@lenovo.com","ssreekumar@lenovo.com","sharverm@lenovo.com","ASO","Shilpi Gautam","sgautam2@lenovo.com",null,"S Sreekumar",null,"ssreekumar@lenovo.com",null,"2025-11-15","20:01:00","9.8447821,76.3574239","TECHNOLINE SYSTEMS",{"$nulls":3},"T3","32AABFT4882G1Z7","South2",null,"T-8895","Ernakulam","Kerala","Denave",null,"Yes","Telephonic","83JE00U3IN",1,"Lenovo","LOQ","LOQ","Len LOQ-15/U3IN/14i7HX/32/1/8-5060","Win 11","Gaming","Premium","Core i7-14700HX","Consumer",142499,null,"NB",142499,"South1",168148.81999999998,"SP","Gaming","South1","Premium","Premium"]
[21480582,"Subodh Kumar Sahani","subodh.sahani@v5global.co.in",7703838818,"V5 Global","Ghaziabad",601131,"Uttar Pradesh","Uttar Pradesh",null,"V5 Global",null,null,"Mohd Asif","mohd.asif@v5global.co.in",null,"North2",null,"External Consumer","ASO","V5 Global ASO",null,"FT",null,"ASO","LMB","Nishant Aeron","Rahil Rasheed",null,"Durgendra Singh","Raghavendra Araveeti","rahil.rasheed@v5global.co.in","rahil.rasheed@v5global.co.in","naeron@lenovo.com","dsingh1@lenovo.com","raraveeti@lenovo.com","ASO","Shilpi Gautam","sgautam2@lenovo.com",null,"Durgendra Singh","LMB","dsingh1@lenovo.com",null,"2025-11-15","20:39:00","28.7392608,77.2702655","Exel Computers",{"$nulls":3},"T3",null,"North2",null,"T-23150","Chandausi","Uttar Pradesh","Denave",null,"Yes","Telephonic","90XS005PIN",2,"Lenovo","IdeaCentre","IdeaCentre","IntelÂ® Coreâ„¢ i3-14100 4C, 8GB DDR5/512 SSD/ WiFi 6 + BT 5.2/ 260W/ SFF 8.2Lt / Wired KeyBoard & Mouse /Win 11 Home/1 Yr Onsite","Win 11","TDT","Entry","IntelÂ® Coreâ„¢ i3-14100","Consumer",31500,null,"TDT",63000,"North2",37170,"",null,"North2","Entry","Entry"]
[21480657,"Subodh Kumar Sahani","subodh.sahani@v5global.co.in",7703838818,"V5 Global","Ghaziabad",601131,"Uttar Pradesh","Uttar Pradesh",null,"V5 Global",null,null,"Mohd Asif","mohd.asif@v5global.co.in",null,"North2",null,"External Consumer","ASO","V5 Global ASO",null,"FT",null,"ASO","LMB","Nishant Aeron","Rahil Rasheed",null,"Durgendra Singh","Raghavendra Araveeti","rahil.rasheed@v5global.co.in","rahil.rasheed@v5global.co.in","naeron@lenovo.com","dsingh1@lenovo.com","raraveeti@lenovo.com","ASO","Shilpi Gautam","sgautam2@lenovo.com",null,"Durgendra Singh","LMB","dsingh1@lenovo.com",null,"2025-11-15","20:45:00","28.7391579,77.2702796","SCL INFOTECH SYSTEMS",{"$nulls":3},"T3",null,"North2",null,"T-23132","Bulandshahar","Uttar Pradesh","V5 Global",null,"Yes","Telephonic","F0GJ00F5IN",1,"Lenovo","IdeaCentre","AIO 3","27\" IPS FHD/16GB RAM/512GB SSD/Interated Intel UHD Graphic/MSO 2021/WHITE","Win 11","AIO","Premium","Core i5","Consumer",66990,null,"AIO",66990,"North2",79048.2,"SP","Non-Gaming","North2","Premium","Premium"]
[21481274,"Sanjay Kumar Prajapati","sanjay.kumar@v5global.co.in",7607459784,"V5 Global","Gorakhpur","V5265065","Uttar Pradesh","Uttar Pradesh",null,"V5 Global",null,null,"Mohammad Atif","mohammad.atif@v5global.co.in",null,"North2",null,"External Consumer","ASO","V5 Global ASO",null,"FT",null,"ASO",null,"Rahul Sarin","Rahil Rasheed",null,"Durgendra Singh","Raghavendra Araveeti","rahil.rasheed@v5global.co.in","rahil.rasheed@v5global.co.in","rsarin2@lenovo.com","dsingh1@lenovo.com","raraveeti@lenovo.com","ASO","Shilpi Gautam","sgautam2@lenovo.com",null,"Durgendra Singh",null,"dsingh1@lenovo.com",null,"2025-11-15","21:21:00","26.818704,83.3519112","Image Point",{"$nulls":3},"T3",null,"North2",null,"T-23795","Gorakhpur","Uttar Pradesh","V5 Global",null,"Yes","Face to Face","82R400XSIN",1,"Lenovo","Ideapad","Ideapad","\"Ryzenâ„¢ 5 5500U 6C 8GB RAM 512GB SSD Windows11 MS Office H&S 2024  Integrated AMD Radeon  Graphics  15.6\"\" FHD TN 220nits AG 720","Win 11","Thin & Light","Entry","Amd Ryzen 5 5500U","Consumer",29407,null,"NB",29407,"North2",34700.259999999995,"",null,"North2","Entry","Entry"]
[21472872,"Sukanta Sinha","sukanta.sinha@v5global.co.in",9854184578,"V5 Global","Guwahati","V5266867","NE","NE",null,"V5 Global",null,null,"Sukamal Saha","sukamal.saha@v5global.co.in",null,"East1",null,"External Consumer","ASO","V5 Global ASO",null,"FT",null,"ASO",null,"Partha Chakraborty","Amit Thakuri",null,"Amit Tiwari","Raghavendra Araveeti","amit.thakuri@v5global.co.in","amit.thakuri@v5global.co.in","pchakraborty@lenovo.com","atiwari11@lenovo.com","raraveeti@lenovo.com","ASO","Shilpi Gautam","sgautam2@lenovo.com",null,"Amit Tiwari",null,"atiwari11@lenovo.com",null,"2025-11-15","21:42:00","26.1636266,91.7765525","Sei Sai Technology",{"$nulls":3},"T3",null,"East1",null,"T-213","Kamrup","Assam",null,null,"Yes","Telephonic","F0HN00PHIN",1,"Lenovo","AIO","AIO","LEN I5-13420H 16GB 512GB SSD 23.8 MSO","Win 11","AIO","Mainstream","i5-13420H","Consumer",53381,null,"AIO",53381,"East1",62989.579999999994,"",null,"East1","Mainstream","Mainstream"]
[21472915,"Govind Gulab Rajbhar","govind.gulab@v5global.co.in",9029031943,"V5 Global","Mumbai","V5263641","Maharashtra","Maharashtra",null,"V5 Global",null,null,"Pooja Thakur","pooja.thakur@v5global.co.in",null,"West1",null,"External Consumer","ASO","V5 Global ASO",null,"FT",null,"ASO",null,"Amit Tiwari","Yunus Hamid Mansoori",null,"Hemant C Baghel","Sharad verma","yunus.hamid@v5global.co.in","yunus.hamid@v5global.co.in","atiwari5@lenovo.com","hbaghel@lenovo.com","sharverm@lenovo.com","ASO","Shilpi Gautam","sgautam2@lenovo.com",null,"Hemant C Baghel",null,"hbaghel@lenovo.com",null,"2025-11-15","21:46:00","19.2169672,72.843916","Crystal Technologies",{"$nulls":3},"T3",null,"West1",null,"T-22243","Mumbai","Maharashtra","V5 Global",null,"Yes","Telephonic","F0HM00PMIN",1,"Lenovo","AIO","AIO 27","27\" FHD/16GB/1TBSSD/MSO 2024/Shadow Black","Win 11","AIO","Premium","CORE I5","Consumer",70000,null,"AIO",70000,"West1",82600,"SP","Non-Gaming","West1 M","Premium","Premium"]
[21473764,"Yathish R Rao","yathish.rao@v5global.co.in",9483372060,"V5 Global","MANGALORE","V5438066","KARNATAKA","KARNATAKA",null,"V5 Global",null,null,"M Bhaskar Gowda","bhaskar.gowda@v5global.co.in",null,"South1",null,"External Consumer","ASO","V5 Global ASO",null,"FT",null,"ASO",null,"Riyaz Khan","Prakash Kumar K P",null,"S Sreekumar","Sharad verma","prakash.kp@v5global.co.in","prakash.kp@v5global.co.in","rhospet@lenovo.com","ssreekumar@lenovo.com","sharverm@lenovo.com","ASO","Shilpi Gautam","sgautam2@lenovo.com",null,"S Sreekumar",null,"ssreekumar@lenovo.com","Week_2_Feb_2022","2025-11-16","08:13:00","12.8039278,74.8675937","Integrity Technical Solution",{"$nulls":3},"T3","29AAIF12705A1ZS","South1",null,"T-30188","Mangalore","Karnataka","V5 Global",null,"Yes","Face to Face","GX20P92532",2,"Lenovo","AC Adapter","Power","Lenovo 65W AC USB C Adapter(IN)","NA","Accessories","NA","NA","Accessories",2690,null,null,5380,"South1",3174.2,"",null,"South1","NA","NA"]
[21473860,"Abhishek Prakash","abhishek.prakash@v5global.co.in",9557200401,"V5 Global","Meerut","V5266860","Uttar Pradesh","Uttar Pradesh",null,"V5 Global",null,null,"Mohd Asif","mohd.asif@v5global.co.in",null,"North2",null,"External Consumer","ASO","V5 Global ASO",null,"FT",null,"ASO",null,"Nishant Aeron","Rahil Rasheed",null,"Durgendra Singh","Raghavendra Araveeti","rahil.rasheed@v5global.co.in","rahil.rasheed@v5global.co.in","naeron@lenovo.com","dsingh1@lenovo.com","raraveeti@lenovo.com","ASO","Shilpi Gautam","sgautam2@lenovo.com",null,"Durgendra Singh",null,"dsingh1@lenovo.com",null,"2025-11-16","09:24:00","28.9747856,77.7312333","I T Solution",{"$nulls":3},"T3",null,"North2",null,"T-23166","Meerut","Uttar Pradesh","V5 Global",null,"Yes","Telephonic","83DV01A9IN",1,"Lenovo","LOQ","LOQ 15IRX9","i5 OS 6GB Gfx/i5 13450HX/RTX 3050 6GB","Win 11","Gaming","Premium","RTX 3050 6GB/512GB SSD/i5 13450HX","Consumer",77845,null,"NB",77845,"North2",91857.09999999999,"SP","Gaming","North2","Premium","Premium"]
[21477654,"Manoj Kumar Panwar","manoj.panwar@v5global.co.in",9828022302,"V5 Global","Ajmer","V5268361","Rajasthan","Rajasthan",null,"V5 Global",null,null,"Gourav Jain","gourav.jain@v5global.co.in",null,"North1",null,"External Consumer","ASO","V5 Global ASO",null,"FT",null,"ASO",null,"Ganga Singh","Gaurav Sharma",null,"Kumar Tanksale","Raghavendra Araveeti","gaurav.sharma@v5global.co.in","gaurav.sharma@v5global.co.in","gsingh24@lenovo.com","ktanksale1@lenovo.com","raraveeti@lenovo.com","ASO","Shilpi Gautam","sgautam2@lenovo.com",null,"Kumar Tanksale",null,"ktanksale1@lenovo.com",null,"2025-11-16","14:29:00","26.4187113,74.6251487","Anupam Computer",{"$nulls":3},"T3","08AFLPR2385H1ZZ","North1",null,"T-15617","Pali","Rajasthan","V5 Global",null,"Yes","Face to Face","F0J6005FIN",2,"Lenovo","AIO","Lenovo A100","23.8\" FHD/8GB RAM/512 SSD/Integrated Graphics/MSO 2024/White","Win 11","AIO","Entry","Intel N100","Consumer",32000,null,"AIO",64000,"North1",37760,"",null,"North1","Entry","Entry"]
[21479736,"Laxman Anilrao Deshmukh","laxman.anilrao@v5global.co.in",9028122888,"V5 Global","AURANGABAD","V5266711","MAHARASHTRA","MAHARASHTRA",null,"V5 Global",null,null,"Safdar Hussian","safder.khan@v5global.co.in",null,"West1",null,"External Consumer","ASO","V5 Global ASO",null,"FT",null,"ASO",null,"Sonia more","TBH",null,"Hemant C Baghel","Sharad verma",null,null,"smore3@lenovo.com","hbaghel@lenovo.com","sharverm@lenovo.com","ASO","Shilpi Gautam","sgautam2@lenovo.com",null,"Hemant C Baghel",null,"hbaghel@lenovo.com",null,"2025-11-16","20:36:00","19.8613373,75.3278142","ICon Computer Sales & Services",{"$nulls":3},"T3","27AAEFI6766M1ZQ","West1",null,"T-12016","Aurangabad","Maharashtra","V5 Global",null,"Yes","Telephonic","83GS00MWIN",4,"Lenovo","LOQ","LOQ 15IAX9","Len LOQ-15 /16/512) GFX 2050 MS Office","Win 11","Gaming","Premium","i5 12450HX","Consumer",69999,null,"NB",279996,"West1",82598.81999999999,"SP","Gaming","West1 R","Premium","Premium"]
[21480641,"Vishal Jaiswal","vishal.jaiswal@v5global.co.in",9369840011,"V5 Global","Kanpur","V5266996","Uttar Pradesh","Uttar Pradesh",null,"V5 Global",null,null,"Mohammad Atif","mohammad.atif@v5global.co.in",null,"North2",null,"External Consumer","ASO","V5 Global ASO",null,"FT",null,"ASO",null,"Rahul Sarin","Rahil Rasheed",null,"Durgendra Singh","Raghavendra Araveeti","rahil.rasheed@v5global.co.in","rahil.rasheed@v5global.co.in","rsarin2@lenovo.com","dsingh1@lenovo.com","raraveeti@lenovo.com","ASO","Shilpi Gautam","sgautam2@lenovo.com",null,"Durgendra Singh",null,"dsingh1@lenovo.com",null,"2025-11-16","21:43:00","26.4616898,80.3560954","Anna Computer",{"$nulls":3},"T3",null,"North2",null,"T-23453","Jhansi","Uttar Pradesh","V5 Global",null,"Yes","Face to Face","83JE00U4IN",1,"Lenovo","LOQ","LOQ","15.6\" ,INTEL I7,16GB RAM ,1TB SSD","Win 11","Gaming","Premium","INTEL I7","Consumer",125000,null,"NB",{"$f":"BV2307*BL2307","v":125000},{"$f":"Q2307","v":"North2"},{"$f":"BV2307*118%","v":147500},{"$f":"IF(CF2307=\"Premium\",IF(CA2307>=65000,\"SP\",\"\"),\"\")","v":"SP"},"Gaming","North2",{"$f":"IF(BU2307=\"Consumer\",IF(CA2307<40000,\"Entry\",IF(AND(CA2307>=40000,CA2307<65000),\"Mainstream\",\"Premium\")),IF(BU2307=\"Visuals\",BS2307,\"NA\"))","v":"Premium"},"Premium"]
[21480768,"Vishal Jaiswal","vishal.jaiswal@v5global.co.in",9369840011,"V5 Global","Kanpur","V5266996","Uttar Pradesh","Uttar Pradesh",null,"V5 Global",null,null,"Mohammad Atif","mohammad.atif@v5global.co.in",null,"North2",null,"External Consumer","ASO","V5 Global ASO",null,"FT",null,"ASO",null,"Rahul Sarin","Rahil Rasheed",null,"Durgendra Singh","Raghavendra Araveeti","rahil.rasheed@v5global.co.in","rahil.rasheed@v5global.co.in","rsarin2@lenovo.com","dsingh1@lenovo.com","raraveeti@lenovo.com","ASO","Shilpi Gautam","sgautam2@lenovo.com",null,"Durgendra Singh",null,"dsingh1@lenovo.com",null,"2025-11-16","21:56:00","26.4616237,80.3560445","Computer Bazar",{"$nulls":3},"T3","09AXEPA5577B1ZO","North2",null,"T-24335","Mahoba","Uttar Pradesh","V5 Global",null,"Yes","Telephonic","67D5KAC6IN",2,"Lenovo","L22-4E","L Series","LEN L22-4E 21.5 IPS  BLACK 100HZ","NA","Visual Variants","Mainstream","NA","Visuals",5331,null,null,10662,"North2",6290.58,"",null,"North2","Mainstream","Mainstream"]
[21481679,"Biplab Barman","biplab.barman@v5global.co.in",9832301778,"V5 Global","Siliguri","V5326187","West Bengal","West Bengal",null,"V5 Global",null,null,"Sukamal Saha","sukamal.saha@v5global.co.in",null,"East1",null,"External Consumer","ASO","V5 Global ASO",null,"FT",null,"ASO",null,"Kapil Tiwari","Amit Thakuri",null,"Amit Tiwari","Raghavendra Araveeti","amit.thakuri@v5global.co.in","amit.thakuri@v5global.co.in","ktiwari1@lenovo.com","atiwari11@lenovo.com","raraveeti@lenovo.com","ASO","Shilpi Gautam","sgautam2@lenovo.com",null,"Amit Tiwari",null,"atiwari11@lenovo.com",null,"2025-11-16","22:27:00","26.7170401,88.4444334","Affable Service Provider",{"$nulls":3},"T3","19ANLPD2898M1Z8","East1",null,"T-615","Darjiling","WEST BENGAL",null,null,"Yes","Face to Face","90XS005PIN",2,"Lenovo","IdeaCentre","IdeaCentre","IntelÂ® Coreâ„¢ i3-14100 4C, 8GB DDR5/512 SSD/ WiFi 6 + BT 5.2/ 260W/ SFF 8.2Lt / Wired KeyBoard & Mouse /Win 11 Home/1 Yr Onsite","Win 11","TDT","Entry","IntelÂ® Coreâ„¢ i3-14100","Consumer",31500,null,"TDT",63000,"East1",37170,"",null,"East1","Entry","Entry"]
[21481685,"Biplab Barman","biplab.barman@v5global.co.in",9832301778,"V5 Global","Siliguri","V5326187","West Bengal","West Bengal",null,"V5 Global",null,null,"Sukamal Saha","sukamal.saha@v5global.co.in",null,"East1",null,"External Consumer","ASO","V5 Global ASO",null,"FT",null,"ASO",null,"Kapil Tiwari","Amit Thakuri",null,"Amit Tiwari","Raghavendra Araveeti","amit.thakuri@v5global.co.in","amit.thakuri@v5global.co.in","ktiwari1@lenovo.com","atiwari11@lenovo.com","raraveeti@lenovo.com","ASO","Shilpi Gautam","sgautam2@lenovo.com",null,"Amit Tiwari",null,"atiwari11@lenovo.com",null,"2025-11-16","22:35:00","26.7169567,88.4443726","Protech Computer",{"$nulls":3},"T3","19AAGFP8661C1Z1","East1",null,"T-679","Darjiling","WEST BENGAL",null,null,"Yes","Face to Face","F0HN00PGIN",3,"Lenovo","AIO","AIO i-24IRH9","i3-1315U-8-512-UHD-W11-O24-23.80","Win 11","AIO","Mainstream","i3-1315U","Consumer",57990,null,"AIO",173970,"East1",68428.2,"",null,"East1","Premium","Mainstream"]
[21481610,"Anmol Sachdeva","anmol.sachdeva@v5global.co.in",9780132392,"V5 Global","BHATINDA","V5433235","PUNJAB","PUNJAB","-","V5 Global",null,null,"Shivam Kumar","shivam.kumar1@v5global.co.in",null,"North1",null,"External Consumer","ASO","V5 Global ASO",null,"FT",null,"ASO",null,"Naveen Kumar","Gaurav Sharma",null,"Kumar Tanksale","Raghavendra Araveeti","gaurav.sharma@v5global.co.in","gaurav.sharma@v5global.co.in","nkumar12@lenovo.com","ktanksale1@lenovo.com","raraveeti@lenovo.com","ASO","Shilpi Gautam","sgautam2@lenovo.com",null,"Kumar Tanksale",null,"ktanksale1@lenovo.com",null,"2025-11-16","23:15:00","30.6748437,74.7558241","Ashoka communication",{"$nulls":3},"T3","03AAJFA8294R1ZQ","North1",null,"T-20340","Malout","PUNJAB","V5 Global",null,"Yes","Telephonic","F0HR009BIN",1,"Lenovo","IdeaCentre","AIO","DT IC AIO 24ARR9 A57535HS 512G 8G","Win 11","TDT","Mainstream","R7 7735HS","Consumer",42990,null,"TDT",42990,"North1",50728.2,"",null,"North1","Mainstream","Mainstream"]
[21481615,"Anmol Sachdeva","anmol.sachdeva@v5global.co.in",9780132392,"V5 Global","BHATINDA","V5433235","PUNJAB","PUNJAB","-","V5 Global",null,null,"Shivam Kumar","shivam.kumar1@v5global.co.in",null,"North1",null,"External Consumer","ASO","V5 Global ASO",null,"FT",null,"ASO",null,"Naveen Kumar","Gaurav Sharma",null,"Kumar Tanksale","Raghavendra Araveeti","gaurav.sharma@v5global.co.in","gaurav.sharma@v5global.co.in","nkumar12@lenovo.com","ktanksale1@lenovo.com","raraveeti@lenovo.com","ASO","Shilpi Gautam","sgautam2@lenovo.com",null,"Kumar Tanksale",null,"ktanksale1@lenovo.com",null,"2025-11-16","23:18:00","30.674857,74.7558839","Seemax Technologies",{"$nulls":3},"T3","03AHOPJ4449D1ZH","North1",null,"T-4779","Patiala","PUNJAB","V5 Global",null,"Yes","Telephonic","F0HR009BIN",1,"Lenovo","IdeaCentre","AIO","DT IC AIO 24ARR9 A57535HS 512G 8G","Win 11","TDT","Mainstream","R7 7735HS","Consumer",42990,null,"TDT",42990,"North1",50728.2,"",null,"North1","Mainstream","Mainstream"]
[21481825,"Prasannaraj P","prasannaraj.p@v5global.co.in",9092045806,"V5 Global","Chennai","V5335880","Tamil Nadu","Tamil Nadu",null,"V5 Global",null,null,"Prabhakaran A","prabhakaran@v5global.co.in",null,"South2",null,"External Consumer","ASO","V5 Global ASO",null,"FT",null,"ASO","LES","Sridhar Ethirajulu","S.Arunbabu",null,"Prabhu Subaramanian","Sharad verma","arun.babu@v5global.co.in","arun.babu@v5global.co.in","sethirajulu1@lenovo.com","psubramania4@lenovo.com","sharverm@lenovo.com","ASO","Shilpi Gautam","sgautam2@lenovo.com",null,"Prabhu Subaramanian","LES","psubramania4@lenovo.com",null,"2025-11-17","08:36:00","13.0290027,80.1942951","SHANKESHWARA INFOTECH",{"$nulls":3},"T3",null,"South2",null,"T-10124","Chennai","Tamil Nadu","V5 Global",null,"Yes","Face to Face","83K100CJIN",5,"Lenovo","Slim 3","IdeaPad Slim 3 15IRH10","NB IP Slim 3 15IRH10 I7 8G 8G 512G 11S","Win 11","Thin & Light","Mainstream","i7 13620H","Consumer",63827,null,"NB",319135,"South2",75315.86,"SP","Non-Gaming","South2","Premium","Premium"]
[21481915,"Chetan Wagh Dnyanashwar","chetan.dnyanashwar@v5global.co.in",7744978870,"V5 Global","Pune",601369,"Maharashtra","Maharashtra",null,"V5 Global",null,null,"Aparajitaa Lakhani","aparajita.lakhani@v5global.co.in",null,"West1",null,"External Consumer","ASO","V5 Global ASO",null,"FT",null,"ASO",null,"Rajeev Jha","TBH",null,"Hemant C Baghel","Sharad verma",null,null,"rjha3@lenovo.com","hbaghel@lenovo.com","sharverm@lenovo.com","ASO","Shilpi Gautam","sgautam2@lenovo.com",null,"Hemant C Baghel",null,"hbaghel@lenovo.com",null,"2025-11-17","09:11:00","18.6225066,73.6920624","Cpec Computer sales & Services",{"$nulls":3},"T3","27AENPC9683G1Z1","West1",null,"T-17854","Pune","Maharashtra","V5 Global",null,"Yes","Face to Face","83K100C6IN",2,"Lenovo","Ideapad","Slim 3","IntelÂ® Coreâ„¢ i5-13420H, 8C (4P + 4E) / 12T, P-core 2.1 / 4.6GHz, E-core 1.5 / 3.4GHz, 12MB,8GB Soldered DDR5-4800 + 8GB SO-DIMM ","Win 11","Thin & Light","Mainstream","i5-13420H","Consumer",46000,null,"NB",92000,"West1",54280,"",null,"West1 R","Mainstream","Mainstream"]
[21482067,"Ramakant Arun Mali","ramakant.arun@v5global.co.in",9730708880,"V5 Global","JALGAON","V5267233","Maharashtra","Maharashtra",null,"V5 Global",null,null,"Aparajitaa Lakhani","aparajita.lakhani@v5global.co.in",null,"West1",null,"External Consumer","ASO","V5 Global ASO",null,"FT",null,"ASO",null,"Rajeev Jha","TBH",null,"Hemant C Baghel","Sharad verma",null,null,"rjha3@lenovo.com","hbaghel@lenovo.com","sharverm@lenovo.com","ASO","Shilpi Gautam","sgautam2@lenovo.com",null,"Hemant C Baghel",null,"hbaghel@lenovo.com",null,"2025-11-17","09:46:00","20.9815653,75.5533253","Binary Computers",{"$nulls":3},"T3",null,"West1",null,"T-28269","Nandurbar","Maharashtra","Denave",null,"Yes","Face to Face","83K100C6IN",1,"Lenovo","Ideapad","Slim 3","IntelÂ® Coreâ„¢ i5-13420H, 8C (4P + 4E) / 12T, P-core 2.1 / 4.6GHz, E-core 1.5 / 3.4GHz, 12MB,8GB Soldered DDR5-4800 + 8GB SO-DIMM ","Win 11","Thin & Light","Mainstream","i5-13420H","Consumer",46000,null,"NB",46000,"West1",54280,"",null,"West1 R","Mainstream","Mainstream"]
[21482118,"Ramakant Arun Mali","ramakant.arun@v5global.co.in",9730708880,"V5 Global","JALGAON","V5267233","Maharashtra","Maharashtra",null,"V5 Global",null,null,"Aparajitaa Lakhani","aparajita.lakhani@v5global.co.in",null,"West1",null,"External Consumer","ASO","V5 Global ASO",null,"FT",null,"ASO",null,"Rajeev Jha","TBH",null,"Hemant C Baghel","Sharad verma",null,null,"rjha3@lenovo.com","hbaghel@lenovo.com","sharverm@lenovo.com","ASO","Shilpi Gautam","sgautam2@lenovo.com",null,"Hemant C Baghel",null,"hbaghel@lenovo.com",null,"2025-11-17","09:51:00","20.9815653,75.5533253","Computer Corner",{"$nulls":3},"T3","27AAKPD2767R1Z1","West1",null,"T-13498","Jalgaon","Maharashtra",null,null,"Yes","Face to Face","83K100C6IN",1,"Lenovo","Ideapad","Slim 3","IntelÂ® Coreâ„¢ i5-13420H, 8C (4P + 4E) / 12T, P-core 2.1 / 4.6GHz, E-core 1.5 / 3.4GHz, 12MB,8GB Soldered DDR5-4800 + 8GB SO-DIMM ","Win 11","Thin & Light","Mainstream","i5-13420H","Consumer",46000,null,"NB",46000,"West1",54280,"",null,"West1 R","Mainstream","Mainstream"]
[21482187,"Murugan Balu","murugan.balu@v5global.co.in",9952114455,"V5 Global","Salem",601447,"Salem","Tamil Nadu","-","V5 Global",null,null,"Hamechander V","hamechander.v@v5global.co.in",null,"South2",null,"External Consumer","ASO","V5 Global ASO",null,"FT",null,"ASO",null,"Sridhar Ethirajulu","S.Arunbabu",null,"Prabhu Subaramanian","Sharad verma","arun.babu@v5global.co.in","arun.babu@v5global.co.in","sethirajulu1@lenovo.com","psubramania4@lenovo.com","sharverm@lenovo.com","ASO","Shilpi Gautam","sgautam2@lenovo.com",null,"Prabhu Subaramanian",null,"psubramania4@lenovo.com",null,"2025-11-17","09:54:00","11.6687868,78.1230534","ACE PROCOMP",{"$nulls":3},"T3","33AGHPR6612E1ZK","South2",null,"T-8947","Coimbatore","Tamil Nadu",null,null,"Yes","Telephonic","82X700G3IN",1,"Lenovo","Ideapad","Slim 3i","15.6\" FHD (1920x1080) TN 250nits Anti-glare / 8GB soldered memory, not upgradable / 512GB SSD M.2 2242 PCIeÂ® 4.0x4 NVMeÂ® / One M","Win 11","Thin & Light","Entry","IntelÂ® Coreâ„¢ i3-1315U","Consumer",35018,null,"NB",35018,"South2",41321.24,"",null,"South2","Mainstream","Entry"]
[21482209,"Murugan Balu","murugan.balu@v5global.co.in",9952114455,"V5 Global","Salem",601447,"Salem","Tamil Nadu","-","V5 Global",null,null,"Hamechander V","hamechander.v@v5global.co.in",null,"South2",null,"External Consumer","ASO","V5 Global ASO",null,"FT",null,"ASO",null,"Sridhar Ethirajulu","S.Arunbabu",null,"Prabhu Subaramanian","Sharad verma","arun.babu@v5global.co.in","arun.babu@v5global.co.in","sethirajulu1@lenovo.com","psubramania4@lenovo.com","sharverm@lenovo.com","ASO","Shilpi Gautam","sgautam2@lenovo.com",null,"Prabhu Subaramanian",null,"psubramania4@lenovo.com",null,"2025-11-17","09:58:00","11.668784,78.123055","AD SYSTEMS",{"$nulls":3},"T3","33ADTPA7630C1ZV","South2",null,"T-8954","Coimbatore","Tamil Nadu",null,null,"Yes","Telephonic","67AEKACBIN",2,"Lenovo","Monitor","L22i-40","MONITOR 21.5","NA","Visual Variants","Mainstream","NA","Visuals",9099,null,null,18198,"South2",10736.82,"",null,"South2","Mainstream","Mainstream"]
[21482224,"Ramakant Arun Mali","ramakant.arun@v5global.co.in",9730708880,"V5 Global","JALGAON","V5267233","Maharashtra","Maharashtra",null,"V5 Global",null,null,"Aparajitaa Lakhani","aparajita.lakhani@v5global.co.in",null,"West1",null,"External Consumer","ASO","V5 Global ASO",null,"FT",null,"ASO",null,"Rajeev Jha","TBH",null,"Hemant C Baghel","Sharad verma",null,null,"rjha3@lenovo.com","hbaghel@lenovo.com","sharverm@lenovo.com","ASO","Shilpi Gautam","sgautam2@lenovo.com",null,"Hemant C Baghel",null,"hbaghel@lenovo.com",null,"2025-11-17","10:00:00","20.9826448,75.5489587","Excel systems",{"$nulls":3},"T3","27ADKPJ1460A1Z0","West1",null,"T-13510","Jalgaon","Maharashtra",null,null,"Yes","Face to Face","83K100C6IN",1,"Lenovo","Ideapad","Slim 3","IntelÂ® Coreâ„¢ i5-13420H, 8C (4P + 4E) / 12T, P-core 2.1 / 4.6GHz, E-core 1.5 / 3.4GHz, 12MB,8GB Soldered DDR5-4800 + 8GB SO-DIMM ","Win 11","Thin & Light","Mainstream","i5-13420H","Consumer",46000,null,"NB",46000,"West1",54280,"",null,"West1 R","Mainstream","Mainstream"]
[21482279,"Murugan Balu","murugan.balu@v5global.co.in",9952114455,"V5 Global","Salem",601447,"Salem","Tamil Nadu","-","V5 Global",null,null,"Hamechander V","hamechander.v@v5global.co.in",null,"South2",null,"External Consumer","ASO","V5 Global ASO",null,"FT",null,"ASO",null,"Sridhar Ethirajulu","S.Arunbabu",null,"Prabhu Subaramanian","Sharad verma","arun.babu@v5global.co.in","arun.babu@v5global.co.in","sethirajulu1@lenovo.com","psubramania4@lenovo.com","sharverm@lenovo.com","ASO","Shilpi Gautam","sgautam2@lenovo.com",null,"Prabhu Subaramanian",null,"psubramania4@lenovo.com",null,"2025-11-17","10:03:00","11.6687792,78.1230573","AGNI MICRO TECH",{"$nulls":3},"Top T3","33ABEFA7130Q1ZB","South2",null,"T-8966","Coimbatore","Tamil Nadu",null,null,"Yes","Telephonic","66CAKAC1IN",2,"Lenovo","L Series","L22i-30","L22i-30: 21.5\" IPS Borderless FHD VGA + HDMI + Audio Out and Metal Stand","NA","Visual Variants","Mainstream","NA","Visuals",9667,null,null,19334,"South2",11407.06,"",null,"South2","Mainstream","Mainstream"]
[21482281,"Ramakant Arun Mali","ramakant.arun@v5global.co.in",9730708880,"V5 Global","JALGAON","V5267233","Maharashtra","Maharashtra",null,"V5 Global",null,null,"Aparajitaa Lakhani","aparajita.lakhani@v5global.co.in",null,"West1",null,"External Consumer","ASO","V5 Global ASO",null,"FT",null,"ASO",null,"Rajeev Jha","TBH",null,"Hemant C Baghel","Sharad verma",null,null,"rjha3@lenovo.com","hbaghel@lenovo.com","sharverm@lenovo.com","ASO","Shilpi Gautam","sgautam2@lenovo.com",null,"Hemant C Baghel",null,"hbaghel@lenovo.com",null,"2025-11-17","10:04:00","20.9815653,75.5533253","Harsh Infotech",{"$nulls":3},"T3",null,"West1",null,"T-25270","Yawal","Maharashtra","Denave",null,"Yes","Face to Face","82XM00MTIN",1,"Lenovo","Ideapad","Slim 3","15.6\" FHD, 16GB RAM, 512 SSD,OFFICE H&S 2024, Arctic Grey","Win 11","Thin & Light","Mainstream","AMD Ryzenâ„¢ 7 5825U","Consumer",47999,null,"NB",47999,"West1",56638.82,"",null,"West1 R","Mainstream","Mainstream"]
[21482569,"Praveen Kumar","praveen.kumar2@v5global.co.in",7899889998,"V5 Global","BELGUM","V5444243","KARNATAKA","KARNATAKA",null,"V5 Global",null,null,"M Bhaskar Gowda","bhaskar.gowda@v5global.co.in",null,"South1",null,"External Consumer","ASO","V5 Global ASO",null,"FT",null,"ASO",null,"Riyaz Khan","Prakash Kumar K P",null,"S Sreekumar","Sharad verma","prakash.kp@v5global.co.in","prakash.kp@v5global.co.in","rhospet@lenovo.com","ssreekumar@lenovo.com","sharverm@lenovo.com","ASO","Shilpi Gautam","sgautam2@lenovo.com",null,"S Sreekumar",null,"ssreekumar@lenovo.com","Week_2_Feb_2022","2025-11-17","10:08:00","17.3240491,76.810391","Ashwin Computer",{"$nulls":3},"T3",null,"South1",null,"T-25410","Gulbarga","Karnataka","Denave",null,"Yes","Face to Face","83KX004QIN",1,"Lenovo","Ideapad 5","2 in 1","i5 13420h 16gb 512 gb ","Win 11","Notebook","Premium","i5","Consumer",67500,null,"NB",67500,"South1",79650,"SP","Non-Gaming","South1","Premium","Premium"]
[21482452,"Murugan Balu","murugan.balu@v5global.co.in",9952114455,"V5 Global","Salem",601447,"Salem","Tamil Nadu","-","V5 Global",null,null,"Hamechander V","hamechander.v@v5global.co.in",null,"South2",null,"External Consumer","ASO","V5 Global ASO",null,"FT",null,"ASO",null,"Sridhar Ethirajulu","S.Arunbabu",null,"Prabhu Subaramanian","Sharad verma","arun.babu@v5global.co.in","arun.babu@v5global.co.in","sethirajulu1@lenovo.com","psubramania4@lenovo.com","sharverm@lenovo.com","ASO","Shilpi Gautam","sgautam2@lenovo.com",null,"Prabhu Subaramanian",null,"psubramania4@lenovo.com",null,"2025-11-17","10:15:00","11.6687831,78.1230559","AS INFOTECH",{"$nulls":3},"T3","33BMXPS5862C1ZJ","South2",null,"T-9016","Tiruppur","Tamil Nadu",null,null,"Yes","Telephonic","GX31L52655",5,"Lenovo","Wired Combo","Input","Lenovo 160 Wired Combo","NA","Accessories","NA","NA","Accessories",999,null,null,4995,"South2",1178.82,"",null,"South2","NA","NA"]
[21482474,"Arabinda Samanta","arabinda.samanta@v5global.co.in",8879216607,"V5 Global","Mumbai","V5360834","Maharashtra","Maharashtra",null,"V5 Global",null,null,"Muffazal Momin","muffazal.momin@v5global.co.in",null,"West1",null,"External Consumer","ASO","V5 Global ASO",null,"FT",null,"ASO",null,"Amit Tiwari","Yunus Hamid Mansoori",null,"Hemant C Baghel","Sharad verma","yunus.hamid@v5global.co.in","yunus.hamid@v5global.co.in","atiwari5@lenovo.com","hbaghel@lenovo.com","sharverm@lenovo.com","ASO","Shilpi Gautam","sgautam2@lenovo.com",null,"Hemant C Baghel",null,"hbaghel@lenovo.com",null,"2025-11-17","10:16:00","19.4302989,72.8215149","Satyam Electronics",{"$nulls":3},"T3","27ANPPS0041R1ZB","West1",null,"T-11301","Mumbai","Maharashtra","V5 Global",null,"Yes","Face to Face","83ER00MCIN",1,"Lenovo","Ideapad","Slim 3","Lenovo IdeaPad Slim 3 12th Gen Intel Core i5-12450H 15\" (39.6cm) FHD IPS 300 Nits Thin & Light Laptop (16GB/512GB SSD/Win 11/MSO","Win 11","Thin & Light","Mainstream","i5 12th Gen","Consumer",41000,null,"NB",41000,"West1",48380,"",null,"West1 M","Mainstream","Mainstream"]
[21482528,"Murugan Balu","murugan.balu@v5global.co.in",9952114455,"V5 Global","Salem",601447,"Salem","Tamil Nadu","-","V5 Global",null,null,"Hamechander V","hamechander.v@v5global.co.in",null,"South2",null,"External Consumer","ASO","V5 Global ASO",null,"FT",null,"ASO",null,"Sridhar Ethirajulu","S.Arunbabu",null,"Prabhu Subaramanian","Sharad verma","arun.babu@v5global.co.in","arun.babu@v5global.co.in","sethirajulu1@lenovo.com","psubramania4@lenovo.com","sharverm@lenovo.com","ASO","Shilpi Gautam","sgautam2@lenovo.com",null,"Prabhu Subaramanian",null,"psubramania4@lenovo.com",null,"2025-11-17","10:18:00","11.6687756,78.1230516","ASHISH COMPUTER WORLD",{"$nulls":3},"T3","33ASFPB0283M1ZX","South2",null,"T-9018","Coimbatore","Tamil Nadu",null,null,"Yes","Telephonic",888015276,10,"Lenovo","Input","Wireless Mouse","LENOVO WIRELESS MOUSE N100(BLK)/Warranty - 3 Year Carry In","NA","Accessories","NA","NA","Accessories",858,null,null,8580,"South2",1012.4399999999999,"",null,"South2","NA","NA"]
[21482610,"Murugan Balu","murugan.balu@v5global.co.in",9952114455,"V5 Global","Salem",601447,"Salem","Tamil Nadu","-","V5 Global",null,null,"Hamechander V","hamechander.v@v5global.co.in",null,"South2",null,"External Consumer","ASO","V5 Global ASO",null,"FT",null,"ASO",null,"Sridhar Ethirajulu","S.Arunbabu",null,"Prabhu Subaramanian","Sharad verma","arun.babu@v5global.co.in","arun.babu@v5global.co.in","sethirajulu1@lenovo.com","psubramania4@lenovo.com","sharverm@lenovo.com","ASO","Shilpi Gautam","sgautam2@lenovo.com",null,"Prabhu Subaramanian",null,"psubramania4@lenovo.com",null,"2025-11-17","10:22:00","11.6687884,78.123059","ASK COMPUTERS",{"$nulls":3},"T3","33AAUFA0656J1ZA","South2",null,"T-9021","Coimbatore","Tamil Nadu",null,null,"Yes","Telephonic","GX30G90839",10,"Lenovo","Input","Wired mouse","LENOVO OPTICAL MOUSE M110 IN-BLACK","NA","Accessories","NA","NA","Accessories",283,null,null,2830,"South2",333.94,"",null,"South2","NA","NA"]
[21482711,"Murugan Balu","murugan.balu@v5global.co.in",9952114455,"V5 Global","Salem",601447,"Salem","Tamil Nadu","-","V5 Global",null,null,"Hamechander V","hamechander.v@v5global.co.in",null,"South2",null,"External Consumer","ASO","V5 Global ASO",null,"FT",null,"ASO",null,"Sridhar Ethirajulu","S.Arunbabu",null,"Prabhu Subaramanian","Sharad verma","arun.babu@v5global.co.in","arun.babu@v5global.co.in","sethirajulu1@lenovo.com","psubramania4@lenovo.com","sharverm@lenovo.com","ASO","Shilpi Gautam","sgautam2@lenovo.com",null,"Prabhu Subaramanian",null,"psubramania4@lenovo.com",null,"2025-11-17","10:30:00","11.6687941,78.1230636","BINARY STORE",{"$nulls":3},"T3","33BRWPK7599G1ZW","South2",null,"T-9051","Coimbatore","Tamil Nadu",null,null,"Yes","Telephonic","66BCKAC2IN",2,"Lenovo","L Series","L24e-30","L24e: 23.8\" VA Borderless FHD VGA + HDMI+ Audio Out","NA","Visual Variants","Mainstream","NA","Visuals",8042,null,null,16084,"South2",9489.56,"",null,"South2","Mainstream","Mainstream"]
[21482866,"Nirav Shah","nirav.shah@v5global.co.in",9821511691,"V5 Global","AHMEDABAD","V5431666","GUJARAT","GUJARAT","-","V5 Global",null,null,"Darshan Shah","darshan.shah@v5global.co.in",null,"West1",null,"External Consumer","ASO","V5 Global ASO",null,"FT",null,"ASO",null,"Darshan Thakkar","Yunus Hamid Mansoori",null,"Hemant C Baghel","Sharad verma","yunus.hamid@v5global.co.in","yunus.hamid@v5global.co.in","tjitendrabha@lenovo.com","hbaghel@lenovo.com","sharverm@lenovo.com","ASO","Shilpi Gautam","sgautam2@lenovo.com",null,"Hemant C Baghel",null,"hbaghel@lenovo.com",null,"2025-11-17","10:38:00","23.0267913,72.5310198","SUCHAN SYSTEMS",{"$nulls":3},"T3","24AANFS7308C1ZA","West2",null,"T-14517","Ahmedabad","Gujarat",null,null,"Yes","Face to Face","F0HR008YIN",1,"Lenovo","IdeaCentre","AIO","DT IC AIO 24ARR9 A77735HS 512G 16G","Win 11","AIO","Mainstream","R7 7735HS/16GB/512 GB SSD","Consumer",50990,null,"AIO",50990,"West1",60168.2,"",null,"West1 M","Mainstream","Mainstream"]
[21483139,"Lakhan Singh","lakhan.singh@v5global.co.in",8006401402,"V5 Global","Haldwani","V5422040","Uttrakhand","Uttrakhand","-","V5 Global",null,null,"Mohd Asif","mohd.asif@v5global.co.in",null,"North2",null,"External Consumer","ASO","V5 Global ASO",null,"FT",null,"ASO",null,"Nishant Aeron","Rahil Rasheed",null,"Durgendra Singh","Raghavendra Araveeti","rahil.rasheed@v5global.co.in","rahil.rasheed@v5global.co.in","naeron@lenovo.com","dsingh1@lenovo.com","raraveeti@lenovo.com","ASO","Shilpi Gautam","sgautam2@lenovo.com",null,"Durgendra Singh",null,"dsingh1@lenovo.com",null,"2025-11-17","10:48:00","28.4064383,79.4463767","BRIGHT COMPUTER",{"$nulls":3},"T3",null,"North2",null,"T-24266","Ramnagar","Uttarakhand","V5 Global",null,"Yes","Telephonic","F0HR009BIN",1,"Lenovo","IdeaCentre","AIO","DT IC AIO 24ARR9 A57535HS 512G 8G","Win 11","TDT","Mainstream","R7 7735HS","Consumer",42990,null,"TDT",42990,"North2",50728.2,"",null,"North2","Mainstream","Mainstream"]
[21506969,"Amarjit Behera","amarjit.behera@v5global.co.in",9437451999,"V5 Global","Bhubaneswar",601088,"Orissa","Orissa",null,"V5 Global",null,null,"Arindam Mazumdar","arindam.mazumdar@v5global.co.in",null,"East2",null,"External Consumer","ASO","V5 Global ASO",null,"FT",null,"ASO",null,"Biswa Ranjan Jena","Imam Hassan",null,"Rajender Negi","Raghavendra Araveeti","imam.hassan@v5global.co.in","imam.hassan@v5global.co.in","bjena1@lenovo.com","rnegi@lenovo.com","raraveeti@lenovo.com","ASO","Shilpi Gautam","sgautam2@lenovo.com",null,"Rajender Negi",null,"rnegi@lenovo.com",null,"2025-11-17","10:59:00","20.2899776,85.84556510000002","Rudra IT Solution",{"$nulls":3},"T3",null,"East2",null,"T-20035","Bhubaneswar","Odisha","Denave",null,"Yes","Face to Face","F0HM00PQIN",1,"Lenovo","IdeaCentre","AIO","27\" QHD (2560x1440)/32 GB/1 TB SSD/Integrated IntelÂ® IrisÂ® Xe Graphics/Office Home 2024/Cloud Grey","Win 11","AIO","Premium","IntelÂ® Coreâ„¢ i9-13900H","Consumer",111000,null,"AIO",111000,"East2",130980,"SP","Non-Gaming","East2","Premium","Premium"]
[21486211,"ABHILASH DALAVI ","abhilash.dalavi@v5global.co.in",9591852229,"V5 Global","HUBLI","V5320471","Karnataka","Karnataka",null,"V5 Global",null,null,"M Bhaskar Gowda","bhaskar.gowda@v5global.co.in",null,"South1",null,"External Consumer","ASO","V5 Global ASO",null,"FT",null,"ASO",null,"Riyaz Khan","Prakash Kumar K P",null,"S Sreekumar","Sharad verma","prakash.kp@v5global.co.in","prakash.kp@v5global.co.in","rhospet@lenovo.com","ssreekumar@lenovo.com","sharverm@lenovo.com","ASO","Shilpi Gautam","sgautam2@lenovo.com",null,"S Sreekumar",null,"ssreekumar@lenovo.com",null,"2025-11-17","13:12:00","15.3569483,75.1349485","Pratham enterprises",{"$nulls":3},"T3","29CHBPS6550D1Z7","South1",null,"T-29995","Davangere","Karnataka","V5 Global",null,"Yes","Face to Face","F0HR009BIN",32,"Lenovo","IdeaCentre","AIO","DT IC AIO 24ARR9 A57535HS 512G 8G","Win 11","TDT","Mainstream","R7 7735HS","Consumer",42990,null,"TDT",1375680,"South1",50728.2,"",null,"South1","Mainstream","Mainstream"]
[21486378,"TALAMARLA LAKSHMI REDDY","talamarla.reddy@v5global.co.in",9014290161,"V5 Global","Anantapur","V5422498","Andhra Pradesh","Andhra Pradesh",null,"V5 Global",null,null,"Mohammed Ibrahim","mohammed.ibrahim@v5global.co.in",null,"South2",null,"External Consumer","ASO","V5 Global ASO",null,"FT",null,"ASO",null,"Prabhakar G","S.Arunbabu",null,"Prabhu Subaramanian","Sharad verma","arun.babu@v5global.co.in","arun.babu@v5global.co.in","gprabhakar@lenovo.com","psubramania4@lenovo.com","sharverm@lenovo.com","ASO","Shilpi Gautam","sgautam2@lenovo.com",null,"Prabhu Subaramanian",null,"psubramania4@lenovo.com",null,"2025-11-17","13:23:00","14.6816949,77.6002379","SRI BALAJI COMPUTERS",{"$nulls":3},"T3","37AWEPP8040P1ZV","South3",null,"T-10428","Chittoor","Andhra Pradesh",null,null,"Yes","Face to Face","90XS005PIN",1,"Lenovo","IdeaCentre","IdeaCentre","IntelÂ® Coreâ„¢ i3-14100 4C, 8GB DDR5/512 SSD/ WiFi 6 + BT 5.2/ 260W/ SFF 8.2Lt / Wired KeyBoard & Mouse /Win 11 Home/1 Yr Onsite","Win 11","TDT","Entry","IntelÂ® Coreâ„¢ i3-14100","Consumer",31500,null,"TDT",31500,"South2",37170,"",null,"South2","Entry","Entry"]
[21486583,"Soumen Das","soumen.das@v5global.co.in",8001996232,"V5 Global","Krishna Nagar","V5468689","Krishna Nagar","West Bengal",null,"V5 Global",null,null,"Arindam Mazumdar","arindam.mazumdar@v5global.co.in",null,"East1",null,"External Consumer","ASO","V5 Global ASO",null,"FT",null,"ASO","MBO","Ashique Ali","Amit Thakuri",null,"Amit Tiwari","Raghavendra Araveeti","amit.thakuri@v5global.co.in","amit.thakuri@v5global.co.in","aali11@lenovo.com","atiwari11@lenovo.com","raraveeti@lenovo.com","ASO","Shilpi Gautam","sgautam2@lenovo.com",null,"Amit Tiwari","MBO","atiwari11@lenovo.com",null,"2025-11-17","13:58:00","22.5857029,88.2815773","CHAKDAHA COMPUTERS",{"$nulls":3},"T3","19EBVPS1351C1ZB","East1",null,"T-1705","Nadia","West Bengal",null,null,"Yes","Telephonic","82R400XSIN",3,"Lenovo","Ideapad","Ideapad","\"Ryzenâ„¢ 5 5500U 6C 8GB RAM 512GB SSD Windows11 MS Office H&S 2024  Integrated AMD Radeon  Graphics  15.6\"\" FHD TN 220nits AG 720","Win 11","Thin & Light","Entry","Amd Ryzen 5 5500U","Consumer",29407,null,"NB",88221,"East1",34700.259999999995,"",null,"East1","Entry","Entry"]
[21487297,"Manoj Baishya","manoj.baishya@v5global.co.in",9864583255,"V5 Global","GUWAHATI","V5424243","NE","NE",null,"V5 Global",null,null,"Sukamal Saha","sukamal.saha@v5global.co.in",null,"East1",null,"External Consumer","ASO","V5 Global ASO",null,"FT",null,"ASO",null,"Partha Chakraborty","Amit Thakuri",null,"Amit Tiwari","Raghavendra Araveeti","amit.thakuri@v5global.co.in","amit.thakuri@v5global.co.in","pchakraborty@lenovo.com","atiwari11@lenovo.com","raraveeti@lenovo.com","ASO","Shilpi Gautam","sgautam2@lenovo.com",null,"Amit Tiwari",null,"atiwari11@lenovo.com",null,"2025-11-17","15:51:00","26.7454393,92.098165","Baruah Radio",{"$nulls":3},"T3","18AONPB6939A1ZZ","East1",null,"T-24971","Tangla","ASSAM","V5 Global",null,"Yes","Telephonic","83DV018FIN",1,"Lenovo","LOQ","LOQ","15.6/ 24GB / 512/  RTX 3050 6 GB GRAPHICS/ 2024/ LUNA GREY","Win 11","Gaming","Premium","INTEL I5-13450HX","Consumer",62712,null,"NB",62712,"East1",74000.15999999999,"SP","Gaming","East1","Premium","Premium"]
[21487562,"Manish Kumar ","manish.k@v5global.co.in",9815306161,"V5 Global","Chandigarh","V5294765","Punjab","Punjab",null,"V5 Global",null,null,"Shivam Kumar","shivam.kumar1@v5global.co.in",null,"North1",null,"External Consumer","ASO","V5 Global ASO",null,"FT",null,"ASO",null,"Naveen Kumar","Gaurav Sharma",null,"Kumar Tanksale","Raghavendra Araveeti","gaurav.sharma@v5global.co.in","gaurav.sharma@v5global.co.in","nkumar12@lenovo.com","ktanksale1@lenovo.com","raraveeti@lenovo.com","ASO","Shilpi Gautam","sgautam2@lenovo.com",null,"Kumar Tanksale",null,"ktanksale1@lenovo.com",null,"2025-11-17","16:26:00","30.7129113,76.7520862","Hi Tech Computers",null,null,"LES","T3","02BTVPK5092D2ZJ","North1",null,"T-30996","Una","Himachal Pradesh","V5 Global",null,"Yes","Face to Face","90XS005PIN",1,"Lenovo","IdeaCentre","IdeaCentre","IntelÂ® Coreâ„¢ i3-14100 4C, 8GB DDR5/512 SSD/ WiFi 6 + BT 5.2/ 260W/ SFF 8.2Lt / Wired KeyBoard & Mouse /Win 11 Home/1 Yr Onsite","Win 11","TDT","Entry","IntelÂ® Coreâ„¢ i3-14100","Consumer",31500,null,"TDT",31500,"North1",37170,"",null,"North1","Entry","Entry"]
[21492189,"Siddharth Chettri","siddharth.chettri@v5global.co.in",8859305427,"V5 Global","Dehradun","V5302939","Uttrakhand","Uttrakhand",null,"V5 Global",null,null,"Mohd Asif","mohd.asif@v5global.co.in",null,"North2",null,"External Consumer","ASO","V5 Global ASO",null,"FT",null,"ASO",null,"Nishant Aeron","Rahil Rasheed",null,"Durgendra Singh","Raghavendra Araveeti","rahil.rasheed@v5global.co.in","rahil.rasheed@v5global.co.in","naeron@lenovo.com","dsingh1@lenovo.com","raraveeti@lenovo.com","ASO","Shilpi Gautam","sgautam2@lenovo.com",null,"Durgendra Singh",null,"dsingh1@lenovo.com",null,"2025-11-17","17:40:00","30.1674195,78.1258315","S.S.Computer",{"$nulls":3},"T3",null,"North2",null,"T-24251","Dehradun","Uttarakhand","V5 Global",null,"Yes","Face to Face","83DV01AAIN",1,"Lenovo","LOQ","LOQ","LOQ I5 13gen 16GB RAM 512 gb SSD RTX4050 win11 MSO\t","Win 11","Gaming","Premium","I5 13gen","Consumer",78000,null,"NB",78000,"North2",92040,"SP","Gaming","North2","Premium","Premium"]
[21491608,"Ashok Shrirang Jadhav ","ashok.jadhav@v5global.co.in",7303680799,"V5 Global","Mumbai","V5296049","Maharashtra","Maharashtra",null,"V5 Global",null,null,"Pooja Thakur","pooja.thakur@v5global.co.in",null,"West1",null,"External Consumer","ASO","V5 Global ASO",null,"FT",null,"ASO",null,"Amit Tiwari","Yunus Hamid Mansoori",null,"Hemant C Baghel","Sharad verma","yunus.hamid@v5global.co.in","yunus.hamid@v5global.co.in","atiwari5@lenovo.com","hbaghel@lenovo.com","sharverm@lenovo.com","ASO","Shilpi Gautam","sgautam2@lenovo.com",null,"Hemant C Baghel",null,"hbaghel@lenovo.com",null,"2025-11-17","19:04:00","19.0592135,72.9096837","KOTHARI ENTERPRISES",{"$nulls":3},"T3","27ALJPK6665P1Z7","West1",null,"T-11181","Mumbai","Maharashtra","V5 Global",null,"Yes","Telephonic","82RJ00DBIN",1,"Lenovo","Ideapad","Slim 3i","i3-1215U 8GB,512GB SSD WINDOWS 11 HOME 64 SL OFFICE H&S 2021 Integrated Intel UHD Graphics 14\" FHD (1920x1080) TN 250nits Anti-g","Win 11","Thin & Light","Mainstream","i3-1215U","Consumer",40149,null,"NB",40149,"West1",47375.82,"",null,"West1 M","Mainstream","Mainstream"]
[21491612,"Ashok Shrirang Jadhav ","ashok.jadhav@v5global.co.in",7303680799,"V5 Global","Mumbai","V5296049","Maharashtra","Maharashtra",null,"V5 Global",null,null,"Pooja Thakur","pooja.thakur@v5global.co.in",null,"West1",null,"External Consumer","ASO","V5 Global ASO",null,"FT",null,"ASO",null,"Amit Tiwari","Yunus Hamid Mansoori",null,"Hemant C Baghel","Sharad verma","yunus.hamid@v5global.co.in","yunus.hamid@v5global.co.in","atiwari5@lenovo.com","hbaghel@lenovo.com","sharverm@lenovo.com","ASO","Shilpi Gautam","sgautam2@lenovo.com",null,"Hemant C Baghel",null,"hbaghel@lenovo.com",null,"2025-11-17","19:06:00","19.0592157,72.909685","sarthon",{"$nulls":3},"T3",null,"West1",null,"T-28422","Vidyavihar","Maharashtra","Denave",null,"Yes","Face to Face","82RK019GIN",1,"Lenovo","Ideapad","Slim3","15inch/ Ram 8gb/ Storage 512 ssd/mso 2024 H&M/ GPU Integrated/ Colour,Arctic grey","Win 11","Thin & Light","Mainstream","i3 12th Gen","Consumer",39999,null,"NB",39999,"West1",47198.82,"",null,"West1 M","Mainstream","Mainstream"]
[21488905,"Sumit Singh","sumit.singh@v5global.co.in",8963848967,"V5 Global","Mumbai","V5266119","Maharashtra","Maharashtra",null,"V5 Global",null,null,"Muffazal Momin","muffazal.momin@v5global.co.in",null,"West1",null,"External Consumer","ASO","V5 Global ASO",null,"FT",null,"ASO",null,"Amit Tiwari","Yunus Hamid Mansoori",null,"Hemant C Baghel","Sharad verma","yunus.hamid@v5global.co.in","yunus.hamid@v5global.co.in","atiwari5@lenovo.com","hbaghel@lenovo.com","sharverm@lenovo.com","ASO","Shilpi Gautam","sgautam2@lenovo.com",null,"Hemant C Baghel",null,"hbaghel@lenovo.com",null,"2025-11-17","19:31:00","18.9605682,72.8172874","Feonix Infotech",{"$nulls":3},"T3",null,"West1",null,"T-13363","Mumbai","Maharashtra","V5 Global",null,"Yes","Telephonic","83ER00MCIN",2,"Lenovo","Ideapad","Slim 3","Lenovo IdeaPad Slim 3 12th Gen Intel Core i5-12450H 15\" (39.6cm) FHD IPS 300 Nits Thin & Light Laptop (16GB/512GB SSD/Win 11/MSO","Win 11","Thin & Light","Mainstream","i5 12th Gen","Consumer",41000,null,"NB",82000,"West1",48380,"",null,"West1 M","Mainstream","Mainstream"]
[21488981,"Ishan Modha","ishan.modha@v5global.co.in",6352456143,"V5 Global","Ahmedabad",601140,"Gujarat","Gujarat",null,"V5 Global",null,null,"Darshan Shah","darshan.shah@v5global.co.in",null,"West1",null,"External Consumer","ASO","V5 Global ASO",null,"FT",null,"ASO",null,"Jaydip Kachhot","Yunus Hamid Mansoori",null,"Hemant C Baghel","Sharad verma","yunus.hamid@v5global.co.in","yunus.hamid@v5global.co.in","jkachhot@lenovo.com","hbaghel@lenovo.com","sharverm@lenovo.com","ASO","Shilpi Gautam","sgautam2@lenovo.com",null,"Hemant C Baghel",null,"hbaghel@lenovo.com",null,"2025-11-17","19:36:00","22.3007403,70.7789961","UJJAM COMPUTER",{"$nulls":3},"Top T3","24AIUPG2475P1ZK","West2",null,"T-13901","Kutch","Gujarat",null,null,"Yes","Face to Face","90XW005UIN",5,"Lenovo","IdeaCentre","IdeaCentre 08IRH9","8GB RAM/512 GB SSD/Integrated Graphics/WINDOWS 11","Win 11","TDT","Entry","CORE I5","Consumer",32619,null,"TDT",163095,"West1",38490.42,"",null,"West1 M","Entry","Mainstream"]
[21490460,"Vijay Dattatray Boraste","vijay.dattatary@v5global.co.in",8888808035,"V5 Global","Nasik","V5266927","Maharashtra","Maharashtra",null,"V5 Global",null,null,"Aparajitaa Lakhani","aparajita.lakhani@v5global.co.in",null,"West1",null,"External Consumer","ASO","V5 Global ASO",null,"FT",null,"ASO",null,"Rajeev Jha","TBH",null,"Hemant C Baghel","Sharad verma",null,null,"rjha3@lenovo.com","hbaghel@lenovo.com","sharverm@lenovo.com","ASO","Shilpi Gautam","sgautam2@lenovo.com",null,"Hemant C Baghel",null,"hbaghel@lenovo.com",null,"2025-11-17","21:25:00","19.9924384,73.8385","A To Z Mobile Laptop & Accessories & Readymade",{"$nulls":3},"T3",null,"West1",null,"T-28335","Nashik","Maharashtra","Denave",null,"Yes","Telephonic","83GS00MWIN",2,"Lenovo","LOQ","LOQ 15IAX9","Len LOQ-15 /16/512) GFX 2050 MS Office","Win 11","Gaming","Premium","i5 12450HX","Consumer",69999,null,"NB",139998,"West1",82598.81999999999,"SP","Gaming","West1 R","Premium","Premium"]
[21490628,"Govind Gulab Rajbhar","govind.gulab@v5global.co.in",9029031943,"V5 Global","Mumbai","V5263641","Maharashtra","Maharashtra",null,"V5 Global",null,null,"Pooja Thakur","pooja.thakur@v5global.co.in",null,"West1",null,"External Consumer","ASO","V5 Global ASO",null,"FT",null,"ASO",null,"Amit Tiwari","Yunus Hamid Mansoori",null,"Hemant C Baghel","Sharad verma","yunus.hamid@v5global.co.in","yunus.hamid@v5global.co.in","atiwari5@lenovo.com","hbaghel@lenovo.com","sharverm@lenovo.com","ASO","Shilpi Gautam","sgautam2@lenovo.com",null,"Hemant C Baghel",null,"hbaghel@lenovo.com",null,"2025-11-17","21:35:00","19.2169518,72.8439299","CYBER EDGE",{"$nulls":3},"T3",null,"West1",null,"T-19635","Mumbai","Maharashtra","V5 Global",null,"Yes","Telephonic","67BCKAC6IN",1,"Lenovo","Monitor -L24i4A","Monitor -L24i4A","Full HD IPS Panel Ultra Thin Monitor with WLED Backlight","NA","Visual Variants","Premium","NA","Visuals",7203,null,null,7203,"West1",8499.539999999999,"",null,"West1 M","Premium","Premium"]
[21490635,"Govind Gulab Rajbhar","govind.gulab@v5global.co.in",9029031943,"V5 Global","Mumbai","V5263641","Maharashtra","Maharashtra",null,"V5 Global",null,null,"Pooja Thakur","pooja.thakur@v5global.co.in",null,"West1",null,"External Consumer","ASO","V5 Global ASO",null,"FT",null,"ASO",null,"Amit Tiwari","Yunus Hamid Mansoori",null,"Hemant C Baghel","Sharad verma","yunus.hamid@v5global.co.in","yunus.hamid@v5global.co.in","atiwari5@lenovo.com","hbaghel@lenovo.com","sharverm@lenovo.com","ASO","Shilpi Gautam","sgautam2@lenovo.com",null,"Hemant C Baghel",null,"hbaghel@lenovo.com",null,"2025-11-17","21:36:00","19.2169584,72.8439201","Novelty Computech",{"$nulls":3},"T3",null,"West1",null,"T-18067","Mumbai","Maharashtra","V5 Global",null,"Yes","Telephonic","66FCGAC2IN",1,"Lenovo","D32-40","C22320FD0","31.5 INCH MONITOR-HDMI","NA","Visual Variants","Premium","NA","Visuals",15300,null,null,15300,"West1",18054,"",null,"West1 M","Premium","Premium"]
[21490743,"Maheswaran ","maheswaran.1@v5global.co.in",9952328485,"V5 Global","Pondicherry","V5458447","Pondicherry","Tamil Nadu","-","V5 Global",null,null,"Prabhakaran A","prabhakaran@v5global.co.in",null,"South2",null,"External Consumer","ASO","V5 Global ASO",null,"FT",null,"ASO",null,"Sridhar Ethirajulu","S.Arunbabu",null,"Prabhu Subaramanian","Sharad verma","arun.babu@v5global.co.in","arun.babu@v5global.co.in","sethirajulu1@lenovo.com","psubramania4@lenovo.com","sharverm@lenovo.com","ASO","Shilpi Gautam","sgautam2@lenovo.com",null,"Prabhu Subaramanian",null,"psubramania4@lenovo.com",null,"2025-11-17","21:45:00","11.9272077,79.7999049","Sanjana Computers",{"$nulls":3},"T3","34AYSPV0204D1ZK","South2",null,"T-9731","Pondicherry","Tamil Nadu",null,null,"Yes","Telephonic","F0HN00PGIN",1,"Lenovo","AIO","AIO i-24IRH9","i3-1315U-8-512-UHD-W11-O24-23.80","Win 11","AIO","Mainstream","i3-1315U","Consumer",57990,null,"AIO",57990,"South2",68428.2,"",null,"South2","Premium","Mainstream"]
[21490799,"Maheswaran ","maheswaran.1@v5global.co.in",9952328485,"V5 Global","Pondicherry","V5458447","Pondicherry","Tamil Nadu","-","V5 Global",null,null,"Prabhakaran A","prabhakaran@v5global.co.in",null,"South2",null,"External Consumer","ASO","V5 Global ASO",null,"FT",null,"ASO",null,"Sridhar Ethirajulu","S.Arunbabu",null,"Prabhu Subaramanian","Sharad verma","arun.babu@v5global.co.in","arun.babu@v5global.co.in","sethirajulu1@lenovo.com","psubramania4@lenovo.com","sharverm@lenovo.com","ASO","Shilpi Gautam","sgautam2@lenovo.com",null,"Prabhu Subaramanian",null,"psubramania4@lenovo.com",null,"2025-11-17","21:50:00","11.9271607,79.7999635","KRISHNA INFOTECH (PDY)",{"$nulls":3},"T3","34ALTPD1448F1Z7","South2",null,"T-9389","Pondicherry","Tamil Nadu",null,null,"Yes","Telephonic","83DV01A9IN",1,"Lenovo","LOQ","LOQ 15IRX9","i5 OS 6GB Gfx/i5 13450HX/RTX 3050 6GB","Win 11","Gaming","Premium","RTX 3050 6GB/512GB SSD/i5 13450HX","Consumer",77845,null,"NB",77845,"South2",91857.09999999999,"SP","Gaming","South2","Premium","Premium"]
[21491032,"Pran Pratap Singh","pran.singh@v5global.co.in",9001585718,"V5 Global","Jaipur","V5459442","Jaipur","Rajasthan",null,"V5 Global",null,null,"Gourav Jain","gourav.jain@v5global.co.in",null,"North1",null,"External Consumer","ASO","V5 Global ASO",null,"FT",null,"ASO",null,"Ganga Singh","Gaurav Sharma",null,"Kumar Tanksale","Raghavendra Araveeti","gaurav.sharma@v5global.co.in","gaurav.sharma@v5global.co.in","gsingh24@lenovo.com","ktanksale1@lenovo.com","raraveeti@lenovo.com","ASO","Shilpi Gautam","sgautam2@lenovo.com",null,"Kumar Tanksale",null,"ktanksale1@lenovo.com",null,"2025-11-17","22:13:00","26.937745,75.8929067","HBC COMPUTER & PERIPHERALS",{"$nulls":3},"T3","08AAPPG1830P1ZB","North1",null,"T-18831","Jaipur","Rajasthan","V5 Global",null,"Yes","Telephonic","GX20K78585",5,"Lenovo","AC Adapter","Power","Lenovo 65W AC Roundtip Adapter(IN)","NA","Accessories","NA","NA","Accessories",2490,null,null,12450,"North1",2938.2,"",null,"North1","NA","NA"]
[21491191,"Manoj Bihari","manoj.bihari@v5global.co.in",9861291397,"V5 Global","Sambalpur","V5263625","Orissa","Orissa",null,"V5 Global",null,null,"Arindam Mazumdar","arindam.mazumdar@v5global.co.in",null,"East2",null,"External Consumer","ASO","V5 Global ASO",null,"FT",null,"ASO","LES","Biswa Ranjan Jena","Imam Hassan",null,"Rajender Negi","Raghavendra Araveeti","imam.hassan@v5global.co.in","imam.hassan@v5global.co.in","bjena1@lenovo.com","rnegi@lenovo.com","raraveeti@lenovo.com","ASO","Shilpi Gautam","sgautam2@lenovo.com",null,"Rajender Negi","LES","rnegi@lenovo.com",null,"2025-11-17","22:44:00","22.2260483,84.8631933","Sun Computer",{"$nulls":3},"T3","21ADQPJ1558H1ZL","East2",null,"T-2795","Rayagada","Orissa",null,null,"Yes","Face to Face","83GS00PJIN",1,"Lenovo","LOQ","LOQ 15IAX9","15.6,16GB,521SSD,RTX3050 6GB,2024 MSO,LUNA GREE","Win 11","Gaming","Premium","Core i5-12450HX","Consumer",75864,null,"NB",75864,"East2",89519.51999999999,"SP","Gaming","East2","Premium","Premium"]
[21491538,"Abhisekh Kumar Singh","abhisekh.kumar@v5global.co.in",9386646960,"V5 Global","Dhanbad","V5267291","Jharkhand","Jharkhand",null,"V5 Global",null,null,"Shivam Kumar","shivam.kumar@v5global.co.in",null,"East2",null,"External Consumer","ASO","V5 Global ASO",null,"FT",null,"ASO",null,"Krishna Kumar Singh","Imam Hassan",null,"Rajender Negi","Raghavendra Araveeti","imam.hassan@v5global.co.in","imam.hassan@v5global.co.in","ksingh25@lenovo.com","rnegi@lenovo.com","raraveeti@lenovo.com","ASO","Shilpi Gautam","sgautam2@lenovo.com",null,"Rajender Negi",null,"rnegi@lenovo.com",null,"2025-11-18","04:09:00","23.8225641,86.4823336","Diya infotech",{"$nulls":3},"T3","20ADZPC8505E1ZQ","East2",null,"T-29301","Dhanbad","Jharkhand","V5 Global",null,"Yes","Face to Face","90XS005PIN",2,"Lenovo","IdeaCentre","IdeaCentre","IntelÂ® Coreâ„¢ i3-14100 4C, 8GB DDR5/512 SSD/ WiFi 6 + BT 5.2/ 260W/ SFF 8.2Lt / Wired KeyBoard & Mouse /Win 11 Home/1 Yr Onsite","Win 11","TDT","Entry","IntelÂ® Coreâ„¢ i3-14100","Consumer",31500,null,"TDT",63000,"East2",37170,"",null,"East2","Entry","Entry"]
[21491619,"Sureshkumar ","suresh.kumar@v5global.co.in",9061984242,"V5 Global","COCHIN","V5365127","KERALA","Kerala",null,"V5 Global",null,null,"Athul Krishna","athul.n@v5global.co.in",null,"South1",null,"External Consumer","ASO","V5 Global ASO",null,"FT",null,"ASO",null,"Shaiju","Prakash Kumar K P",null,"S Sreekumar","Sharad verma","prakash.kp@v5global.co.in","prakash.kp@v5global.co.in","ss89@lenovo.com","ssreekumar@lenovo.com","sharverm@lenovo.com","ASO","Shilpi Gautam","sgautam2@lenovo.com",null,"S Sreekumar",null,"ssreekumar@lenovo.com",null,"2025-11-18","07:12:00","9.8453504,76.3577405","ATAPI SYSTEMS",{"$nulls":3},"T3","32AAMFA0340B1ZC","South2",null,"T-8007","Ernakulam","Kerala",null,null,"Yes","Telephonic","83HR000WIN",1,"Lenovo","Ideapad","Slim 5","14\",WUXGA OLED display, 16GB, 1TB, ","Win 11","Thin & Light","Premium","I5-13420H","Consumer",73000,null,"NB",73000,"South1",86140,"SP","Non-Gaming","South1","Premium","Premium"]
[21491658,"Mohd Rashid","mohd.rashid@v5global.co.in",9369188344,"V5 Global","Lucknow","V5267964","Uttar Pradesh","Uttar Pradesh",null,"V5 Global",null,null,"Mohammad Atif","mohammad.atif@v5global.co.in",null,"North2",null,"External Consumer","ASO","V5 Global ASO",null,"FT",null,"ASO",null,"Rahul Sarin","Rahil Rasheed",null,"Durgendra Singh","Raghavendra Araveeti","rahil.rasheed@v5global.co.in","rahil.rasheed@v5global.co.in","rsarin2@lenovo.com","dsingh1@lenovo.com","raraveeti@lenovo.com","ASO","Shilpi Gautam","sgautam2@lenovo.com",null,"Durgendra Singh",null,"dsingh1@lenovo.com",null,"2025-11-18","07:43:00","26.83715,80.928605","HARRY & COMPANY",{"$nulls":3},"T3",null,"North2",null,"T-23232","Lucknow","Uttar Pradesh","V5 Global",null,"Yes","Face to Face","82ER00MCIN",2,"Lenovo","Ideapad","Slim 3","15.6\" (39.62cm) FHD / 16 GB DDR5 RAM / 512 GB SSD/ARCTIC GREY/\t","Win 11","Thin & Light","Mainstream","Core i5 12th Gen","Consumer",53000,null,"NB",106000,"North2",62540,"",null,"North2","Mainstream","Mainstream"]
[21491706,"Abhisekh Kumar Singh","abhisekh.kumar@v5global.co.in",9386646960,"V5 Global","Dhanbad","V5267291","Jharkhand","Jharkhand",null,"V5 Global",null,null,"Shivam Kumar","shivam.kumar@v5global.co.in",null,"East2",null,"External Consumer","ASO","V5 Global ASO",null,"FT",null,"ASO",null,"Krishna Kumar Singh","Imam Hassan",null,"Rajender Negi","Raghavendra Araveeti","imam.hassan@v5global.co.in","imam.hassan@v5global.co.in","ksingh25@lenovo.com","rnegi@lenovo.com","raraveeti@lenovo.com","ASO","Shilpi Gautam","sgautam2@lenovo.com",null,"Rajender Negi",null,"rnegi@lenovo.com",null,"2025-11-18","07:59:00","23.8224987,86.4823096","Computer Craft",{"$nulls":3},"T3",null,"East2",null,"T-25095","Bokaro","Jharkhand","Denave",null,"Yes","Face to Face","90XS005PIN",2,"Lenovo","IdeaCentre","IdeaCentre","IntelÂ® Coreâ„¢ i3-14100 4C, 8GB DDR5/512 SSD/ WiFi 6 + BT 5.2/ 260W/ SFF 8.2Lt / Wired KeyBoard & Mouse /Win 11 Home/1 Yr Onsite","Win 11","TDT","Entry","IntelÂ® Coreâ„¢ i3-14100","Consumer",31500,null,"TDT",63000,"East2",37170,"",null,"East2","Entry","Entry"]
[21491728,"Dharmaraja Ayyakutty","dharmaraja.ayyakutty@v5global.co.in",9345577776,"V5 Global","MADURAI","V5431236","TAMIL NADU","TAMIL NADU","-","V5 Global",null,null,"Prabhakaran A","prabhakaran@v5global.co.in",null,"South2",null,"External Consumer","ASO","V5 Global ASO",null,"FT",null,"ASO",null,"Sridhar Ethirajulu","S.Arunbabu",null,"Prabhu Subaramanian","Sharad verma","arun.babu@v5global.co.in","arun.babu@v5global.co.in","sethirajulu1@lenovo.com","psubramania4@lenovo.com","sharverm@lenovo.com","ASO","Shilpi Gautam","sgautam2@lenovo.com",null,"Prabhu Subaramanian",null,"psubramania4@lenovo.com",null,"2025-11-18","08:04:00","10.0130307,77.9705827","VN INFOTECH",{"$nulls":3},"T3","33ASWPV3256H1Z4","South2",null,"T-10081","Madurai","Tamil Nadu",null,null,"Yes","Face to Face","F0HN00PHIN",1,"Lenovo","AIO","AIO","LEN I5-13420H 16GB 512GB SSD 23.8 MSO","Win 11","AIO","Mainstream","i5-13420H","Consumer",53381,null,"AIO",53381,"South2",62989.579999999994,"",null,"South2","Mainstream","Mainstream"]
[21491809,"Madan Jat","madan.jat@v5global.co.in",9806152284,"V5 Global","INDORE","V5422616","MADHYA PRADESH","MADHYA PRADESH","-","V5 Global",null,null,"Mohmmad Abrar Khan","abrar.khan@v5global.co.in",null,"North2",null,"External Consumer","ASO","V5 Global ASO",null,"FT",null,"ASO",null,"Mehul Raval","Rahil Rasheed",null,"Durgendra Singh","Raghavendra Araveeti","rahil.rasheed@v5global.co.in","rahil.rasheed@v5global.co.in","mraval@lenovo.com","dsingh1@lenovo.com","raraveeti@lenovo.com","ASO","Shilpi Gautam","sgautam2@lenovo.com",null,"Durgendra Singh",null,"dsingh1@lenovo.com",null,"2025-11-18","08:35:00","22.7975131,75.8981092","Vijay Computer",{"$nulls":3},"T3",null,"North2",null,"T-16852","Alirajpur","Madhya Pradesh","V5 Global",null,"Yes","Telephonic","83JC00EFIN",1,"Lenovo","LOQ","LOQ 15ARP9","NB LOQ 15ARP9 R5 24G 512G 11S","Win 11","Gaming","Premium","R5 7235HS","Consumer",67578,null,"NB",67578,"North2",79742.04,"SP","Gaming","North2","Premium","Premium"]
[21491961,"Nilesh Agrawal","nilesh.agarwal@v5global.co.in",7747820820,"V5 Global","Bhopal",601083,"Madhya Pradesh","Madhya Pradesh",null,"V5 Global",null,null,"Mohmmad Abrar Khan","abrar.khan@v5global.co.in",null,"North2",null,"External Consumer","ASO","V5 Global ASO",null,"FT",null,"ASO",null,"Mehul Raval","Rahil Rasheed",null,"Durgendra Singh","Raghavendra Araveeti","rahil.rasheed@v5global.co.in","rahil.rasheed@v5global.co.in","mraval@lenovo.com","dsingh1@lenovo.com","raraveeti@lenovo.com","ASO","Shilpi Gautam","sgautam2@lenovo.com",null,"Durgendra Singh",null,"dsingh1@lenovo.com",null,"2025-11-18","09:03:00","23.1921072,77.4362644","Smith System",{"$nulls":3},"T3",null,"North2",null,"T-16387","Bhopal","Madhya Pradesh","V5 Global",null,"Yes","Face to Face","83K100C9IN",1,"Lenovo","Slim 3","IdeaPad Slim 3 15IRH10","NB IP Slim 3 15IRH10 I7 8G 8G 512G 11S","Win 11","Thin & Light","Mainstream","i7 13620H","Consumer",64700,null,"NB",64700,"North2",76346,"SP","Non-Gaming","North2","Premium","Premium"]
[21492003,"Nilesh Agrawal","nilesh.agarwal@v5global.co.in",7747820820,"V5 Global","Bhopal",601083,"Madhya Pradesh","Madhya Pradesh",null,"V5 Global",null,null,"Mohmmad Abrar Khan","abrar.khan@v5global.co.in",null,"North2",null,"External Consumer","ASO","V5 Global ASO",null,"FT",null,"ASO",null,"Mehul Raval","Rahil Rasheed",null,"Durgendra Singh","Raghavendra Araveeti","rahil.rasheed@v5global.co.in","rahil.rasheed@v5global.co.in","mraval@lenovo.com","dsingh1@lenovo.com","raraveeti@lenovo.com","ASO","Shilpi Gautam","sgautam2@lenovo.com",null,"Durgendra Singh",null,"dsingh1@lenovo.com",null,"2025-11-18","09:09:00","23.1922369,77.4364498","Sarthak Computer",{"$nulls":3},"T3",null,"North2",null,"T-16453","Vidisha","Madhya Pradesh","V5 Global",null,"Yes","Face to Face","82X700HMIN",1,"Lenovo","IdeaPad Slim 3","Slim 3","15.6\", 8GB, 512GB, Integrated Intel UHD Graphics, Office Home 2024, Arctic Grey\t","Win 11","Thin & Light","Mainstream","Intel Core i3-1315U\t","Consumer",41000,null,"NB",41000,"North2",48380,"",null,"North2","Mainstream","Entry"]
[21492196,"Prasannaraj P","prasannaraj.p@v5global.co.in",9092045806,"V5 Global","Chennai","V5335880","Tamil Nadu","Tamil Nadu",null,"V5 Global",null,null,"Prabhakaran A","prabhakaran@v5global.co.in",null,"South2",null,"External Consumer","ASO","V5 Global ASO",null,"FT",null,"ASO","LES","Sridhar Ethirajulu","S.Arunbabu",null,"Prabhu Subaramanian","Sharad verma","arun.babu@v5global.co.in","arun.babu@v5global.co.in","sethirajulu1@lenovo.com","psubramania4@lenovo.com","sharverm@lenovo.com","ASO","Shilpi Gautam","sgautam2@lenovo.com",null,"Prabhu Subaramanian","LES","psubramania4@lenovo.com",null,"2025-11-18","09:31:00","13.0289806,80.1942988","Arun System And Communication",{"$nulls":3},"T3",null,"South2",null,"T-9967","Chennai","Tamil Nadu","V5 Global",null,"Yes","Face to Face","90XS005JIN",1,"Lenovo","IdeaCentre","IdeaCentre","i3 14100 14th Gen Processor,8Gb Ram ddr5,512Ssd,Windows 11,Wifi,BT, Usb calliope Black, keybord,mouse\t","Win 11","TDT","Mainstream","I3 14100","Consumer",25747,null,"TDT",25747,"South2",30381.46,"",null,"South2","Entry","Entry"]
[21492214,"Sunny Ashok Warwatkar","sunny.warwatkar@v5global.co.in",8888599205,"V5 Global","Amravati",601349,"MAHARASHTRA","Maharashtra",null,"V5 Global",null,null,"Safdar Hussian","safder.khan@v5global.co.in",null,"West1",null,"External Consumer","ASO","V5 Global ASO",null,"FT",null,"ASO",null,"Sonia more","TBH",null,"Hemant C Baghel","Sharad verma",null,null,"smore3@lenovo.com","hbaghel@lenovo.com","sharverm@lenovo.com","ASO","Shilpi Gautam","sgautam2@lenovo.com",null,"Hemant C Baghel",null,"hbaghel@lenovo.com",null,"2025-11-18","09:33:00","20.8847963,77.7525783","E-Solution Computers",{"$nulls":3},"T3","27BKTPM1322B1ZD","West1",null,"T-22193","Yavatmal","Maharashtra","V5 Global",null,"Yes","Face to Face","82R4011NIN",1,"Lenovo","IDEA PAD SLIM1","IDEA PAD SLIM1","R5 /5500U/8 GB RAM/512 TB SSD/INT.","WIn 11","Thin & Light","Mainstream","R5","Consumer",35000,null,"NB",35000,"West1",41300,"",null,"West1 R","Mainstream","Entry"]
[21492307,"Sunny Ashok Warwatkar","sunny.warwatkar@v5global.co.in",8888599205,"V5 Global","Amravati",601349,"MAHARASHTRA","Maharashtra",null,"V5 Global",null,null,"Safdar Hussian","safder.khan@v5global.co.in",null,"West1",null,"External Consumer","ASO","V5 Global ASO",null,"FT",null,"ASO",null,"Sonia more","TBH",null,"Hemant C Baghel","Sharad verma",null,null,"smore3@lenovo.com","hbaghel@lenovo.com","sharverm@lenovo.com","ASO","Shilpi Gautam","sgautam2@lenovo.com",null,"Hemant C Baghel",null,"hbaghel@lenovo.com",null,"2025-11-18","09:40:00","20.8847931,77.7525746","Sandal Enterprises",{"$nulls":3},"T3","27AHXPP4526A1Z4","West1",null,"T-12523","Amravati","Maharashtra",null,null,"Yes","Face to Face","83GS00MWIN",2,"Lenovo","LOQ","LOQ 15IAX9","Len LOQ-15 /16/512) GFX 2050 MS Office","Win 11","Gaming","Premium","i5 12450HX","Consumer",69999,null,"NB",139998,"West1",82598.81999999999,"SP","Gaming","West1 R","Premium","Premium"]
[21492321,"Prasannaraj P","prasannaraj.p@v5global.co.in",9092045806,"V5 Global","Chennai","V5335880","Tamil Nadu","Tamil Nadu",null,"V5 Global",null,null,"Prabhakaran A","prabhakaran@v5global.co.in",null,"South2",null,"External Consumer","ASO","V5 Global ASO",null,"FT",null,"ASO","LES","Sridhar Ethirajulu","S.Arunbabu",null,"Prabhu Subaramanian","Sharad verma","arun.babu@v5global.co.in","arun.babu@v5global.co.in","sethirajulu1@lenovo.com","psubramania4@lenovo.com","sharverm@lenovo.com","ASO","Shilpi Gautam","sgautam2@lenovo.com",null,"Prabhu Subaramanian","LES","psubramania4@lenovo.com",null,"2025-11-18","09:43:00","13.0289886,80.1942994","MAHAVIR MULTIMEDIA",{"$nulls":3},"T3",null,"South2",null,"T-9438","Chennai","Tamil Nadu",null,null,"Yes","Face to Face","82LX00F7IN",1,"Lenovo","Ideapad","Slim 1","LEN N4500 8GB 512GB SSD WIN11  1YR","Win 11","Thin & Light","Entry","N4500","Consumer",25900,null,"NB",25900,"South2",30562,"",null,"South2","Entry","Entry"]
[21495833,"Rajesh Kumar","rajesh.kumar2@v5global.co.in",7488484467,"V5 Global","Bhagalpur","V5456085","Bhagalpur","Bihar","-","V5 Global",null,null,"Shivam Kumar","shivam.kumar@v5global.co.in",null,"East2",null,"External Consumer","ASO","V5 Global ASO",null,"FT",null,"ASO",null,"Krishna Kumar Singh","Imam Hassan",null,"Rajender Negi","Raghavendra Araveeti","imam.hassan@v5global.co.in","imam.hassan@v5global.co.in","ksingh25@lenovo.com","rnegi@lenovo.com","raraveeti@lenovo.com","ASO","Shilpi Gautam","sgautam2@lenovo.com",null,"Rajender Negi",null,"rnegi@lenovo.com",null,"2025-11-18","11:20:00","25.8578583,87.5406367","Super Trading - Arariya",{"$nulls":3},"T3","10BSMPS9867G1Z5","East2",null,"T-31269","Araria","Bihar","V5 Global",null,"Yes","Face to Face","GX31L52655",10,"Lenovo","Wired Combo","Input","Lenovo 160 Wired Combo","NA","Accessories","NA","NA","Accessories",999,null,null,9990,"East2",1178.82,"",null,"East2","NA","NA"]
[21507832,"Amarjit Behera","amarjit.behera@v5global.co.in",9437451999,"V5 Global","Bhubaneswar",601088,"Orissa","Orissa",null,"V5 Global",null,null,"Arindam Mazumdar","arindam.mazumdar@v5global.co.in",null,"East2",null,"External Consumer","ASO","V5 Global ASO",null,"FT",null,"ASO",null,"Biswa Ranjan Jena","Imam Hassan",null,"Rajender Negi","Raghavendra Araveeti","imam.hassan@v5global.co.in","imam.hassan@v5global.co.in","bjena1@lenovo.com","rnegi@lenovo.com","raraveeti@lenovo.com","ASO","Shilpi Gautam","sgautam2@lenovo.com",null,"Rajender Negi",null,"rnegi@lenovo.com",null,"2025-11-18","11:23:00","20.4941433,85.9378476","Tech Central - Joda",{"$nulls":3},"T3","21AVJPJ8922E2ZQ","East2",null,"T-30276","Joda","Odisha","V5 Global",null,"Yes","Face to Face","67D5KAC6IN",1,"Lenovo","L22-4E","L Series","LEN L22-4E 21.5 IPS  BLACK 100HZ","NA","Visual Variants","Mainstream","NA","Visuals",5331,null,null,5331,"East2",6290.58,"",null,"East2","Mainstream","Mainstream"]
[21510036,"Amarjit Behera","amarjit.behera@v5global.co.in",9437451999,"V5 Global","Bhubaneswar",601088,"Orissa","Orissa",null,"V5 Global",null,null,"Arindam Mazumdar","arindam.mazumdar@v5global.co.in",null,"East2",null,"External Consumer","ASO","V5 Global ASO",null,"FT",null,"ASO",null,"Biswa Ranjan Jena","Imam Hassan",null,"Rajender Negi","Raghavendra Araveeti","imam.hassan@v5global.co.in","imam.hassan@v5global.co.in","bjena1@lenovo.com","rnegi@lenovo.com","raraveeti@lenovo.com","ASO","Shilpi Gautam","sgautam2@lenovo.com",null,"Rajender Negi",null,"rnegi@lenovo.com",null,"2025-11-18","12:53:00","20.4941042,85.9379254","CYRUS COMPUTERS",{"$nulls":3},"T3","21AODPP0735L1Z3","East2",null,"T-2687","Balasore","Orissa","V5 Global",null,"Yes","Face to Face","67D5KAC6IN",1,"Lenovo","L22-4E","L Series","LEN L22-4E 21.5 IPS  BLACK 100HZ","NA","Visual Variants","Mainstream","NA","Visuals",5331,null,null,5331,"East2",6290.58,"",null,"East2","Mainstream","Mainstream"]
[21500915,"Ishan Modha","ishan.modha@v5global.co.in",6352456143,"V5 Global","Ahmedabad",601140,"Gujarat","Gujarat",null,"V5 Global",null,null,"Darshan Shah","darshan.shah@v5global.co.in",null,"West1",null,"External Consumer","ASO","V5 Global ASO",null,"FT",null,"ASO",null,"Jaydip Kachhot","Yunus Hamid Mansoori",null,"Hemant C Baghel","Sharad verma","yunus.hamid@v5global.co.in","yunus.hamid@v5global.co.in","jkachhot@lenovo.com","hbaghel@lenovo.com","sharverm@lenovo.com","ASO","Shilpi Gautam","sgautam2@lenovo.com",null,"Hemant C Baghel",null,"hbaghel@lenovo.com",null,"2025-11-18","16:14:00","22.3007428,70.7790005","NEWTECH INFO SYSTEM",{"$nulls":3},"T3","24ABOPH9855P1ZQ","West2",null,"T-13967","Rajkot","Gujarat",null,null,"Yes","Face to Face","F0HN00PGIN",1,"Lenovo","AIO","AIO i-24IRH9","i3-1315U-8-512-UHD-W11-O24-23.80","Win 11","AIO","Mainstream","i3-1315U","Consumer",57990,null,"AIO",57990,"West1",68428.2,"",null,"West1 M","Premium","Mainstream"]
[21501126,"Umer Farooq Bhat","umer.farooq@v5global.co.in",7006131255,"V5 Global","Srinagar","V5266190","Jammu and Kashmir","Jammu and Kashmir",null,"V5 Global",null,null,"Shivam Kumar","shivam.kumar1@v5global.co.in",null,"North1",null,"External Consumer","ASO","V5 Global ASO",null,"FT",null,"ASO",null,"Karan Kapoor","Gaurav Sharma",null,"Kumar Tanksale","Raghavendra Araveeti","gaurav.sharma@v5global.co.in","gaurav.sharma@v5global.co.in","Kkapoor@lenovo.com","ktanksale1@lenovo.com","raraveeti@lenovo.com","ASO","Shilpi Gautam","sgautam2@lenovo.com",null,"Kumar Tanksale",null,"ktanksale1@lenovo.com",null,"2025-11-18","16:17:00","34.216082689989825,74.77699264883995","Digital Links",{"$nulls":3},"T3",null,"North1",null,"T-3587","Ganderbal","Jammu And Kashmir","V5 Global",null,"Yes","Face to Face","F0J6005FIN",1,"Lenovo","AIO","Lenovo A100","23.8\" FHD/8GB RAM/512 SSD/Integrated Graphics/MSO 2024/White","Win 11","AIO","Entry","Intel N100","Consumer",32000,null,"AIO",32000,"North1",37760,"",null,"North1","Entry","Entry"]
[21501910,"Manish Kumar ","manish.k@v5global.co.in",9815306161,"V5 Global","Chandigarh","V5294765","Punjab","Punjab",null,"V5 Global",null,null,"Shivam Kumar","shivam.kumar1@v5global.co.in",null,"North1",null,"External Consumer","ASO","V5 Global ASO",null,"FT",null,"ASO",null,"Naveen Kumar","Gaurav Sharma",null,"Kumar Tanksale","Raghavendra Araveeti","gaurav.sharma@v5global.co.in","gaurav.sharma@v5global.co.in","nkumar12@lenovo.com","ktanksale1@lenovo.com","raraveeti@lenovo.com","ASO","Shilpi Gautam","sgautam2@lenovo.com",null,"Kumar Tanksale",null,"ktanksale1@lenovo.com",null,"2025-11-18","18:39:00","30.7115394,76.7527688","HI-TECH COMPUTERS",{"$nulls":3},"T3",null,"North1",null,"T-3443","Jammu","Jammu And Kashmir","Denave",null,"Yes","Face to Face","83JR009EIN",1,"Lenovo","Yoga","Yoga 7 2-in-1","AMD Ryzenâ„¢ AI 7 350/32GB Soldered LPDDR5x-7500/1TB SSD M.2 2242 PCIe/Integrated AMD Radeonâ„¢ 860M Graphics/WindowsÂ® 11/Seashell","Win 11","Thin & Light","Premium","AMD Ryzenâ„¢ AI 7 350","Consumer",null,null,"NB",0,"North1",0,"",null,"North1","Entry","Premium"]
[21501990,"Manoj Kumar Panwar","manoj.panwar@v5global.co.in",9828022302,"V5 Global","Ajmer","V5268361","Rajasthan","Rajasthan",null,"V5 Global",null,null,"Gourav Jain","gourav.jain@v5global.co.in",null,"North1",null,"External Consumer","ASO","V5 Global ASO",null,"FT",null,"ASO",null,"Ganga Singh","Gaurav Sharma",null,"Kumar Tanksale","Raghavendra Araveeti","gaurav.sharma@v5global.co.in","gaurav.sharma@v5global.co.in","gsingh24@lenovo.com","ktanksale1@lenovo.com","raraveeti@lenovo.com","ASO","Shilpi Gautam","sgautam2@lenovo.com",null,"Kumar Tanksale",null,"ktanksale1@lenovo.com",null,"2025-11-18","18:47:00","26.4514425,74.6384047","Prem Computer",{"$nulls":3},"T3",null,"North1",null,"T-22592","Ajmer","Rajasthan","V5 Global",null,"Yes","Face to Face","90XS005PIN",1,"Lenovo","IdeaCentre","IdeaCentre","IntelÂ® Coreâ„¢ i3-14100 4C, 8GB DDR5/512 SSD/ WiFi 6 + BT 5.2/ 260W/ SFF 8.2Lt / Wired KeyBoard & Mouse /Win 11 Home/1 Yr Onsite","Win 11","TDT","Entry","IntelÂ® Coreâ„¢ i3-14100","Consumer",31500,null,"TDT",31500,"North1",37170,"",null,"North1","Entry","Entry"]
[21502585,"Surjeet Kumar","surjeet.kumar@v5global.co.in",7004963220,"V5 Global","Muzaffarpur","V5339429","Bihar","Bihar",null,"V5 Global",null,null,"Shivam Kumar","shivam.kumar@v5global.co.in",null,"East2",null,"External Consumer","ASO","V5 Global ASO",null,"FT",null,"ASO",null,"Krishna Kumar Singh","Imam Hassan",null,"Rajender Negi","Raghavendra Araveeti","imam.hassan@v5global.co.in","imam.hassan@v5global.co.in","ksingh25@lenovo.com","rnegi@lenovo.com","raraveeti@lenovo.com","ASO","Shilpi Gautam","sgautam2@lenovo.com",null,"Rajender Negi",null,"rnegi@lenovo.com",null,"2025-11-18","19:49:00","26.3408675,86.0804764","Global computer services",{"$nulls":3},"T3","10EZZPK5938R1Z8","East2",null,"T-28922","Madhubani","Bihar","V5 Global",null,"Yes","Face to Face","82X6005KIN",1,"Lenovo","Ideapad","Slim 3","1315U-CI3/8GB /512GB SSD/intel uhd graphics /14\"","Win 11","Thin & Light","Entry","1315U-ci3","Consumer",31972,null,"NB",31972,"East2",37726.96,"",null,"East2","Entry","Entry"]
[21502984,"Govind Gulab Rajbhar","govind.gulab@v5global.co.in",9029031943,"V5 Global","Mumbai","V5263641","Maharashtra","Maharashtra",null,"V5 Global",null,null,"Pooja Thakur","pooja.thakur@v5global.co.in",null,"West1",null,"External Consumer","ASO","V5 Global ASO",null,"FT",null,"ASO",null,"Amit Tiwari","Yunus Hamid Mansoori",null,"Hemant C Baghel","Sharad verma","yunus.hamid@v5global.co.in","yunus.hamid@v5global.co.in","atiwari5@lenovo.com","hbaghel@lenovo.com","sharverm@lenovo.com","ASO","Shilpi Gautam","sgautam2@lenovo.com",null,"Hemant C Baghel",null,"hbaghel@lenovo.com",null,"2025-11-18","20:25:00","19.2169696,72.8439186","Astro Solutions",{"$nulls":3},"T3",null,"West1",null,"T-25666","Mumbai","Maharashtra","V5 Global",null,"Yes","Telephonic","61E0KAR6WW",2,"Lenovo","D Series","D19-10","D19: 18.5\" VGA + HDMI with HDMI Cable","NA","Visual Variants","Entry","NA","Visuals",5058,null,null,10116,"West1",5968.44,"",null,"West1 M","Entry","Entry"]
[21503050,"Govind Gulab Rajbhar","govind.gulab@v5global.co.in",9029031943,"V5 Global","Mumbai","V5263641","Maharashtra","Maharashtra",null,"V5 Global",null,null,"Pooja Thakur","pooja.thakur@v5global.co.in",null,"West1",null,"External Consumer","ASO","V5 Global ASO",null,"FT",null,"ASO",null,"Amit Tiwari","Yunus Hamid Mansoori",null,"Hemant C Baghel","Sharad verma","yunus.hamid@v5global.co.in","yunus.hamid@v5global.co.in","atiwari5@lenovo.com","hbaghel@lenovo.com","sharverm@lenovo.com","ASO","Shilpi Gautam","sgautam2@lenovo.com",null,"Hemant C Baghel",null,"hbaghel@lenovo.com",null,"2025-11-18","20:29:00","19.2169468,72.8439574","SOLNET SYSTEM",{"$nulls":3},"T3",null,"West1",null,"T-19655","Mumbai","Maharashtra","V5 Global",null,"Yes","Telephonic","82RJ00FHIN",2,"Lenovo","Slim 3","Slim 3","14/8gb/512 ssd/integrated/mso","Win 11","Thin & Light","Mainstream","i3","Consumer",45200,null,"NB",90400,"West1",53336,"",null,"West1 M","Mainstream","Mainstream"]
[21503790,"Ramakant Arun Mali","ramakant.arun@v5global.co.in",9730708880,"V5 Global","JALGAON","V5267233","Maharashtra","Maharashtra",null,"V5 Global",null,null,"Aparajitaa Lakhani","aparajita.lakhani@v5global.co.in",null,"West1",null,"External Consumer","ASO","V5 Global ASO",null,"FT",null,"ASO",null,"Rajeev Jha","TBH",null,"Hemant C Baghel","Sharad verma",null,null,"rjha3@lenovo.com","hbaghel@lenovo.com","sharverm@lenovo.com","ASO","Shilpi Gautam","sgautam2@lenovo.com",null,"Hemant C Baghel",null,"hbaghel@lenovo.com",null,"2025-11-18","21:25:00","20.9815653,75.5533253","indu computers",{"$nulls":3},"T3","27ABTPV3917F1Z3","West1",null,"T-13515","Jalgaon","Maharashtra",null,null,"Yes","Face to Face","83DV01A9IN",1,"Lenovo","LOQ","LOQ 15IRX9","i5 OS 6GB Gfx/i5 13450HX/RTX 3050 6GB","Win 11","Gaming","Premium","RTX 3050 6GB/512GB SSD/i5 13450HX","Consumer",77845,null,"NB",77845,"West1",91857.09999999999,"SP","Gaming","West1 R","Premium","Premium"]
[21503825,"Ramakant Arun Mali","ramakant.arun@v5global.co.in",9730708880,"V5 Global","JALGAON","V5267233","Maharashtra","Maharashtra",null,"V5 Global",null,null,"Aparajitaa Lakhani","aparajita.lakhani@v5global.co.in",null,"West1",null,"External Consumer","ASO","V5 Global ASO",null,"FT",null,"ASO",null,"Rajeev Jha","TBH",null,"Hemant C Baghel","Sharad verma",null,null,"rjha3@lenovo.com","hbaghel@lenovo.com","sharverm@lenovo.com","ASO","Shilpi Gautam","sgautam2@lenovo.com",null,"Hemant C Baghel",null,"hbaghel@lenovo.com",null,"2025-11-18","21:27:00","20.9815653,75.5533253","Jawahar Computer",{"$nulls":3},"T3","27ALUPP6929Q1ZQ","West1",null,"T-13519","Jalgaon","Maharashtra",null,null,"Yes","Face to Face","83ER00MCIN",1,"Lenovo","Ideapad","Slim 3","Lenovo IdeaPad Slim 3 12th Gen Intel Core i5-12450H 15\" (39.6cm) FHD IPS 300 Nits Thin & Light Laptop (16GB/512GB SSD/Win 11/MSO","Win 11","Thin & Light","Mainstream","i5 12th Gen","Consumer",41000,null,"NB",{"$f":"BV3139*BL3139","v":41000},{"$f":"Q3139","v":"West1"},{"$f":"BV3139*118%","v":48380},{"$f":"IF(CF3139=\"Premium\",IF(CA3139>=65000,\"SP\",\"\"),\"\")","v":""},null,"West1 R",{"$f":"IF(BU3139=\"Consumer\",IF(CA3139<40000,\"Entry\",IF(AND(CA3139>=40000,CA3139<65000),\"Mainstream\",\"Premium\")),IF(BU3139=\"Visuals\",BS3139,\"NA\"))","v":"Mainstream"},"Mainstream"]
[21504097,"Chetti Srinivas","chetti.srinivas1@v5global.co.in",9515976797,"V5 Global","Hyderabad",601126,"TELANGANA","Telangana",null,"V5 Global",null,null,"Mohammed Ibrahim","mohammed.ibrahim@v5global.co.in",null,"South2",null,"External Consumer","ASO","V5 Global ASO",null,"FT",null,"ASO",null,"Santosh Singh","S.Arunbabu",null,"Prabhu Subaramanian","Sharad verma","arun.babu@v5global.co.in","arun.babu@v5global.co.in","ssingh9@lenovo.com","psubramania4@lenovo.com","sharverm@lenovo.com","ASO","Shilpi Gautam","sgautam2@lenovo.com",null,"Prabhu Subaramanian",null,"psubramania4@lenovo.com",null,"2025-11-18","21:51:00","17.4138742,78.5660404","Multi Computers",{"$nulls":3},"T3",null,"South2",null,"T-20196","Hyderabad","Telangana","V5 Global",null,"Yes","Face to Face","F0HM00PMIN",1,"Lenovo","AIO","AIO 27","27\" FHD/16GB/1TBSSD/MSO 2024/Shadow Black","Win 11","AIO","Premium","CORE I5","Consumer",70000,null,"AIO",70000,"South2",82600,"SP","Non-Gaming","South2","Premium","Premium"]
[21504419,"Sumit Singh","sumit.singh@v5global.co.in",8963848967,"V5 Global","Mumbai","V5266119","Maharashtra","Maharashtra",null,"V5 Global",null,null,"Muffazal Momin","muffazal.momin@v5global.co.in",null,"West1",null,"External Consumer","ASO","V5 Global ASO",null,"FT",null,"ASO",null,"Amit Tiwari","Yunus Hamid Mansoori",null,"Hemant C Baghel","Sharad verma","yunus.hamid@v5global.co.in","yunus.hamid@v5global.co.in","atiwari5@lenovo.com","hbaghel@lenovo.com","sharverm@lenovo.com","ASO","Shilpi Gautam","sgautam2@lenovo.com",null,"Hemant C Baghel",null,"hbaghel@lenovo.com",null,"2025-11-18","22:23:00","19.1966759,72.9727193","Vikas Trading",{"$nulls":4},"27AJZPP7952L1ZY","West1",null,"T-31536","Mumbai","Maharashtra","V5 Global",null,"Yes","Telephonic","82RK019GIN",4,"Lenovo","Ideapad","Slim3","15inch/ Ram 8gb/ Storage 512 ssd/mso 2024 H&M/ GPU Integrated/ Colour,Arctic grey","Win 11","Thin & Light","Mainstream","i3 12th Gen","Consumer",39999,null,"NB",159996,"West1",47198.82,"",null,"West1 M","Mainstream","Mainstream"]
[21504422,"Sumit Singh","sumit.singh@v5global.co.in",8963848967,"V5 Global","Mumbai","V5266119","Maharashtra","Maharashtra",null,"V5 Global",null,null,"Muffazal Momin","muffazal.momin@v5global.co.in",null,"West1",null,"External Consumer","ASO","V5 Global ASO",null,"FT",null,"ASO",null,"Amit Tiwari","Yunus Hamid Mansoori",null,"Hemant C Baghel","Sharad verma","yunus.hamid@v5global.co.in","yunus.hamid@v5global.co.in","atiwari5@lenovo.com","hbaghel@lenovo.com","sharverm@lenovo.com","ASO","Shilpi Gautam","sgautam2@lenovo.com",null,"Hemant C Baghel",null,"hbaghel@lenovo.com",null,"2025-11-18","22:26:00","19.1966667,72.9727646","Maxcom Electronics",{"$nulls":3},"T3",null,"West1",null,"T-25892","Lamington Road","Maharashtra","V5 Global",null,"Yes","Telephonic","83ER00MCIN",1,"Lenovo","Ideapad","Slim 3","Lenovo IdeaPad Slim 3 12th Gen Intel Core i5-12450H 15\" (39.6cm) FHD IPS 300 Nits Thin & Light Laptop (16GB/512GB SSD/Win 11/MSO","Win 11","Thin & Light","Mainstream","i5 12th Gen","Consumer",41000,null,"NB",41000,"West1",48380,"",null,"West1 M","Mainstream","Mainstream"]
[21513616,"Amarjit Behera","amarjit.behera@v5global.co.in",9437451999,"V5 Global","Bhubaneswar",601088,"Orissa","Orissa",null,"V5 Global",null,null,"Arindam Mazumdar","arindam.mazumdar@v5global.co.in",null,"East2",null,"External Consumer","ASO","V5 Global ASO",null,"FT",null,"ASO",null,"Biswa Ranjan Jena","Imam Hassan",null,"Rajender Negi","Raghavendra Araveeti","imam.hassan@v5global.co.in","imam.hassan@v5global.co.in","bjena1@lenovo.com","rnegi@lenovo.com","raraveeti@lenovo.com","ASO","Shilpi Gautam","sgautam2@lenovo.com",null,"Rajender Negi",null,"rnegi@lenovo.com",null,"2025-11-18","22:46:00","20.2932627,85.8450894","Laptop Gallery",{"$nulls":3},"T3","21ACNPI9863L1Z2","East2",null,"T-2760","Khordha","Orissa","V5 Global",null,"Yes","Face to Face","90SM00A8IN",1,"Lenovo","IdeaCentre","IdeaCentre","i3 12th gen /8 gb /1TB HDD/256 GB SSD","Win 11","TDT","Entry","Core i3 12th Gen","Consumer",39990,null,"TDT",39990,"East2",47188.2,"",null,"East2","Mainstream","Entry"]
[21514421,"Amarjit Behera","amarjit.behera@v5global.co.in",9437451999,"V5 Global","Bhubaneswar",601088,"Orissa","Orissa",null,"V5 Global",null,null,"Arindam Mazumdar","arindam.mazumdar@v5global.co.in",null,"East2",null,"External Consumer","ASO","V5 Global ASO",null,"FT",null,"ASO",null,"Biswa Ranjan Jena","Imam Hassan",null,"Rajender Negi","Raghavendra Araveeti","imam.hassan@v5global.co.in","imam.hassan@v5global.co.in","bjena1@lenovo.com","rnegi@lenovo.com","raraveeti@lenovo.com","ASO","Shilpi Gautam","sgautam2@lenovo.com",null,"Rajender Negi",null,"rnegi@lenovo.com",null,"2025-11-18","22:49:00","20.2932741,85.8452236","JEEBAN COMPUTER",{"$nulls":3},"T3","21AHYPD2947E1ZE","East2",null,"T-2710","Balasore","Orissa","V5 Global",null,"Yes","Face to Face","83K100HSIN",1,"Lenovo","Ideapad","Slim 3","15.3inch 16GB/1 TBSSD Integrated Graphics MSO 2024 Arctic Greay","Win 11","Thin & Light","Premium","Intel Core i5-13420H","Consumer",64900,null,"NB",{"$f":"BV3203*BL3203","v":64900},{"$f":"Q3203","v":"East2"},{"$f":"BV3203*118%","v":76582},{"$f":"IF(CF3203=\"Premium\",IF(CA3203>=65000,\"SP\",\"\"),\"\")","v":"SP"},"Non-Gaming","East2",{"$f":"IF(BU3203=\"Consumer\",IF(CA3203<40000,\"Entry\",IF(AND(CA3203>=40000,CA3203<65000),\"Mainstream\",\"Premium\")),IF(BU3203=\"Visuals\",BS3203,\"NA\"))","v":"Premium"},"Premium"]
[21504712,"Pankaj Vinayakrao Bawiskar","pankaj.bawiskar@v5global.co.in",9765452225,"V5 Global","Nagpur","V5436617","Maharashtra","Maharashtra",null,"V5 Global",null,null,"Safdar Hussian","safder.khan@v5global.co.in",null,"West1",null,"External Consumer","ASO","V5 Global ASO",null,"FT",null,"ASO",null,"Sonia more","TBH",null,"Hemant C Baghel","Sharad verma",null,null,"smore3@lenovo.com","hbaghel@lenovo.com","sharverm@lenovo.com","ASO","Shilpi Gautam","sgautam2@lenovo.com",null,"Hemant C Baghel",null,"hbaghel@lenovo.com",null,"2025-11-18","23:44:00","21.1424096,79.0983554","Compulink",{"$nulls":3},"T3","27ACFPG8488H1Z6","West1",null,"T-12449","Nagpur","Maharashtra","V5 Global",null,"Yes","Face to Face","83GS00MWIN",1,"Lenovo","LOQ","LOQ 15IAX9","Len LOQ-15 /16/512) GFX 2050 MS Office","Win 11","Gaming","Premium","i5 12450HX","Consumer",69999,null,"NB",69999,"West1",82598.81999999999,"SP","Gaming","West1 R","Premium","Premium"]
[21504759,"Pankaj Vinayakrao Bawiskar","pankaj.bawiskar@v5global.co.in",9765452225,"V5 Global","Nagpur","V5436617","Maharashtra","Maharashtra",null,"V5 Global",null,null,"Safdar Hussian","safder.khan@v5global.co.in",null,"West1",null,"External Consumer","ASO","V5 Global ASO",null,"FT",null,"ASO",null,"Sonia more","TBH",null,"Hemant C Baghel","Sharad verma",null,null,"smore3@lenovo.com","hbaghel@lenovo.com","sharverm@lenovo.com","ASO","Shilpi Gautam","sgautam2@lenovo.com",null,"Hemant C Baghel",null,"hbaghel@lenovo.com",null,"2025-11-18","23:52:00","21.1424456,79.098505","Shiv Computer & Laptop",{"$nulls":3},"T3","27EUNPS6830M1ZO","West1",null,"T-20047","Nagpur","Maharashtra","V5 Global",null,"Yes","Face to Face","83DV01A9IN",1,"Lenovo","LOQ","LOQ 15IRX9","i5 OS 6GB Gfx/i5 13450HX/RTX 3050 6GB","Win 11","Gaming","Premium","RTX 3050 6GB/512GB SSD/i5 13450HX","Consumer",77845,null,"NB",77845,"West1",91857.09999999999,"SP","Gaming","West1 R","Premium","Premium"]
[21505618,"Rajeshwar Kishanrao Lingamkar","rajeshwar.lingamkar@v5global.co.in",8380096899,"V5 Global","PUNE","V5300191","Maharashtra","Maharashtra",null,"V5 Global",null,null,"Aparajitaa Lakhani","aparajita.lakhani@v5global.co.in",null,"West1",null,"External Consumer","ASO","V5 Global ASO",null,"FT",null,"ASO",null,"Rajeev Jha","TBH",null,"Hemant C Baghel","Sharad verma",null,null,"rjha3@lenovo.com","hbaghel@lenovo.com","sharverm@lenovo.com","ASO","Shilpi Gautam","sgautam2@lenovo.com",null,"Hemant C Baghel",null,"hbaghel@lenovo.com",null,"2025-11-19","09:57:00","19.8566943,75.3533393","Micromate Peripherals",{"$nulls":3},"T3","27AACCM2893G1ZB","West1",null,"T-11864","Pune","Maharashtra",null,null,"Yes","Face to Face","90XS005PIN",2,"Lenovo","IdeaCentre","IdeaCentre","IntelÂ® Coreâ„¢ i3-14100 4C, 8GB DDR5/512 SSD/ WiFi 6 + BT 5.2/ 260W/ SFF 8.2Lt / Wired KeyBoard & Mouse /Win 11 Home/1 Yr Onsite","Win 11","TDT","Entry","IntelÂ® Coreâ„¢ i3-14100","Consumer",31500,null,"TDT",63000,"West1",37170,"",null,"West1 R","Entry","Entry"]
[21505867,"Rajeshwar Kishanrao Lingamkar","rajeshwar.lingamkar@v5global.co.in",8380096899,"V5 Global","PUNE","V5300191","Maharashtra","Maharashtra",null,"V5 Global",null,null,"Aparajitaa Lakhani","aparajita.lakhani@v5global.co.in",null,"West1",null,"External Consumer","ASO","V5 Global ASO",null,"FT",null,"ASO",null,"Rajeev Jha","TBH",null,"Hemant C Baghel","Sharad verma",null,null,"rjha3@lenovo.com","hbaghel@lenovo.com","sharverm@lenovo.com","ASO","Shilpi Gautam","sgautam2@lenovo.com",null,"Hemant C Baghel",null,"hbaghel@lenovo.com",null,"2025-11-19","10:14:00","19.8567188,75.3533289","RAJYOG PERIPHERALS PVT LTD - SOLAPUR",{"$nulls":3},"T3","27AACCR2977G1Z5","West1",null,"T-11732","Solapur","Maharashtra","V5 Global",null,"Yes","Telephonic","83GS00MWIN",3,"Lenovo","LOQ","LOQ 15IAX9","Len LOQ-15 /16/512) GFX 2050 MS Office","Win 11","Gaming","Premium","i5 12450HX","Consumer",69999,null,"NB",209997,"West1",82598.81999999999,"SP","Gaming","West1 R","Premium","Premium"]
[21505949,"Rajeshwar Kishanrao Lingamkar","rajeshwar.lingamkar@v5global.co.in",8380096899,"V5 Global","PUNE","V5300191","Maharashtra","Maharashtra",null,"V5 Global",null,null,"Aparajitaa Lakhani","aparajita.lakhani@v5global.co.in",null,"West1",null,"External Consumer","ASO","V5 Global ASO",null,"FT",null,"ASO",null,"Rajeev Jha","TBH",null,"Hemant C Baghel","Sharad verma",null,null,"rjha3@lenovo.com","hbaghel@lenovo.com","sharverm@lenovo.com","ASO","Shilpi Gautam","sgautam2@lenovo.com",null,"Hemant C Baghel",null,"hbaghel@lenovo.com",null,"2025-11-19","10:19:00","19.856829,75.3533019","S.B.SALES",{"$nulls":3},"T3","27AFPPB6445J1Z5","West1",null,"T-11917","Pune","Maharashtra",null,null,"Yes","Face to Face","83GS00MWIN",2,"Lenovo","LOQ","LOQ 15IAX9","Len LOQ-15 /16/512) GFX 2050 MS Office","Win 11","Gaming","Premium","i5 12450HX","Consumer",69999,null,"NB",139998,"West1",82598.81999999999,"SP","Gaming","West1 R","Premium","Premium"]
[21506775,"Ranjeet Singh Gautam","ranjeet.gautam@v5global.co.in",9329545045,"V5 Global","Jabalpur",601169,"Madhya Pradesh","Madhya Pradesh",null,"V5 Global",null,null,"Mohmmad Abrar Khan","abrar.khan@v5global.co.in",null,"North2",null,"External Consumer","ASO","V5 Global ASO",null,"FT",null,"ASO",null,"Krishna Kumar Singh","Rahil Rasheed",null,"Durgendra Singh","Raghavendra Araveeti","rahil.rasheed@v5global.co.in","rahil.rasheed@v5global.co.in","ksingh25@lenovo.com","dsingh1@lenovo.com","raraveeti@lenovo.com","ASO","Shilpi Gautam","sgautam2@lenovo.com",null,"Durgendra Singh",null,"dsingh1@lenovo.com",null,"2025-11-19","10:54:00","23.163223,79.9085768","New Areyan Computer",{"$nulls":3},"T3",null,"North2",null,"T-16629","Singrauli","Madhya Pradesh","V5 Global",null,"Yes","Face to Face","90XW005UIN",1,"Lenovo","IdeaCentre","IdeaCentre 08IRH9","8GB RAM/512 GB SSD/Integrated Graphics/WINDOWS 11","Win 11","TDT","Entry","CORE I5","Consumer",32619,null,"TDT",32619,"North2",38490.42,"",null,"North2","Entry","Mainstream"]
[21506850,"Ranjeet Singh Gautam","ranjeet.gautam@v5global.co.in",9329545045,"V5 Global","Jabalpur",601169,"Madhya Pradesh","Madhya Pradesh",null,"V5 Global",null,null,"Mohmmad Abrar Khan","abrar.khan@v5global.co.in",null,"North2",null,"External Consumer","ASO","V5 Global ASO",null,"FT",null,"ASO",null,"Krishna Kumar Singh","Rahil Rasheed",null,"Durgendra Singh","Raghavendra Araveeti","rahil.rasheed@v5global.co.in","rahil.rasheed@v5global.co.in","ksingh25@lenovo.com","dsingh1@lenovo.com","raraveeti@lenovo.com","ASO","Shilpi Gautam","sgautam2@lenovo.com",null,"Durgendra Singh",null,"dsingh1@lenovo.com",null,"2025-11-19","10:56:00","23.1632277,79.9085809","Joy Computer Point",{"$nulls":3},"T3","23AFNPT8718G1Z0","North2",null,"T-16660","Seoni","Madhya Pradesh","V5 Global",null,"Yes","Face to Face","83K100CAIN",1,"Lenovo","Ideapad","Slim 3","NB IP Slim 3 15IRH10 I5 8G 512G 11S","Win 11","Thin & Light","Premium","i5 13420H/8GB/512GB SSD","Consumer",56251,null,"NB",56251,"North2",66376.18,"",null,"North2","Premium","Mainstream"]
[21511005,"Sukanta Sinha","sukanta.sinha@v5global.co.in",9854184578,"V5 Global","Guwahati","V5266867","NE","NE",null,"V5 Global",null,null,"Sukamal Saha","sukamal.saha@v5global.co.in",null,"East1",null,"External Consumer","ASO","V5 Global ASO",null,"FT",null,"ASO",null,"Partha Chakraborty","Amit Thakuri",null,"Amit Tiwari","Raghavendra Araveeti","amit.thakuri@v5global.co.in","amit.thakuri@v5global.co.in","pchakraborty@lenovo.com","atiwari11@lenovo.com","raraveeti@lenovo.com","ASO","Shilpi Gautam","sgautam2@lenovo.com",null,"Amit Tiwari",null,"atiwari11@lenovo.com",null,"2025-11-19","14:57:00","26.1171312,91.7980361","Maitri Traders",{"$nulls":3},"T3","18ATYPS9392Q1ZV","East1",null,"T-122","Kamrup Metropolitan","ASSAM","V5 Global",null,"Yes","Face to Face","GY51C12380",10,"Lenovo","Wireless Mouse","Input","Lenovo 130 wireless mouse","NA","Accessories","NA","NA","Accessories",649,null,null,6490,"East1",765.8199999999999,"",null,"East1","NA","NA"]
[21512529,"Ashwani Kumar","ashwani.kumar@v5global.co.in",7827383769,"V5 Global","Delhi","V5262001","Delhi","Delhi",null,"V5 Global",null,null,"Mohd Asif","mohd.asif@v5global.co.in",null,"North1",null,"External Consumer","ASO","V5 Global ASO",null,"FT",null,"ASO",null,"Kanwaldeep Singh","Gaurav Sharma",null,"Kumar Tanksale","Raghavendra Araveeti","gaurav.sharma@v5global.co.in","gaurav.sharma@v5global.co.in","ksingh15@lenovo.com","ktanksale1@lenovo.com","raraveeti@lenovo.com","ASO","Shilpi Gautam","sgautam2@lenovo.com",null,"Kumar Tanksale",null,"ktanksale1@lenovo.com",null,"2025-11-19","19:09:00","28.5501243,77.2536037","Esar Info International",{"$nulls":3},"T3","07AVYPS3965R1Z1","North1",null,"T-3841","New Delhi","New Delhi","V5 Global",null,"Yes","Face to Face","83KT0052IN",1,"Lenovo","Ideapad","Ideapad 5 2-in-1","AMD Ryzen AI 5 340 / 16GB /512/\t","Win 11","Convertible","Premium","AMD Ryzen AI 5 340","Consumer",76900,null,"NB",76900,"North1",90742,"SP","Non-Gaming","North1","Premium","Premium"]
[21514738,"Sumit Singh","sumit.singh@v5global.co.in",8963848967,"V5 Global","Mumbai","V5266119","Maharashtra","Maharashtra",null,"V5 Global",null,null,"Muffazal Momin","muffazal.momin@v5global.co.in",null,"West1",null,"External Consumer","ASO","V5 Global ASO",null,"FT",null,"ASO",null,"Amit Tiwari","Yunus Hamid Mansoori",null,"Hemant C Baghel","Sharad verma","yunus.hamid@v5global.co.in","yunus.hamid@v5global.co.in","atiwari5@lenovo.com","hbaghel@lenovo.com","sharverm@lenovo.com","ASO","Shilpi Gautam","sgautam2@lenovo.com",null,"Hemant C Baghel",null,"hbaghel@lenovo.com",null,"2025-11-19","19:28:00","19.1966813,72.9727242","Nageshwar Infosys",{"$nulls":3},"T3",null,"West1",null,"T-25988","Mumbai","Maharashtra","V5 Global",null,"Yes","Face to Face","F0HN00PHIN",1,"Lenovo","AIO","AIO","LEN I5-13420H 16GB 512GB SSD 23.8 MSO","Win 11","AIO","Mainstream","i5-13420H","Consumer",53381,null,"AIO",53381,"West1",62989.579999999994,"",null,"West1 M","Mainstream","Mainstream"]
[21513136,"Devendar Vaishnav","devendar.vaishnav@v5global.co.in",9346025615,"V5 Global","Hyderabad",601572,"Hyderabad","Telangana",null,"V5 Global",null,null,"Mohammed Ibrahim","mohammed.ibrahim@v5global.co.in",null,"South2",null,"External Consumer","ASO","V5 Global ASO",null,"FT",null,"ASO",null,"Santosh Singh","S.Arunbabu",null,"Prabhu Subaramanian","Sharad verma","arun.babu@v5global.co.in","arun.babu@v5global.co.in","ssingh9@lenovo.com","psubramania4@lenovo.com","sharverm@lenovo.com","ASO","Shilpi Gautam","sgautam2@lenovo.com",null,"Prabhu Subaramanian",null,"psubramania4@lenovo.com",null,"2025-11-19","20:06:00","17.4835783,78.39127","Rishitha Computers",{"$nulls":3},"T3","36ADHPV7398E1ZV","South2",null,"T-10764","Hyderabad","Telangana","V5 Global",null,"Yes","Face to Face","83CV00D3IN",1,"Lenovo","Yoga Slim 7","Slim 7","14\" WUXGA (1920x1200) OLED 400nits Glossy/32GB Soldered LPDDR5-6400/1TB SSD M.2 2242 PCIeÂ® 4.0x4 NVMeÂ®/Integrated IntelÂ® Arcâ„¢ Gr","Win 11","Thin & Light","Premium","IntelÂ® Coreâ„¢ Ultra 7 155H, 16C","Consumer",114710,null,"NB",114710,"South2",135357.8,"SP","Non-Gaming","South2","Premium","Premium"]
[21513166,"Devendar Vaishnav","devendar.vaishnav@v5global.co.in",9346025615,"V5 Global","Hyderabad",601572,"Hyderabad","Telangana",null,"V5 Global",null,null,"Mohammed Ibrahim","mohammed.ibrahim@v5global.co.in",null,"South2",null,"External Consumer","ASO","V5 Global ASO",null,"FT",null,"ASO",null,"Santosh Singh","S.Arunbabu",null,"Prabhu Subaramanian","Sharad verma","arun.babu@v5global.co.in","arun.babu@v5global.co.in","ssingh9@lenovo.com","psubramania4@lenovo.com","sharverm@lenovo.com","ASO","Shilpi Gautam","sgautam2@lenovo.com",null,"Prabhu Subaramanian",null,"psubramania4@lenovo.com",null,"2025-11-19","20:09:00","17.4835767,78.3912267","Devi Sri Computers",{"$nulls":3},"T3","36AJHPC0285F1ZJ","South2",null,"T-10599","Hyderabad","Telangana","V5 Global",null,"Yes","Face to Face","83DV01BHIN",1,"Lenovo","LOQ","LOQ 15IRX9","CI7-13650HX/16GB/512GB/RTX 4060 8GB/WIN11/OFFICE2024/ 15.6 FULL HD IPS","Win 11","Gaming","Premium","C I7-13650HX","Consumer",106500,null,"NB",106500,"South2",125670,"SP","Gaming","South2","Premium","Premium"]
[21514021,"Surjeet Kumar","surjeet.kumar@v5global.co.in",7004963220,"V5 Global","Muzaffarpur","V5339429","Bihar","Bihar",null,"V5 Global",null,null,"Shivam Kumar","shivam.kumar@v5global.co.in",null,"East2",null,"External Consumer","ASO","V5 Global ASO",null,"FT",null,"ASO",null,"Krishna Kumar Singh","Imam Hassan",null,"Rajender Negi","Raghavendra Araveeti","imam.hassan@v5global.co.in","imam.hassan@v5global.co.in","ksingh25@lenovo.com","rnegi@lenovo.com","raraveeti@lenovo.com","ASO","Shilpi Gautam","sgautam2@lenovo.com",null,"Rajender Negi",null,"rnegi@lenovo.com",null,"2025-11-19","21:17:00","26.123202,85.3846802","Nayak dot com",{"$nulls":3},"T3","10ADZPN8165H1Z2","East2",null,"T-2098","Darbhanga","Bihar","V5 Global",null,"Yes","Face to Face","83K100CAIN",2,"Lenovo","Ideapad","Slim 3","NB IP Slim 3 15IRH10 I5 8G 512G 11S","Win 11","Thin & Light","Premium","i5 13420H/8GB/512GB SSD","Consumer",56251,null,"NB",112502,"East2",66376.18,"",null,"East2","Premium","Mainstream"]
[21514091,"Govind Gulab Rajbhar","govind.gulab@v5global.co.in",9029031943,"V5 Global","Mumbai","V5263641","Maharashtra","Maharashtra",null,"V5 Global",null,null,"Pooja Thakur","pooja.thakur@v5global.co.in",null,"West1",null,"External Consumer","ASO","V5 Global ASO",null,"FT",null,"ASO",null,"Amit Tiwari","Yunus Hamid Mansoori",null,"Hemant C Baghel","Sharad verma","yunus.hamid@v5global.co.in","yunus.hamid@v5global.co.in","atiwari5@lenovo.com","hbaghel@lenovo.com","sharverm@lenovo.com","ASO","Shilpi Gautam","sgautam2@lenovo.com",null,"Hemant C Baghel",null,"hbaghel@lenovo.com",null,"2025-11-19","21:22:00","19.2169655,72.8439415","UNIVERSE",{"$nulls":3},"T3","27CBQPA2953R1ZY","West1",null,"T-31248","Mumbai","Maharashtra","V5 Global",null,"Yes","Telephonic","82ER00MCIN",1,"Lenovo","Ideapad","Slim 3","15.6\" (39.62cm) FHD / 16 GB DDR5 RAM / 512 GB SSD/ARCTIC GREY/\t","Win 11","Thin & Light","Mainstream","Core i5 12th Gen","Consumer",53000,null,"NB",53000,"West1",62540,"",null,"West1 M","Mainstream","Mainstream"]
[21514114,"Surjeet Kumar","surjeet.kumar@v5global.co.in",7004963220,"V5 Global","Muzaffarpur","V5339429","Bihar","Bihar",null,"V5 Global",null,null,"Shivam Kumar","shivam.kumar@v5global.co.in",null,"East2",null,"External Consumer","ASO","V5 Global ASO",null,"FT",null,"ASO",null,"Krishna Kumar Singh","Imam Hassan",null,"Rajender Negi","Raghavendra Araveeti","imam.hassan@v5global.co.in","imam.hassan@v5global.co.in","ksingh25@lenovo.com","rnegi@lenovo.com","raraveeti@lenovo.com","ASO","Shilpi Gautam","sgautam2@lenovo.com",null,"Rajender Negi",null,"rnegi@lenovo.com",null,"2025-11-19","21:23:00","26.123227,85.3847879","TECHNO COMPUTER",{"$nulls":3},"T3","10BELPK0832C1Z8","East2",null,"T-2057","Vaishali","Bihar","V5 Global",null,"Yes","Face to Face","61E0KAR6WW",1,"Lenovo","D Series","D19-10","D19: 18.5\" VGA + HDMI with HDMI Cable","NA","Visual Variants","Entry","NA","Visuals",5058,null,null,5058,"East2",5968.44,"",null,"East2","Entry","Entry"]
[21514236,"Ragesh K","ragesh.k@v5global.co.in",9249730104,"V5 Global","Calicut","V5313059","Kerala","Kerala",null,"V5 Global",null,null,"Athul Krishna","athul.n@v5global.co.in",null,"South1",null,"External Consumer","ASO","V5 Global ASO",null,"FT",null,"ASO",null,"Shaiju","Prakash Kumar K P",null,"S Sreekumar","Sharad verma","prakash.kp@v5global.co.in","prakash.kp@v5global.co.in","ss89@lenovo.com","ssreekumar@lenovo.com","sharverm@lenovo.com","ASO","Shilpi Gautam","sgautam2@lenovo.com",null,"S Sreekumar",null,"ssreekumar@lenovo.com",null,"2025-11-19","21:32:00","11.2620557,75.8210858","LOGIC DATA SYSTEMS",{"$nulls":3},"T3","32AQLPK0027G1ZB","South1",null,"T-8305","Kannur","Kerala","V5 Global",null,"Yes","Telephonic","F0HN00PGIN",1,"Lenovo","AIO","AIO i-24IRH9","i3-1315U-8-512-UHD-W11-O24-23.80","Win 11","AIO","Mainstream","i3-1315U","Consumer",57990,null,"AIO",57990,"South1",68428.2,"",null,"South1","Premium","Mainstream"]
[21514797,"Maheswaran ","maheswaran.1@v5global.co.in",9952328485,"V5 Global","Pondicherry","V5458447","Pondicherry","Tamil Nadu","-","V5 Global",null,null,"Prabhakaran A","prabhakaran@v5global.co.in",null,"South2",null,"External Consumer","ASO","V5 Global ASO",null,"FT",null,"ASO",null,"Sridhar Ethirajulu","S.Arunbabu",null,"Prabhu Subaramanian","Sharad verma","arun.babu@v5global.co.in","arun.babu@v5global.co.in","sethirajulu1@lenovo.com","psubramania4@lenovo.com","sharverm@lenovo.com","ASO","Shilpi Gautam","sgautam2@lenovo.com",null,"Prabhu Subaramanian",null,"psubramania4@lenovo.com",null,"2025-11-19","22:36:00","12.9090208,79.3251093","PRAKASH AGENCIES",{"$nulls":3},"T3","33AAAFP7559F1Z8","South2",null,"T-9621","Kanchipuram","Tamil Nadu","V5 Global",null,"Yes","Telephonic","83K100CAIN",1,"Lenovo","Ideapad","Slim 3","NB IP Slim 3 15IRH10 I5 8G 512G 11S","Win 11","Thin & Light","Premium","i5 13420H/8GB/512GB SSD","Consumer",56251,null,"NB",56251,"South2",66376.18,"",null,"South2","Premium","Mainstream"]
[21515468,"Mohit Chaturvedi","mohit.chaturvedi@v5global.co.in",9753911212,"V5 Global","Gwalior",601082,"Madhya Pradesh","Madhya Pradesh",null,"V5 Global",null,null,"Mohd Asif","mohd.asif@v5global.co.in",null,"North2",null,"External Consumer","ASO","V5 Global ASO",null,"FT",null,"ASO",null,"Mehul Raval","Rahil Rasheed",null,"Durgendra Singh","Raghavendra Araveeti","rahil.rasheed@v5global.co.in","rahil.rasheed@v5global.co.in","mraval@lenovo.com","dsingh1@lenovo.com","raraveeti@lenovo.com","ASO","Shilpi Gautam","sgautam2@lenovo.com",null,"Durgendra Singh",null,"dsingh1@lenovo.com",null,"2025-11-20","09:10:00","26.1870282,78.1731878","Hightech IT System & Solution","Morena","Madhya Pradesh",null,null,"23CIVPS4219L1ZL","North2",{"$nulls":4},"V5 Global",null,"Yes","Face to Face","83B40004IN",1,"Lenovo","Ideapad","Ideapad 1","15.6\"FHD,8GB/512GB/I3 1315/WIN/MS OFFICE/","Win 11","Thin & Light","Entry","13 1315","Consumer",36960,null,"NB",36960,"North2",43612.799999999996,"",null,"North2","Mainstream","Entry"]
[21515595,"Mohammed Abdulla","mohammed.abdulla@v5global.co.in",9513623651,"V5 Global","Bangalore","V5266026","Karnataka","Karnataka",null,"V5 Global",null,null,"M Bhaskar Gowda","bhaskar.gowda@v5global.co.in",null,"South1",null,"External Consumer","ASO","V5 Global ASO",null,"FT",null,"ASO",null,"Anuj Kumar","Prakash Kumar K P",null,"S Sreekumar","Sharad verma","prakash.kp@v5global.co.in","prakash.kp@v5global.co.in","virtualcosmos.it@gmail.com","ssreekumar@lenovo.com","sharverm@lenovo.com","ASO","Shilpi Gautam","sgautam2@lenovo.com",null,"S Sreekumar",null,"ssreekumar@lenovo.com",null,"2025-11-20","09:34:00","12.9027971,77.5888541","Aashirwad Computers (S.P. Road)",{"$nulls":3},"T3",null,"South1",null,"T-25374","Bangalore","Karnataka","Denave",null,"Yes","Face to Face","82RJ0040IN",4,"Lenovo","Slim 3","IdeaPad","14'FHF/8GB/512GB SSD /Intel UHD/WIN 11 /ARTIC GREY","Win 11","Thin & Light","Mainstream","Core i3 12th Gen","Consumer",44190,null,"NB",176760,"South1",52144.2,"",null,"South1","Mainstream","Mainstream"]
[21515651,"Mohammed Abdulla","mohammed.abdulla@v5global.co.in",9513623651,"V5 Global","Bangalore","V5266026","Karnataka","Karnataka",null,"V5 Global",null,null,"M Bhaskar Gowda","bhaskar.gowda@v5global.co.in",null,"South1",null,"External Consumer","ASO","V5 Global ASO",null,"FT",null,"ASO",null,"Anuj Kumar","Prakash Kumar K P",null,"S Sreekumar","Sharad verma","prakash.kp@v5global.co.in","prakash.kp@v5global.co.in","virtualcosmos.it@gmail.com","ssreekumar@lenovo.com","sharverm@lenovo.com","ASO","Shilpi Gautam","sgautam2@lenovo.com",null,"S Sreekumar",null,"ssreekumar@lenovo.com",null,"2025-11-20","09:40:00","12.9027637,77.5889302","MY TECH WORLD",{"$nulls":3},"T3","29AADHN9684E1ZO","South1",null,"T-30525","BANGALORE","KARNATAKA","V5 Global",null,"Yes","Face to Face","F0HN00FWIN",2,"Lenovo","IdeaCentre","AIO 24IRH9","IntelÂ® Coreâ„¢ i3-1315U,, 8 GB RAM, 512GB SSD, 23.8\" FHD (1920x1080) IPS Anti-glare 250nits, 100Hz, 99% sRGB, hardware low blue li","Win 11","AIO","Mainstream","IntelÂ® Coreâ„¢ i3-1315U","Consumer",48990,null,"AIO",97980,"South1",57808.2,"",null,"South1","Mainstream","Mainstream"]
[21524380,"Siddharth Chettri","siddharth.chettri@v5global.co.in",8859305427,"V5 Global","Dehradun","V5302939","Uttrakhand","Uttrakhand",null,"V5 Global",null,null,"Mohd Asif","mohd.asif@v5global.co.in",null,"North2",null,"External Consumer","ASO","V5 Global ASO",null,"FT",null,"ASO",null,"Nishant Aeron","Rahil Rasheed",null,"Durgendra Singh","Raghavendra Araveeti","rahil.rasheed@v5global.co.in","rahil.rasheed@v5global.co.in","naeron@lenovo.com","dsingh1@lenovo.com","raraveeti@lenovo.com","ASO","Shilpi Gautam","sgautam2@lenovo.com",null,"Durgendra Singh",null,"dsingh1@lenovo.com",null,"2025-11-20","09:42:00","30.3346259,77.9895335","Vinayaka Computer",{"$nulls":3},"T3","05ESUPS3189A1ZA","North2",null,null,"Srinagar","Uttarakhand","V5 Global",null,"Yes","Face to Face","82X700HMIN",1,"Lenovo","IdeaPad Slim 3","Slim 3","15.6\", 8GB, 512GB, Integrated Intel UHD Graphics, Office Home 2024, Arctic Grey\t","Win 11","Thin & Light","Mainstream","Intel Core i3-1315U\t","Consumer",41000,null,"NB",41000,"North2",48380,"",null,"North2","Mainstream","Entry"]
[21518560,"Vinod Kumar","vinod.kumar@v5global.co.in",9911547614,"V5 Global","Delhi","V5265873","Delhi","Delhi",null,"V5 Global",null,null,"Gourav Jain","gourav.jain@v5global.co.in",null,"North1",null,"External Consumer","ASO","V5 Global ASO",null,"FT",null,"ASO",null,"Kanwaldeep Singh","Gaurav Sharma",null,"Kumar Tanksale","Raghavendra Araveeti","gaurav.sharma@v5global.co.in","gaurav.sharma@v5global.co.in","ksingh15@lenovo.com","ktanksale1@lenovo.com","raraveeti@lenovo.com","ASO","Shilpi Gautam","sgautam2@lenovo.com",null,"Kumar Tanksale",null,"ktanksale1@lenovo.com",null,"2025-11-20","12:11:00","28.7015133,77.1663814","Tab Enterprises",{"$nulls":3},"T3","07AFBPJ4272M1ZA","North1",null,"T-3744","New Delhi","New Delhi","V5 Global",null,"Yes","Face to Face","F0HM00PNIN",1,"Lenovo","IdeaCentre AIO","AIO","i7-13620H/32GB DDR5/1TB SSD/27\" QHD  IPS 350N\t","Win 11","AIO","Premium","I7-13620H\t","Consumer",86432,null,"AIO",86432,"North1",101989.76,"SP","Non-Gaming","North1","Premium","Premium"]
[21520115,"Manoj Kumar Panwar","manoj.panwar@v5global.co.in",9828022302,"V5 Global","Ajmer","V5268361","Rajasthan","Rajasthan",null,"V5 Global",null,null,"Gourav Jain","gourav.jain@v5global.co.in",null,"North1",null,"External Consumer","ASO","V5 Global ASO",null,"FT",null,"ASO",null,"Ganga Singh","Gaurav Sharma",null,"Kumar Tanksale","Raghavendra Araveeti","gaurav.sharma@v5global.co.in","gaurav.sharma@v5global.co.in","gsingh24@lenovo.com","ktanksale1@lenovo.com","raraveeti@lenovo.com","ASO","Shilpi Gautam","sgautam2@lenovo.com",null,"Kumar Tanksale",null,"ktanksale1@lenovo.com",null,"2025-11-20","15:28:00","26.3960004,74.6659203","Prajapati Computer",{"$nulls":3},"T3",null,"North1",null,"T-22590","Ajmer","Rajasthan","V5 Global",null,"Yes","Face to Face","67BCKAC6IN",2,"Lenovo","Monitor -L24i4A","Monitor -L24i4A","Full HD IPS Panel Ultra Thin Monitor with WLED Backlight","NA","Visual Variants","Premium","NA","Visuals",7203,null,null,14406,"North1",8499.539999999999,"",null,"North1","Premium","Premium"]
[21524036,"Vani Alpesh kumar","vani.alpesh@v5global.co.in",9898633142,"V5 Global","Surat","V5294897","Gujarat","Gujarat",null,"V5 Global",null,null,"Muffazal Momin","muffazal.momin@v5global.co.in",null,"West1",null,"External Consumer","ASO","V5 Global ASO",null,"FT",null,"ASO",null,"Darshan Thakkar","Yunus Hamid Mansoori",null,"Hemant C Baghel","Sharad verma","yunus.hamid@v5global.co.in","yunus.hamid@v5global.co.in","tjitendrabha@lenovo.com","hbaghel@lenovo.com","sharverm@lenovo.com","ASO","Shilpi Gautam","sgautam2@lenovo.com",null,"Hemant C Baghel",null,"hbaghel@lenovo.com",null,"2025-11-20","16:44:00","21.2060193,72.7811532","Navkar electronics",{"$nulls":3},"T3","24BWFPS3782R1ZM","West1",null,"T-30912","Vyara","Gujarat","V5 Global",null,"Yes","Telephonic","83KJ000QIN",1,"Lenovo","Yoga 9 Book","Book","ULTRA 9 285H 32GBRAM 1TB SSD DUAL DISPLAY","Win 11","Convertible","Premium","ULTRA 8 285H","Consumer",229900,null,"NB",229900,"West1",271282,"SP","Non-Gaming","West1 M","Premium","Premium"]
[21524080,"Vani Alpesh kumar","vani.alpesh@v5global.co.in",9898633142,"V5 Global","Surat","V5294897","Gujarat","Gujarat",null,"V5 Global",null,null,"Muffazal Momin","muffazal.momin@v5global.co.in",null,"West1",null,"External Consumer","ASO","V5 Global ASO",null,"FT",null,"ASO",null,"Darshan Thakkar","Yunus Hamid Mansoori",null,"Hemant C Baghel","Sharad verma","yunus.hamid@v5global.co.in","yunus.hamid@v5global.co.in","tjitendrabha@lenovo.com","hbaghel@lenovo.com","sharverm@lenovo.com","ASO","Shilpi Gautam","sgautam2@lenovo.com",null,"Hemant C Baghel",null,"hbaghel@lenovo.com",null,"2025-11-20","16:55:00","21.2064115,72.7852439","Shri Satya Naryan Computer",{"$nulls":3},"T3",null,"West2",null,"T-23063","Surat","Gujarat","Denave",null,"Yes","Telephonic","90XW005UIN",1,"Lenovo","IdeaCentre","IdeaCentre 08IRH9","8GB RAM/512 GB SSD/Integrated Graphics/WINDOWS 11","Win 11","TDT","Entry","CORE I5","Consumer",32619,null,"TDT",32619,"West1",38490.42,"",null,"West1 M","Entry","Mainstream"]
[21524094,"Vani Alpesh kumar","vani.alpesh@v5global.co.in",9898633142,"V5 Global","Surat","V5294897","Gujarat","Gujarat",null,"V5 Global",null,null,"Muffazal Momin","muffazal.momin@v5global.co.in",null,"West1",null,"External Consumer","ASO","V5 Global ASO",null,"FT",null,"ASO",null,"Darshan Thakkar","Yunus Hamid Mansoori",null,"Hemant C Baghel","Sharad verma","yunus.hamid@v5global.co.in","yunus.hamid@v5global.co.in","tjitendrabha@lenovo.com","hbaghel@lenovo.com","sharverm@lenovo.com","ASO","Shilpi Gautam","sgautam2@lenovo.com",null,"Hemant C Baghel",null,"hbaghel@lenovo.com",null,"2025-11-20","17:03:00","21.2060045,72.7811792","Shubam Infotech",{"$nulls":3},"T3",null,"West1",null,"T-23064","Surat","Gujarat","V5 Global",null,"Yes","Telephonic","F0J6005FIN",1,"Lenovo","AIO","Lenovo A100","23.8\" FHD/8GB RAM/512 SSD/Integrated Graphics/MSO 2024/White","Win 11","AIO","Entry","Intel N100","Consumer",32000,null,"AIO",32000,"West1",37760,"",null,"West1 M","Entry","Entry"]
[21520911,"Manish Kumar ","manish.k@v5global.co.in",9815306161,"V5 Global","Chandigarh","V5294765","Punjab","Punjab",null,"V5 Global",null,null,"Shivam Kumar","shivam.kumar1@v5global.co.in",null,"North1",null,"External Consumer","ASO","V5 Global ASO",null,"FT",null,"ASO",null,"Naveen Kumar","Gaurav Sharma",null,"Kumar Tanksale","Raghavendra Araveeti","gaurav.sharma@v5global.co.in","gaurav.sharma@v5global.co.in","nkumar12@lenovo.com","ktanksale1@lenovo.com","raraveeti@lenovo.com","ASO","Shilpi Gautam","sgautam2@lenovo.com",null,"Kumar Tanksale",null,"ktanksale1@lenovo.com",null,"2025-11-20","18:05:00","30.7198978,76.757514","Skytech Computer",{"$nulls":3},"T3","04AMLPB6346D1ZF","North1",null,"T-2999","Chandigarh","Chandigarh","Denave",null,"Yes","Face to Face","82R900HJIN",2,"Lenovo","Flex","14ALC7","\"14\"/16GB RAM/512GB SSD /INTEL UHD / MSO24/STORM GREY","Win 11","Convertible","Mainstream","RYZEN 7 5700U","Consumer",53805,null,"NB",107610,"North1",63489.899999999994,"",null,"North1","Mainstream","Mainstream"]
[21521455,"Abhishek Prakash","abhishek.prakash@v5global.co.in",9557200401,"V5 Global","Meerut","V5266860","Uttar Pradesh","Uttar Pradesh",null,"V5 Global",null,null,"Mohd Asif","mohd.asif@v5global.co.in",null,"North2",null,"External Consumer","ASO","V5 Global ASO",null,"FT",null,"ASO",null,"Nishant Aeron","Rahil Rasheed",null,"Durgendra Singh","Raghavendra Araveeti","rahil.rasheed@v5global.co.in","rahil.rasheed@v5global.co.in","naeron@lenovo.com","dsingh1@lenovo.com","raraveeti@lenovo.com","ASO","Shilpi Gautam","sgautam2@lenovo.com",null,"Durgendra Singh",null,"dsingh1@lenovo.com",null,"2025-11-20","19:24:00","28.9748417,77.7312242","BD Systems",{"$nulls":3},"T3","09AMCPP7630D1Z3","North2",null,"T-18687","AGRA","Uttar Pradesh","V5 Global",null,"Yes","Telephonic","82R400XSIN",1,"Lenovo","Ideapad","Ideapad","\"Ryzenâ„¢ 5 5500U 6C 8GB RAM 512GB SSD Windows11 MS Office H&S 2024  Integrated AMD Radeon  Graphics  15.6\"\" FHD TN 220nits AG 720","Win 11","Thin & Light","Entry","Amd Ryzen 5 5500U","Consumer",29407,null,"NB",29407,"North2",34700.259999999995,"",null,"North2","Entry","Entry"]
[21521478,"Abhishek Prakash","abhishek.prakash@v5global.co.in",9557200401,"V5 Global","Meerut","V5266860","Uttar Pradesh","Uttar Pradesh",null,"V5 Global",null,null,"Mohd Asif","mohd.asif@v5global.co.in",null,"North2",null,"External Consumer","ASO","V5 Global ASO",null,"FT",null,"ASO",null,"Nishant Aeron","Rahil Rasheed",null,"Durgendra Singh","Raghavendra Araveeti","rahil.rasheed@v5global.co.in","rahil.rasheed@v5global.co.in","naeron@lenovo.com","dsingh1@lenovo.com","raraveeti@lenovo.com","ASO","Shilpi Gautam","sgautam2@lenovo.com",null,"Durgendra Singh",null,"dsingh1@lenovo.com",null,"2025-11-20","19:27:00","28.9748118,77.7312344","Agarwal Technologies",{"$nulls":3},"T3",null,"North2",null,"T-25274","Agra","Uttar Pradesh","V5 Global",null,"Yes","Telephonic","83K100C9IN",1,"Lenovo","Slim 3","IdeaPad Slim 3 15IRH10","NB IP Slim 3 15IRH10 I7 8G 8G 512G 11S","Win 11","Thin & Light","Mainstream","i7 13620H","Consumer",64700,null,"NB",64700,"North2",76346,"SP","Non-Gaming","North2","Premium","Premium"]
[21521687,"Nilay Girishbhai Bandhara","nilay.bandhara@v5global.co.in",9979302088,"V5 Global","Vadodara","V5341501","Gujarat","Gujarat",null,"V5 Global",null,null,"Darshan Shah","darshan.shah@v5global.co.in",null,"West1",null,"External Consumer","ASO","V5 Global ASO",null,"FT",null,"ASO",null,"Darshan Thakkar","Yunus Hamid Mansoori",null,"Hemant C Baghel","Sharad verma","yunus.hamid@v5global.co.in","yunus.hamid@v5global.co.in","tjitendrabha@lenovo.com","hbaghel@lenovo.com","sharverm@lenovo.com","ASO","Shilpi Gautam","sgautam2@lenovo.com",null,"Hemant C Baghel",null,"hbaghel@lenovo.com",null,"2025-11-20","19:54:00","22.294323,73.2259707","Gajanand Computer & Printer",{"$nulls":3},"T3",null,"West1",null,"T-22505","Vadodara","Gujarat","V5 Global",null,"Yes","Telephonic","83JC00EFIN",1,"Lenovo","LOQ","LOQ 15ARP9","NB LOQ 15ARP9 R5 24G 512G 11S","Win 11","Gaming","Premium","R5 7235HS","Consumer",67578,null,"NB",67578,"West1",79742.04,"SP","Gaming","West1 M","Premium","Premium"]
[21521983,"Sukanta Sinha","sukanta.sinha@v5global.co.in",9854184578,"V5 Global","Guwahati","V5266867","NE","NE",null,"V5 Global",null,null,"Sukamal Saha","sukamal.saha@v5global.co.in",null,"East1",null,"External Consumer","ASO","V5 Global ASO",null,"FT",null,"ASO",null,"Partha Chakraborty","Amit Thakuri",null,"Amit Tiwari","Raghavendra Araveeti","amit.thakuri@v5global.co.in","amit.thakuri@v5global.co.in","pchakraborty@lenovo.com","atiwari11@lenovo.com","raraveeti@lenovo.com","ASO","Shilpi Gautam","sgautam2@lenovo.com",null,"Amit Tiwari",null,"atiwari11@lenovo.com",null,"2025-11-20","20:13:00","25.5763524,91.8819966","Printer Zone",{"$nulls":3},"T3","18AGQPJ0209G1ZI","East1",null,"T-150","Kamrup Metropolitan","Assam",null,null,"Yes","Telephonic","90XW0055IN",1,"Lenovo","IdeaCentre","Tower 08IRR9 ","8 GB DDR   , 512 GB SSDWired KeyBoard & Mouse WiFi 6 + BT 5.2 260W  3 Yr Onsite Warranty  Win 11 Home + MS Office 2024 + 1 YR Mi","Win 11","TDT","Mainstream","Intel Core i5-13420H, 8C,","Consumer",50052,null,"TDT",50052,"East1",59061.35999999999,"",null,"East1","Mainstream","Mainstream"]
[21522672,"Ragesh K","ragesh.k@v5global.co.in",9249730104,"V5 Global","Calicut","V5313059","Kerala","Kerala",null,"V5 Global",null,null,"Athul Krishna","athul.n@v5global.co.in",null,"South1",null,"External Consumer","ASO","V5 Global ASO",null,"FT",null,"ASO",null,"Shaiju","Prakash Kumar K P",null,"S Sreekumar","Sharad verma","prakash.kp@v5global.co.in","prakash.kp@v5global.co.in","ss89@lenovo.com","ssreekumar@lenovo.com","sharverm@lenovo.com","ASO","Shilpi Gautam","sgautam2@lenovo.com",null,"S Sreekumar",null,"ssreekumar@lenovo.com",null,"2025-11-20","21:08:00","11.2620845,75.821061","MICROWORLD",{"$nulls":3},"T3","32AEOPM3470J1ZB","South2",null,"T-8833","Calicut","Kerala","Denave",null,"Yes","Telephonic","83B40004IN",1,"Lenovo","Ideapad","Ideapad 1","15.6\"FHD,8GB/512GB/I3 1315/WIN/MS OFFICE/","Win 11","Thin & Light","Entry","13 1315","Consumer",36960,null,"NB",36960,"South1",43612.799999999996,"",null,"South1","Mainstream","Entry"]
[21522712,"Ragesh K","ragesh.k@v5global.co.in",9249730104,"V5 Global","Calicut","V5313059","Kerala","Kerala",null,"V5 Global",null,null,"Athul Krishna","athul.n@v5global.co.in",null,"South1",null,"External Consumer","ASO","V5 Global ASO",null,"FT",null,"ASO",null,"Shaiju","Prakash Kumar K P",null,"S Sreekumar","Sharad verma","prakash.kp@v5global.co.in","prakash.kp@v5global.co.in","ss89@lenovo.com","ssreekumar@lenovo.com","sharverm@lenovo.com","ASO","Shilpi Gautam","sgautam2@lenovo.com",null,"S Sreekumar",null,"ssreekumar@lenovo.com",null,"2025-11-20","21:10:00","11.2620826,75.8210591","SCALES TECHNOLOGIES",{"$nulls":3},"T3","32AAUFS6364F1ZU","South2",null,"T-8819","Calicut","Kerala","Denave",null,"Yes","Telephonic","82LX00F7IN",1,"Lenovo","Ideapad","Slim 1","LEN N4500 8GB 512GB SSD WIN11  1YR","Win 11","Thin & Light","Entry","N4500","Consumer",25900,null,"NB",25900,"South1",30562,"",null,"South1","Entry","Entry"]
[21523650,"NAVNATH ANANDA KOLASKAR","navnath.kolaskar@v5global.co.in",7720008830,"V5 Global","KOLHAPUR","V5413211","MAHARASHTRA","Maharashtra",null,"V5 Global",null,null,"Aparajitaa Lakhani","aparajita.lakhani@v5global.co.in",null,"West1",null,"External Consumer","ASO","V5 Global ASO",null,"FT",null,"ASO",null,"Rajeev Jha","TBH",null,"Hemant C Baghel","Sharad verma",null,null,"rjha3@lenovo.com","hbaghel@lenovo.com","sharverm@lenovo.com","ASO","Shilpi Gautam","sgautam2@lenovo.com",null,"Hemant C Baghel",null,"hbaghel@lenovo.com",null,"2025-11-20","22:58:00","16.6934827,74.2692945","Manisha Infotech",{"$nulls":3},"T3","27870321267V","West1",null,"T-12878","Kolhapur","Maharashtra","V5 Global",null,"Yes","Face to Face","83B40004IN",5,"Lenovo","Ideapad","Ideapad 1","15.6\"FHD,8GB/512GB/I3 1315/WIN/MS OFFICE/","Win 11","Thin & Light","Entry","13 1315","Consumer",36960,null,"NB",184800,"West1",43612.799999999996,"",null,"West1 R","Mainstream","Entry"]
[21523685,"NAVNATH ANANDA KOLASKAR","navnath.kolaskar@v5global.co.in",7720008830,"V5 Global","KOLHAPUR","V5413211","MAHARASHTRA","Maharashtra",null,"V5 Global",null,null,"Aparajitaa Lakhani","aparajita.lakhani@v5global.co.in",null,"West1",null,"External Consumer","ASO","V5 Global ASO",null,"FT",null,"ASO",null,"Rajeev Jha","TBH",null,"Hemant C Baghel","Sharad verma",null,null,"rjha3@lenovo.com","hbaghel@lenovo.com","sharverm@lenovo.com","ASO","Shilpi Gautam","sgautam2@lenovo.com",null,"Hemant C Baghel",null,"hbaghel@lenovo.com",null,"2025-11-20","23:04:00","16.6934799,74.2692871","Shree Enterprises",{"$nulls":3},"T3","27020835107V","West1",null,"T-12945","Kolhapur","Maharashtra",null,null,"Yes","Face to Face","83LK0068IN",1,"Lenovo","LOQ","LOQ 15IAX9E","NB LOQ 15IAX9E I7 12G 512G 11S","Win 11","Gaming","Premium","i7 12650HX","Consumer",67936,null,"NB",67936,"West1",80164.48,"SP","Gaming","West1 R","Premium","Premium"]
[21523948,"Pankaj Kumar","pankaj.kumar@v5global.co.in",8340543380,"V5 Global","Patna",601177,"Bihar","Bihar",null,"V5 Global",null,null,"Shivam Kumar","shivam.kumar@v5global.co.in",null,"East2",null,"External Consumer","ASO","V5 Global ASO",null,"FT",null,"ASO",null,"Krishna Kumar Singh","Imam Hassan",null,"Rajender Negi","Raghavendra Araveeti","imam.hassan@v5global.co.in","imam.hassan@v5global.co.in","ksingh25@lenovo.com","rnegi@lenovo.com","raraveeti@lenovo.com","ASO","Shilpi Gautam","sgautam2@lenovo.com",null,"Rajender Negi",null,"rnegi@lenovo.com",null,"2025-11-20","23:13:00","25.6174381,85.0926393","CHANDA COMMUNICATIONS",{"$nulls":3},"T3","10CPOPK3450B1ZF","East2",null,"T-2369","Arwal","Bihar","V5 Global",null,"Yes","Face to Face","67BCKAC6IN",2,"Lenovo","Monitor -L24i4A","Monitor -L24i4A","Full HD IPS Panel Ultra Thin Monitor with WLED Backlight","NA","Visual Variants","Premium","NA","Visuals",7203,null,null,14406,"East2",8499.539999999999,"",null,"East2","Premium","Premium"]
[21524387,"Ranjeet Singh Gautam","ranjeet.gautam@v5global.co.in",9329545045,"V5 Global","Jabalpur",601169,"Madhya Pradesh","Madhya Pradesh",null,"V5 Global",null,null,"Mohmmad Abrar Khan","abrar.khan@v5global.co.in",null,"North2",null,"External Consumer","ASO","V5 Global ASO",null,"FT",null,"ASO",null,"Krishna Kumar Singh","Rahil Rasheed",null,"Durgendra Singh","Raghavendra Araveeti","rahil.rasheed@v5global.co.in","rahil.rasheed@v5global.co.in","ksingh25@lenovo.com","dsingh1@lenovo.com","raraveeti@lenovo.com","ASO","Shilpi Gautam","sgautam2@lenovo.com",null,"Durgendra Singh",null,"dsingh1@lenovo.com",null,"2025-11-21","09:45:00","23.1632223,79.9085391","Shree Baba Computer",{"$nulls":3},"T3","23ARFPA6360H1Z6","North2",null,"T-16673","Seoni","Madhya Pradesh","V5 Global",null,"Yes","Telephonic","83LK009VIN",1,"Lenovo","LOQ","LOQ-15AX9E","i5-12450HX-RTX3050A-W11-O24-15.6","Win 11","Gaming","Premium","i5-12450HX","Consumer",85290,null,"NB",85290,"North2",100642.2,"SP","Gaming","North2","Premium","Premium"]
[21524402,"Ranjeet Singh Gautam","ranjeet.gautam@v5global.co.in",9329545045,"V5 Global","Jabalpur",601169,"Madhya Pradesh","Madhya Pradesh",null,"V5 Global",null,null,"Mohmmad Abrar Khan","abrar.khan@v5global.co.in",null,"North2",null,"External Consumer","ASO","V5 Global ASO",null,"FT",null,"ASO",null,"Krishna Kumar Singh","Rahil Rasheed",null,"Durgendra Singh","Raghavendra Araveeti","rahil.rasheed@v5global.co.in","rahil.rasheed@v5global.co.in","ksingh25@lenovo.com","dsingh1@lenovo.com","raraveeti@lenovo.com","ASO","Shilpi Gautam","sgautam2@lenovo.com",null,"Durgendra Singh",null,"dsingh1@lenovo.com",null,"2025-11-21","09:47:00","23.1632082,79.9085302","C S Computer",{"$nulls":3},"T3",null,"North2",null,"T-16509","Jabalpur","Madhya Pradesh","V5 Global",null,"Yes","Face to Face","90XS005PIN",1,"Lenovo","IdeaCentre","IdeaCentre","IntelÂ® Coreâ„¢ i3-14100 4C, 8GB DDR5/512 SSD/ WiFi 6 + BT 5.2/ 260W/ SFF 8.2Lt / Wired KeyBoard & Mouse /Win 11 Home/1 Yr Onsite","Win 11","TDT","Entry","IntelÂ® Coreâ„¢ i3-14100","Consumer",31500,null,"TDT",31500,"North2",37170,"",null,"North2","Entry","Entry"]
[21525505,"Mohd Rashid","mohd.rashid@v5global.co.in",9369188344,"V5 Global","Lucknow","V5267964","Uttar Pradesh","Uttar Pradesh",null,"V5 Global",null,null,"Mohammad Atif","mohammad.atif@v5global.co.in",null,"North2",null,"External Consumer","ASO","V5 Global ASO",null,"FT",null,"ASO",null,"Rahul Sarin","Rahil Rasheed",null,"Durgendra Singh","Raghavendra Araveeti","rahil.rasheed@v5global.co.in","rahil.rasheed@v5global.co.in","rsarin2@lenovo.com","dsingh1@lenovo.com","raraveeti@lenovo.com","ASO","Shilpi Gautam","sgautam2@lenovo.com",null,"Durgendra Singh",null,"dsingh1@lenovo.com",null,"2025-11-21","10:56:00","26.8371326,80.9285414","KRISHNA ENTERPRISES",{"$nulls":3},"T3",null,"North2",null,"T-23306","Faizabad","Uttar Pradesh","V5 Global",null,"Yes","Face to Face","90XW0050IN",2,"Lenovo","Ideacentre","Ideacentre","CI7-13620H/32GB/1TB/WIN11/OFFICE2024","Win 11","TDT","Mainstream","CI7-13620H","Consumer",51504,null,"TDT",103008,"North2",60774.719999999994,"",null,"North2","Mainstream","Mainstream"]
[21528012,"Soumen Das","soumen.das@v5global.co.in",8001996232,"V5 Global","Krishna Nagar","V5468689","Krishna Nagar","West Bengal",null,"V5 Global",null,null,"Arindam Mazumdar","arindam.mazumdar@v5global.co.in",null,"East1",null,"External Consumer","ASO","V5 Global ASO",null,"FT",null,"ASO","MBO","Ashique Ali","Amit Thakuri",null,"Amit Tiwari","Raghavendra Araveeti","amit.thakuri@v5global.co.in","amit.thakuri@v5global.co.in","aali11@lenovo.com","atiwari11@lenovo.com","raraveeti@lenovo.com","ASO","Shilpi Gautam","sgautam2@lenovo.com",null,"Amit Tiwari","MBO","atiwari11@lenovo.com",null,"2025-11-21","12:52:00","23.1758416,88.5654073","Gurukul Computer",{"$nulls":3},"T3","19BPSPS9251R1ZE","East1",null,"T-1748","Nadia","West Bengal","V5 Global",null,"Yes","Face to Face","82R400BGIN",2,"Lenovo","IdeaPad","IdeaPad1 15ALC7"," R5 5500U 8GB 512GB SSD W11 MSO/15.6","Win 11","Thin & Light","Mainstream","AMD","Consumer",41617,null,"NB",83234,"East1",49108.06,"",null,"East1","Mainstream","Mainstream"]
[21542219,"Manoj Bihari","manoj.bihari@v5global.co.in",9861291397,"V5 Global","Sambalpur","V5263625","Orissa","Orissa",null,"V5 Global",null,null,"Arindam Mazumdar","arindam.mazumdar@v5global.co.in",null,"East2",null,"External Consumer","ASO","V5 Global ASO",null,"FT",null,"ASO","LES","Biswa Ranjan Jena","Imam Hassan",null,"Rajender Negi","Raghavendra Araveeti","imam.hassan@v5global.co.in","imam.hassan@v5global.co.in","bjena1@lenovo.com","rnegi@lenovo.com","raraveeti@lenovo.com","ASO","Shilpi Gautam","sgautam2@lenovo.com",null,"Rajender Negi","LES","rnegi@lenovo.com",null,"2025-11-21","16:30:00","21.494326371793033,83.98116018623114","I Click",{"$nulls":3},"T3",null,"East2",null,"T-22918","Padampur","Odisha","Denave",null,"Yes","Face to Face","GY51L52636",10,"Lenovo","Wired mouse","Input","Lenovo 120 Wired Mouse","NA","Accessories","NA","NA","Accessories",259,null,null,2590,"East2",305.62,"",null,"East2","NA","NA"]
[21541135,"Mukesh Bhandari","mukesh.bhandari@v5global.co.in",9414235543,"V5 Global","Udaipur","V5301580","Rajasthan","Rajasthan",null,"V5 Global",null,null,"Gourav Jain","gourav.jain@v5global.co.in",null,"North1",null,"External Consumer","ASO","V5 Global ASO",null,"FT",null,"ASO",null,"Ganga Singh","Gaurav Sharma",null,"Kumar Tanksale","Raghavendra Araveeti","gaurav.sharma@v5global.co.in","gaurav.sharma@v5global.co.in","gsingh24@lenovo.com","ktanksale1@lenovo.com","raraveeti@lenovo.com","ASO","Shilpi Gautam","sgautam2@lenovo.com",null,"Kumar Tanksale",null,"ktanksale1@lenovo.com",null,"2025-11-21","18:29:00","24.5438414,73.7149584","PC CARE",{"$nulls":3},"T3","08AAYPU4838J1ZM","North1",null,"T-15649","Dungarpur","Rajasthan","V5 Global",null,"Yes","Face to Face","90XS005PIN",1,"Lenovo","IdeaCentre","IdeaCentre","IntelÂ® Coreâ„¢ i3-14100 4C, 8GB DDR5/512 SSD/ WiFi 6 + BT 5.2/ 260W/ SFF 8.2Lt / Wired KeyBoard & Mouse /Win 11 Home/1 Yr Onsite","Win 11","TDT","Entry","IntelÂ® Coreâ„¢ i3-14100","Consumer",31500,null,"TDT",31500,"North1",37170,"",null,"North1","Entry","Entry"]
[21541149,"Mukesh Bhandari","mukesh.bhandari@v5global.co.in",9414235543,"V5 Global","Udaipur","V5301580","Rajasthan","Rajasthan",null,"V5 Global",null,null,"Gourav Jain","gourav.jain@v5global.co.in",null,"North1",null,"External Consumer","ASO","V5 Global ASO",null,"FT",null,"ASO",null,"Ganga Singh","Gaurav Sharma",null,"Kumar Tanksale","Raghavendra Araveeti","gaurav.sharma@v5global.co.in","gaurav.sharma@v5global.co.in","gsingh24@lenovo.com","ktanksale1@lenovo.com","raraveeti@lenovo.com","ASO","Shilpi Gautam","sgautam2@lenovo.com",null,"Kumar Tanksale",null,"ktanksale1@lenovo.com",null,"2025-11-21","18:29:00","24.5438489,73.7149584","EARTH INFOTECH",{"$nulls":3},"T3","08AGJPJ2954K1Z1","North1",null,"T-15650","Dungarpur","Rajasthan","V5 Global",null,"Yes","Face to Face","90XS005PIN",1,"Lenovo","IdeaCentre","IdeaCentre","IntelÂ® Coreâ„¢ i3-14100 4C, 8GB DDR5/512 SSD/ WiFi 6 + BT 5.2/ 260W/ SFF 8.2Lt / Wired KeyBoard & Mouse /Win 11 Home/1 Yr Onsite","Win 11","TDT","Entry","IntelÂ® Coreâ„¢ i3-14100","Consumer",31500,null,"TDT",31500,"North1",37170,"",null,"North1","Entry","Entry"]
[21530092,"Soumen Das","soumen.das@v5global.co.in",8001996232,"V5 Global","Krishna Nagar","V5468689","Krishna Nagar","West Bengal",null,"V5 Global",null,null,"Arindam Mazumdar","arindam.mazumdar@v5global.co.in",null,"East1",null,"External Consumer","ASO","V5 Global ASO",null,"FT",null,"ASO","MBO","Ashique Ali","Amit Thakuri",null,"Amit Tiwari","Raghavendra Araveeti","amit.thakuri@v5global.co.in","amit.thakuri@v5global.co.in","aali11@lenovo.com","atiwari11@lenovo.com","raraveeti@lenovo.com","ASO","Shilpi Gautam","sgautam2@lenovo.com",null,"Amit Tiwari","MBO","atiwari11@lenovo.com",null,"2025-11-21","18:43:00","23.0376706,88.8303472","ELDORADO",{"$nulls":3},"T3","19BEFPS8497K1ZE","East1",null,"T-1734","N.24 Pargana","West Bengal","V5 Global",null,"Yes","Face to Face","83JC00GCIN",1,"Lenovo","LOQ","LOQ 15ARP9","15.6 INCH/24 GB RAM/512 GB SSD/RTX 3050 A/ MSO 2024/WIN. 11/Luna Grey","Win 11","Gaming","Mainstream","AMD R5","Consumer",61300,null,"NB",61300,"East1",72334,"SP","Gaming","East1","Premium","Premium"]
[21541371,"Mukesh Bhandari","mukesh.bhandari@v5global.co.in",9414235543,"V5 Global","Udaipur","V5301580","Rajasthan","Rajasthan",null,"V5 Global",null,null,"Gourav Jain","gourav.jain@v5global.co.in",null,"North1",null,"External Consumer","ASO","V5 Global ASO",null,"FT",null,"ASO",null,"Ganga Singh","Gaurav Sharma",null,"Kumar Tanksale","Raghavendra Araveeti","gaurav.sharma@v5global.co.in","gaurav.sharma@v5global.co.in","gsingh24@lenovo.com","ktanksale1@lenovo.com","raraveeti@lenovo.com","ASO","Shilpi Gautam","sgautam2@lenovo.com",null,"Kumar Tanksale",null,"ktanksale1@lenovo.com",null,"2025-11-21","18:45:00","24.5438445,73.7149433","SAIFEE COMPUTRONIX",{"$nulls":3},"T3","08AKMPP6759M1Z4","North1",null,"T-15631","Banswara","Rajasthan","V5 Global",null,"Yes","Face to Face","67D5KAC6IN",1,"Lenovo","L22-4E","L Series","LEN L22-4E 21.5 IPS  BLACK 100HZ","NA","Visual Variants","Mainstream","NA","Visuals",5331,null,null,5331,"North1",6290.58,"",null,"North1","Mainstream","Mainstream"]
[21541495,"Mukesh Bhandari","mukesh.bhandari@v5global.co.in",9414235543,"V5 Global","Udaipur","V5301580","Rajasthan","Rajasthan",null,"V5 Global",null,null,"Gourav Jain","gourav.jain@v5global.co.in",null,"North1",null,"External Consumer","ASO","V5 Global ASO",null,"FT",null,"ASO",null,"Ganga Singh","Gaurav Sharma",null,"Kumar Tanksale","Raghavendra Araveeti","gaurav.sharma@v5global.co.in","gaurav.sharma@v5global.co.in","gsingh24@lenovo.com","ktanksale1@lenovo.com","raraveeti@lenovo.com","ASO","Shilpi Gautam","sgautam2@lenovo.com",null,"Kumar Tanksale",null,"ktanksale1@lenovo.com",null,"2025-11-21","18:55:00","24.5438417,73.7149643","PROFESSIONAL COMPUTERS & MULTIMEDIA",{"$nulls":3},"T3","08AGDPJ2848L1Z4","North1",null,"T-15627","Banswara","Rajasthan","V5 Global",null,"Yes","Face to Face","GY51L52636",5,"Lenovo","Wired mouse","Input","Lenovo 120 Wired Mouse","NA","Accessories","NA","NA","Accessories",259,null,null,1295,"North1",305.62,"",null,"North1","NA","NA"]
[21541533,"Mukesh Bhandari","mukesh.bhandari@v5global.co.in",9414235543,"V5 Global","Udaipur","V5301580","Rajasthan","Rajasthan",null,"V5 Global",null,null,"Gourav Jain","gourav.jain@v5global.co.in",null,"North1",null,"External Consumer","ASO","V5 Global ASO",null,"FT",null,"ASO",null,"Ganga Singh","Gaurav Sharma",null,"Kumar Tanksale","Raghavendra Araveeti","gaurav.sharma@v5global.co.in","gaurav.sharma@v5global.co.in","gsingh24@lenovo.com","ktanksale1@lenovo.com","raraveeti@lenovo.com","ASO","Shilpi Gautam","sgautam2@lenovo.com",null,"Kumar Tanksale",null,"ktanksale1@lenovo.com",null,"2025-11-21","18:58:00","24.5438558,73.7149577","DEVINA ENTERPRISES",{"$nulls":3},"T3","08ABOPH7734B1ZN","North1",null,"T-15524","Udaipur","Rajasthan","V5 Global",null,"Yes","Face to Face","GX31L52655",5,"Lenovo","Wired Combo","Input","Lenovo 160 Wired Combo","NA","Accessories","NA","NA","Accessories",999,null,null,4995,"North1",1178.82,"",null,"North1","NA","NA"]
[21531643,"Surjeet Kumar","surjeet.kumar@v5global.co.in",7004963220,"V5 Global","Muzaffarpur","V5339429","Bihar","Bihar",null,"V5 Global",null,null,"Shivam Kumar","shivam.kumar@v5global.co.in",null,"East2",null,"External Consumer","ASO","V5 Global ASO",null,"FT",null,"ASO",null,"Krishna Kumar Singh","Imam Hassan",null,"Rajender Negi","Raghavendra Araveeti","imam.hassan@v5global.co.in","imam.hassan@v5global.co.in","ksingh25@lenovo.com","rnegi@lenovo.com","raraveeti@lenovo.com","ASO","Shilpi Gautam","sgautam2@lenovo.com",null,"Rajender Negi",null,"rnegi@lenovo.com",null,"2025-11-21","21:00:00","26.1232528,85.3847546","Evershine technology",{"$nulls":3},"T3","10BLIPK3451M1Z6","East2",null,"T-20034","Muzaffarpur","Bihar","V5 Global",null,"Yes","Face to Face","GX31L52655",11,"Lenovo","Wired Combo","Input","Lenovo 160 Wired Combo","NA","Accessories","NA","NA","Accessories",999,null,null,10989,"East2",1178.82,"",null,"East2","NA","NA"]
[21532152,"Govind Gulab Rajbhar","govind.gulab@v5global.co.in",9029031943,"V5 Global","Mumbai","V5263641","Maharashtra","Maharashtra",null,"V5 Global",null,null,"Pooja Thakur","pooja.thakur@v5global.co.in",null,"West1",null,"External Consumer","ASO","V5 Global ASO",null,"FT",null,"ASO",null,"Amit Tiwari","Yunus Hamid Mansoori",null,"Hemant C Baghel","Sharad verma","yunus.hamid@v5global.co.in","yunus.hamid@v5global.co.in","atiwari5@lenovo.com","hbaghel@lenovo.com","sharverm@lenovo.com","ASO","Shilpi Gautam","sgautam2@lenovo.com",null,"Hemant C Baghel",null,"hbaghel@lenovo.com",null,"2025-11-21","21:36:00","19.2169744,72.8439281","ORNO INFOSYS INDIA",{"$nulls":3},"T3","27AELPM8871N1ZI","West1",null,"T-28803","Mumbai","Maharashtra","V5 Global",null,"Yes","Telephonic","90XS005JIN",1,"Lenovo","IdeaCentre","IdeaCentre","i3 14100 14th Gen Processor,8Gb Ram ddr5,512Ssd,Windows 11,Wifi,BT, Usb calliope Black, keybord,mouse\t","Win 11","TDT","Mainstream","I3 14100","Consumer",25747,null,"TDT",25747,"West1",30381.46,"",null,"West1 M","Entry","Entry"]
[21542223,"Manoj Bihari","manoj.bihari@v5global.co.in",9861291397,"V5 Global","Sambalpur","V5263625","Orissa","Orissa",null,"V5 Global",null,null,"Arindam Mazumdar","arindam.mazumdar@v5global.co.in",null,"East2",null,"External Consumer","ASO","V5 Global ASO",null,"FT",null,"ASO","LES","Biswa Ranjan Jena","Imam Hassan",null,"Rajender Negi","Raghavendra Araveeti","imam.hassan@v5global.co.in","imam.hassan@v5global.co.in","bjena1@lenovo.com","rnegi@lenovo.com","raraveeti@lenovo.com","ASO","Shilpi Gautam","sgautam2@lenovo.com",null,"Rajender Negi","LES","rnegi@lenovo.com",null,"2025-11-21","21:48:00","21.494326371793033,83.98116018623114","H S INFORMATICS",{"$nulls":3},"T3","21EWWPS0384H1Z1","East2",null,"T-29982","UMERKOTE","Odisha","V5 Global",null,"Yes","Face to Face","82XQ00MDIN",1,"Lenovo","Ideapad","Slim 3","RYZEN-7320U/8GB LPDDR5-5500/512GB SSD/Integrated AMD Radeon graphics","Win 11","Thin & Light","Entry","Ryzen3 7320U","Consumer",33000,null,"NB",33000,"East2",38940,"",null,"East2","Entry","Entry"]
[21532518,"Siddhartha Saha ","sidhartha.saha@v5global.co.in",9874293392,"V5 Global","Medinipur","V5367944","West Bengal","West Bengal",null,"V5 Global",null,null,"Sukamal Saha","sukamal.saha@v5global.co.in",null,"East1",null,"External Consumer","ASO","V5 Global ASO",null,"FT",null,"ASO",null,"Kapil Tiwari","Amit Thakuri",null,"Amit Tiwari","Raghavendra Araveeti","amit.thakuri@v5global.co.in","amit.thakuri@v5global.co.in","ktiwari1@lenovo.com","atiwari11@lenovo.com","raraveeti@lenovo.com","ASO","Shilpi Gautam","sgautam2@lenovo.com",null,"Amit Tiwari",null,"atiwari11@lenovo.com",null,"2025-11-21","22:15:00","22.5934992,88.3563224","INFOTECH SYSTEM & SERVICE",{"$nulls":3},"T3","19AACF10574P1ZX","East1",null,"T-29971","Mednipur","West Bengal","V5 Global",null,"Yes","Face to Face","83JC00EEIN",1,"Lenovo","LOQ","LOQ 15ARP9","NB LOQ 15ARP9 R5 12G 512G 11S","Win 11","Gaming","Mainstream","R5 7235HS","Consumer",64762,null,"NB",64762,"East1",76419.15999999999,"SP","Gaming","East1","Premium","Premium"]
[21532580,"Siddhartha Saha ","sidhartha.saha@v5global.co.in",9874293392,"V5 Global","Medinipur","V5367944","West Bengal","West Bengal",null,"V5 Global",null,null,"Sukamal Saha","sukamal.saha@v5global.co.in",null,"East1",null,"External Consumer","ASO","V5 Global ASO",null,"FT",null,"ASO",null,"Kapil Tiwari","Amit Thakuri",null,"Amit Tiwari","Raghavendra Araveeti","amit.thakuri@v5global.co.in","amit.thakuri@v5global.co.in","ktiwari1@lenovo.com","atiwari11@lenovo.com","raraveeti@lenovo.com","ASO","Shilpi Gautam","sgautam2@lenovo.com",null,"Amit Tiwari",null,"atiwari11@lenovo.com",null,"2025-11-21","22:24:00","22.5933835,88.356228","SKYLAB ELECTRONICS",{"$nulls":3},"T3","19AJEPS0987M1ZE","East1",null,"T-1473","Medinipur","West Bengal","V5 Global",null,"Yes","Face to Face","82XQ00MDIN",1,"Lenovo","Ideapad","Slim 3","RYZEN-7320U/8GB LPDDR5-5500/512GB SSD/Integrated AMD Radeon graphics","Win 11","Thin & Light","Entry","Ryzen3 7320U","Consumer",33000,null,"NB",33000,"East1",38940,"",null,"East1","Entry","Entry"]
[21532644,"Siddhartha Saha ","sidhartha.saha@v5global.co.in",9874293392,"V5 Global","Medinipur","V5367944","West Bengal","West Bengal",null,"V5 Global",null,null,"Sukamal Saha","sukamal.saha@v5global.co.in",null,"East1",null,"External Consumer","ASO","V5 Global ASO",null,"FT",null,"ASO",null,"Kapil Tiwari","Amit Thakuri",null,"Amit Tiwari","Raghavendra Araveeti","amit.thakuri@v5global.co.in","amit.thakuri@v5global.co.in","ktiwari1@lenovo.com","atiwari11@lenovo.com","raraveeti@lenovo.com","ASO","Shilpi Gautam","sgautam2@lenovo.com",null,"Amit Tiwari",null,"atiwari11@lenovo.com",null,"2025-11-21","22:34:00","22.5934505,88.3562276","BARNALI ENTERPRISE",{"$nulls":3},"T3","19ADXPG2849M1ZN","East1",null,"T-1323","Howrah","West Bengal",null,null,"Yes","Face to Face","90XS005PIN",1,"Lenovo","IdeaCentre","IdeaCentre","IntelÂ® Coreâ„¢ i3-14100 4C, 8GB DDR5/512 SSD/ WiFi 6 + BT 5.2/ 260W/ SFF 8.2Lt / Wired KeyBoard & Mouse /Win 11 Home/1 Yr Onsite","Win 11","TDT","Entry","IntelÂ® Coreâ„¢ i3-14100","Consumer",31500,null,"TDT",31500,"East1",37170,"",null,"East1","Entry","Entry"]
[21532799,"Pran Pratap Singh","pran.singh@v5global.co.in",9001585718,"V5 Global","Jaipur","V5459442","Jaipur","Rajasthan",null,"V5 Global",null,null,"Gourav Jain","gourav.jain@v5global.co.in",null,"North1",null,"External Consumer","ASO","V5 Global ASO",null,"FT",null,"ASO",null,"Ganga Singh","Gaurav Sharma",null,"Kumar Tanksale","Raghavendra Araveeti","gaurav.sharma@v5global.co.in","gaurav.sharma@v5global.co.in","gsingh24@lenovo.com","ktanksale1@lenovo.com","raraveeti@lenovo.com","ASO","Shilpi Gautam","sgautam2@lenovo.com",null,"Kumar Tanksale",null,"ktanksale1@lenovo.com",null,"2025-11-21","22:55:00","26.9419828,75.8837128","KHANDELWAL COMPUTERS",{"$nulls":3},"T3","08AKHPK8015A1ZI","North1",null,"T-15326","Behror","Rajasthan","V5 Global",null,"Yes","Telephonic","82V700L4IN",1,"Lenovo","Ideapad","Slim 1","15.6/Intel Celeron N4020/8GB RAM/512GB SSD/CLOUD GREY","Win 11","Thin & Light","Entry","Celeron N4020","Consumer",26499,null,"NB",26499,"North1",31268.82,"",null,"North1","Entry","Entry"]
[21532835,"Sureshkumar ","suresh.kumar@v5global.co.in",9061984242,"V5 Global","COCHIN","V5365127","KERALA","Kerala",null,"V5 Global",null,null,"Athul Krishna","athul.n@v5global.co.in",null,"South1",null,"External Consumer","ASO","V5 Global ASO",null,"FT",null,"ASO",null,"Shaiju","Prakash Kumar K P",null,"S Sreekumar","Sharad verma","prakash.kp@v5global.co.in","prakash.kp@v5global.co.in","ss89@lenovo.com","ssreekumar@lenovo.com","sharverm@lenovo.com","ASO","Shilpi Gautam","sgautam2@lenovo.com",null,"S Sreekumar",null,"ssreekumar@lenovo.com",null,"2025-11-21","23:02:00","9.8454467,76.357775","B NET SOLUTIONS",{"$nulls":3},"T3","32AANFB8320R1Z1","South1",null,"T-18406","KADAVANTHRA","Kerala","V5 Global",null,"Yes","Telephonic","82LX00F7IN",1,"Lenovo","Ideapad","Slim 1","LEN N4500 8GB 512GB SSD WIN11  1YR","Win 11","Thin & Light","Entry","N4500","Consumer",25900,null,"NB",25900,"South1",30562,"",null,"South1","Entry","Entry"]
[21532920,"Sureshkumar ","suresh.kumar@v5global.co.in",9061984242,"V5 Global","COCHIN","V5365127","KERALA","Kerala",null,"V5 Global",null,null,"Athul Krishna","athul.n@v5global.co.in",null,"South1",null,"External Consumer","ASO","V5 Global ASO",null,"FT",null,"ASO",null,"Shaiju","Prakash Kumar K P",null,"S Sreekumar","Sharad verma","prakash.kp@v5global.co.in","prakash.kp@v5global.co.in","ss89@lenovo.com","ssreekumar@lenovo.com","sharverm@lenovo.com","ASO","Shilpi Gautam","sgautam2@lenovo.com",null,"S Sreekumar",null,"ssreekumar@lenovo.com",null,"2025-11-21","23:17:00","9.845249,76.3577438","NEON COMPUTERS",{"$nulls":3},"T3","32ASNPD4092N1ZG","South1",null,"T-8359","Alappuzha","Kerala","V5 Global",null,"Yes","Telephonic","67DEKAC1IN",1,"Lenovo","Lenovo L27-4C","L27-4C","27â€\u009d 1920x1080 144Hz / Cloud Grey","NA","Visual Variants","Premium","NA","Visuals",10990,null,null,10990,"South1",12968.199999999999,"",null,"South1","Premium","Premium"]
[21533006,"Abinash Rabha","abhinash.rabha@v5global.co.in",8724966898,"V5 Global","GUWAHATI","V5426139","NE","NE",null,"V5 Global",null,null,"Sukamal Saha","sukamal.saha@v5global.co.in",null,"East1",null,"External Consumer","ASO","V5 Global ASO",null,"FT",null,"ASO",null,"Partha Chakraborty","Amit Thakuri",null,"Amit Tiwari","Raghavendra Araveeti","amit.thakuri@v5global.co.in","amit.thakuri@v5global.co.in","pchakraborty@lenovo.com","atiwari11@lenovo.com","raraveeti@lenovo.com","ASO","Shilpi Gautam","sgautam2@lenovo.com",null,"Amit Tiwari",null,"atiwari11@lenovo.com",null,"2025-11-21","23:41:00","26.108047,91.7852805","Bit & Bite",{"$nulls":3},"T3","18AHQPB8673H1ZU","East1",null,"T-33","Kamrup Metropolitan","ASSAM","V5 Global",null,"Yes","Telephonic","83ER00MCIN",1,"Lenovo","Ideapad","Slim 3","Lenovo IdeaPad Slim 3 12th Gen Intel Core i5-12450H 15\" (39.6cm) FHD IPS 300 Nits Thin & Light Laptop (16GB/512GB SSD/Win 11/MSO","Win 11","Thin & Light","Mainstream","i5 12th Gen","Consumer",41000,null,"NB",41000,"East1",48380,"",null,"East1","Mainstream","Mainstream"]
[21533217,"Abhisekh Kumar Singh","abhisekh.kumar@v5global.co.in",9386646960,"V5 Global","Dhanbad","V5267291","Jharkhand","Jharkhand",null,"V5 Global",null,null,"Shivam Kumar","shivam.kumar@v5global.co.in",null,"East2",null,"External Consumer","ASO","V5 Global ASO",null,"FT",null,"ASO",null,"Krishna Kumar Singh","Imam Hassan",null,"Rajender Negi","Raghavendra Araveeti","imam.hassan@v5global.co.in","imam.hassan@v5global.co.in","ksingh25@lenovo.com","rnegi@lenovo.com","raraveeti@lenovo.com","ASO","Shilpi Gautam","sgautam2@lenovo.com",null,"Rajender Negi",null,"rnegi@lenovo.com",null,"2025-11-22","07:57:00","24.6371709,87.8429456","Laptop World",{"$nulls":3},"T3","20BIPPK8591L2ZM","East2",null,null,"DEOGHAR","Jharkhand","V5 Global",null,"Yes","Face to Face","GX20K78585",9,"Lenovo","AC Adapter","Power","Lenovo 65W AC Roundtip Adapter(IN)","NA","Accessories","NA","NA","Accessories",2490,null,null,22410,"East2",2938.2,"",null,"East2","NA","NA"]
[21560948,"Amarjit Behera","amarjit.behera@v5global.co.in",9437451999,"V5 Global","Bhubaneswar",601088,"Orissa","Orissa",null,"V5 Global",null,null,"Arindam Mazumdar","arindam.mazumdar@v5global.co.in",null,"East2",null,"External Consumer","ASO","V5 Global ASO",null,"FT",null,"ASO",null,"Biswa Ranjan Jena","Imam Hassan",null,"Rajender Negi","Raghavendra Araveeti","imam.hassan@v5global.co.in","imam.hassan@v5global.co.in","bjena1@lenovo.com","rnegi@lenovo.com","raraveeti@lenovo.com","ASO","Shilpi Gautam","sgautam2@lenovo.com",null,"Rajender Negi",null,"rnegi@lenovo.com",null,"2025-11-22","09:42:00","20.4474168,85.8885476","Nigama Infotech - Rajanagar",{"$nulls":3},"T3","21CEOPR8106Q1ZU","East2",null,"T-30354","Pattamundai","Odisha","V5 Global",null,"Yes","Face to Face","90XS005PIN",1,"Lenovo","IdeaCentre","IdeaCentre","IntelÂ® Coreâ„¢ i3-14100 4C, 8GB DDR5/512 SSD/ WiFi 6 + BT 5.2/ 260W/ SFF 8.2Lt / Wired KeyBoard & Mouse /Win 11 Home/1 Yr Onsite","Win 11","TDT","Entry","IntelÂ® Coreâ„¢ i3-14100","Consumer",31500,null,"TDT",31500,"East2",37170,"",null,"East2","Entry","Entry"]
[21561346,"Amarjit Behera","amarjit.behera@v5global.co.in",9437451999,"V5 Global","Bhubaneswar",601088,"Orissa","Orissa",null,"V5 Global",null,null,"Arindam Mazumdar","arindam.mazumdar@v5global.co.in",null,"East2",null,"External Consumer","ASO","V5 Global ASO",null,"FT",null,"ASO",null,"Biswa Ranjan Jena","Imam Hassan",null,"Rajender Negi","Raghavendra Araveeti","imam.hassan@v5global.co.in","imam.hassan@v5global.co.in","bjena1@lenovo.com","rnegi@lenovo.com","raraveeti@lenovo.com","ASO","Shilpi Gautam","sgautam2@lenovo.com",null,"Rajender Negi",null,"rnegi@lenovo.com",null,"2025-11-22","10:11:00","20.4473405,85.8885711","SCOM COMPUTER",{"$nulls":3},"T3","21AKAPM0827D1ZX","East2",null,"T-2713","Jajpur","Orissa",null,null,"Yes","Face to Face","67D5KAC6IN",1,"Lenovo","L22-4E","L Series","LEN L22-4E 21.5 IPS  BLACK 100HZ","NA","Visual Variants","Mainstream","NA","Visuals",5331,null,null,5331,"East2",6290.58,"",null,"East2","Mainstream","Mainstream"]
[21561430,"Amarjit Behera","amarjit.behera@v5global.co.in",9437451999,"V5 Global","Bhubaneswar",601088,"Orissa","Orissa",null,"V5 Global",null,null,"Arindam Mazumdar","arindam.mazumdar@v5global.co.in",null,"East2",null,"External Consumer","ASO","V5 Global ASO",null,"FT",null,"ASO",null,"Biswa Ranjan Jena","Imam Hassan",null,"Rajender Negi","Raghavendra Araveeti","imam.hassan@v5global.co.in","imam.hassan@v5global.co.in","bjena1@lenovo.com","rnegi@lenovo.com","raraveeti@lenovo.com","ASO","Shilpi Gautam","sgautam2@lenovo.com",null,"Rajender Negi",null,"rnegi@lenovo.com",null,"2025-11-22","10:16:00","20.4469125,85.8884363","Tanisha E World",{"$nulls":3},"T3","21ABRPA7098N1Z5","East2",null,"T-2753","Khordha","Orissa",null,null,"Yes","Face to Face","83JX005FIN",1,"Lenovo","Yoga Slim 7","Yoga Slim 7 14ILL10","NB YG Slim 7 14ILL10 U5 16G 1T 11S","Win 11","Thin & Light","Premium","CORE ULT5 226V","Consumer",104990,null,"NB",104990,"East2",123888.2,"SP","Non-Gaming","East2","Premium","Premium"]
[21561905,"Amarjit Behera","amarjit.behera@v5global.co.in",9437451999,"V5 Global","Bhubaneswar",601088,"Orissa","Orissa",null,"V5 Global",null,null,"Arindam Mazumdar","arindam.mazumdar@v5global.co.in",null,"East2",null,"External Consumer","ASO","V5 Global ASO",null,"FT",null,"ASO",null,"Biswa Ranjan Jena","Imam Hassan",null,"Rajender Negi","Raghavendra Araveeti","imam.hassan@v5global.co.in","imam.hassan@v5global.co.in","bjena1@lenovo.com","rnegi@lenovo.com","raraveeti@lenovo.com","ASO","Shilpi Gautam","sgautam2@lenovo.com",null,"Rajender Negi",null,"rnegi@lenovo.com",null,"2025-11-22","10:33:00","20.4469276,85.8890756","Computer House",{"$nulls":3},"T3",null,"East2",null,"T-22913","Nayagarh","Odisha","Denave",null,"Yes","Face to Face","F0HN00PGIN",1,"Lenovo","AIO","AIO i-24IRH9","i3-1315U-8-512-UHD-W11-O24-23.80","Win 11","AIO","Mainstream","i3-1315U","Consumer",57990,null,"AIO",57990,"East2",68428.2,"",null,"East2","Premium","Mainstream"]
[21569984,"Ashwani Kumar","ashwani.kumar@v5global.co.in",7827383769,"V5 Global","Delhi","V5262001","Delhi","Delhi",null,"V5 Global",null,null,"Mohd Asif","mohd.asif@v5global.co.in",null,"North1",null,"External Consumer","ASO","V5 Global ASO",null,"FT",null,"ASO",null,"Kanwaldeep Singh","Gaurav Sharma",null,"Kumar Tanksale","Raghavendra Araveeti","gaurav.sharma@v5global.co.in","gaurav.sharma@v5global.co.in","ksingh15@lenovo.com","ktanksale1@lenovo.com","raraveeti@lenovo.com","ASO","Shilpi Gautam","sgautam2@lenovo.com",null,"Kumar Tanksale",null,"ktanksale1@lenovo.com",null,"2025-11-22","13:51:00","28.548619,77.2516214","Computer Infotech (India) Pvt Ltd",{"$nulls":3},"T3",null,"North1",null,"T-3884","New Delhi","New Delhi","V5 Global",null,"Yes","Face to Face","83K100CAIN",1,"Lenovo","Ideapad","Slim 3","NB IP Slim 3 15IRH10 I5 8G 512G 11S","Win 11","Thin & Light","Premium","i5 13420H/8GB/512GB SSD","Consumer",56251,null,"NB",56251,"North1",66376.18,"",null,"North1","Premium","Mainstream"]
[21538526,"Umer Farooq Bhat","umer.farooq@v5global.co.in",7006131255,"V5 Global","Srinagar","V5266190","Jammu and Kashmir","Jammu and Kashmir",null,"V5 Global",null,null,"Shivam Kumar","shivam.kumar1@v5global.co.in",null,"North1",null,"External Consumer","ASO","V5 Global ASO",null,"FT",null,"ASO",null,"Karan Kapoor","Gaurav Sharma",null,"Kumar Tanksale","Raghavendra Araveeti","gaurav.sharma@v5global.co.in","gaurav.sharma@v5global.co.in","Kkapoor@lenovo.com","ktanksale1@lenovo.com","raraveeti@lenovo.com","ASO","Shilpi Gautam","sgautam2@lenovo.com",null,"Kumar Tanksale",null,"ktanksale1@lenovo.com",null,"2025-11-22","14:54:00","33.87344649664203,74.90060728043318","Muslim Computer",{"$nulls":3},"T3",null,"North1",null,"T-20599","Pulwama","Jammu And Kashmir","V5 Global",null,"Yes","Face to Face","GY51C12380",4,"Lenovo","Wireless Mouse","Input","Lenovo 130 wireless mouse","NA","Accessories","NA","NA","Accessories",649,null,null,2596,"North1",765.8199999999999,"",null,"North1","NA","NA"]
[21538278,"Furkan ","furkan.1@v5global.co.in",9818299160,"V5 Global","New Delhi","V5462337","NEW DELHI","New Delhi",null,"V5 Global",null,null,"Mohd Asif","mohd.asif@v5global.co.in",null,"North1",null,"External Consumer","ASO","V5 Global ASO",null,"FT",null,"ASO",null,"Kanwaldeep Singh","Gaurav Sharma",null,"Kumar Tanksale","Raghavendra Araveeti","gaurav.sharma@v5global.co.in","gaurav.sharma@v5global.co.in","ksingh15@lenovo.com","ktanksale1@lenovo.com","raraveeti@lenovo.com","ASO","Shilpi Gautam","sgautam2@lenovo.com",null,"Kumar Tanksale",null,"ktanksale1@lenovo.com",null,"2025-11-22","16:03:00","28.634742,77.284393","MICRO NETWORK ( INDIA ) PVT LTD",{"$nulls":3},"T3",null,"North1",null,"T-4362","New Delhi","New Delhi","V5 Global",null,"Yes","Telephonic","F0J6005FIN",1,"Lenovo","AIO","Lenovo A100","23.8\" FHD/8GB RAM/512 SSD/Integrated Graphics/MSO 2024/White","Win 11","AIO","Entry","Intel N100","Consumer",32000,null,"AIO",32000,"North1",37760,"",null,"North1","Entry","Entry"]
[21538579,"Umer Farooq Bhat","umer.farooq@v5global.co.in",7006131255,"V5 Global","Srinagar","V5266190","Jammu and Kashmir","Jammu and Kashmir",null,"V5 Global",null,null,"Shivam Kumar","shivam.kumar1@v5global.co.in",null,"North1",null,"External Consumer","ASO","V5 Global ASO",null,"FT",null,"ASO",null,"Karan Kapoor","Gaurav Sharma",null,"Kumar Tanksale","Raghavendra Araveeti","gaurav.sharma@v5global.co.in","gaurav.sharma@v5global.co.in","Kkapoor@lenovo.com","ktanksale1@lenovo.com","raraveeti@lenovo.com","ASO","Shilpi Gautam","sgautam2@lenovo.com",null,"Kumar Tanksale",null,"ktanksale1@lenovo.com",null,"2025-11-22","16:57:00","34.07459930109834,74.81266368180513","Geosoft Computer Systems",{"$nulls":3},"T3","01AISPB6079J1Z3","North1",null,"T-20005","Exchange Road","Jammu And Kashmir","V5 Global",null,"Yes","Face to Face","82XM0113IN",1,"Lenovo","Ideapad","Slim 3","R7/16GB/512 SSD/RYZEN 7 5825U","Win 11","Thin & Light","Entry","RYZEN 7 5825U","Consumer",45000,null,"NB",45000,"North1",53100,"",null,"North1","Mainstream","Mainstream"]
[21539126,"Sukanta Sinha","sukanta.sinha@v5global.co.in",9854184578,"V5 Global","Guwahati","V5266867","NE","NE",null,"V5 Global",null,null,"Sukamal Saha","sukamal.saha@v5global.co.in",null,"East1",null,"External Consumer","ASO","V5 Global ASO",null,"FT",null,"ASO",null,"Partha Chakraborty","Amit Thakuri",null,"Amit Tiwari","Raghavendra Araveeti","amit.thakuri@v5global.co.in","amit.thakuri@v5global.co.in","pchakraborty@lenovo.com","atiwari11@lenovo.com","raraveeti@lenovo.com","ASO","Shilpi Gautam","sgautam2@lenovo.com",null,"Amit Tiwari",null,"atiwari11@lenovo.com",null,"2025-11-22","18:28:00","26.1626017,91.7763522","Electro Audio VIsion",{"$nulls":3},"T3","17AGOPG0719L1Z7","East1",null,"T-20085","Shillong","MEGHALAYA","V5 Global",null,"Yes","Telephonic","83JJ0010IN",1,"Lenovo","Legion","Legion 5","NB LN Legion 5 15IRX9 I7 24G 512G 11S","Win 11","Gaming","Premium","i7 13650HX","Consumer",125490,null,"NB",125490,"East1",148078.19999999998,"SP","Gaming","East1","Premium","Premium"]
[21541656,"Sumit Singh","sumit.singh@v5global.co.in",8963848967,"V5 Global","Mumbai","V5266119","Maharashtra","Maharashtra",null,"V5 Global",null,null,"Muffazal Momin","muffazal.momin@v5global.co.in",null,"West1",null,"External Consumer","ASO","V5 Global ASO",null,"FT",null,"ASO",null,"Amit Tiwari","Yunus Hamid Mansoori",null,"Hemant C Baghel","Sharad verma","yunus.hamid@v5global.co.in","yunus.hamid@v5global.co.in","atiwari5@lenovo.com","hbaghel@lenovo.com","sharverm@lenovo.com","ASO","Shilpi Gautam","sgautam2@lenovo.com",null,"Hemant C Baghel",null,"hbaghel@lenovo.com",null,"2025-11-22","19:48:00","19.1966834,72.9726744","Yogesh Computers",{"$nulls":3},"T3",null,"West1",null,"T-25968","Lamington Road","Maharashtra","V5 Global",null,"Yes","Face to Face","90XS005PIN",6,"Lenovo","IdeaCentre","IdeaCentre","IntelÂ® Coreâ„¢ i3-14100 4C, 8GB DDR5/512 SSD/ WiFi 6 + BT 5.2/ 260W/ SFF 8.2Lt / Wired KeyBoard & Mouse /Win 11 Home/1 Yr Onsite","Win 11","TDT","Entry","IntelÂ® Coreâ„¢ i3-14100","Consumer",31500,null,"TDT",189000,"West1",37170,"",null,"West1 M","Entry","Entry"]
[21541515,"Govind Gulab Rajbhar","govind.gulab@v5global.co.in",9029031943,"V5 Global","Mumbai","V5263641","Maharashtra","Maharashtra",null,"V5 Global",null,null,"Pooja Thakur","pooja.thakur@v5global.co.in",null,"West1",null,"External Consumer","ASO","V5 Global ASO",null,"FT",null,"ASO",null,"Amit Tiwari","Yunus Hamid Mansoori",null,"Hemant C Baghel","Sharad verma","yunus.hamid@v5global.co.in","yunus.hamid@v5global.co.in","atiwari5@lenovo.com","hbaghel@lenovo.com","sharverm@lenovo.com","ASO","Shilpi Gautam","sgautam2@lenovo.com",null,"Hemant C Baghel",null,"hbaghel@lenovo.com",null,"2025-11-22","21:57:00","19.2169629,72.8439174","Ambika Technology",{"$nulls":3},"T3",null,"West1",null,"T-25690","Mumbai","Maharashtra","V5 Global",null,"Yes","Telephonic","F0HR009BIN",1,"Lenovo","IdeaCentre","AIO","DT IC AIO 24ARR9 A57535HS 512G 8G","Win 11","TDT","Mainstream","R7 7735HS","Consumer",42990,null,"TDT",42990,"West1",50728.2,"",null,"West1 M","Mainstream","Mainstream"]
[21547730,"Bhaskar Borah","bhaskar.borah@v5global.co.in",9508822689,"V5 Global","Jorhat","V5354315","Assam","Assam",null,"V5 Global",null,null,"Sukamal Saha","sukamal.saha@v5global.co.in",null,"East1",null,"External Consumer","ASO","V5 Global ASO",null,"FT",null,"ASO",null,"Partha Chakraborty","Amit Thakuri",null,"Amit Tiwari","Raghavendra Araveeti","amit.thakuri@v5global.co.in","amit.thakuri@v5global.co.in","pchakraborty@lenovo.com","atiwari11@lenovo.com","raraveeti@lenovo.com","ASO","Shilpi Gautam","sgautam2@lenovo.com",null,"Amit Tiwari",null,"atiwari11@lenovo.com",null,"2025-11-23","08:03:00","26.7862166,94.1584064","BANNE ENTERPRISES",{"$nulls":3},"T3","12AVVPC3279M1Z4","East1",null,"T-2","East Siang","Arunachal Pradesh",null,null,"Yes","Face to Face","F0HN00PGIN",1,"Lenovo","AIO","AIO i-24IRH9","i3-1315U-8-512-UHD-W11-O24-23.80","Win 11","AIO","Mainstream","i3-1315U","Consumer",57990,null,"AIO",57990,"East1",68428.2,"",null,"East1","Premium","Mainstream"]
[21546278,"Sumit Singh","sumit.singh@v5global.co.in",8963848967,"V5 Global","Mumbai","V5266119","Maharashtra","Maharashtra",null,"V5 Global",null,null,"Muffazal Momin","muffazal.momin@v5global.co.in",null,"West1",null,"External Consumer","ASO","V5 Global ASO",null,"FT",null,"ASO",null,"Amit Tiwari","Yunus Hamid Mansoori",null,"Hemant C Baghel","Sharad verma","yunus.hamid@v5global.co.in","yunus.hamid@v5global.co.in","atiwari5@lenovo.com","hbaghel@lenovo.com","sharverm@lenovo.com","ASO","Shilpi Gautam","sgautam2@lenovo.com",null,"Hemant C Baghel",null,"hbaghel@lenovo.com",null,"2025-11-23","11:49:00","19.1966841,72.9727642","cyberia",{"$nulls":3},"T3",null,"West1",null,"T-28569","Mumbai","Maharashtra","Denave",null,"Yes","Telephonic","68C2KAC1IN",1,"Lenovo","L24-4E","L Series","LEN L24-4E 23.8 IPS  BLACK 100HZ","NA","Visual Variants","Mainstream","NA","Visuals",6464,null,null,6464,"West1",7627.5199999999995,"",null,"West1 M","Mainstream","Mainstream"]
[21546334,"Sumit Singh","sumit.singh@v5global.co.in",8963848967,"V5 Global","Mumbai","V5266119","Maharashtra","Maharashtra",null,"V5 Global",null,null,"Muffazal Momin","muffazal.momin@v5global.co.in",null,"West1",null,"External Consumer","ASO","V5 Global ASO",null,"FT",null,"ASO",null,"Amit Tiwari","Yunus Hamid Mansoori",null,"Hemant C Baghel","Sharad verma","yunus.hamid@v5global.co.in","yunus.hamid@v5global.co.in","atiwari5@lenovo.com","hbaghel@lenovo.com","sharverm@lenovo.com","ASO","Shilpi Gautam","sgautam2@lenovo.com",null,"Hemant C Baghel",null,"hbaghel@lenovo.com",null,"2025-11-23","12:04:00","19.1967939,72.9726625","Pakshal Impex",{"$nulls":3},"T3",null,"West1",null,"T-25926","Lamington Road","Maharashtra","V5 Global",null,"Yes","Telephonic","67BEKAC1IN",1,"Lenovo","Monitor","L27I-4A","L27I-4A","NA","Visual Variants","Premium","NA","Visuals",13000,null,null,13000,"West1",15340,"",null,"West1 M","Premium","Premium"]
[21546401,"Sumit Singh","sumit.singh@v5global.co.in",8963848967,"V5 Global","Mumbai","V5266119","Maharashtra","Maharashtra",null,"V5 Global",null,null,"Muffazal Momin","muffazal.momin@v5global.co.in",null,"West1",null,"External Consumer","ASO","V5 Global ASO",null,"FT",null,"ASO",null,"Amit Tiwari","Yunus Hamid Mansoori",null,"Hemant C Baghel","Sharad verma","yunus.hamid@v5global.co.in","yunus.hamid@v5global.co.in","atiwari5@lenovo.com","hbaghel@lenovo.com","sharverm@lenovo.com","ASO","Shilpi Gautam","sgautam2@lenovo.com",null,"Hemant C Baghel",null,"hbaghel@lenovo.com",null,"2025-11-23","12:18:00","19.196725,72.9728264","P C Guide",{"$nulls":3},"T3",null,"West1",null,"T-25923","Lamington Road","Maharashtra","V5 Global",null,"Yes","Telephonic","GY51C12380",10,"Lenovo","Wireless Mouse","Input","Lenovo 130 wireless mouse","NA","Accessories","NA","NA","Accessories",649,null,null,6490,"West1",765.8199999999999,"",null,"West1 M","NA","NA"]
[21547148,"Mohammed Abdulla","mohammed.abdulla@v5global.co.in",9513623651,"V5 Global","Bangalore","V5266026","Karnataka","Karnataka",null,"V5 Global",null,null,"M Bhaskar Gowda","bhaskar.gowda@v5global.co.in",null,"South1",null,"External Consumer","ASO","V5 Global ASO",null,"FT",null,"ASO",null,"Anuj Kumar","Prakash Kumar K P",null,"S Sreekumar","Sharad verma","prakash.kp@v5global.co.in","prakash.kp@v5global.co.in","virtualcosmos.it@gmail.com","ssreekumar@lenovo.com","sharverm@lenovo.com","ASO","Shilpi Gautam","sgautam2@lenovo.com",null,"S Sreekumar",null,"ssreekumar@lenovo.com",null,"2025-11-23","18:36:00","12.902642,77.5888791","Aashirwad Computers (S.P. Road)",{"$nulls":3},"T3",null,"South1",null,"T-25374","Bangalore","Karnataka","Denave",null,"Yes","Face to Face","F0HN00PHIN",1,"Lenovo","AIO","AIO","LEN I5-13420H 16GB 512GB SSD 23.8 MSO","Win 11","AIO","Mainstream","i5-13420H","Consumer",53381,null,"AIO",53381,"South1",62989.579999999994,"",null,"South1","Mainstream","Mainstream"]
[21547194,"Mohammed Abdulla","mohammed.abdulla@v5global.co.in",9513623651,"V5 Global","Bangalore","V5266026","Karnataka","Karnataka",null,"V5 Global",null,null,"M Bhaskar Gowda","bhaskar.gowda@v5global.co.in",null,"South1",null,"External Consumer","ASO","V5 Global ASO",null,"FT",null,"ASO",null,"Anuj Kumar","Prakash Kumar K P",null,"S Sreekumar","Sharad verma","prakash.kp@v5global.co.in","prakash.kp@v5global.co.in","virtualcosmos.it@gmail.com","ssreekumar@lenovo.com","sharverm@lenovo.com","ASO","Shilpi Gautam","sgautam2@lenovo.com",null,"S Sreekumar",null,"ssreekumar@lenovo.com",null,"2025-11-23","18:43:00","12.9026449,77.5889289","Nakshatra Technologies",{"$nulls":3},"T3",null,"South1",null,"T-25541","Bangalore","Karnataka","Denave",null,"Yes","Face to Face","F0J6005LIN",9,"Lenovo","AIO","A100","Lenovo A100 IntelÂ® Coreâ„¢ i3-N305 8GB DDR4 512 SSD INTEGRATED GRAPHICS 23.8FHD AG 250N WLAN+BTÂ  Cloud Grey 5.0 MP","Win 11","AIO","Mainstream"," IntelÂ® Coreâ„¢ i3-N305  ","Consumer",36000,null,"AIO",324000,"South1",42480,"",null,"South1","Mainstream","Mainstream"]
[21547218,"Mohammed Abdulla","mohammed.abdulla@v5global.co.in",9513623651,"V5 Global","Bangalore","V5266026","Karnataka","Karnataka",null,"V5 Global",null,null,"M Bhaskar Gowda","bhaskar.gowda@v5global.co.in",null,"South1",null,"External Consumer","ASO","V5 Global ASO",null,"FT",null,"ASO",null,"Anuj Kumar","Prakash Kumar K P",null,"S Sreekumar","Sharad verma","prakash.kp@v5global.co.in","prakash.kp@v5global.co.in","virtualcosmos.it@gmail.com","ssreekumar@lenovo.com","sharverm@lenovo.com","ASO","Shilpi Gautam","sgautam2@lenovo.com",null,"S Sreekumar",null,"ssreekumar@lenovo.com",null,"2025-11-23","18:46:00","12.9026375,77.5889208","Winmax Technology",{"$nulls":3},"T3",null,"South1",null,"T-26764","Bruhat Bangalore","Karnataka","Denave",null,"Yes","Face to Face","83CV00DGIN",1,"Lenovo","Yoga","Slim 7","CORE ULT5 125H, 16GB, 1TB SSD, 14_WUXGA_OLED_GL_400N_HDR_P3, INTEGRATED_GRAPHICS, WINDOWS 11 HOME 64 SL, M365 Basic + OFFICE H&S","Win 11","Thin & Light","Premium","CORE ULT5 125H","Consumer",82990,null,"NB",82990,"South1",97928.2,"SP","Non-Gaming","South1","Premium","Premium"]
[21548735,"Manish Kumar ","manish.k@v5global.co.in",9815306161,"V5 Global","Chandigarh","V5294765","Punjab","Punjab",null,"V5 Global",null,null,"Shivam Kumar","shivam.kumar1@v5global.co.in",null,"North1",null,"External Consumer","ASO","V5 Global ASO",null,"FT",null,"ASO",null,"Naveen Kumar","Gaurav Sharma",null,"Kumar Tanksale","Raghavendra Araveeti","gaurav.sharma@v5global.co.in","gaurav.sharma@v5global.co.in","nkumar12@lenovo.com","ktanksale1@lenovo.com","raraveeti@lenovo.com","ASO","Shilpi Gautam","sgautam2@lenovo.com",null,"Kumar Tanksale",null,"ktanksale1@lenovo.com",null,"2025-11-23","21:28:00","30.7169387,76.7243531","IT WORLD",{"$nulls":3},"T3","04BYHPS2781L2ZW","North1",null,"T-31392","Chandigarh","Chandigarh","V5 Global",null,"Yes","Face to Face","F0J6005FIN",2,"Lenovo","AIO","Lenovo A100","23.8\" FHD/8GB RAM/512 SSD/Integrated Graphics/MSO 2024/White","Win 11","AIO","Entry","Intel N100","Consumer",32000,null,"AIO",64000,"North1",37760,"",null,"North1","Entry","Entry"]
[21549842,"Biplab Barman","biplab.barman@v5global.co.in",9832301778,"V5 Global","Siliguri","V5326187","West Bengal","West Bengal",null,"V5 Global",null,null,"Sukamal Saha","sukamal.saha@v5global.co.in",null,"East1",null,"External Consumer","ASO","V5 Global ASO",null,"FT",null,"ASO",null,"Kapil Tiwari","Amit Thakuri",null,"Amit Tiwari","Raghavendra Araveeti","amit.thakuri@v5global.co.in","amit.thakuri@v5global.co.in","ktiwari1@lenovo.com","atiwari11@lenovo.com","raraveeti@lenovo.com","ASO","Shilpi Gautam","sgautam2@lenovo.com",null,"Amit Tiwari",null,"atiwari11@lenovo.com",null,"2025-11-23","21:35:00","26.7169483,88.4444167","Rudra Technologies",{"$nulls":3},"T3","19ASOPR8752N1ZI","East1",null,"T-24393","Falakata","WEST BENGAL","V5 Global",null,"Yes","Face to Face","83GS000PJIN",1,"Lenovo","LOQ","LOQ 15","Lenovo LOQ Intel Core i5 12th Gen 12450HX - (16 GB/512 GB SSD/Windows 11 Home/6 GB Graphics/NVIDIA GeForce RTX 3050) (15.6 inch,","Win 11","Gaming","Premium","Core i5 12th GenÂ ","Consumer",69000,null,"NB",69000,"East1",81420,"SP","Gaming","East1","Premium","Premium"]
[21549134,"Chetan Wagh Dnyanashwar","chetan.dnyanashwar@v5global.co.in",7744978870,"V5 Global","Pune",601369,"Maharashtra","Maharashtra",null,"V5 Global",null,null,"Aparajitaa Lakhani","aparajita.lakhani@v5global.co.in",null,"West1",null,"External Consumer","ASO","V5 Global ASO",null,"FT",null,"ASO",null,"Rajeev Jha","TBH",null,"Hemant C Baghel","Sharad verma",null,null,"rjha3@lenovo.com","hbaghel@lenovo.com","sharverm@lenovo.com","ASO","Shilpi Gautam","sgautam2@lenovo.com",null,"Hemant C Baghel",null,"hbaghel@lenovo.com",null,"2025-11-23","22:01:00","18.6225955,73.6922256","Nilesh Computers",{"$nulls":3},"T3","27BTXPP8763Q1Z2","West1",null,"T-17822","Pune","Maharashtra","Denave",null,"Yes","Telephonic","83JC00HNIN",1,"Lenovo","LOQ","LOQ","Lenovo LOQ 15 R7 7235HS Gen Gaming Laptop (12GB, 512GB SSD, Windows 11 Home, 4GB Graphics, 15.6 inch 144 Hz Full HD IPS Display,","Win 11","Thin & Light","Premium","R7 7235HS","Consumer",50000,null,"NB",50000,"West1",59000,"",null,"West1 R","Mainstream","Mainstream"]
[21549824,"Karan Kanhaiyalal Gupta","karan.gupta@v5global.co.in",9594708424,"V5 Global","Mumbai","V5412124","MAHARASHTRA","Maharashtra",null,"V5 Global",null,null,"Muffazal Momin","muffazal.momin@v5global.co.in",null,"West1",null,"External Consumer","ASO","V5 Global ASO",null,"FT",null,"ASO",null,"Amit Tiwari","Yunus Hamid Mansoori",null,"Hemant C Baghel","Sharad verma","yunus.hamid@v5global.co.in","yunus.hamid@v5global.co.in","atiwari5@lenovo.com","hbaghel@lenovo.com","sharverm@lenovo.com","ASO","Shilpi Gautam","sgautam2@lenovo.com",null,"Hemant C Baghel",null,"hbaghel@lenovo.com",null,"2025-11-24","01:14:00","19.0617332,72.8926803","Patni computer",{"$nulls":3},"T3","27CMNPP4755L1Z7","West1",null,"T-11342","Mumbai","Maharashtra","V5 Global",null,"Yes","Telephonic","83GS000PJIN",1,"Lenovo","LOQ","LOQ 15","Lenovo LOQ Intel Core i5 12th Gen 12450HX - (16 GB/512 GB SSD/Windows 11 Home/6 GB Graphics/NVIDIA GeForce RTX 3050) (15.6 inch,","Win 11","Gaming","Premium","Core i5 12th GenÂ ","Consumer",69000,null,"NB",69000,"West1",81420,"SP","Gaming","West1 M","Premium","Premium"]
[21549832,"Karan Kanhaiyalal Gupta","karan.gupta@v5global.co.in",9594708424,"V5 Global","Mumbai","V5412124","MAHARASHTRA","Maharashtra",null,"V5 Global",null,null,"Muffazal Momin","muffazal.momin@v5global.co.in",null,"West1",null,"External Consumer","ASO","V5 Global ASO",null,"FT",null,"ASO",null,"Amit Tiwari","Yunus Hamid Mansoori",null,"Hemant C Baghel","Sharad verma","yunus.hamid@v5global.co.in","yunus.hamid@v5global.co.in","atiwari5@lenovo.com","hbaghel@lenovo.com","sharverm@lenovo.com","ASO","Shilpi Gautam","sgautam2@lenovo.com",null,"Hemant C Baghel",null,"hbaghel@lenovo.com",null,"2025-11-24","01:22:00","19.0617296,72.8927226","M D Infotech",{"$nulls":3},"T3","27BEHPP1834D1ZM","West1",null,"T-11439","Mumbai","Maharashtra","V5 Global",null,"Yes","Face to Face","83LK0068IN",2,"Lenovo","LOQ","LOQ 15IAX9E","NB LOQ 15IAX9E I7 12G 512G 11S","Win 11","Gaming","Premium","i7 12650HX","Consumer",67936,null,"NB",135872,"West1",80164.48,"SP","Gaming","West1 M","Premium","Premium"]
[21550086,"Prasannaraj P","prasannaraj.p@v5global.co.in",9092045806,"V5 Global","Chennai","V5335880","Tamil Nadu","Tamil Nadu",null,"V5 Global",null,null,"Prabhakaran A","prabhakaran@v5global.co.in",null,"South2",null,"External Consumer","ASO","V5 Global ASO",null,"FT",null,"ASO","LES","Sridhar Ethirajulu","S.Arunbabu",null,"Prabhu Subaramanian","Sharad verma","arun.babu@v5global.co.in","arun.babu@v5global.co.in","sethirajulu1@lenovo.com","psubramania4@lenovo.com","sharverm@lenovo.com","ASO","Shilpi Gautam","sgautam2@lenovo.com",null,"Prabhu Subaramanian","LES","psubramania4@lenovo.com",null,"2025-11-24","08:45:00","13.0289731,80.1942904","Omega Electronics",{"$nulls":3},"T3",null,"South2",null,"T-9567","Chennai","Tamil Nadu",null,null,"Yes","Face to Face","83K000B8IN",1,"Lenovo","Ideapad","IdeaPad Slim 3","15.6\" FHD (1920x1080),16GB Ram, 512 GB SSD, ,MS OFFICE 2024  Luna Grey","Win 11","Thin & Light","Premium","IntelÂ® Coreâ„¢ i5-13420H","Consumer",65000,null,"NB",65000,"South2",76700,"",null,"South2","Premium","Mainstream"]
[21550103,"Prasannaraj P","prasannaraj.p@v5global.co.in",9092045806,"V5 Global","Chennai","V5335880","Tamil Nadu","Tamil Nadu",null,"V5 Global",null,null,"Prabhakaran A","prabhakaran@v5global.co.in",null,"South2",null,"External Consumer","ASO","V5 Global ASO",null,"FT",null,"ASO","LES","Sridhar Ethirajulu","S.Arunbabu",null,"Prabhu Subaramanian","Sharad verma","arun.babu@v5global.co.in","arun.babu@v5global.co.in","sethirajulu1@lenovo.com","psubramania4@lenovo.com","sharverm@lenovo.com","ASO","Shilpi Gautam","sgautam2@lenovo.com",null,"Prabhu Subaramanian","LES","psubramania4@lenovo.com",null,"2025-11-24","08:49:00","13.0289683,80.1942985","RAJESHWAR COMPUTERS",{"$nulls":3},"T3",null,"South2",null,"T-9658","Chennai","Tamil Nadu","V5 Global",null,"Yes","Face to Face","83K100CAIN",1,"Lenovo","Ideapad","Slim 3","NB IP Slim 3 15IRH10 I5 8G 512G 11S","Win 11","Thin & Light","Premium","i5 13420H/8GB/512GB SSD","Consumer",56251,null,"NB",56251,"South2",66376.18,"",null,"South2","Premium","Mainstream"]
[21550151,"Prasannaraj P","prasannaraj.p@v5global.co.in",9092045806,"V5 Global","Chennai","V5335880","Tamil Nadu","Tamil Nadu",null,"V5 Global",null,null,"Prabhakaran A","prabhakaran@v5global.co.in",null,"South2",null,"External Consumer","ASO","V5 Global ASO",null,"FT",null,"ASO","LES","Sridhar Ethirajulu","S.Arunbabu",null,"Prabhu Subaramanian","Sharad verma","arun.babu@v5global.co.in","arun.babu@v5global.co.in","sethirajulu1@lenovo.com","psubramania4@lenovo.com","sharverm@lenovo.com","ASO","Shilpi Gautam","sgautam2@lenovo.com",null,"Prabhu Subaramanian","LES","psubramania4@lenovo.com",null,"2025-11-24","09:02:00","13.0289774,80.1942928","Microstuf Computer Clinic Inc",{"$nulls":3},"T3",null,"South2",null,"T-9480","Chennai","Tamil Nadu","V5 Global",null,"Yes","Face to Face","67DDKAC6IN",1,"Lenovo","Monitor","Monitor","Non Gaming|L24-4C|23.8\"","NA","Visual Variants","Mainstream","L24-4C","Visuals",8500,null,null,8500,"South2",10030,"",null,"South2","Mainstream","Mainstream"]
[21550184,"Prasannaraj P","prasannaraj.p@v5global.co.in",9092045806,"V5 Global","Chennai","V5335880","Tamil Nadu","Tamil Nadu",null,"V5 Global",null,null,"Prabhakaran A","prabhakaran@v5global.co.in",null,"South2",null,"External Consumer","ASO","V5 Global ASO",null,"FT",null,"ASO","LES","Sridhar Ethirajulu","S.Arunbabu",null,"Prabhu Subaramanian","Sharad verma","arun.babu@v5global.co.in","arun.babu@v5global.co.in","sethirajulu1@lenovo.com","psubramania4@lenovo.com","sharverm@lenovo.com","ASO","Shilpi Gautam","sgautam2@lenovo.com",null,"Prabhu Subaramanian","LES","psubramania4@lenovo.com",null,"2025-11-24","09:12:00","13.028969,80.1942919","Poornam Technologies Pvt Ltd",{"$nulls":3},"T3",null,"South2",null,"T-9612","Chennai","Tamil Nadu","V5 Global",null,"Yes","Face to Face","83JC00EEIN",1,"Lenovo","LOQ","LOQ 15ARP9","NB LOQ 15ARP9 R5 12G 512G 11S","Win 11","Gaming","Mainstream","R5 7235HS","Consumer",64762,null,"NB",64762,"South2",76419.15999999999,"SP","Gaming","South2","Premium","Premium"]
[21550243,"Pran Pratap Singh","pran.singh@v5global.co.in",9001585718,"V5 Global","Jaipur","V5459442","Jaipur","Rajasthan",null,"V5 Global",null,null,"Gourav Jain","gourav.jain@v5global.co.in",null,"North1",null,"External Consumer","ASO","V5 Global ASO",null,"FT",null,"ASO",null,"Ganga Singh","Gaurav Sharma",null,"Kumar Tanksale","Raghavendra Araveeti","gaurav.sharma@v5global.co.in","gaurav.sharma@v5global.co.in","gsingh24@lenovo.com","ktanksale1@lenovo.com","raraveeti@lenovo.com","ASO","Shilpi Gautam","sgautam2@lenovo.com",null,"Kumar Tanksale",null,"ktanksale1@lenovo.com",null,"2025-11-24","09:28:00","26.9377817,75.8928967","Gupta Computers",{"$nulls":3},"T3",null,"West2",null,"T-28760","Jaipur","Rajasthan","V5 Global",null,"Yes","Telephonic","83JY0069IN",1,"Lenovo","Yoga","Slim 7","AMD Ryzenâ„¢ AI 7 350/ 32GB DDR5/1TB SSD/14â€³ 2.8K OLED ","Win 11","Thin & Light","Premium","AMD Ryzenâ„¢ AI 7 350","Consumer",93499,null,"NB",93499,"North1",110328.81999999999,"SP","Non-Gaming","North1","Premium","Premium"]
[21550566,"Yathish R Rao","yathish.rao@v5global.co.in",9483372060,"V5 Global","MANGALORE","V5438066","KARNATAKA","KARNATAKA",null,"V5 Global",null,null,"M Bhaskar Gowda","bhaskar.gowda@v5global.co.in",null,"South1",null,"External Consumer","ASO","V5 Global ASO",null,"FT",null,"ASO",null,"Riyaz Khan","Prakash Kumar K P",null,"S Sreekumar","Sharad verma","prakash.kp@v5global.co.in","prakash.kp@v5global.co.in","rhospet@lenovo.com","ssreekumar@lenovo.com","sharverm@lenovo.com","ASO","Shilpi Gautam","sgautam2@lenovo.com",null,"S Sreekumar",null,"ssreekumar@lenovo.com","Week_2_Feb_2022","2025-11-24","10:08:00","13.2446905,77.2717065","SIGMATECH TOTAL SOLUTION",{"$nulls":3},"T3","29ACRFS7776E1Z8","South1",null,"T-7343","Dakshina Kannada","Karnataka",null,null,"Yes","Face to Face","66ADKAC1IN",2,"Lenovo","D Series","D22-20","D22: 21.5\" TN Bordered FHD VGA + HDMI + Audio Out","NA","Visual Variants","Mainstream","NA","Visuals",10161,null,null,20322,"South1",11989.98,"",null,"South1","Mainstream","Mainstream"]
[21550620,"Yathish R Rao","yathish.rao@v5global.co.in",9483372060,"V5 Global","MANGALORE","V5438066","KARNATAKA","KARNATAKA",null,"V5 Global",null,null,"M Bhaskar Gowda","bhaskar.gowda@v5global.co.in",null,"South1",null,"External Consumer","ASO","V5 Global ASO",null,"FT",null,"ASO",null,"Riyaz Khan","Prakash Kumar K P",null,"S Sreekumar","Sharad verma","prakash.kp@v5global.co.in","prakash.kp@v5global.co.in","rhospet@lenovo.com","ssreekumar@lenovo.com","sharverm@lenovo.com","ASO","Shilpi Gautam","sgautam2@lenovo.com",null,"S Sreekumar",null,"ssreekumar@lenovo.com","Week_2_Feb_2022","2025-11-24","10:10:00","13.2442213,77.2701826","SVS CORPORATION( MANGALORE)",{"$nulls":3},"T3","29AFUPC6186Q1ZB","South1",null,"T-7469","Dakshina Kannada","Karnataka",null,null,"Yes","Face to Face","66ADKAC1IN",2,"Lenovo","D Series","D22-20","D22: 21.5\" TN Bordered FHD VGA + HDMI + Audio Out","NA","Visual Variants","Mainstream","NA","Visuals",10161,null,null,20322,"South1",11989.98,"",null,"South1","Mainstream","Mainstream"]
[21551066,"Nilay Girishbhai Bandhara","nilay.bandhara@v5global.co.in",9979302088,"V5 Global","Vadodara","V5341501","Gujarat","Gujarat",null,"V5 Global",null,null,"Darshan Shah","darshan.shah@v5global.co.in",null,"West1",null,"External Consumer","ASO","V5 Global ASO",null,"FT",null,"ASO",null,"Darshan Thakkar","Yunus Hamid Mansoori",null,"Hemant C Baghel","Sharad verma","yunus.hamid@v5global.co.in","yunus.hamid@v5global.co.in","tjitendrabha@lenovo.com","hbaghel@lenovo.com","sharverm@lenovo.com","ASO","Shilpi Gautam","sgautam2@lenovo.com",null,"Hemant C Baghel",null,"hbaghel@lenovo.com",null,"2025-11-24","10:37:00","22.2943211,73.2259369","Tansen Peripherals",{"$nulls":3},"T3","24BEAPS6255L1Z6","West1",null,"T-29143","Godhra","Gujarat","V5 Global",null,"Yes","Telephonic","90XW005UIN",1,"Lenovo","IdeaCentre","IdeaCentre 08IRH9","8GB RAM/512 GB SSD/Integrated Graphics/WINDOWS 11","Win 11","TDT","Entry","CORE I5","Consumer",32619,null,"TDT",32619,"West1",38490.42,"",null,"West1 M","Entry","Mainstream"]
[21554947,"Manish Kumar ","manish.k@v5global.co.in",9815306161,"V5 Global","Chandigarh","V5294765","Punjab","Punjab",null,"V5 Global",null,null,"Shivam Kumar","shivam.kumar1@v5global.co.in",null,"North1",null,"External Consumer","ASO","V5 Global ASO",null,"FT",null,"ASO",null,"Naveen Kumar","Gaurav Sharma",null,"Kumar Tanksale","Raghavendra Araveeti","gaurav.sharma@v5global.co.in","gaurav.sharma@v5global.co.in","nkumar12@lenovo.com","ktanksale1@lenovo.com","raraveeti@lenovo.com","ASO","Shilpi Gautam","sgautam2@lenovo.com",null,"Kumar Tanksale",null,"ktanksale1@lenovo.com",null,"2025-11-24","13:59:00","30.7128521,76.7522211","NET POINT",{"$nulls":3},"T3","02BFOPS6009F1ZH","North1",null,"T-3395","Bilaspur","Himachal Pradesh","Denave",null,"Yes","Face to Face","82R4011PIN",1,"Lenovo","IdeaPad","IdeaPad 1 15ALC7","AMD Ryzenâ„¢ 5 5500U , Integrated AMD Radeonâ„¢ Graphics, 8GB , 512 GB SSD, 15.6\" FHD (1920x1080) IPS 250nits Anti-glare, 1.61 kg, C","Win 11","Thin & Light","Mainstream","AMD Ryzenâ„¢ 5 5500U","Consumer",35259,null,"NB",35259,"North1",41605.619999999995,"",null,"North1","Mainstream","Entry"]
[21560285,"Ramisetty Gopalkrishna","ramisetty.krishna@v5global.co.in",7050129999,"V5 Global","Vijaywada","V5303153","Andhra Pradesh","Andhra Pradesh",null,"V5 Global",null,null,"TBH (HYD)",null,null,"South2",null,"External Consumer","ASO","V5 Global ASO",null,"FT",null,"ASO",null,"Prabhakar G","S.Arunbabu",null,"Prabhu Subaramanian","Sharad verma","arun.babu@v5global.co.in","arun.babu@v5global.co.in","gprabhakar@lenovo.com","psubramania4@lenovo.com","sharverm@lenovo.com","ASO","Shilpi Gautam","sgautam2@lenovo.com",null,"Prabhu Subaramanian",null,"psubramania4@lenovo.com",null,"2025-11-24","14:43:00","16.4796274,80.6619513","SP COMPUTERS",{"$nulls":3},"T3","37ATOPP0004G1ZU","South2",null,"T-10426","Sri Potti Sriramulu Nellore","Andhra Pradesh","V5 Global",null,"Yes","Face to Face","83K100C9IN",1,"Lenovo","Slim 3","IdeaPad Slim 3 15IRH10","NB IP Slim 3 15IRH10 I7 8G 8G 512G 11S","Win 11","Thin & Light","Mainstream","i7 13620H","Consumer",64700,null,"NB",64700,"South2",76346,"SP","Non-Gaming","South2","Premium","Premium"]
[21555603,"Chetti Srinivas","chetti.srinivas1@v5global.co.in",9515976797,"V5 Global","Hyderabad",601126,"TELANGANA","Telangana",null,"V5 Global",null,null,"Mohammed Ibrahim","mohammed.ibrahim@v5global.co.in",null,"South2",null,"External Consumer","ASO","V5 Global ASO",null,"FT",null,"ASO",null,"Santosh Singh","S.Arunbabu",null,"Prabhu Subaramanian","Sharad verma","arun.babu@v5global.co.in","arun.babu@v5global.co.in","ssingh9@lenovo.com","psubramania4@lenovo.com","sharverm@lenovo.com","ASO","Shilpi Gautam","sgautam2@lenovo.com",null,"Prabhu Subaramanian",null,"psubramania4@lenovo.com",null,"2025-11-24","15:23:00","17.4404468,78.4897543","Sree Babosa Computers",{"$nulls":3},"T3","36AAZFS3537K1ZD","South2",null,"T-10589","Hyderabad","Telangana","V5 Global",null,"Yes","Telephonic","F0HR008YIN",3,"Lenovo","IdeaCentre","AIO","DT IC AIO 24ARR9 A77735HS 512G 16G","Win 11","AIO","Mainstream","R7 7735HS/16GB/512 GB SSD","Consumer",50990,null,"AIO",152970,"South2",60168.2,"",null,"South2","Mainstream","Mainstream"]
[21556155,"Furkan ","furkan.1@v5global.co.in",9818299160,"V5 Global","New Delhi","V5462337","NEW DELHI","New Delhi",null,"V5 Global",null,null,"Mohd Asif","mohd.asif@v5global.co.in",null,"North1",null,"External Consumer","ASO","V5 Global ASO",null,"FT",null,"ASO",null,"Kanwaldeep Singh","Gaurav Sharma",null,"Kumar Tanksale","Raghavendra Araveeti","gaurav.sharma@v5global.co.in","gaurav.sharma@v5global.co.in","ksingh15@lenovo.com","ktanksale1@lenovo.com","raraveeti@lenovo.com","ASO","Shilpi Gautam","sgautam2@lenovo.com",null,"Kumar Tanksale",null,"ktanksale1@lenovo.com",null,"2025-11-24","16:55:00","28.634392,77.281085","BANSAL STANMART (I) PVT. LTD.",{"$nulls":3},"T3",null,"North1",null,"T-4352","New Delhi","New Delhi","V5 Global",null,"Yes","Face to Face","90XS005PIN",5,"Lenovo","IdeaCentre","IdeaCentre","IntelÂ® Coreâ„¢ i3-14100 4C, 8GB DDR5/512 SSD/ WiFi 6 + BT 5.2/ 260W/ SFF 8.2Lt / Wired KeyBoard & Mouse /Win 11 Home/1 Yr Onsite","Win 11","TDT","Entry","IntelÂ® Coreâ„¢ i3-14100","Consumer",31500,null,"TDT",157500,"North1",37170,"",null,"North1","Entry","Entry"]
[21557194,"Siddhartha Saha ","sidhartha.saha@v5global.co.in",9874293392,"V5 Global","Medinipur","V5367944","West Bengal","West Bengal",null,"V5 Global",null,null,"Sukamal Saha","sukamal.saha@v5global.co.in",null,"East1",null,"External Consumer","ASO","V5 Global ASO",null,"FT",null,"ASO",null,"Kapil Tiwari","Amit Thakuri",null,"Amit Tiwari","Raghavendra Araveeti","amit.thakuri@v5global.co.in","amit.thakuri@v5global.co.in","ktiwari1@lenovo.com","atiwari11@lenovo.com","raraveeti@lenovo.com","ASO","Shilpi Gautam","sgautam2@lenovo.com",null,"Amit Tiwari",null,"atiwari11@lenovo.com",null,"2025-11-24","19:15:00","22.5935723,88.356307","INFOTECH SYSTEM & SERVICE",{"$nulls":3},"T3","19AACF10574P1ZX","East1",null,"T-29971","Mednipur","West Bengal","V5 Global",null,"Yes","Face to Face","83K100CAIN",3,"Lenovo","Ideapad","Slim 3","NB IP Slim 3 15IRH10 I5 8G 512G 11S","Win 11","Thin & Light","Premium","i5 13420H/8GB/512GB SSD","Consumer",56251,null,"NB",168753,"East1",66376.18,"",null,"East1","Premium","Mainstream"]
[21557215,"Siddhartha Saha ","sidhartha.saha@v5global.co.in",9874293392,"V5 Global","Medinipur","V5367944","West Bengal","West Bengal",null,"V5 Global",null,null,"Sukamal Saha","sukamal.saha@v5global.co.in",null,"East1",null,"External Consumer","ASO","V5 Global ASO",null,"FT",null,"ASO",null,"Kapil Tiwari","Amit Thakuri",null,"Amit Tiwari","Raghavendra Araveeti","amit.thakuri@v5global.co.in","amit.thakuri@v5global.co.in","ktiwari1@lenovo.com","atiwari11@lenovo.com","raraveeti@lenovo.com","ASO","Shilpi Gautam","sgautam2@lenovo.com",null,"Amit Tiwari",null,"atiwari11@lenovo.com",null,"2025-11-24","19:16:00","22.5934341,88.3563169","TECHNO WORLD",{"$nulls":3},"T3","19BMJPS4701E1ZZ","East1",null,"T-1495","Medinipur","West Bengal","V5 Global",null,"Yes","Face to Face","90XS005PIN",1,"Lenovo","IdeaCentre","IdeaCentre","IntelÂ® Coreâ„¢ i3-14100 4C, 8GB DDR5/512 SSD/ WiFi 6 + BT 5.2/ 260W/ SFF 8.2Lt / Wired KeyBoard & Mouse /Win 11 Home/1 Yr Onsite","Win 11","TDT","Entry","IntelÂ® Coreâ„¢ i3-14100","Consumer",31500,null,"TDT",31500,"East1",37170,"",null,"East1","Entry","Entry"]
[21557314,"Arabinda Samanta","arabinda.samanta@v5global.co.in",8879216607,"V5 Global","Mumbai","V5360834","Maharashtra","Maharashtra",null,"V5 Global",null,null,"Muffazal Momin","muffazal.momin@v5global.co.in",null,"West1",null,"External Consumer","ASO","V5 Global ASO",null,"FT",null,"ASO",null,"Amit Tiwari","Yunus Hamid Mansoori",null,"Hemant C Baghel","Sharad verma","yunus.hamid@v5global.co.in","yunus.hamid@v5global.co.in","atiwari5@lenovo.com","hbaghel@lenovo.com","sharverm@lenovo.com","ASO","Shilpi Gautam","sgautam2@lenovo.com",null,"Hemant C Baghel",null,"hbaghel@lenovo.com",null,"2025-11-24","19:26:00","19.4302682,72.8215174","wide infotech",{"$nulls":3},"T3",null,"West1",null,"T-21998","Mumbai","Maharashtra","V5 Global",null,"Yes","Face to Face","83CV00D0IN",1,"Lenovo","Yoga","Slim 7","NB YGS7 14IMH9 ULT5 16G 1T 11S","Win 11","Thin & Light","Premium","CORE ULT5 125H/16GB/1TB SSD","Consumer",82990,null,"NB",82990,"West1",97928.2,"SP","Non-Gaming","West1 M","Premium","Premium"]
[21560455,"Ashok Shrirang Jadhav ","ashok.jadhav@v5global.co.in",7303680799,"V5 Global","Mumbai","V5296049","Maharashtra","Maharashtra",null,"V5 Global",null,null,"Pooja Thakur","pooja.thakur@v5global.co.in",null,"West1",null,"External Consumer","ASO","V5 Global ASO",null,"FT",null,"ASO",null,"Amit Tiwari","Yunus Hamid Mansoori",null,"Hemant C Baghel","Sharad verma","yunus.hamid@v5global.co.in","yunus.hamid@v5global.co.in","atiwari5@lenovo.com","hbaghel@lenovo.com","sharverm@lenovo.com","ASO","Shilpi Gautam","sgautam2@lenovo.com",null,"Hemant C Baghel",null,"hbaghel@lenovo.com",null,"2025-11-24","19:39:00","19.0592356,72.9096835","Sandip Compute",{"$nulls":3},"T3",null,"West1",null,"T-13367","Mumbai","Maharashtra","Denave",null,"Yes","Telephonic","90XW005UIN",1,"Lenovo","IdeaCentre","IdeaCentre 08IRH9","8GB RAM/512 GB SSD/Integrated Graphics/WINDOWS 11","Win 11","TDT","Entry","CORE I5","Consumer",32619,null,"TDT",32619,"West1",38490.42,"",null,"West1 M","Entry","Mainstream"]
[21560476,"Ashok Shrirang Jadhav ","ashok.jadhav@v5global.co.in",7303680799,"V5 Global","Mumbai","V5296049","Maharashtra","Maharashtra",null,"V5 Global",null,null,"Pooja Thakur","pooja.thakur@v5global.co.in",null,"West1",null,"External Consumer","ASO","V5 Global ASO",null,"FT",null,"ASO",null,"Amit Tiwari","Yunus Hamid Mansoori",null,"Hemant C Baghel","Sharad verma","yunus.hamid@v5global.co.in","yunus.hamid@v5global.co.in","atiwari5@lenovo.com","hbaghel@lenovo.com","sharverm@lenovo.com","ASO","Shilpi Gautam","sgautam2@lenovo.com",null,"Hemant C Baghel",null,"hbaghel@lenovo.com",null,"2025-11-24","19:50:00","19.0592326,72.9096798","SYSTEL COMPUTERS",{"$nulls":3},"T3","27AOUPS3177A1ZK","West1",null,"T-11255","Mumbai","Maharashtra","V5 Global",null,"Yes","Telephonic","82ER00MCIN",1,"Lenovo","Ideapad","Slim 3","15.6\" (39.62cm) FHD / 16 GB DDR5 RAM / 512 GB SSD/ARCTIC GREY/\t","Win 11","Thin & Light","Mainstream","Core i5 12th Gen","Consumer",53000,null,"NB",53000,"West1",62540,"",null,"West1 M","Mainstream","Mainstream"]
[21559431,"Subodh Kumar Sahani","subodh.sahani@v5global.co.in",7703838818,"V5 Global","Ghaziabad",601131,"Uttar Pradesh","Uttar Pradesh",null,"V5 Global",null,null,"Mohd Asif","mohd.asif@v5global.co.in",null,"North2",null,"External Consumer","ASO","V5 Global ASO",null,"FT",null,"ASO","LMB","Nishant Aeron","Rahil Rasheed",null,"Durgendra Singh","Raghavendra Araveeti","rahil.rasheed@v5global.co.in","rahil.rasheed@v5global.co.in","naeron@lenovo.com","dsingh1@lenovo.com","raraveeti@lenovo.com","ASO","Shilpi Gautam","sgautam2@lenovo.com",null,"Durgendra Singh","LMB","dsingh1@lenovo.com",null,"2025-11-24","20:59:00","28.7391116,77.2703348","H.C.Enterprises",{"$nulls":3},"T3",null,"North2",null,"T-23208","Ghaziabad","Uttar Pradesh","V5 Global",null,"Yes","Telephonic","90XS005PIN",1,"Lenovo","IdeaCentre","IdeaCentre","IntelÂ® Coreâ„¢ i3-14100 4C, 8GB DDR5/512 SSD/ WiFi 6 + BT 5.2/ 260W/ SFF 8.2Lt / Wired KeyBoard & Mouse /Win 11 Home/1 Yr Onsite","Win 11","TDT","Entry","IntelÂ® Coreâ„¢ i3-14100","Consumer",31500,null,"TDT",31500,"North2",37170,"",null,"North2","Entry","Entry"]
[21558745,"Govind Gulab Rajbhar","govind.gulab@v5global.co.in",9029031943,"V5 Global","Mumbai","V5263641","Maharashtra","Maharashtra",null,"V5 Global",null,null,"Pooja Thakur","pooja.thakur@v5global.co.in",null,"West1",null,"External Consumer","ASO","V5 Global ASO",null,"FT",null,"ASO",null,"Amit Tiwari","Yunus Hamid Mansoori",null,"Hemant C Baghel","Sharad verma","yunus.hamid@v5global.co.in","yunus.hamid@v5global.co.in","atiwari5@lenovo.com","hbaghel@lenovo.com","sharverm@lenovo.com","ASO","Shilpi Gautam","sgautam2@lenovo.com",null,"Hemant C Baghel",null,"hbaghel@lenovo.com",null,"2025-11-24","21:13:00","19.216963,72.8439148","Ambika Technology",{"$nulls":3},"T3",null,"West1",null,"T-25690","Mumbai","Maharashtra","V5 Global",null,"Yes","Telephonic","67BCKAC6IN",2,"Lenovo","Monitor -L24i4A","Monitor -L24i4A","Full HD IPS Panel Ultra Thin Monitor with WLED Backlight","NA","Visual Variants","Premium","NA","Visuals",7203,null,null,14406,"West1",8499.539999999999,"",null,"West1 M","Premium","Premium"]
[21558842,"Govind Gulab Rajbhar","govind.gulab@v5global.co.in",9029031943,"V5 Global","Mumbai","V5263641","Maharashtra","Maharashtra",null,"V5 Global",null,null,"Pooja Thakur","pooja.thakur@v5global.co.in",null,"West1",null,"External Consumer","ASO","V5 Global ASO",null,"FT",null,"ASO",null,"Amit Tiwari","Yunus Hamid Mansoori",null,"Hemant C Baghel","Sharad verma","yunus.hamid@v5global.co.in","yunus.hamid@v5global.co.in","atiwari5@lenovo.com","hbaghel@lenovo.com","sharverm@lenovo.com","ASO","Shilpi Gautam","sgautam2@lenovo.com",null,"Hemant C Baghel",null,"hbaghel@lenovo.com",null,"2025-11-24","21:20:00","19.2169633,72.8439207","SAPNA ELECTRONICS",{"$nulls":3},"T3",null,"West1",null,"T-19625","Mumbai","Maharashtra","V5 Global",null,"Yes","Telephonic","83B40004IN",1,"Lenovo","Ideapad","Ideapad 1","15.6\"FHD,8GB/512GB/I3 1315/WIN/MS OFFICE/","Win 11","Thin & Light","Entry","13 1315","Consumer",36960,null,"NB",36960,"West1",43612.799999999996,"",null,"West1 M","Mainstream","Entry"]
[21559270,"Ramakant Arun Mali","ramakant.arun@v5global.co.in",9730708880,"V5 Global","JALGAON","V5267233","Maharashtra","Maharashtra",null,"V5 Global",null,null,"Aparajitaa Lakhani","aparajita.lakhani@v5global.co.in",null,"West1",null,"External Consumer","ASO","V5 Global ASO",null,"FT",null,"ASO",null,"Rajeev Jha","TBH",null,"Hemant C Baghel","Sharad verma",null,null,"rjha3@lenovo.com","hbaghel@lenovo.com","sharverm@lenovo.com","ASO","Shilpi Gautam","sgautam2@lenovo.com",null,"Hemant C Baghel",null,"hbaghel@lenovo.com",null,"2025-11-24","21:51:00","20.981534,75.5529614","Manas Computers",{"$nulls":3},"T3","27ALZPP8047N1ZU","West1",null,"T-13527","Dhule","Maharashtra",null,null,"Yes","Face to Face","67DEKAC1IN",1,"Lenovo","Lenovo L27-4C","L27-4C","27â€\u009d 1920x1080 144Hz / Cloud Grey","NA","Visual Variants","Premium","NA","Visuals",10990,null,null,10990,"West1",12968.199999999999,"",null,"West1 R","Premium","Premium"]
[21559319,"Ramakant Arun Mali","ramakant.arun@v5global.co.in",9730708880,"V5 Global","JALGAON","V5267233","Maharashtra","Maharashtra",null,"V5 Global",null,null,"Aparajitaa Lakhani","aparajita.lakhani@v5global.co.in",null,"West1",null,"External Consumer","ASO","V5 Global ASO",null,"FT",null,"ASO",null,"Rajeev Jha","TBH",null,"Hemant C Baghel","Sharad verma",null,null,"rjha3@lenovo.com","hbaghel@lenovo.com","sharverm@lenovo.com","ASO","Shilpi Gautam","sgautam2@lenovo.com",null,"Hemant C Baghel",null,"hbaghel@lenovo.com",null,"2025-11-24","21:57:00","20.981534,75.5529614","Om Computer",{"$nulls":3},"T3","27AJQPT1332D1Z6","West1",null,"T-13537","Nandurbar","Maharashtra",null,null,"Yes","Face to Face","67D5KAC6IN",2,"Lenovo","L22-4E","L Series","LEN L22-4E 21.5 IPS  BLACK 100HZ","NA","Visual Variants","Mainstream","NA","Visuals",5331,null,null,10662,"West1",6290.58,"",null,"West1 R","Mainstream","Mainstream"]
[21559451,"Murugan Balu","murugan.balu@v5global.co.in",9952114455,"V5 Global","Salem",601447,"Salem","Tamil Nadu","-","V5 Global",null,null,"Hamechander V","hamechander.v@v5global.co.in",null,"South2",null,"External Consumer","ASO","V5 Global ASO",null,"FT",null,"ASO",null,"Sridhar Ethirajulu","S.Arunbabu",null,"Prabhu Subaramanian","Sharad verma","arun.babu@v5global.co.in","arun.babu@v5global.co.in","sethirajulu1@lenovo.com","psubramania4@lenovo.com","sharverm@lenovo.com","ASO","Shilpi Gautam","sgautam2@lenovo.com",null,"Prabhu Subaramanian",null,"psubramania4@lenovo.com",null,"2025-11-24","22:09:00","11.6687819,78.1230627","HONEY BEE IT SOLUTIONS",{"$nulls":3},"T3","33AYSPS5609M1ZN","South2",null,"T-9268","Coimbatore","Tamil Nadu",null,null,"Yes","Telephonic","GX30L66303",5,"Lenovo","Input","Wireless Combo","LENOVO 100 WIRELESS COMBO KEYBOARD & MOUSE---ENGLISH/Warranty - 3 Year Carry In","NA","Accessories","NA","NA","Accessories",1764,null,null,8820,"South2",2081.52,"",null,"South2","NA","NA"]
[21559724,"Manoj Bihari","manoj.bihari@v5global.co.in",9861291397,"V5 Global","Sambalpur","V5263625","Orissa","Orissa",null,"V5 Global",null,null,"Arindam Mazumdar","arindam.mazumdar@v5global.co.in",null,"East2",null,"External Consumer","ASO","V5 Global ASO",null,"FT",null,"ASO","LES","Biswa Ranjan Jena","Imam Hassan",null,"Rajender Negi","Raghavendra Araveeti","imam.hassan@v5global.co.in","imam.hassan@v5global.co.in","bjena1@lenovo.com","rnegi@lenovo.com","raraveeti@lenovo.com","ASO","Shilpi Gautam","sgautam2@lenovo.com",null,"Rajender Negi","LES","rnegi@lenovo.com",null,"2025-11-24","22:11:00","18.778444034562867,84.0920738875866","IBC COMPUTER & SYSTEMS",{"$nulls":3},"T3","21AGRPM8640B1ZI","East2",null,"T-2801","Gajapati","Orissa",null,null,"Yes","Face to Face","GX30K79401",5,"Lenovo","Input","Wireless Mouse","LENOVO 300 WIRELESS COMPACT MOUSE - WW/Warranty - 3 Year Carry In","NA","Accessories","NA","NA","Accessories",789,null,null,3945,"East2",931.02,"",null,"East2","NA","NA"]
[21559498,"Ramakant Arun Mali","ramakant.arun@v5global.co.in",9730708880,"V5 Global","JALGAON","V5267233","Maharashtra","Maharashtra",null,"V5 Global",null,null,"Aparajitaa Lakhani","aparajita.lakhani@v5global.co.in",null,"West1",null,"External Consumer","ASO","V5 Global ASO",null,"FT",null,"ASO",null,"Rajeev Jha","TBH",null,"Hemant C Baghel","Sharad verma",null,null,"rjha3@lenovo.com","hbaghel@lenovo.com","sharverm@lenovo.com","ASO","Shilpi Gautam","sgautam2@lenovo.com",null,"Hemant C Baghel",null,"hbaghel@lenovo.com",null,"2025-11-24","22:13:00","20.9826762,75.5493226","Life Digital",{"$nulls":3},"T3","27AGRPA5883A1ZD","West1",null,"T-13524","Dhule","Maharashtra",null,null,"Yes","Face to Face","82R4011NIN",5,"Lenovo","IDEA PAD SLIM1","IDEA PAD SLIM1","R5 /5500U/8 GB RAM/512 TB SSD/INT.","WIn 11","Thin & Light","Mainstream","R5","Consumer",35000,null,"NB",175000,"West1",41300,"",null,"West1 R","Mainstream","Entry"]
[21559513,"Murugan Balu","murugan.balu@v5global.co.in",9952114455,"V5 Global","Salem",601447,"Salem","Tamil Nadu","-","V5 Global",null,null,"Hamechander V","hamechander.v@v5global.co.in",null,"South2",null,"External Consumer","ASO","V5 Global ASO",null,"FT",null,"ASO",null,"Sridhar Ethirajulu","S.Arunbabu",null,"Prabhu Subaramanian","Sharad verma","arun.babu@v5global.co.in","arun.babu@v5global.co.in","sethirajulu1@lenovo.com","psubramania4@lenovo.com","sharverm@lenovo.com","ASO","Shilpi Gautam","sgautam2@lenovo.com",null,"Prabhu Subaramanian",null,"psubramania4@lenovo.com",null,"2025-11-24","22:14:00","11.668786,78.1230663","IPCOM",{"$nulls":3},"T3","33AFBPR9054H1ZC","South2",null,"T-9310","Coimbatore","Tamil Nadu",null,null,"Yes","Telephonic",888015670,5,"Lenovo","Input","Wired Combo","KB MICE_BO LENOVO WIRED COMBO KM4802 US/Warranty - 1 Year","NA","Accessories","NA","NA","Accessories",936,null,null,4680,"South2",1104.48,"",null,"South2","NA","NA"]
[21559600,"Ragesh K","ragesh.k@v5global.co.in",9249730104,"V5 Global","Calicut","V5313059","Kerala","Kerala",null,"V5 Global",null,null,"Athul Krishna","athul.n@v5global.co.in",null,"South1",null,"External Consumer","ASO","V5 Global ASO",null,"FT",null,"ASO",null,"Shaiju","Prakash Kumar K P",null,"S Sreekumar","Sharad verma","prakash.kp@v5global.co.in","prakash.kp@v5global.co.in","ss89@lenovo.com","ssreekumar@lenovo.com","sharverm@lenovo.com","ASO","Shilpi Gautam","sgautam2@lenovo.com",null,"S Sreekumar",null,"ssreekumar@lenovo.com",null,"2025-11-24","22:24:00","11.2620534,75.8211332","SRISHTI SREE SOFTWARE",{"$nulls":3},"T3","32ABHFS3356B1ZJ","South2",null,"T-8507","Calicut","Kerala",null,null,"Yes","Telephonic","83K100C9IN",1,"Lenovo","Slim 3","IdeaPad Slim 3 15IRH10","NB IP Slim 3 15IRH10 I7 8G 8G 512G 11S","Win 11","Thin & Light","Mainstream","i7 13620H","Consumer",64700,null,"NB",64700,"South1",76346,"SP","Non-Gaming","South1","Premium","Premium"]
[21559610,"Ragesh K","ragesh.k@v5global.co.in",9249730104,"V5 Global","Calicut","V5313059","Kerala","Kerala",null,"V5 Global",null,null,"Athul Krishna","athul.n@v5global.co.in",null,"South1",null,"External Consumer","ASO","V5 Global ASO",null,"FT",null,"ASO",null,"Shaiju","Prakash Kumar K P",null,"S Sreekumar","Sharad verma","prakash.kp@v5global.co.in","prakash.kp@v5global.co.in","ss89@lenovo.com","ssreekumar@lenovo.com","sharverm@lenovo.com","ASO","Shilpi Gautam","sgautam2@lenovo.com",null,"S Sreekumar",null,"ssreekumar@lenovo.com",null,"2025-11-24","22:26:00","11.2620615,75.8211386","IT GALLERY",{"$nulls":3},"T3","32BZCPS3696E1Z8","South1",null,"T-8269","Calicut","Kerala","V5 Global",null,"Yes","Telephonic","83K100C9IN",1,"Lenovo","Slim 3","IdeaPad Slim 3 15IRH10","NB IP Slim 3 15IRH10 I7 8G 8G 512G 11S","Win 11","Thin & Light","Mainstream","i7 13620H","Consumer",64700,null,"NB",64700,"South1",76346,"SP","Non-Gaming","South1","Premium","Premium"]
[21559705,"Vijay Dattatray Boraste","vijay.dattatary@v5global.co.in",8888808035,"V5 Global","Nasik","V5266927","Maharashtra","Maharashtra",null,"V5 Global",null,null,"Aparajitaa Lakhani","aparajita.lakhani@v5global.co.in",null,"West1",null,"External Consumer","ASO","V5 Global ASO",null,"FT",null,"ASO",null,"Rajeev Jha","TBH",null,"Hemant C Baghel","Sharad verma",null,null,"rjha3@lenovo.com","hbaghel@lenovo.com","sharverm@lenovo.com","ASO","Shilpi Gautam","sgautam2@lenovo.com",null,"Hemant C Baghel",null,"hbaghel@lenovo.com",null,"2025-11-24","22:35:00","19.9882426,73.8347385","Classic Systems",{"$nulls":3},"T3","27AYNPS3419G1Z2","West1",null,"T-12303","Nashik","Maharashtra","V5 Global",null,"Yes","Telephonic","83ER00MCIN",1,"Lenovo","Ideapad","Slim 3","Lenovo IdeaPad Slim 3 12th Gen Intel Core i5-12450H 15\" (39.6cm) FHD IPS 300 Nits Thin & Light Laptop (16GB/512GB SSD/Win 11/MSO","Win 11","Thin & Light","Mainstream","i5 12th Gen","Consumer",41000,null,"NB",41000,"West1",48380,"",null,"West1 R","Mainstream","Mainstream"]
[21559813,"Pran Pratap Singh","pran.singh@v5global.co.in",9001585718,"V5 Global","Jaipur","V5459442","Jaipur","Rajasthan",null,"V5 Global",null,null,"Gourav Jain","gourav.jain@v5global.co.in",null,"North1",null,"External Consumer","ASO","V5 Global ASO",null,"FT",null,"ASO",null,"Ganga Singh","Gaurav Sharma",null,"Kumar Tanksale","Raghavendra Araveeti","gaurav.sharma@v5global.co.in","gaurav.sharma@v5global.co.in","gsingh24@lenovo.com","ktanksale1@lenovo.com","raraveeti@lenovo.com","ASO","Shilpi Gautam","sgautam2@lenovo.com",null,"Kumar Tanksale",null,"ktanksale1@lenovo.com",null,"2025-11-24","22:49:00","26.9379333,75.8927917","Shree Mobile Store",{"$nulls":4},"08BAEPK6583K1Z7","North1",null,"T-31617","Jaipur","Rajasthan","V5 Global",null,"Yes","Telephonic","GY51L52636",10,"Lenovo","Wired mouse","Input","Lenovo 120 Wired Mouse","NA","Accessories","NA","NA","Accessories",259,null,null,2590,"North1",305.62,"",null,"North1","NA","NA"]
[21559821,"Anmol Sachdeva","anmol.sachdeva@v5global.co.in",9780132392,"V5 Global","BHATINDA","V5433235","PUNJAB","PUNJAB","-","V5 Global",null,null,"Shivam Kumar","shivam.kumar1@v5global.co.in",null,"North1",null,"External Consumer","ASO","V5 Global ASO",null,"FT",null,"ASO",null,"Naveen Kumar","Gaurav Sharma",null,"Kumar Tanksale","Raghavendra Araveeti","gaurav.sharma@v5global.co.in","gaurav.sharma@v5global.co.in","nkumar12@lenovo.com","ktanksale1@lenovo.com","raraveeti@lenovo.com","ASO","Shilpi Gautam","sgautam2@lenovo.com",null,"Kumar Tanksale",null,"ktanksale1@lenovo.com",null,"2025-11-24","22:52:00","30.335549399999994,76.3836243","Laptop Country",{"$nulls":3},"T3","03AOEPG0048J1ZF","North1",null,"T-4780","Patiala","PUNJAB","V5 Global",null,"Yes","Telephonic","82R4011NIN",1,"Lenovo","IDEA PAD SLIM1","IDEA PAD SLIM1","R5 /5500U/8 GB RAM/512 TB SSD/INT.","WIn 11","Thin & Light","Mainstream","R5","Consumer",35000,null,"NB",35000,"North1",41300,"",null,"North1","Mainstream","Entry"]
[21559882,"Laxman Anilrao Deshmukh","laxman.anilrao@v5global.co.in",9028122888,"V5 Global","AURANGABAD","V5266711","MAHARASHTRA","MAHARASHTRA",null,"V5 Global",null,null,"Safdar Hussian","safder.khan@v5global.co.in",null,"West1",null,"External Consumer","ASO","V5 Global ASO",null,"FT",null,"ASO",null,"Sonia more","TBH",null,"Hemant C Baghel","Sharad verma",null,null,"smore3@lenovo.com","hbaghel@lenovo.com","sharverm@lenovo.com","ASO","Shilpi Gautam","sgautam2@lenovo.com",null,"Hemant C Baghel",null,"hbaghel@lenovo.com",null,"2025-11-24","23:00:00","19.8613218,75.3277725","Sai Services",{"$nulls":3},"T3","27AKPPB1907L1Z1","West1",null,"T-12113","Aurangabad","Maharashtra",null,null,"Yes","Telephonic","82R4011PIN",2,"Lenovo","IdeaPad","IdeaPad 1 15ALC7","AMD Ryzenâ„¢ 5 5500U , Integrated AMD Radeonâ„¢ Graphics, 8GB , 512 GB SSD, 15.6\" FHD (1920x1080) IPS 250nits Anti-glare, 1.61 kg, C","Win 11","Thin & Light","Mainstream","AMD Ryzenâ„¢ 5 5500U","Consumer",35259,null,"NB",70518,"West1",41605.619999999995,"",null,"West1 R","Mainstream","Entry"]
[21559892,"Laxman Anilrao Deshmukh","laxman.anilrao@v5global.co.in",9028122888,"V5 Global","AURANGABAD","V5266711","MAHARASHTRA","MAHARASHTRA",null,"V5 Global",null,null,"Safdar Hussian","safder.khan@v5global.co.in",null,"West1",null,"External Consumer","ASO","V5 Global ASO",null,"FT",null,"ASO",null,"Sonia more","TBH",null,"Hemant C Baghel","Sharad verma",null,null,"smore3@lenovo.com","hbaghel@lenovo.com","sharverm@lenovo.com","ASO","Shilpi Gautam","sgautam2@lenovo.com",null,"Hemant C Baghel",null,"hbaghel@lenovo.com",null,"2025-11-24","23:01:00","19.8613265,75.3278064","SANJOG COMPUTER",{"$nulls":4},"27BLTPS9260D1ZG","West1",null,"T-31593","Latur","Maharashtra","V5 Global",null,"Yes","Telephonic","83GS00MWIN",1,"Lenovo","LOQ","LOQ 15IAX9","Len LOQ-15 /16/512) GFX 2050 MS Office","Win 11","Gaming","Premium","i5 12450HX","Consumer",69999,null,"NB",69999,"West1",82598.81999999999,"SP","Gaming","West1 R","Premium","Premium"]
[21559951,"Surjeet Kumar","surjeet.kumar@v5global.co.in",7004963220,"V5 Global","Muzaffarpur","V5339429","Bihar","Bihar",null,"V5 Global",null,null,"Shivam Kumar","shivam.kumar@v5global.co.in",null,"East2",null,"External Consumer","ASO","V5 Global ASO",null,"FT",null,"ASO",null,"Krishna Kumar Singh","Imam Hassan",null,"Rajender Negi","Raghavendra Araveeti","imam.hassan@v5global.co.in","imam.hassan@v5global.co.in","ksingh25@lenovo.com","rnegi@lenovo.com","raraveeti@lenovo.com","ASO","Shilpi Gautam","sgautam2@lenovo.com",null,"Rajender Negi",null,"rnegi@lenovo.com",null,"2025-11-24","23:13:00","25.8598011,85.7875552","Om computer & battery",{"$nulls":3},"T3","10AHRPK1353Q1Z2","East2",null,"T-2093","Samastipur","Bihar","V5 Global",null,"Yes","Face to Face","F0HN00PGIN",1,"Lenovo","AIO","AIO i-24IRH9","i3-1315U-8-512-UHD-W11-O24-23.80","Win 11","AIO","Mainstream","i3-1315U","Consumer",57990,null,"AIO",57990,"East2",68428.2,"",null,"East2","Premium","Mainstream"]
[21559970,"ABHILASH DALAVI ","abhilash.dalavi@v5global.co.in",9591852229,"V5 Global","HUBLI","V5320471","Karnataka","Karnataka",null,"V5 Global",null,null,"M Bhaskar Gowda","bhaskar.gowda@v5global.co.in",null,"South1",null,"External Consumer","ASO","V5 Global ASO",null,"FT",null,"ASO",null,"Riyaz Khan","Prakash Kumar K P",null,"S Sreekumar","Sharad verma","prakash.kp@v5global.co.in","prakash.kp@v5global.co.in","rhospet@lenovo.com","ssreekumar@lenovo.com","sharverm@lenovo.com","ASO","Shilpi Gautam","sgautam2@lenovo.com",null,"S Sreekumar",null,"ssreekumar@lenovo.com",null,"2025-11-24","23:17:00","15.3781867,75.1414117","OASIS TECHNOLOGIES",{"$nulls":3},"T3","29AKTPS3436R1ZW","South1",null,"T-19503","Belgaum","karnataka",null,null,"Yes","Face to Face","83ER00MCIN",1,"Lenovo","Ideapad","Slim 3","Lenovo IdeaPad Slim 3 12th Gen Intel Core i5-12450H 15\" (39.6cm) FHD IPS 300 Nits Thin & Light Laptop (16GB/512GB SSD/Win 11/MSO","Win 11","Thin & Light","Mainstream","i5 12th Gen","Consumer",41000,null,"NB",41000,"South1",48380,"",null,"South1","Mainstream","Mainstream"]
[21559996,"Murugan Balu","murugan.balu@v5global.co.in",9952114455,"V5 Global","Salem",601447,"Salem","Tamil Nadu","-","V5 Global",null,null,"Hamechander V","hamechander.v@v5global.co.in",null,"South2",null,"External Consumer","ASO","V5 Global ASO",null,"FT",null,"ASO",null,"Sridhar Ethirajulu","S.Arunbabu",null,"Prabhu Subaramanian","Sharad verma","arun.babu@v5global.co.in","arun.babu@v5global.co.in","sethirajulu1@lenovo.com","psubramania4@lenovo.com","sharverm@lenovo.com","ASO","Shilpi Gautam","sgautam2@lenovo.com",null,"Prabhu Subaramanian",null,"psubramania4@lenovo.com",null,"2025-11-24","23:22:00","11.6687886,78.1230647","JSA SYSTEMS",{"$nulls":3},"Top T3","33AYIPS1358R1ZP","South2",null,"T-9349","Coimbatore","Tamil Nadu",null,null,"Yes","Telephonic","82X700G3IN",1,"Lenovo","Ideapad","Slim 3i","15.6\" FHD (1920x1080) TN 250nits Anti-glare / 8GB soldered memory, not upgradable / 512GB SSD M.2 2242 PCIeÂ® 4.0x4 NVMeÂ® / One M","Win 11","Thin & Light","Entry","IntelÂ® Coreâ„¢ i3-1315U","Consumer",35018,null,"NB",35018,"South2",41321.24,"",null,"South2","Mainstream","Entry"]
[21560029,"Prateek Verma","prateek.verma@v5global.co.in",9818131909,"V5 Global","New Delhi",601341,"NEW DELHI","New Delhi",null,"V5 Global",null,null,"Mohd Asif","mohd.asif@v5global.co.in",null,"North1",null,"External Consumer","ASO","V5 Global ASO",null,"FT",null,"ASO",null,"Kanwaldeep Singh","Gaurav Sharma",null,"Kumar Tanksale","Raghavendra Araveeti","gaurav.sharma@v5global.co.in","gaurav.sharma@v5global.co.in","ksingh15@lenovo.com","ktanksale1@lenovo.com","raraveeti@lenovo.com","ASO","Shilpi Gautam","sgautam2@lenovo.com",null,"Kumar Tanksale",null,"ktanksale1@lenovo.com",null,"2025-11-24","23:29:00","28.6376059,77.282092","CDN Technologies (India) Pvt Ltd",{"$nulls":3},"T3",null,"North1",null,"T-22072","New Delhi","New Delhi","V5 Global",null,"Yes","Face to Face","90XW0055IN",1,"Lenovo","IdeaCentre","Tower 08IRR9 ","8 GB DDR   , 512 GB SSDWired KeyBoard & Mouse WiFi 6 + BT 5.2 260W  3 Yr Onsite Warranty  Win 11 Home + MS Office 2024 + 1 YR Mi","Win 11","TDT","Mainstream","Intel Core i5-13420H, 8C,","Consumer",50052,null,"TDT",50052,"North1",59061.35999999999,"",null,"North1","Mainstream","Mainstream"]
[21560047,"Murugan Balu","murugan.balu@v5global.co.in",9952114455,"V5 Global","Salem",601447,"Salem","Tamil Nadu","-","V5 Global",null,null,"Hamechander V","hamechander.v@v5global.co.in",null,"South2",null,"External Consumer","ASO","V5 Global ASO",null,"FT",null,"ASO",null,"Sridhar Ethirajulu","S.Arunbabu",null,"Prabhu Subaramanian","Sharad verma","arun.babu@v5global.co.in","arun.babu@v5global.co.in","sethirajulu1@lenovo.com","psubramania4@lenovo.com","sharverm@lenovo.com","ASO","Shilpi Gautam","sgautam2@lenovo.com",null,"Prabhu Subaramanian",null,"psubramania4@lenovo.com",null,"2025-11-24","23:31:00","11.6687806,78.1230613","MAXTECH COMPUTER & SURVILLENCE",{"$nulls":3},"T3","33AKXPA8071E1Z3","South2",null,"T-9458","Erode","Tamil Nadu",null,null,"Yes","Telephonic","83JE00U7IN",1,"Lenovo","LOQ","LOQ 15IRX10","Lenovo LOQ(i7-13700HX/16GB /1TBSSD/W11+MSO24+AI NOW/RTX 5050,8GB/15.6\"FHD,144Hz /1yr)Gry-83JE00U7IN","Win 11","Gaming","Premium","15.6\"FHD,144Hz /1yr)Gry","Consumer",96610,null,"NB",96610,"South2",113999.79999999999,"SP","Gaming","South2","Premium","Premium"]
[21560116,"Murugan Balu","murugan.balu@v5global.co.in",9952114455,"V5 Global","Salem",601447,"Salem","Tamil Nadu","-","V5 Global",null,null,"Hamechander V","hamechander.v@v5global.co.in",null,"South2",null,"External Consumer","ASO","V5 Global ASO",null,"FT",null,"ASO",null,"Sridhar Ethirajulu","S.Arunbabu",null,"Prabhu Subaramanian","Sharad verma","arun.babu@v5global.co.in","arun.babu@v5global.co.in","sethirajulu1@lenovo.com","psubramania4@lenovo.com","sharverm@lenovo.com","ASO","Shilpi Gautam","sgautam2@lenovo.com",null,"Prabhu Subaramanian",null,"psubramania4@lenovo.com",null,"2025-11-24","23:46:00","11.6688184,78.1230621","STECH COMPUTERS",{"$nulls":3},"T3","33ACOFS6040E1Z7","South2",null,"T-9919","Coimbatore","Tamil Nadu",null,null,"Yes","Telephonic","82X700G3IN",2,"Lenovo","Ideapad","Slim 3i","15.6\" FHD (1920x1080) TN 250nits Anti-glare / 8GB soldered memory, not upgradable / 512GB SSD M.2 2242 PCIeÂ® 4.0x4 NVMeÂ® / One M","Win 11","Thin & Light","Entry","IntelÂ® Coreâ„¢ i3-1315U","Consumer",35018,null,"NB",70036,"South2",41321.24,"",null,"South2","Mainstream","Entry"]
[21560401,"Rajeshwar Kishanrao Lingamkar","rajeshwar.lingamkar@v5global.co.in",8380096899,"V5 Global","PUNE","V5300191","Maharashtra","Maharashtra",null,"V5 Global",null,null,"Aparajitaa Lakhani","aparajita.lakhani@v5global.co.in",null,"West1",null,"External Consumer","ASO","V5 Global ASO",null,"FT",null,"ASO",null,"Rajeev Jha","TBH",null,"Hemant C Baghel","Sharad verma",null,null,"rjha3@lenovo.com","hbaghel@lenovo.com","sharverm@lenovo.com","ASO","Shilpi Gautam","sgautam2@lenovo.com",null,"Hemant C Baghel",null,"hbaghel@lenovo.com",null,"2025-11-25","07:10:00","19.85682,75.3533527","Shivshakti Electronics",{"$nulls":3},"T3","27AGBPP7783Q1ZE","West1",null,"T-17847","Pune","Maharashtra","V5 Global",null,"Yes","Telephonic","82R4011NIN",2,"Lenovo","IDEA PAD SLIM1","IDEA PAD SLIM1","R5 /5500U/8 GB RAM/512 TB SSD/INT.","WIn 11","Thin & Light","Mainstream","R5","Consumer",35000,null,"NB",70000,"West1",41300,"",null,"West1 R","Mainstream","Entry"]
[21560420,"Rajeshwar Kishanrao Lingamkar","rajeshwar.lingamkar@v5global.co.in",8380096899,"V5 Global","PUNE","V5300191","Maharashtra","Maharashtra",null,"V5 Global",null,null,"Aparajitaa Lakhani","aparajita.lakhani@v5global.co.in",null,"West1",null,"External Consumer","ASO","V5 Global ASO",null,"FT",null,"ASO",null,"Rajeev Jha","TBH",null,"Hemant C Baghel","Sharad verma",null,null,"rjha3@lenovo.com","hbaghel@lenovo.com","sharverm@lenovo.com","ASO","Shilpi Gautam","sgautam2@lenovo.com",null,"Hemant C Baghel",null,"hbaghel@lenovo.com",null,"2025-11-25","07:16:00","19.8568377,75.3533423","Genius Computers",{"$nulls":3},"T3",null,"West1",null,"T-26117","Pune","Maharashtra","V5 Global",null,"Yes","Face to Face","82ER00MCIN",2,"Lenovo","Ideapad","Slim 3","15.6\" (39.62cm) FHD / 16 GB DDR5 RAM / 512 GB SSD/ARCTIC GREY/\t","Win 11","Thin & Light","Mainstream","Core i5 12th Gen","Consumer",53000,null,"NB",106000,"West1",62540,"",null,"West1 R","Mainstream","Mainstream"]
[21560437,"Rajeshwar Kishanrao Lingamkar","rajeshwar.lingamkar@v5global.co.in",8380096899,"V5 Global","PUNE","V5300191","Maharashtra","Maharashtra",null,"V5 Global",null,null,"Aparajitaa Lakhani","aparajita.lakhani@v5global.co.in",null,"West1",null,"External Consumer","ASO","V5 Global ASO",null,"FT",null,"ASO",null,"Rajeev Jha","TBH",null,"Hemant C Baghel","Sharad verma",null,null,"rjha3@lenovo.com","hbaghel@lenovo.com","sharverm@lenovo.com","ASO","Shilpi Gautam","sgautam2@lenovo.com",null,"Hemant C Baghel",null,"hbaghel@lenovo.com",null,"2025-11-25","07:34:00","19.8567085,75.3532739","IT CORP",{"$nulls":3},"T3","27ALUPP2917L1ZC","West1",null,"T-13311","Pune","Maharashtra","V5 Global",null,"Yes","Face to Face","90VT00DRIN",2,"Lenovo","IdeaCentre",3,"Intel Core i5-13400, 10C (6P + 4E) / 16T, P-core 2.5 / 4.6GHz, E-core 1.8 / 3.3GHz, 20MB","Win 11","TDT","Mainstream","CI5","Consumer",40000,null,"TDT",80000,"West1",47200,"",null,"West1 R","Mainstream","Mainstream"]
[21560494,"Dharmaraja Ayyakutty","dharmaraja.ayyakutty@v5global.co.in",9345577776,"V5 Global","MADURAI","V5431236","TAMIL NADU","TAMIL NADU","-","V5 Global",null,null,"Prabhakaran A","prabhakaran@v5global.co.in",null,"South2",null,"External Consumer","ASO","V5 Global ASO",null,"FT",null,"ASO",null,"Sridhar Ethirajulu","S.Arunbabu",null,"Prabhu Subaramanian","Sharad verma","arun.babu@v5global.co.in","arun.babu@v5global.co.in","sethirajulu1@lenovo.com","psubramania4@lenovo.com","sharverm@lenovo.com","ASO","Shilpi Gautam","sgautam2@lenovo.com",null,"Prabhu Subaramanian",null,"psubramania4@lenovo.com",null,"2025-11-25","08:03:00","10.0130117,77.9706703","VICTORY SYSTEM SERVICE",{"$nulls":3},"T3","33AHHPA1296N1ZA","South2",null,"T-21788","Virudhunagar","Tamil Nadu","V5 Global",null,"Yes","Face to Face","82R4011PIN",1,"Lenovo","IdeaPad","IdeaPad 1 15ALC7","AMD Ryzenâ„¢ 5 5500U , Integrated AMD Radeonâ„¢ Graphics, 8GB , 512 GB SSD, 15.6\" FHD (1920x1080) IPS 250nits Anti-glare, 1.61 kg, C","Win 11","Thin & Light","Mainstream","AMD Ryzenâ„¢ 5 5500U","Consumer",35259,null,"NB",35259,"South2",41605.619999999995,"",null,"South2","Mainstream","Entry"]
[21560521,"Dharmaraja Ayyakutty","dharmaraja.ayyakutty@v5global.co.in",9345577776,"V5 Global","MADURAI","V5431236","TAMIL NADU","TAMIL NADU","-","V5 Global",null,null,"Prabhakaran A","prabhakaran@v5global.co.in",null,"South2",null,"External Consumer","ASO","V5 Global ASO",null,"FT",null,"ASO",null,"Sridhar Ethirajulu","S.Arunbabu",null,"Prabhu Subaramanian","Sharad verma","arun.babu@v5global.co.in","arun.babu@v5global.co.in","sethirajulu1@lenovo.com","psubramania4@lenovo.com","sharverm@lenovo.com","ASO","Shilpi Gautam","sgautam2@lenovo.com",null,"Prabhu Subaramanian",null,"psubramania4@lenovo.com",null,"2025-11-25","08:14:00","10.0130054,77.9706906","VICTORY SYSTEM SERVICE",{"$nulls":3},"T3","33AHHPA1296N1ZA","South2",null,"T-21788","Virudhunagar","Tamil Nadu","V5 Global",null,"Yes","Face to Face","90XS005JIN",2,"Lenovo","IdeaCentre","IdeaCentre","i3 14100 14th Gen Processor,8Gb Ram ddr5,512Ssd,Windows 11,Wifi,BT, Usb calliope Black, keybord,mouse\t","Win 11","TDT","Mainstream","I3 14100","Consumer",25747,null,"TDT",51494,"South2",30381.46,"",null,"South2","Entry","Entry"]
[21561019,"Samya Roy","samya.roy@v5global.co.in",9474010730,"V5 Global","Bolpur","V5287255","West Bengal","West Bengal",null,"V5 Global",null,null,"Arindam Mazumdar","arindam.mazumdar@v5global.co.in",null,"East1",null,"External Consumer","ASO","V5 Global ASO",null,"FT",null,"ASO",null,"Ashique Ali","Amit Thakuri",null,"Amit Tiwari","Raghavendra Araveeti","amit.thakuri@v5global.co.in","amit.thakuri@v5global.co.in","aali11@lenovo.com","atiwari11@lenovo.com","raraveeti@lenovo.com","ASO","Shilpi Gautam","sgautam2@lenovo.com",null,"Amit Tiwari",null,"atiwari11@lenovo.com",null,"2025-11-25","09:52:00","23.69322,87.697755","The Horizon Infoworld",{"$nulls":3},"T3","19AAGFH1852H1ZC","East1",null,"T-1674","West Burdwan","West Bengal","V5 Global",null,"Yes","Telephonic","82LX00F7IN",2,"Lenovo","Ideapad","Slim 1","LEN N4500 8GB 512GB SSD WIN11  1YR","Win 11","Thin & Light","Entry","N4500","Consumer",25900,null,"NB",51800,"East1",30562,"",null,"East1","Entry","Entry"]
[21566485,"Mohd Rashid","mohd.rashid@v5global.co.in",9369188344,"V5 Global","Lucknow","V5267964","Uttar Pradesh","Uttar Pradesh",null,"V5 Global",null,null,"Mohammad Atif","mohammad.atif@v5global.co.in",null,"North2",null,"External Consumer","ASO","V5 Global ASO",null,"FT",null,"ASO",null,"Rahul Sarin","Rahil Rasheed",null,"Durgendra Singh","Raghavendra Araveeti","rahil.rasheed@v5global.co.in","rahil.rasheed@v5global.co.in","rsarin2@lenovo.com","dsingh1@lenovo.com","raraveeti@lenovo.com","ASO","Shilpi Gautam","sgautam2@lenovo.com",null,"Durgendra Singh",null,"dsingh1@lenovo.com",null,"2025-11-25","12:12:00","26.8371655,80.9285006","NATIONAL INFOSYSTEMS",{"$nulls":3},"T3",null,"North2",null,"T-23530","Bahraich","Uttar Pradesh","Denave",null,"Yes","Face to Face","82ER00MCIN",2,"Lenovo","Ideapad","Slim 3","15.6\" (39.62cm) FHD / 16 GB DDR5 RAM / 512 GB SSD/ARCTIC GREY/\t","Win 11","Thin & Light","Mainstream","Core i5 12th Gen","Consumer",53000,null,"NB",106000,"North2",62540,"",null,"North2","Mainstream","Mainstream"]
[21566639,"Mohd Rashid","mohd.rashid@v5global.co.in",9369188344,"V5 Global","Lucknow","V5267964","Uttar Pradesh","Uttar Pradesh",null,"V5 Global",null,null,"Mohammad Atif","mohammad.atif@v5global.co.in",null,"North2",null,"External Consumer","ASO","V5 Global ASO",null,"FT",null,"ASO",null,"Rahul Sarin","Rahil Rasheed",null,"Durgendra Singh","Raghavendra Araveeti","rahil.rasheed@v5global.co.in","rahil.rasheed@v5global.co.in","rsarin2@lenovo.com","dsingh1@lenovo.com","raraveeti@lenovo.com","ASO","Shilpi Gautam","sgautam2@lenovo.com",null,"Durgendra Singh",null,"dsingh1@lenovo.com",null,"2025-11-25","12:16:00","26.8371655,80.9284991","DIGITAL LIFE",{"$nulls":3},"T3",null,"North2",null,"T-23554","Raebarely","Uttar Pradesh","Denave",null,"Yes","Face to Face","82ER00MCIN",2,"Lenovo","Ideapad","Slim 3","15.6\" (39.62cm) FHD / 16 GB DDR5 RAM / 512 GB SSD/ARCTIC GREY/\t","Win 11","Thin & Light","Mainstream","Core i5 12th Gen","Consumer",53000,null,"NB",106000,"North2",62540,"",null,"North2","Mainstream","Mainstream"]
[21566868,"Nithiyanadhababa A","nithiyanadhababa.a@v5global.co.in",9677596890,"V5 Global","Tirunelveli",601263,"TAMIL NADU","TAMIL NADU",null,"V5 Global",null,null,"Prabhakaran A","prabhakaran@v5global.co.in",null,"South2",null,"External Consumer","ASO","V5 Global ASO",null,"FT",null,"ASO",null,"Sridhar Ethirajulu","S.Arunbabu",null,"Prabhu Subaramanian","Sharad verma","arun.babu@v5global.co.in","arun.babu@v5global.co.in","sethirajulu1@lenovo.com","psubramania4@lenovo.com","sharverm@lenovo.com","ASO","Shilpi Gautam","sgautam2@lenovo.com",null,"Prabhu Subaramanian",null,"psubramania4@lenovo.com",null,"2025-11-25","12:22:00","8.1813646,77.4257811","RP COMPUTER SERVICES",{"$nulls":3},"T3","33APIPP7048G1ZQ","South2",null,"T-9694","Tirunelveli","Tamil Nadu",null,null,"Yes","Telephonic","90XS005JIN",1,"Lenovo","IdeaCentre","IdeaCentre","i3 14100 14th Gen Processor,8Gb Ram ddr5,512Ssd,Windows 11,Wifi,BT, Usb calliope Black, keybord,mouse\t","Win 11","TDT","Mainstream","I3 14100","Consumer",25747,null,"TDT",25747,"South2",30381.46,"",null,"South2","Entry","Entry"]
[21567032,"Nithiyanadhababa A","nithiyanadhababa.a@v5global.co.in",9677596890,"V5 Global","Tirunelveli",601263,"TAMIL NADU","TAMIL NADU",null,"V5 Global",null,null,"Prabhakaran A","prabhakaran@v5global.co.in",null,"South2",null,"External Consumer","ASO","V5 Global ASO",null,"FT",null,"ASO",null,"Sridhar Ethirajulu","S.Arunbabu",null,"Prabhu Subaramanian","Sharad verma","arun.babu@v5global.co.in","arun.babu@v5global.co.in","sethirajulu1@lenovo.com","psubramania4@lenovo.com","sharverm@lenovo.com","ASO","Shilpi Gautam","sgautam2@lenovo.com",null,"Prabhu Subaramanian",null,"psubramania4@lenovo.com",null,"2025-11-25","12:27:00","8.1812804,77.4257846","VICTORY COMPUTER CONSULTANCY",{"$nulls":3},"T3","33AAHFV9466G1ZR","South2",null,"T-21787","Tuticorin","Tamil Nadu","V5 Global",null,"Yes","Telephonic","82X700HMIN",1,"Lenovo","IdeaPad Slim 3","Slim 3","15.6\", 8GB, 512GB, Integrated Intel UHD Graphics, Office Home 2024, Arctic Grey\t","Win 11","Thin & Light","Mainstream","Intel Core i3-1315U\t","Consumer",41000,null,"NB",41000,"South2",48380,"",null,"South2","Mainstream","Entry"]
[21568556,"Shivani Rambihaari Pandey","shivani.pandey@v5global.co.in",9545273754,"V5 Global","Indore",601588,"V5 Global","Madhya Pradesh","-","V5 Global",null,null,"Mohmmad Abrar Khan","abrar.khan@v5global.co.in",null,"North2",null,"External Consumer","ASO","V5 Global ASO",null,"FT",null,"ASO",null,"Mehul Raval","Rahil Rasheed",null,"Durgendra Singh","Raghavendra Araveeti","rahil.rasheed@v5global.co.in","rahil.rasheed@v5global.co.in","mraval@lenovo.com","dsingh1@lenovo.com","raraveeti@lenovo.com","ASO","Shilpi Gautam","sgautam2@lenovo.com",null,"Durgendra Singh",null,"dsingh1@lenovo.com",null,"2025-11-25","13:31:00","22.72348,75.8846133","Hard  &  Soft  Services( Indore )",{"$nulls":3},"T3","23AAHFH2985A1ZO","North2",null,"T-16297","Indore","Madhya Pradesh","V5 Global",null,"Yes","Face to Face","90XS005PIN",1,"Lenovo","IdeaCentre","IdeaCentre","IntelÂ® Coreâ„¢ i3-14100 4C, 8GB DDR5/512 SSD/ WiFi 6 + BT 5.2/ 260W/ SFF 8.2Lt / Wired KeyBoard & Mouse /Win 11 Home/1 Yr Onsite","Win 11","TDT","Entry","IntelÂ® Coreâ„¢ i3-14100","Consumer",31500,null,"TDT",31500,"North2",37170,"",null,"North2","Entry","Entry"]
[21568994,"Shivani Rambihaari Pandey","shivani.pandey@v5global.co.in",9545273754,"V5 Global","Indore",601588,"V5 Global","Madhya Pradesh","-","V5 Global",null,null,"Mohmmad Abrar Khan","abrar.khan@v5global.co.in",null,"North2",null,"External Consumer","ASO","V5 Global ASO",null,"FT",null,"ASO",null,"Mehul Raval","Rahil Rasheed",null,"Durgendra Singh","Raghavendra Araveeti","rahil.rasheed@v5global.co.in","rahil.rasheed@v5global.co.in","mraval@lenovo.com","dsingh1@lenovo.com","raraveeti@lenovo.com","ASO","Shilpi Gautam","sgautam2@lenovo.com",null,"Durgendra Singh",null,"dsingh1@lenovo.com",null,"2025-11-25","14:10:00","22.7232326,75.8846298","Bulbul electronics",{"$nulls":3},"T3",null,"North2",null,"T-16172","Indore","Madhya Pradesh","V5 Global",null,"Yes","Face to Face","90XW005UIN",1,"Lenovo","IdeaCentre","IdeaCentre 08IRH9","8GB RAM/512 GB SSD/Integrated Graphics/WINDOWS 11","Win 11","TDT","Entry","CORE I5","Consumer",32619,null,"TDT",32619,"North2",38490.42,"",null,"North2","Entry","Mainstream"]
[21570035,"Umer Farooq Bhat","umer.farooq@v5global.co.in",7006131255,"V5 Global","Srinagar","V5266190","Jammu and Kashmir","Jammu and Kashmir",null,"V5 Global",null,null,"Shivam Kumar","shivam.kumar1@v5global.co.in",null,"North1",null,"External Consumer","ASO","V5 Global ASO",null,"FT",null,"ASO",null,"Karan Kapoor","Gaurav Sharma",null,"Kumar Tanksale","Raghavendra Araveeti","gaurav.sharma@v5global.co.in","gaurav.sharma@v5global.co.in","Kkapoor@lenovo.com","ktanksale1@lenovo.com","raraveeti@lenovo.com","ASO","Shilpi Gautam","sgautam2@lenovo.com",null,"Kumar Tanksale",null,"ktanksale1@lenovo.com",null,"2025-11-25","14:45:00","34.07334958713284,74.81171116232872","AUTOMATION WAY",{"$nulls":3},"T3",null,"North1",null,"T-3605","Srinagar","Jammu And Kashmir","Denave",null,"Yes","Face to Face","GX31L52655",3,"Lenovo","Wired Combo","Input","Lenovo 160 Wired Combo","NA","Accessories","NA","NA","Accessories",999,null,null,2997,"North1",1178.82,"",null,"North1","NA","NA"]
[21570245,"Madan Jat","madan.jat@v5global.co.in",9806152284,"V5 Global","INDORE","V5422616","MADHYA PRADESH","MADHYA PRADESH","-","V5 Global",null,null,"Mohmmad Abrar Khan","abrar.khan@v5global.co.in",null,"North2",null,"External Consumer","ASO","V5 Global ASO",null,"FT",null,"ASO",null,"Mehul Raval","Rahil Rasheed",null,"Durgendra Singh","Raghavendra Araveeti","rahil.rasheed@v5global.co.in","rahil.rasheed@v5global.co.in","mraval@lenovo.com","dsingh1@lenovo.com","raraveeti@lenovo.com","ASO","Shilpi Gautam","sgautam2@lenovo.com",null,"Durgendra Singh",null,"dsingh1@lenovo.com",null,"2025-11-25","17:11:00","22.7167635,75.8739155","Hellotronics Mobile",{"$nulls":3},"T3",null,"West3",null,"T-16880","Mandsaur","Madhya Pradesh",null,null,"Yes","Telephonic","83JR001EIN",1,"Lenovo","Yoga","Yoga 7 2-in-1","Yoga 7 2-in-1 14AKP10,R AI 7 350,1TB SSD","Win 11","Convertible","Premium","R AI 7 350","Consumer",107990,null,"NB",107990,"North2",127428.2,"SP","Non-Gaming","North2","Premium","Premium"]
[21571034,"Ishan Modha","ishan.modha@v5global.co.in",6352456143,"V5 Global","Ahmedabad",601140,"Gujarat","Gujarat",null,"V5 Global",null,null,"Darshan Shah","darshan.shah@v5global.co.in",null,"West1",null,"External Consumer","ASO","V5 Global ASO",null,"FT",null,"ASO",null,"Jaydip Kachhot","Yunus Hamid Mansoori",null,"Hemant C Baghel","Sharad verma","yunus.hamid@v5global.co.in","yunus.hamid@v5global.co.in","jkachhot@lenovo.com","hbaghel@lenovo.com","sharverm@lenovo.com","ASO","Shilpi Gautam","sgautam2@lenovo.com",null,"Hemant C Baghel",null,"hbaghel@lenovo.com",null,"2025-11-25","18:59:00","22.300733,70.7790065","SHIV COMPUTER WORLD",{"$nulls":3},"T3","24ABYFS5516N1ZC","West2",null,"T-13900","Rajkot","Gujarat",null,null,"Yes","Face to Face","83ER00KSIN",1,"Lenovo","Ideapad","Slim 3i","i5-12450H-16GB, 512GB SSD-Integrated IntelÂ® UHD Graphics-OFFICE H&S 2021 -","Win 11","Thin & Light","Mainstream","i5-12450H","Consumer",56000,null,"NB",56000,"West1",66080,"",null,"West1 M","Premium","Mainstream"]
[21571363,"Manish Kumar ","manish.k@v5global.co.in",9815306161,"V5 Global","Chandigarh","V5294765","Punjab","Punjab",null,"V5 Global",null,null,"Shivam Kumar","shivam.kumar1@v5global.co.in",null,"North1",null,"External Consumer","ASO","V5 Global ASO",null,"FT",null,"ASO",null,"Naveen Kumar","Gaurav Sharma",null,"Kumar Tanksale","Raghavendra Araveeti","gaurav.sharma@v5global.co.in","gaurav.sharma@v5global.co.in","nkumar12@lenovo.com","ktanksale1@lenovo.com","raraveeti@lenovo.com","ASO","Shilpi Gautam","sgautam2@lenovo.com",null,"Kumar Tanksale",null,"ktanksale1@lenovo.com",null,"2025-11-25","19:30:00","30.711549,76.7527579","Pioneer Equipment E Computer",{"$nulls":3},"T3","04AHSPB5575G1Z8","North1",null,"T-2990","Chandigarh","Chandigarh","Denave",null,"Yes","Face to Face","82LX00F7IN",1,"Lenovo","Ideapad","Slim 1","LEN N4500 8GB 512GB SSD WIN11  1YR","Win 11","Thin & Light","Entry","N4500","Consumer",25900,null,"NB",25900,"North1",30562,"",null,"North1","Entry","Entry"]
[21574237,"Sureshkumar ","suresh.kumar@v5global.co.in",9061984242,"V5 Global","COCHIN","V5365127","KERALA","Kerala",null,"V5 Global",null,null,"Athul Krishna","athul.n@v5global.co.in",null,"South1",null,"External Consumer","ASO","V5 Global ASO",null,"FT",null,"ASO",null,"Shaiju","Prakash Kumar K P",null,"S Sreekumar","Sharad verma","prakash.kp@v5global.co.in","prakash.kp@v5global.co.in","ss89@lenovo.com","ssreekumar@lenovo.com","sharverm@lenovo.com","ASO","Shilpi Gautam","sgautam2@lenovo.com",null,"S Sreekumar",null,"ssreekumar@lenovo.com",null,"2025-11-25","19:59:00","9.8456787,76.358045","MOSAD IT SOLUTIONS PVT LTD",{"$nulls":3},"T3","32AANCM0981C1ZO","South2",null,"T-8892","Ernakulam","Kerala","Denave",null,"Yes","Telephonic","83B40004IN",1,"Lenovo","Ideapad","Ideapad 1","15.6\"FHD,8GB/512GB/I3 1315/WIN/MS OFFICE/","Win 11","Thin & Light","Entry","13 1315","Consumer",36960,null,"NB",36960,"South1",43612.799999999996,"",null,"South1","Mainstream","Entry"]
[21574242,"Sureshkumar ","suresh.kumar@v5global.co.in",9061984242,"V5 Global","COCHIN","V5365127","KERALA","Kerala",null,"V5 Global",null,null,"Athul Krishna","athul.n@v5global.co.in",null,"South1",null,"External Consumer","ASO","V5 Global ASO",null,"FT",null,"ASO",null,"Shaiju","Prakash Kumar K P",null,"S Sreekumar","Sharad verma","prakash.kp@v5global.co.in","prakash.kp@v5global.co.in","ss89@lenovo.com","ssreekumar@lenovo.com","sharverm@lenovo.com","ASO","Shilpi Gautam","sgautam2@lenovo.com",null,"S Sreekumar",null,"ssreekumar@lenovo.com",null,"2025-11-25","20:02:00","9.8456465,76.3577133","IT POINT SYSTEMS",{"$nulls":3},"T3","32AXQPT6258C1Z6","South1",null,"T-8273","Alappuzha","Kerala","V5 Global",null,"Yes","Telephonic","83B40004IN",1,"Lenovo","Ideapad","Ideapad 1","15.6\"FHD,8GB/512GB/I3 1315/WIN/MS OFFICE/","Win 11","Thin & Light","Entry","13 1315","Consumer",36960,null,"NB",36960,"South1",43612.799999999996,"",null,"South1","Mainstream","Entry"]
[21573481,"Ragesh K","ragesh.k@v5global.co.in",9249730104,"V5 Global","Calicut","V5313059","Kerala","Kerala",null,"V5 Global",null,null,"Athul Krishna","athul.n@v5global.co.in",null,"South1",null,"External Consumer","ASO","V5 Global ASO",null,"FT",null,"ASO",null,"Shaiju","Prakash Kumar K P",null,"S Sreekumar","Sharad verma","prakash.kp@v5global.co.in","prakash.kp@v5global.co.in","ss89@lenovo.com","ssreekumar@lenovo.com","sharverm@lenovo.com","ASO","Shilpi Gautam","sgautam2@lenovo.com",null,"S Sreekumar",null,"ssreekumar@lenovo.com",null,"2025-11-25","22:26:00","11.2621074,75.8210946","DIGI BUSINESS LINES",{"$nulls":3},"T3","32AADFD4064G1ZV","South2",null,"T-8138","Calicut","Kerala",null,null,"Yes","Telephonic","83K100C9IN",1,"Lenovo","Slim 3","IdeaPad Slim 3 15IRH10","NB IP Slim 3 15IRH10 I7 8G 8G 512G 11S","Win 11","Thin & Light","Mainstream","i7 13620H","Consumer",64700,null,"NB",64700,"South1",76346,"SP","Non-Gaming","South1","Premium","Premium"]
[21573488,"Ragesh K","ragesh.k@v5global.co.in",9249730104,"V5 Global","Calicut","V5313059","Kerala","Kerala",null,"V5 Global",null,null,"Athul Krishna","athul.n@v5global.co.in",null,"South1",null,"External Consumer","ASO","V5 Global ASO",null,"FT",null,"ASO",null,"Shaiju","Prakash Kumar K P",null,"S Sreekumar","Sharad verma","prakash.kp@v5global.co.in","prakash.kp@v5global.co.in","ss89@lenovo.com","ssreekumar@lenovo.com","sharverm@lenovo.com","ASO","Shilpi Gautam","sgautam2@lenovo.com",null,"S Sreekumar",null,"ssreekumar@lenovo.com",null,"2025-11-25","22:28:00","11.2620978,75.8211031","Infomax",{"$nulls":3},"T3","32APQPA8008M1ZS","South1",null,"T-8259","Kasargod","Kerala","V5 Global",null,"Yes","Telephonic","83K100C9IN",1,"Lenovo","Slim 3","IdeaPad Slim 3 15IRH10","NB IP Slim 3 15IRH10 I7 8G 8G 512G 11S","Win 11","Thin & Light","Mainstream","i7 13620H","Consumer",64700,null,"NB",64700,"South1",76346,"SP","Non-Gaming","South1","Premium","Premium"]
[21573855,"Manoj Baishya","manoj.baishya@v5global.co.in",9864583255,"V5 Global","GUWAHATI","V5424243","NE","NE",null,"V5 Global",null,null,"Sukamal Saha","sukamal.saha@v5global.co.in",null,"East1",null,"External Consumer","ASO","V5 Global ASO",null,"FT",null,"ASO",null,"Partha Chakraborty","Amit Thakuri",null,"Amit Tiwari","Raghavendra Araveeti","amit.thakuri@v5global.co.in","amit.thakuri@v5global.co.in","pchakraborty@lenovo.com","atiwari11@lenovo.com","raraveeti@lenovo.com","ASO","Shilpi Gautam","sgautam2@lenovo.com",null,"Amit Tiwari",null,"atiwari11@lenovo.com",null,"2025-11-25","23:21:00","26.1178519,91.6803032","M/S. BIJAY TRADERS",{"$nulls":3},"T3","18AFPPS9106M1ZL","East1",null,"T-337","Bongaigaon","ASSAM","V5 Global",null,"Yes","Telephonic","83DV01AAIN",1,"Lenovo","LOQ","LOQ","LOQ I5 13gen 16GB RAM 512 gb SSD RTX4050 win11 MSO\t","Win 11","Gaming","Premium","I5 13gen","Consumer",78000,null,"NB",{"$f":"BV5059*BL5059","v":78000},{"$f":"Q5059","v":"East1"},{"$f":"BV5059*118%","v":92040},{"$f":"IF(CF5059=\"Premium\",IF(CA5059>=65000,\"SP\",\"\"),\"\")","v":"SP"},"Gaming","East1",{"$f":"IF(BU5059=\"Consumer\",IF(CA5059<40000,\"Entry\",IF(AND(CA5059>=40000,CA5059<65000),\"Mainstream\",\"Premium\")),IF(BU5059=\"Visuals\",BS5059,\"NA\"))","v":"Premium"},"Premium"]
[21573905,"Manoj Baishya","manoj.baishya@v5global.co.in",9864583255,"V5 Global","GUWAHATI","V5424243","NE","NE",null,"V5 Global",null,null,"Sukamal Saha","sukamal.saha@v5global.co.in",null,"East1",null,"External Consumer","ASO","V5 Global ASO",null,"FT",null,"ASO",null,"Partha Chakraborty","Amit Thakuri",null,"Amit Tiwari","Raghavendra Araveeti","amit.thakuri@v5global.co.in","amit.thakuri@v5global.co.in","pchakraborty@lenovo.com","atiwari11@lenovo.com","raraveeti@lenovo.com","ASO","Shilpi Gautam","sgautam2@lenovo.com",null,"Amit Tiwari",null,"atiwari11@lenovo.com",null,"2025-11-25","23:33:00","26.1180172,91.6804461","M/S Brahma Enterprise",{"$nulls":3},"T3","18ACUPB8690F1Z3","East1",null,"T-20011","Kokrajhar","ASSAM","V5 Global",null,"Yes","Telephonic","F0J6005FIN",1,"Lenovo","AIO","Lenovo A100","23.8\" FHD/8GB RAM/512 SSD/Integrated Graphics/MSO 2024/White","Win 11","AIO","Entry","Intel N100","Consumer",32000,null,"AIO",32000,"East1",37760,"",null,"East1","Entry","Entry"]
[21583274,"Manoj Bihari","manoj.bihari@v5global.co.in",9861291397,"V5 Global","Sambalpur","V5263625","Orissa","Orissa",null,"V5 Global",null,null,"Arindam Mazumdar","arindam.mazumdar@v5global.co.in",null,"East2",null,"External Consumer","ASO","V5 Global ASO",null,"FT",null,"ASO","LES","Biswa Ranjan Jena","Imam Hassan",null,"Rajender Negi","Raghavendra Araveeti","imam.hassan@v5global.co.in","imam.hassan@v5global.co.in","bjena1@lenovo.com","rnegi@lenovo.com","raraveeti@lenovo.com","ASO","Shilpi Gautam","sgautam2@lenovo.com",null,"Rajender Negi","LES","rnegi@lenovo.com",null,"2025-11-26","10:52:00","19.240467525211294,83.81682727485895","Sun Computer",{"$nulls":3},"T3","21ADQPJ1558H1ZL","East2",null,"T-2795","Rayagada","Orissa",null,null,"Yes","Face to Face","68C2KAC1IN",2,"Lenovo","L24-4E","L Series","LEN L24-4E 23.8 IPS  BLACK 100HZ","NA","Visual Variants","Mainstream","NA","Visuals",6464,null,null,12928,"East2",7627.5199999999995,"",null,"East2","Mainstream","Mainstream"]
[21577615,"Shivani Rambihaari Pandey","shivani.pandey@v5global.co.in",9545273754,"V5 Global","Indore",601588,"V5 Global","Madhya Pradesh","-","V5 Global",null,null,"Mohmmad Abrar Khan","abrar.khan@v5global.co.in",null,"North2",null,"External Consumer","ASO","V5 Global ASO",null,"FT",null,"ASO",null,"Mehul Raval","Rahil Rasheed",null,"Durgendra Singh","Raghavendra Araveeti","rahil.rasheed@v5global.co.in","rahil.rasheed@v5global.co.in","mraval@lenovo.com","dsingh1@lenovo.com","raraveeti@lenovo.com","ASO","Shilpi Gautam","sgautam2@lenovo.com",null,"Durgendra Singh",null,"dsingh1@lenovo.com",null,"2025-11-26","12:04:00","22.7231983,75.8846289","Prospective Info System",{"$nulls":3},"T3","23AHVPM0586D1Z7","North2",null,"T-16282","Indore","Madhya Pradesh","V5 Global",null,"Yes","Telephonic","90XS005PIN",1,"Lenovo","IdeaCentre","IdeaCentre","IntelÂ® Coreâ„¢ i3-14100 4C, 8GB DDR5/512 SSD/ WiFi 6 + BT 5.2/ 260W/ SFF 8.2Lt / Wired KeyBoard & Mouse /Win 11 Home/1 Yr Onsite","Win 11","TDT","Entry","IntelÂ® Coreâ„¢ i3-14100","Consumer",31500,null,"TDT",31500,"North2",37170,"",null,"North2","Entry","Entry"]
[21581089,"Shubham Meshram","shubham.meshram@v5global.co.in",9074043451,"V5 Global","Raipur",601113,"Chhattisgarh","Chhattisgarh",null,"V5 Global",null,null,"Mohmmad Abrar Khan","abrar.khan@v5global.co.in",null,"North2",null,"External Consumer","ASO","V5 Global ASO",null,"FT",null,"ASO",null,"Krishna Kumar Singh","Rahil Rasheed",null,"Rajender Negi","Raghavendra Araveeti","rahil.rasheed@v5global.co.in","rahil.rasheed@v5global.co.in","ksingh25@lenovo.com","rnegi@lenovo.com","raraveeti@lenovo.com","ASO","Shilpi Gautam","sgautam2@lenovo.com",null,"Rajender Negi",null,"rnegi@lenovo.com",null,"2025-11-26","12:18:00","21.6687347,81.582992","CITY COMPUTER",{"$nulls":3},"T3","22BTMPB2153D1ZC","East2",null,"T-15864","Bemetara","Chattisgarh","V5 Global",null,"Yes","Telephonic","67D5KAC6IN",1,"Lenovo","L22-4E","L Series","LEN L22-4E 21.5 IPS  BLACK 100HZ","NA","Visual Variants","Mainstream","NA","Visuals",5331,null,null,5331,"North2",6290.58,"",null,"North2","Mainstream","Mainstream"]
[21578278,"Shivani Rambihaari Pandey","shivani.pandey@v5global.co.in",9545273754,"V5 Global","Indore",601588,"V5 Global","Madhya Pradesh","-","V5 Global",null,null,"Mohmmad Abrar Khan","abrar.khan@v5global.co.in",null,"North2",null,"External Consumer","ASO","V5 Global ASO",null,"FT",null,"ASO",null,"Mehul Raval","Rahil Rasheed",null,"Durgendra Singh","Raghavendra Araveeti","rahil.rasheed@v5global.co.in","rahil.rasheed@v5global.co.in","mraval@lenovo.com","dsingh1@lenovo.com","raraveeti@lenovo.com","ASO","Shilpi Gautam","sgautam2@lenovo.com",null,"Durgendra Singh",null,"dsingh1@lenovo.com",null,"2025-11-26","12:37:00","22.7232409,75.8846039","Intech  Systems",{"$nulls":3},"T3","23AIAPB2518E1Z6","North2",null,"T-16180","Indore","Madhya Pradesh","V5 Global",null,"Yes","Telephonic","83K100CAIN",1,"Lenovo","Ideapad","Slim 3","NB IP Slim 3 15IRH10 I5 8G 512G 11S","Win 11","Thin & Light","Premium","i5 13420H/8GB/512GB SSD","Consumer",56251,null,"NB",56251,"North2",66376.18,"",null,"North2","Premium","Mainstream"]
[21625317,"Ramisetty Gopalkrishna","ramisetty.krishna@v5global.co.in",7050129999,"V5 Global","Vijaywada","V5303153","Andhra Pradesh","Andhra Pradesh",null,"V5 Global",null,null,"TBH (HYD)",null,null,"South2",null,"External Consumer","ASO","V5 Global ASO",null,"FT",null,"ASO",null,"Prabhakar G","S.Arunbabu",null,"Prabhu Subaramanian","Sharad verma","arun.babu@v5global.co.in","arun.babu@v5global.co.in","gprabhakar@lenovo.com","psubramania4@lenovo.com","sharverm@lenovo.com","ASO","Shilpi Gautam","sgautam2@lenovo.com",null,"Prabhu Subaramanian",null,"psubramania4@lenovo.com",null,"2025-11-26","12:45:00","16.479627,80.6619533","Prasad computers","Guntur","Andhra Pradesh","Unmanned","T3","37ACBPE9862F1ZJ","South2",null,"T-20166","Guntur","Andhra Pradesh","V5 Agency",null,"Yes","Face to Face","90XW005UIN",10,"Lenovo","IdeaCentre","IdeaCentre 08IRH9","8GB RAM/512 GB SSD/Integrated Graphics/WINDOWS 11","Win 11","TDT","Entry","CORE I5","Consumer",32619,null,"TDT",326190,"South2",38490.42,"",null,"South2","Entry","Mainstream"]
[21625324,"Ramisetty Gopalkrishna","ramisetty.krishna@v5global.co.in",7050129999,"V5 Global","Vijaywada","V5303153","Andhra Pradesh","Andhra Pradesh",null,"V5 Global",null,null,"TBH (HYD)",null,null,"South2",null,"External Consumer","ASO","V5 Global ASO",null,"FT",null,"ASO",null,"Prabhakar G","S.Arunbabu",null,"Prabhu Subaramanian","Sharad verma","arun.babu@v5global.co.in","arun.babu@v5global.co.in","gprabhakar@lenovo.com","psubramania4@lenovo.com","sharverm@lenovo.com","ASO","Shilpi Gautam","sgautam2@lenovo.com",null,"Prabhu Subaramanian",null,"psubramania4@lenovo.com",null,"2025-11-26","14:41:00","16.4796334,80.6619564","SREERAMTECHNOLOGIES",{"$nulls":3},"T3","37ACSPT0551D1ZF","South2",null,"T-10389","Guntur","Andhra Pradesh","V5 Global",null,"Yes","Face to Face","F0J6005GIN",2,"Lenovo","AIO","A100","IntelÂ® Coreâ„¢ i3-N305/8GB SO-DIMM DDR4-3200/512GB SSD/Integrated IntelÂ® UHD Graphics/WindowsÂ® 11,Cloud Grey","Win 11","AIO","Mainstream","IntelÂ® Coreâ„¢ i3-N305","Consumer",49000,null,"AIO",98000,"South2",57820,"",null,"South2","Mainstream","Mainstream"]
[21581122,"Ishan Modha","ishan.modha@v5global.co.in",6352456143,"V5 Global","Ahmedabad",601140,"Gujarat","Gujarat",null,"V5 Global",null,null,"Darshan Shah","darshan.shah@v5global.co.in",null,"West1",null,"External Consumer","ASO","V5 Global ASO",null,"FT",null,"ASO",null,"Jaydip Kachhot","Yunus Hamid Mansoori",null,"Hemant C Baghel","Sharad verma","yunus.hamid@v5global.co.in","yunus.hamid@v5global.co.in","jkachhot@lenovo.com","hbaghel@lenovo.com","sharverm@lenovo.com","ASO","Shilpi Gautam","sgautam2@lenovo.com",null,"Hemant C Baghel",null,"hbaghel@lenovo.com",null,"2025-11-26","18:55:00","22.3007434,70.7789955","MICRO ACCESS PVT LTD",{"$nulls":3},"Top T3","24AAECM0754G1ZR","West2",null,"T-14054","Rajkot","Gujarat",null,null,"Yes","Face to Face","82X700HMIN",3,"Lenovo","IdeaPad Slim 3","Slim 3","15.6\", 8GB, 512GB, Integrated Intel UHD Graphics, Office Home 2024, Arctic Grey\t","Win 11","Thin & Light","Mainstream","Intel Core i3-1315U\t","Consumer",41000,null,"NB",123000,"West1",48380,"",null,"West1 M","Mainstream","Entry"]
[21581155,"Ishan Modha","ishan.modha@v5global.co.in",6352456143,"V5 Global","Ahmedabad",601140,"Gujarat","Gujarat",null,"V5 Global",null,null,"Darshan Shah","darshan.shah@v5global.co.in",null,"West1",null,"External Consumer","ASO","V5 Global ASO",null,"FT",null,"ASO",null,"Jaydip Kachhot","Yunus Hamid Mansoori",null,"Hemant C Baghel","Sharad verma","yunus.hamid@v5global.co.in","yunus.hamid@v5global.co.in","jkachhot@lenovo.com","hbaghel@lenovo.com","sharverm@lenovo.com","ASO","Shilpi Gautam","sgautam2@lenovo.com",null,"Hemant C Baghel",null,"hbaghel@lenovo.com",null,"2025-11-26","18:59:00","22.3007362,70.778996","PRP COMPUTER",{"$nulls":3},"T3","24BDRPR1181A1ZO","West2",null,"T-13886","Kutch","Gujarat",null,null,"Yes","Telephonic","82ER00MCIN",2,"Lenovo","Ideapad","Slim 3","15.6\" (39.62cm) FHD / 16 GB DDR5 RAM / 512 GB SSD/ARCTIC GREY/\t","Win 11","Thin & Light","Mainstream","Core i5 12th Gen","Consumer",53000,null,"NB",106000,"West1",62540,"",null,"West1 M","Mainstream","Mainstream"]
[21582783,"Rajesh MG","rajesh.mg@v5global.co.in",8157020114,"V5 Global","COCHIN",601146,"KERELA","KERELA",null,"V5 Global",null,null,"Athul Krishna","athul.n@v5global.co.in",null,"South1",null,"External Consumer","ASO","V5 Global ASO",null,"FT",null,"ASO",null,"Shaiju","Prakash Kumar K P",null,"S Sreekumar","Sharad verma","prakash.kp@v5global.co.in","prakash.kp@v5global.co.in","ss89@lenovo.com","ssreekumar@lenovo.com","sharverm@lenovo.com","ASO","Shilpi Gautam","sgautam2@lenovo.com",null,"S Sreekumar",null,"ssreekumar@lenovo.com",null,"2025-11-26","21:19:00","10.6062773,76.1429307","C M Mobiles",{"$nulls":3},"T3","32BGOPM6360E1ZE","South1",null,"T-31009","Palakkad","Kerala","V5 Global",null,"Yes","Telephonic","83DV01AAIN",1,"Lenovo","LOQ","LOQ","LOQ I5 13gen 16GB RAM 512 gb SSD RTX4050 win11 MSO\t","Win 11","Gaming","Premium","I5 13gen","Consumer",78000,null,"NB",78000,"South1",92040,"SP","Gaming","South1","Premium","Premium"]
[21582827,"Govind Gulab Rajbhar","govind.gulab@v5global.co.in",9029031943,"V5 Global","Mumbai","V5263641","Maharashtra","Maharashtra",null,"V5 Global",null,null,"Pooja Thakur","pooja.thakur@v5global.co.in",null,"West1",null,"External Consumer","ASO","V5 Global ASO",null,"FT",null,"ASO",null,"Amit Tiwari","Yunus Hamid Mansoori",null,"Hemant C Baghel","Sharad verma","yunus.hamid@v5global.co.in","yunus.hamid@v5global.co.in","atiwari5@lenovo.com","hbaghel@lenovo.com","sharverm@lenovo.com","ASO","Shilpi Gautam","sgautam2@lenovo.com",null,"Hemant C Baghel",null,"hbaghel@lenovo.com",null,"2025-11-26","21:24:00","19.2169425,72.8439238","Global Net Computer",{"$nulls":3},"T3",null,"West1",null,"T-18101","Mumbai","Maharashtra","V5 Global",null,"Yes","Face to Face","GY51C12380",5,"Lenovo","Wireless Mouse","Input","Lenovo 130 wireless mouse","NA","Accessories","NA","NA","Accessories",649,null,null,3245,"West1",765.8199999999999,"",null,"West1 M","NA","NA"]
[21583051,"Vikas Pathak","vikas.pathak@v5global.co.in",9838001792,"V5 Global","Varanasi","V5396663","UTTAR PRADESH","Uttar Pradesh",null,"V5 Global",null,null,"Mohammad Atif","mohammad.atif@v5global.co.in",null,"North2",null,"External Consumer","ASO","V5 Global ASO",null,"FT",null,"ASO",null,"Rahul Sarin","Rahil Rasheed",null,"Durgendra Singh","Raghavendra Araveeti","rahil.rasheed@v5global.co.in","rahil.rasheed@v5global.co.in","rsarin2@lenovo.com","dsingh1@lenovo.com","raraveeti@lenovo.com","ASO","Shilpi Gautam","sgautam2@lenovo.com",null,"Durgendra Singh",null,"dsingh1@lenovo.com",null,"2025-11-26","21:40:00","25.330075,83.0223187","IT Computer world",{"$nulls":3},"T3",null,"North2",null,"T-24042","Ghazipur","Uttar Pradesh","V5 Global",null,"Yes","Telephonic","61E0KAR6WW",1,"Lenovo","D Series","D19-10","D19: 18.5\" VGA + HDMI with HDMI Cable","NA","Visual Variants","Entry","NA","Visuals",5058,null,null,5058,"North2",5968.44,"",null,"North2","Entry","Entry"]
[21583316,"Pran Pratap Singh","pran.singh@v5global.co.in",9001585718,"V5 Global","Jaipur","V5459442","Jaipur","Rajasthan",null,"V5 Global",null,null,"Gourav Jain","gourav.jain@v5global.co.in",null,"North1",null,"External Consumer","ASO","V5 Global ASO",null,"FT",null,"ASO",null,"Ganga Singh","Gaurav Sharma",null,"Kumar Tanksale","Raghavendra Araveeti","gaurav.sharma@v5global.co.in","gaurav.sharma@v5global.co.in","gsingh24@lenovo.com","ktanksale1@lenovo.com","raraveeti@lenovo.com","ASO","Shilpi Gautam","sgautam2@lenovo.com",null,"Kumar Tanksale",null,"ktanksale1@lenovo.com",null,"2025-11-26","22:08:00","26.9377533,75.8927983","Shri ram mihir computer",{"$nulls":3},"T3","08Kh653etuip07f","North1",null,"T-30152","Jaipur","Rajasthan","V5 Global",null,"Yes","Face to Face","83K100C9IN",1,"Lenovo","Slim 3","IdeaPad Slim 3 15IRH10","NB IP Slim 3 15IRH10 I7 8G 8G 512G 11S","Win 11","Thin & Light","Mainstream","i7 13620H","Consumer",64700,null,"NB",64700,"North1",76346,"SP","Non-Gaming","North1","Premium","Premium"]
[21583940,"Sumit Singh","sumit.singh@v5global.co.in",8963848967,"V5 Global","Mumbai","V5266119","Maharashtra","Maharashtra",null,"V5 Global",null,null,"Muffazal Momin","muffazal.momin@v5global.co.in",null,"West1",null,"External Consumer","ASO","V5 Global ASO",null,"FT",null,"ASO",null,"Amit Tiwari","Yunus Hamid Mansoori",null,"Hemant C Baghel","Sharad verma","yunus.hamid@v5global.co.in","yunus.hamid@v5global.co.in","atiwari5@lenovo.com","hbaghel@lenovo.com","sharverm@lenovo.com","ASO","Shilpi Gautam","sgautam2@lenovo.com",null,"Hemant C Baghel",null,"hbaghel@lenovo.com",null,"2025-11-27","07:37:00","19.196625,72.9726822","ANJANA INFOTECH",{"$nulls":3},"T3",null,"West1",null,"T-28399","Lamington Road","Maharashtra","Denave",null,"Yes","Telephonic","83HR000WIN",1,"Lenovo","Ideapad","Slim 5","14\",WUXGA OLED display, 16GB, 1TB, ","Win 11","Thin & Light","Premium","I5-13420H","Consumer",73000,null,"NB",73000,"West1",86140,"SP","Non-Gaming","West1 M","Premium","Premium"]
[21625344,"Ramisetty Gopalkrishna","ramisetty.krishna@v5global.co.in",7050129999,"V5 Global","Vijaywada","V5303153","Andhra Pradesh","Andhra Pradesh",null,"V5 Global",null,null,"TBH (HYD)",null,null,"South2",null,"External Consumer","ASO","V5 Global ASO",null,"FT",null,"ASO",null,"Prabhakar G","S.Arunbabu",null,"Prabhu Subaramanian","Sharad verma","arun.babu@v5global.co.in","arun.babu@v5global.co.in","gprabhakar@lenovo.com","psubramania4@lenovo.com","sharverm@lenovo.com","ASO","Shilpi Gautam","sgautam2@lenovo.com",null,"Prabhu Subaramanian",null,"psubramania4@lenovo.com",null,"2025-11-27","11:33:00","16.4796386,80.6619497","Global computers and services",{"$nulls":3},"T3",null,"South2",null,"T-20173","Eluru","Andhra Pradesh","V5 Global",null,"Yes","Face to Face","83K100CAIN",1,"Lenovo","Ideapad","Slim 3","NB IP Slim 3 15IRH10 I5 8G 512G 11S","Win 11","Thin & Light","Premium","i5 13420H/8GB/512GB SSD","Consumer",56251,null,"NB",56251,"South2",66376.18,"",null,"South2","Premium","Mainstream"]
[21589603,"Umer Farooq Bhat","umer.farooq@v5global.co.in",7006131255,"V5 Global","Srinagar","V5266190","Jammu and Kashmir","Jammu and Kashmir",null,"V5 Global",null,null,"Shivam Kumar","shivam.kumar1@v5global.co.in",null,"North1",null,"External Consumer","ASO","V5 Global ASO",null,"FT",null,"ASO",null,"Karan Kapoor","Gaurav Sharma",null,"Kumar Tanksale","Raghavendra Araveeti","gaurav.sharma@v5global.co.in","gaurav.sharma@v5global.co.in","Kkapoor@lenovo.com","ktanksale1@lenovo.com","raraveeti@lenovo.com","ASO","Shilpi Gautam","sgautam2@lenovo.com",null,"Kumar Tanksale",null,"ktanksale1@lenovo.com",null,"2025-11-27","13:42:00","34.20742768873509,74.3425502255559","Madina Computers",{"$nulls":3},"T3",null,"North1",null,"T-3588","Ganderbal","Jammu And Kashmir","V5 Global",null,"Yes","Telephonic","82XQ00MDIN",1,"Lenovo","Ideapad","Slim 3","RYZEN-7320U/8GB LPDDR5-5500/512GB SSD/Integrated AMD Radeon graphics","Win 11","Thin & Light","Entry","Ryzen3 7320U","Consumer",33000,null,"NB",33000,"North1",38940,"",null,"North1","Entry","Entry"]
[21588632,"TALAMARLA LAKSHMI REDDY","talamarla.reddy@v5global.co.in",9014290161,"V5 Global","Anantapur","V5422498","Andhra Pradesh","Andhra Pradesh",null,"V5 Global",null,null,"Mohammed Ibrahim","mohammed.ibrahim@v5global.co.in",null,"South2",null,"External Consumer","ASO","V5 Global ASO",null,"FT",null,"ASO",null,"Prabhakar G","S.Arunbabu",null,"Prabhu Subaramanian","Sharad verma","arun.babu@v5global.co.in","arun.babu@v5global.co.in","gprabhakar@lenovo.com","psubramania4@lenovo.com","sharverm@lenovo.com","ASO","Shilpi Gautam","sgautam2@lenovo.com",null,"Prabhu Subaramanian",null,"psubramania4@lenovo.com",null,"2025-11-27","13:59:00","15.8317317,78.038705","Uday computers",{"$nulls":3},"T3",null,"South2",null,"T-20329","Kurnool","Andhra Pradesh","V5 Global",null,"Yes","Face to Face","90XS005PIN",1,"Lenovo","IdeaCentre","IdeaCentre","IntelÂ® Coreâ„¢ i3-14100 4C, 8GB DDR5/512 SSD/ WiFi 6 + BT 5.2/ 260W/ SFF 8.2Lt / Wired KeyBoard & Mouse /Win 11 Home/1 Yr Onsite","Win 11","TDT","Entry","IntelÂ® Coreâ„¢ i3-14100","Consumer",31500,null,"TDT",31500,"South2",37170,"",null,"South2","Entry","Entry"]
[21588653,"Amarjit Behera","amarjit.behera@v5global.co.in",9437451999,"V5 Global","Bhubaneswar",601088,"Orissa","Orissa",null,"V5 Global",null,null,"Arindam Mazumdar","arindam.mazumdar@v5global.co.in",null,"East2",null,"External Consumer","ASO","V5 Global ASO",null,"FT",null,"ASO",null,"Biswa Ranjan Jena","Imam Hassan",null,"Rajender Negi","Raghavendra Araveeti","imam.hassan@v5global.co.in","imam.hassan@v5global.co.in","bjena1@lenovo.com","rnegi@lenovo.com","raraveeti@lenovo.com","ASO","Shilpi Gautam","sgautam2@lenovo.com",null,"Rajender Negi",null,"rnegi@lenovo.com",null,"2025-11-27","14:00:00","20.2927059,85.84543250000002","BISHNUPRIYA INFOTECH",{"$nulls":3},"T3",null,"East2",null,"T-30280","Puri","Odisha","V5 Global",null,"Yes","Face to Face","67D5KAC6IN",1,"Lenovo","L22-4E","L Series","LEN L22-4E 21.5 IPS  BLACK 100HZ","NA","Visual Variants","Mainstream","NA","Visuals",5331,null,null,5331,"East2",6290.58,"",null,"East2","Mainstream","Mainstream"]
[21588702,"Amarjit Behera","amarjit.behera@v5global.co.in",9437451999,"V5 Global","Bhubaneswar",601088,"Orissa","Orissa",null,"V5 Global",null,null,"Arindam Mazumdar","arindam.mazumdar@v5global.co.in",null,"East2",null,"External Consumer","ASO","V5 Global ASO",null,"FT",null,"ASO",null,"Biswa Ranjan Jena","Imam Hassan",null,"Rajender Negi","Raghavendra Araveeti","imam.hassan@v5global.co.in","imam.hassan@v5global.co.in","bjena1@lenovo.com","rnegi@lenovo.com","raraveeti@lenovo.com","ASO","Shilpi Gautam","sgautam2@lenovo.com",null,"Rajender Negi",null,"rnegi@lenovo.com",null,"2025-11-27","14:04:00","20.2927059,85.84543250000002","Gupta Distributors",{"$nulls":3},"T3","21AANFG8486F1Z5","East2",null,"T-30278","Bhubaneswar","Odisha","V5 Global",null,"Yes","Face to Face","GY51C12380",20,"Lenovo","Wireless Mouse","Input","Lenovo 130 wireless mouse","NA","Accessories","NA","NA","Accessories",649,null,null,12980,"East2",765.8199999999999,"",null,"East2","NA","NA"]
[21588712,"TALAMARLA LAKSHMI REDDY","talamarla.reddy@v5global.co.in",9014290161,"V5 Global","Anantapur","V5422498","Andhra Pradesh","Andhra Pradesh",null,"V5 Global",null,null,"Mohammed Ibrahim","mohammed.ibrahim@v5global.co.in",null,"South2",null,"External Consumer","ASO","V5 Global ASO",null,"FT",null,"ASO",null,"Prabhakar G","S.Arunbabu",null,"Prabhu Subaramanian","Sharad verma","arun.babu@v5global.co.in","arun.babu@v5global.co.in","gprabhakar@lenovo.com","psubramania4@lenovo.com","sharverm@lenovo.com","ASO","Shilpi Gautam","sgautam2@lenovo.com",null,"Prabhu Subaramanian",null,"psubramania4@lenovo.com",null,"2025-11-27","14:07:00","15.8315617,78.0388333","NARAPURAM PERIPHERALS",{"$nulls":3},"T3","37AGCPN2989B1ZB","South2",null,"T-10459","Kurnool","Andhra Pradesh","V5 Global",null,"Yes","Face to Face","66E9KAC4IN",1,"Lenovo","D SERIES","D20-30","19.5inch 1080*1250","NA","Visual Variants","Entry","NA","Visuals",5635,null,null,5635,"South2",6649.299999999999,"",null,"South2","Entry","Entry"]
[21588728,"TALAMARLA LAKSHMI REDDY","talamarla.reddy@v5global.co.in",9014290161,"V5 Global","Anantapur","V5422498","Andhra Pradesh","Andhra Pradesh",null,"V5 Global",null,null,"Mohammed Ibrahim","mohammed.ibrahim@v5global.co.in",null,"South2",null,"External Consumer","ASO","V5 Global ASO",null,"FT",null,"ASO",null,"Prabhakar G","S.Arunbabu",null,"Prabhu Subaramanian","Sharad verma","arun.babu@v5global.co.in","arun.babu@v5global.co.in","gprabhakar@lenovo.com","psubramania4@lenovo.com","sharverm@lenovo.com","ASO","Shilpi Gautam","sgautam2@lenovo.com",null,"Prabhu Subaramanian",null,"psubramania4@lenovo.com",null,"2025-11-27","14:08:00","15.8317383,78.0388","NATIONAL MARKETING",{"$nulls":3},"T3","37AAHFN9337Q1ZC","South2",null,"T-10451","Anantapur","Andhra Pradesh","V5 Global",null,"Yes","Face to Face","90XS005PIN",2,"Lenovo","IdeaCentre","IdeaCentre","IntelÂ® Coreâ„¢ i3-14100 4C, 8GB DDR5/512 SSD/ WiFi 6 + BT 5.2/ 260W/ SFF 8.2Lt / Wired KeyBoard & Mouse /Win 11 Home/1 Yr Onsite","Win 11","TDT","Entry","IntelÂ® Coreâ„¢ i3-14100","Consumer",31500,null,"TDT",63000,"South2",37170,"",null,"South2","Entry","Entry"]
[21598316,"Amarjit Behera","amarjit.behera@v5global.co.in",9437451999,"V5 Global","Bhubaneswar",601088,"Orissa","Orissa",null,"V5 Global",null,null,"Arindam Mazumdar","arindam.mazumdar@v5global.co.in",null,"East2",null,"External Consumer","ASO","V5 Global ASO",null,"FT",null,"ASO",null,"Biswa Ranjan Jena","Imam Hassan",null,"Rajender Negi","Raghavendra Araveeti","imam.hassan@v5global.co.in","imam.hassan@v5global.co.in","bjena1@lenovo.com","rnegi@lenovo.com","raraveeti@lenovo.com","ASO","Shilpi Gautam","sgautam2@lenovo.com",null,"Rajender Negi",null,"rnegi@lenovo.com",null,"2025-11-27","14:28:00","20.4940291,85.9378785","Tarini Computer",{"$nulls":3},"T3","21ALOPR8979C1ZL","East2",null,"T-2765","Puri","Orissa","V5 Global",null,"Yes","Face to Face","67D5KAC6IN",1,"Lenovo","L22-4E","L Series","LEN L22-4E 21.5 IPS  BLACK 100HZ","NA","Visual Variants","Mainstream","NA","Visuals",5331,null,null,5331,"East2",6290.58,"",null,"East2","Mainstream","Mainstream"]
[21588870,"Amarjit Behera","amarjit.behera@v5global.co.in",9437451999,"V5 Global","Bhubaneswar",601088,"Orissa","Orissa",null,"V5 Global",null,null,"Arindam Mazumdar","arindam.mazumdar@v5global.co.in",null,"East2",null,"External Consumer","ASO","V5 Global ASO",null,"FT",null,"ASO",null,"Biswa Ranjan Jena","Imam Hassan",null,"Rajender Negi","Raghavendra Araveeti","imam.hassan@v5global.co.in","imam.hassan@v5global.co.in","bjena1@lenovo.com","rnegi@lenovo.com","raraveeti@lenovo.com","ASO","Shilpi Gautam","sgautam2@lenovo.com",null,"Rajender Negi",null,"rnegi@lenovo.com",null,"2025-11-27","14:31:00","20.2927059,85.84543250000002","It Shoppe",{"$nulls":3},"T3","21ACWPT7104N1Z0","East2",null,"T-2751","Khordha","Orissa","V5 Global",null,"Yes","Face to Face","83K100CAIN",2,"Lenovo","Ideapad","Slim 3","NB IP Slim 3 15IRH10 I5 8G 512G 11S","Win 11","Thin & Light","Premium","i5 13420H/8GB/512GB SSD","Consumer",56251,null,"NB",112502,"East2",66376.18,"",null,"East2","Premium","Mainstream"]
[21588893,"Ragesh K","ragesh.k@v5global.co.in",9249730104,"V5 Global","Calicut","V5313059","Kerala","Kerala",null,"V5 Global",null,null,"Athul Krishna","athul.n@v5global.co.in",null,"South1",null,"External Consumer","ASO","V5 Global ASO",null,"FT",null,"ASO",null,"Shaiju","Prakash Kumar K P",null,"S Sreekumar","Sharad verma","prakash.kp@v5global.co.in","prakash.kp@v5global.co.in","ss89@lenovo.com","ssreekumar@lenovo.com","sharverm@lenovo.com","ASO","Shilpi Gautam","sgautam2@lenovo.com",null,"S Sreekumar",null,"ssreekumar@lenovo.com",null,"2025-11-27","14:35:00","11.2621009,75.8211287","KARMI INFO SYSTEMS",{"$nulls":3},"T3","32AEMPT9186J1ZP","South1",null,"T-8288","Wayanad","Kerala","V5 Global",null,"Yes","Telephonic","GY51C12380",5,"Lenovo","Wireless Mouse","Input","Lenovo 130 wireless mouse","NA","Accessories","NA","NA","Accessories",649,null,null,3245,"South1",765.8199999999999,"",null,"South1","NA","NA"]
[21589634,"Umer Farooq Bhat","umer.farooq@v5global.co.in",7006131255,"V5 Global","Srinagar","V5266190","Jammu and Kashmir","Jammu and Kashmir",null,"V5 Global",null,null,"Shivam Kumar","shivam.kumar1@v5global.co.in",null,"North1",null,"External Consumer","ASO","V5 Global ASO",null,"FT",null,"ASO",null,"Karan Kapoor","Gaurav Sharma",null,"Kumar Tanksale","Raghavendra Araveeti","gaurav.sharma@v5global.co.in","gaurav.sharma@v5global.co.in","Kkapoor@lenovo.com","ktanksale1@lenovo.com","raraveeti@lenovo.com","ASO","Shilpi Gautam","sgautam2@lenovo.com",null,"Kumar Tanksale",null,"ktanksale1@lenovo.com",null,"2025-11-27","15:25:00","34.28871984339761,74.46155916899443","AL MURAD OFFICE AUTOMATION",{"$nulls":3},"T3","01CHXPM2029R1ZQ","North1",null,"T-30871","sopore","Jammu And Kashmir","V5 Global",null,"Yes","Face to Face","GX31L52655",2,"Lenovo","Wired Combo","Input","Lenovo 160 Wired Combo","NA","Accessories","NA","NA","Accessories",999,null,null,1998,"North1",1178.82,"",null,"North1","NA","NA"]
[21592890,"Manoj Bihari","manoj.bihari@v5global.co.in",9861291397,"V5 Global","Sambalpur","V5263625","Orissa","Orissa",null,"V5 Global",null,null,"Arindam Mazumdar","arindam.mazumdar@v5global.co.in",null,"East2",null,"External Consumer","ASO","V5 Global ASO",null,"FT",null,"ASO","LES","Biswa Ranjan Jena","Imam Hassan",null,"Rajender Negi","Raghavendra Araveeti","imam.hassan@v5global.co.in","imam.hassan@v5global.co.in","bjena1@lenovo.com","rnegi@lenovo.com","raraveeti@lenovo.com","ASO","Shilpi Gautam","sgautam2@lenovo.com",null,"Rajender Negi","LES","rnegi@lenovo.com",null,"2025-11-27","17:31:00","18.71165189734789,82.85026207566261","I mac information Technology",{"$nulls":3},"T3",null,"East2",null,"T-2839","Koraput","Orissa","V5 Global",null,"Yes","Face to Face","F0J6005FIN",2,"Lenovo","AIO","Lenovo A100","23.8\" FHD/8GB RAM/512 SSD/Integrated Graphics/MSO 2024/White","Win 11","AIO","Entry","Intel N100","Consumer",32000,null,"AIO",64000,"East2",37760,"",null,"East2","Entry","Entry"]
[21590090,"Manoj Kumar Panwar","manoj.panwar@v5global.co.in",9828022302,"V5 Global","Ajmer","V5268361","Rajasthan","Rajasthan",null,"V5 Global",null,null,"Gourav Jain","gourav.jain@v5global.co.in",null,"North1",null,"External Consumer","ASO","V5 Global ASO",null,"FT",null,"ASO",null,"Ganga Singh","Gaurav Sharma",null,"Kumar Tanksale","Raghavendra Araveeti","gaurav.sharma@v5global.co.in","gaurav.sharma@v5global.co.in","gsingh24@lenovo.com","ktanksale1@lenovo.com","raraveeti@lenovo.com","ASO","Shilpi Gautam","sgautam2@lenovo.com",null,"Kumar Tanksale",null,"ktanksale1@lenovo.com",null,"2025-11-27","18:03:00","26.2827218,73.0115063","Ganpati computers",{"$nulls":3},"T3","08AIHPL2713J1Z9","North1",null,"T-30894","Barmer","Rajasthan","V5 Global",null,"Yes","Face to Face","67BCKAC6IN",2,"Lenovo","Monitor -L24i4A","Monitor -L24i4A","Full HD IPS Panel Ultra Thin Monitor with WLED Backlight","NA","Visual Variants","Premium","NA","Visuals",7203,null,null,14406,"North1",8499.539999999999,"",null,"North1","Premium","Premium"]
[21592508,"Mohammed Abdulla","mohammed.abdulla@v5global.co.in",9513623651,"V5 Global","Bangalore","V5266026","Karnataka","Karnataka",null,"V5 Global",null,null,"M Bhaskar Gowda","bhaskar.gowda@v5global.co.in",null,"South1",null,"External Consumer","ASO","V5 Global ASO",null,"FT",null,"ASO",null,"Anuj Kumar","Prakash Kumar K P",null,"S Sreekumar","Sharad verma","prakash.kp@v5global.co.in","prakash.kp@v5global.co.in","virtualcosmos.it@gmail.com","ssreekumar@lenovo.com","sharverm@lenovo.com","ASO","Shilpi Gautam","sgautam2@lenovo.com",null,"S Sreekumar",null,"ssreekumar@lenovo.com",null,"2025-11-27","18:48:00","12.9025621,77.5888526","Gs Sysnet",{"$nulls":3},"T3",null,"South1",null,"T-25355","Bangalore","KARNATAKA","V5 Global",null,"Yes","Face to Face","GXC1E71383",10,"Lenovo","Input","Webcam","Lenovo 300 FHD Webcam Retail/1 Year Carry In","NA","Accessories","NA","NA","Accessories",2134,null,null,21340,"South1",2518.12,"",null,"South1","NA","NA"]
[21590477,"Sukanta Sinha","sukanta.sinha@v5global.co.in",9854184578,"V5 Global","Guwahati","V5266867","NE","NE",null,"V5 Global",null,null,"Sukamal Saha","sukamal.saha@v5global.co.in",null,"East1",null,"External Consumer","ASO","V5 Global ASO",null,"FT",null,"ASO",null,"Partha Chakraborty","Amit Thakuri",null,"Amit Tiwari","Raghavendra Araveeti","amit.thakuri@v5global.co.in","amit.thakuri@v5global.co.in","pchakraborty@lenovo.com","atiwari11@lenovo.com","raraveeti@lenovo.com","ASO","Shilpi Gautam","sgautam2@lenovo.com",null,"Amit Tiwari",null,"atiwari11@lenovo.com",null,"2025-11-27","18:58:00","26.1762073,91.7572255","Computer Zone",{"$nulls":3},"T3","13AFXPA6012L1ZG","East1",null,"T-20029","Dimapur","NAGALAND","V5 Global",null,"Yes","Telephonic","68C2KAC1IN",6,"Lenovo","L24-4E","L Series","LEN L24-4E 23.8 IPS  BLACK 100HZ","NA","Visual Variants","Mainstream","NA","Visuals",6464,null,null,38784,"East1",7627.5199999999995,"",null,"East1","Mainstream","Mainstream"]
[21590487,"Sukanta Sinha","sukanta.sinha@v5global.co.in",9854184578,"V5 Global","Guwahati","V5266867","NE","NE",null,"V5 Global",null,null,"Sukamal Saha","sukamal.saha@v5global.co.in",null,"East1",null,"External Consumer","ASO","V5 Global ASO",null,"FT",null,"ASO",null,"Partha Chakraborty","Amit Thakuri",null,"Amit Tiwari","Raghavendra Araveeti","amit.thakuri@v5global.co.in","amit.thakuri@v5global.co.in","pchakraborty@lenovo.com","atiwari11@lenovo.com","raraveeti@lenovo.com","ASO","Shilpi Gautam","sgautam2@lenovo.com",null,"Amit Tiwari",null,"atiwari11@lenovo.com",null,"2025-11-27","18:58:00","26.1761829,91.7572259","COMPUTER COMMUNICATION",{"$nulls":3},"T3","13AGTPR2305Q1ZV","East1",null,"T-511","Dimapur","NAGALAND","V5 Global",null,"Yes","Telephonic","GX20P92532",8,"Lenovo","AC Adapter","Power","Lenovo 65W AC USB C Adapter(IN)","NA","Accessories","NA","NA","Accessories",2690,null,null,21520,"East1",3174.2,"",null,"East1","NA","NA"]
[21592690,"Mohammed Abdulla","mohammed.abdulla@v5global.co.in",9513623651,"V5 Global","Bangalore","V5266026","Karnataka","Karnataka",null,"V5 Global",null,null,"M Bhaskar Gowda","bhaskar.gowda@v5global.co.in",null,"South1",null,"External Consumer","ASO","V5 Global ASO",null,"FT",null,"ASO",null,"Anuj Kumar","Prakash Kumar K P",null,"S Sreekumar","Sharad verma","prakash.kp@v5global.co.in","prakash.kp@v5global.co.in","virtualcosmos.it@gmail.com","ssreekumar@lenovo.com","sharverm@lenovo.com","ASO","Shilpi Gautam","sgautam2@lenovo.com",null,"S Sreekumar",null,"ssreekumar@lenovo.com",null,"2025-11-27","19:04:00","12.902753,77.5888861","Ashwath Computers",{"$nulls":3},"T3",null,"South1",null,"T-25344","Bangalore","KARNATAKA","V5 Global",null,"Yes","Face to Face","GY51C12380",20,"Lenovo","Wireless Mouse","Input","Lenovo 130 wireless mouse","NA","Accessories","NA","NA","Accessories",649,null,null,12980,"South1",765.8199999999999,"",null,"South1","NA","NA"]
[21592747,"Mohammed Abdulla","mohammed.abdulla@v5global.co.in",9513623651,"V5 Global","Bangalore","V5266026","Karnataka","Karnataka",null,"V5 Global",null,null,"M Bhaskar Gowda","bhaskar.gowda@v5global.co.in",null,"South1",null,"External Consumer","ASO","V5 Global ASO",null,"FT",null,"ASO",null,"Anuj Kumar","Prakash Kumar K P",null,"S Sreekumar","Sharad verma","prakash.kp@v5global.co.in","prakash.kp@v5global.co.in","virtualcosmos.it@gmail.com","ssreekumar@lenovo.com","sharverm@lenovo.com","ASO","Shilpi Gautam","sgautam2@lenovo.com",null,"S Sreekumar",null,"ssreekumar@lenovo.com",null,"2025-11-27","19:09:00","12.9027462,77.5889448","Keshri Infotech Pvt. Ltd.(Jayanagar)",{"$nulls":3},"T3",null,"South1",null,"T-6850","Bangalore","KARNATAKA","V5 Global",null,"Yes","Face to Face","GX31L52655",5,"Lenovo","Wired Combo","Input","Lenovo 160 Wired Combo","NA","Accessories","NA","NA","Accessories",999,null,null,4995,"South1",1178.82,"",null,"South1","NA","NA"]
[21590975,"Surjeet Kumar","surjeet.kumar@v5global.co.in",7004963220,"V5 Global","Muzaffarpur","V5339429","Bihar","Bihar",null,"V5 Global",null,null,"Shivam Kumar","shivam.kumar@v5global.co.in",null,"East2",null,"External Consumer","ASO","V5 Global ASO",null,"FT",null,"ASO",null,"Krishna Kumar Singh","Imam Hassan",null,"Rajender Negi","Raghavendra Araveeti","imam.hassan@v5global.co.in","imam.hassan@v5global.co.in","ksingh25@lenovo.com","rnegi@lenovo.com","raraveeti@lenovo.com","ASO","Shilpi Gautam","sgautam2@lenovo.com",null,"Rajender Negi",null,"rnegi@lenovo.com",null,"2025-11-27","19:55:00","26.4645451,84.440802","UR COMPUTER",{"$nulls":3},"T3","10DOSPK4562N1ZG","East2",null,"T-30667","GOPALGUNG","Bihar","V5 Global",null,"Yes","Face to Face","67BEKAC1IN",1,"Lenovo","Monitor","L27I-4A","L27I-4A","NA","Visual Variants","Premium","NA","Visuals",13000,null,null,13000,"East2",15340,"",null,"East2","Premium","Premium"]
[21593379,"Sumit Singh","sumit.singh@v5global.co.in",8963848967,"V5 Global","Mumbai","V5266119","Maharashtra","Maharashtra",null,"V5 Global",null,null,"Muffazal Momin","muffazal.momin@v5global.co.in",null,"West1",null,"External Consumer","ASO","V5 Global ASO",null,"FT",null,"ASO",null,"Amit Tiwari","Yunus Hamid Mansoori",null,"Hemant C Baghel","Sharad verma","yunus.hamid@v5global.co.in","yunus.hamid@v5global.co.in","atiwari5@lenovo.com","hbaghel@lenovo.com","sharverm@lenovo.com","ASO","Shilpi Gautam","sgautam2@lenovo.com",null,"Hemant C Baghel",null,"hbaghel@lenovo.com",null,"2025-11-27","21:00:00","0.0,0.0","New Gen",{"$nulls":3},"T3",null,"West1",null,"T-25911","Lamington Road","Maharashtra","V5 Global",null,"Yes","Face to Face","F0HN00PGIN",2,"Lenovo","AIO","AIO i-24IRH9","i3-1315U-8-512-UHD-W11-O24-23.80","Win 11","AIO","Mainstream","i3-1315U","Consumer",57990,null,"AIO",115980,"West1",68428.2,"",null,"West1 M","Premium","Mainstream"]
[21591997,"Samya Roy","samya.roy@v5global.co.in",9474010730,"V5 Global","Bolpur","V5287255","West Bengal","West Bengal",null,"V5 Global",null,null,"Arindam Mazumdar","arindam.mazumdar@v5global.co.in",null,"East1",null,"External Consumer","ASO","V5 Global ASO",null,"FT",null,"ASO",null,"Ashique Ali","Amit Thakuri",null,"Amit Tiwari","Raghavendra Araveeti","amit.thakuri@v5global.co.in","amit.thakuri@v5global.co.in","aali11@lenovo.com","atiwari11@lenovo.com","raraveeti@lenovo.com","ASO","Shilpi Gautam","sgautam2@lenovo.com",null,"Amit Tiwari",null,"atiwari11@lenovo.com",null,"2025-11-27","21:10:00","23.55179,87.270195","TIRUPATI",{"$nulls":3},"T3","19AMXPK8870D1ZA","East1",null,"T-1676","Bankura","West Bengal","V5 Global",null,"Yes","Telephonic","83K100CAIN",2,"Lenovo","Ideapad","Slim 3","NB IP Slim 3 15IRH10 I5 8G 512G 11S","Win 11","Thin & Light","Premium","i5 13420H/8GB/512GB SSD","Consumer",56251,null,"NB",112502,"East1",66376.18,"",null,"East1","Premium","Mainstream"]
[21592418,"Nilay Girishbhai Bandhara","nilay.bandhara@v5global.co.in",9979302088,"V5 Global","Vadodara","V5341501","Gujarat","Gujarat",null,"V5 Global",null,null,"Darshan Shah","darshan.shah@v5global.co.in",null,"West1",null,"External Consumer","ASO","V5 Global ASO",null,"FT",null,"ASO",null,"Darshan Thakkar","Yunus Hamid Mansoori",null,"Hemant C Baghel","Sharad verma","yunus.hamid@v5global.co.in","yunus.hamid@v5global.co.in","tjitendrabha@lenovo.com","hbaghel@lenovo.com","sharverm@lenovo.com","ASO","Shilpi Gautam","sgautam2@lenovo.com",null,"Hemant C Baghel",null,"hbaghel@lenovo.com",null,"2025-11-27","21:40:00","22.2943196,73.2259796","CORDIAL SYSTEM,",{"$nulls":3},"T3","24AAMPJ2796G1ZH","West1",null,"T-14690","Vadodara","Gujarat","V5 Global",null,"Yes","Face to Face","82R400XSIN",1,"Lenovo","Ideapad","Ideapad","\"Ryzenâ„¢ 5 5500U 6C 8GB RAM 512GB SSD Windows11 MS Office H&S 2024  Integrated AMD Radeon  Graphics  15.6\"\" FHD TN 220nits AG 720","Win 11","Thin & Light","Entry","Amd Ryzen 5 5500U","Consumer",29407,null,"NB",29407,"West1",34700.259999999995,"",null,"West1 M","Entry","Entry"]
[21592485,"Chetan Wagh Dnyanashwar","chetan.dnyanashwar@v5global.co.in",7744978870,"V5 Global","Pune",601369,"Maharashtra","Maharashtra",null,"V5 Global",null,null,"Aparajitaa Lakhani","aparajita.lakhani@v5global.co.in",null,"West1",null,"External Consumer","ASO","V5 Global ASO",null,"FT",null,"ASO",null,"Rajeev Jha","TBH",null,"Hemant C Baghel","Sharad verma",null,null,"rjha3@lenovo.com","hbaghel@lenovo.com","sharverm@lenovo.com","ASO","Shilpi Gautam","sgautam2@lenovo.com",null,"Hemant C Baghel",null,"hbaghel@lenovo.com",null,"2025-11-27","21:46:00","18.6224444,73.6920914","Gurukrupa the mobile hub","Pune","Maharashtra",null,"T3","27AATFG0901H1ZF","West1",null,"T-29213",null,null,"V5 Global",null,"Yes","Face to Face","83ER00MCIN",1,"Lenovo","Ideapad","Slim 3","Lenovo IdeaPad Slim 3 12th Gen Intel Core i5-12450H 15\" (39.6cm) FHD IPS 300 Nits Thin & Light Laptop (16GB/512GB SSD/Win 11/MSO","Win 11","Thin & Light","Mainstream","i5 12th Gen","Consumer",41000,null,"NB",41000,"West1",48380,"",null,"West1 R","Mainstream","Mainstream"]
[21592626,"NAVNATH ANANDA KOLASKAR","navnath.kolaskar@v5global.co.in",7720008830,"V5 Global","KOLHAPUR","V5413211","MAHARASHTRA","Maharashtra",null,"V5 Global",null,null,"Aparajitaa Lakhani","aparajita.lakhani@v5global.co.in",null,"West1",null,"External Consumer","ASO","V5 Global ASO",null,"FT",null,"ASO",null,"Rajeev Jha","TBH",null,"Hemant C Baghel","Sharad verma",null,null,"rjha3@lenovo.com","hbaghel@lenovo.com","sharverm@lenovo.com","ASO","Shilpi Gautam","sgautam2@lenovo.com",null,"Hemant C Baghel",null,"hbaghel@lenovo.com",null,"2025-11-27","22:00:00","16.6935668,74.2693553","SOFTECK MARKETING",{"$nulls":3},"T3","30AHDPP8540Q1ZY","West1",null,"T-6256","North Goa","GOA","V5 Global",null,"Yes","Face to Face","82R4011NIN",1,"Lenovo","IDEA PAD SLIM1","IDEA PAD SLIM1","R5 /5500U/8 GB RAM/512 TB SSD/INT.","WIn 11","Thin & Light","Mainstream","R5","Consumer",35000,null,"NB",35000,"West1",41300,"",null,"West1 R","Mainstream","Entry"]
[21592717,"NAVNATH ANANDA KOLASKAR","navnath.kolaskar@v5global.co.in",7720008830,"V5 Global","KOLHAPUR","V5413211","MAHARASHTRA","Maharashtra",null,"V5 Global",null,null,"Aparajitaa Lakhani","aparajita.lakhani@v5global.co.in",null,"West1",null,"External Consumer","ASO","V5 Global ASO",null,"FT",null,"ASO",null,"Rajeev Jha","TBH",null,"Hemant C Baghel","Sharad verma",null,null,"rjha3@lenovo.com","hbaghel@lenovo.com","sharverm@lenovo.com","ASO","Shilpi Gautam","sgautam2@lenovo.com",null,"Hemant C Baghel",null,"hbaghel@lenovo.com",null,"2025-11-27","22:06:00","16.6935399,74.2693506","Mayur Agencies",{"$nulls":3},"T3","27AALPD7294G1ZF","West1",null,"T-28356","Atpadi","Maharashtra","V5 Global",null,"Yes","Face to Face","90XS005PIN",5,"Lenovo","IdeaCentre","IdeaCentre","IntelÂ® Coreâ„¢ i3-14100 4C, 8GB DDR5/512 SSD/ WiFi 6 + BT 5.2/ 260W/ SFF 8.2Lt / Wired KeyBoard & Mouse /Win 11 Home/1 Yr Onsite","Win 11","TDT","Entry","IntelÂ® Coreâ„¢ i3-14100","Consumer",31500,null,"TDT",157500,"West1",37170,"",null,"West1 R","Entry","Entry"]
[21592744,"Shubham Meshram","shubham.meshram@v5global.co.in",9074043451,"V5 Global","Raipur",601113,"Chhattisgarh","Chhattisgarh",null,"V5 Global",null,null,"Mohmmad Abrar Khan","abrar.khan@v5global.co.in",null,"North2",null,"External Consumer","ASO","V5 Global ASO",null,"FT",null,"ASO",null,"Krishna Kumar Singh","Rahil Rasheed",null,"Rajender Negi","Raghavendra Araveeti","rahil.rasheed@v5global.co.in","rahil.rasheed@v5global.co.in","ksingh25@lenovo.com","rnegi@lenovo.com","raraveeti@lenovo.com","ASO","Shilpi Gautam","sgautam2@lenovo.com",null,"Rajender Negi",null,"rnegi@lenovo.com",null,"2025-11-27","22:10:00","21.2660894,81.6225373","SHAOKEEN HOUSE",{"$nulls":3},"T3","22ADDPG5645D1Z3","East2",null,"T-15904","Kondagaon","Chattisgarh","V5 Global",null,"Yes","Telephonic","83JE00U7IN",1,"Lenovo","LOQ","LOQ 15IRX10","Lenovo LOQ(i7-13700HX/16GB /1TBSSD/W11+MSO24+AI NOW/RTX 5050,8GB/15.6\"FHD,144Hz /1yr)Gry-83JE00U7IN","Win 11","Gaming","Premium","15.6\"FHD,144Hz /1yr)Gry","Consumer",96610,null,"NB",96610,"North2",113999.79999999999,"SP","Gaming","North2","Premium","Premium"]
[21593558,"Pankaj Vinayakrao Bawiskar","pankaj.bawiskar@v5global.co.in",9765452225,"V5 Global","Nagpur","V5436617","Maharashtra","Maharashtra",null,"V5 Global",null,null,"Safdar Hussian","safder.khan@v5global.co.in",null,"West1",null,"External Consumer","ASO","V5 Global ASO",null,"FT",null,"ASO",null,"Sonia more","TBH",null,"Hemant C Baghel","Sharad verma",null,null,"smore3@lenovo.com","hbaghel@lenovo.com","sharverm@lenovo.com","ASO","Shilpi Gautam","sgautam2@lenovo.com",null,"Hemant C Baghel",null,"hbaghel@lenovo.com",null,"2025-11-28","08:22:00","21.142437,79.0983601","Nirmal Computer",{"$nulls":3},"T3",null,"West1",null,"T-21918","Gadchiroli","Maharashtra","V5 Global",null,"Yes","Face to Face","83DV00X4IN",1,"Lenovo","LOQ","LOQ 15IRX9","NB LOQ 15IRX9 I5 16G 512G 11S","Win 11","Gaming","Premium","I5 13450HX","Consumer",82133,null,"NB",82133,"West1",96916.93999999999,"SP","Gaming","West1 R","Premium","Premium"]
[21593649,"Pankaj Kumar","pankaj.kumar@v5global.co.in",8340543380,"V5 Global","Patna",601177,"Bihar","Bihar",null,"V5 Global",null,null,"Shivam Kumar","shivam.kumar@v5global.co.in",null,"East2",null,"External Consumer","ASO","V5 Global ASO",null,"FT",null,"ASO",null,"Krishna Kumar Singh","Imam Hassan",null,"Rajender Negi","Raghavendra Araveeti","imam.hassan@v5global.co.in","imam.hassan@v5global.co.in","ksingh25@lenovo.com","rnegi@lenovo.com","raraveeti@lenovo.com","ASO","Shilpi Gautam","sgautam2@lenovo.com",null,"Rajender Negi",null,"rnegi@lenovo.com",null,"2025-11-28","09:08:00","25.6174427,85.0926201","Digimax Computer",{"$nulls":3},"T3","10BNJPK2111D1ZX","East2",null,"T-2405","Jehanabad","Bihar","V5 Global",null,"Yes","Face to Face","GY51L52636",10,"Lenovo","Wired mouse","Input","Lenovo 120 Wired Mouse","NA","Accessories","NA","NA","Accessories",259,null,null,2590,"East2",305.62,"",null,"East2","NA","NA"]
[21593809,"Bhaskar Borah","bhaskar.borah@v5global.co.in",9508822689,"V5 Global","Jorhat","V5354315","Assam","Assam",null,"V5 Global",null,null,"Sukamal Saha","sukamal.saha@v5global.co.in",null,"East1",null,"External Consumer","ASO","V5 Global ASO",null,"FT",null,"ASO",null,"Partha Chakraborty","Amit Thakuri",null,"Amit Tiwari","Raghavendra Araveeti","amit.thakuri@v5global.co.in","amit.thakuri@v5global.co.in","pchakraborty@lenovo.com","atiwari11@lenovo.com","raraveeti@lenovo.com","ASO","Shilpi Gautam","sgautam2@lenovo.com",null,"Amit Tiwari",null,"atiwari11@lenovo.com",null,"2025-11-28","09:47:00","27.4778717,94.5641183","COMPUTER SOLUTION",{"$nulls":3},"T3","18AZSPG8916E1ZY","East1",null,"T-234","Dhemaji","ASSAM","V5 Global",null,"Yes","Face to Face","82X700HMIN",1,"Lenovo","IdeaPad Slim 3","Slim 3","15.6\", 8GB, 512GB, Integrated Intel UHD Graphics, Office Home 2024, Arctic Grey\t","Win 11","Thin & Light","Mainstream","Intel Core i3-1315U\t","Consumer",41000,null,"NB",41000,"East1",48380,"",null,"East1","Mainstream","Entry"]
[21593817,"Bhaskar Borah","bhaskar.borah@v5global.co.in",9508822689,"V5 Global","Jorhat","V5354315","Assam","Assam",null,"V5 Global",null,null,"Sukamal Saha","sukamal.saha@v5global.co.in",null,"East1",null,"External Consumer","ASO","V5 Global ASO",null,"FT",null,"ASO",null,"Partha Chakraborty","Amit Thakuri",null,"Amit Tiwari","Raghavendra Araveeti","amit.thakuri@v5global.co.in","amit.thakuri@v5global.co.in","pchakraborty@lenovo.com","atiwari11@lenovo.com","raraveeti@lenovo.com","ASO","Shilpi Gautam","sgautam2@lenovo.com",null,"Amit Tiwari",null,"atiwari11@lenovo.com",null,"2025-11-28","09:49:00","27.4778167,94.56412","U-Like Systems",{"$nulls":3},"T3","18ARGPK2276F1ZR","East1",null,"T-295","Golaghat","ASSAM","V5 Global",null,"Yes","Face to Face","82X700HMIN",1,"Lenovo","IdeaPad Slim 3","Slim 3","15.6\", 8GB, 512GB, Integrated Intel UHD Graphics, Office Home 2024, Arctic Grey\t","Win 11","Thin & Light","Mainstream","Intel Core i3-1315U\t","Consumer",41000,null,"NB",41000,"East1",48380,"",null,"East1","Mainstream","Entry"]
[21594441,"Manish Kumar ","manish.k@v5global.co.in",9815306161,"V5 Global","Chandigarh","V5294765","Punjab","Punjab",null,"V5 Global",null,null,"Shivam Kumar","shivam.kumar1@v5global.co.in",null,"North1",null,"External Consumer","ASO","V5 Global ASO",null,"FT",null,"ASO",null,"Naveen Kumar","Gaurav Sharma",null,"Kumar Tanksale","Raghavendra Araveeti","gaurav.sharma@v5global.co.in","gaurav.sharma@v5global.co.in","nkumar12@lenovo.com","ktanksale1@lenovo.com","raraveeti@lenovo.com","ASO","Shilpi Gautam","sgautam2@lenovo.com",null,"Kumar Tanksale",null,"ktanksale1@lenovo.com",null,"2025-11-28","10:35:00","30.7166905,76.7242712","SWASTIK COMPUTER",{"$nulls":3},"T3",null,"North1",null,"T-3410","Kangra","Himachal Pradesh","Denave",null,"Yes","Telephonic","67AKACBIN",2,"Lenovo","L Series","L22E-40","21.5'' VA75HZ HDMI","NA","Visual Variants","Mainstream","NA","Visuals",6250,null,null,12500,"North1",7375,"",null,"North1","Mainstream","Mainstream"]
[21594541,"Manish Kumar ","manish.k@v5global.co.in",9815306161,"V5 Global","Chandigarh","V5294765","Punjab","Punjab",null,"V5 Global",null,null,"Shivam Kumar","shivam.kumar1@v5global.co.in",null,"North1",null,"External Consumer","ASO","V5 Global ASO",null,"FT",null,"ASO",null,"Naveen Kumar","Gaurav Sharma",null,"Kumar Tanksale","Raghavendra Araveeti","gaurav.sharma@v5global.co.in","gaurav.sharma@v5global.co.in","nkumar12@lenovo.com","ktanksale1@lenovo.com","raraveeti@lenovo.com","ASO","Shilpi Gautam","sgautam2@lenovo.com",null,"Kumar Tanksale",null,"ktanksale1@lenovo.com",null,"2025-11-28","10:40:00","30.716817,76.7243388","A.S INFOTECH",{"$nulls":3},"T3",null,"North1",null,"T-3361","Hamirpur","Himachal Pradesh","Denave",null,"Yes","Face to Face","67AKACBIN",2,"Lenovo","L Series","L22E-40","21.5'' VA75HZ HDMI","NA","Visual Variants","Mainstream","NA","Visuals",6250,null,null,12500,"North1",7375,"",null,"North1","Mainstream","Mainstream"]
[21594603,"Manish Kumar ","manish.k@v5global.co.in",9815306161,"V5 Global","Chandigarh","V5294765","Punjab","Punjab",null,"V5 Global",null,null,"Shivam Kumar","shivam.kumar1@v5global.co.in",null,"North1",null,"External Consumer","ASO","V5 Global ASO",null,"FT",null,"ASO",null,"Naveen Kumar","Gaurav Sharma",null,"Kumar Tanksale","Raghavendra Araveeti","gaurav.sharma@v5global.co.in","gaurav.sharma@v5global.co.in","nkumar12@lenovo.com","ktanksale1@lenovo.com","raraveeti@lenovo.com","ASO","Shilpi Gautam","sgautam2@lenovo.com",null,"Kumar Tanksale",null,"ktanksale1@lenovo.com",null,"2025-11-28","10:42:00","30.7167903,76.7243472","Sahoo General Store",{"$nulls":3},"T3","02CPFPS9570B1ZW","North1",null,"T-29356","Roharu","Himachal pradesh","V5Global",null,"Yes","Face to Face","67AKACBIN",2,"Lenovo","L Series","L22E-40","21.5'' VA75HZ HDMI","NA","Visual Variants","Mainstream","NA","Visuals",6250,null,null,12500,"North1",7375,"",null,"North1","Mainstream","Mainstream"]
[21594828,"Manish Kumar ","manish.k@v5global.co.in",9815306161,"V5 Global","Chandigarh","V5294765","Punjab","Punjab",null,"V5 Global",null,null,"Shivam Kumar","shivam.kumar1@v5global.co.in",null,"North1",null,"External Consumer","ASO","V5 Global ASO",null,"FT",null,"ASO",null,"Naveen Kumar","Gaurav Sharma",null,"Kumar Tanksale","Raghavendra Araveeti","gaurav.sharma@v5global.co.in","gaurav.sharma@v5global.co.in","nkumar12@lenovo.com","ktanksale1@lenovo.com","raraveeti@lenovo.com","ASO","Shilpi Gautam","sgautam2@lenovo.com",null,"Kumar Tanksale",null,"ktanksale1@lenovo.com",null,"2025-11-28","10:50:00","30.7168108,76.7243193","Skytech Computer",{"$nulls":3},"T3","04AMLPB6346D1ZF","North1",null,"T-2999","Chandigarh","Chandigarh","Denave",null,"Yes","Face to Face","68CDKAC1IN",1,"Lenovo","L27-4E","L Series","LEN L27-4E 27 IPS BLACK 100HZ","NA","Visual Variants","Premium","NA","Visuals",8158,null,null,8158,"North1",9626.439999999999,"",null,"North1","Premium","Premium"]
[21595165,"Vinod Kumar","vinod.kumar@v5global.co.in",9911547614,"V5 Global","Delhi","V5265873","Delhi","Delhi",null,"V5 Global",null,null,"Gourav Jain","gourav.jain@v5global.co.in",null,"North1",null,"External Consumer","ASO","V5 Global ASO",null,"FT",null,"ASO",null,"Kanwaldeep Singh","Gaurav Sharma",null,"Kumar Tanksale","Raghavendra Araveeti","gaurav.sharma@v5global.co.in","gaurav.sharma@v5global.co.in","ksingh15@lenovo.com","ktanksale1@lenovo.com","raraveeti@lenovo.com","ASO","Shilpi Gautam","sgautam2@lenovo.com",null,"Kumar Tanksale",null,"ktanksale1@lenovo.com",null,"2025-11-28","11:03:00","28.7004622,77.1668855","Crux Computronix Pvt Ltd",{"$nulls":3},"T3","07AFBPJ4272M1ZA","North1",null,"T-3741","New Delhi","New Delhi","V5 Global",null,"Yes","Face to Face","67BCKAC6IN",1,"Lenovo","Monitor -L24i4A","Monitor -L24i4A","Full HD IPS Panel Ultra Thin Monitor with WLED Backlight","NA","Visual Variants","Premium","NA","Visuals",7203,null,null,7203,"North1",8499.539999999999,"",null,"North1","Premium","Premium"]
[21595388,"Furkan ","furkan.1@v5global.co.in",9818299160,"V5 Global","New Delhi","V5462337","NEW DELHI","New Delhi",null,"V5 Global",null,null,"Mohd Asif","mohd.asif@v5global.co.in",null,"North1",null,"External Consumer","ASO","V5 Global ASO",null,"FT",null,"ASO",null,"Kanwaldeep Singh","Gaurav Sharma",null,"Kumar Tanksale","Raghavendra Araveeti","gaurav.sharma@v5global.co.in","gaurav.sharma@v5global.co.in","ksingh15@lenovo.com","ktanksale1@lenovo.com","raraveeti@lenovo.com","ASO","Shilpi Gautam","sgautam2@lenovo.com",null,"Kumar Tanksale",null,"ktanksale1@lenovo.com",null,"2025-11-28","11:09:00","28.6393518,77.2846617","BANSAL STANMART (I) PVT. LTD.",{"$nulls":3},"T3",null,"North1",null,"T-4352","New Delhi","New Delhi","V5 Global",null,"Yes","Face to Face","82LX00F7IN",2,"Lenovo","Ideapad","Slim 1","LEN N4500 8GB 512GB SSD WIN11  1YR","Win 11","Thin & Light","Entry","N4500","Consumer",25900,null,"NB",51800,"North1",30562,"",null,"North1","Entry","Entry"]
[21595913,"Vinod Kumar","vinod.kumar@v5global.co.in",9911547614,"V5 Global","Delhi","V5265873","Delhi","Delhi",null,"V5 Global",null,null,"Gourav Jain","gourav.jain@v5global.co.in",null,"North1",null,"External Consumer","ASO","V5 Global ASO",null,"FT",null,"ASO",null,"Kanwaldeep Singh","Gaurav Sharma",null,"Kumar Tanksale","Raghavendra Araveeti","gaurav.sharma@v5global.co.in","gaurav.sharma@v5global.co.in","ksingh15@lenovo.com","ktanksale1@lenovo.com","raraveeti@lenovo.com","ASO","Shilpi Gautam","sgautam2@lenovo.com",null,"Kumar Tanksale",null,"ktanksale1@lenovo.com",null,"2025-11-28","11:27:00","28.7004714,77.1668536","Entel Technologies",{"$nulls":3},"T3","07AADFE2002P2ZL","North1",null,"T-3694","New Delhi","New Delhi","V5 Global",null,"Yes","Face to Face","67AFKACBIN",1,"Lenovo","L Series","L22E-40","LEN L22E-40 21.5 VA 75 HZ HDMI","NA","Visual Variants","Entry","NA","Visuals",7900,null,null,7900,"North1",9322,"",null,"North1","Entry","Entry"]
[21597317,"Manish Kumar ","manish.k@v5global.co.in",9815306161,"V5 Global","Chandigarh","V5294765","Punjab","Punjab",null,"V5 Global",null,null,"Shivam Kumar","shivam.kumar1@v5global.co.in",null,"North1",null,"External Consumer","ASO","V5 Global ASO",null,"FT",null,"ASO",null,"Naveen Kumar","Gaurav Sharma",null,"Kumar Tanksale","Raghavendra Araveeti","gaurav.sharma@v5global.co.in","gaurav.sharma@v5global.co.in","nkumar12@lenovo.com","ktanksale1@lenovo.com","raraveeti@lenovo.com","ASO","Shilpi Gautam","sgautam2@lenovo.com",null,"Kumar Tanksale",null,"ktanksale1@lenovo.com",null,"2025-11-28","12:34:00","30.7199342,76.7574986","VRG Traders",{"$nulls":3},"T3","02BFBPC6471C1Z6","North1",null,"T-30399","Una","Himachal Pradesh","V5 Global",null,"Yes","Face to Face","83B40004IN",1,"Lenovo","Ideapad","Ideapad 1","15.6\"FHD,8GB/512GB/I3 1315/WIN/MS OFFICE/","Win 11","Thin & Light","Entry","13 1315","Consumer",36960,null,"NB",36960,"North1",43612.799999999996,"",null,"North1","Mainstream","Entry"]
[21598438,"Mohit Chaturvedi","mohit.chaturvedi@v5global.co.in",9753911212,"V5 Global","Gwalior",601082,"Madhya Pradesh","Madhya Pradesh",null,"V5 Global",null,null,"Mohd Asif","mohd.asif@v5global.co.in",null,"North2",null,"External Consumer","ASO","V5 Global ASO",null,"FT",null,"ASO",null,"Mehul Raval","Rahil Rasheed",null,"Durgendra Singh","Raghavendra Araveeti","rahil.rasheed@v5global.co.in","rahil.rasheed@v5global.co.in","mraval@lenovo.com","dsingh1@lenovo.com","raraveeti@lenovo.com","ASO","Shilpi Gautam","sgautam2@lenovo.com",null,"Durgendra Singh",null,"dsingh1@lenovo.com",null,"2025-11-28","14:41:00","26.2033512,78.1628169","E Life",{"$nulls":3},"T3","23ALEPB8821D1ZO","North2",null,"T-29427","Shivpuri","Madhya Pradesh","V5 Global",null,"Yes","Face to Face","F0J6005FIN",1,"Lenovo","AIO","Lenovo A100","23.8\" FHD/8GB RAM/512 SSD/Integrated Graphics/MSO 2024/White","Win 11","AIO","Entry","Intel N100","Consumer",32000,null,"AIO",32000,"North2",37760,"",null,"North2","Entry","Entry"]
[21598448,"Mohit Chaturvedi","mohit.chaturvedi@v5global.co.in",9753911212,"V5 Global","Gwalior",601082,"Madhya Pradesh","Madhya Pradesh",null,"V5 Global",null,null,"Mohd Asif","mohd.asif@v5global.co.in",null,"North2",null,"External Consumer","ASO","V5 Global ASO",null,"FT",null,"ASO",null,"Mehul Raval","Rahil Rasheed",null,"Durgendra Singh","Raghavendra Araveeti","rahil.rasheed@v5global.co.in","rahil.rasheed@v5global.co.in","mraval@lenovo.com","dsingh1@lenovo.com","raraveeti@lenovo.com","ASO","Shilpi Gautam","sgautam2@lenovo.com",null,"Durgendra Singh",null,"dsingh1@lenovo.com",null,"2025-11-28","14:42:00","26.2033654,78.162793","Ankit computer",{"$nulls":3},"T3","23BQSPG4319P1ZC","West3",null,"T-16821","Morena","Madhya Pradesh",null,null,"Yes","Face to Face","F0J6005FIN",1,"Lenovo","AIO","Lenovo A100","23.8\" FHD/8GB RAM/512 SSD/Integrated Graphics/MSO 2024/White","Win 11","AIO","Entry","Intel N100","Consumer",32000,null,"AIO",32000,"North2",37760,"",null,"North2","Entry","Entry"]
[21598871,"Siddhartha Saha ","sidhartha.saha@v5global.co.in",9874293392,"V5 Global","Medinipur","V5367944","West Bengal","West Bengal",null,"V5 Global",null,null,"Sukamal Saha","sukamal.saha@v5global.co.in",null,"East1",null,"External Consumer","ASO","V5 Global ASO",null,"FT",null,"ASO",null,"Kapil Tiwari","Amit Thakuri",null,"Amit Tiwari","Raghavendra Araveeti","amit.thakuri@v5global.co.in","amit.thakuri@v5global.co.in","ktiwari1@lenovo.com","atiwari11@lenovo.com","raraveeti@lenovo.com","ASO","Shilpi Gautam","sgautam2@lenovo.com",null,"Amit Tiwari",null,"atiwari11@lenovo.com",null,"2025-11-28","15:57:00","22.5700657,88.352729","RP ADVANCE PRO",{"$nulls":3},"T3","19CPYPP2738H1Z1","East1",null,"T-31247","Paschim Mednipur","West Bengal","V5 Global",null,"Yes","Face to Face","82R400XSIN",1,"Lenovo","Ideapad","Ideapad","\"Ryzenâ„¢ 5 5500U 6C 8GB RAM 512GB SSD Windows11 MS Office H&S 2024  Integrated AMD Radeon  Graphics  15.6\"\" FHD TN 220nits AG 720","Win 11","Thin & Light","Entry","Amd Ryzen 5 5500U","Consumer",29407,null,"NB",29407,"East1",34700.259999999995,"",null,"East1","Entry","Entry"]
[21598928,"Pran Pratap Singh","pran.singh@v5global.co.in",9001585718,"V5 Global","Jaipur","V5459442","Jaipur","Rajasthan",null,"V5 Global",null,null,"Gourav Jain","gourav.jain@v5global.co.in",null,"North1",null,"External Consumer","ASO","V5 Global ASO",null,"FT",null,"ASO",null,"Ganga Singh","Gaurav Sharma",null,"Kumar Tanksale","Raghavendra Araveeti","gaurav.sharma@v5global.co.in","gaurav.sharma@v5global.co.in","gsingh24@lenovo.com","ktanksale1@lenovo.com","raraveeti@lenovo.com","ASO","Shilpi Gautam","sgautam2@lenovo.com",null,"Kumar Tanksale",null,"ktanksale1@lenovo.com",null,"2025-11-28","16:06:00","26.8533151,75.808906","SURYAN COMPUTER",{"$nulls":3},"T3",null,"North1",null,"T-22641","Jaipur","Rajasthan","V5 Global",null,"Yes","Telephonic","83K100C9IN",1,"Lenovo","Slim 3","IdeaPad Slim 3 15IRH10","NB IP Slim 3 15IRH10 I7 8G 8G 512G 11S","Win 11","Thin & Light","Mainstream","i7 13620H","Consumer",64700,null,"NB",64700,"North1",76346,"SP","Non-Gaming","North1","Premium","Premium"]
[21599393,"Manish Kumar ","manish.k@v5global.co.in",9815306161,"V5 Global","Chandigarh","V5294765","Punjab","Punjab",null,"V5 Global",null,null,"Shivam Kumar","shivam.kumar1@v5global.co.in",null,"North1",null,"External Consumer","ASO","V5 Global ASO",null,"FT",null,"ASO",null,"Naveen Kumar","Gaurav Sharma",null,"Kumar Tanksale","Raghavendra Araveeti","gaurav.sharma@v5global.co.in","gaurav.sharma@v5global.co.in","nkumar12@lenovo.com","ktanksale1@lenovo.com","raraveeti@lenovo.com","ASO","Shilpi Gautam","sgautam2@lenovo.com",null,"Kumar Tanksale",null,"ktanksale1@lenovo.com",null,"2025-11-28","17:15:00","30.7168449,76.7772728","The Computer Warehouses",{"$nulls":3},"T3","04AKDPD1205B1ZD","North1",null,"T-3004","Chandigarh","Chandigarh","Denave",null,"Yes","Face to Face","90T3008SIN",1,"Lenovo","IdeaCentre","IDEACENTER 5","IntelÂ® Coreâ„¢ i5-12400, /8GB RAM/512 SSD/NA/DOS/NA/Cloud Grey","DOS","TDT","Mainstream","IntelÂ® Coreâ„¢ i5-12400","Consumer",45990,null,"TDT",45990,"North1",54268.2,"",null,"North1","Mainstream","Mainstream"]
[21599571,"Vinod Kumar","vinod.kumar@v5global.co.in",9911547614,"V5 Global","Delhi","V5265873","Delhi","Delhi",null,"V5 Global",null,null,"Gourav Jain","gourav.jain@v5global.co.in",null,"North1",null,"External Consumer","ASO","V5 Global ASO",null,"FT",null,"ASO",null,"Kanwaldeep Singh","Gaurav Sharma",null,"Kumar Tanksale","Raghavendra Araveeti","gaurav.sharma@v5global.co.in","gaurav.sharma@v5global.co.in","ksingh15@lenovo.com","ktanksale1@lenovo.com","raraveeti@lenovo.com","ASO","Shilpi Gautam","sgautam2@lenovo.com",null,"Kumar Tanksale",null,"ktanksale1@lenovo.com",null,"2025-11-28","17:41:00","28.7014997,77.1664255","Crux Computronix Pvt Ltd",{"$nulls":3},"T3","07AFBPJ4272M1ZA","North1",null,"T-3741","New Delhi","New Delhi","V5 Global",null,"Yes","Face to Face","82X6005KIN",5,"Lenovo","Ideapad","Slim 3","1315U-CI3/8GB /512GB SSD/intel uhd graphics /14\"","Win 11","Thin & Light","Entry","1315U-ci3","Consumer",31972,null,"NB",159860,"North1",37726.96,"",null,"North1","Entry","Entry"]
[21599626,"Vinod Kumar","vinod.kumar@v5global.co.in",9911547614,"V5 Global","Delhi","V5265873","Delhi","Delhi",null,"V5 Global",null,null,"Gourav Jain","gourav.jain@v5global.co.in",null,"North1",null,"External Consumer","ASO","V5 Global ASO",null,"FT",null,"ASO",null,"Kanwaldeep Singh","Gaurav Sharma",null,"Kumar Tanksale","Raghavendra Araveeti","gaurav.sharma@v5global.co.in","gaurav.sharma@v5global.co.in","ksingh15@lenovo.com","ktanksale1@lenovo.com","raraveeti@lenovo.com","ASO","Shilpi Gautam","sgautam2@lenovo.com",null,"Kumar Tanksale",null,"ktanksale1@lenovo.com",null,"2025-11-28","17:50:00","28.7014972,77.1664449","Mk Computers",{"$nulls":3},"T3","07AARPK9331P1ZV","North1",null,"T-3776","New Delhi","New Delhi","V5 Global",null,"Yes","Telephonic","83B40004IN",1,"Lenovo","Ideapad","Ideapad 1","15.6\"FHD,8GB/512GB/I3 1315/WIN/MS OFFICE/","Win 11","Thin & Light","Entry","13 1315","Consumer",36960,null,"NB",36960,"North1",43612.799999999996,"",null,"North1","Mainstream","Entry"]
[21600077,"Manoj Kumar Panwar","manoj.panwar@v5global.co.in",9828022302,"V5 Global","Ajmer","V5268361","Rajasthan","Rajasthan",null,"V5 Global",null,null,"Gourav Jain","gourav.jain@v5global.co.in",null,"North1",null,"External Consumer","ASO","V5 Global ASO",null,"FT",null,"ASO",null,"Ganga Singh","Gaurav Sharma",null,"Kumar Tanksale","Raghavendra Araveeti","gaurav.sharma@v5global.co.in","gaurav.sharma@v5global.co.in","gsingh24@lenovo.com","ktanksale1@lenovo.com","raraveeti@lenovo.com","ASO","Shilpi Gautam","sgautam2@lenovo.com",null,"Kumar Tanksale",null,"ktanksale1@lenovo.com",null,"2025-11-28","18:43:00","26.2059235,73.9391141","Majisa Computer",{"$nulls":3},"T3",null,"West2",null,"T-25260","Balotra","Rajasthan","Denave",null,"Yes","Face to Face","90XS005PIN",2,"Lenovo","IdeaCentre","IdeaCentre","IntelÂ® Coreâ„¢ i3-14100 4C, 8GB DDR5/512 SSD/ WiFi 6 + BT 5.2/ 260W/ SFF 8.2Lt / Wired KeyBoard & Mouse /Win 11 Home/1 Yr Onsite","Win 11","TDT","Entry","IntelÂ® Coreâ„¢ i3-14100","Consumer",31500,null,"TDT",63000,"North1",37170,"",null,"North1","Entry","Entry"]
[21600346,"Ishan Modha","ishan.modha@v5global.co.in",6352456143,"V5 Global","Ahmedabad",601140,"Gujarat","Gujarat",null,"V5 Global",null,null,"Darshan Shah","darshan.shah@v5global.co.in",null,"West1",null,"External Consumer","ASO","V5 Global ASO",null,"FT",null,"ASO",null,"Jaydip Kachhot","Yunus Hamid Mansoori",null,"Hemant C Baghel","Sharad verma","yunus.hamid@v5global.co.in","yunus.hamid@v5global.co.in","jkachhot@lenovo.com","hbaghel@lenovo.com","sharverm@lenovo.com","ASO","Shilpi Gautam","sgautam2@lenovo.com",null,"Hemant C Baghel",null,"hbaghel@lenovo.com",null,"2025-11-28","19:11:00","22.2924989,70.7956709","UNIVERSAL TECHNOLOGIES",{"$nulls":3},"Top T3","24AMBPK8856D1Z3","West2",null,"T-14041","Rajkot","Gujarat",null,null,"Yes","Face to Face","82X700HMIN",5,"Lenovo","IdeaPad Slim 3","Slim 3","15.6\", 8GB, 512GB, Integrated Intel UHD Graphics, Office Home 2024, Arctic Grey\t","Win 11","Thin & Light","Mainstream","Intel Core i3-1315U\t","Consumer",41000,null,"NB",205000,"West1",48380,"",null,"West1 M","Mainstream","Entry"]
[21600685,"Ragesh K","ragesh.k@v5global.co.in",9249730104,"V5 Global","Calicut","V5313059","Kerala","Kerala",null,"V5 Global",null,null,"Athul Krishna","athul.n@v5global.co.in",null,"South1",null,"External Consumer","ASO","V5 Global ASO",null,"FT",null,"ASO",null,"Shaiju","Prakash Kumar K P",null,"S Sreekumar","Sharad verma","prakash.kp@v5global.co.in","prakash.kp@v5global.co.in","ss89@lenovo.com","ssreekumar@lenovo.com","sharverm@lenovo.com","ASO","Shilpi Gautam","sgautam2@lenovo.com",null,"S Sreekumar",null,"ssreekumar@lenovo.com",null,"2025-11-28","19:45:00","11.2620481,75.8210757","BINARY WORLD",{"$nulls":3},"T3","32AAPFB8804N1Z2","South1",null,"T-8018","Calicut","Kerala","V5 Global",null,"Yes","Telephonic","GY51C12380",5,"Lenovo","Wireless Mouse","Input","Lenovo 130 wireless mouse","NA","Accessories","NA","NA","Accessories",649,null,null,3245,"South1",765.8199999999999,"",null,"South1","NA","NA"]
[21600763,"Ragesh K","ragesh.k@v5global.co.in",9249730104,"V5 Global","Calicut","V5313059","Kerala","Kerala",null,"V5 Global",null,null,"Athul Krishna","athul.n@v5global.co.in",null,"South1",null,"External Consumer","ASO","V5 Global ASO",null,"FT",null,"ASO",null,"Shaiju","Prakash Kumar K P",null,"S Sreekumar","Sharad verma","prakash.kp@v5global.co.in","prakash.kp@v5global.co.in","ss89@lenovo.com","ssreekumar@lenovo.com","sharverm@lenovo.com","ASO","Shilpi Gautam","sgautam2@lenovo.com",null,"S Sreekumar",null,"ssreekumar@lenovo.com",null,"2025-11-28","19:52:00","11.2620284,75.821118","A3 COMPUTERS",{"$nulls":3},"T3","32BJHPM9742C1ZA","South1",null,"T-8830","Calicut","Kerala","V5 Global",null,"Yes","Face to Face","83B40004IN",1,"Lenovo","Ideapad","Ideapad 1","15.6\"FHD,8GB/512GB/I3 1315/WIN/MS OFFICE/","Win 11","Thin & Light","Entry","13 1315","Consumer",36960,null,"NB",36960,"South1",43612.799999999996,"",null,"South1","Mainstream","Entry"]
[21601462,"Surjeet Kumar","surjeet.kumar@v5global.co.in",7004963220,"V5 Global","Muzaffarpur","V5339429","Bihar","Bihar",null,"V5 Global",null,null,"Shivam Kumar","shivam.kumar@v5global.co.in",null,"East2",null,"External Consumer","ASO","V5 Global ASO",null,"FT",null,"ASO",null,"Krishna Kumar Singh","Imam Hassan",null,"Rajender Negi","Raghavendra Araveeti","imam.hassan@v5global.co.in","imam.hassan@v5global.co.in","ksingh25@lenovo.com","rnegi@lenovo.com","raraveeti@lenovo.com","ASO","Shilpi Gautam","sgautam2@lenovo.com",null,"Rajender Negi",null,"rnegi@lenovo.com",null,"2025-11-28","20:41:00","25.6017572,85.1360173","M/S Unique It Solution",{"$nulls":3},"T3","10BEWPA0119M1ZQ","East2",null,"T-29548","Begusaria","Bihar","V5 Global",null,"Yes","Face to Face","67BEKAC1IN",1,"Lenovo","Monitor","L27I-4A","L27I-4A","NA","Visual Variants","Premium","NA","Visuals",13000,null,null,13000,"East2",15340,"",null,"East2","Premium","Premium"]
[21602164,"Chetti Srinivas","chetti.srinivas1@v5global.co.in",9515976797,"V5 Global","Hyderabad",601126,"TELANGANA","Telangana",null,"V5 Global",null,null,"Mohammed Ibrahim","mohammed.ibrahim@v5global.co.in",null,"South2",null,"External Consumer","ASO","V5 Global ASO",null,"FT",null,"ASO",null,"Santosh Singh","S.Arunbabu",null,"Prabhu Subaramanian","Sharad verma","arun.babu@v5global.co.in","arun.babu@v5global.co.in","ssingh9@lenovo.com","psubramania4@lenovo.com","sharverm@lenovo.com","ASO","Shilpi Gautam","sgautam2@lenovo.com",null,"Prabhu Subaramanian",null,"psubramania4@lenovo.com",null,"2025-11-28","21:28:00","17.4138784,78.5659916","Orient Business Services",{"$nulls":3},"T3","36AAACO2367F1ZL","South2",null,"T-10594","Hyderabad","Telangana","V5 Global",null,"Yes","Face to Face","F0HR008YIN",1,"Lenovo","IdeaCentre","AIO","DT IC AIO 24ARR9 A77735HS 512G 16G","Win 11","AIO","Mainstream","R7 7735HS/16GB/512 GB SSD","Consumer",50990,null,"AIO",50990,"South2",60168.2,"",null,"South2","Mainstream","Mainstream"]
[21602597,"Maheswaran ","maheswaran.1@v5global.co.in",9952328485,"V5 Global","Pondicherry","V5458447","Pondicherry","Tamil Nadu","-","V5 Global",null,null,"Prabhakaran A","prabhakaran@v5global.co.in",null,"South2",null,"External Consumer","ASO","V5 Global ASO",null,"FT",null,"ASO",null,"Sridhar Ethirajulu","S.Arunbabu",null,"Prabhu Subaramanian","Sharad verma","arun.babu@v5global.co.in","arun.babu@v5global.co.in","sethirajulu1@lenovo.com","psubramania4@lenovo.com","sharverm@lenovo.com","ASO","Shilpi Gautam","sgautam2@lenovo.com",null,"Prabhu Subaramanian",null,"psubramania4@lenovo.com",null,"2025-11-28","21:49:00","11.9272424,79.7999847","STAR COMPUTERS-(CUDDALORE)",{"$nulls":3},"T3","33AONPK5932N1ZG","South2",null,"T-9914","Cuddalore","Tamil Nadu",null,null,"Yes","Telephonic","F0J6005FIN",1,"Lenovo","AIO","Lenovo A100","23.8\" FHD/8GB RAM/512 SSD/Integrated Graphics/MSO 2024/White","Win 11","AIO","Entry","Intel N100","Consumer",32000,null,"AIO",32000,"South2",37760,"",null,"South2","Entry","Entry"]
[21602751,"Pran Pratap Singh","pran.singh@v5global.co.in",9001585718,"V5 Global","Jaipur","V5459442","Jaipur","Rajasthan",null,"V5 Global",null,null,"Gourav Jain","gourav.jain@v5global.co.in",null,"North1",null,"External Consumer","ASO","V5 Global ASO",null,"FT",null,"ASO",null,"Ganga Singh","Gaurav Sharma",null,"Kumar Tanksale","Raghavendra Araveeti","gaurav.sharma@v5global.co.in","gaurav.sharma@v5global.co.in","gsingh24@lenovo.com","ktanksale1@lenovo.com","raraveeti@lenovo.com","ASO","Shilpi Gautam","sgautam2@lenovo.com",null,"Kumar Tanksale",null,"ktanksale1@lenovo.com",null,"2025-11-28","22:18:00","26.9377672,75.8929201","Titan Data Products",{"$nulls":3},"T3",null,"North1",null,"T-15742","Jaipur","Rajasthan","V5 Global",null,"Yes","Telephonic","83JC00EFIN",1,"Lenovo","LOQ","LOQ 15ARP9","NB LOQ 15ARP9 R5 24G 512G 11S","Win 11","Gaming","Premium","R5 7235HS","Consumer",67578,null,"NB",67578,"North1",79742.04,"SP","Gaming","North1","Premium","Premium"]
[21603122,"Chetti Srinivas","chetti.srinivas1@v5global.co.in",9515976797,"V5 Global","Hyderabad",601126,"TELANGANA","Telangana",null,"V5 Global",null,null,"Mohammed Ibrahim","mohammed.ibrahim@v5global.co.in",null,"South2",null,"External Consumer","ASO","V5 Global ASO",null,"FT",null,"ASO",null,"Santosh Singh","S.Arunbabu",null,"Prabhu Subaramanian","Sharad verma","arun.babu@v5global.co.in","arun.babu@v5global.co.in","ssingh9@lenovo.com","psubramania4@lenovo.com","sharverm@lenovo.com","ASO","Shilpi Gautam","sgautam2@lenovo.com",null,"Prabhu Subaramanian",null,"psubramania4@lenovo.com",null,"2025-11-28","22:58:00","17.4137921,78.5660264","Tejas Systems",{"$nulls":3},"T3","36AFXPK1624C1ZH","South2",null,"T-19311","Hyderabad","Telangana","V5 Global",null,"Yes","Face to Face","F0HN00PHIN",1,"Lenovo","AIO","AIO","LEN I5-13420H 16GB 512GB SSD 23.8 MSO","Win 11","AIO","Mainstream","i5-13420H","Consumer",53381,null,"AIO",53381,"South2",62989.579999999994,"",null,"South2","Mainstream","Mainstream"]
[21603651,"Pankaj Kumar","pankaj.kumar@v5global.co.in",8340543380,"V5 Global","Patna",601177,"Bihar","Bihar",null,"V5 Global",null,null,"Shivam Kumar","shivam.kumar@v5global.co.in",null,"East2",null,"External Consumer","ASO","V5 Global ASO",null,"FT",null,"ASO",null,"Krishna Kumar Singh","Imam Hassan",null,"Rajender Negi","Raghavendra Araveeti","imam.hassan@v5global.co.in","imam.hassan@v5global.co.in","ksingh25@lenovo.com","rnegi@lenovo.com","raraveeti@lenovo.com","ASO","Shilpi Gautam","sgautam2@lenovo.com",null,"Rajender Negi",null,"rnegi@lenovo.com",null,"2025-11-29","08:54:00","25.6174325,85.0926528","Isp Tech Support",{"$nulls":3},"T3","10CEXPM7002K1ZC","East2",null,"T-24961","Gaya","Bihar","V5 Global",null,"Yes","Face to Face","90XW0022IN",1,"Lenovo","IdeaCentre","IdeaCentre 3","Intel Core i7-13620H,10C SFF 7.4 Lt,8 GB DDR4 ,512 GB SSD","DOS","TDT","Mainstream","Intel Core i7-13620H","Consumer",55000,null,"TDT",55000,"East2",64900,"",null,"East2","Mainstream","Mainstream"]
[21603791,"Pankaj Kumar","pankaj.kumar@v5global.co.in",8340543380,"V5 Global","Patna",601177,"Bihar","Bihar",null,"V5 Global",null,null,"Shivam Kumar","shivam.kumar@v5global.co.in",null,"East2",null,"External Consumer","ASO","V5 Global ASO",null,"FT",null,"ASO",null,"Krishna Kumar Singh","Imam Hassan",null,"Rajender Negi","Raghavendra Araveeti","imam.hassan@v5global.co.in","imam.hassan@v5global.co.in","ksingh25@lenovo.com","rnegi@lenovo.com","raraveeti@lenovo.com","ASO","Shilpi Gautam","sgautam2@lenovo.com",null,"Rajender Negi",null,"rnegi@lenovo.com",null,"2025-11-29","09:24:00","25.6174539,85.0925655","Indian Pacific Technology",{"$nulls":3},"T3","10AUPBS2293N1ZG","East2",null,"T-2130","Patna","Bihar","V5 Global",null,"Yes","Face to Face","82LX00F7IN",1,"Lenovo","Ideapad","Slim 1","LEN N4500 8GB 512GB SSD WIN11  1YR","Win 11","Thin & Light","Entry","N4500","Consumer",25900,null,"NB",25900,"East2",30562,"",null,"East2","Entry","Entry"]
[21603942,"Sumit Singh","sumit.singh@v5global.co.in",8963848967,"V5 Global","Mumbai","V5266119","Maharashtra","Maharashtra",null,"V5 Global",null,null,"Muffazal Momin","muffazal.momin@v5global.co.in",null,"West1",null,"External Consumer","ASO","V5 Global ASO",null,"FT",null,"ASO",null,"Amit Tiwari","Yunus Hamid Mansoori",null,"Hemant C Baghel","Sharad verma","yunus.hamid@v5global.co.in","yunus.hamid@v5global.co.in","atiwari5@lenovo.com","hbaghel@lenovo.com","sharverm@lenovo.com","ASO","Shilpi Gautam","sgautam2@lenovo.com",null,"Hemant C Baghel",null,"hbaghel@lenovo.com",null,"2025-11-29","09:27:00","23.8639992,72.37553","P C Guide",{"$nulls":3},"T3",null,"West1",null,"T-25923","Lamington Road","Maharashtra","V5 Global",null,"Yes","Face to Face","90XS005PIN",1,"Lenovo","IdeaCentre","IdeaCentre","IntelÂ® Coreâ„¢ i3-14100 4C, 8GB DDR5/512 SSD/ WiFi 6 + BT 5.2/ 260W/ SFF 8.2Lt / Wired KeyBoard & Mouse /Win 11 Home/1 Yr Onsite","Win 11","TDT","Entry","IntelÂ® Coreâ„¢ i3-14100","Consumer",31500,null,"TDT",31500,"West1",37170,"",null,"West1 M","Entry","Entry"]
[21603952,"Sumit Singh","sumit.singh@v5global.co.in",8963848967,"V5 Global","Mumbai","V5266119","Maharashtra","Maharashtra",null,"V5 Global",null,null,"Muffazal Momin","muffazal.momin@v5global.co.in",null,"West1",null,"External Consumer","ASO","V5 Global ASO",null,"FT",null,"ASO",null,"Amit Tiwari","Yunus Hamid Mansoori",null,"Hemant C Baghel","Sharad verma","yunus.hamid@v5global.co.in","yunus.hamid@v5global.co.in","atiwari5@lenovo.com","hbaghel@lenovo.com","sharverm@lenovo.com","ASO","Shilpi Gautam","sgautam2@lenovo.com",null,"Hemant C Baghel",null,"hbaghel@lenovo.com",null,"2025-11-29","09:51:00","24.1311794,72.4225559","Casstte World India",{"$nulls":3},"T3",null,"West1",null,"T-25989","Mumbai","Maharashtra","V5 Global",null,"Yes","Telephonic","GX31L52655",5,"Lenovo","Wired Combo","Input","Lenovo 160 Wired Combo","NA","Accessories","NA","NA","Accessories",999,null,null,4995,"West1",1178.82,"",null,"West1 M","NA","NA"]
[21605864,"Vinod Kumar","vinod.kumar@v5global.co.in",9911547614,"V5 Global","Delhi","V5265873","Delhi","Delhi",null,"V5 Global",null,null,"Gourav Jain","gourav.jain@v5global.co.in",null,"North1",null,"External Consumer","ASO","V5 Global ASO",null,"FT",null,"ASO",null,"Kanwaldeep Singh","Gaurav Sharma",null,"Kumar Tanksale","Raghavendra Araveeti","gaurav.sharma@v5global.co.in","gaurav.sharma@v5global.co.in","ksingh15@lenovo.com","ktanksale1@lenovo.com","raraveeti@lenovo.com","ASO","Shilpi Gautam","sgautam2@lenovo.com",null,"Kumar Tanksale",null,"ktanksale1@lenovo.com",null,"2025-11-29","11:25:00","28.7005336,77.1668592","Hans Computers",{"$nulls":3},"T3",null,"North1",null,"T-20723","New Delhi","New Delhi","V5 Global",null,"Yes","Face to Face","GY51L52636",5,"Lenovo","Wired mouse","Input","Lenovo 120 Wired Mouse","NA","Accessories","NA","NA","Accessories",259,null,null,1295,"North1",305.62,"",null,"North1","NA","NA"]
[21606219,"Vinod Kumar","vinod.kumar@v5global.co.in",9911547614,"V5 Global","Delhi","V5265873","Delhi","Delhi",null,"V5 Global",null,null,"Gourav Jain","gourav.jain@v5global.co.in",null,"North1",null,"External Consumer","ASO","V5 Global ASO",null,"FT",null,"ASO",null,"Kanwaldeep Singh","Gaurav Sharma",null,"Kumar Tanksale","Raghavendra Araveeti","gaurav.sharma@v5global.co.in","gaurav.sharma@v5global.co.in","ksingh15@lenovo.com","ktanksale1@lenovo.com","raraveeti@lenovo.com","ASO","Shilpi Gautam","sgautam2@lenovo.com",null,"Kumar Tanksale",null,"ktanksale1@lenovo.com",null,"2025-11-29","11:37:00","28.7005009,77.1668322","Sam Computer",{"$nulls":3},"T3",null,"North1",null,"T-3652","New Delhi","New Delhi","V5 Global",null,"Yes","Telephonic","GY51L52636",5,"Lenovo","Wired mouse","Input","Lenovo 120 Wired Mouse","NA","Accessories","NA","NA","Accessories",259,null,null,1295,"North1",305.62,"",null,"North1","NA","NA"]
[21609363,"Umer Farooq Bhat","umer.farooq@v5global.co.in",7006131255,"V5 Global","Srinagar","V5266190","Jammu and Kashmir","Jammu and Kashmir",null,"V5 Global",null,null,"Shivam Kumar","shivam.kumar1@v5global.co.in",null,"North1",null,"External Consumer","ASO","V5 Global ASO",null,"FT",null,"ASO",null,"Karan Kapoor","Gaurav Sharma",null,"Kumar Tanksale","Raghavendra Araveeti","gaurav.sharma@v5global.co.in","gaurav.sharma@v5global.co.in","Kkapoor@lenovo.com","ktanksale1@lenovo.com","raraveeti@lenovo.com","ASO","Shilpi Gautam","sgautam2@lenovo.com",null,"Kumar Tanksale",null,"ktanksale1@lenovo.com",null,"2025-11-29","12:53:00","34.0737341,74.819876","SYBEX THE TECHNOCITY",{"$nulls":3},"T3","01BFYPR0946G1Z6","North1",null,"T-30870","srinagar","Jammu And Kashmir","V5 Global",null,"Yes","Face to Face","82X700HMIN",4,"Lenovo","IdeaPad Slim 3","Slim 3","15.6\", 8GB, 512GB, Integrated Intel UHD Graphics, Office Home 2024, Arctic Grey\t","Win 11","Thin & Light","Mainstream","Intel Core i3-1315U\t","Consumer",41000,null,"NB",164000,"North1",48380,"",null,"North1","Mainstream","Entry"]
[21608359,"Sukanta Sinha","sukanta.sinha@v5global.co.in",9854184578,"V5 Global","Guwahati","V5266867","NE","NE",null,"V5 Global",null,null,"Sukamal Saha","sukamal.saha@v5global.co.in",null,"East1",null,"External Consumer","ASO","V5 Global ASO",null,"FT",null,"ASO",null,"Partha Chakraborty","Amit Thakuri",null,"Amit Tiwari","Raghavendra Araveeti","amit.thakuri@v5global.co.in","amit.thakuri@v5global.co.in","pchakraborty@lenovo.com","atiwari11@lenovo.com","raraveeti@lenovo.com","ASO","Shilpi Gautam","sgautam2@lenovo.com",null,"Amit Tiwari",null,"atiwari11@lenovo.com",null,"2025-11-29","14:28:00","26.1761645,91.7572572","Avirup Computer Works",{"$nulls":3},"T3","18AWJPC4622R1Z3","East1",null,"T-21885","Lumding","Assam","Denave",null,"Yes","Telephonic","GY51C12380",10,"Lenovo","Wireless Mouse","Input","Lenovo 130 wireless mouse","NA","Accessories","NA","NA","Accessories",649,null,null,6490,"East1",765.8199999999999,"",null,"East1","NA","NA"]
[21623413,"Arabinda Samanta","arabinda.samanta@v5global.co.in",8879216607,"V5 Global","Mumbai","V5360834","Maharashtra","Maharashtra",null,"V5 Global",null,null,"Muffazal Momin","muffazal.momin@v5global.co.in",null,"West1",null,"External Consumer","ASO","V5 Global ASO",null,"FT",null,"ASO",null,"Amit Tiwari","Yunus Hamid Mansoori",null,"Hemant C Baghel","Sharad verma","yunus.hamid@v5global.co.in","yunus.hamid@v5global.co.in","atiwari5@lenovo.com","hbaghel@lenovo.com","sharverm@lenovo.com","ASO","Shilpi Gautam","sgautam2@lenovo.com",null,"Hemant C Baghel",null,"hbaghel@lenovo.com",null,"2025-11-29","15:07:00","19.4302712,72.8215179","corebyte system",{"$nulls":3},"T3",null,"West1",null,"T-22001","Mumbai","Maharashtra","V5 Global",null,"Yes","Face to Face","83B40004IN",3,"Lenovo","Ideapad","Ideapad 1","15.6\"FHD,8GB/512GB/I3 1315/WIN/MS OFFICE/","Win 11","Thin & Light","Entry","13 1315","Consumer",36960,null,"NB",110880,"West1",43612.799999999996,"",null,"West1 M","Mainstream","Entry"]
[21608722,"Sunil Batra","sunil.batra@v5global.co.in",9729866778,"V5 Global","Karnal","V5267500","Haryana","Haryana",null,"V5 Global",null,null,"Chetan Mehta","Chetan.mehta@v5global.co.in",null,"North1",null,"External Consumer","ASO","V5 Global ASO",null,"FT",null,"ASO",null,"Rajat Maheshwari","Gaurav Sharma",null,"Kumar Tanksale","Raghavendra Araveeti","gaurav.sharma@v5global.co.in","gaurav.sharma@v5global.co.in","rmaheshwari@lenovo.com","ktanksale1@lenovo.com","raraveeti@lenovo.com","ASO","Shilpi Gautam","sgautam2@lenovo.com",null,"Kumar Tanksale",null,"ktanksale1@lenovo.com",null,"2025-11-29","15:31:00","29.0134076,77.0329837","P.S IT ZONE",{"$nulls":3},"T3","06AXTPK6589N1ZA","North1",null,"T-3131","Kurukshetra","Haryana","V5 Global",null,"Yes","Telephonic","67DDKAC6IN",10,"Lenovo","Monitor","Monitor","Non Gaming|L24-4C|23.8\"","NA","Visual Variants","Mainstream","L24-4C","Visuals",8500,null,null,85000,"North1",10030,"",null,"North1","Mainstream","Mainstream"]
[21608861,"Vinod Kumar","vinod.kumar@v5global.co.in",9911547614,"V5 Global","Delhi","V5265873","Delhi","Delhi",null,"V5 Global",null,null,"Gourav Jain","gourav.jain@v5global.co.in",null,"North1",null,"External Consumer","ASO","V5 Global ASO",null,"FT",null,"ASO",null,"Kanwaldeep Singh","Gaurav Sharma",null,"Kumar Tanksale","Raghavendra Araveeti","gaurav.sharma@v5global.co.in","gaurav.sharma@v5global.co.in","ksingh15@lenovo.com","ktanksale1@lenovo.com","raraveeti@lenovo.com","ASO","Shilpi Gautam","sgautam2@lenovo.com",null,"Kumar Tanksale",null,"ktanksale1@lenovo.com",null,"2025-11-29","15:58:00","28.7015392,77.1663808","Unique Computer & Network",{"$nulls":3},"T3","07AEJPJ0645R1Z1","North1",null,"T-3661","New Delhi","New Delhi","V5 Global",null,"Yes","Face to Face","82X6005KIN",1,"Lenovo","Ideapad","Slim 3","1315U-CI3/8GB /512GB SSD/intel uhd graphics /14\"","Win 11","Thin & Light","Entry","1315U-ci3","Consumer",31972,null,"NB",31972,"North1",37726.96,"",null,"North1","Entry","Entry"]
[21608878,"Mukesh Bhandari","mukesh.bhandari@v5global.co.in",9414235543,"V5 Global","Udaipur","V5301580","Rajasthan","Rajasthan",null,"V5 Global",null,null,"Gourav Jain","gourav.jain@v5global.co.in",null,"North1",null,"External Consumer","ASO","V5 Global ASO",null,"FT",null,"ASO",null,"Ganga Singh","Gaurav Sharma",null,"Kumar Tanksale","Raghavendra Araveeti","gaurav.sharma@v5global.co.in","gaurav.sharma@v5global.co.in","gsingh24@lenovo.com","ktanksale1@lenovo.com","raraveeti@lenovo.com","ASO","Shilpi Gautam","sgautam2@lenovo.com",null,"Kumar Tanksale",null,"ktanksale1@lenovo.com",null,"2025-11-29","16:01:00","24.5861783,73.691385","DIAMOND COMPUTERS",{"$nulls":3},"T3","08EKHPP5257F1ZT","West2",null,"T-15658","Pratapgarh","Rajasthan",null,null,"Yes","Face to Face","82R400XSIN",1,"Lenovo","Ideapad","Ideapad","\"Ryzenâ„¢ 5 5500U 6C 8GB RAM 512GB SSD Windows11 MS Office H&S 2024  Integrated AMD Radeon  Graphics  15.6\"\" FHD TN 220nits AG 720","Win 11","Thin & Light","Entry","Amd Ryzen 5 5500U","Consumer",29407,null,"NB",29407,"North1",34700.259999999995,"",null,"North1","Entry","Entry"]
[21608969,"Mukesh Bhandari","mukesh.bhandari@v5global.co.in",9414235543,"V5 Global","Udaipur","V5301580","Rajasthan","Rajasthan",null,"V5 Global",null,null,"Gourav Jain","gourav.jain@v5global.co.in",null,"North1",null,"External Consumer","ASO","V5 Global ASO",null,"FT",null,"ASO",null,"Ganga Singh","Gaurav Sharma",null,"Kumar Tanksale","Raghavendra Araveeti","gaurav.sharma@v5global.co.in","gaurav.sharma@v5global.co.in","gsingh24@lenovo.com","ktanksale1@lenovo.com","raraveeti@lenovo.com","ASO","Shilpi Gautam","sgautam2@lenovo.com",null,"Kumar Tanksale",null,"ktanksale1@lenovo.com",null,"2025-11-29","16:16:00","24.5862033,73.6914217","CYBERTECH",{"$nulls":3},"T3","08DXNPK2163M1ZX","North1",null,"T-15569","Udaipur","Rajasthan","V5 Global",null,"Yes","Face to Face","82R400XSIN",1,"Lenovo","Ideapad","Ideapad","\"Ryzenâ„¢ 5 5500U 6C 8GB RAM 512GB SSD Windows11 MS Office H&S 2024  Integrated AMD Radeon  Graphics  15.6\"\" FHD TN 220nits AG 720","Win 11","Thin & Light","Entry","Amd Ryzen 5 5500U","Consumer",29407,null,"NB",29407,"North1",34700.259999999995,"",null,"North1","Entry","Entry"]
[21609051,"Mukesh Bhandari","mukesh.bhandari@v5global.co.in",9414235543,"V5 Global","Udaipur","V5301580","Rajasthan","Rajasthan",null,"V5 Global",null,null,"Gourav Jain","gourav.jain@v5global.co.in",null,"North1",null,"External Consumer","ASO","V5 Global ASO",null,"FT",null,"ASO",null,"Ganga Singh","Gaurav Sharma",null,"Kumar Tanksale","Raghavendra Araveeti","gaurav.sharma@v5global.co.in","gaurav.sharma@v5global.co.in","gsingh24@lenovo.com","ktanksale1@lenovo.com","raraveeti@lenovo.com","ASO","Shilpi Gautam","sgautam2@lenovo.com",null,"Kumar Tanksale",null,"ktanksale1@lenovo.com",null,"2025-11-29","16:32:00","24.5861733,73.6913637","Sakshi Computer & Peripherals",{"$nulls":3},"T3","08AIOPP7146G1ZS","North1",null,"T-19662","Udaipur","Rajasthan","V5 Global",null,"Yes","Face to Face","67BCKAC6IN",2,"Lenovo","Monitor -L24i4A","Monitor -L24i4A","Full HD IPS Panel Ultra Thin Monitor with WLED Backlight","NA","Visual Variants","Premium","NA","Visuals",7203,null,null,14406,"North1",8499.539999999999,"",null,"North1","Premium","Premium"]
[21609160,"Furkan ","furkan.1@v5global.co.in",9818299160,"V5 Global","New Delhi","V5462337","NEW DELHI","New Delhi",null,"V5 Global",null,null,"Mohd Asif","mohd.asif@v5global.co.in",null,"North1",null,"External Consumer","ASO","V5 Global ASO",null,"FT",null,"ASO",null,"Kanwaldeep Singh","Gaurav Sharma",null,"Kumar Tanksale","Raghavendra Araveeti","gaurav.sharma@v5global.co.in","gaurav.sharma@v5global.co.in","ksingh15@lenovo.com","ktanksale1@lenovo.com","raraveeti@lenovo.com","ASO","Shilpi Gautam","sgautam2@lenovo.com",null,"Kumar Tanksale",null,"ktanksale1@lenovo.com",null,"2025-11-29","16:42:00","28.6389869,77.2847209","BANSAL BUSINESS CORPORATION",{"$nulls":3},"T3",null,"North1",null,"T-4351","New Delhi","New Delhi","V5 Global",null,"Yes","Face to Face","83K000B8IN",1,"Lenovo","Ideapad","IdeaPad Slim 3","15.6\" FHD (1920x1080),16GB Ram, 512 GB SSD, ,MS OFFICE 2024  Luna Grey","Win 11","Thin & Light","Premium","IntelÂ® Coreâ„¢ i5-13420H","Consumer",65000,null,"NB",65000,"North1",76700,"",null,"North1","Premium","Mainstream"]
[21609164,"Mukesh Bhandari","mukesh.bhandari@v5global.co.in",9414235543,"V5 Global","Udaipur","V5301580","Rajasthan","Rajasthan",null,"V5 Global",null,null,"Gourav Jain","gourav.jain@v5global.co.in",null,"North1",null,"External Consumer","ASO","V5 Global ASO",null,"FT",null,"ASO",null,"Ganga Singh","Gaurav Sharma",null,"Kumar Tanksale","Raghavendra Araveeti","gaurav.sharma@v5global.co.in","gaurav.sharma@v5global.co.in","gsingh24@lenovo.com","ktanksale1@lenovo.com","raraveeti@lenovo.com","ASO","Shilpi Gautam","sgautam2@lenovo.com",null,"Kumar Tanksale",null,"ktanksale1@lenovo.com",null,"2025-11-29","16:51:00","24.5861627,73.6913527","Vinayak Corporation",{"$nulls":3},"T3","08AAIFV0999B1ZX","North1",null,"T-15588","Bhilwara","Rajasthan","V5 Global",null,"Yes","Face to Face","GX31L52655",5,"Lenovo","Wired Combo","Input","Lenovo 160 Wired Combo","NA","Accessories","NA","NA","Accessories",999,null,null,4995,"North1",1178.82,"",null,"North1","NA","NA"]
[21609185,"Mukesh Bhandari","mukesh.bhandari@v5global.co.in",9414235543,"V5 Global","Udaipur","V5301580","Rajasthan","Rajasthan",null,"V5 Global",null,null,"Gourav Jain","gourav.jain@v5global.co.in",null,"North1",null,"External Consumer","ASO","V5 Global ASO",null,"FT",null,"ASO",null,"Ganga Singh","Gaurav Sharma",null,"Kumar Tanksale","Raghavendra Araveeti","gaurav.sharma@v5global.co.in","gaurav.sharma@v5global.co.in","gsingh24@lenovo.com","ktanksale1@lenovo.com","raraveeti@lenovo.com","ASO","Shilpi Gautam","sgautam2@lenovo.com",null,"Kumar Tanksale",null,"ktanksale1@lenovo.com",null,"2025-11-29","16:54:00","24.58616,73.6913488","R.K. COMPUTERS",{"$nulls":3},"T3","08AKUPK5710F1ZZ","North1",null,"T-15603","Chittorgarh","Rajasthan","V5 Global",null,"Yes","Face to Face","GX31L52655",5,"Lenovo","Wired Combo","Input","Lenovo 160 Wired Combo","NA","Accessories","NA","NA","Accessories",999,null,null,4995,"North1",1178.82,"",null,"North1","NA","NA"]
[21609457,"Samya Roy","samya.roy@v5global.co.in",9474010730,"V5 Global","Bolpur","V5287255","West Bengal","West Bengal",null,"V5 Global",null,null,"Arindam Mazumdar","arindam.mazumdar@v5global.co.in",null,"East1",null,"External Consumer","ASO","V5 Global ASO",null,"FT",null,"ASO",null,"Ashique Ali","Amit Thakuri",null,"Amit Tiwari","Raghavendra Araveeti","amit.thakuri@v5global.co.in","amit.thakuri@v5global.co.in","aali11@lenovo.com","atiwari11@lenovo.com","raraveeti@lenovo.com","ASO","Shilpi Gautam","sgautam2@lenovo.com",null,"Amit Tiwari",null,"atiwari11@lenovo.com",null,"2025-11-29","17:29:00","23.5559556,87.2739485","A R Electronics",{"$nulls":3},"T3","19ABAFA4229L1ZD","East1",null,"T-1512","West Burdwan","West Bengal","V5 Global",null,"Yes","Telephonic","83K100CAIN",5,"Lenovo","Ideapad","Slim 3","NB IP Slim 3 15IRH10 I5 8G 512G 11S","Win 11","Thin & Light","Premium","i5 13420H/8GB/512GB SSD","Consumer",56251,null,"NB",281255,"East1",66376.18,"",null,"East1","Premium","Mainstream"]
[21609881,"Sukanta Sinha","sukanta.sinha@v5global.co.in",9854184578,"V5 Global","Guwahati","V5266867","NE","NE",null,"V5 Global",null,null,"Sukamal Saha","sukamal.saha@v5global.co.in",null,"East1",null,"External Consumer","ASO","V5 Global ASO",null,"FT",null,"ASO",null,"Partha Chakraborty","Amit Thakuri",null,"Amit Tiwari","Raghavendra Araveeti","amit.thakuri@v5global.co.in","amit.thakuri@v5global.co.in","pchakraborty@lenovo.com","atiwari11@lenovo.com","raraveeti@lenovo.com","ASO","Shilpi Gautam","sgautam2@lenovo.com",null,"Amit Tiwari",null,"atiwari11@lenovo.com",null,"2025-11-29","18:17:00","26.176171,91.7572246","Vision India",{"$nulls":3},"T3","18AADFV5613K1ZX","East1",null,"T-202","Kamrup Metropolitan","ASSAM","V5 Global",null,"Yes","Telephonic","82R4011NIN",1,"Lenovo","IDEA PAD SLIM1","IDEA PAD SLIM1","R5 /5500U/8 GB RAM/512 TB SSD/INT.","WIn 11","Thin & Light","Mainstream","R5","Consumer",35000,null,"NB",35000,"East1",41300,"",null,"East1","Mainstream","Entry"]
[21610231,"Devendar Vaishnav","devendar.vaishnav@v5global.co.in",9346025615,"V5 Global","Hyderabad",601572,"Hyderabad","Telangana",null,"V5 Global",null,null,"Mohammed Ibrahim","mohammed.ibrahim@v5global.co.in",null,"South2",null,"External Consumer","ASO","V5 Global ASO",null,"FT",null,"ASO",null,"Santosh Singh","S.Arunbabu",null,"Prabhu Subaramanian","Sharad verma","arun.babu@v5global.co.in","arun.babu@v5global.co.in","ssingh9@lenovo.com","psubramania4@lenovo.com","sharverm@lenovo.com","ASO","Shilpi Gautam","sgautam2@lenovo.com",null,"Prabhu Subaramanian",null,"psubramania4@lenovo.com",null,"2025-11-29","18:56:00","17.4835617,78.391215","Mahaveer Computers",{"$nulls":3},"T3","36BFAPM4787A1ZJ","South2",null,"T-10574","Hyderabad","Telangana","V5 Global",null,"Yes","Face to Face","82XQ00MDIN",2,"Lenovo","Ideapad","Slim 3","RYZEN-7320U/8GB LPDDR5-5500/512GB SSD/Integrated AMD Radeon graphics","Win 11","Thin & Light","Entry","Ryzen3 7320U","Consumer",33000,null,"NB",66000,"South2",38940,"",null,"South2","Entry","Entry"]
[21610270,"Devendar Vaishnav","devendar.vaishnav@v5global.co.in",9346025615,"V5 Global","Hyderabad",601572,"Hyderabad","Telangana",null,"V5 Global",null,null,"Mohammed Ibrahim","mohammed.ibrahim@v5global.co.in",null,"South2",null,"External Consumer","ASO","V5 Global ASO",null,"FT",null,"ASO",null,"Santosh Singh","S.Arunbabu",null,"Prabhu Subaramanian","Sharad verma","arun.babu@v5global.co.in","arun.babu@v5global.co.in","ssingh9@lenovo.com","psubramania4@lenovo.com","sharverm@lenovo.com","ASO","Shilpi Gautam","sgautam2@lenovo.com",null,"Prabhu Subaramanian",null,"psubramania4@lenovo.com",null,"2025-11-29","19:01:00","17.483575,78.3911917","Mm Computers And Laptop",{"$nulls":3},"T3","36AGLPM9297J1ZH","South2",null,"T-10572","Hyderabad","Telangana","V5 Global",null,"Yes","Face to Face","82XQ00MDIN",3,"Lenovo","Ideapad","Slim 3","RYZEN-7320U/8GB LPDDR5-5500/512GB SSD/Integrated AMD Radeon graphics","Win 11","Thin & Light","Entry","Ryzen3 7320U","Consumer",33000,null,"NB",99000,"South2",38940,"",null,"South2","Entry","Entry"]
[21611153,"Surjeet Kumar","surjeet.kumar@v5global.co.in",7004963220,"V5 Global","Muzaffarpur","V5339429","Bihar","Bihar",null,"V5 Global",null,null,"Shivam Kumar","shivam.kumar@v5global.co.in",null,"East2",null,"External Consumer","ASO","V5 Global ASO",null,"FT",null,"ASO",null,"Krishna Kumar Singh","Imam Hassan",null,"Rajender Negi","Raghavendra Araveeti","imam.hassan@v5global.co.in","imam.hassan@v5global.co.in","ksingh25@lenovo.com","rnegi@lenovo.com","raraveeti@lenovo.com","ASO","Shilpi Gautam","sgautam2@lenovo.com",null,"Rajender Negi",null,"rnegi@lenovo.com",null,"2025-11-29","20:13:00","25.6028175,85.134253","Prabhat computer center",{"$nulls":3},"T3","10AROPK3320J1Z3","East2",null,"T-2086","Sitamarhi","Bihar","V5 Global",null,"Yes","Face to Face","82X700HMIN",1,"Lenovo","IdeaPad Slim 3","Slim 3","15.6\", 8GB, 512GB, Integrated Intel UHD Graphics, Office Home 2024, Arctic Grey\t","Win 11","Thin & Light","Mainstream","Intel Core i3-1315U\t","Consumer",41000,null,"NB",41000,"East2",48380,"",null,"East2","Mainstream","Entry"]
[21611888,"Sukanta Sinha","sukanta.sinha@v5global.co.in",9854184578,"V5 Global","Guwahati","V5266867","NE","NE",null,"V5 Global",null,null,"Sukamal Saha","sukamal.saha@v5global.co.in",null,"East1",null,"External Consumer","ASO","V5 Global ASO",null,"FT",null,"ASO",null,"Partha Chakraborty","Amit Thakuri",null,"Amit Tiwari","Raghavendra Araveeti","amit.thakuri@v5global.co.in","amit.thakuri@v5global.co.in","pchakraborty@lenovo.com","atiwari11@lenovo.com","raraveeti@lenovo.com","ASO","Shilpi Gautam","sgautam2@lenovo.com",null,"Amit Tiwari",null,"atiwari11@lenovo.com",null,"2025-11-29","20:57:00","26.1761711,91.7572433","Global Computer",{"$nulls":3},"T3","18AVNPS5745G1ZY","East1",null,"T-84","Kamrup Metropolitan","ASSAM","V5 Global",null,"Yes","Telephonic","83JC00HNIN",1,"Lenovo","LOQ","LOQ","Lenovo LOQ 15 R7 7235HS Gen Gaming Laptop (12GB, 512GB SSD, Windows 11 Home, 4GB Graphics, 15.6 inch 144 Hz Full HD IPS Display,","Win 11","Thin & Light","Premium","R7 7235HS","Consumer",50000,null,"NB",50000,"East1",59000,"",null,"East1","Mainstream","Mainstream"]
[21612348,"Govind Gulab Rajbhar","govind.gulab@v5global.co.in",9029031943,"V5 Global","Mumbai","V5263641","Maharashtra","Maharashtra",null,"V5 Global",null,null,"Pooja Thakur","pooja.thakur@v5global.co.in",null,"West1",null,"External Consumer","ASO","V5 Global ASO",null,"FT",null,"ASO",null,"Amit Tiwari","Yunus Hamid Mansoori",null,"Hemant C Baghel","Sharad verma","yunus.hamid@v5global.co.in","yunus.hamid@v5global.co.in","atiwari5@lenovo.com","hbaghel@lenovo.com","sharverm@lenovo.com","ASO","Shilpi Gautam","sgautam2@lenovo.com",null,"Hemant C Baghel",null,"hbaghel@lenovo.com",null,"2025-11-29","21:28:00","19.2169746,72.8439265","Ync Systems",{"$nulls":3},"T3",null,"West1",null,"T-25774","Mumbai","Maharashtra","V5 Global",null,"Yes","Telephonic","61E0KAR6WW",1,"Lenovo","D Series","D19-10","D19: 18.5\" VGA + HDMI with HDMI Cable","NA","Visual Variants","Entry","NA","Visuals",5058,null,null,5058,"West1",5968.44,"",null,"West1 M","Entry","Entry"]
[21612578,"Siddhartha Saha ","sidhartha.saha@v5global.co.in",9874293392,"V5 Global","Medinipur","V5367944","West Bengal","West Bengal",null,"V5 Global",null,null,"Sukamal Saha","sukamal.saha@v5global.co.in",null,"East1",null,"External Consumer","ASO","V5 Global ASO",null,"FT",null,"ASO",null,"Kapil Tiwari","Amit Thakuri",null,"Amit Tiwari","Raghavendra Araveeti","amit.thakuri@v5global.co.in","amit.thakuri@v5global.co.in","ktiwari1@lenovo.com","atiwari11@lenovo.com","raraveeti@lenovo.com","ASO","Shilpi Gautam","sgautam2@lenovo.com",null,"Amit Tiwari",null,"atiwari11@lenovo.com",null,"2025-11-29","21:38:00","22.5934181,88.3562158","Shree Kailash Bussiness Service",{"$nulls":3},"T3","19AHKPA1313R1Z7","East1",null,"T-1471","Medinipur","West Bengal","V5 Global",null,"Yes","Face to Face","67BCKAC6IN",10,"Lenovo","Monitor -L24i4A","Monitor -L24i4A","Full HD IPS Panel Ultra Thin Monitor with WLED Backlight","NA","Visual Variants","Premium","NA","Visuals",7203,null,null,72030,"East1",8499.539999999999,"",null,"East1","Premium","Premium"]
[21612597,"Siddhartha Saha ","sidhartha.saha@v5global.co.in",9874293392,"V5 Global","Medinipur","V5367944","West Bengal","West Bengal",null,"V5 Global",null,null,"Sukamal Saha","sukamal.saha@v5global.co.in",null,"East1",null,"External Consumer","ASO","V5 Global ASO",null,"FT",null,"ASO",null,"Kapil Tiwari","Amit Thakuri",null,"Amit Tiwari","Raghavendra Araveeti","amit.thakuri@v5global.co.in","amit.thakuri@v5global.co.in","ktiwari1@lenovo.com","atiwari11@lenovo.com","raraveeti@lenovo.com","ASO","Shilpi Gautam","sgautam2@lenovo.com",null,"Amit Tiwari",null,"atiwari11@lenovo.com",null,"2025-11-29","21:41:00","22.593391,88.3561276","Krishna Computer",{"$nulls":3},"T3","19AHFPD9722N1ZW","East1",null,"T-1417","Medinipur","West Bengal","V5 Global",null,"Yes","Face to Face","67CCGAC4IN",5,"Lenovo","Moniter","R24E","NA","NA","Visual Variants","Premium","NA","Visuals",10500,null,null,52500,"East1",12390,"",null,"East1","Premium","Premium"]
[21612775,"Siddhartha Saha ","sidhartha.saha@v5global.co.in",9874293392,"V5 Global","Medinipur","V5367944","West Bengal","West Bengal",null,"V5 Global",null,null,"Sukamal Saha","sukamal.saha@v5global.co.in",null,"East1",null,"External Consumer","ASO","V5 Global ASO",null,"FT",null,"ASO",null,"Kapil Tiwari","Amit Thakuri",null,"Amit Tiwari","Raghavendra Araveeti","amit.thakuri@v5global.co.in","amit.thakuri@v5global.co.in","ktiwari1@lenovo.com","atiwari11@lenovo.com","raraveeti@lenovo.com","ASO","Shilpi Gautam","sgautam2@lenovo.com",null,"Amit Tiwari",null,"atiwari11@lenovo.com",null,"2025-11-29","21:55:00","22.5933841,88.3562298","COMPUTER GALLERY(BELDA)",{"$nulls":3},"T3","19AODPB3373A1ZH","East1",null,"T-1348","Medinipur","West Bengal",null,null,"Yes","Face to Face","F0HR009BIN",2,"Lenovo","IdeaCentre","AIO","DT IC AIO 24ARR9 A57535HS 512G 8G","Win 11","TDT","Mainstream","R7 7735HS","Consumer",42990,null,"TDT",85980,"East1",50728.2,"",null,"East1","Mainstream","Mainstream"]
[21612856,"Siddhartha Saha ","sidhartha.saha@v5global.co.in",9874293392,"V5 Global","Medinipur","V5367944","West Bengal","West Bengal",null,"V5 Global",null,null,"Sukamal Saha","sukamal.saha@v5global.co.in",null,"East1",null,"External Consumer","ASO","V5 Global ASO",null,"FT",null,"ASO",null,"Kapil Tiwari","Amit Thakuri",null,"Amit Tiwari","Raghavendra Araveeti","amit.thakuri@v5global.co.in","amit.thakuri@v5global.co.in","ktiwari1@lenovo.com","atiwari11@lenovo.com","raraveeti@lenovo.com","ASO","Shilpi Gautam","sgautam2@lenovo.com",null,"Amit Tiwari",null,"atiwari11@lenovo.com",null,"2025-11-29","22:01:00","22.5933507,88.3562982","M Electronics",{"$nulls":3},"T3",null,"East1",null,"T-23007","East Medinipur","West Bengal","V5 Global",null,"Yes","Face to Face","82X700HMIN",1,"Lenovo","IdeaPad Slim 3","Slim 3","15.6\", 8GB, 512GB, Integrated Intel UHD Graphics, Office Home 2024, Arctic Grey\t","Win 11","Thin & Light","Mainstream","Intel Core i3-1315U\t","Consumer",41000,null,"NB",41000,"East1",48380,"",null,"East1","Mainstream","Entry"]
[21612887,"Ragesh K","ragesh.k@v5global.co.in",9249730104,"V5 Global","Calicut","V5313059","Kerala","Kerala",null,"V5 Global",null,null,"Athul Krishna","athul.n@v5global.co.in",null,"South1",null,"External Consumer","ASO","V5 Global ASO",null,"FT",null,"ASO",null,"Shaiju","Prakash Kumar K P",null,"S Sreekumar","Sharad verma","prakash.kp@v5global.co.in","prakash.kp@v5global.co.in","ss89@lenovo.com","ssreekumar@lenovo.com","sharverm@lenovo.com","ASO","Shilpi Gautam","sgautam2@lenovo.com",null,"S Sreekumar",null,"ssreekumar@lenovo.com",null,"2025-11-29","22:03:00","11.2620706,75.821077","NIKSHAN ELECTRONICS",{"$nulls":3},"T3","32AACFN0112G1Z5","South1",null,"T-8380","Kannur","Kerala","V5 Global",null,"Yes","Face to Face","83K100CAIN",2,"Lenovo","Ideapad","Slim 3","NB IP Slim 3 15IRH10 I5 8G 512G 11S","Win 11","Thin & Light","Premium","i5 13420H/8GB/512GB SSD","Consumer",56251,null,"NB",112502,"South1",66376.18,"",null,"South1","Premium","Mainstream"]
[21624423,"Sureshkumar ","suresh.kumar@v5global.co.in",9061984242,"V5 Global","COCHIN","V5365127","KERALA","Kerala",null,"V5 Global",null,null,"Athul Krishna","athul.n@v5global.co.in",null,"South1",null,"External Consumer","ASO","V5 Global ASO",null,"FT",null,"ASO",null,"Shaiju","Prakash Kumar K P",null,"S Sreekumar","Sharad verma","prakash.kp@v5global.co.in","prakash.kp@v5global.co.in","ss89@lenovo.com","ssreekumar@lenovo.com","sharverm@lenovo.com","ASO","Shilpi Gautam","sgautam2@lenovo.com",null,"S Sreekumar",null,"ssreekumar@lenovo.com",null,"2025-11-29","22:11:00","9.8452945,76.3578752","VIKAS TECHNOLOGIES( 2. LAKH LIMIT)",{"$nulls":3},"T3","32BSCPS9180C1ZR","South2",null,"T-18682","Ernakulam","Kerala",null,null,"Yes","Telephonic","F0HN00PGIN",1,"Lenovo","AIO","AIO i-24IRH9","i3-1315U-8-512-UHD-W11-O24-23.80","Win 11","AIO","Mainstream","i3-1315U","Consumer",57990,null,"AIO",57990,"South1",68428.2,"",null,"South1","Premium","Mainstream"]
[21624426,"Sureshkumar ","suresh.kumar@v5global.co.in",9061984242,"V5 Global","COCHIN","V5365127","KERALA","Kerala",null,"V5 Global",null,null,"Athul Krishna","athul.n@v5global.co.in",null,"South1",null,"External Consumer","ASO","V5 Global ASO",null,"FT",null,"ASO",null,"Shaiju","Prakash Kumar K P",null,"S Sreekumar","Sharad verma","prakash.kp@v5global.co.in","prakash.kp@v5global.co.in","ss89@lenovo.com","ssreekumar@lenovo.com","sharverm@lenovo.com","ASO","Shilpi Gautam","sgautam2@lenovo.com",null,"S Sreekumar",null,"ssreekumar@lenovo.com",null,"2025-11-29","22:12:00","9.845255,76.3578716","NEON COMPUTERS",{"$nulls":3},"T3","32ASNPD4092N1ZG","South1",null,"T-8359","Alappuzha","Kerala","V5 Global",null,"Yes","Telephonic","90XS004PIN",1,"Lenovo","IdeaCentre","Tower 08IRR9","IntelÂ® Coreâ„¢ i3 13100 4C/8 GB DDR5 RAM/512 GB SSD","Win 11","TDT","Mainstream","IntelÂ® Coreâ„¢ i3 13100","Consumer",39865,null,"TDT",39865,"South1",47040.7,"",null,"South1","Mainstream","Entry"]
[21613023,"Bijoy Sardar","bijoy.sardar@v5global.co.in",8013135669,"V5 Global","Kolkata","V5474197","V5 Global","West Bengal",null,"V5 Global",null,null,"Arindam Mazumdar","arindam.mazumdar@v5global.co.in",null,"East1",null,"External Consumer","ASO","V5 Global ASO",null,"FT",null,"ASO",null,"Ashique Ali","Amit Thakuri",null,"Amit Tiwari","Raghavendra Araveeti","amit.thakuri@v5global.co.in","amit.thakuri@v5global.co.in","aali11@lenovo.com","atiwari11@lenovo.com","raraveeti@lenovo.com","ASO","Shilpi Gautam","sgautam2@lenovo.com",null,"Amit Tiwari",null,"atiwari11@lenovo.com",null,"2025-11-29","22:23:00","22.4527008,88.3842064","Matrix Computer",{"$nulls":3},"T3","19AAJFM1266D1ZC","East1",null,"T-1966","South 24 Parganas","West Bengal","V5 Global",null,"Yes","Telephonic","F0J6005FIN",2,"Lenovo","AIO","Lenovo A100","23.8\" FHD/8GB RAM/512 SSD/Integrated Graphics/MSO 2024/White","Win 11","AIO","Entry","Intel N100","Consumer",32000,null,"AIO",64000,"East1",37760,"",null,"East1","Entry","Entry"]
[21613168,"Pran Pratap Singh","pran.singh@v5global.co.in",9001585718,"V5 Global","Jaipur","V5459442","Jaipur","Rajasthan",null,"V5 Global",null,null,"Gourav Jain","gourav.jain@v5global.co.in",null,"North1",null,"External Consumer","ASO","V5 Global ASO",null,"FT",null,"ASO",null,"Ganga Singh","Gaurav Sharma",null,"Kumar Tanksale","Raghavendra Araveeti","gaurav.sharma@v5global.co.in","gaurav.sharma@v5global.co.in","gsingh24@lenovo.com","ktanksale1@lenovo.com","raraveeti@lenovo.com","ASO","Shilpi Gautam","sgautam2@lenovo.com",null,"Kumar Tanksale",null,"ktanksale1@lenovo.com",null,"2025-11-29","22:38:00","26.9376641,75.8931325","COMPUTER HEARTBEAT",{"$nulls":3},"T3","08AJEPY3190J1ZO","North1",null,"T-18830","Jaipur","Rajasthan","V5 Global",null,"Yes","Face to Face","90XW0022IN",2,"Lenovo","IdeaCentre","IdeaCentre 3","Intel Core i7-13620H,10C SFF 7.4 Lt,8 GB DDR4 ,512 GB SSD","DOS","TDT","Mainstream","Intel Core i7-13620H","Consumer",55000,null,"TDT",110000,"North1",64900,"",null,"North1","Mainstream","Mainstream"]
[21613228,"Bijoy Sardar","bijoy.sardar@v5global.co.in",8013135669,"V5 Global","Kolkata","V5474197","V5 Global","West Bengal",null,"V5 Global",null,null,"Arindam Mazumdar","arindam.mazumdar@v5global.co.in",null,"East1",null,"External Consumer","ASO","V5 Global ASO",null,"FT",null,"ASO",null,"Ashique Ali","Amit Thakuri",null,"Amit Tiwari","Raghavendra Araveeti","amit.thakuri@v5global.co.in","amit.thakuri@v5global.co.in","aali11@lenovo.com","atiwari11@lenovo.com","raraveeti@lenovo.com","ASO","Shilpi Gautam","sgautam2@lenovo.com",null,"Amit Tiwari",null,"atiwari11@lenovo.com",null,"2025-11-29","22:49:00","22.4526917,88.38421","FAIRDEAL INTERNATIONAL",{"$nulls":3},"T3","19AABFF1672N1Z4","East1",null,"T-1920","Kolkata","West Bengal","V5 Global",null,"Yes","Telephonic","83J2000HIN",3,"Lenovo","Ideapad","Slim 5","13.3\" WUXGA (1920 x 1200), IPS, Anti-Glare/16 GB LPDDR5X/512 GB SSD/AMD Radeonâ„¢ 680M Graphics/Office Home 2024/Cloud Grey","Win 11","Thin & Light","Mainstream","AMD Ryzenâ„¢ 7 7735HS","Consumer",61491,null,"NB",184473,"East1",72559.37999999999,"",null,"East1","Premium","Mainstream"]
[21624445,"Sureshkumar ","suresh.kumar@v5global.co.in",9061984242,"V5 Global","COCHIN","V5365127","KERALA","Kerala",null,"V5 Global",null,null,"Athul Krishna","athul.n@v5global.co.in",null,"South1",null,"External Consumer","ASO","V5 Global ASO",null,"FT",null,"ASO",null,"Shaiju","Prakash Kumar K P",null,"S Sreekumar","Sharad verma","prakash.kp@v5global.co.in","prakash.kp@v5global.co.in","ss89@lenovo.com","ssreekumar@lenovo.com","sharverm@lenovo.com","ASO","Shilpi Gautam","sgautam2@lenovo.com",null,"S Sreekumar",null,"ssreekumar@lenovo.com",null,"2025-11-29","22:55:00","9.8452831,76.3577904","Enfotech Systems",{"$nulls":3},"T3",null,"South1",null,"T-19021","Kalavoor","Kerala","V5 Global",null,"Yes","Telephonic","83DC00ACIN",1,"Lenovo","IdeaPad","IdeaPad Slim 5 16IMH9","IntelÂ® Core Ultra 5 125H/16 GB/ 512 SSD/ Win11/Office home-24/Cloud Grey","Win 11","Thin & Light","Premium","IntelÂ® Core Ultra 5 125H","Consumer",70991,null,"NB",{"$f":"BV6403*BL6403","v":70991},{"$f":"Q6403","v":"South1"},{"$f":"BV6403*118%","v":83769.37999999999},{"$f":"IF(CF6403=\"Premium\",IF(CA6403>=65000,\"SP\",\"\"),\"\")","v":"SP"},"Non-Gaming","South1",{"$f":"IF(BU6403=\"Consumer\",IF(CA6403<40000,\"Entry\",IF(AND(CA6403>=40000,CA6403<65000),\"Mainstream\",\"Premium\")),IF(BU6403=\"Visuals\",BS6403,\"NA\"))","v":"Premium"},"Premium"]
[21613355,"Bijoy Sardar","bijoy.sardar@v5global.co.in",8013135669,"V5 Global","Kolkata","V5474197","V5 Global","West Bengal",null,"V5 Global",null,null,"Arindam Mazumdar","arindam.mazumdar@v5global.co.in",null,"East1",null,"External Consumer","ASO","V5 Global ASO",null,"FT",null,"ASO",null,"Ashique Ali","Amit Thakuri",null,"Amit Tiwari","Raghavendra Araveeti","amit.thakuri@v5global.co.in","amit.thakuri@v5global.co.in","aali11@lenovo.com","atiwari11@lenovo.com","raraveeti@lenovo.com","ASO","Shilpi Gautam","sgautam2@lenovo.com",null,"Amit Tiwari",null,"atiwari11@lenovo.com",null,"2025-11-29","23:06:00","22.452671,88.384227","BRAIN SOLUTIONS & SERVICES",{"$nulls":3},"T3","19BGBPS4434E1ZE","East1",null,"T-1872","Kolkata","West Bengal","V5 Global",null,"Yes","Telephonic","82R4011NIN",2,"Lenovo","IDEA PAD SLIM1","IDEA PAD SLIM1","R5 /5500U/8 GB RAM/512 TB SSD/INT.","WIn 11","Thin & Light","Mainstream","R5","Consumer",35000,null,"NB",70000,"East1",41300,"",null,"East1","Mainstream","Entry"]
[21624915,"Sureshkumar ","suresh.kumar@v5global.co.in",9061984242,"V5 Global","COCHIN","V5365127","KERALA","Kerala",null,"V5 Global",null,null,"Athul Krishna","athul.n@v5global.co.in",null,"South1",null,"External Consumer","ASO","V5 Global ASO",null,"FT",null,"ASO",null,"Shaiju","Prakash Kumar K P",null,"S Sreekumar","Sharad verma","prakash.kp@v5global.co.in","prakash.kp@v5global.co.in","ss89@lenovo.com","ssreekumar@lenovo.com","sharverm@lenovo.com","ASO","Shilpi Gautam","sgautam2@lenovo.com",null,"S Sreekumar",null,"ssreekumar@lenovo.com",null,"2025-11-29","23:22:00","9.8454043,76.3577653","COMSOL PVT LTD",{"$nulls":3},"T3","32AACCC1986C1Z2","South2",null,"T-8109","Trivandrum","Kerala","Denave",null,"Yes","Telephonic","GY51C12380",10,"Lenovo","Wireless Mouse","Input","Lenovo 130 wireless mouse","NA","Accessories","NA","NA","Accessories",649,null,null,6490,"South1",765.8199999999999,"",null,"South1","NA","NA"]
[21624916,"Sureshkumar ","suresh.kumar@v5global.co.in",9061984242,"V5 Global","COCHIN","V5365127","KERALA","Kerala",null,"V5 Global",null,null,"Athul Krishna","athul.n@v5global.co.in",null,"South1",null,"External Consumer","ASO","V5 Global ASO",null,"FT",null,"ASO",null,"Shaiju","Prakash Kumar K P",null,"S Sreekumar","Sharad verma","prakash.kp@v5global.co.in","prakash.kp@v5global.co.in","ss89@lenovo.com","ssreekumar@lenovo.com","sharverm@lenovo.com","ASO","Shilpi Gautam","sgautam2@lenovo.com",null,"S Sreekumar",null,"ssreekumar@lenovo.com",null,"2025-11-29","23:24:00","9.8454256,76.3578965","HIGHRANGE HOME APPLIANCE",{"$nulls":3},"T3","32APSPR0620N1ZL","South1",null,"T-8217","Idukki","Kerala","V5 Global",null,"Yes","Telephonic","GX31L52655",3,"Lenovo","Wired Combo","Input","Lenovo 160 Wired Combo","NA","Accessories","NA","NA","Accessories",999,null,null,2997,"South1",1178.82,"",null,"South1","NA","NA"]
[21613547,"Bijoy Sardar","bijoy.sardar@v5global.co.in",8013135669,"V5 Global","Kolkata","V5474197","V5 Global","West Bengal",null,"V5 Global",null,null,"Arindam Mazumdar","arindam.mazumdar@v5global.co.in",null,"East1",null,"External Consumer","ASO","V5 Global ASO",null,"FT",null,"ASO",null,"Ashique Ali","Amit Thakuri",null,"Amit Tiwari","Raghavendra Araveeti","amit.thakuri@v5global.co.in","amit.thakuri@v5global.co.in","aali11@lenovo.com","atiwari11@lenovo.com","raraveeti@lenovo.com","ASO","Shilpi Gautam","sgautam2@lenovo.com",null,"Amit Tiwari",null,"atiwari11@lenovo.com",null,"2025-11-29","23:33:00","22.4526316,88.3842309","NAMECHAND TIKAMCHAND",{"$nulls":3},"T3","19AACFN1842R1ZR","East1",null,"T-1200","Kolkata","WEST BENGAL","V5 Global",null,"Yes","Telephonic","82LX00F7IN",1,"Lenovo","Ideapad","Slim 1","LEN N4500 8GB 512GB SSD WIN11  1YR","Win 11","Thin & Light","Entry","N4500","Consumer",25900,null,"NB",25900,"East1",30562,"",null,"East1","Entry","Entry"]
[21624928,"Sureshkumar ","suresh.kumar@v5global.co.in",9061984242,"V5 Global","COCHIN","V5365127","KERALA","Kerala",null,"V5 Global",null,null,"Athul Krishna","athul.n@v5global.co.in",null,"South1",null,"External Consumer","ASO","V5 Global ASO",null,"FT",null,"ASO",null,"Shaiju","Prakash Kumar K P",null,"S Sreekumar","Sharad verma","prakash.kp@v5global.co.in","prakash.kp@v5global.co.in","ss89@lenovo.com","ssreekumar@lenovo.com","sharverm@lenovo.com","ASO","Shilpi Gautam","sgautam2@lenovo.com",null,"S Sreekumar",null,"ssreekumar@lenovo.com",null,"2025-11-29","23:38:00","9.8452683,76.3576967","IT POINT SYSTEMS",{"$nulls":3},"T3","32AXQPT6258C1Z6","South1",null,"T-8273","Alappuzha","Kerala","V5 Global",null,"Yes","Face to Face","GX31L52655",11,"Lenovo","Wired Combo","Input","Lenovo 160 Wired Combo","NA","Accessories","NA","NA","Accessories",999,null,null,10989,"South1",1178.82,"",null,"South1","NA","NA"]
[21613653,"Bijoy Sardar","bijoy.sardar@v5global.co.in",8013135669,"V5 Global","Kolkata","V5474197","V5 Global","West Bengal",null,"V5 Global",null,null,"Arindam Mazumdar","arindam.mazumdar@v5global.co.in",null,"East1",null,"External Consumer","ASO","V5 Global ASO",null,"FT",null,"ASO",null,"Ashique Ali","Amit Thakuri",null,"Amit Tiwari","Raghavendra Araveeti","amit.thakuri@v5global.co.in","amit.thakuri@v5global.co.in","aali11@lenovo.com","atiwari11@lenovo.com","raraveeti@lenovo.com","ASO","Shilpi Gautam","sgautam2@lenovo.com",null,"Amit Tiwari",null,"atiwari11@lenovo.com",null,"2025-11-29","23:49:00","22.4526658,88.3842156","Diamond Infotech",{"$nulls":3},"T3",null,"East1",null,"T-28005","Diamond Harbour","West Bengal","Denave",null,"Yes","Telephonic","82LX00F7IN",2,"Lenovo","Ideapad","Slim 1","LEN N4500 8GB 512GB SSD WIN11  1YR","Win 11","Thin & Light","Entry","N4500","Consumer",25900,null,"NB",51800,"East1",30562,"",null,"East1","Entry","Entry"]
[21613847,"Saurav Kumar","saurav.kumar@v5global.co.in",9798375154,"V5 Global","Ranchi",601537,"Ranchi","Jharkhand",null,"V5 Global",null,null,"Shivam Kumar","shivam.kumar@v5global.co.in",null,"East2",null,"External Consumer","ASO","V5 Global ASO",null,"FT",null,"ASO",null,"Krishna Kumar Singh","Imam Hassan",null,"Rajender Negi","Raghavendra Araveeti","imam.hassan@v5global.co.in","imam.hassan@v5global.co.in","ksingh25@lenovo.com","rnegi@lenovo.com","raraveeti@lenovo.com","ASO","Shilpi Gautam","sgautam2@lenovo.com",null,"Rajender Negi",null,"rnegi@lenovo.com",null,"2025-11-30","03:55:00","23.3741042,85.3228777","Advance Computer Resources",{"$nulls":3},"T3","20AATFA0473C1ZY","East2",null,"T-2548","Ranchi","Jharkhand",null,null,"Yes","Face to Face","90XS005NIN",1,"Lenovo","IdeaCentre","IdeaCentre Tower","i3-13100, 8GB/512GB/INTEL UHD GRAPHIC/win11 home/ USB combo set/1yr warranty","Win 11","TDT","Mainstream","i3-13100","Consumer",39990,null,"TDT",39990,"East2",47188.2,"",null,"East2","Mainstream","Entry"]
[21621439,"Bhaskar Borah","bhaskar.borah@v5global.co.in",9508822689,"V5 Global","Jorhat","V5354315","Assam","Assam",null,"V5 Global",null,null,"Sukamal Saha","sukamal.saha@v5global.co.in",null,"East1",null,"External Consumer","ASO","V5 Global ASO",null,"FT",null,"ASO",null,"Partha Chakraborty","Amit Thakuri",null,"Amit Tiwari","Raghavendra Araveeti","amit.thakuri@v5global.co.in","amit.thakuri@v5global.co.in","pchakraborty@lenovo.com","atiwari11@lenovo.com","raraveeti@lenovo.com","ASO","Shilpi Gautam","sgautam2@lenovo.com",null,"Amit Tiwari",null,"atiwari11@lenovo.com",null,"2025-11-30","08:32:00","26.7861233,94.1584333","U-Like Systems",{"$nulls":3},"T3","18ARGPK2276F1ZR","East1",null,"T-295","Golaghat","ASSAM","V5 Global",null,"Yes","Face to Face","82R400XSIN",1,"Lenovo","Ideapad","Ideapad","\"Ryzenâ„¢ 5 5500U 6C 8GB RAM 512GB SSD Windows11 MS Office H&S 2024  Integrated AMD Radeon  Graphics  15.6\"\" FHD TN 220nits AG 720","Win 11","Thin & Light","Entry","Amd Ryzen 5 5500U","Consumer",29407,null,"NB",29407,"East1",34700.259999999995,"",null,"East1","Entry","Entry"]
[21635048,"Manoj Bihari","manoj.bihari@v5global.co.in",9861291397,"V5 Global","Sambalpur","V5263625","Orissa","Orissa",null,"V5 Global",null,null,"Arindam Mazumdar","arindam.mazumdar@v5global.co.in",null,"East2",null,"External Consumer","ASO","V5 Global ASO",null,"FT",null,"ASO","LES","Biswa Ranjan Jena","Imam Hassan",null,"Rajender Negi","Raghavendra Araveeti","imam.hassan@v5global.co.in","imam.hassan@v5global.co.in","bjena1@lenovo.com","rnegi@lenovo.com","raraveeti@lenovo.com","ASO","Shilpi Gautam","sgautam2@lenovo.com",null,"Rajender Negi","LES","rnegi@lenovo.com",null,"2025-11-30","10:39:00","20.291882309250163,85.8508788049221","Mahamaya Computerss",{"$nulls":3},"T3","21AJNPP7333H1Z4","East2",null,"T-2875","Sambalpur","Orissa","V5 Global",null,"Yes","Face to Face","82R400XSIN",1,"Lenovo","Ideapad","Ideapad","\"Ryzenâ„¢ 5 5500U 6C 8GB RAM 512GB SSD Windows11 MS Office H&S 2024  Integrated AMD Radeon  Graphics  15.6\"\" FHD TN 220nits AG 720","Win 11","Thin & Light","Entry","Amd Ryzen 5 5500U","Consumer",29407,null,"NB",29407,"East2",34700.259999999995,"",null,"East2","Entry","Entry"]
[21635266,"Manoj Bihari","manoj.bihari@v5global.co.in",9861291397,"V5 Global","Sambalpur","V5263625","Orissa","Orissa",null,"V5 Global",null,null,"Arindam Mazumdar","arindam.mazumdar@v5global.co.in",null,"East2",null,"External Consumer","ASO","V5 Global ASO",null,"FT",null,"ASO","LES","Biswa Ranjan Jena","Imam Hassan",null,"Rajender Negi","Raghavendra Araveeti","imam.hassan@v5global.co.in","imam.hassan@v5global.co.in","bjena1@lenovo.com","rnegi@lenovo.com","raraveeti@lenovo.com","ASO","Shilpi Gautam","sgautam2@lenovo.com",null,"Rajender Negi","LES","rnegi@lenovo.com",null,"2025-11-30","10:45:00","20.291882309250163,85.8508788049221","IT CARE (BHAWANIPATNA)",{"$nulls":3},"T3","21ALBPB9426F1ZO","East2",null,"T-2903","Kalahandi","Orissa","V5 Global",null,"Yes","Face to Face","82X700HMIN",17,"Lenovo","IdeaPad Slim 3","Slim 3","15.6\", 8GB, 512GB, Integrated Intel UHD Graphics, Office Home 2024, Arctic Grey\t","Win 11","Thin & Light","Mainstream","Intel Core i3-1315U\t","Consumer",41000,null,"NB",697000,"East2",48380,"",null,"East2","Mainstream","Entry"]
[21619535,"Vinod Kumar","vinod.kumar@v5global.co.in",9911547614,"V5 Global","Delhi","V5265873","Delhi","Delhi",null,"V5 Global",null,null,"Gourav Jain","gourav.jain@v5global.co.in",null,"North1",null,"External Consumer","ASO","V5 Global ASO",null,"FT",null,"ASO",null,"Kanwaldeep Singh","Gaurav Sharma",null,"Kumar Tanksale","Raghavendra Araveeti","gaurav.sharma@v5global.co.in","gaurav.sharma@v5global.co.in","ksingh15@lenovo.com","ktanksale1@lenovo.com","raraveeti@lenovo.com","ASO","Shilpi Gautam","sgautam2@lenovo.com",null,"Kumar Tanksale",null,"ktanksale1@lenovo.com",null,"2025-11-30","17:59:00","29.4116833,76.9596217","BIG BYTE COMPUTERS & TECHNICAL SERVICES",{"$nulls":3},"T3","07ABLPS6488A2Z9","North1",null,"T-3625","New Delhi","New Delhi","V5 Global",null,"Yes","Face to Face","GX20P92532",20,"Lenovo","AC Adapter","Power","Lenovo 65W AC USB C Adapter(IN)","NA","Accessories","NA","NA","Accessories",2690,null,null,53800,"North1",3174.2,"",null,"North1","NA","NA"]
[21624888,"Anmol Sachdeva","anmol.sachdeva@v5global.co.in",9780132392,"V5 Global","BHATINDA","V5433235","PUNJAB","PUNJAB","-","V5 Global",null,null,"Shivam Kumar","shivam.kumar1@v5global.co.in",null,"North1",null,"External Consumer","ASO","V5 Global ASO",null,"FT",null,"ASO",null,"Naveen Kumar","Gaurav Sharma",null,"Kumar Tanksale","Raghavendra Araveeti","gaurav.sharma@v5global.co.in","gaurav.sharma@v5global.co.in","nkumar12@lenovo.com","ktanksale1@lenovo.com","raraveeti@lenovo.com","ASO","Shilpi Gautam","sgautam2@lenovo.com",null,"Kumar Tanksale",null,"ktanksale1@lenovo.com",null,"2025-11-30","23:43:00","30.6748965,74.7559132","The Computer Empire",{"$nulls":3},"T3","03AFYPS5573D1ZZ","North1",null,"T-4778","Patiala","PUNJAB","V5 Global",null,"Yes","Telephonic","83DV01AAIN",1,"Lenovo","LOQ","LOQ","LOQ I5 13gen 16GB RAM 512 gb SSD RTX4050 win11 MSO\t","Win 11","Gaming","Premium","I5 13gen","Consumer",78000,null,"NB",78000,"North1",92040,"SP","Gaming","North1","Premium","Premium"]
[21626656,"Amarjit Behera","amarjit.behera@v5global.co.in",9437451999,"V5 Global","Bhubaneswar",601088,"Orissa","Orissa",null,"V5 Global",null,null,"Arindam Mazumdar","arindam.mazumdar@v5global.co.in",null,"East2",null,"External Consumer","ASO","V5 Global ASO",null,"FT",null,"ASO",null,"Biswa Ranjan Jena","Imam Hassan",null,"Rajender Negi","Raghavendra Araveeti","imam.hassan@v5global.co.in","imam.hassan@v5global.co.in","bjena1@lenovo.com","rnegi@lenovo.com","raraveeti@lenovo.com","ASO","Shilpi Gautam","sgautam2@lenovo.com",null,"Rajender Negi",null,"rnegi@lenovo.com",null,"2025-11-30","10:49:00","20.4941454,85.9378442","Creative Computers",{"$nulls":3},"T3","21AMJPH0883P1ZS","East2",null,"T-30335","Keonjhar","Odisha","V5 Global",null,"Yes","Face to Face","67D5KAC6IN",1,"Lenovo","L22-4E","L Series","LEN L22-4E 21.5 IPS  BLACK 100HZ","NA","Visual Variants","Mainstream","NA","Visuals",5331,null,null,5331,"East2",6290.58,"",null,"East2","Mainstream","Mainstream"]
[21629402,"Amarjit Behera","amarjit.behera@v5global.co.in",9437451999,"V5 Global","Bhubaneswar",601088,"Orissa","Orissa",null,"V5 Global",null,null,"Arindam Mazumdar","arindam.mazumdar@v5global.co.in",null,"East2",null,"External Consumer","ASO","V5 Global ASO",null,"FT",null,"ASO",null,"Biswa Ranjan Jena","Imam Hassan",null,"Rajender Negi","Raghavendra Araveeti","imam.hassan@v5global.co.in","imam.hassan@v5global.co.in","bjena1@lenovo.com","rnegi@lenovo.com","raraveeti@lenovo.com","ASO","Shilpi Gautam","sgautam2@lenovo.com",null,"Rajender Negi",null,"rnegi@lenovo.com",null,"2025-11-30","13:25:00","20.4941707,85.937808","L SHOPPE - BARIPADA",{"$nulls":3},"T3","21BMAPG5037N1Z9","East2",null,"T-30841","BARIPADA","Odisha","V5 Global",null,"Yes","Face to Face","F0HN00PHIN",1,"Lenovo","AIO","AIO","LEN I5-13420H 16GB 512GB SSD 23.8 MSO","Win 11","AIO","Mainstream","i5-13420H","Consumer",53381,null,"AIO",{"$f":"BV6595*BL6595","v":53381},{"$f":"Q6595","v":"East2"},{"$f":"BV6595*118%","v":62989.579999999994},{"$f":"IF(CF6595=\"Premium\",IF(CA6595>=65000,\"SP\",\"\"),\"\")","v":""},null,"East2",{"$f":"IF(BU6595=\"Consumer\",IF(CA6595<40000,\"Entry\",IF(AND(CA6595>=40000,CA6595<65000),\"Mainstream\",\"Premium\")),IF(BU6595=\"Visuals\",BS6595,\"NA\"))","v":"Mainstream"},"Mainstream"]
[21629540,"Vishal Jaiswal","vishal.jaiswal@v5global.co.in",9369840011,"V5 Global","Kanpur","V5266996","Uttar Pradesh","Uttar Pradesh",null,"V5 Global",null,null,"Mohammad Atif","mohammad.atif@v5global.co.in",null,"North2",null,"External Consumer","ASO","V5 Global ASO",null,"FT",null,"ASO",null,"Rahul Sarin","Rahil Rasheed",null,"Durgendra Singh","Raghavendra Araveeti","rahil.rasheed@v5global.co.in","rahil.rasheed@v5global.co.in","rsarin2@lenovo.com","dsingh1@lenovo.com","raraveeti@lenovo.com","ASO","Shilpi Gautam","sgautam2@lenovo.com",null,"Durgendra Singh",null,"dsingh1@lenovo.com",null,"2025-11-29","13:41:00","26.4616007,80.3561239","S. S. Computer",{"$nulls":3},"T3","09ANAPK5052H1Z4","North2",null,"T-28896","Orai","Uttar Pradesh","V5 Global",null,"Yes","Telephonic","90XS005PIN",1,"Lenovo","IdeaCentre","IdeaCentre","IntelÂ® Coreâ„¢ i3-14100 4C, 8GB DDR5/512 SSD/ WiFi 6 + BT 5.2/ 260W/ SFF 8.2Lt / Wired KeyBoard & Mouse /Win 11 Home/1 Yr Onsite","Win 11","TDT","Entry","IntelÂ® Coreâ„¢ i3-14100","Consumer",31500,null,"TDT",31500,"North2",37170,"",null,"North2","Entry","Entry"]
[21629581,"Vishal Jaiswal","vishal.jaiswal@v5global.co.in",9369840011,"V5 Global","Kanpur","V5266996","Uttar Pradesh","Uttar Pradesh",null,"V5 Global",null,null,"Mohammad Atif","mohammad.atif@v5global.co.in",null,"North2",null,"External Consumer","ASO","V5 Global ASO",null,"FT",null,"ASO",null,"Rahul Sarin","Rahil Rasheed",null,"Durgendra Singh","Raghavendra Araveeti","rahil.rasheed@v5global.co.in","rahil.rasheed@v5global.co.in","rsarin2@lenovo.com","dsingh1@lenovo.com","raraveeti@lenovo.com","ASO","Shilpi Gautam","sgautam2@lenovo.com",null,"Durgendra Singh",null,"dsingh1@lenovo.com",null,"2025-11-29","13:47:00","26.4616168,80.3561194","Srs Industries",{"$nulls":3},"T3",null,"North2",null,"T-23455","Jhansi","Uttar Pradesh","V5 Global",null,"Yes","Face to Face","68C2KAC1IN",2,"Lenovo","L24-4E","L Series","LEN L24-4E 23.8 IPS  BLACK 100HZ","NA","Visual Variants","Mainstream","NA","Visuals",6464,null,null,12928,"North2",7627.5199999999995,"",null,"North2","Mainstream","Mainstream"]
[21629593,"Sureshkumar ","suresh.kumar@v5global.co.in",9061984242,"V5 Global","COCHIN","V5365127","KERALA","Kerala",null,"V5 Global",null,null,"Athul Krishna","athul.n@v5global.co.in",null,"South1",null,"External Consumer","ASO","V5 Global ASO",null,"FT",null,"ASO",null,"Shaiju","Prakash Kumar K P",null,"S Sreekumar","Sharad verma","prakash.kp@v5global.co.in","prakash.kp@v5global.co.in","ss89@lenovo.com","ssreekumar@lenovo.com","sharverm@lenovo.com","ASO","Shilpi Gautam","sgautam2@lenovo.com",null,"S Sreekumar",null,"ssreekumar@lenovo.com",null,"2025-11-30","13:49:00","9.8452717,76.3578599","COMPUTER CITY",{"$nulls":3},"T3","32BLYPS7582M1ZW","South1",null,"T-8083","Ernakulam","Kerala","V5 Global",null,"Yes","Telephonic","82LX00F7IN",2,"Lenovo","Ideapad","Slim 1","LEN N4500 8GB 512GB SSD WIN11  1YR","Win 11","Thin & Light","Entry","N4500","Consumer",25900,null,"NB",51800,"South1",30562,"",null,"South1","Entry","Entry"]
[21629697,"Vishal Jaiswal","vishal.jaiswal@v5global.co.in",9369840011,"V5 Global","Kanpur","V5266996","Uttar Pradesh","Uttar Pradesh",null,"V5 Global",null,null,"Mohammad Atif","mohammad.atif@v5global.co.in",null,"North2",null,"External Consumer","ASO","V5 Global ASO",null,"FT",null,"ASO",null,"Rahul Sarin","Rahil Rasheed",null,"Durgendra Singh","Raghavendra Araveeti","rahil.rasheed@v5global.co.in","rahil.rasheed@v5global.co.in","rsarin2@lenovo.com","dsingh1@lenovo.com","raraveeti@lenovo.com","ASO","Shilpi Gautam","sgautam2@lenovo.com",null,"Durgendra Singh",null,"dsingh1@lenovo.com",null,"2025-11-29","14:13:00","26.4616536,80.3561573","I.T. Point",{"$nulls":3},"T3",null,"North2",null,"T-23409","Kanpur","Uttar Pradesh","V5 Global",null,"Yes","Telephonic","82LX00F7IN",1,"Lenovo","Ideapad","Slim 1","LEN N4500 8GB 512GB SSD WIN11  1YR","Win 11","Thin & Light","Entry","N4500","Consumer",25900,null,"NB",25900,"North2",30562,"",null,"North2","Entry","Entry"]
[21629743,"Sureshkumar ","suresh.kumar@v5global.co.in",9061984242,"V5 Global","COCHIN","V5365127","KERALA","Kerala",null,"V5 Global",null,null,"Athul Krishna","athul.n@v5global.co.in",null,"South1",null,"External Consumer","ASO","V5 Global ASO",null,"FT",null,"ASO",null,"Shaiju","Prakash Kumar K P",null,"S Sreekumar","Sharad verma","prakash.kp@v5global.co.in","prakash.kp@v5global.co.in","ss89@lenovo.com","ssreekumar@lenovo.com","sharverm@lenovo.com","ASO","Shilpi Gautam","sgautam2@lenovo.com",null,"S Sreekumar",null,"ssreekumar@lenovo.com",null,"2025-11-30","14:23:00","9.845405,76.3578417","NEON COMPUTERS",{"$nulls":3},"T3","32ASNPD4092N1ZG","South1",null,"T-8359","Alappuzha","Kerala","V5 Global",null,"Yes","Telephonic","83GS00PJIN",1,"Lenovo","LOQ","LOQ 15IAX9","15.6,16GB,521SSD,RTX3050 6GB,2024 MSO,LUNA GREE","Win 11","Gaming","Premium","Core i5-12450HX","Consumer",75864,null,"NB",75864,"South1",89519.51999999999,"SP","Gaming","South1","Premium","Premium"]
[21629755,"Sureshkumar ","suresh.kumar@v5global.co.in",9061984242,"V5 Global","COCHIN","V5365127","KERALA","Kerala",null,"V5 Global",null,null,"Athul Krishna","athul.n@v5global.co.in",null,"South1",null,"External Consumer","ASO","V5 Global ASO",null,"FT",null,"ASO",null,"Shaiju","Prakash Kumar K P",null,"S Sreekumar","Sharad verma","prakash.kp@v5global.co.in","prakash.kp@v5global.co.in","ss89@lenovo.com","ssreekumar@lenovo.com","sharverm@lenovo.com","ASO","Shilpi Gautam","sgautam2@lenovo.com",null,"S Sreekumar",null,"ssreekumar@lenovo.com",null,"2025-11-30","14:28:00","9.845419,76.3578988","Lotus Info Tech",{"$nulls":3},"T3","32AACFL3321P1ZF","South1",null,"T-8311","Ernakulam","Kerala","V5 Global",null,"Yes","Telephonic","83KR000HIN",1,"Lenovo","Ideapad 5","2 in 1","Intel Core Ultra 5 225H, 16 GB RAM, 1 TB SSD, 14\" WUXGA (1920x1200) IPS 300nits Glossy, 45% NTSC, 60Hz, TÃœV Low Blue Light, Glas","Win 11","Convertible","Premium","Intel Core Ultra 5 225H","Consumer",91990,null,"NB",91990,"South1",108548.2,"SP","Non-Gaming","South1","Premium","Premium"]
[21629865,"Shivani Rambihaari Pandey","shivani.pandey@v5global.co.in",9545273754,"V5 Global","Indore",601588,"V5 Global","Madhya Pradesh","-","V5 Global",null,null,"Mohmmad Abrar Khan","abrar.khan@v5global.co.in",null,"North2",null,"External Consumer","ASO","V5 Global ASO",null,"FT",null,"ASO",null,"Mehul Raval","Rahil Rasheed",null,"Durgendra Singh","Raghavendra Araveeti","rahil.rasheed@v5global.co.in","rahil.rasheed@v5global.co.in","mraval@lenovo.com","dsingh1@lenovo.com","raraveeti@lenovo.com","ASO","Shilpi Gautam","sgautam2@lenovo.com",null,"Durgendra Singh",null,"dsingh1@lenovo.com",null,"2025-11-29","14:58:00","22.7171417,75.8732817","Silversoft Systems",{"$nulls":3},"T3","23ABOPL7876Q1ZL","North2",null,"T-16206","Indore","Madhya Pradesh","V5 Global",null,"Yes","Telephonic","82R4011NIN",1,"Lenovo","IDEA PAD SLIM1","IDEA PAD SLIM1","R5 /5500U/8 GB RAM/512 TB SSD/INT.","WIn 11","Thin & Light","Mainstream","R5","Consumer",35000,null,"NB",35000,"North2",41300,"",null,"North2","Mainstream","Entry"]
[21629886,"Shivani Rambihaari Pandey","shivani.pandey@v5global.co.in",9545273754,"V5 Global","Indore",601588,"V5 Global","Madhya Pradesh","-","V5 Global",null,null,"Mohmmad Abrar Khan","abrar.khan@v5global.co.in",null,"North2",null,"External Consumer","ASO","V5 Global ASO",null,"FT",null,"ASO",null,"Mehul Raval","Rahil Rasheed",null,"Durgendra Singh","Raghavendra Araveeti","rahil.rasheed@v5global.co.in","rahil.rasheed@v5global.co.in","mraval@lenovo.com","dsingh1@lenovo.com","raraveeti@lenovo.com","ASO","Shilpi Gautam","sgautam2@lenovo.com",null,"Durgendra Singh",null,"dsingh1@lenovo.com",null,"2025-11-29","15:00:00","22.7171283,75.8733133","Friends Computer",{"$nulls":3},"T3",null,"North2",null,"T-19065","Neemuch","Madhya Pradesh","V5 Global",null,"Yes","Telephonic","82R4011NIN",1,"Lenovo","IDEA PAD SLIM1","IDEA PAD SLIM1","R5 /5500U/8 GB RAM/512 TB SSD/INT.","WIn 11","Thin & Light","Mainstream","R5","Consumer",35000,null,"NB",35000,"North2",41300,"",null,"North2","Mainstream","Entry"]
[21629970,"Shivani Rambihaari Pandey","shivani.pandey@v5global.co.in",9545273754,"V5 Global","Indore",601588,"V5 Global","Madhya Pradesh","-","V5 Global",null,null,"Mohmmad Abrar Khan","abrar.khan@v5global.co.in",null,"North2",null,"External Consumer","ASO","V5 Global ASO",null,"FT",null,"ASO",null,"Mehul Raval","Rahil Rasheed",null,"Durgendra Singh","Raghavendra Araveeti","rahil.rasheed@v5global.co.in","rahil.rasheed@v5global.co.in","mraval@lenovo.com","dsingh1@lenovo.com","raraveeti@lenovo.com","ASO","Shilpi Gautam","sgautam2@lenovo.com",null,"Durgendra Singh",null,"dsingh1@lenovo.com",null,"2025-11-30","15:17:00","22.71715,75.87331","Nakoda Cd Home",{"$nulls":3},"T3","23AFKPJ2364P1Z4","North2",null,"T-16156","Dhar","Madhya Pradesh","V5 Global",null,"Yes","Telephonic","83DV01A5IN",1,"Lenovo","LOQ","LOQ 15IRX9","CI7-13650HX/16GB/512GB/RTX 4050 6GB/WIN11/OFFICE2024/15.6FULLHDIPS","Win 11","Gaming","Premium","C I7-13650HX","Consumer",91500,null,"NB",91500,"North2",107970,"SP","Gaming","North2","Premium","Premium"]
[21630000,"Sureshkumar ","suresh.kumar@v5global.co.in",9061984242,"V5 Global","COCHIN","V5365127","KERALA","Kerala",null,"V5 Global",null,null,"Athul Krishna","athul.n@v5global.co.in",null,"South1",null,"External Consumer","ASO","V5 Global ASO",null,"FT",null,"ASO",null,"Shaiju","Prakash Kumar K P",null,"S Sreekumar","Sharad verma","prakash.kp@v5global.co.in","prakash.kp@v5global.co.in","ss89@lenovo.com","ssreekumar@lenovo.com","sharverm@lenovo.com","ASO","Shilpi Gautam","sgautam2@lenovo.com",null,"S Sreekumar",null,"ssreekumar@lenovo.com",null,"2025-11-30","15:26:00","9.845265,76.3578267","SRS DISTRIBUTORS",{"$nulls":3},"T3","32ADOFS2855A1Z8","South2",null,"T-8674","Trivandrum","Kerala","Denave",null,"Yes","Telephonic","67D5KAC6IN",5,"Lenovo","L22-4E","L Series","LEN L22-4E 21.5 IPS  BLACK 100HZ","NA","Visual Variants","Mainstream","NA","Visuals",5331,null,null,26655,"South1",6290.58,"",null,"South1","Mainstream","Mainstream"]
[21630023,"Shivani Rambihaari Pandey","shivani.pandey@v5global.co.in",9545273754,"V5 Global","Indore",601588,"V5 Global","Madhya Pradesh","-","V5 Global",null,null,"Mohmmad Abrar Khan","abrar.khan@v5global.co.in",null,"North2",null,"External Consumer","ASO","V5 Global ASO",null,"FT",null,"ASO",null,"Mehul Raval","Rahil Rasheed",null,"Durgendra Singh","Raghavendra Araveeti","rahil.rasheed@v5global.co.in","rahil.rasheed@v5global.co.in","mraval@lenovo.com","dsingh1@lenovo.com","raraveeti@lenovo.com","ASO","Shilpi Gautam","sgautam2@lenovo.com",null,"Durgendra Singh",null,"dsingh1@lenovo.com",null,"2025-11-29","15:30:00","22.71718,75.873265","Mohit Enterprises",{"$nulls":3},"T3",null,"North2",null,"T-16909","Ratlam","Madhya Pradesh","V5 Global",null,"Yes","Telephonic","82R4011NIN",1,"Lenovo","IDEA PAD SLIM1","IDEA PAD SLIM1","R5 /5500U/8 GB RAM/512 TB SSD/INT.","WIn 11","Thin & Light","Mainstream","R5","Consumer",35000,null,"NB",35000,"North2",41300,"",null,"North2","Mainstream","Entry"]
[21630170,"Vani Alpesh kumar","vani.alpesh@v5global.co.in",9898633142,"V5 Global","Surat","V5294897","Gujarat","Gujarat",null,"V5 Global",null,null,"Muffazal Momin","muffazal.momin@v5global.co.in",null,"West1",null,"External Consumer","ASO","V5 Global ASO",null,"FT",null,"ASO",null,"Darshan Thakkar","Yunus Hamid Mansoori",null,"Hemant C Baghel","Sharad verma","yunus.hamid@v5global.co.in","yunus.hamid@v5global.co.in","tjitendrabha@lenovo.com","hbaghel@lenovo.com","sharverm@lenovo.com","ASO","Shilpi Gautam","sgautam2@lenovo.com",null,"Hemant C Baghel",null,"hbaghel@lenovo.com",null,"2025-11-29","16:12:00","21.188359,72.8140325","Pc Care Solutions",{"$nulls":3},"T3","24AAJPU3045J1ZI","West1",null,"T-14894","Surat","Gujarat","V5 Global",null,"Yes","Telephonic","83K100C6IN",1,"Lenovo","Ideapad","Slim 3","IntelÂ® Coreâ„¢ i5-13420H, 8C (4P + 4E) / 12T, P-core 2.1 / 4.6GHz, E-core 1.5 / 3.4GHz, 12MB,8GB Soldered DDR5-4800 + 8GB SO-DIMM ","Win 11","Thin & Light","Mainstream","i5-13420H","Consumer",46000,null,"NB",46000,"West1",54280,"",null,"West1 M","Mainstream","Mainstream"]
[21630183,"Vani Alpesh kumar","vani.alpesh@v5global.co.in",9898633142,"V5 Global","Surat","V5294897","Gujarat","Gujarat",null,"V5 Global",null,null,"Muffazal Momin","muffazal.momin@v5global.co.in",null,"West1",null,"External Consumer","ASO","V5 Global ASO",null,"FT",null,"ASO",null,"Darshan Thakkar","Yunus Hamid Mansoori",null,"Hemant C Baghel","Sharad verma","yunus.hamid@v5global.co.in","yunus.hamid@v5global.co.in","tjitendrabha@lenovo.com","hbaghel@lenovo.com","sharverm@lenovo.com","ASO","Shilpi Gautam","sgautam2@lenovo.com",null,"Hemant C Baghel",null,"hbaghel@lenovo.com",null,"2025-11-29","16:14:00","21.1883621,72.8140323","AP COMP (VAPI)",{"$nulls":3},"T3","24AEQPS7609B1ZC","West2",null,"T-15271","Vapi","Gujarat",null,null,"Yes","Telephonic","82R4011PIN",2,"Lenovo","IdeaPad","IdeaPad 1 15ALC7","AMD Ryzenâ„¢ 5 5500U , Integrated AMD Radeonâ„¢ Graphics, 8GB , 512 GB SSD, 15.6\" FHD (1920x1080) IPS 250nits Anti-glare, 1.61 kg, C","Win 11","Thin & Light","Mainstream","AMD Ryzenâ„¢ 5 5500U","Consumer",35259,null,"NB",70518,"West1",41605.619999999995,"",null,"West1 M","Mainstream","Entry"]
[21630273,"Vani Alpesh kumar","vani.alpesh@v5global.co.in",9898633142,"V5 Global","Surat","V5294897","Gujarat","Gujarat",null,"V5 Global",null,null,"Muffazal Momin","muffazal.momin@v5global.co.in",null,"West1",null,"External Consumer","ASO","V5 Global ASO",null,"FT",null,"ASO",null,"Darshan Thakkar","Yunus Hamid Mansoori",null,"Hemant C Baghel","Sharad verma","yunus.hamid@v5global.co.in","yunus.hamid@v5global.co.in","tjitendrabha@lenovo.com","hbaghel@lenovo.com","sharverm@lenovo.com","ASO","Shilpi Gautam","sgautam2@lenovo.com",null,"Hemant C Baghel",null,"hbaghel@lenovo.com",null,"2025-11-29","16:36:00","21.1884018,72.8139984","ARIHANT COMPUTORIUM",{"$nulls":3},"T3",null,"West1",null,"T-15085","NAVSARI","Gujarat","V5 Global",null,"Yes","Telephonic","82X700HMIN",1,"Lenovo","IdeaPad Slim 3","Slim 3","15.6\", 8GB, 512GB, Integrated Intel UHD Graphics, Office Home 2024, Arctic Grey\t","Win 11","Thin & Light","Mainstream","Intel Core i3-1315U\t","Consumer",41000,null,"NB",41000,"West1",48380,"",null,"West1 M","Mainstream","Entry"]
[21630303,"Vani Alpesh kumar","vani.alpesh@v5global.co.in",9898633142,"V5 Global","Surat","V5294897","Gujarat","Gujarat",null,"V5 Global",null,null,"Muffazal Momin","muffazal.momin@v5global.co.in",null,"West1",null,"External Consumer","ASO","V5 Global ASO",null,"FT",null,"ASO",null,"Darshan Thakkar","Yunus Hamid Mansoori",null,"Hemant C Baghel","Sharad verma","yunus.hamid@v5global.co.in","yunus.hamid@v5global.co.in","tjitendrabha@lenovo.com","hbaghel@lenovo.com","sharverm@lenovo.com","ASO","Shilpi Gautam","sgautam2@lenovo.com",null,"Hemant C Baghel",null,"hbaghel@lenovo.com",null,"2025-11-29","16:44:00","21.1883508,72.8140436","DIGITAL WORLD",{"$nulls":3},"T3",null,"West2",null,"T-14845","SURAT","Gujarat",null,null,"Yes","Telephonic","83K100CAIN",1,"Lenovo","Ideapad","Slim 3","NB IP Slim 3 15IRH10 I5 8G 512G 11S","Win 11","Thin & Light","Premium","i5 13420H/8GB/512GB SSD","Consumer",56251,null,"NB",56251,"West1",66376.18,"",null,"West1 M","Premium","Mainstream"]
[21630383,"Vani Alpesh kumar","vani.alpesh@v5global.co.in",9898633142,"V5 Global","Surat","V5294897","Gujarat","Gujarat",null,"V5 Global",null,null,"Muffazal Momin","muffazal.momin@v5global.co.in",null,"West1",null,"External Consumer","ASO","V5 Global ASO",null,"FT",null,"ASO",null,"Darshan Thakkar","Yunus Hamid Mansoori",null,"Hemant C Baghel","Sharad verma","yunus.hamid@v5global.co.in","yunus.hamid@v5global.co.in","tjitendrabha@lenovo.com","hbaghel@lenovo.com","sharverm@lenovo.com","ASO","Shilpi Gautam","sgautam2@lenovo.com",null,"Hemant C Baghel",null,"hbaghel@lenovo.com",null,"2025-11-29","16:58:00","21.1883585,72.8140476","Media House",{"$nulls":3},"T3","24AABHH9690A1ZG","West1",null,"T-14831","Surat","Gujarat","V5 Global",null,"Yes","Telephonic","82X700HMIN",1,"Lenovo","IdeaPad Slim 3","Slim 3","15.6\", 8GB, 512GB, Integrated Intel UHD Graphics, Office Home 2024, Arctic Grey\t","Win 11","Thin & Light","Mainstream","Intel Core i3-1315U\t","Consumer",41000,null,"NB",41000,"West1",48380,"",null,"West1 M","Mainstream","Entry"]
[21630424,"Vani Alpesh kumar","vani.alpesh@v5global.co.in",9898633142,"V5 Global","Surat","V5294897","Gujarat","Gujarat",null,"V5 Global",null,null,"Muffazal Momin","muffazal.momin@v5global.co.in",null,"West1",null,"External Consumer","ASO","V5 Global ASO",null,"FT",null,"ASO",null,"Darshan Thakkar","Yunus Hamid Mansoori",null,"Hemant C Baghel","Sharad verma","yunus.hamid@v5global.co.in","yunus.hamid@v5global.co.in","tjitendrabha@lenovo.com","hbaghel@lenovo.com","sharverm@lenovo.com","ASO","Shilpi Gautam","sgautam2@lenovo.com",null,"Hemant C Baghel",null,"hbaghel@lenovo.com",null,"2025-11-29","17:09:00","21.1883719,72.8140456","MAHESH ELECTRONICS",{"$nulls":3},"T3","24AAZPG0142J1ZO","West1",null,"T-29226","Valsad","Gujarat","V5 Global",null,"Yes","Telephonic","83B40004IN",1,"Lenovo","Ideapad","Ideapad 1","15.6\"FHD,8GB/512GB/I3 1315/WIN/MS OFFICE/","Win 11","Thin & Light","Entry","13 1315","Consumer",36960,null,"NB",36960,"West1",43612.799999999996,"",null,"West1 M","Mainstream","Entry"]
[21630466,"Vani Alpesh kumar","vani.alpesh@v5global.co.in",9898633142,"V5 Global","Surat","V5294897","Gujarat","Gujarat",null,"V5 Global",null,null,"Muffazal Momin","muffazal.momin@v5global.co.in",null,"West1",null,"External Consumer","ASO","V5 Global ASO",null,"FT",null,"ASO",null,"Darshan Thakkar","Yunus Hamid Mansoori",null,"Hemant C Baghel","Sharad verma","yunus.hamid@v5global.co.in","yunus.hamid@v5global.co.in","tjitendrabha@lenovo.com","hbaghel@lenovo.com","sharverm@lenovo.com","ASO","Shilpi Gautam","sgautam2@lenovo.com",null,"Hemant C Baghel",null,"hbaghel@lenovo.com",null,"2025-11-29","17:19:00","21.1883679,72.8140498","Shree sai computer world",{"$nulls":3},"T3",null,"West1",null,"T-22626","Surat","Gujarat","V5 Global",null,"Yes","Telephonic","F0HN00PGIN",5,"Lenovo","AIO","AIO i-24IRH9","i3-1315U-8-512-UHD-W11-O24-23.80","Win 11","AIO","Mainstream","i3-1315U","Consumer",57990,null,"AIO",289950,"West1",68428.2,"",null,"West1 M","Premium","Mainstream"]
[21631251,"Ranjeet Singh Gautam","ranjeet.gautam@v5global.co.in",9329545045,"V5 Global","Jabalpur",601169,"Madhya Pradesh","Madhya Pradesh",null,"V5 Global",null,null,"Mohmmad Abrar Khan","abrar.khan@v5global.co.in",null,"North2",null,"External Consumer","ASO","V5 Global ASO",null,"FT",null,"ASO",null,"Krishna Kumar Singh","Rahil Rasheed",null,"Durgendra Singh","Raghavendra Araveeti","rahil.rasheed@v5global.co.in","rahil.rasheed@v5global.co.in","ksingh25@lenovo.com","dsingh1@lenovo.com","raraveeti@lenovo.com","ASO","Shilpi Gautam","sgautam2@lenovo.com",null,"Durgendra Singh",null,"dsingh1@lenovo.com",null,"2025-11-29","19:55:00","23.1632576,79.9086071","C S Computer",{"$nulls":3},"T3",null,"North2",null,"T-16509","Jabalpur","Madhya Pradesh","V5 Global",null,"Yes","Face to Face","83K100CAIN",1,"Lenovo","Ideapad","Slim 3","NB IP Slim 3 15IRH10 I5 8G 512G 11S","Win 11","Thin & Light","Premium","i5 13420H/8GB/512GB SSD","Consumer",56251,null,"NB",56251,"North2",66376.18,"",null,"North2","Premium","Mainstream"]
[21631287,"Ranjeet Singh Gautam","ranjeet.gautam@v5global.co.in",9329545045,"V5 Global","Jabalpur",601169,"Madhya Pradesh","Madhya Pradesh",null,"V5 Global",null,null,"Mohmmad Abrar Khan","abrar.khan@v5global.co.in",null,"North2",null,"External Consumer","ASO","V5 Global ASO",null,"FT",null,"ASO",null,"Krishna Kumar Singh","Rahil Rasheed",null,"Durgendra Singh","Raghavendra Araveeti","rahil.rasheed@v5global.co.in","rahil.rasheed@v5global.co.in","ksingh25@lenovo.com","dsingh1@lenovo.com","raraveeti@lenovo.com","ASO","Shilpi Gautam","sgautam2@lenovo.com",null,"Durgendra Singh",null,"dsingh1@lenovo.com",null,"2025-11-29","19:58:00","23.1632597,79.9086178","R S Computer",{"$nulls":3},"T3",null,"North2",null,"T-16577","Jabalpur","Madhya Pradesh","V5 Global",null,"Yes","Face to Face","83GS00PJIN",1,"Lenovo","LOQ","LOQ 15IAX9","15.6,16GB,521SSD,RTX3050 6GB,2024 MSO,LUNA GREE","Win 11","Gaming","Premium","Core i5-12450HX","Consumer",75864,null,"NB",75864,"North2",89519.51999999999,"SP","Gaming","North2","Premium","Premium"]
[21631432,"Ranjeet Singh Gautam","ranjeet.gautam@v5global.co.in",9329545045,"V5 Global","Jabalpur",601169,"Madhya Pradesh","Madhya Pradesh",null,"V5 Global",null,null,"Mohmmad Abrar Khan","abrar.khan@v5global.co.in",null,"North2",null,"External Consumer","ASO","V5 Global ASO",null,"FT",null,"ASO",null,"Krishna Kumar Singh","Rahil Rasheed",null,"Durgendra Singh","Raghavendra Araveeti","rahil.rasheed@v5global.co.in","rahil.rasheed@v5global.co.in","ksingh25@lenovo.com","dsingh1@lenovo.com","raraveeti@lenovo.com","ASO","Shilpi Gautam","sgautam2@lenovo.com",null,"Durgendra Singh",null,"dsingh1@lenovo.com",null,"2025-11-29","20:08:00","23.1632791,79.9085867","Kashyap  Computer",{"$nulls":3},"T3","23AYYPG4040L1Z5","North2",null,"T-16544","Satna","Madhya Pradesh","V5 Global",null,"Yes","Face to Face","90XS005PIN",1,"Lenovo","IdeaCentre","IdeaCentre","IntelÂ® Coreâ„¢ i3-14100 4C, 8GB DDR5/512 SSD/ WiFi 6 + BT 5.2/ 260W/ SFF 8.2Lt / Wired KeyBoard & Mouse /Win 11 Home/1 Yr Onsite","Win 11","TDT","Entry","IntelÂ® Coreâ„¢ i3-14100","Consumer",31500,null,"TDT",31500,"North2",37170,"",null,"North2","Entry","Entry"]
[21631627,"Ranjeet Singh Gautam","ranjeet.gautam@v5global.co.in",9329545045,"V5 Global","Jabalpur",601169,"Madhya Pradesh","Madhya Pradesh",null,"V5 Global",null,null,"Mohmmad Abrar Khan","abrar.khan@v5global.co.in",null,"North2",null,"External Consumer","ASO","V5 Global ASO",null,"FT",null,"ASO",null,"Krishna Kumar Singh","Rahil Rasheed",null,"Durgendra Singh","Raghavendra Araveeti","rahil.rasheed@v5global.co.in","rahil.rasheed@v5global.co.in","ksingh25@lenovo.com","dsingh1@lenovo.com","raraveeti@lenovo.com","ASO","Shilpi Gautam","sgautam2@lenovo.com",null,"Durgendra Singh",null,"dsingh1@lenovo.com",null,"2025-11-29","20:23:00","23.1632899,79.9085681","Classic Computer",{"$nulls":3},"T3",null,"North2",null,"T-16512","Singrauli","Madhya Pradesh","V5 Global",null,"Yes","Face to Face","67D5KAC6IN",5,"Lenovo","L22-4E","L Series","LEN L22-4E 21.5 IPS  BLACK 100HZ","NA","Visual Variants","Mainstream","NA","Visuals",5331,null,null,26655,"North2",6290.58,"",null,"North2","Mainstream","Mainstream"]
[21631766,"Chetti Srinivas","chetti.srinivas1@v5global.co.in",9515976797,"V5 Global","Hyderabad",601126,"TELANGANA","Telangana",null,"V5 Global",null,null,"Mohammed Ibrahim","mohammed.ibrahim@v5global.co.in",null,"South2",null,"External Consumer","ASO","V5 Global ASO",null,"FT",null,"ASO",null,"Santosh Singh","S.Arunbabu",null,"Prabhu Subaramanian","Sharad verma","arun.babu@v5global.co.in","arun.babu@v5global.co.in","ssingh9@lenovo.com","psubramania4@lenovo.com","sharverm@lenovo.com","ASO","Shilpi Gautam","sgautam2@lenovo.com",null,"Prabhu Subaramanian",null,"psubramania4@lenovo.com",null,"2025-11-29","20:37:00","17.4001501,78.5601922","Devi Sri Computers",{"$nulls":3},"T3","36AJHPC0285F1ZJ","South2",null,"T-10599","Hyderabad","Telangana","V5 Global",null,"Yes","Telephonic","90XW005UIN",6,"Lenovo","IdeaCentre","IdeaCentre 08IRH9","8GB RAM/512 GB SSD/Integrated Graphics/WINDOWS 11","Win 11","TDT","Entry","CORE I5","Consumer",32619,null,"TDT",195714,"South2",38490.42,"",null,"South2","Entry","Mainstream"]
[21632288,"Rajesh Kumar","rajesh.kumar2@v5global.co.in",7488484467,"V5 Global","Bhagalpur","V5456085","Bhagalpur","Bihar","-","V5 Global",null,null,"Shivam Kumar","shivam.kumar@v5global.co.in",null,"East2",null,"External Consumer","ASO","V5 Global ASO",null,"FT",null,"ASO",null,"Krishna Kumar Singh","Imam Hassan",null,"Rajender Negi","Raghavendra Araveeti","imam.hassan@v5global.co.in","imam.hassan@v5global.co.in","ksingh25@lenovo.com","rnegi@lenovo.com","raraveeti@lenovo.com","ASO","Shilpi Gautam","sgautam2@lenovo.com",null,"Rajender Negi",null,"rnegi@lenovo.com",null,"2025-11-30","21:22:00","25.8576267,87.54092","PERIPHERAL POINT(MUNGER)",{"$nulls":3},"T3","10BQKPK4647N1ZK","East2",null,"T-2299","Munger","Bihar",null,null,"Yes","Face to Face","F0J6005FIN",1,"Lenovo","AIO","Lenovo A100","23.8\" FHD/8GB RAM/512 SSD/Integrated Graphics/MSO 2024/White","Win 11","AIO","Entry","Intel N100","Consumer",32000,null,"AIO",32000,"East2",37760,"",null,"East2","Entry","Entry"]
[21632313,"Surjeet Kumar","surjeet.kumar@v5global.co.in",7004963220,"V5 Global","Muzaffarpur","V5339429","Bihar","Bihar",null,"V5 Global",null,null,"Shivam Kumar","shivam.kumar@v5global.co.in",null,"East2",null,"External Consumer","ASO","V5 Global ASO",null,"FT",null,"ASO",null,"Krishna Kumar Singh","Imam Hassan",null,"Rajender Negi","Raghavendra Araveeti","imam.hassan@v5global.co.in","imam.hassan@v5global.co.in","ksingh25@lenovo.com","rnegi@lenovo.com","raraveeti@lenovo.com","ASO","Shilpi Gautam","sgautam2@lenovo.com",null,"Rajender Negi",null,"rnegi@lenovo.com",null,"2025-11-30","21:24:00","25.2952864,85.0189373","Digital Peripherals",{"$nulls":3},"T3","10DVBPS3090F1ZV","East2",null,"T-2148","Bhojpur","Bihar","V5 Global",null,"Yes","Face to Face","GX20P92532",5,"Lenovo","AC Adapter","Power","Lenovo 65W AC USB C Adapter(IN)","NA","Accessories","NA","NA","Accessories",2690,null,null,13450,"East2",3174.2,"",null,"East2","NA","NA"]
[21632453,"NAVNATH ANANDA KOLASKAR","navnath.kolaskar@v5global.co.in",7720008830,"V5 Global","KOLHAPUR","V5413211","MAHARASHTRA","Maharashtra",null,"V5 Global",null,null,"Aparajitaa Lakhani","aparajita.lakhani@v5global.co.in",null,"West1",null,"External Consumer","ASO","V5 Global ASO",null,"FT",null,"ASO",null,"Rajeev Jha","TBH",null,"Hemant C Baghel","Sharad verma",null,null,"rjha3@lenovo.com","hbaghel@lenovo.com","sharverm@lenovo.com","ASO","Shilpi Gautam","sgautam2@lenovo.com",null,"Hemant C Baghel",null,"hbaghel@lenovo.com",null,"2025-11-26","21:32:00","16.6934385,74.269355","Mercurial Computers",{"$nulls":3},"T3","27ALWPP7788B1Z8","West1",null,"T-12874","Kolhapur","Maharashtra",null,null,"Yes","Face to Face","83DV01A9IN",2,"Lenovo","LOQ","LOQ 15IRX9","i5 OS 6GB Gfx/i5 13450HX/RTX 3050 6GB","Win 11","Gaming","Premium","RTX 3050 6GB/512GB SSD/i5 13450HX","Consumer",77845,null,"NB",155690,"West1",91857.09999999999,"SP","Gaming","West1 R","Premium","Premium"]
[21632570,"NAVNATH ANANDA KOLASKAR","navnath.kolaskar@v5global.co.in",7720008830,"V5 Global","KOLHAPUR","V5413211","MAHARASHTRA","Maharashtra",null,"V5 Global",null,null,"Aparajitaa Lakhani","aparajita.lakhani@v5global.co.in",null,"West1",null,"External Consumer","ASO","V5 Global ASO",null,"FT",null,"ASO",null,"Rajeev Jha","TBH",null,"Hemant C Baghel","Sharad verma",null,null,"rjha3@lenovo.com","hbaghel@lenovo.com","sharverm@lenovo.com","ASO","Shilpi Gautam","sgautam2@lenovo.com",null,"Hemant C Baghel",null,"hbaghel@lenovo.com",null,"2025-11-28","21:39:00","16.6934078,74.2693906","Sizzlers Computers",{"$nulls":3},"T3","27CHWPS9604K1ZA","West1",null,"T-12890","Sangli","Maharashtra","V5 Global",null,"Yes","Face to Face","83DV01AAIN",1,"Lenovo","LOQ","LOQ","LOQ I5 13gen 16GB RAM 512 gb SSD RTX4050 win11 MSO\t","Win 11","Gaming","Premium","I5 13gen","Consumer",78000,null,"NB",78000,"West1",92040,"SP","Gaming","West1 R","Premium","Premium"]
[21632629,"NAVNATH ANANDA KOLASKAR","navnath.kolaskar@v5global.co.in",7720008830,"V5 Global","KOLHAPUR","V5413211","MAHARASHTRA","Maharashtra",null,"V5 Global",null,null,"Aparajitaa Lakhani","aparajita.lakhani@v5global.co.in",null,"West1",null,"External Consumer","ASO","V5 Global ASO",null,"FT",null,"ASO",null,"Rajeev Jha","TBH",null,"Hemant C Baghel","Sharad verma",null,null,"rjha3@lenovo.com","hbaghel@lenovo.com","sharverm@lenovo.com","ASO","Shilpi Gautam","sgautam2@lenovo.com",null,"Hemant C Baghel",null,"hbaghel@lenovo.com",null,"2025-11-29","21:45:00","16.6934054,74.2693829","Navatarang Laptop Shop",{"$nulls":3},"T3","27AABPY4526E2ZM","West1",null,"T-12924","Kolhapur","Maharashtra","V5 Global",null,"Yes","Face to Face","83GS00PJIN",1,"Lenovo","LOQ","LOQ 15IAX9","15.6,16GB,521SSD,RTX3050 6GB,2024 MSO,LUNA GREE","Win 11","Gaming","Premium","Core i5-12450HX","Consumer",75864,null,"NB",75864,"West1",89519.51999999999,"SP","Gaming","West1 R","Premium","Premium"]
[21633253,"Manoj Baishya","manoj.baishya@v5global.co.in",9864583255,"V5 Global","GUWAHATI","V5424243","NE","NE",null,"V5 Global",null,null,"Sukamal Saha","sukamal.saha@v5global.co.in",null,"East1",null,"External Consumer","ASO","V5 Global ASO",null,"FT",null,"ASO",null,"Partha Chakraborty","Amit Thakuri",null,"Amit Tiwari","Raghavendra Araveeti","amit.thakuri@v5global.co.in","amit.thakuri@v5global.co.in","pchakraborty@lenovo.com","atiwari11@lenovo.com","raraveeti@lenovo.com","ASO","Shilpi Gautam","sgautam2@lenovo.com",null,"Amit Tiwari",null,"atiwari11@lenovo.com",null,"2025-11-29","21:53:00","26.1177172,91.6805555","IT SOLUTION",{"$nulls":3},"T3","18ANEPA8701D2ZG","East1",null,"T-333","Nalbari","ASSAM","V5 Global",null,"Yes","Telephonic","F0HN00PGIN",2,"Lenovo","AIO","AIO i-24IRH9","i3-1315U-8-512-UHD-W11-O24-23.80","Win 11","AIO","Mainstream","i3-1315U","Consumer",57990,null,"AIO",{"$f":"BV6979*BL6979","v":115980},{"$f":"Q6979","v":"East1"},{"$f":"BV6979*118%","v":68428.2},{"$f":"IF(CF6979=\"Premium\",IF(CA6979>=65000,\"SP\",\"\"),\"\")","v":""},null,"East1",{"$f":"IF(BU6979=\"Consumer\",IF(CA6979<40000,\"Entry\",IF(AND(CA6979>=40000,CA6979<65000),\"Mainstream\",\"Premium\")),IF(BU6979=\"Visuals\",BS6979,\"NA\"))","v":"Premium"},"Mainstream"]
[21632736,"Siddhartha Saha ","sidhartha.saha@v5global.co.in",9874293392,"V5 Global","Medinipur","V5367944","West Bengal","West Bengal",null,"V5 Global",null,null,"Sukamal Saha","sukamal.saha@v5global.co.in",null,"East1",null,"External Consumer","ASO","V5 Global ASO",null,"FT",null,"ASO",null,"Kapil Tiwari","Amit Thakuri",null,"Amit Tiwari","Raghavendra Araveeti","amit.thakuri@v5global.co.in","amit.thakuri@v5global.co.in","ktiwari1@lenovo.com","atiwari11@lenovo.com","raraveeti@lenovo.com","ASO","Shilpi Gautam","sgautam2@lenovo.com",null,"Amit Tiwari",null,"atiwari11@lenovo.com",null,"2025-11-29","21:57:00","22.59339,88.356241","New Smart Computer",{"$nulls":3},"T3","19FDDPS2918J1Z2","East1",null,"T-30908","Paschim Mednipur","West Bengal","V5 Global",null,"Yes","Face to Face","82X700HMIN",10,"Lenovo","IdeaPad Slim 3","Slim 3","15.6\", 8GB, 512GB, Integrated Intel UHD Graphics, Office Home 2024, Arctic Grey\t","Win 11","Thin & Light","Mainstream","Intel Core i3-1315U\t","Consumer",41000,null,"NB",410000,"East1",48380,"",null,"East1","Mainstream","Entry"]
[21632786,"Ashwani Kumar","ashwani.kumar@v5global.co.in",7827383769,"V5 Global","Delhi","V5262001","Delhi","Delhi",null,"V5 Global",null,null,"Mohd Asif","mohd.asif@v5global.co.in",null,"North1",null,"External Consumer","ASO","V5 Global ASO",null,"FT",null,"ASO",null,"Kanwaldeep Singh","Gaurav Sharma",null,"Kumar Tanksale","Raghavendra Araveeti","gaurav.sharma@v5global.co.in","gaurav.sharma@v5global.co.in","ksingh15@lenovo.com","ktanksale1@lenovo.com","raraveeti@lenovo.com","ASO","Shilpi Gautam","sgautam2@lenovo.com",null,"Kumar Tanksale",null,"ktanksale1@lenovo.com",null,"2025-11-29","22:04:00","28.6613824,77.3859666","VERIZON TECHNOLOGIES",{"$nulls":3},"T3","07AHGPC9620B1ZT","North1",null,"T-30061","South Delhi","Delhi","V5 Global",null,"Yes","Face to Face","90XS005PIN",1,"Lenovo","IdeaCentre","IdeaCentre","IntelÂ® Coreâ„¢ i3-14100 4C, 8GB DDR5/512 SSD/ WiFi 6 + BT 5.2/ 260W/ SFF 8.2Lt / Wired KeyBoard & Mouse /Win 11 Home/1 Yr Onsite","Win 11","TDT","Entry","IntelÂ® Coreâ„¢ i3-14100","Consumer",31500,null,"TDT",31500,"North1",37170,"",null,"North1","Entry","Entry"]
[21632802,"Ashwani Kumar","ashwani.kumar@v5global.co.in",7827383769,"V5 Global","Delhi","V5262001","Delhi","Delhi",null,"V5 Global",null,null,"Mohd Asif","mohd.asif@v5global.co.in",null,"North1",null,"External Consumer","ASO","V5 Global ASO",null,"FT",null,"ASO",null,"Kanwaldeep Singh","Gaurav Sharma",null,"Kumar Tanksale","Raghavendra Araveeti","gaurav.sharma@v5global.co.in","gaurav.sharma@v5global.co.in","ksingh15@lenovo.com","ktanksale1@lenovo.com","raraveeti@lenovo.com","ASO","Shilpi Gautam","sgautam2@lenovo.com",null,"Kumar Tanksale",null,"ktanksale1@lenovo.com",null,"2025-11-29","22:06:00","28.6613919,77.3859649","My Computer Services",{"$nulls":3},"T3","07AAUFM154G12","North1",null,"T-22379","New delhi","Delhi","Denave",null,"Yes","Face to Face","67BCKAC6IN",1,"Lenovo","Monitor -L24i4A","Monitor -L24i4A","Full HD IPS Panel Ultra Thin Monitor with WLED Backlight","NA","Visual Variants","Premium","NA","Visuals",7203,null,null,7203,"North1",8499.539999999999,"",null,"North1","Premium","Premium"]
[21632839,"Ashwani Kumar","ashwani.kumar@v5global.co.in",7827383769,"V5 Global","Delhi","V5262001","Delhi","Delhi",null,"V5 Global",null,null,"Mohd Asif","mohd.asif@v5global.co.in",null,"North1",null,"External Consumer","ASO","V5 Global ASO",null,"FT",null,"ASO",null,"Kanwaldeep Singh","Gaurav Sharma",null,"Kumar Tanksale","Raghavendra Araveeti","gaurav.sharma@v5global.co.in","gaurav.sharma@v5global.co.in","ksingh15@lenovo.com","ktanksale1@lenovo.com","raraveeti@lenovo.com","ASO","Shilpi Gautam","sgautam2@lenovo.com",null,"Kumar Tanksale",null,"ktanksale1@lenovo.com",null,"2025-11-29","22:12:00","28.661388,77.3859601","GNK Traders",{"$nulls":3},"T3","07EUCPS9568H2ZU","North1",null,"T-29009","New Delhi","Delhi","V5 Global",null,"Yes","Face to Face","90XS005PIN",1,"Lenovo","IdeaCentre","IdeaCentre","IntelÂ® Coreâ„¢ i3-14100 4C, 8GB DDR5/512 SSD/ WiFi 6 + BT 5.2/ 260W/ SFF 8.2Lt / Wired KeyBoard & Mouse /Win 11 Home/1 Yr Onsite","Win 11","TDT","Entry","IntelÂ® Coreâ„¢ i3-14100","Consumer",31500,null,"TDT",31500,"North1",37170,"",null,"North1","Entry","Entry"]
[21632852,"Ashwani Kumar","ashwani.kumar@v5global.co.in",7827383769,"V5 Global","Delhi","V5262001","Delhi","Delhi",null,"V5 Global",null,null,"Mohd Asif","mohd.asif@v5global.co.in",null,"North1",null,"External Consumer","ASO","V5 Global ASO",null,"FT",null,"ASO",null,"Kanwaldeep Singh","Gaurav Sharma",null,"Kumar Tanksale","Raghavendra Araveeti","gaurav.sharma@v5global.co.in","gaurav.sharma@v5global.co.in","ksingh15@lenovo.com","ktanksale1@lenovo.com","raraveeti@lenovo.com","ASO","Shilpi Gautam","sgautam2@lenovo.com",null,"Kumar Tanksale",null,"ktanksale1@lenovo.com",null,"2025-11-29","22:13:00","28.6613956,77.3859619","SoftNet IT Solution",{"$nulls":3},"T3","07AOBPG8062K1ZU","North1",null,"T-29006","New Delhi","Delhi","V5 Global",null,"Yes","Face to Face","68CDKAC1IN",1,"Lenovo","L27-4E","L Series","LEN L27-4E 27 IPS BLACK 100HZ","NA","Visual Variants","Premium","NA","Visuals",8158,null,null,8158,"North1",9626.439999999999,"",null,"North1","Premium","Premium"]
[21632874,"Ashwani Kumar","ashwani.kumar@v5global.co.in",7827383769,"V5 Global","Delhi","V5262001","Delhi","Delhi",null,"V5 Global",null,null,"Mohd Asif","mohd.asif@v5global.co.in",null,"North1",null,"External Consumer","ASO","V5 Global ASO",null,"FT",null,"ASO",null,"Kanwaldeep Singh","Gaurav Sharma",null,"Kumar Tanksale","Raghavendra Araveeti","gaurav.sharma@v5global.co.in","gaurav.sharma@v5global.co.in","ksingh15@lenovo.com","ktanksale1@lenovo.com","raraveeti@lenovo.com","ASO","Shilpi Gautam","sgautam2@lenovo.com",null,"Kumar Tanksale",null,"ktanksale1@lenovo.com",null,"2025-11-29","22:19:00","28.661374,77.3859505","KALKA MARKETING CO.",{"$nulls":3},"T3",null,"North1",null,"T-20741","New Delhi","New Delhi","Denave",null,"Yes","Face to Face","GX31L52655",5,"Lenovo","Wired Combo","Input","Lenovo 160 Wired Combo","NA","Accessories","NA","NA","Accessories",999,null,null,4995,"North1",1178.82,"",null,"North1","NA","NA"]
[21633288,"Manoj Baishya","manoj.baishya@v5global.co.in",9864583255,"V5 Global","GUWAHATI","V5424243","NE","NE",null,"V5 Global",null,null,"Sukamal Saha","sukamal.saha@v5global.co.in",null,"East1",null,"External Consumer","ASO","V5 Global ASO",null,"FT",null,"ASO",null,"Partha Chakraborty","Amit Thakuri",null,"Amit Tiwari","Raghavendra Araveeti","amit.thakuri@v5global.co.in","amit.thakuri@v5global.co.in","pchakraborty@lenovo.com","atiwari11@lenovo.com","raraveeti@lenovo.com","ASO","Shilpi Gautam","sgautam2@lenovo.com",null,"Amit Tiwari",null,"atiwari11@lenovo.com",null,"2025-11-29","22:25:00","26.1177443,91.6805429","B. M. COMPUTER",{"$nulls":3},"T3","18AMOPC1860A1ZF","East1",null,"T-316","Barpeta","ASSAM","V5 Global",null,"Yes","Telephonic","82R400XSIN",1,"Lenovo","Ideapad","Ideapad","\"Ryzenâ„¢ 5 5500U 6C 8GB RAM 512GB SSD Windows11 MS Office H&S 2024  Integrated AMD Radeon  Graphics  15.6\"\" FHD TN 220nits AG 720","Win 11","Thin & Light","Entry","Amd Ryzen 5 5500U","Consumer",29407,null,"NB",29407,"East1",34700.259999999995,"",null,"East1","Entry","Entry"]
[21632916,"Ashwani Kumar","ashwani.kumar@v5global.co.in",7827383769,"V5 Global","Delhi","V5262001","Delhi","Delhi",null,"V5 Global",null,null,"Mohd Asif","mohd.asif@v5global.co.in",null,"North1",null,"External Consumer","ASO","V5 Global ASO",null,"FT",null,"ASO",null,"Kanwaldeep Singh","Gaurav Sharma",null,"Kumar Tanksale","Raghavendra Araveeti","gaurav.sharma@v5global.co.in","gaurav.sharma@v5global.co.in","ksingh15@lenovo.com","ktanksale1@lenovo.com","raraveeti@lenovo.com","ASO","Shilpi Gautam","sgautam2@lenovo.com",null,"Kumar Tanksale",null,"ktanksale1@lenovo.com",null,"2025-11-29","22:26:00","28.6613817,77.385947","Enfotech",{"$nulls":3},"T3",null,"North1",null,"T-4359","New Delhi","New Delhi","V5 Global",null,"Yes","Face to Face","90XS005PIN",1,"Lenovo","IdeaCentre","IdeaCentre","IntelÂ® Coreâ„¢ i3-14100 4C, 8GB DDR5/512 SSD/ WiFi 6 + BT 5.2/ 260W/ SFF 8.2Lt / Wired KeyBoard & Mouse /Win 11 Home/1 Yr Onsite","Win 11","TDT","Entry","IntelÂ® Coreâ„¢ i3-14100","Consumer",31500,null,"TDT",31500,"North1",37170,"",null,"North1","Entry","Entry"]
[21632916,"Ashwani Kumar","ashwani.kumar@v5global.co.in",7827383769,"V5 Global","Delhi","V5262001","Delhi","Delhi",null,"V5 Global",null,null,"Mohd Asif","mohd.asif@v5global.co.in",null,"North1",null,"External Consumer","ASO","V5 Global ASO",null,"FT",null,"ASO",null,"Kanwaldeep Singh","Gaurav Sharma",null,"Kumar Tanksale","Raghavendra Araveeti","gaurav.sharma@v5global.co.in","gaurav.sharma@v5global.co.in","ksingh15@lenovo.com","ktanksale1@lenovo.com","raraveeti@lenovo.com","ASO","Shilpi Gautam","sgautam2@lenovo.com",null,"Kumar Tanksale",null,"ktanksale1@lenovo.com",null,"2025-11-29","22:26:00","28.6613817,77.385947","Enfotech",{"$nulls":3},"T3",null,"North1",null,"T-4359","New Delhi","New Delhi","V5 Global",null,"Yes","Face to Face","68CDKAC1IN",1,"Lenovo","L27-4E","L Series","LEN L27-4E 27 IPS BLACK 100HZ","NA","Visual Variants","Premium","NA","Visuals",8158,null,null,8158,"North1",9626.439999999999,"",null,"North1","Premium","Premium"]
[21632916,"Ashwani Kumar","ashwani.kumar@v5global.co.in",7827383769,"V5 Global","Delhi","V5262001","Delhi","Delhi",null,"V5 Global",null,null,"Mohd Asif","mohd.asif@v5global.co.in",null,"North1",null,"External Consumer","ASO","V5 Global ASO",null,"FT",null,"ASO",null,"Kanwaldeep Singh","Gaurav Sharma",null,"Kumar Tanksale","Raghavendra Araveeti","gaurav.sharma@v5global.co.in","gaurav.sharma@v5global.co.in","ksingh15@lenovo.com","ktanksale1@lenovo.com","raraveeti@lenovo.com","ASO","Shilpi Gautam","sgautam2@lenovo.com",null,"Kumar Tanksale",null,"ktanksale1@lenovo.com",null,"2025-11-29","22:26:00","28.6613817,77.385947","Enfotech",{"$nulls":3},"T3",null,"North1",null,"T-4359","New Delhi","New Delhi","V5 Global",null,"Yes","Face to Face","GX31L52655",5,"Lenovo","Wired Combo","Input","Lenovo 160 Wired Combo","NA","Accessories","NA","NA","Accessories",999,null,null,4995,"North1",1178.82,"",null,"North1","NA","NA"]
[21633289,"Manoj Baishya","manoj.baishya@v5global.co.in",9864583255,"V5 Global","GUWAHATI","V5424243","NE","NE",null,"V5 Global",null,null,"Sukamal Saha","sukamal.saha@v5global.co.in",null,"East1",null,"External Consumer","ASO","V5 Global ASO",null,"FT",null,"ASO",null,"Partha Chakraborty","Amit Thakuri",null,"Amit Tiwari","Raghavendra Araveeti","amit.thakuri@v5global.co.in","amit.thakuri@v5global.co.in","pchakraborty@lenovo.com","atiwari11@lenovo.com","raraveeti@lenovo.com","ASO","Shilpi Gautam","sgautam2@lenovo.com",null,"Amit Tiwari",null,"atiwari11@lenovo.com",null,"2025-11-29","22:26:00","26.1177433,91.6805466","Metro Computers",{"$nulls":3},"T3","18ANLPT3804B1Z1","East1",null,"T-341","Barpeta","ASSAM","V5 Global",null,"Yes","Telephonic","82R400XSIN",1,"Lenovo","Ideapad","Ideapad","\"Ryzenâ„¢ 5 5500U 6C 8GB RAM 512GB SSD Windows11 MS Office H&S 2024  Integrated AMD Radeon  Graphics  15.6\"\" FHD TN 220nits AG 720","Win 11","Thin & Light","Entry","Amd Ryzen 5 5500U","Consumer",29407,null,"NB",29407,"East1",34700.259999999995,"",null,"East1","Entry","Entry"]
[21633289,"Manoj Baishya","manoj.baishya@v5global.co.in",9864583255,"V5 Global","GUWAHATI","V5424243","NE","NE",null,"V5 Global",null,null,"Sukamal Saha","sukamal.saha@v5global.co.in",null,"East1",null,"External Consumer","ASO","V5 Global ASO",null,"FT",null,"ASO",null,"Partha Chakraborty","Amit Thakuri",null,"Amit Tiwari","Raghavendra Araveeti","amit.thakuri@v5global.co.in","amit.thakuri@v5global.co.in","pchakraborty@lenovo.com","atiwari11@lenovo.com","raraveeti@lenovo.com","ASO","Shilpi Gautam","sgautam2@lenovo.com",null,"Amit Tiwari",null,"atiwari11@lenovo.com",null,"2025-11-29","22:26:00","26.1177433,91.6805466","Metro Computers",{"$nulls":3},"T3","18ANLPT3804B1Z1","East1",null,"T-341","Barpeta","ASSAM","V5 Global",null,"Yes","Telephonic","82X700HMIN",1,"Lenovo","IdeaPad Slim 3","Slim 3","15.6\", 8GB, 512GB, Integrated Intel UHD Graphics, Office Home 2024, Arctic Grey\t","Win 11","Thin & Light","Mainstream","Intel Core i3-1315U\t","Consumer",41000,null,"NB",41000,"East1",48380,"",null,"East1","Mainstream","Entry"]
[21632920,"Ashwani Kumar","ashwani.kumar@v5global.co.in",7827383769,"V5 Global","Delhi","V5262001","Delhi","Delhi",null,"V5 Global",null,null,"Mohd Asif","mohd.asif@v5global.co.in",null,"North1",null,"External Consumer","ASO","V5 Global ASO",null,"FT",null,"ASO",null,"Kanwaldeep Singh","Gaurav Sharma",null,"Kumar Tanksale","Raghavendra Araveeti","gaurav.sharma@v5global.co.in","gaurav.sharma@v5global.co.in","ksingh15@lenovo.com","ktanksale1@lenovo.com","raraveeti@lenovo.com","ASO","Shilpi Gautam","sgautam2@lenovo.com",null,"Kumar Tanksale",null,"ktanksale1@lenovo.com",null,"2025-11-29","22:27:00","28.6613898,77.3859545","SM NETWORK SOLUTIONS",{"$nulls":3},"T3",null,"North1",null,"T-20754","New Delhi","New Delhi","Denave",null,"Yes","Face to Face","68CDKAC1IN",1,"Lenovo","L27-4E","L Series","LEN L27-4E 27 IPS BLACK 100HZ","NA","Visual Variants","Premium","NA","Visuals",8158,null,null,8158,"North1",9626.439999999999,"",null,"North1","Premium","Premium"]
[21632920,"Ashwani Kumar","ashwani.kumar@v5global.co.in",7827383769,"V5 Global","Delhi","V5262001","Delhi","Delhi",null,"V5 Global",null,null,"Mohd Asif","mohd.asif@v5global.co.in",null,"North1",null,"External Consumer","ASO","V5 Global ASO",null,"FT",null,"ASO",null,"Kanwaldeep Singh","Gaurav Sharma",null,"Kumar Tanksale","Raghavendra Araveeti","gaurav.sharma@v5global.co.in","gaurav.sharma@v5global.co.in","ksingh15@lenovo.com","ktanksale1@lenovo.com","raraveeti@lenovo.com","ASO","Shilpi Gautam","sgautam2@lenovo.com",null,"Kumar Tanksale",null,"ktanksale1@lenovo.com",null,"2025-11-29","22:27:00","28.6613898,77.3859545","SM NETWORK SOLUTIONS",{"$nulls":3},"T3",null,"North1",null,"T-20754","New Delhi","New Delhi","Denave",null,"Yes","Face to Face","90XS005PIN",1,"Lenovo","IdeaCentre","IdeaCentre","IntelÂ® Coreâ„¢ i3-14100 4C, 8GB DDR5/512 SSD/ WiFi 6 + BT 5.2/ 260W/ SFF 8.2Lt / Wired KeyBoard & Mouse /Win 11 Home/1 Yr Onsite","Win 11","TDT","Entry","IntelÂ® Coreâ„¢ i3-14100","Consumer",31500,null,"TDT",31500,"North1",37170,"",null,"North1","Entry","Entry"]
[21632920,"Ashwani Kumar","ashwani.kumar@v5global.co.in",7827383769,"V5 Global","Delhi","V5262001","Delhi","Delhi",null,"V5 Global",null,null,"Mohd Asif","mohd.asif@v5global.co.in",null,"North1",null,"External Consumer","ASO","V5 Global ASO",null,"FT",null,"ASO",null,"Kanwaldeep Singh","Gaurav Sharma",null,"Kumar Tanksale","Raghavendra Araveeti","gaurav.sharma@v5global.co.in","gaurav.sharma@v5global.co.in","ksingh15@lenovo.com","ktanksale1@lenovo.com","raraveeti@lenovo.com","ASO","Shilpi Gautam","sgautam2@lenovo.com",null,"Kumar Tanksale",null,"ktanksale1@lenovo.com",null,"2025-11-29","22:27:00","28.6613898,77.3859545","SM NETWORK SOLUTIONS",{"$nulls":3},"T3",null,"North1",null,"T-20754","New Delhi","New Delhi","Denave",null,"Yes","Face to Face","GX31L52655",5,"Lenovo","Wired Combo","Input","Lenovo 160 Wired Combo","NA","Accessories","NA","NA","Accessories",999,null,null,4995,"North1",1178.82,"",null,"North1","NA","NA"]
[21632924,"Ashwani Kumar","ashwani.kumar@v5global.co.in",7827383769,"V5 Global","Delhi","V5262001","Delhi","Delhi",null,"V5 Global",null,null,"Mohd Asif","mohd.asif@v5global.co.in",null,"North1",null,"External Consumer","ASO","V5 Global ASO",null,"FT",null,"ASO",null,"Kanwaldeep Singh","Gaurav Sharma",null,"Kumar Tanksale","Raghavendra Araveeti","gaurav.sharma@v5global.co.in","gaurav.sharma@v5global.co.in","ksingh15@lenovo.com","ktanksale1@lenovo.com","raraveeti@lenovo.com","ASO","Shilpi Gautam","sgautam2@lenovo.com",null,"Kumar Tanksale",null,"ktanksale1@lenovo.com",null,"2025-11-29","22:28:00","28.6613855,77.3859537","PARAMOUNT INTERNATIONAL",{"$nulls":3},"T3",null,"North1",null,"T-20751","New Delhi","New Delhi","V5 Global",null,"Yes","Face to Face","67BCKAC6IN",30,"Lenovo","Monitor -L24i4A","Monitor -L24i4A","Full HD IPS Panel Ultra Thin Monitor with WLED Backlight","NA","Visual Variants","Premium","NA","Visuals",7203,null,null,216090,"North1",8499.539999999999,"",null,"North1","Premium","Premium"]
[21632924,"Ashwani Kumar","ashwani.kumar@v5global.co.in",7827383769,"V5 Global","Delhi","V5262001","Delhi","Delhi",null,"V5 Global",null,null,"Mohd Asif","mohd.asif@v5global.co.in",null,"North1",null,"External Consumer","ASO","V5 Global ASO",null,"FT",null,"ASO",null,"Kanwaldeep Singh","Gaurav Sharma",null,"Kumar Tanksale","Raghavendra Araveeti","gaurav.sharma@v5global.co.in","gaurav.sharma@v5global.co.in","ksingh15@lenovo.com","ktanksale1@lenovo.com","raraveeti@lenovo.com","ASO","Shilpi Gautam","sgautam2@lenovo.com",null,"Kumar Tanksale",null,"ktanksale1@lenovo.com",null,"2025-11-29","22:28:00","28.6613855,77.3859537","PARAMOUNT INTERNATIONAL",{"$nulls":3},"T3",null,"North1",null,"T-20751","New Delhi","New Delhi","V5 Global",null,"Yes","Face to Face","GX31L52655",30,"Lenovo","Wired Combo","Input","Lenovo 160 Wired Combo","NA","Accessories","NA","NA","Accessories",999,null,null,29970,"North1",1178.82,"",null,"North1","NA","NA"]
[21633290,"Manoj Baishya","manoj.baishya@v5global.co.in",9864583255,"V5 Global","GUWAHATI","V5424243","NE","NE",null,"V5 Global",null,null,"Sukamal Saha","sukamal.saha@v5global.co.in",null,"East1",null,"External Consumer","ASO","V5 Global ASO",null,"FT",null,"ASO",null,"Partha Chakraborty","Amit Thakuri",null,"Amit Tiwari","Raghavendra Araveeti","amit.thakuri@v5global.co.in","amit.thakuri@v5global.co.in","pchakraborty@lenovo.com","atiwari11@lenovo.com","raraveeti@lenovo.com","ASO","Shilpi Gautam","sgautam2@lenovo.com",null,"Amit Tiwari",null,"atiwari11@lenovo.com",null,"2025-11-29","22:29:00","26.1177128,91.6805599","Prachi Xerox and Mobile Centre",{"$nulls":3},"T3","18AREPM9862H2Z8","East1",null,"T-28187","Rangia","Assam","Denave",null,"Yes","Telephonic","82R4011NIN",1,"Lenovo","IDEA PAD SLIM1","IDEA PAD SLIM1","R5 /5500U/8 GB RAM/512 TB SSD/INT.","WIn 11","Thin & Light","Mainstream","R5","Consumer",35000,null,"NB",35000,"East1",41300,"",null,"East1","Mainstream","Entry"]
[21633290,"Manoj Baishya","manoj.baishya@v5global.co.in",9864583255,"V5 Global","GUWAHATI","V5424243","NE","NE",null,"V5 Global",null,null,"Sukamal Saha","sukamal.saha@v5global.co.in",null,"East1",null,"External Consumer","ASO","V5 Global ASO",null,"FT",null,"ASO",null,"Partha Chakraborty","Amit Thakuri",null,"Amit Tiwari","Raghavendra Araveeti","amit.thakuri@v5global.co.in","amit.thakuri@v5global.co.in","pchakraborty@lenovo.com","atiwari11@lenovo.com","raraveeti@lenovo.com","ASO","Shilpi Gautam","sgautam2@lenovo.com",null,"Amit Tiwari",null,"atiwari11@lenovo.com",null,"2025-11-29","22:29:00","26.1177128,91.6805599","Prachi Xerox and Mobile Centre",{"$nulls":3},"T3","18AREPM9862H2Z8","East1",null,"T-28187","Rangia","Assam","Denave",null,"Yes","Telephonic","82X700HMIN",1,"Lenovo","IdeaPad Slim 3","Slim 3","15.6\", 8GB, 512GB, Integrated Intel UHD Graphics, Office Home 2024, Arctic Grey\t","Win 11","Thin & Light","Mainstream","Intel Core i3-1315U\t","Consumer",41000,null,"NB",41000,"East1",48380,"",null,"East1","Mainstream","Entry"]
[21633290,"Manoj Baishya","manoj.baishya@v5global.co.in",9864583255,"V5 Global","GUWAHATI","V5424243","NE","NE",null,"V5 Global",null,null,"Sukamal Saha","sukamal.saha@v5global.co.in",null,"East1",null,"External Consumer","ASO","V5 Global ASO",null,"FT",null,"ASO",null,"Partha Chakraborty","Amit Thakuri",null,"Amit Tiwari","Raghavendra Araveeti","amit.thakuri@v5global.co.in","amit.thakuri@v5global.co.in","pchakraborty@lenovo.com","atiwari11@lenovo.com","raraveeti@lenovo.com","ASO","Shilpi Gautam","sgautam2@lenovo.com",null,"Amit Tiwari",null,"atiwari11@lenovo.com",null,"2025-11-29","22:29:00","26.1177128,91.6805599","Prachi Xerox and Mobile Centre",{"$nulls":3},"T3","18AREPM9862H2Z8","East1",null,"T-28187","Rangia","Assam","Denave",null,"Yes","Telephonic","83K100CAIN",1,"Lenovo","Ideapad","Slim 3","NB IP Slim 3 15IRH10 I5 8G 512G 11S","Win 11","Thin & Light","Premium","i5 13420H/8GB/512GB SSD","Consumer",56251,null,"NB",56251,"East1",66376.18,"",null,"East1","Premium","Mainstream"]
[21632927,"Ashwani Kumar","ashwani.kumar@v5global.co.in",7827383769,"V5 Global","Delhi","V5262001","Delhi","Delhi",null,"V5 Global",null,null,"Mohd Asif","mohd.asif@v5global.co.in",null,"North1",null,"External Consumer","ASO","V5 Global ASO",null,"FT",null,"ASO",null,"Kanwaldeep Singh","Gaurav Sharma",null,"Kumar Tanksale","Raghavendra Araveeti","gaurav.sharma@v5global.co.in","gaurav.sharma@v5global.co.in","ksingh15@lenovo.com","ktanksale1@lenovo.com","raraveeti@lenovo.com","ASO","Shilpi Gautam","sgautam2@lenovo.com",null,"Kumar Tanksale",null,"ktanksale1@lenovo.com",null,"2025-11-29","22:29:00","28.6613843,77.3859492","M.S M Peripheral Point",{"$nulls":3},"T3",null,"North1",null,"T-20750","New Delhi","New Delhi","Denave",null,"Yes","Face to Face","90XS005PIN",1,"Lenovo","IdeaCentre","IdeaCentre","IntelÂ® Coreâ„¢ i3-14100 4C, 8GB DDR5/512 SSD/ WiFi 6 + BT 5.2/ 260W/ SFF 8.2Lt / Wired KeyBoard & Mouse /Win 11 Home/1 Yr Onsite","Win 11","TDT","Entry","IntelÂ® Coreâ„¢ i3-14100","Consumer",31500,null,"TDT",31500,"North1",37170,"",null,"North1","Entry","Entry"]
[21632927,"Ashwani Kumar","ashwani.kumar@v5global.co.in",7827383769,"V5 Global","Delhi","V5262001","Delhi","Delhi",null,"V5 Global",null,null,"Mohd Asif","mohd.asif@v5global.co.in",null,"North1",null,"External Consumer","ASO","V5 Global ASO",null,"FT",null,"ASO",null,"Kanwaldeep Singh","Gaurav Sharma",null,"Kumar Tanksale","Raghavendra Araveeti","gaurav.sharma@v5global.co.in","gaurav.sharma@v5global.co.in","ksingh15@lenovo.com","ktanksale1@lenovo.com","raraveeti@lenovo.com","ASO","Shilpi Gautam","sgautam2@lenovo.com",null,"Kumar Tanksale",null,"ktanksale1@lenovo.com",null,"2025-11-29","22:29:00","28.6613843,77.3859492","M.S M Peripheral Point",{"$nulls":3},"T3",null,"North1",null,"T-20750","New Delhi","New Delhi","Denave",null,"Yes","Face to Face","68CDKAC1IN",1,"Lenovo","L27-4E","L Series","LEN L27-4E 27 IPS BLACK 100HZ","NA","Visual Variants","Premium","NA","Visuals",8158,null,null,8158,"North1",9626.439999999999,"",null,"North1","Premium","Premium"]
[21632927,"Ashwani Kumar","ashwani.kumar@v5global.co.in",7827383769,"V5 Global","Delhi","V5262001","Delhi","Delhi",null,"V5 Global",null,null,"Mohd Asif","mohd.asif@v5global.co.in",null,"North1",null,"External Consumer","ASO","V5 Global ASO",null,"FT",null,"ASO",null,"Kanwaldeep Singh","Gaurav Sharma",null,"Kumar Tanksale","Raghavendra Araveeti","gaurav.sharma@v5global.co.in","gaurav.sharma@v5global.co.in","ksingh15@lenovo.com","ktanksale1@lenovo.com","raraveeti@lenovo.com","ASO","Shilpi Gautam","sgautam2@lenovo.com",null,"Kumar Tanksale",null,"ktanksale1@lenovo.com",null,"2025-11-29","22:29:00","28.6613843,77.3859492","M.S M Peripheral Point",{"$nulls":3},"T3",null,"North1",null,"T-20750","New Delhi","New Delhi","Denave",null,"Yes","Face to Face","GX31L52655",10,"Lenovo","Wired Combo","Input","Lenovo 160 Wired Combo","NA","Accessories","NA","NA","Accessories",999,null,null,9990,"North1",1178.82,"",null,"North1","NA","NA"]
[21632935,"Ashwani Kumar","ashwani.kumar@v5global.co.in",7827383769,"V5 Global","Delhi","V5262001","Delhi","Delhi",null,"V5 Global",null,null,"Mohd Asif","mohd.asif@v5global.co.in",null,"North1",null,"External Consumer","ASO","V5 Global ASO",null,"FT",null,"ASO",null,"Kanwaldeep Singh","Gaurav Sharma",null,"Kumar Tanksale","Raghavendra Araveeti","gaurav.sharma@v5global.co.in","gaurav.sharma@v5global.co.in","ksingh15@lenovo.com","ktanksale1@lenovo.com","raraveeti@lenovo.com","ASO","Shilpi Gautam","sgautam2@lenovo.com",null,"Kumar Tanksale",null,"ktanksale1@lenovo.com",null,"2025-11-29","22:30:00","28.6613806,77.3859506","CONKHAL SYSTEMS INDIA",{"$nulls":3},"T3",null,"North1",null,"T-20748","New Delhi","New Delhi","Denave",null,"Yes","Face to Face","GX31L52655",10,"Lenovo","Wired Combo","Input","Lenovo 160 Wired Combo","NA","Accessories","NA","NA","Accessories",999,null,null,9990,"North1",1178.82,"",null,"North1","NA","NA"]
[21632935,"Ashwani Kumar","ashwani.kumar@v5global.co.in",7827383769,"V5 Global","Delhi","V5262001","Delhi","Delhi",null,"V5 Global",null,null,"Mohd Asif","mohd.asif@v5global.co.in",null,"North1",null,"External Consumer","ASO","V5 Global ASO",null,"FT",null,"ASO",null,"Kanwaldeep Singh","Gaurav Sharma",null,"Kumar Tanksale","Raghavendra Araveeti","gaurav.sharma@v5global.co.in","gaurav.sharma@v5global.co.in","ksingh15@lenovo.com","ktanksale1@lenovo.com","raraveeti@lenovo.com","ASO","Shilpi Gautam","sgautam2@lenovo.com",null,"Kumar Tanksale",null,"ktanksale1@lenovo.com",null,"2025-11-29","22:30:00","28.6613806,77.3859506","CONKHAL SYSTEMS INDIA",{"$nulls":3},"T3",null,"North1",null,"T-20748","New Delhi","New Delhi","Denave",null,"Yes","Face to Face","68CDKAC1IN",5,"Lenovo","L27-4E","L Series","LEN L27-4E 27 IPS BLACK 100HZ","NA","Visual Variants","Premium","NA","Visuals",8158,null,null,40790,"North1",9626.439999999999,"",null,"North1","Premium","Premium"]
[21632935,"Ashwani Kumar","ashwani.kumar@v5global.co.in",7827383769,"V5 Global","Delhi","V5262001","Delhi","Delhi",null,"V5 Global",null,null,"Mohd Asif","mohd.asif@v5global.co.in",null,"North1",null,"External Consumer","ASO","V5 Global ASO",null,"FT",null,"ASO",null,"Kanwaldeep Singh","Gaurav Sharma",null,"Kumar Tanksale","Raghavendra Araveeti","gaurav.sharma@v5global.co.in","gaurav.sharma@v5global.co.in","ksingh15@lenovo.com","ktanksale1@lenovo.com","raraveeti@lenovo.com","ASO","Shilpi Gautam","sgautam2@lenovo.com",null,"Kumar Tanksale",null,"ktanksale1@lenovo.com",null,"2025-11-29","22:30:00","28.6613806,77.3859506","CONKHAL SYSTEMS INDIA",{"$nulls":3},"T3",null,"North1",null,"T-20748","New Delhi","New Delhi","Denave",null,"Yes","Face to Face","90XS005PIN",1,"Lenovo","IdeaCentre","IdeaCentre","IntelÂ® Coreâ„¢ i3-14100 4C, 8GB DDR5/512 SSD/ WiFi 6 + BT 5.2/ 260W/ SFF 8.2Lt / Wired KeyBoard & Mouse /Win 11 Home/1 Yr Onsite","Win 11","TDT","Entry","IntelÂ® Coreâ„¢ i3-14100","Consumer",31500,null,"TDT",31500,"North1",37170,"",null,"North1","Entry","Entry"]
[21633292,"Manoj Baishya","manoj.baishya@v5global.co.in",9864583255,"V5 Global","GUWAHATI","V5424243","NE","NE",null,"V5 Global",null,null,"Sukamal Saha","sukamal.saha@v5global.co.in",null,"East1",null,"External Consumer","ASO","V5 Global ASO",null,"FT",null,"ASO",null,"Partha Chakraborty","Amit Thakuri",null,"Amit Tiwari","Raghavendra Araveeti","amit.thakuri@v5global.co.in","amit.thakuri@v5global.co.in","pchakraborty@lenovo.com","atiwari11@lenovo.com","raraveeti@lenovo.com","ASO","Shilpi Gautam","sgautam2@lenovo.com",null,"Amit Tiwari",null,"atiwari11@lenovo.com",null,"2025-11-29","22:31:00","26.1177075,91.6805398","Computer Zone",{"$nulls":3},"T3","18FBDPS7899C1ZX","East1",null,"T-28794","Guwahati","Assam","V5 Global",null,"Yes","Telephonic","82R4011NIN",1,"Lenovo","IDEA PAD SLIM1","IDEA PAD SLIM1","R5 /5500U/8 GB RAM/512 TB SSD/INT.","WIn 11","Thin & Light","Mainstream","R5","Consumer",35000,null,"NB",35000,"East1",41300,"",null,"East1","Mainstream","Entry"]
[21633292,"Manoj Baishya","manoj.baishya@v5global.co.in",9864583255,"V5 Global","GUWAHATI","V5424243","NE","NE",null,"V5 Global",null,null,"Sukamal Saha","sukamal.saha@v5global.co.in",null,"East1",null,"External Consumer","ASO","V5 Global ASO",null,"FT",null,"ASO",null,"Partha Chakraborty","Amit Thakuri",null,"Amit Tiwari","Raghavendra Araveeti","amit.thakuri@v5global.co.in","amit.thakuri@v5global.co.in","pchakraborty@lenovo.com","atiwari11@lenovo.com","raraveeti@lenovo.com","ASO","Shilpi Gautam","sgautam2@lenovo.com",null,"Amit Tiwari",null,"atiwari11@lenovo.com",null,"2025-11-29","22:31:00","26.1177075,91.6805398","Computer Zone",{"$nulls":3},"T3","18FBDPS7899C1ZX","East1",null,"T-28794","Guwahati","Assam","V5 Global",null,"Yes","Telephonic","83JC00HNIN",1,"Lenovo","LOQ","LOQ","Lenovo LOQ 15 R7 7235HS Gen Gaming Laptop (12GB, 512GB SSD, Windows 11 Home, 4GB Graphics, 15.6 inch 144 Hz Full HD IPS Display,","Win 11","Thin & Light","Premium","R7 7235HS","Consumer",50000,null,"NB",50000,"East1",59000,"",null,"East1","Mainstream","Mainstream"]
[21632945,"Ashwani Kumar","ashwani.kumar@v5global.co.in",7827383769,"V5 Global","Delhi","V5262001","Delhi","Delhi",null,"V5 Global",null,null,"Mohd Asif","mohd.asif@v5global.co.in",null,"North1",null,"External Consumer","ASO","V5 Global ASO",null,"FT",null,"ASO",null,"Kanwaldeep Singh","Gaurav Sharma",null,"Kumar Tanksale","Raghavendra Araveeti","gaurav.sharma@v5global.co.in","gaurav.sharma@v5global.co.in","ksingh15@lenovo.com","ktanksale1@lenovo.com","raraveeti@lenovo.com","ASO","Shilpi Gautam","sgautam2@lenovo.com",null,"Kumar Tanksale",null,"ktanksale1@lenovo.com",null,"2025-11-29","22:32:00","28.6613841,77.3859574","ARTISAN IT SOLUTIONS  PVT. LTD.",{"$nulls":3},"T3",null,"North1",null,"T-4176","New Delhi","New Delhi","Denave",null,"Yes","Face to Face","90XS005PIN",1,"Lenovo","IdeaCentre","IdeaCentre","IntelÂ® Coreâ„¢ i3-14100 4C, 8GB DDR5/512 SSD/ WiFi 6 + BT 5.2/ 260W/ SFF 8.2Lt / Wired KeyBoard & Mouse /Win 11 Home/1 Yr Onsite","Win 11","TDT","Entry","IntelÂ® Coreâ„¢ i3-14100","Consumer",31500,null,"TDT",31500,"North1",37170,"",null,"North1","Entry","Entry"]
[21632945,"Ashwani Kumar","ashwani.kumar@v5global.co.in",7827383769,"V5 Global","Delhi","V5262001","Delhi","Delhi",null,"V5 Global",null,null,"Mohd Asif","mohd.asif@v5global.co.in",null,"North1",null,"External Consumer","ASO","V5 Global ASO",null,"FT",null,"ASO",null,"Kanwaldeep Singh","Gaurav Sharma",null,"Kumar Tanksale","Raghavendra Araveeti","gaurav.sharma@v5global.co.in","gaurav.sharma@v5global.co.in","ksingh15@lenovo.com","ktanksale1@lenovo.com","raraveeti@lenovo.com","ASO","Shilpi Gautam","sgautam2@lenovo.com",null,"Kumar Tanksale",null,"ktanksale1@lenovo.com",null,"2025-11-29","22:32:00","28.6613841,77.3859574","ARTISAN IT SOLUTIONS  PVT. LTD.",{"$nulls":3},"T3",null,"North1",null,"T-4176","New Delhi","New Delhi","Denave",null,"Yes","Face to Face","GX31L52655",5,"Lenovo","Wired Combo","Input","Lenovo 160 Wired Combo","NA","Accessories","NA","NA","Accessories",999,null,null,4995,"North1",1178.82,"",null,"North1","NA","NA"]
[21632945,"Ashwani Kumar","ashwani.kumar@v5global.co.in",7827383769,"V5 Global","Delhi","V5262001","Delhi","Delhi",null,"V5 Global",null,null,"Mohd Asif","mohd.asif@v5global.co.in",null,"North1",null,"External Consumer","ASO","V5 Global ASO",null,"FT",null,"ASO",null,"Kanwaldeep Singh","Gaurav Sharma",null,"Kumar Tanksale","Raghavendra Araveeti","gaurav.sharma@v5global.co.in","gaurav.sharma@v5global.co.in","ksingh15@lenovo.com","ktanksale1@lenovo.com","raraveeti@lenovo.com","ASO","Shilpi Gautam","sgautam2@lenovo.com",null,"Kumar Tanksale",null,"ktanksale1@lenovo.com",null,"2025-11-29","22:32:00","28.6613841,77.3859574","ARTISAN IT SOLUTIONS  PVT. LTD.",{"$nulls":3},"T3",null,"North1",null,"T-4176","New Delhi","New Delhi","Denave",null,"Yes","Face to Face","67DEKAC1IN",1,"Lenovo","Lenovo L27-4C","L27-4C","27â€\u009d 1920x1080 144Hz / Cloud Grey","NA","Visual Variants","Premium","NA","Visuals",10990,null,null,10990,"North1",12968.199999999999,"",null,"North1","Premium","Premium"]
[21633293,"Manoj Baishya","manoj.baishya@v5global.co.in",9864583255,"V5 Global","GUWAHATI","V5424243","NE","NE",null,"V5 Global",null,null,"Sukamal Saha","sukamal.saha@v5global.co.in",null,"East1",null,"External Consumer","ASO","V5 Global ASO",null,"FT",null,"ASO",null,"Partha Chakraborty","Amit Thakuri",null,"Amit Tiwari","Raghavendra Araveeti","amit.thakuri@v5global.co.in","amit.thakuri@v5global.co.in","pchakraborty@lenovo.com","atiwari11@lenovo.com","raraveeti@lenovo.com","ASO","Shilpi Gautam","sgautam2@lenovo.com",null,"Amit Tiwari",null,"atiwari11@lenovo.com",null,"2025-11-29","22:33:00","26.1177286,91.6805518","KASHYAP DIGITAL",{"$nulls":3},"T3","18CANPG4482M1Z2","East1",null,"T-31383","Barpeta","Assam","V5 Global",null,"Yes","Face to Face","83K100CAIN",1,"Lenovo","Ideapad","Slim 3","NB IP Slim 3 15IRH10 I5 8G 512G 11S","Win 11","Thin & Light","Premium","i5 13420H/8GB/512GB SSD","Consumer",56251,null,"NB",56251,"East1",66376.18,"",null,"East1","Premium","Mainstream"]
[21633293,"Manoj Baishya","manoj.baishya@v5global.co.in",9864583255,"V5 Global","GUWAHATI","V5424243","NE","NE",null,"V5 Global",null,null,"Sukamal Saha","sukamal.saha@v5global.co.in",null,"East1",null,"External Consumer","ASO","V5 Global ASO",null,"FT",null,"ASO",null,"Partha Chakraborty","Amit Thakuri",null,"Amit Tiwari","Raghavendra Araveeti","amit.thakuri@v5global.co.in","amit.thakuri@v5global.co.in","pchakraborty@lenovo.com","atiwari11@lenovo.com","raraveeti@lenovo.com","ASO","Shilpi Gautam","sgautam2@lenovo.com",null,"Amit Tiwari",null,"atiwari11@lenovo.com",null,"2025-11-29","22:33:00","26.1177286,91.6805518","KASHYAP DIGITAL",{"$nulls":3},"T3","18CANPG4482M1Z2","East1",null,"T-31383","Barpeta","Assam","V5 Global",null,"Yes","Face to Face","82R4011NIN",1,"Lenovo","IDEA PAD SLIM1","IDEA PAD SLIM1","R5 /5500U/8 GB RAM/512 TB SSD/INT.","WIn 11","Thin & Light","Mainstream","R5","Consumer",35000,null,"NB",35000,"East1",41300,"",null,"East1","Mainstream","Entry"]
[21633293,"Manoj Baishya","manoj.baishya@v5global.co.in",9864583255,"V5 Global","GUWAHATI","V5424243","NE","NE",null,"V5 Global",null,null,"Sukamal Saha","sukamal.saha@v5global.co.in",null,"East1",null,"External Consumer","ASO","V5 Global ASO",null,"FT",null,"ASO",null,"Partha Chakraborty","Amit Thakuri",null,"Amit Tiwari","Raghavendra Araveeti","amit.thakuri@v5global.co.in","amit.thakuri@v5global.co.in","pchakraborty@lenovo.com","atiwari11@lenovo.com","raraveeti@lenovo.com","ASO","Shilpi Gautam","sgautam2@lenovo.com",null,"Amit Tiwari",null,"atiwari11@lenovo.com",null,"2025-11-29","22:33:00","26.1177286,91.6805518","KASHYAP DIGITAL",{"$nulls":3},"T3","18CANPG4482M1Z2","East1",null,"T-31383","Barpeta","Assam","V5 Global",null,"Yes","Face to Face","83DV01BHIN",1,"Lenovo","LOQ","LOQ 15IRX9","CI7-13650HX/16GB/512GB/RTX 4060 8GB/WIN11/OFFICE2024/ 15.6 FULL HD IPS","Win 11","Gaming","Premium","C I7-13650HX","Consumer",106500,null,"NB",106500,"East1",125670,"SP","Gaming","East1","Premium","Premium"]
[21632953,"Ashwani Kumar","ashwani.kumar@v5global.co.in",7827383769,"V5 Global","Delhi","V5262001","Delhi","Delhi",null,"V5 Global",null,null,"Mohd Asif","mohd.asif@v5global.co.in",null,"North1",null,"External Consumer","ASO","V5 Global ASO",null,"FT",null,"ASO",null,"Kanwaldeep Singh","Gaurav Sharma",null,"Kumar Tanksale","Raghavendra Araveeti","gaurav.sharma@v5global.co.in","gaurav.sharma@v5global.co.in","ksingh15@lenovo.com","ktanksale1@lenovo.com","raraveeti@lenovo.com","ASO","Shilpi Gautam","sgautam2@lenovo.com",null,"Kumar Tanksale",null,"ktanksale1@lenovo.com",null,"2025-11-29","22:34:00","28.6613869,77.3859607","DIGITAGE INFOCOM PVT. LTD.",{"$nulls":3},"T3",null,"North1",null,"T-4167","New Delhi","New Delhi","Denave",null,"Yes","Face to Face","90XS005PIN",1,"Lenovo","IdeaCentre","IdeaCentre","IntelÂ® Coreâ„¢ i3-14100 4C, 8GB DDR5/512 SSD/ WiFi 6 + BT 5.2/ 260W/ SFF 8.2Lt / Wired KeyBoard & Mouse /Win 11 Home/1 Yr Onsite","Win 11","TDT","Entry","IntelÂ® Coreâ„¢ i3-14100","Consumer",31500,null,"TDT",31500,"North1",37170,"",null,"North1","Entry","Entry"]
[21632953,"Ashwani Kumar","ashwani.kumar@v5global.co.in",7827383769,"V5 Global","Delhi","V5262001","Delhi","Delhi",null,"V5 Global",null,null,"Mohd Asif","mohd.asif@v5global.co.in",null,"North1",null,"External Consumer","ASO","V5 Global ASO",null,"FT",null,"ASO",null,"Kanwaldeep Singh","Gaurav Sharma",null,"Kumar Tanksale","Raghavendra Araveeti","gaurav.sharma@v5global.co.in","gaurav.sharma@v5global.co.in","ksingh15@lenovo.com","ktanksale1@lenovo.com","raraveeti@lenovo.com","ASO","Shilpi Gautam","sgautam2@lenovo.com",null,"Kumar Tanksale",null,"ktanksale1@lenovo.com",null,"2025-11-29","22:34:00","28.6613869,77.3859607","DIGITAGE INFOCOM PVT. LTD.",{"$nulls":3},"T3",null,"North1",null,"T-4167","New Delhi","New Delhi","Denave",null,"Yes","Face to Face","68CDKAC1IN",1,"Lenovo","L27-4E","L Series","LEN L27-4E 27 IPS BLACK 100HZ","NA","Visual Variants","Premium","NA","Visuals",8158,null,null,8158,"North1",9626.439999999999,"",null,"North1","Premium","Premium"]
[21632953,"Ashwani Kumar","ashwani.kumar@v5global.co.in",7827383769,"V5 Global","Delhi","V5262001","Delhi","Delhi",null,"V5 Global",null,null,"Mohd Asif","mohd.asif@v5global.co.in",null,"North1",null,"External Consumer","ASO","V5 Global ASO",null,"FT",null,"ASO",null,"Kanwaldeep Singh","Gaurav Sharma",null,"Kumar Tanksale","Raghavendra Araveeti","gaurav.sharma@v5global.co.in","gaurav.sharma@v5global.co.in","ksingh15@lenovo.com","ktanksale1@lenovo.com","raraveeti@lenovo.com","ASO","Shilpi Gautam","sgautam2@lenovo.com",null,"Kumar Tanksale",null,"ktanksale1@lenovo.com",null,"2025-11-29","22:34:00","28.6613869,77.3859607","DIGITAGE INFOCOM PVT. LTD.",{"$nulls":3},"T3",null,"North1",null,"T-4167","New Delhi","New Delhi","Denave",null,"Yes","Face to Face","GX31L52655",10,"Lenovo","Wired Combo","Input","Lenovo 160 Wired Combo","NA","Accessories","NA","NA","Accessories",999,null,null,9990,"North1",1178.82,"",null,"North1","NA","NA"]
[21632959,"Ashwani Kumar","ashwani.kumar@v5global.co.in",7827383769,"V5 Global","Delhi","V5262001","Delhi","Delhi",null,"V5 Global",null,null,"Mohd Asif","mohd.asif@v5global.co.in",null,"North1",null,"External Consumer","ASO","V5 Global ASO",null,"FT",null,"ASO",null,"Kanwaldeep Singh","Gaurav Sharma",null,"Kumar Tanksale","Raghavendra Araveeti","gaurav.sharma@v5global.co.in","gaurav.sharma@v5global.co.in","ksingh15@lenovo.com","ktanksale1@lenovo.com","raraveeti@lenovo.com","ASO","Shilpi Gautam","sgautam2@lenovo.com",null,"Kumar Tanksale",null,"ktanksale1@lenovo.com",null,"2025-11-29","22:35:00","28.6613869,77.3859649","OBSERVE COMPUTER (P) LTD",{"$nulls":3},"T3",null,"North1",null,"T-4165","New Delhi","New Delhi","Denave",null,"Yes","Face to Face","GX31L52655",20,"Lenovo","Wired Combo","Input","Lenovo 160 Wired Combo","NA","Accessories","NA","NA","Accessories",999,null,null,19980,"North1",1178.82,"",null,"North1","NA","NA"]
[21632959,"Ashwani Kumar","ashwani.kumar@v5global.co.in",7827383769,"V5 Global","Delhi","V5262001","Delhi","Delhi",null,"V5 Global",null,null,"Mohd Asif","mohd.asif@v5global.co.in",null,"North1",null,"External Consumer","ASO","V5 Global ASO",null,"FT",null,"ASO",null,"Kanwaldeep Singh","Gaurav Sharma",null,"Kumar Tanksale","Raghavendra Araveeti","gaurav.sharma@v5global.co.in","gaurav.sharma@v5global.co.in","ksingh15@lenovo.com","ktanksale1@lenovo.com","raraveeti@lenovo.com","ASO","Shilpi Gautam","sgautam2@lenovo.com",null,"Kumar Tanksale",null,"ktanksale1@lenovo.com",null,"2025-11-29","22:35:00","28.6613869,77.3859649","OBSERVE COMPUTER (P) LTD",{"$nulls":3},"T3",null,"North1",null,"T-4165","New Delhi","New Delhi","Denave",null,"Yes","Face to Face","68C2KAC1IN",20,"Lenovo","L24-4E","L Series","LEN L24-4E 23.8 IPS  BLACK 100HZ","NA","Visual Variants","Mainstream","NA","Visuals",6464,null,null,129280,"North1",7627.5199999999995,"",null,"North1","Mainstream","Mainstream"]
[21632959,"Ashwani Kumar","ashwani.kumar@v5global.co.in",7827383769,"V5 Global","Delhi","V5262001","Delhi","Delhi",null,"V5 Global",null,null,"Mohd Asif","mohd.asif@v5global.co.in",null,"North1",null,"External Consumer","ASO","V5 Global ASO",null,"FT",null,"ASO",null,"Kanwaldeep Singh","Gaurav Sharma",null,"Kumar Tanksale","Raghavendra Araveeti","gaurav.sharma@v5global.co.in","gaurav.sharma@v5global.co.in","ksingh15@lenovo.com","ktanksale1@lenovo.com","raraveeti@lenovo.com","ASO","Shilpi Gautam","sgautam2@lenovo.com",null,"Kumar Tanksale",null,"ktanksale1@lenovo.com",null,"2025-11-29","22:35:00","28.6613869,77.3859649","OBSERVE COMPUTER (P) LTD",{"$nulls":3},"T3",null,"North1",null,"T-4165","New Delhi","New Delhi","Denave",null,"Yes","Face to Face","90XS005PIN",1,"Lenovo","IdeaCentre","IdeaCentre","IntelÂ® Coreâ„¢ i3-14100 4C, 8GB DDR5/512 SSD/ WiFi 6 + BT 5.2/ 260W/ SFF 8.2Lt / Wired KeyBoard & Mouse /Win 11 Home/1 Yr Onsite","Win 11","TDT","Entry","IntelÂ® Coreâ„¢ i3-14100","Consumer",31500,null,"TDT",31500,"North1",37170,"",null,"North1","Entry","Entry"]
[21632961,"Ashwani Kumar","ashwani.kumar@v5global.co.in",7827383769,"V5 Global","Delhi","V5262001","Delhi","Delhi",null,"V5 Global",null,null,"Mohd Asif","mohd.asif@v5global.co.in",null,"North1",null,"External Consumer","ASO","V5 Global ASO",null,"FT",null,"ASO",null,"Kanwaldeep Singh","Gaurav Sharma",null,"Kumar Tanksale","Raghavendra Araveeti","gaurav.sharma@v5global.co.in","gaurav.sharma@v5global.co.in","ksingh15@lenovo.com","ktanksale1@lenovo.com","raraveeti@lenovo.com","ASO","Shilpi Gautam","sgautam2@lenovo.com",null,"Kumar Tanksale",null,"ktanksale1@lenovo.com",null,"2025-11-29","22:36:00","28.6613836,77.3859482","Alkans Enterprises",{"$nulls":3},"T3",null,"North1",null,"T-3991","New Delhi","New Delhi","Denave",null,"Yes","Face to Face","90XS005PIN",1,"Lenovo","IdeaCentre","IdeaCentre","IntelÂ® Coreâ„¢ i3-14100 4C, 8GB DDR5/512 SSD/ WiFi 6 + BT 5.2/ 260W/ SFF 8.2Lt / Wired KeyBoard & Mouse /Win 11 Home/1 Yr Onsite","Win 11","TDT","Entry","IntelÂ® Coreâ„¢ i3-14100","Consumer",31500,null,"TDT",31500,"North1",37170,"",null,"North1","Entry","Entry"]
[21632961,"Ashwani Kumar","ashwani.kumar@v5global.co.in",7827383769,"V5 Global","Delhi","V5262001","Delhi","Delhi",null,"V5 Global",null,null,"Mohd Asif","mohd.asif@v5global.co.in",null,"North1",null,"External Consumer","ASO","V5 Global ASO",null,"FT",null,"ASO",null,"Kanwaldeep Singh","Gaurav Sharma",null,"Kumar Tanksale","Raghavendra Araveeti","gaurav.sharma@v5global.co.in","gaurav.sharma@v5global.co.in","ksingh15@lenovo.com","ktanksale1@lenovo.com","raraveeti@lenovo.com","ASO","Shilpi Gautam","sgautam2@lenovo.com",null,"Kumar Tanksale",null,"ktanksale1@lenovo.com",null,"2025-11-29","22:36:00","28.6613836,77.3859482","Alkans Enterprises",{"$nulls":3},"T3",null,"North1",null,"T-3991","New Delhi","New Delhi","Denave",null,"Yes","Face to Face","GX31L52655",5,"Lenovo","Wired Combo","Input","Lenovo 160 Wired Combo","NA","Accessories","NA","NA","Accessories",999,null,null,4995,"North1",1178.82,"",null,"North1","NA","NA"]
[21632961,"Ashwani Kumar","ashwani.kumar@v5global.co.in",7827383769,"V5 Global","Delhi","V5262001","Delhi","Delhi",null,"V5 Global",null,null,"Mohd Asif","mohd.asif@v5global.co.in",null,"North1",null,"External Consumer","ASO","V5 Global ASO",null,"FT",null,"ASO",null,"Kanwaldeep Singh","Gaurav Sharma",null,"Kumar Tanksale","Raghavendra Araveeti","gaurav.sharma@v5global.co.in","gaurav.sharma@v5global.co.in","ksingh15@lenovo.com","ktanksale1@lenovo.com","raraveeti@lenovo.com","ASO","Shilpi Gautam","sgautam2@lenovo.com",null,"Kumar Tanksale",null,"ktanksale1@lenovo.com",null,"2025-11-29","22:36:00","28.6613836,77.3859482","Alkans Enterprises",{"$nulls":3},"T3",null,"North1",null,"T-3991","New Delhi","New Delhi","Denave",null,"Yes","Face to Face","68CDKAC1IN",1,"Lenovo","L27-4E","L Series","LEN L27-4E 27 IPS BLACK 100HZ","NA","Visual Variants","Premium","NA","Visuals",8158,null,null,8158,"North1",9626.439999999999,"",null,"North1","Premium","Premium"]
[21632966,"Ashwani Kumar","ashwani.kumar@v5global.co.in",7827383769,"V5 Global","Delhi","V5262001","Delhi","Delhi",null,"V5 Global",null,null,"Mohd Asif","mohd.asif@v5global.co.in",null,"North1",null,"External Consumer","ASO","V5 Global ASO",null,"FT",null,"ASO",null,"Kanwaldeep Singh","Gaurav Sharma",null,"Kumar Tanksale","Raghavendra Araveeti","gaurav.sharma@v5global.co.in","gaurav.sharma@v5global.co.in","ksingh15@lenovo.com","ktanksale1@lenovo.com","raraveeti@lenovo.com","ASO","Shilpi Gautam","sgautam2@lenovo.com",null,"Kumar Tanksale",null,"ktanksale1@lenovo.com",null,"2025-11-29","22:37:00","28.6613797,77.3859632","INSPIRED TECHNOLOGIES PVT. LTD.",{"$nulls":3},"T3",null,"North1",null,"T-4164","New Delhi","New Delhi","Denave",null,"Yes","Face to Face","67D5KAC6IN",30,"Lenovo","L22-4E","L Series","LEN L22-4E 21.5 IPS  BLACK 100HZ","NA","Visual Variants","Mainstream","NA","Visuals",5331,null,null,159930,"North1",6290.58,"",null,"North1","Mainstream","Mainstream"]
[21632966,"Ashwani Kumar","ashwani.kumar@v5global.co.in",7827383769,"V5 Global","Delhi","V5262001","Delhi","Delhi",null,"V5 Global",null,null,"Mohd Asif","mohd.asif@v5global.co.in",null,"North1",null,"External Consumer","ASO","V5 Global ASO",null,"FT",null,"ASO",null,"Kanwaldeep Singh","Gaurav Sharma",null,"Kumar Tanksale","Raghavendra Araveeti","gaurav.sharma@v5global.co.in","gaurav.sharma@v5global.co.in","ksingh15@lenovo.com","ktanksale1@lenovo.com","raraveeti@lenovo.com","ASO","Shilpi Gautam","sgautam2@lenovo.com",null,"Kumar Tanksale",null,"ktanksale1@lenovo.com",null,"2025-11-29","22:37:00","28.6613797,77.3859632","INSPIRED TECHNOLOGIES PVT. LTD.",{"$nulls":3},"T3",null,"North1",null,"T-4164","New Delhi","New Delhi","Denave",null,"Yes","Face to Face","GX31L52655",30,"Lenovo","Wired Combo","Input","Lenovo 160 Wired Combo","NA","Accessories","NA","NA","Accessories",999,null,null,29970,"North1",1178.82,"",null,"North1","NA","NA"]
[21632966,"Ashwani Kumar","ashwani.kumar@v5global.co.in",7827383769,"V5 Global","Delhi","V5262001","Delhi","Delhi",null,"V5 Global",null,null,"Mohd Asif","mohd.asif@v5global.co.in",null,"North1",null,"External Consumer","ASO","V5 Global ASO",null,"FT",null,"ASO",null,"Kanwaldeep Singh","Gaurav Sharma",null,"Kumar Tanksale","Raghavendra Araveeti","gaurav.sharma@v5global.co.in","gaurav.sharma@v5global.co.in","ksingh15@lenovo.com","ktanksale1@lenovo.com","raraveeti@lenovo.com","ASO","Shilpi Gautam","sgautam2@lenovo.com",null,"Kumar Tanksale",null,"ktanksale1@lenovo.com",null,"2025-11-29","22:37:00","28.6613797,77.3859632","INSPIRED TECHNOLOGIES PVT. LTD.",{"$nulls":3},"T3",null,"North1",null,"T-4164","New Delhi","New Delhi","Denave",null,"Yes","Face to Face","90XS005PIN",1,"Lenovo","IdeaCentre","IdeaCentre","IntelÂ® Coreâ„¢ i3-14100 4C, 8GB DDR5/512 SSD/ WiFi 6 + BT 5.2/ 260W/ SFF 8.2Lt / Wired KeyBoard & Mouse /Win 11 Home/1 Yr Onsite","Win 11","TDT","Entry","IntelÂ® Coreâ„¢ i3-14100","Consumer",31500,null,"TDT",31500,"North1",37170,"",null,"North1","Entry","Entry"]
[21633295,"Manoj Baishya","manoj.baishya@v5global.co.in",9864583255,"V5 Global","GUWAHATI","V5424243","NE","NE",null,"V5 Global",null,null,"Sukamal Saha","sukamal.saha@v5global.co.in",null,"East1",null,"External Consumer","ASO","V5 Global ASO",null,"FT",null,"ASO",null,"Partha Chakraborty","Amit Thakuri",null,"Amit Tiwari","Raghavendra Araveeti","amit.thakuri@v5global.co.in","amit.thakuri@v5global.co.in","pchakraborty@lenovo.com","atiwari11@lenovo.com","raraveeti@lenovo.com","ASO","Shilpi Gautam","sgautam2@lenovo.com",null,"Amit Tiwari",null,"atiwari11@lenovo.com",null,"2025-11-29","22:37:00","26.1177412,91.6805359","Nath Computer",{"$nulls":3},"T3","18AIUPD2000P1Z3","East1",null,"T-135","Kamrup Metropolitan","ASSAM","V5 Global",null,"Yes","Face to Face","83JQ000NIN",1,"Lenovo","Yoga 7 2-in-1","Yoga 7 2-in-1","14\"/32GB/1TSSD/Graphics 140V/MS-2024/Seashell ","Win 11","Convertible","Premium","ULT7 258V","Consumer",136990,null,"NB",136990,"East1",161648.19999999998,"SP","Non-Gaming","East1","Premium","Premium"]
[21632972,"Ashwani Kumar","ashwani.kumar@v5global.co.in",7827383769,"V5 Global","Delhi","V5262001","Delhi","Delhi",null,"V5 Global",null,null,"Mohd Asif","mohd.asif@v5global.co.in",null,"North1",null,"External Consumer","ASO","V5 Global ASO",null,"FT",null,"ASO",null,"Kanwaldeep Singh","Gaurav Sharma",null,"Kumar Tanksale","Raghavendra Araveeti","gaurav.sharma@v5global.co.in","gaurav.sharma@v5global.co.in","ksingh15@lenovo.com","ktanksale1@lenovo.com","raraveeti@lenovo.com","ASO","Shilpi Gautam","sgautam2@lenovo.com",null,"Kumar Tanksale",null,"ktanksale1@lenovo.com",null,"2025-11-29","22:38:00","28.6613805,77.3859561","INT SOLUTIONS",{"$nulls":3},"T3",null,"North1",null,"T-4163","New Delhi","New Delhi","Denave",null,"Yes","Face to Face","67BCKAC6IN",50,"Lenovo","Monitor -L24i4A","Monitor -L24i4A","Full HD IPS Panel Ultra Thin Monitor with WLED Backlight","NA","Visual Variants","Premium","NA","Visuals",7203,null,null,360150,"North1",8499.539999999999,"",null,"North1","Premium","Premium"]
[21632972,"Ashwani Kumar","ashwani.kumar@v5global.co.in",7827383769,"V5 Global","Delhi","V5262001","Delhi","Delhi",null,"V5 Global",null,null,"Mohd Asif","mohd.asif@v5global.co.in",null,"North1",null,"External Consumer","ASO","V5 Global ASO",null,"FT",null,"ASO",null,"Kanwaldeep Singh","Gaurav Sharma",null,"Kumar Tanksale","Raghavendra Araveeti","gaurav.sharma@v5global.co.in","gaurav.sharma@v5global.co.in","ksingh15@lenovo.com","ktanksale1@lenovo.com","raraveeti@lenovo.com","ASO","Shilpi Gautam","sgautam2@lenovo.com",null,"Kumar Tanksale",null,"ktanksale1@lenovo.com",null,"2025-11-29","22:38:00","28.6613805,77.3859561","INT SOLUTIONS",{"$nulls":3},"T3",null,"North1",null,"T-4163","New Delhi","New Delhi","Denave",null,"Yes","Face to Face","GX31L52655",50,"Lenovo","Wired Combo","Input","Lenovo 160 Wired Combo","NA","Accessories","NA","NA","Accessories",999,null,null,49950,"North1",1178.82,"",null,"North1","NA","NA"]
[21632972,"Ashwani Kumar","ashwani.kumar@v5global.co.in",7827383769,"V5 Global","Delhi","V5262001","Delhi","Delhi",null,"V5 Global",null,null,"Mohd Asif","mohd.asif@v5global.co.in",null,"North1",null,"External Consumer","ASO","V5 Global ASO",null,"FT",null,"ASO",null,"Kanwaldeep Singh","Gaurav Sharma",null,"Kumar Tanksale","Raghavendra Araveeti","gaurav.sharma@v5global.co.in","gaurav.sharma@v5global.co.in","ksingh15@lenovo.com","ktanksale1@lenovo.com","raraveeti@lenovo.com","ASO","Shilpi Gautam","sgautam2@lenovo.com",null,"Kumar Tanksale",null,"ktanksale1@lenovo.com",null,"2025-11-29","22:38:00","28.6613805,77.3859561","INT SOLUTIONS",{"$nulls":3},"T3",null,"North1",null,"T-4163","New Delhi","New Delhi","Denave",null,"Yes","Face to Face","90XS005PIN",1,"Lenovo","IdeaCentre","IdeaCentre","IntelÂ® Coreâ„¢ i3-14100 4C, 8GB DDR5/512 SSD/ WiFi 6 + BT 5.2/ 260W/ SFF 8.2Lt / Wired KeyBoard & Mouse /Win 11 Home/1 Yr Onsite","Win 11","TDT","Entry","IntelÂ® Coreâ„¢ i3-14100","Consumer",31500,null,"TDT",31500,"North1",37170,"",null,"North1","Entry","Entry"]
[21633298,"Manoj Baishya","manoj.baishya@v5global.co.in",9864583255,"V5 Global","GUWAHATI","V5424243","NE","NE",null,"V5 Global",null,null,"Sukamal Saha","sukamal.saha@v5global.co.in",null,"East1",null,"External Consumer","ASO","V5 Global ASO",null,"FT",null,"ASO",null,"Partha Chakraborty","Amit Thakuri",null,"Amit Tiwari","Raghavendra Araveeti","amit.thakuri@v5global.co.in","amit.thakuri@v5global.co.in","pchakraborty@lenovo.com","atiwari11@lenovo.com","raraveeti@lenovo.com","ASO","Shilpi Gautam","sgautam2@lenovo.com",null,"Amit Tiwari",null,"atiwari11@lenovo.com",null,"2025-11-29","22:39:00","26.1177481,91.6805287","MOBILE HUB",{"$nulls":3},"T3","18BCUPR0378H1ZX","East1",null,"T-29173","Nalbari","Assam","V5 Global",null,"Yes","Telephonic","82X6005KIN",1,"Lenovo","Ideapad","Slim 3","1315U-CI3/8GB /512GB SSD/intel uhd graphics /14\"","Win 11","Thin & Light","Entry","1315U-ci3","Consumer",31972,null,"NB",31972,"East1",37726.96,"",null,"East1","Entry","Entry"]
[21633298,"Manoj Baishya","manoj.baishya@v5global.co.in",9864583255,"V5 Global","GUWAHATI","V5424243","NE","NE",null,"V5 Global",null,null,"Sukamal Saha","sukamal.saha@v5global.co.in",null,"East1",null,"External Consumer","ASO","V5 Global ASO",null,"FT",null,"ASO",null,"Partha Chakraborty","Amit Thakuri",null,"Amit Tiwari","Raghavendra Araveeti","amit.thakuri@v5global.co.in","amit.thakuri@v5global.co.in","pchakraborty@lenovo.com","atiwari11@lenovo.com","raraveeti@lenovo.com","ASO","Shilpi Gautam","sgautam2@lenovo.com",null,"Amit Tiwari",null,"atiwari11@lenovo.com",null,"2025-11-29","22:39:00","26.1177481,91.6805287","MOBILE HUB",{"$nulls":3},"T3","18BCUPR0378H1ZX","East1",null,"T-29173","Nalbari","Assam","V5 Global",null,"Yes","Telephonic","82R4011NIN",1,"Lenovo","IDEA PAD SLIM1","IDEA PAD SLIM1","R5 /5500U/8 GB RAM/512 TB SSD/INT.","WIn 11","Thin & Light","Mainstream","R5","Consumer",35000,null,"NB",35000,"East1",41300,"",null,"East1","Mainstream","Entry"]
[21632975,"Ashwani Kumar","ashwani.kumar@v5global.co.in",7827383769,"V5 Global","Delhi","V5262001","Delhi","Delhi",null,"V5 Global",null,null,"Mohd Asif","mohd.asif@v5global.co.in",null,"North1",null,"External Consumer","ASO","V5 Global ASO",null,"FT",null,"ASO",null,"Kanwaldeep Singh","Gaurav Sharma",null,"Kumar Tanksale","Raghavendra Araveeti","gaurav.sharma@v5global.co.in","gaurav.sharma@v5global.co.in","ksingh15@lenovo.com","ktanksale1@lenovo.com","raraveeti@lenovo.com","ASO","Shilpi Gautam","sgautam2@lenovo.com",null,"Kumar Tanksale",null,"ktanksale1@lenovo.com",null,"2025-11-29","22:39:00","28.6613836,77.3859575","SAKAR TECHNOLOGIES ( N.P. )",{"$nulls":3},"T3",null,"North1",null,"T-4162","New Delhi","New Delhi","V5 Global",null,"Yes","Face to Face","67B5GAC1IN",5,"Lenovo","Monitor","R27i-30 - Legion Gaming","R27i-30 - Legion Gaming","NA","Visual Variants","Premium","NA","Visuals",16500,null,null,82500,"North1",19470,"",null,"North1","Premium","Premium"]
[21632975,"Ashwani Kumar","ashwani.kumar@v5global.co.in",7827383769,"V5 Global","Delhi","V5262001","Delhi","Delhi",null,"V5 Global",null,null,"Mohd Asif","mohd.asif@v5global.co.in",null,"North1",null,"External Consumer","ASO","V5 Global ASO",null,"FT",null,"ASO",null,"Kanwaldeep Singh","Gaurav Sharma",null,"Kumar Tanksale","Raghavendra Araveeti","gaurav.sharma@v5global.co.in","gaurav.sharma@v5global.co.in","ksingh15@lenovo.com","ktanksale1@lenovo.com","raraveeti@lenovo.com","ASO","Shilpi Gautam","sgautam2@lenovo.com",null,"Kumar Tanksale",null,"ktanksale1@lenovo.com",null,"2025-11-29","22:39:00","28.6613836,77.3859575","SAKAR TECHNOLOGIES ( N.P. )",{"$nulls":3},"T3",null,"North1",null,"T-4162","New Delhi","New Delhi","V5 Global",null,"Yes","Face to Face","GY50X88832",5,"Lenovo","Wireless Mouse","Input","Lenovo 600 BT Silent mouse","NA","Accessories","NA","NA","Accessories",1699,null,null,8495,"North1",2004.82,"",null,"North1","NA","NA"]
[21632975,"Ashwani Kumar","ashwani.kumar@v5global.co.in",7827383769,"V5 Global","Delhi","V5262001","Delhi","Delhi",null,"V5 Global",null,null,"Mohd Asif","mohd.asif@v5global.co.in",null,"North1",null,"External Consumer","ASO","V5 Global ASO",null,"FT",null,"ASO",null,"Kanwaldeep Singh","Gaurav Sharma",null,"Kumar Tanksale","Raghavendra Araveeti","gaurav.sharma@v5global.co.in","gaurav.sharma@v5global.co.in","ksingh15@lenovo.com","ktanksale1@lenovo.com","raraveeti@lenovo.com","ASO","Shilpi Gautam","sgautam2@lenovo.com",null,"Kumar Tanksale",null,"ktanksale1@lenovo.com",null,"2025-11-29","22:39:00","28.6613836,77.3859575","SAKAR TECHNOLOGIES ( N.P. )",{"$nulls":3},"T3",null,"North1",null,"T-4162","New Delhi","New Delhi","V5 Global",null,"Yes","Face to Face","90XS005PIN",1,"Lenovo","IdeaCentre","IdeaCentre","IntelÂ® Coreâ„¢ i3-14100 4C, 8GB DDR5/512 SSD/ WiFi 6 + BT 5.2/ 260W/ SFF 8.2Lt / Wired KeyBoard & Mouse /Win 11 Home/1 Yr Onsite","Win 11","TDT","Entry","IntelÂ® Coreâ„¢ i3-14100","Consumer",31500,null,"TDT",{"$f":"BV7107*BL7107","v":31500},{"$f":"Q7107","v":"North1"},{"$f":"BV7107*118%","v":37170},{"$f":"IF(CF7107=\"Premium\",IF(CA7107>=65000,\"SP\",\"\"),\"\")","v":""},null,"North1",{"$f":"IF(BU7107=\"Consumer\",IF(CA7107<40000,\"Entry\",IF(AND(CA7107>=40000,CA7107<65000),\"Mainstream\",\"Premium\")),IF(BU7107=\"Visuals\",BS7107,\"NA\"))","v":"Entry"},"Entry"]
[21633302,"Manoj Baishya","manoj.baishya@v5global.co.in",9864583255,"V5 Global","GUWAHATI","V5424243","NE","NE",null,"V5 Global",null,null,"Sukamal Saha","sukamal.saha@v5global.co.in",null,"East1",null,"External Consumer","ASO","V5 Global ASO",null,"FT",null,"ASO",null,"Partha Chakraborty","Amit Thakuri",null,"Amit Tiwari","Raghavendra Araveeti","amit.thakuri@v5global.co.in","amit.thakuri@v5global.co.in","pchakraborty@lenovo.com","atiwari11@lenovo.com","raraveeti@lenovo.com","ASO","Shilpi Gautam","sgautam2@lenovo.com",null,"Amit Tiwari",null,"atiwari11@lenovo.com",null,"2025-11-29","22:40:00","26.1177124,91.6805396","Matri Mangala Electronics",{"$nulls":3},"T3","18AGTPD2434Q2ZS","East1",null,"T-340","Bongaigaon","ASSAM","V5 Global",null,"Yes","Telephonic","83DV018KIN",1,"Lenovo","LOQ","Gaming","i5-13450HX, 24 GB RAM  512 GB SSD RTXâ„¢ 3050 6GB GDDR6 Win 11 Office Home 2024  Luna Grey","Win 11","Gaming","Premium","i5-13450HX","Consumer",81990,null,"NB",81990,"East1",96748.2,"SP","Gaming","East1","Premium","Premium"]
[21632981,"Ashwani Kumar","ashwani.kumar@v5global.co.in",7827383769,"V5 Global","Delhi","V5262001","Delhi","Delhi",null,"V5 Global",null,null,"Mohd Asif","mohd.asif@v5global.co.in",null,"North1",null,"External Consumer","ASO","V5 Global ASO",null,"FT",null,"ASO",null,"Kanwaldeep Singh","Gaurav Sharma",null,"Kumar Tanksale","Raghavendra Araveeti","gaurav.sharma@v5global.co.in","gaurav.sharma@v5global.co.in","ksingh15@lenovo.com","ktanksale1@lenovo.com","raraveeti@lenovo.com","ASO","Shilpi Gautam","sgautam2@lenovo.com",null,"Kumar Tanksale",null,"ktanksale1@lenovo.com",null,"2025-11-29","22:41:00","28.6613875,77.3859507","Broadway Computers",{"$nulls":3},"T3","07AAFPA0623C1ZN","North1",null,"T-4152","New Delhi","New Delhi","Denave",null,"Yes","Face to Face","GX31L52655",1,"Lenovo","Wired Combo","Input","Lenovo 160 Wired Combo","NA","Accessories","NA","NA","Accessories",999,null,null,999,"North1",1178.82,"",null,"North1","NA","NA"]
[21632981,"Ashwani Kumar","ashwani.kumar@v5global.co.in",7827383769,"V5 Global","Delhi","V5262001","Delhi","Delhi",null,"V5 Global",null,null,"Mohd Asif","mohd.asif@v5global.co.in",null,"North1",null,"External Consumer","ASO","V5 Global ASO",null,"FT",null,"ASO",null,"Kanwaldeep Singh","Gaurav Sharma",null,"Kumar Tanksale","Raghavendra Araveeti","gaurav.sharma@v5global.co.in","gaurav.sharma@v5global.co.in","ksingh15@lenovo.com","ktanksale1@lenovo.com","raraveeti@lenovo.com","ASO","Shilpi Gautam","sgautam2@lenovo.com",null,"Kumar Tanksale",null,"ktanksale1@lenovo.com",null,"2025-11-29","22:41:00","28.6613875,77.3859507","Broadway Computers",{"$nulls":3},"T3","07AAFPA0623C1ZN","North1",null,"T-4152","New Delhi","New Delhi","Denave",null,"Yes","Face to Face","GY50X88832",1,"Lenovo","Wireless Mouse","Input","Lenovo 600 BT Silent mouse","NA","Accessories","NA","NA","Accessories",1699,null,null,1699,"North1",2004.82,"",null,"North1","NA","NA"]
[21632981,"Ashwani Kumar","ashwani.kumar@v5global.co.in",7827383769,"V5 Global","Delhi","V5262001","Delhi","Delhi",null,"V5 Global",null,null,"Mohd Asif","mohd.asif@v5global.co.in",null,"North1",null,"External Consumer","ASO","V5 Global ASO",null,"FT",null,"ASO",null,"Kanwaldeep Singh","Gaurav Sharma",null,"Kumar Tanksale","Raghavendra Araveeti","gaurav.sharma@v5global.co.in","gaurav.sharma@v5global.co.in","ksingh15@lenovo.com","ktanksale1@lenovo.com","raraveeti@lenovo.com","ASO","Shilpi Gautam","sgautam2@lenovo.com",null,"Kumar Tanksale",null,"ktanksale1@lenovo.com",null,"2025-11-29","22:41:00","28.6613875,77.3859507","Broadway Computers",{"$nulls":3},"T3","07AAFPA0623C1ZN","North1",null,"T-4152","New Delhi","New Delhi","Denave",null,"Yes","Face to Face","90XS005PIN",1,"Lenovo","IdeaCentre","IdeaCentre","IntelÂ® Coreâ„¢ i3-14100 4C, 8GB DDR5/512 SSD/ WiFi 6 + BT 5.2/ 260W/ SFF 8.2Lt / Wired KeyBoard & Mouse /Win 11 Home/1 Yr Onsite","Win 11","TDT","Entry","IntelÂ® Coreâ„¢ i3-14100","Consumer",31500,null,"TDT",31500,"North1",37170,"",null,"North1","Entry","Entry"]
[21632985,"Ashwani Kumar","ashwani.kumar@v5global.co.in",7827383769,"V5 Global","Delhi","V5262001","Delhi","Delhi",null,"V5 Global",null,null,"Mohd Asif","mohd.asif@v5global.co.in",null,"North1",null,"External Consumer","ASO","V5 Global ASO",null,"FT",null,"ASO",null,"Kanwaldeep Singh","Gaurav Sharma",null,"Kumar Tanksale","Raghavendra Araveeti","gaurav.sharma@v5global.co.in","gaurav.sharma@v5global.co.in","ksingh15@lenovo.com","ktanksale1@lenovo.com","raraveeti@lenovo.com","ASO","Shilpi Gautam","sgautam2@lenovo.com",null,"Kumar Tanksale",null,"ktanksale1@lenovo.com",null,"2025-11-29","22:42:00","28.661384,77.3859622","Vectrae Infotech Pvt Ltd",{"$nulls":3},"T3","07AAECV7619K1ZV","North1",null,"T-4149","New Delhi","New Delhi","Denave",null,"Yes","Face to Face","90XS005PIN",1,"Lenovo","IdeaCentre","IdeaCentre","IntelÂ® Coreâ„¢ i3-14100 4C, 8GB DDR5/512 SSD/ WiFi 6 + BT 5.2/ 260W/ SFF 8.2Lt / Wired KeyBoard & Mouse /Win 11 Home/1 Yr Onsite","Win 11","TDT","Entry","IntelÂ® Coreâ„¢ i3-14100","Consumer",31500,null,"TDT",31500,"North1",37170,"",null,"North1","Entry","Entry"]
[21632985,"Ashwani Kumar","ashwani.kumar@v5global.co.in",7827383769,"V5 Global","Delhi","V5262001","Delhi","Delhi",null,"V5 Global",null,null,"Mohd Asif","mohd.asif@v5global.co.in",null,"North1",null,"External Consumer","ASO","V5 Global ASO",null,"FT",null,"ASO",null,"Kanwaldeep Singh","Gaurav Sharma",null,"Kumar Tanksale","Raghavendra Araveeti","gaurav.sharma@v5global.co.in","gaurav.sharma@v5global.co.in","ksingh15@lenovo.com","ktanksale1@lenovo.com","raraveeti@lenovo.com","ASO","Shilpi Gautam","sgautam2@lenovo.com",null,"Kumar Tanksale",null,"ktanksale1@lenovo.com",null,"2025-11-29","22:42:00","28.661384,77.3859622","Vectrae Infotech Pvt Ltd",{"$nulls":3},"T3","07AAECV7619K1ZV","North1",null,"T-4149","New Delhi","New Delhi","Denave",null,"Yes","Face to Face","GY50X88832",50,"Lenovo","Wireless Mouse","Input","Lenovo 600 BT Silent mouse","NA","Accessories","NA","NA","Accessories",1699,null,null,84950,"North1",2004.82,"",null,"North1","NA","NA"]
[21632985,"Ashwani Kumar","ashwani.kumar@v5global.co.in",7827383769,"V5 Global","Delhi","V5262001","Delhi","Delhi",null,"V5 Global",null,null,"Mohd Asif","mohd.asif@v5global.co.in",null,"North1",null,"External Consumer","ASO","V5 Global ASO",null,"FT",null,"ASO",null,"Kanwaldeep Singh","Gaurav Sharma",null,"Kumar Tanksale","Raghavendra Araveeti","gaurav.sharma@v5global.co.in","gaurav.sharma@v5global.co.in","ksingh15@lenovo.com","ktanksale1@lenovo.com","raraveeti@lenovo.com","ASO","Shilpi Gautam","sgautam2@lenovo.com",null,"Kumar Tanksale",null,"ktanksale1@lenovo.com",null,"2025-11-29","22:42:00","28.661384,77.3859622","Vectrae Infotech Pvt Ltd",{"$nulls":3},"T3","07AAECV7619K1ZV","North1",null,"T-4149","New Delhi","New Delhi","Denave",null,"Yes","Face to Face","67BCKAC6IN",50,"Lenovo","Monitor -L24i4A","Monitor -L24i4A","Full HD IPS Panel Ultra Thin Monitor with WLED Backlight","NA","Visual Variants","Premium","NA","Visuals",7203,null,null,360150,"North1",8499.539999999999,"",null,"North1","Premium","Premium"]
[21632988,"Ashwani Kumar","ashwani.kumar@v5global.co.in",7827383769,"V5 Global","Delhi","V5262001","Delhi","Delhi",null,"V5 Global",null,null,"Mohd Asif","mohd.asif@v5global.co.in",null,"North1",null,"External Consumer","ASO","V5 Global ASO",null,"FT",null,"ASO",null,"Kanwaldeep Singh","Gaurav Sharma",null,"Kumar Tanksale","Raghavendra Araveeti","gaurav.sharma@v5global.co.in","gaurav.sharma@v5global.co.in","ksingh15@lenovo.com","ktanksale1@lenovo.com","raraveeti@lenovo.com","ASO","Shilpi Gautam","sgautam2@lenovo.com",null,"Kumar Tanksale",null,"ktanksale1@lenovo.com",null,"2025-11-29","22:43:00","28.6613836,77.3859628","Computer Components Centre",{"$nulls":3},"T3","07AAFPJ5691P1Z1","North1",null,"T-3862","New Delhi","New Delhi","V5 Global",null,"Yes","Face to Face","67CCGAC4IN",2,"Lenovo","Moniter","R24E","NA","NA","Visual Variants","Premium","NA","Visuals",10500,null,null,21000,"North1",12390,"",null,"North1","Premium","Premium"]
[21632988,"Ashwani Kumar","ashwani.kumar@v5global.co.in",7827383769,"V5 Global","Delhi","V5262001","Delhi","Delhi",null,"V5 Global",null,null,"Mohd Asif","mohd.asif@v5global.co.in",null,"North1",null,"External Consumer","ASO","V5 Global ASO",null,"FT",null,"ASO",null,"Kanwaldeep Singh","Gaurav Sharma",null,"Kumar Tanksale","Raghavendra Araveeti","gaurav.sharma@v5global.co.in","gaurav.sharma@v5global.co.in","ksingh15@lenovo.com","ktanksale1@lenovo.com","raraveeti@lenovo.com","ASO","Shilpi Gautam","sgautam2@lenovo.com",null,"Kumar Tanksale",null,"ktanksale1@lenovo.com",null,"2025-11-29","22:43:00","28.6613836,77.3859628","Computer Components Centre",{"$nulls":3},"T3","07AAFPJ5691P1Z1","North1",null,"T-3862","New Delhi","New Delhi","V5 Global",null,"Yes","Face to Face","GY50X88832",2,"Lenovo","Wireless Mouse","Input","Lenovo 600 BT Silent mouse","NA","Accessories","NA","NA","Accessories",1699,null,null,3398,"North1",2004.82,"",null,"North1","NA","NA"]
[21632991,"Ashwani Kumar","ashwani.kumar@v5global.co.in",7827383769,"V5 Global","Delhi","V5262001","Delhi","Delhi",null,"V5 Global",null,null,"Mohd Asif","mohd.asif@v5global.co.in",null,"North1",null,"External Consumer","ASO","V5 Global ASO",null,"FT",null,"ASO",null,"Kanwaldeep Singh","Gaurav Sharma",null,"Kumar Tanksale","Raghavendra Araveeti","gaurav.sharma@v5global.co.in","gaurav.sharma@v5global.co.in","ksingh15@lenovo.com","ktanksale1@lenovo.com","raraveeti@lenovo.com","ASO","Shilpi Gautam","sgautam2@lenovo.com",null,"Kumar Tanksale",null,"ktanksale1@lenovo.com",null,"2025-11-29","22:44:00","28.6613851,77.3859555","Computer Empire",{"$nulls":3},"T3","06AIDPB8844N1ZZ","North1",null,"T-3830","New Delhi","New Delhi","V5 Global",null,"Yes","Face to Face","67CCGAC4IN",2,"Lenovo","Moniter","R24E","NA","NA","Visual Variants","Premium","NA","Visuals",10500,null,null,21000,"North1",12390,"",null,"North1","Premium","Premium"]
[21632991,"Ashwani Kumar","ashwani.kumar@v5global.co.in",7827383769,"V5 Global","Delhi","V5262001","Delhi","Delhi",null,"V5 Global",null,null,"Mohd Asif","mohd.asif@v5global.co.in",null,"North1",null,"External Consumer","ASO","V5 Global ASO",null,"FT",null,"ASO",null,"Kanwaldeep Singh","Gaurav Sharma",null,"Kumar Tanksale","Raghavendra Araveeti","gaurav.sharma@v5global.co.in","gaurav.sharma@v5global.co.in","ksingh15@lenovo.com","ktanksale1@lenovo.com","raraveeti@lenovo.com","ASO","Shilpi Gautam","sgautam2@lenovo.com",null,"Kumar Tanksale",null,"ktanksale1@lenovo.com",null,"2025-11-29","22:44:00","28.6613851,77.3859555","Computer Empire",{"$nulls":3},"T3","06AIDPB8844N1ZZ","North1",null,"T-3830","New Delhi","New Delhi","V5 Global",null,"Yes","Face to Face","GY50X88832",2,"Lenovo","Wireless Mouse","Input","Lenovo 600 BT Silent mouse","NA","Accessories","NA","NA","Accessories",1699,null,null,3398,"North1",2004.82,"",null,"North1","NA","NA"]
[21632995,"Ashwani Kumar","ashwani.kumar@v5global.co.in",7827383769,"V5 Global","Delhi","V5262001","Delhi","Delhi",null,"V5 Global",null,null,"Mohd Asif","mohd.asif@v5global.co.in",null,"North1",null,"External Consumer","ASO","V5 Global ASO",null,"FT",null,"ASO",null,"Kanwaldeep Singh","Gaurav Sharma",null,"Kumar Tanksale","Raghavendra Araveeti","gaurav.sharma@v5global.co.in","gaurav.sharma@v5global.co.in","ksingh15@lenovo.com","ktanksale1@lenovo.com","raraveeti@lenovo.com","ASO","Shilpi Gautam","sgautam2@lenovo.com",null,"Kumar Tanksale",null,"ktanksale1@lenovo.com",null,"2025-11-29","22:45:00","28.6613866,77.3859502","COMPUTER ENGINEERING",{"$nulls":3},"T3","07AAAPK4337J1ZS","North1",null,"T-3835","New Delhi","New Delhi","Denave",null,"Yes","Face to Face","67CCGAC4IN",5,"Lenovo","Moniter","R24E","NA","NA","Visual Variants","Premium","NA","Visuals",10500,null,null,52500,"North1",12390,"",null,"North1","Premium","Premium"]
[21632995,"Ashwani Kumar","ashwani.kumar@v5global.co.in",7827383769,"V5 Global","Delhi","V5262001","Delhi","Delhi",null,"V5 Global",null,null,"Mohd Asif","mohd.asif@v5global.co.in",null,"North1",null,"External Consumer","ASO","V5 Global ASO",null,"FT",null,"ASO",null,"Kanwaldeep Singh","Gaurav Sharma",null,"Kumar Tanksale","Raghavendra Araveeti","gaurav.sharma@v5global.co.in","gaurav.sharma@v5global.co.in","ksingh15@lenovo.com","ktanksale1@lenovo.com","raraveeti@lenovo.com","ASO","Shilpi Gautam","sgautam2@lenovo.com",null,"Kumar Tanksale",null,"ktanksale1@lenovo.com",null,"2025-11-29","22:45:00","28.6613866,77.3859502","COMPUTER ENGINEERING",{"$nulls":3},"T3","07AAAPK4337J1ZS","North1",null,"T-3835","New Delhi","New Delhi","Denave",null,"Yes","Face to Face","GX31L52655",5,"Lenovo","Wired Combo","Input","Lenovo 160 Wired Combo","NA","Accessories","NA","NA","Accessories",999,null,null,4995,"North1",1178.82,"",null,"North1","NA","NA"]
[21632995,"Ashwani Kumar","ashwani.kumar@v5global.co.in",7827383769,"V5 Global","Delhi","V5262001","Delhi","Delhi",null,"V5 Global",null,null,"Mohd Asif","mohd.asif@v5global.co.in",null,"North1",null,"External Consumer","ASO","V5 Global ASO",null,"FT",null,"ASO",null,"Kanwaldeep Singh","Gaurav Sharma",null,"Kumar Tanksale","Raghavendra Araveeti","gaurav.sharma@v5global.co.in","gaurav.sharma@v5global.co.in","ksingh15@lenovo.com","ktanksale1@lenovo.com","raraveeti@lenovo.com","ASO","Shilpi Gautam","sgautam2@lenovo.com",null,"Kumar Tanksale",null,"ktanksale1@lenovo.com",null,"2025-11-29","22:45:00","28.6613866,77.3859502","COMPUTER ENGINEERING",{"$nulls":3},"T3","07AAAPK4337J1ZS","North1",null,"T-3835","New Delhi","New Delhi","Denave",null,"Yes","Face to Face","90XS005PIN",1,"Lenovo","IdeaCentre","IdeaCentre","IntelÂ® Coreâ„¢ i3-14100 4C, 8GB DDR5/512 SSD/ WiFi 6 + BT 5.2/ 260W/ SFF 8.2Lt / Wired KeyBoard & Mouse /Win 11 Home/1 Yr Onsite","Win 11","TDT","Entry","IntelÂ® Coreâ„¢ i3-14100","Consumer",31500,null,"TDT",31500,"North1",37170,"",null,"North1","Entry","Entry"]
[21632997,"Ashwani Kumar","ashwani.kumar@v5global.co.in",7827383769,"V5 Global","Delhi","V5262001","Delhi","Delhi",null,"V5 Global",null,null,"Mohd Asif","mohd.asif@v5global.co.in",null,"North1",null,"External Consumer","ASO","V5 Global ASO",null,"FT",null,"ASO",null,"Kanwaldeep Singh","Gaurav Sharma",null,"Kumar Tanksale","Raghavendra Araveeti","gaurav.sharma@v5global.co.in","gaurav.sharma@v5global.co.in","ksingh15@lenovo.com","ktanksale1@lenovo.com","raraveeti@lenovo.com","ASO","Shilpi Gautam","sgautam2@lenovo.com",null,"Kumar Tanksale",null,"ktanksale1@lenovo.com",null,"2025-11-29","22:45:00","28.661383,77.3859488","DYNAMIC SYSTEM",{"$nulls":3},"T3","07DAXPS7083B1Z2","North1",null,"T-3839","New Delhi","New Delhi","V5 Global",null,"Yes","Face to Face","90XS005PIN",1,"Lenovo","IdeaCentre","IdeaCentre","IntelÂ® Coreâ„¢ i3-14100 4C, 8GB DDR5/512 SSD/ WiFi 6 + BT 5.2/ 260W/ SFF 8.2Lt / Wired KeyBoard & Mouse /Win 11 Home/1 Yr Onsite","Win 11","TDT","Entry","IntelÂ® Coreâ„¢ i3-14100","Consumer",31500,null,"TDT",31500,"North1",37170,"",null,"North1","Entry","Entry"]
[21632997,"Ashwani Kumar","ashwani.kumar@v5global.co.in",7827383769,"V5 Global","Delhi","V5262001","Delhi","Delhi",null,"V5 Global",null,null,"Mohd Asif","mohd.asif@v5global.co.in",null,"North1",null,"External Consumer","ASO","V5 Global ASO",null,"FT",null,"ASO",null,"Kanwaldeep Singh","Gaurav Sharma",null,"Kumar Tanksale","Raghavendra Araveeti","gaurav.sharma@v5global.co.in","gaurav.sharma@v5global.co.in","ksingh15@lenovo.com","ktanksale1@lenovo.com","raraveeti@lenovo.com","ASO","Shilpi Gautam","sgautam2@lenovo.com",null,"Kumar Tanksale",null,"ktanksale1@lenovo.com",null,"2025-11-29","22:45:00","28.661383,77.3859488","DYNAMIC SYSTEM",{"$nulls":3},"T3","07DAXPS7083B1Z2","North1",null,"T-3839","New Delhi","New Delhi","V5 Global",null,"Yes","Face to Face","67CCGAC4IN",5,"Lenovo","Moniter","R24E","NA","NA","Visual Variants","Premium","NA","Visuals",10500,null,null,52500,"North1",12390,"",null,"North1","Premium","Premium"]
[21632997,"Ashwani Kumar","ashwani.kumar@v5global.co.in",7827383769,"V5 Global","Delhi","V5262001","Delhi","Delhi",null,"V5 Global",null,null,"Mohd Asif","mohd.asif@v5global.co.in",null,"North1",null,"External Consumer","ASO","V5 Global ASO",null,"FT",null,"ASO",null,"Kanwaldeep Singh","Gaurav Sharma",null,"Kumar Tanksale","Raghavendra Araveeti","gaurav.sharma@v5global.co.in","gaurav.sharma@v5global.co.in","ksingh15@lenovo.com","ktanksale1@lenovo.com","raraveeti@lenovo.com","ASO","Shilpi Gautam","sgautam2@lenovo.com",null,"Kumar Tanksale",null,"ktanksale1@lenovo.com",null,"2025-11-29","22:45:00","28.661383,77.3859488","DYNAMIC SYSTEM",{"$nulls":3},"T3","07DAXPS7083B1Z2","North1",null,"T-3839","New Delhi","New Delhi","V5 Global",null,"Yes","Face to Face","GX31L52655",5,"Lenovo","Wired Combo","Input","Lenovo 160 Wired Combo","NA","Accessories","NA","NA","Accessories",999,null,null,4995,"North1",1178.82,"",null,"North1","NA","NA"]
[21633003,"Ashwani Kumar","ashwani.kumar@v5global.co.in",7827383769,"V5 Global","Delhi","V5262001","Delhi","Delhi",null,"V5 Global",null,null,"Mohd Asif","mohd.asif@v5global.co.in",null,"North1",null,"External Consumer","ASO","V5 Global ASO",null,"FT",null,"ASO",null,"Kanwaldeep Singh","Gaurav Sharma",null,"Kumar Tanksale","Raghavendra Araveeti","gaurav.sharma@v5global.co.in","gaurav.sharma@v5global.co.in","ksingh15@lenovo.com","ktanksale1@lenovo.com","raraveeti@lenovo.com","ASO","Shilpi Gautam","sgautam2@lenovo.com",null,"Kumar Tanksale",null,"ktanksale1@lenovo.com",null,"2025-11-29","22:46:00","28.6613947,77.3859618","Hitech Info Vision",{"$nulls":3},"T3","07ALJPK6300M1ZZ","North1",null,"T-3807","New Delhi","New Delhi","V5 Global",null,"Yes","Face to Face","67CCGAC4IN",2,"Lenovo","Moniter","R24E","NA","NA","Visual Variants","Premium","NA","Visuals",10500,null,null,21000,"North1",12390,"",null,"North1","Premium","Premium"]
[21633003,"Ashwani Kumar","ashwani.kumar@v5global.co.in",7827383769,"V5 Global","Delhi","V5262001","Delhi","Delhi",null,"V5 Global",null,null,"Mohd Asif","mohd.asif@v5global.co.in",null,"North1",null,"External Consumer","ASO","V5 Global ASO",null,"FT",null,"ASO",null,"Kanwaldeep Singh","Gaurav Sharma",null,"Kumar Tanksale","Raghavendra Araveeti","gaurav.sharma@v5global.co.in","gaurav.sharma@v5global.co.in","ksingh15@lenovo.com","ktanksale1@lenovo.com","raraveeti@lenovo.com","ASO","Shilpi Gautam","sgautam2@lenovo.com",null,"Kumar Tanksale",null,"ktanksale1@lenovo.com",null,"2025-11-29","22:46:00","28.6613947,77.3859618","Hitech Info Vision",{"$nulls":3},"T3","07ALJPK6300M1ZZ","North1",null,"T-3807","New Delhi","New Delhi","V5 Global",null,"Yes","Face to Face","GY50X88832",2,"Lenovo","Wireless Mouse","Input","Lenovo 600 BT Silent mouse","NA","Accessories","NA","NA","Accessories",1699,null,null,3398,"North1",2004.82,"",null,"North1","NA","NA"]
[21633003,"Ashwani Kumar","ashwani.kumar@v5global.co.in",7827383769,"V5 Global","Delhi","V5262001","Delhi","Delhi",null,"V5 Global",null,null,"Mohd Asif","mohd.asif@v5global.co.in",null,"North1",null,"External Consumer","ASO","V5 Global ASO",null,"FT",null,"ASO",null,"Kanwaldeep Singh","Gaurav Sharma",null,"Kumar Tanksale","Raghavendra Araveeti","gaurav.sharma@v5global.co.in","gaurav.sharma@v5global.co.in","ksingh15@lenovo.com","ktanksale1@lenovo.com","raraveeti@lenovo.com","ASO","Shilpi Gautam","sgautam2@lenovo.com",null,"Kumar Tanksale",null,"ktanksale1@lenovo.com",null,"2025-11-29","22:46:00","28.6613947,77.3859618","Hitech Info Vision",{"$nulls":3},"T3","07ALJPK6300M1ZZ","North1",null,"T-3807","New Delhi","New Delhi","V5 Global",null,"Yes","Face to Face","67D5KAC6IN",1,"Lenovo","L22-4E","L Series","LEN L22-4E 21.5 IPS  BLACK 100HZ","NA","Visual Variants","Mainstream","NA","Visuals",5331,null,null,5331,"North1",6290.58,"",null,"North1","Mainstream","Mainstream"]
[21633007,"Ashwani Kumar","ashwani.kumar@v5global.co.in",7827383769,"V5 Global","Delhi","V5262001","Delhi","Delhi",null,"V5 Global",null,null,"Mohd Asif","mohd.asif@v5global.co.in",null,"North1",null,"External Consumer","ASO","V5 Global ASO",null,"FT",null,"ASO",null,"Kanwaldeep Singh","Gaurav Sharma",null,"Kumar Tanksale","Raghavendra Araveeti","gaurav.sharma@v5global.co.in","gaurav.sharma@v5global.co.in","ksingh15@lenovo.com","ktanksale1@lenovo.com","raraveeti@lenovo.com","ASO","Shilpi Gautam","sgautam2@lenovo.com",null,"Kumar Tanksale",null,"ktanksale1@lenovo.com",null,"2025-11-29","22:48:00","28.6613846,77.3859521","Infra Networks Solutions",{"$nulls":3},"T3","07AHQPP7247R1Z6","North1",null,"T-3931","New Delhi","New Delhi","V5 Global",null,"Yes","Face to Face","68C2KAC1IN",25,"Lenovo","L24-4E","L Series","LEN L24-4E 23.8 IPS  BLACK 100HZ","NA","Visual Variants","Mainstream","NA","Visuals",6464,null,null,161600,"North1",7627.5199999999995,"",null,"North1","Mainstream","Mainstream"]
[21633007,"Ashwani Kumar","ashwani.kumar@v5global.co.in",7827383769,"V5 Global","Delhi","V5262001","Delhi","Delhi",null,"V5 Global",null,null,"Mohd Asif","mohd.asif@v5global.co.in",null,"North1",null,"External Consumer","ASO","V5 Global ASO",null,"FT",null,"ASO",null,"Kanwaldeep Singh","Gaurav Sharma",null,"Kumar Tanksale","Raghavendra Araveeti","gaurav.sharma@v5global.co.in","gaurav.sharma@v5global.co.in","ksingh15@lenovo.com","ktanksale1@lenovo.com","raraveeti@lenovo.com","ASO","Shilpi Gautam","sgautam2@lenovo.com",null,"Kumar Tanksale",null,"ktanksale1@lenovo.com",null,"2025-11-29","22:48:00","28.6613846,77.3859521","Infra Networks Solutions",{"$nulls":3},"T3","07AHQPP7247R1Z6","North1",null,"T-3931","New Delhi","New Delhi","V5 Global",null,"Yes","Face to Face","GX31L52655",25,"Lenovo","Wired Combo","Input","Lenovo 160 Wired Combo","NA","Accessories","NA","NA","Accessories",999,null,null,24975,"North1",1178.82,"",null,"North1","NA","NA"]
[21633018,"Ashwani Kumar","ashwani.kumar@v5global.co.in",7827383769,"V5 Global","Delhi","V5262001","Delhi","Delhi",null,"V5 Global",null,null,"Mohd Asif","mohd.asif@v5global.co.in",null,"North1",null,"External Consumer","ASO","V5 Global ASO",null,"FT",null,"ASO",null,"Kanwaldeep Singh","Gaurav Sharma",null,"Kumar Tanksale","Raghavendra Araveeti","gaurav.sharma@v5global.co.in","gaurav.sharma@v5global.co.in","ksingh15@lenovo.com","ktanksale1@lenovo.com","raraveeti@lenovo.com","ASO","Shilpi Gautam","sgautam2@lenovo.com",null,"Kumar Tanksale",null,"ktanksale1@lenovo.com",null,"2025-11-29","22:50:00","28.6613874,77.3859577","Insoft  Technology",{"$nulls":3},"T3","07ANZPS2464A1ZN","North1",null,"T-3932","New Delhi","New Delhi","V5 Global",null,"Yes","Face to Face","90XS005PIN",1,"Lenovo","IdeaCentre","IdeaCentre","IntelÂ® Coreâ„¢ i3-14100 4C, 8GB DDR5/512 SSD/ WiFi 6 + BT 5.2/ 260W/ SFF 8.2Lt / Wired KeyBoard & Mouse /Win 11 Home/1 Yr Onsite","Win 11","TDT","Entry","IntelÂ® Coreâ„¢ i3-14100","Consumer",31500,null,"TDT",31500,"North1",37170,"",null,"North1","Entry","Entry"]
[21633018,"Ashwani Kumar","ashwani.kumar@v5global.co.in",7827383769,"V5 Global","Delhi","V5262001","Delhi","Delhi",null,"V5 Global",null,null,"Mohd Asif","mohd.asif@v5global.co.in",null,"North1",null,"External Consumer","ASO","V5 Global ASO",null,"FT",null,"ASO",null,"Kanwaldeep Singh","Gaurav Sharma",null,"Kumar Tanksale","Raghavendra Araveeti","gaurav.sharma@v5global.co.in","gaurav.sharma@v5global.co.in","ksingh15@lenovo.com","ktanksale1@lenovo.com","raraveeti@lenovo.com","ASO","Shilpi Gautam","sgautam2@lenovo.com",null,"Kumar Tanksale",null,"ktanksale1@lenovo.com",null,"2025-11-29","22:50:00","28.6613874,77.3859577","Insoft  Technology",{"$nulls":3},"T3","07ANZPS2464A1ZN","North1",null,"T-3932","New Delhi","New Delhi","V5 Global",null,"Yes","Face to Face","67B7GACBIN",2,"Lenovo","Legion","R25I-30","24.5\"543.7x302.6 mm,In-Plane Switching,1920x1080,165Hz (Overclock to 180Hz)","NA","Visual Verints","Premium","NA","Visuals",18000,null,null,36000,"North1",21240,"",null,"North1","Premium","Premium"]
[21633018,"Ashwani Kumar","ashwani.kumar@v5global.co.in",7827383769,"V5 Global","Delhi","V5262001","Delhi","Delhi",null,"V5 Global",null,null,"Mohd Asif","mohd.asif@v5global.co.in",null,"North1",null,"External Consumer","ASO","V5 Global ASO",null,"FT",null,"ASO",null,"Kanwaldeep Singh","Gaurav Sharma",null,"Kumar Tanksale","Raghavendra Araveeti","gaurav.sharma@v5global.co.in","gaurav.sharma@v5global.co.in","ksingh15@lenovo.com","ktanksale1@lenovo.com","raraveeti@lenovo.com","ASO","Shilpi Gautam","sgautam2@lenovo.com",null,"Kumar Tanksale",null,"ktanksale1@lenovo.com",null,"2025-11-29","22:50:00","28.6613874,77.3859577","Insoft  Technology",{"$nulls":3},"T3","07ANZPS2464A1ZN","North1",null,"T-3932","New Delhi","New Delhi","V5 Global",null,"Yes","Face to Face","GY50X88832",2,"Lenovo","Wireless Mouse","Input","Lenovo 600 BT Silent mouse","NA","Accessories","NA","NA","Accessories",1699,null,null,3398,"North1",2004.82,"",null,"North1","NA","NA"]
[21633024,"Ashwani Kumar","ashwani.kumar@v5global.co.in",7827383769,"V5 Global","Delhi","V5262001","Delhi","Delhi",null,"V5 Global",null,null,"Mohd Asif","mohd.asif@v5global.co.in",null,"North1",null,"External Consumer","ASO","V5 Global ASO",null,"FT",null,"ASO",null,"Kanwaldeep Singh","Gaurav Sharma",null,"Kumar Tanksale","Raghavendra Araveeti","gaurav.sharma@v5global.co.in","gaurav.sharma@v5global.co.in","ksingh15@lenovo.com","ktanksale1@lenovo.com","raraveeti@lenovo.com","ASO","Shilpi Gautam","sgautam2@lenovo.com",null,"Kumar Tanksale",null,"ktanksale1@lenovo.com",null,"2025-11-29","22:51:00","28.6613838,77.3859609","K S INFOTECH",{"$nulls":3},"T3","07AXIPR8111L1Z2","North1",null,"T-3934","New Delhi","New Delhi","V5 Global",null,"Yes","Face to Face","GX31L52655",10,"Lenovo","Wired Combo","Input","Lenovo 160 Wired Combo","NA","Accessories","NA","NA","Accessories",999,null,null,9990,"North1",1178.82,"",null,"North1","NA","NA"]
[21633024,"Ashwani Kumar","ashwani.kumar@v5global.co.in",7827383769,"V5 Global","Delhi","V5262001","Delhi","Delhi",null,"V5 Global",null,null,"Mohd Asif","mohd.asif@v5global.co.in",null,"North1",null,"External Consumer","ASO","V5 Global ASO",null,"FT",null,"ASO",null,"Kanwaldeep Singh","Gaurav Sharma",null,"Kumar Tanksale","Raghavendra Araveeti","gaurav.sharma@v5global.co.in","gaurav.sharma@v5global.co.in","ksingh15@lenovo.com","ktanksale1@lenovo.com","raraveeti@lenovo.com","ASO","Shilpi Gautam","sgautam2@lenovo.com",null,"Kumar Tanksale",null,"ktanksale1@lenovo.com",null,"2025-11-29","22:51:00","28.6613838,77.3859609","K S INFOTECH",{"$nulls":3},"T3","07AXIPR8111L1Z2","North1",null,"T-3934","New Delhi","New Delhi","V5 Global",null,"Yes","Face to Face","67D5KAC6IN",10,"Lenovo","L22-4E","L Series","LEN L22-4E 21.5 IPS  BLACK 100HZ","NA","Visual Variants","Mainstream","NA","Visuals",5331,null,null,53310,"North1",6290.58,"",null,"North1","Mainstream","Mainstream"]
[21633024,"Ashwani Kumar","ashwani.kumar@v5global.co.in",7827383769,"V5 Global","Delhi","V5262001","Delhi","Delhi",null,"V5 Global",null,null,"Mohd Asif","mohd.asif@v5global.co.in",null,"North1",null,"External Consumer","ASO","V5 Global ASO",null,"FT",null,"ASO",null,"Kanwaldeep Singh","Gaurav Sharma",null,"Kumar Tanksale","Raghavendra Araveeti","gaurav.sharma@v5global.co.in","gaurav.sharma@v5global.co.in","ksingh15@lenovo.com","ktanksale1@lenovo.com","raraveeti@lenovo.com","ASO","Shilpi Gautam","sgautam2@lenovo.com",null,"Kumar Tanksale",null,"ktanksale1@lenovo.com",null,"2025-11-29","22:51:00","28.6613838,77.3859609","K S INFOTECH",{"$nulls":3},"T3","07AXIPR8111L1Z2","North1",null,"T-3934","New Delhi","New Delhi","V5 Global",null,"Yes","Face to Face","90XS005PIN",1,"Lenovo","IdeaCentre","IdeaCentre","IntelÂ® Coreâ„¢ i3-14100 4C, 8GB DDR5/512 SSD/ WiFi 6 + BT 5.2/ 260W/ SFF 8.2Lt / Wired KeyBoard & Mouse /Win 11 Home/1 Yr Onsite","Win 11","TDT","Entry","IntelÂ® Coreâ„¢ i3-14100","Consumer",31500,null,"TDT",31500,"North1",37170,"",null,"North1","Entry","Entry"]
[21633028,"Ashwani Kumar","ashwani.kumar@v5global.co.in",7827383769,"V5 Global","Delhi","V5262001","Delhi","Delhi",null,"V5 Global",null,null,"Mohd Asif","mohd.asif@v5global.co.in",null,"North1",null,"External Consumer","ASO","V5 Global ASO",null,"FT",null,"ASO",null,"Kanwaldeep Singh","Gaurav Sharma",null,"Kumar Tanksale","Raghavendra Araveeti","gaurav.sharma@v5global.co.in","gaurav.sharma@v5global.co.in","ksingh15@lenovo.com","ktanksale1@lenovo.com","raraveeti@lenovo.com","ASO","Shilpi Gautam","sgautam2@lenovo.com",null,"Kumar Tanksale",null,"ktanksale1@lenovo.com",null,"2025-11-29","22:52:00","28.661395,77.3859631","LANDMARK TECHNOLOGY",{"$nulls":3},"T3","07BETPS5709E2Z0","North1",null,"T-3806","New Delhi","New Delhi","V5 Global",null,"Yes","Face to Face","67B7GACBIN",1,"Lenovo","Legion","R25I-30","24.5\"543.7x302.6 mm,In-Plane Switching,1920x1080,165Hz (Overclock to 180Hz)","NA","Visual Verints","Premium","NA","Visuals",18000,null,null,18000,"North1",21240,"",null,"North1","Premium","Premium"]
[21633028,"Ashwani Kumar","ashwani.kumar@v5global.co.in",7827383769,"V5 Global","Delhi","V5262001","Delhi","Delhi",null,"V5 Global",null,null,"Mohd Asif","mohd.asif@v5global.co.in",null,"North1",null,"External Consumer","ASO","V5 Global ASO",null,"FT",null,"ASO",null,"Kanwaldeep Singh","Gaurav Sharma",null,"Kumar Tanksale","Raghavendra Araveeti","gaurav.sharma@v5global.co.in","gaurav.sharma@v5global.co.in","ksingh15@lenovo.com","ktanksale1@lenovo.com","raraveeti@lenovo.com","ASO","Shilpi Gautam","sgautam2@lenovo.com",null,"Kumar Tanksale",null,"ktanksale1@lenovo.com",null,"2025-11-29","22:52:00","28.661395,77.3859631","LANDMARK TECHNOLOGY",{"$nulls":3},"T3","07BETPS5709E2Z0","North1",null,"T-3806","New Delhi","New Delhi","V5 Global",null,"Yes","Face to Face","GX31L52655",2,"Lenovo","Wired Combo","Input","Lenovo 160 Wired Combo","NA","Accessories","NA","NA","Accessories",999,null,null,1998,"North1",1178.82,"",null,"North1","NA","NA"]
[21633032,"Ashwani Kumar","ashwani.kumar@v5global.co.in",7827383769,"V5 Global","Delhi","V5262001","Delhi","Delhi",null,"V5 Global",null,null,"Mohd Asif","mohd.asif@v5global.co.in",null,"North1",null,"External Consumer","ASO","V5 Global ASO",null,"FT",null,"ASO",null,"Kanwaldeep Singh","Gaurav Sharma",null,"Kumar Tanksale","Raghavendra Araveeti","gaurav.sharma@v5global.co.in","gaurav.sharma@v5global.co.in","ksingh15@lenovo.com","ktanksale1@lenovo.com","raraveeti@lenovo.com","ASO","Shilpi Gautam","sgautam2@lenovo.com",null,"Kumar Tanksale",null,"ktanksale1@lenovo.com",null,"2025-11-29","22:53:00","28.6613839,77.3859548","M.M. INFOTECH",{"$nulls":3},"T3","07AOBPK9577P1Z2","North1",null,"T-3936","New Delhi","New Delhi","V5 Global",null,"Yes","Face to Face","90XS005PIN",1,"Lenovo","IdeaCentre","IdeaCentre","IntelÂ® Coreâ„¢ i3-14100 4C, 8GB DDR5/512 SSD/ WiFi 6 + BT 5.2/ 260W/ SFF 8.2Lt / Wired KeyBoard & Mouse /Win 11 Home/1 Yr Onsite","Win 11","TDT","Entry","IntelÂ® Coreâ„¢ i3-14100","Consumer",31500,null,"TDT",31500,"North1",37170,"",null,"North1","Entry","Entry"]
[21633032,"Ashwani Kumar","ashwani.kumar@v5global.co.in",7827383769,"V5 Global","Delhi","V5262001","Delhi","Delhi",null,"V5 Global",null,null,"Mohd Asif","mohd.asif@v5global.co.in",null,"North1",null,"External Consumer","ASO","V5 Global ASO",null,"FT",null,"ASO",null,"Kanwaldeep Singh","Gaurav Sharma",null,"Kumar Tanksale","Raghavendra Araveeti","gaurav.sharma@v5global.co.in","gaurav.sharma@v5global.co.in","ksingh15@lenovo.com","ktanksale1@lenovo.com","raraveeti@lenovo.com","ASO","Shilpi Gautam","sgautam2@lenovo.com",null,"Kumar Tanksale",null,"ktanksale1@lenovo.com",null,"2025-11-29","22:53:00","28.6613839,77.3859548","M.M. INFOTECH",{"$nulls":3},"T3","07AOBPK9577P1Z2","North1",null,"T-3936","New Delhi","New Delhi","V5 Global",null,"Yes","Face to Face","67BCKAC6IN",20,"Lenovo","Monitor -L24i4A","Monitor -L24i4A","Full HD IPS Panel Ultra Thin Monitor with WLED Backlight","NA","Visual Variants","Premium","NA","Visuals",7203,null,null,144060,"North1",8499.539999999999,"",null,"North1","Premium","Premium"]
[21633032,"Ashwani Kumar","ashwani.kumar@v5global.co.in",7827383769,"V5 Global","Delhi","V5262001","Delhi","Delhi",null,"V5 Global",null,null,"Mohd Asif","mohd.asif@v5global.co.in",null,"North1",null,"External Consumer","ASO","V5 Global ASO",null,"FT",null,"ASO",null,"Kanwaldeep Singh","Gaurav Sharma",null,"Kumar Tanksale","Raghavendra Araveeti","gaurav.sharma@v5global.co.in","gaurav.sharma@v5global.co.in","ksingh15@lenovo.com","ktanksale1@lenovo.com","raraveeti@lenovo.com","ASO","Shilpi Gautam","sgautam2@lenovo.com",null,"Kumar Tanksale",null,"ktanksale1@lenovo.com",null,"2025-11-29","22:53:00","28.6613839,77.3859548","M.M. INFOTECH",{"$nulls":3},"T3","07AOBPK9577P1Z2","North1",null,"T-3936","New Delhi","New Delhi","V5 Global",null,"Yes","Face to Face","GX31L52655",20,"Lenovo","Wired Combo","Input","Lenovo 160 Wired Combo","NA","Accessories","NA","NA","Accessories",999,null,null,19980,"North1",1178.82,"",null,"North1","NA","NA"]
[21633033,"Chetti Srinivas","chetti.srinivas1@v5global.co.in",9515976797,"V5 Global","Hyderabad",601126,"TELANGANA","Telangana",null,"V5 Global",null,null,"Mohammed Ibrahim","mohammed.ibrahim@v5global.co.in",null,"South2",null,"External Consumer","ASO","V5 Global ASO",null,"FT",null,"ASO",null,"Santosh Singh","S.Arunbabu",null,"Prabhu Subaramanian","Sharad verma","arun.babu@v5global.co.in","arun.babu@v5global.co.in","ssingh9@lenovo.com","psubramania4@lenovo.com","sharverm@lenovo.com","ASO","Shilpi Gautam","sgautam2@lenovo.com",null,"Prabhu Subaramanian",null,"psubramania4@lenovo.com",null,"2025-11-29","22:53:00","17.4137782,78.5661344","SRI SAI SERVICE POINT",{"$nulls":3},"T3","36AOPPK5951H1ZI","South2",null,"T-10632","Khammam","Andhra Pradesh","V5 Global",null,"Yes","Telephonic","83JJ0010IN",2,"Lenovo","Legion","Legion 5","NB LN Legion 5 15IRX9 I7 24G 512G 11S","Win 11","Gaming","Premium","i7 13650HX","Consumer",125490,null,"NB",250980,"South2",148078.19999999998,"SP","Gaming","South2","Premium","Premium"]
[21633033,"Chetti Srinivas","chetti.srinivas1@v5global.co.in",9515976797,"V5 Global","Hyderabad",601126,"TELANGANA","Telangana",null,"V5 Global",null,null,"Mohammed Ibrahim","mohammed.ibrahim@v5global.co.in",null,"South2",null,"External Consumer","ASO","V5 Global ASO",null,"FT",null,"ASO",null,"Santosh Singh","S.Arunbabu",null,"Prabhu Subaramanian","Sharad verma","arun.babu@v5global.co.in","arun.babu@v5global.co.in","ssingh9@lenovo.com","psubramania4@lenovo.com","sharverm@lenovo.com","ASO","Shilpi Gautam","sgautam2@lenovo.com",null,"Prabhu Subaramanian",null,"psubramania4@lenovo.com",null,"2025-11-29","22:53:00","17.4137782,78.5661344","SRI SAI SERVICE POINT",{"$nulls":3},"T3","36AOPPK5951H1ZI","South2",null,"T-10632","Khammam","Andhra Pradesh","V5 Global",null,"Yes","Telephonic","F0HN00PHIN",1,"Lenovo","AIO","AIO","LEN I5-13420H 16GB 512GB SSD 23.8 MSO","Win 11","AIO","Mainstream","i5-13420H","Consumer",53381,null,"AIO",53381,"South2",62989.579999999994,"",null,"South2","Mainstream","Mainstream"]
[21633039,"Ashwani Kumar","ashwani.kumar@v5global.co.in",7827383769,"V5 Global","Delhi","V5262001","Delhi","Delhi",null,"V5 Global",null,null,"Mohd Asif","mohd.asif@v5global.co.in",null,"North1",null,"External Consumer","ASO","V5 Global ASO",null,"FT",null,"ASO",null,"Kanwaldeep Singh","Gaurav Sharma",null,"Kumar Tanksale","Raghavendra Araveeti","gaurav.sharma@v5global.co.in","gaurav.sharma@v5global.co.in","ksingh15@lenovo.com","ktanksale1@lenovo.com","raraveeti@lenovo.com","ASO","Shilpi Gautam","sgautam2@lenovo.com",null,"Kumar Tanksale",null,"ktanksale1@lenovo.com",null,"2025-11-29","22:54:00","28.6613976,77.3859545","MITTAL COMPUTER SYSTEMS",{"$nulls":3},"T3","07AJCPM5975D1Z4","North1",null,"T-3890","New Delhi","New Delhi","V5 Global",null,"Yes","Face to Face","GX31L52655",10,"Lenovo","Wired Combo","Input","Lenovo 160 Wired Combo","NA","Accessories","NA","NA","Accessories",999,null,null,9990,"North1",1178.82,"",null,"North1","NA","NA"]
[21633039,"Ashwani Kumar","ashwani.kumar@v5global.co.in",7827383769,"V5 Global","Delhi","V5262001","Delhi","Delhi",null,"V5 Global",null,null,"Mohd Asif","mohd.asif@v5global.co.in",null,"North1",null,"External Consumer","ASO","V5 Global ASO",null,"FT",null,"ASO",null,"Kanwaldeep Singh","Gaurav Sharma",null,"Kumar Tanksale","Raghavendra Araveeti","gaurav.sharma@v5global.co.in","gaurav.sharma@v5global.co.in","ksingh15@lenovo.com","ktanksale1@lenovo.com","raraveeti@lenovo.com","ASO","Shilpi Gautam","sgautam2@lenovo.com",null,"Kumar Tanksale",null,"ktanksale1@lenovo.com",null,"2025-11-29","22:54:00","28.6613976,77.3859545","MITTAL COMPUTER SYSTEMS",{"$nulls":3},"T3","07AJCPM5975D1Z4","North1",null,"T-3890","New Delhi","New Delhi","V5 Global",null,"Yes","Face to Face","67D5KAC6IN",10,"Lenovo","L22-4E","L Series","LEN L22-4E 21.5 IPS  BLACK 100HZ","NA","Visual Variants","Mainstream","NA","Visuals",5331,null,null,53310,"North1",6290.58,"",null,"North1","Mainstream","Mainstream"]
[21633041,"Chetti Srinivas","chetti.srinivas1@v5global.co.in",9515976797,"V5 Global","Hyderabad",601126,"TELANGANA","Telangana",null,"V5 Global",null,null,"Mohammed Ibrahim","mohammed.ibrahim@v5global.co.in",null,"South2",null,"External Consumer","ASO","V5 Global ASO",null,"FT",null,"ASO",null,"Santosh Singh","S.Arunbabu",null,"Prabhu Subaramanian","Sharad verma","arun.babu@v5global.co.in","arun.babu@v5global.co.in","ssingh9@lenovo.com","psubramania4@lenovo.com","sharverm@lenovo.com","ASO","Shilpi Gautam","sgautam2@lenovo.com",null,"Prabhu Subaramanian",null,"psubramania4@lenovo.com",null,"2025-11-29","22:55:00","17.413772,78.5661358","Sai Durga Computers",{"$nulls":3},"T3","36ABEPU9795K1ZL","South2",null,"T-10502","Khammam","Andhra Pradesh","V5 Global",null,"Yes","Telephonic","83JJ0010IN",1,"Lenovo","Legion","Legion 5","NB LN Legion 5 15IRX9 I7 24G 512G 11S","Win 11","Gaming","Premium","i7 13650HX","Consumer",125490,null,"NB",125490,"South2",148078.19999999998,"SP","Gaming","South2","Premium","Premium"]
[21633041,"Chetti Srinivas","chetti.srinivas1@v5global.co.in",9515976797,"V5 Global","Hyderabad",601126,"TELANGANA","Telangana",null,"V5 Global",null,null,"Mohammed Ibrahim","mohammed.ibrahim@v5global.co.in",null,"South2",null,"External Consumer","ASO","V5 Global ASO",null,"FT",null,"ASO",null,"Santosh Singh","S.Arunbabu",null,"Prabhu Subaramanian","Sharad verma","arun.babu@v5global.co.in","arun.babu@v5global.co.in","ssingh9@lenovo.com","psubramania4@lenovo.com","sharverm@lenovo.com","ASO","Shilpi Gautam","sgautam2@lenovo.com",null,"Prabhu Subaramanian",null,"psubramania4@lenovo.com",null,"2025-11-29","22:55:00","17.413772,78.5661358","Sai Durga Computers",{"$nulls":3},"T3","36ABEPU9795K1ZL","South2",null,"T-10502","Khammam","Andhra Pradesh","V5 Global",null,"Yes","Telephonic","F0HN00PGIN",1,"Lenovo","AIO","AIO i-24IRH9","i3-1315U-8-512-UHD-W11-O24-23.80","Win 11","AIO","Mainstream","i3-1315U","Consumer",57990,null,"AIO",57990,"South2",68428.2,"",null,"South2","Premium","Mainstream"]
[21633042,"Ashwani Kumar","ashwani.kumar@v5global.co.in",7827383769,"V5 Global","Delhi","V5262001","Delhi","Delhi",null,"V5 Global",null,null,"Mohd Asif","mohd.asif@v5global.co.in",null,"North1",null,"External Consumer","ASO","V5 Global ASO",null,"FT",null,"ASO",null,"Kanwaldeep Singh","Gaurav Sharma",null,"Kumar Tanksale","Raghavendra Araveeti","gaurav.sharma@v5global.co.in","gaurav.sharma@v5global.co.in","ksingh15@lenovo.com","ktanksale1@lenovo.com","raraveeti@lenovo.com","ASO","Shilpi Gautam","sgautam2@lenovo.com",null,"Kumar Tanksale",null,"ktanksale1@lenovo.com",null,"2025-11-29","22:55:00","28.6613812,77.3859553","Kasturi Network India",{"$nulls":3},"T3","07BWBPP8372G1Z8","North1",null,"T-3868","New Delhi","New Delhi","V5 Global",null,"Yes","Face to Face","68CDKAC1IN",1,"Lenovo","L27-4E","L Series","LEN L27-4E 27 IPS BLACK 100HZ","NA","Visual Variants","Premium","NA","Visuals",8158,null,null,8158,"North1",9626.439999999999,"",null,"North1","Premium","Premium"]
[21633042,"Ashwani Kumar","ashwani.kumar@v5global.co.in",7827383769,"V5 Global","Delhi","V5262001","Delhi","Delhi",null,"V5 Global",null,null,"Mohd Asif","mohd.asif@v5global.co.in",null,"North1",null,"External Consumer","ASO","V5 Global ASO",null,"FT",null,"ASO",null,"Kanwaldeep Singh","Gaurav Sharma",null,"Kumar Tanksale","Raghavendra Araveeti","gaurav.sharma@v5global.co.in","gaurav.sharma@v5global.co.in","ksingh15@lenovo.com","ktanksale1@lenovo.com","raraveeti@lenovo.com","ASO","Shilpi Gautam","sgautam2@lenovo.com",null,"Kumar Tanksale",null,"ktanksale1@lenovo.com",null,"2025-11-29","22:55:00","28.6613812,77.3859553","Kasturi Network India",{"$nulls":3},"T3","07BWBPP8372G1Z8","North1",null,"T-3868","New Delhi","New Delhi","V5 Global",null,"Yes","Face to Face","GX31L52655",1,"Lenovo","Wired Combo","Input","Lenovo 160 Wired Combo","NA","Accessories","NA","NA","Accessories",999,null,null,999,"North1",1178.82,"",null,"North1","NA","NA"]
[21633046,"Ashwani Kumar","ashwani.kumar@v5global.co.in",7827383769,"V5 Global","Delhi","V5262001","Delhi","Delhi",null,"V5 Global",null,null,"Mohd Asif","mohd.asif@v5global.co.in",null,"North1",null,"External Consumer","ASO","V5 Global ASO",null,"FT",null,"ASO",null,"Kanwaldeep Singh","Gaurav Sharma",null,"Kumar Tanksale","Raghavendra Araveeti","gaurav.sharma@v5global.co.in","gaurav.sharma@v5global.co.in","ksingh15@lenovo.com","ktanksale1@lenovo.com","raraveeti@lenovo.com","ASO","Shilpi Gautam","sgautam2@lenovo.com",null,"Kumar Tanksale",null,"ktanksale1@lenovo.com",null,"2025-11-29","22:56:00","28.661389,77.3859583","TAB ENTERPRISES",{"$nulls":3},"T3","07AFBPJ4272M1ZA","North1",null,"T-3801","New Delhi","New Delhi","V5 Global",null,"Yes","Face to Face","67BCKAC6IN",20,"Lenovo","Monitor -L24i4A","Monitor -L24i4A","Full HD IPS Panel Ultra Thin Monitor with WLED Backlight","NA","Visual Variants","Premium","NA","Visuals",7203,null,null,144060,"North1",8499.539999999999,"",null,"North1","Premium","Premium"]
[21633046,"Ashwani Kumar","ashwani.kumar@v5global.co.in",7827383769,"V5 Global","Delhi","V5262001","Delhi","Delhi",null,"V5 Global",null,null,"Mohd Asif","mohd.asif@v5global.co.in",null,"North1",null,"External Consumer","ASO","V5 Global ASO",null,"FT",null,"ASO",null,"Kanwaldeep Singh","Gaurav Sharma",null,"Kumar Tanksale","Raghavendra Araveeti","gaurav.sharma@v5global.co.in","gaurav.sharma@v5global.co.in","ksingh15@lenovo.com","ktanksale1@lenovo.com","raraveeti@lenovo.com","ASO","Shilpi Gautam","sgautam2@lenovo.com",null,"Kumar Tanksale",null,"ktanksale1@lenovo.com",null,"2025-11-29","22:56:00","28.661389,77.3859583","TAB ENTERPRISES",{"$nulls":3},"T3","07AFBPJ4272M1ZA","North1",null,"T-3801","New Delhi","New Delhi","V5 Global",null,"Yes","Face to Face","GX31L52655",20,"Lenovo","Wired Combo","Input","Lenovo 160 Wired Combo","NA","Accessories","NA","NA","Accessories",999,null,null,19980,"North1",1178.82,"",null,"North1","NA","NA"]
[21633052,"Chetti Srinivas","chetti.srinivas1@v5global.co.in",9515976797,"V5 Global","Hyderabad",601126,"TELANGANA","Telangana",null,"V5 Global",null,null,"Mohammed Ibrahim","mohammed.ibrahim@v5global.co.in",null,"South2",null,"External Consumer","ASO","V5 Global ASO",null,"FT",null,"ASO",null,"Santosh Singh","S.Arunbabu",null,"Prabhu Subaramanian","Sharad verma","arun.babu@v5global.co.in","arun.babu@v5global.co.in","ssingh9@lenovo.com","psubramania4@lenovo.com","sharverm@lenovo.com","ASO","Shilpi Gautam","sgautam2@lenovo.com",null,"Prabhu Subaramanian",null,"psubramania4@lenovo.com",null,"2025-11-29","22:56:00","17.4137638,78.5661085","SRI LAXMI COMPUTERS",{"$nulls":3},"T3",null,"South2",null,"T-20307","Bhadrachalam","Andhra Pradesh","V5 Global",null,"Yes","Telephonic","83ER00MCIN",1,"Lenovo","Ideapad","Slim 3","Lenovo IdeaPad Slim 3 12th Gen Intel Core i5-12450H 15\" (39.6cm) FHD IPS 300 Nits Thin & Light Laptop (16GB/512GB SSD/Win 11/MSO","Win 11","Thin & Light","Mainstream","i5 12th Gen","Consumer",41000,null,"NB",41000,"South2",48380,"",null,"South2","Mainstream","Mainstream"]
[21633052,"Chetti Srinivas","chetti.srinivas1@v5global.co.in",9515976797,"V5 Global","Hyderabad",601126,"TELANGANA","Telangana",null,"V5 Global",null,null,"Mohammed Ibrahim","mohammed.ibrahim@v5global.co.in",null,"South2",null,"External Consumer","ASO","V5 Global ASO",null,"FT",null,"ASO",null,"Santosh Singh","S.Arunbabu",null,"Prabhu Subaramanian","Sharad verma","arun.babu@v5global.co.in","arun.babu@v5global.co.in","ssingh9@lenovo.com","psubramania4@lenovo.com","sharverm@lenovo.com","ASO","Shilpi Gautam","sgautam2@lenovo.com",null,"Prabhu Subaramanian",null,"psubramania4@lenovo.com",null,"2025-11-29","22:56:00","17.4137638,78.5661085","SRI LAXMI COMPUTERS",{"$nulls":3},"T3",null,"South2",null,"T-20307","Bhadrachalam","Andhra Pradesh","V5 Global",null,"Yes","Telephonic","F0HN00PGIN",1,"Lenovo","AIO","AIO i-24IRH9","i3-1315U-8-512-UHD-W11-O24-23.80","Win 11","AIO","Mainstream","i3-1315U","Consumer",57990,null,"AIO",57990,"South2",68428.2,"",null,"South2","Premium","Mainstream"]
[21633064,"Chetti Srinivas","chetti.srinivas1@v5global.co.in",9515976797,"V5 Global","Hyderabad",601126,"TELANGANA","Telangana",null,"V5 Global",null,null,"Mohammed Ibrahim","mohammed.ibrahim@v5global.co.in",null,"South2",null,"External Consumer","ASO","V5 Global ASO",null,"FT",null,"ASO",null,"Santosh Singh","S.Arunbabu",null,"Prabhu Subaramanian","Sharad verma","arun.babu@v5global.co.in","arun.babu@v5global.co.in","ssingh9@lenovo.com","psubramania4@lenovo.com","sharverm@lenovo.com","ASO","Shilpi Gautam","sgautam2@lenovo.com",null,"Prabhu Subaramanian",null,"psubramania4@lenovo.com",null,"2025-11-29","22:59:00","17.4138491,78.5661625","SRI BALAJI COMPUTERS",{"$nulls":3},"T3",null,"South3",null,"T-28534","Palvancha","Andhra Pradesh","Denave",null,"Yes","Telephonic","83K100CJIN",1,"Lenovo","Slim 3","IdeaPad Slim 3 15IRH10","NB IP Slim 3 15IRH10 I7 8G 8G 512G 11S","Win 11","Thin & Light","Mainstream","i7 13620H","Consumer",63827,null,"NB",63827,"South2",75315.86,"SP","Non-Gaming","South2","Premium","Premium"]
[21633064,"Chetti Srinivas","chetti.srinivas1@v5global.co.in",9515976797,"V5 Global","Hyderabad",601126,"TELANGANA","Telangana",null,"V5 Global",null,null,"Mohammed Ibrahim","mohammed.ibrahim@v5global.co.in",null,"South2",null,"External Consumer","ASO","V5 Global ASO",null,"FT",null,"ASO",null,"Santosh Singh","S.Arunbabu",null,"Prabhu Subaramanian","Sharad verma","arun.babu@v5global.co.in","arun.babu@v5global.co.in","ssingh9@lenovo.com","psubramania4@lenovo.com","sharverm@lenovo.com","ASO","Shilpi Gautam","sgautam2@lenovo.com",null,"Prabhu Subaramanian",null,"psubramania4@lenovo.com",null,"2025-11-29","22:59:00","17.4138491,78.5661625","SRI BALAJI COMPUTERS",{"$nulls":3},"T3",null,"South3",null,"T-28534","Palvancha","Andhra Pradesh","Denave",null,"Yes","Telephonic","F0J6005FIN",1,"Lenovo","AIO","Lenovo A100","23.8\" FHD/8GB RAM/512 SSD/Integrated Graphics/MSO 2024/White","Win 11","AIO","Entry","Intel N100","Consumer",32000,null,"AIO",32000,"South2",37760,"",null,"South2","Entry","Entry"]
[21633070,"Chetti Srinivas","chetti.srinivas1@v5global.co.in",9515976797,"V5 Global","Hyderabad",601126,"TELANGANA","Telangana",null,"V5 Global",null,null,"Mohammed Ibrahim","mohammed.ibrahim@v5global.co.in",null,"South2",null,"External Consumer","ASO","V5 Global ASO",null,"FT",null,"ASO",null,"Santosh Singh","S.Arunbabu",null,"Prabhu Subaramanian","Sharad verma","arun.babu@v5global.co.in","arun.babu@v5global.co.in","ssingh9@lenovo.com","psubramania4@lenovo.com","sharverm@lenovo.com","ASO","Shilpi Gautam","sgautam2@lenovo.com",null,"Prabhu Subaramanian",null,"psubramania4@lenovo.com",null,"2025-11-29","23:01:00","17.4137961,78.5660743","Radiant Technologies",{"$nulls":3},"T3","36AHOPM1744N2ZR","South2",null,"T-10507","Warangal","Andhra Pradesh","V5 Global",null,"Yes","Telephonic","90XW005UIN",1,"Lenovo","IdeaCentre","IdeaCentre 08IRH9","8GB RAM/512 GB SSD/Integrated Graphics/WINDOWS 11","Win 11","TDT","Entry","CORE I5","Consumer",32619,null,"TDT",32619,"South2",38490.42,"",null,"South2","Entry","Mainstream"]
[21633082,"Chetti Srinivas","chetti.srinivas1@v5global.co.in",9515976797,"V5 Global","Hyderabad",601126,"TELANGANA","Telangana",null,"V5 Global",null,null,"Mohammed Ibrahim","mohammed.ibrahim@v5global.co.in",null,"South2",null,"External Consumer","ASO","V5 Global ASO",null,"FT",null,"ASO",null,"Santosh Singh","S.Arunbabu",null,"Prabhu Subaramanian","Sharad verma","arun.babu@v5global.co.in","arun.babu@v5global.co.in","ssingh9@lenovo.com","psubramania4@lenovo.com","sharverm@lenovo.com","ASO","Shilpi Gautam","sgautam2@lenovo.com",null,"Prabhu Subaramanian",null,"psubramania4@lenovo.com",null,"2025-11-29","23:03:00","17.4138184,78.5661324","My Computers",{"$nulls":3},"T3","36AFDPY9384H1ZO","South2",null,"T-10504","Warangal","Andhra Pradesh","V5 Global",null,"Yes","Telephonic","F0HN00PHIN",1,"Lenovo","AIO","AIO","LEN I5-13420H 16GB 512GB SSD 23.8 MSO","Win 11","AIO","Mainstream","i5-13420H","Consumer",53381,null,"AIO",53381,"South2",62989.579999999994,"",null,"South2","Mainstream","Mainstream"]
[21633108,"Samya Roy","samya.roy@v5global.co.in",9474010730,"V5 Global","Bolpur","V5287255","West Bengal","West Bengal",null,"V5 Global",null,null,"Arindam Mazumdar","arindam.mazumdar@v5global.co.in",null,"East1",null,"External Consumer","ASO","V5 Global ASO",null,"FT",null,"ASO",null,"Ashique Ali","Amit Thakuri",null,"Amit Tiwari","Raghavendra Araveeti","amit.thakuri@v5global.co.in","amit.thakuri@v5global.co.in","aali11@lenovo.com","atiwari11@lenovo.com","raraveeti@lenovo.com","ASO","Shilpi Gautam","sgautam2@lenovo.com",null,"Amit Tiwari",null,"atiwari11@lenovo.com",null,"2025-11-29","23:10:00","23.6663095,87.6906865","LOGICA TECHNOSOLUTION",{"$nulls":3},"T3","19BFFPG2877G1Z9","East1",null,"T-1606","Birbhum","West Bengal","V5 Global",null,"Yes","Telephonic","83K100C9IN",1,"Lenovo","Slim 3","IdeaPad Slim 3 15IRH10","NB IP Slim 3 15IRH10 I7 8G 8G 512G 11S","Win 11","Thin & Light","Mainstream","i7 13620H","Consumer",64700,null,"NB",64700,"East1",76346,"SP","Non-Gaming","East1","Premium","Premium"]
[21633110,"Samya Roy","samya.roy@v5global.co.in",9474010730,"V5 Global","Bolpur","V5287255","West Bengal","West Bengal",null,"V5 Global",null,null,"Arindam Mazumdar","arindam.mazumdar@v5global.co.in",null,"East1",null,"External Consumer","ASO","V5 Global ASO",null,"FT",null,"ASO",null,"Ashique Ali","Amit Thakuri",null,"Amit Tiwari","Raghavendra Araveeti","amit.thakuri@v5global.co.in","amit.thakuri@v5global.co.in","aali11@lenovo.com","atiwari11@lenovo.com","raraveeti@lenovo.com","ASO","Shilpi Gautam","sgautam2@lenovo.com",null,"Amit Tiwari",null,"atiwari11@lenovo.com",null,"2025-11-29","23:11:00","23.6662467,87.6904876","INFINITI COMPUTERS",{"$nulls":3},"T3","19AABFI9790G1ZX","East1",null,"T-1588","East Burdwan","West Bengal","V5 Global",null,"Yes","Telephonic","82LX00F7IN",1,"Lenovo","Ideapad","Slim 1","LEN N4500 8GB 512GB SSD WIN11  1YR","Win 11","Thin & Light","Entry","N4500","Consumer",25900,null,"NB",25900,"East1",30562,"",null,"East1","Entry","Entry"]
[21633113,"Samya Roy","samya.roy@v5global.co.in",9474010730,"V5 Global","Bolpur","V5287255","West Bengal","West Bengal",null,"V5 Global",null,null,"Arindam Mazumdar","arindam.mazumdar@v5global.co.in",null,"East1",null,"External Consumer","ASO","V5 Global ASO",null,"FT",null,"ASO",null,"Ashique Ali","Amit Thakuri",null,"Amit Tiwari","Raghavendra Araveeti","amit.thakuri@v5global.co.in","amit.thakuri@v5global.co.in","aali11@lenovo.com","atiwari11@lenovo.com","raraveeti@lenovo.com","ASO","Shilpi Gautam","sgautam2@lenovo.com",null,"Amit Tiwari",null,"atiwari11@lenovo.com",null,"2025-11-29","23:12:00","23.6662452,87.6904904","IT BAZAR",{"$nulls":3},"T3","19ADGPD9049P2ZU","East1",null,"T-29861","Bankura","West Bengal","V5 Global",null,"Yes","Telephonic","82R400XSIN",1,"Lenovo","Ideapad","Ideapad","\"Ryzenâ„¢ 5 5500U 6C 8GB RAM 512GB SSD Windows11 MS Office H&S 2024  Integrated AMD Radeon  Graphics  15.6\"\" FHD TN 220nits AG 720","Win 11","Thin & Light","Entry","Amd Ryzen 5 5500U","Consumer",29407,null,"NB",29407,"East1",34700.259999999995,"",null,"East1","Entry","Entry"]
[21633115,"Samya Roy","samya.roy@v5global.co.in",9474010730,"V5 Global","Bolpur","V5287255","West Bengal","West Bengal",null,"V5 Global",null,null,"Arindam Mazumdar","arindam.mazumdar@v5global.co.in",null,"East1",null,"External Consumer","ASO","V5 Global ASO",null,"FT",null,"ASO",null,"Ashique Ali","Amit Thakuri",null,"Amit Tiwari","Raghavendra Araveeti","amit.thakuri@v5global.co.in","amit.thakuri@v5global.co.in","aali11@lenovo.com","atiwari11@lenovo.com","raraveeti@lenovo.com","ASO","Shilpi Gautam","sgautam2@lenovo.com",null,"Amit Tiwari",null,"atiwari11@lenovo.com",null,"2025-11-29","23:12:00","23.6664094,87.6907439","DIGITAL Infosys",{"$nulls":3},"T3","19AOEPK7521G1ZX","East1",null,"T-1562","Birbhum","West Bengal","V5 Global",null,"Yes","Telephonic","83K100CAIN",1,"Lenovo","Ideapad","Slim 3","NB IP Slim 3 15IRH10 I5 8G 512G 11S","Win 11","Thin & Light","Premium","i5 13420H/8GB/512GB SSD","Consumer",56251,null,"NB",56251,"East1",66376.18,"",null,"East1","Premium","Mainstream"]
[21633117,"Samya Roy","samya.roy@v5global.co.in",9474010730,"V5 Global","Bolpur","V5287255","West Bengal","West Bengal",null,"V5 Global",null,null,"Arindam Mazumdar","arindam.mazumdar@v5global.co.in",null,"East1",null,"External Consumer","ASO","V5 Global ASO",null,"FT",null,"ASO",null,"Ashique Ali","Amit Thakuri",null,"Amit Tiwari","Raghavendra Araveeti","amit.thakuri@v5global.co.in","amit.thakuri@v5global.co.in","aali11@lenovo.com","atiwari11@lenovo.com","raraveeti@lenovo.com","ASO","Shilpi Gautam","sgautam2@lenovo.com",null,"Amit Tiwari",null,"atiwari11@lenovo.com",null,"2025-11-29","23:13:00","23.6664118,87.6907419","NATIONAL COMPUTER CENTRE",{"$nulls":3},"T3","19ACXPJ2546D1ZB","East1",null,"T-1630","Bankura","West Bengal","V5 Global",null,"Yes","Telephonic","83J2000HIN",1,"Lenovo","Ideapad","Slim 5","13.3\" WUXGA (1920 x 1200), IPS, Anti-Glare/16 GB LPDDR5X/512 GB SSD/AMD Radeonâ„¢ 680M Graphics/Office Home 2024/Cloud Grey","Win 11","Thin & Light","Mainstream","AMD Ryzenâ„¢ 7 7735HS","Consumer",61491,null,"NB",61491,"East1",72559.37999999999,"",null,"East1","Premium","Mainstream"]
[21633120,"Samya Roy","samya.roy@v5global.co.in",9474010730,"V5 Global","Bolpur","V5287255","West Bengal","West Bengal",null,"V5 Global",null,null,"Arindam Mazumdar","arindam.mazumdar@v5global.co.in",null,"East1",null,"External Consumer","ASO","V5 Global ASO",null,"FT",null,"ASO",null,"Ashique Ali","Amit Thakuri",null,"Amit Tiwari","Raghavendra Araveeti","amit.thakuri@v5global.co.in","amit.thakuri@v5global.co.in","aali11@lenovo.com","atiwari11@lenovo.com","raraveeti@lenovo.com","ASO","Shilpi Gautam","sgautam2@lenovo.com",null,"Amit Tiwari",null,"atiwari11@lenovo.com",null,"2025-11-29","23:13:00","23.666378,87.6907214","TIRUPATI",{"$nulls":3},"T3","19AMXPK8870D1ZA","East1",null,"T-1676","Bankura","West Bengal","V5 Global",null,"Yes","Telephonic","83J2000HIN",1,"Lenovo","Ideapad","Slim 5","13.3\" WUXGA (1920 x 1200), IPS, Anti-Glare/16 GB LPDDR5X/512 GB SSD/AMD Radeonâ„¢ 680M Graphics/Office Home 2024/Cloud Grey","Win 11","Thin & Light","Mainstream","AMD Ryzenâ„¢ 7 7735HS","Consumer",61491,null,"NB",61491,"East1",72559.37999999999,"",null,"East1","Premium","Mainstream"]
[21633122,"Samya Roy","samya.roy@v5global.co.in",9474010730,"V5 Global","Bolpur","V5287255","West Bengal","West Bengal",null,"V5 Global",null,null,"Arindam Mazumdar","arindam.mazumdar@v5global.co.in",null,"East1",null,"External Consumer","ASO","V5 Global ASO",null,"FT",null,"ASO",null,"Ashique Ali","Amit Thakuri",null,"Amit Tiwari","Raghavendra Araveeti","amit.thakuri@v5global.co.in","amit.thakuri@v5global.co.in","aali11@lenovo.com","atiwari11@lenovo.com","raraveeti@lenovo.com","ASO","Shilpi Gautam","sgautam2@lenovo.com",null,"Amit Tiwari",null,"atiwari11@lenovo.com",null,"2025-11-29","23:14:00","23.6663609,87.6906218","SAINTHIYA COMPUTER",{"$nulls":3},"T3","19ADBFS5149J1ZP","East1",null,"T-1652","Birbhum","West Bengal","V5 Global",null,"Yes","Telephonic","83K100CAIN",1,"Lenovo","Ideapad","Slim 3","NB IP Slim 3 15IRH10 I5 8G 512G 11S","Win 11","Thin & Light","Premium","i5 13420H/8GB/512GB SSD","Consumer",56251,null,"NB",56251,"East1",66376.18,"",null,"East1","Premium","Mainstream"]
[21633185,"Manoj Baishya","manoj.baishya@v5global.co.in",9864583255,"V5 Global","GUWAHATI","V5424243","NE","NE",null,"V5 Global",null,null,"Sukamal Saha","sukamal.saha@v5global.co.in",null,"East1",null,"External Consumer","ASO","V5 Global ASO",null,"FT",null,"ASO",null,"Partha Chakraborty","Amit Thakuri",null,"Amit Tiwari","Raghavendra Araveeti","amit.thakuri@v5global.co.in","amit.thakuri@v5global.co.in","pchakraborty@lenovo.com","atiwari11@lenovo.com","raraveeti@lenovo.com","ASO","Shilpi Gautam","sgautam2@lenovo.com",null,"Amit Tiwari",null,"atiwari11@lenovo.com",null,"2025-11-29","23:34:00","26.1177015,91.6805471","B. M. COMPUTER",{"$nulls":3},"T3","18AMOPC1860A1ZF","East1",null,"T-316","Barpeta","ASSAM","V5 Global",null,"Yes","Face to Face","82R400XSIN",2,"Lenovo","Ideapad","Ideapad","\"Ryzenâ„¢ 5 5500U 6C 8GB RAM 512GB SSD Windows11 MS Office H&S 2024  Integrated AMD Radeon  Graphics  15.6\"\" FHD TN 220nits AG 720","Win 11","Thin & Light","Entry","Amd Ryzen 5 5500U","Consumer",29407,null,"NB",58814,"East1",34700.259999999995,"",null,"East1","Entry","Entry"]
[21633197,"Manoj Baishya","manoj.baishya@v5global.co.in",9864583255,"V5 Global","GUWAHATI","V5424243","NE","NE",null,"V5 Global",null,null,"Sukamal Saha","sukamal.saha@v5global.co.in",null,"East1",null,"External Consumer","ASO","V5 Global ASO",null,"FT",null,"ASO",null,"Partha Chakraborty","Amit Thakuri",null,"Amit Tiwari","Raghavendra Araveeti","amit.thakuri@v5global.co.in","amit.thakuri@v5global.co.in","pchakraborty@lenovo.com","atiwari11@lenovo.com","raraveeti@lenovo.com","ASO","Shilpi Gautam","sgautam2@lenovo.com",null,"Amit Tiwari",null,"atiwari11@lenovo.com",null,"2025-11-29","23:35:00","26.1177427,91.6805653","STAR COMPUTER",{"$nulls":3},"T3","18CADPS0328A1Z4","East1",null,"T-349","Barpeta","ASSAM","V5 Global",null,"Yes","Face to Face","82R400XSIN",2,"Lenovo","Ideapad","Ideapad","\"Ryzenâ„¢ 5 5500U 6C 8GB RAM 512GB SSD Windows11 MS Office H&S 2024  Integrated AMD Radeon  Graphics  15.6\"\" FHD TN 220nits AG 720","Win 11","Thin & Light","Entry","Amd Ryzen 5 5500U","Consumer",29407,null,"NB",58814,"East1",34700.259999999995,"",null,"East1","Entry","Entry"]
[21633197,"Manoj Baishya","manoj.baishya@v5global.co.in",9864583255,"V5 Global","GUWAHATI","V5424243","NE","NE",null,"V5 Global",null,null,"Sukamal Saha","sukamal.saha@v5global.co.in",null,"East1",null,"External Consumer","ASO","V5 Global ASO",null,"FT",null,"ASO",null,"Partha Chakraborty","Amit Thakuri",null,"Amit Tiwari","Raghavendra Araveeti","amit.thakuri@v5global.co.in","amit.thakuri@v5global.co.in","pchakraborty@lenovo.com","atiwari11@lenovo.com","raraveeti@lenovo.com","ASO","Shilpi Gautam","sgautam2@lenovo.com",null,"Amit Tiwari",null,"atiwari11@lenovo.com",null,"2025-11-29","23:35:00","26.1177427,91.6805653","STAR COMPUTER",{"$nulls":3},"T3","18CADPS0328A1Z4","East1",null,"T-349","Barpeta","ASSAM","V5 Global",null,"Yes","Face to Face","82XQ00MDIN",1,"Lenovo","Ideapad","Slim 3","RYZEN-7320U/8GB LPDDR5-5500/512GB SSD/Integrated AMD Radeon graphics","Win 11","Thin & Light","Entry","Ryzen3 7320U","Consumer",33000,null,"NB",33000,"East1",38940,"",null,"East1","Entry","Entry"]
[21633197,"Manoj Baishya","manoj.baishya@v5global.co.in",9864583255,"V5 Global","GUWAHATI","V5424243","NE","NE",null,"V5 Global",null,null,"Sukamal Saha","sukamal.saha@v5global.co.in",null,"East1",null,"External Consumer","ASO","V5 Global ASO",null,"FT",null,"ASO",null,"Partha Chakraborty","Amit Thakuri",null,"Amit Tiwari","Raghavendra Araveeti","amit.thakuri@v5global.co.in","amit.thakuri@v5global.co.in","pchakraborty@lenovo.com","atiwari11@lenovo.com","raraveeti@lenovo.com","ASO","Shilpi Gautam","sgautam2@lenovo.com",null,"Amit Tiwari",null,"atiwari11@lenovo.com",null,"2025-11-29","23:35:00","26.1177427,91.6805653","STAR COMPUTER",{"$nulls":3},"T3","18CADPS0328A1Z4","East1",null,"T-349","Barpeta","ASSAM","V5 Global",null,"Yes","Face to Face","83LK009VIN",1,"Lenovo","LOQ","LOQ-15AX9E","i5-12450HX-RTX3050A-W11-O24-15.6","Win 11","Gaming","Premium","i5-12450HX","Consumer",85290,null,"NB",85290,"East1",100642.2,"SP","Gaming","East1","Premium","Premium"]
[21633197,"Manoj Baishya","manoj.baishya@v5global.co.in",9864583255,"V5 Global","GUWAHATI","V5424243","NE","NE",null,"V5 Global",null,null,"Sukamal Saha","sukamal.saha@v5global.co.in",null,"East1",null,"External Consumer","ASO","V5 Global ASO",null,"FT",null,"ASO",null,"Partha Chakraborty","Amit Thakuri",null,"Amit Tiwari","Raghavendra Araveeti","amit.thakuri@v5global.co.in","amit.thakuri@v5global.co.in","pchakraborty@lenovo.com","atiwari11@lenovo.com","raraveeti@lenovo.com","ASO","Shilpi Gautam","sgautam2@lenovo.com",null,"Amit Tiwari",null,"atiwari11@lenovo.com",null,"2025-11-29","23:35:00","26.1177427,91.6805653","STAR COMPUTER",{"$nulls":3},"T3","18CADPS0328A1Z4","East1",null,"T-349","Barpeta","ASSAM","V5 Global",null,"Yes","Face to Face","82X6005KIN",1,"Lenovo","Ideapad","Slim 3","1315U-CI3/8GB /512GB SSD/intel uhd graphics /14\"","Win 11","Thin & Light","Entry","1315U-ci3","Consumer",31972,null,"NB",31972,"East1",37726.96,"",null,"East1","Entry","Entry"]
[21633204,"Manoj Baishya","manoj.baishya@v5global.co.in",9864583255,"V5 Global","GUWAHATI","V5424243","NE","NE",null,"V5 Global",null,null,"Sukamal Saha","sukamal.saha@v5global.co.in",null,"East1",null,"External Consumer","ASO","V5 Global ASO",null,"FT",null,"ASO",null,"Partha Chakraborty","Amit Thakuri",null,"Amit Tiwari","Raghavendra Araveeti","amit.thakuri@v5global.co.in","amit.thakuri@v5global.co.in","pchakraborty@lenovo.com","atiwari11@lenovo.com","raraveeti@lenovo.com","ASO","Shilpi Gautam","sgautam2@lenovo.com",null,"Amit Tiwari",null,"atiwari11@lenovo.com",null,"2025-11-29","23:38:00","26.1177504,91.6805709","DATA QUEST",{"$nulls":3},"T3","18AGUPD3671J2ZW","East1",null,"T-326","Dhubri","ASSAM","V5 Global",null,"Yes","Telephonic","82R400XSIN",1,"Lenovo","Ideapad","Ideapad","\"Ryzenâ„¢ 5 5500U 6C 8GB RAM 512GB SSD Windows11 MS Office H&S 2024  Integrated AMD Radeon  Graphics  15.6\"\" FHD TN 220nits AG 720","Win 11","Thin & Light","Entry","Amd Ryzen 5 5500U","Consumer",29407,null,"NB",29407,"East1",34700.259999999995,"",null,"East1","Entry","Entry"]
[21633209,"Manoj Baishya","manoj.baishya@v5global.co.in",9864583255,"V5 Global","GUWAHATI","V5424243","NE","NE",null,"V5 Global",null,null,"Sukamal Saha","sukamal.saha@v5global.co.in",null,"East1",null,"External Consumer","ASO","V5 Global ASO",null,"FT",null,"ASO",null,"Partha Chakraborty","Amit Thakuri",null,"Amit Tiwari","Raghavendra Araveeti","amit.thakuri@v5global.co.in","amit.thakuri@v5global.co.in","pchakraborty@lenovo.com","atiwari11@lenovo.com","raraveeti@lenovo.com","ASO","Shilpi Gautam","sgautam2@lenovo.com",null,"Amit Tiwari",null,"atiwari11@lenovo.com",null,"2025-11-29","23:39:00","26.1177291,91.6805682","COMPUTER WORLD",{"$nulls":3},"T3","18ADOPH1100R1ZD","East1",null,"T-324","Dhubri","ASSAM","V5 Global",null,"Yes","Telephonic","82X700HMIN",1,"Lenovo","IdeaPad Slim 3","Slim 3","15.6\", 8GB, 512GB, Integrated Intel UHD Graphics, Office Home 2024, Arctic Grey\t","Win 11","Thin & Light","Mainstream","Intel Core i3-1315U\t","Consumer",41000,null,"NB",41000,"East1",48380,"",null,"East1","Mainstream","Entry"]
[21633211,"Manoj Baishya","manoj.baishya@v5global.co.in",9864583255,"V5 Global","GUWAHATI","V5424243","NE","NE",null,"V5 Global",null,null,"Sukamal Saha","sukamal.saha@v5global.co.in",null,"East1",null,"External Consumer","ASO","V5 Global ASO",null,"FT",null,"ASO",null,"Partha Chakraborty","Amit Thakuri",null,"Amit Tiwari","Raghavendra Araveeti","amit.thakuri@v5global.co.in","amit.thakuri@v5global.co.in","pchakraborty@lenovo.com","atiwari11@lenovo.com","raraveeti@lenovo.com","ASO","Shilpi Gautam","sgautam2@lenovo.com",null,"Amit Tiwari",null,"atiwari11@lenovo.com",null,"2025-11-29","23:41:00","26.1177292,91.6805681","TECHNO PARK",{"$nulls":3},"T3","18ABHFM2092E1ZA","East1",null,"T-420","Udalguri","ASSAM","V5 Global",null,"Yes","Telephonic","82X700HMIN",1,"Lenovo","IdeaPad Slim 3","Slim 3","15.6\", 8GB, 512GB, Integrated Intel UHD Graphics, Office Home 2024, Arctic Grey\t","Win 11","Thin & Light","Mainstream","Intel Core i3-1315U\t","Consumer",41000,null,"NB",{"$f":"BV7171*BL7171","v":41000},{"$f":"Q7171","v":"East1"},{"$f":"BV7171*118%","v":48380},{"$f":"IF(CF7171=\"Premium\",IF(CA7171>=65000,\"SP\",\"\"),\"\")","v":""},null,"East1",{"$f":"IF(BU7171=\"Consumer\",IF(CA7171<40000,\"Entry\",IF(AND(CA7171>=40000,CA7171<65000),\"Mainstream\",\"Premium\")),IF(BU7171=\"Visuals\",BS7171,\"NA\"))","v":"Mainstream"},"Entry"]
[21633216,"Manoj Baishya","manoj.baishya@v5global.co.in",9864583255,"V5 Global","GUWAHATI","V5424243","NE","NE",null,"V5 Global",null,null,"Sukamal Saha","sukamal.saha@v5global.co.in",null,"East1",null,"External Consumer","ASO","V5 Global ASO",null,"FT",null,"ASO",null,"Partha Chakraborty","Amit Thakuri",null,"Amit Tiwari","Raghavendra Araveeti","amit.thakuri@v5global.co.in","amit.thakuri@v5global.co.in","pchakraborty@lenovo.com","atiwari11@lenovo.com","raraveeti@lenovo.com","ASO","Shilpi Gautam","sgautam2@lenovo.com",null,"Amit Tiwari",null,"atiwari11@lenovo.com",null,"2025-11-29","23:42:00","26.1177216,91.6805662","Shine technology",{"$nulls":3},"T3","18CXNPS6119N1ZJ","East1",null,"T-24936","Tangla","ASSAM","V5 Global",null,"Yes","Telephonic","82R400XSIN",1,"Lenovo","Ideapad","Ideapad","\"Ryzenâ„¢ 5 5500U 6C 8GB RAM 512GB SSD Windows11 MS Office H&S 2024  Integrated AMD Radeon  Graphics  15.6\"\" FHD TN 220nits AG 720","Win 11","Thin & Light","Entry","Amd Ryzen 5 5500U","Consumer",29407,null,"NB",29407,"East1",34700.259999999995,"",null,"East1","Entry","Entry"]
[21633216,"Manoj Baishya","manoj.baishya@v5global.co.in",9864583255,"V5 Global","GUWAHATI","V5424243","NE","NE",null,"V5 Global",null,null,"Sukamal Saha","sukamal.saha@v5global.co.in",null,"East1",null,"External Consumer","ASO","V5 Global ASO",null,"FT",null,"ASO",null,"Partha Chakraborty","Amit Thakuri",null,"Amit Tiwari","Raghavendra Araveeti","amit.thakuri@v5global.co.in","amit.thakuri@v5global.co.in","pchakraborty@lenovo.com","atiwari11@lenovo.com","raraveeti@lenovo.com","ASO","Shilpi Gautam","sgautam2@lenovo.com",null,"Amit Tiwari",null,"atiwari11@lenovo.com",null,"2025-11-29","23:42:00","26.1177216,91.6805662","Shine technology",{"$nulls":3},"T3","18CXNPS6119N1ZJ","East1",null,"T-24936","Tangla","ASSAM","V5 Global",null,"Yes","Telephonic","83ER00MCIN",1,"Lenovo","Ideapad","Slim 3","Lenovo IdeaPad Slim 3 12th Gen Intel Core i5-12450H 15\" (39.6cm) FHD IPS 300 Nits Thin & Light Laptop (16GB/512GB SSD/Win 11/MSO","Win 11","Thin & Light","Mainstream","i5 12th Gen","Consumer",41000,null,"NB",41000,"East1",48380,"",null,"East1","Mainstream","Mainstream"]
[21633221,"Manoj Baishya","manoj.baishya@v5global.co.in",9864583255,"V5 Global","GUWAHATI","V5424243","NE","NE",null,"V5 Global",null,null,"Sukamal Saha","sukamal.saha@v5global.co.in",null,"East1",null,"External Consumer","ASO","V5 Global ASO",null,"FT",null,"ASO",null,"Partha Chakraborty","Amit Thakuri",null,"Amit Tiwari","Raghavendra Araveeti","amit.thakuri@v5global.co.in","amit.thakuri@v5global.co.in","pchakraborty@lenovo.com","atiwari11@lenovo.com","raraveeti@lenovo.com","ASO","Shilpi Gautam","sgautam2@lenovo.com",null,"Amit Tiwari",null,"atiwari11@lenovo.com",null,"2025-11-29","23:43:00","26.1177194,91.6805676","CREATIVE ALLIANZE",{"$nulls":3},"T3","18AHDPB4897J2ZZ","East1",null,"T-325","Bongaigaon","ASSAM","V5 Global",null,"Yes","Telephonic","82R400XSIN",1,"Lenovo","Ideapad","Ideapad","\"Ryzenâ„¢ 5 5500U 6C 8GB RAM 512GB SSD Windows11 MS Office H&S 2024  Integrated AMD Radeon  Graphics  15.6\"\" FHD TN 220nits AG 720","Win 11","Thin & Light","Entry","Amd Ryzen 5 5500U","Consumer",29407,null,"NB",29407,"East1",34700.259999999995,"",null,"East1","Entry","Entry"]
[21633226,"Manoj Baishya","manoj.baishya@v5global.co.in",9864583255,"V5 Global","GUWAHATI","V5424243","NE","NE",null,"V5 Global",null,null,"Sukamal Saha","sukamal.saha@v5global.co.in",null,"East1",null,"External Consumer","ASO","V5 Global ASO",null,"FT",null,"ASO",null,"Partha Chakraborty","Amit Thakuri",null,"Amit Tiwari","Raghavendra Araveeti","amit.thakuri@v5global.co.in","amit.thakuri@v5global.co.in","pchakraborty@lenovo.com","atiwari11@lenovo.com","raraveeti@lenovo.com","ASO","Shilpi Gautam","sgautam2@lenovo.com",null,"Amit Tiwari",null,"atiwari11@lenovo.com",null,"2025-11-29","23:44:00","26.117726,91.6805784","M/S. BIJAY TRADERS",{"$nulls":3},"T3","18AFPPS9106M1ZL","East1",null,"T-337","Bongaigaon","ASSAM","V5 Global",null,"Yes","Telephonic","82LX00F7IN",5,"Lenovo","Ideapad","Slim 1","LEN N4500 8GB 512GB SSD WIN11  1YR","Win 11","Thin & Light","Entry","N4500","Consumer",25900,null,"NB",129500,"East1",30562,"",null,"East1","Entry","Entry"]
[21633226,"Manoj Baishya","manoj.baishya@v5global.co.in",9864583255,"V5 Global","GUWAHATI","V5424243","NE","NE",null,"V5 Global",null,null,"Sukamal Saha","sukamal.saha@v5global.co.in",null,"East1",null,"External Consumer","ASO","V5 Global ASO",null,"FT",null,"ASO",null,"Partha Chakraborty","Amit Thakuri",null,"Amit Tiwari","Raghavendra Araveeti","amit.thakuri@v5global.co.in","amit.thakuri@v5global.co.in","pchakraborty@lenovo.com","atiwari11@lenovo.com","raraveeti@lenovo.com","ASO","Shilpi Gautam","sgautam2@lenovo.com",null,"Amit Tiwari",null,"atiwari11@lenovo.com",null,"2025-11-29","23:44:00","26.117726,91.6805784","M/S. BIJAY TRADERS",{"$nulls":3},"T3","18AFPPS9106M1ZL","East1",null,"T-337","Bongaigaon","ASSAM","V5 Global",null,"Yes","Telephonic","83K000B8IN",5,"Lenovo","Ideapad","IdeaPad Slim 3","15.6\" FHD (1920x1080),16GB Ram, 512 GB SSD, ,MS OFFICE 2024  Luna Grey","Win 11","Thin & Light","Premium","IntelÂ® Coreâ„¢ i5-13420H","Consumer",65000,null,"NB",325000,"East1",76700,"",null,"East1","Premium","Mainstream"]
[21633229,"Manoj Baishya","manoj.baishya@v5global.co.in",9864583255,"V5 Global","GUWAHATI","V5424243","NE","NE",null,"V5 Global",null,null,"Sukamal Saha","sukamal.saha@v5global.co.in",null,"East1",null,"External Consumer","ASO","V5 Global ASO",null,"FT",null,"ASO",null,"Partha Chakraborty","Amit Thakuri",null,"Amit Tiwari","Raghavendra Araveeti","amit.thakuri@v5global.co.in","amit.thakuri@v5global.co.in","pchakraborty@lenovo.com","atiwari11@lenovo.com","raraveeti@lenovo.com","ASO","Shilpi Gautam","sgautam2@lenovo.com",null,"Amit Tiwari",null,"atiwari11@lenovo.com",null,"2025-11-29","23:45:00","26.1177415,91.6805461","Debnath Store",{"$nulls":3},"T3","18ALKPD5080E1Z8","East1",null,"T-327","Dhubri","ASSAM","V5 Global",null,"Yes","Telephonic","82X700HMIN",2,"Lenovo","IdeaPad Slim 3","Slim 3","15.6\", 8GB, 512GB, Integrated Intel UHD Graphics, Office Home 2024, Arctic Grey\t","Win 11","Thin & Light","Mainstream","Intel Core i3-1315U\t","Consumer",41000,null,"NB",82000,"East1",48380,"",null,"East1","Mainstream","Entry"]
[21633237,"Manoj Baishya","manoj.baishya@v5global.co.in",9864583255,"V5 Global","GUWAHATI","V5424243","NE","NE",null,"V5 Global",null,null,"Sukamal Saha","sukamal.saha@v5global.co.in",null,"East1",null,"External Consumer","ASO","V5 Global ASO",null,"FT",null,"ASO",null,"Partha Chakraborty","Amit Thakuri",null,"Amit Tiwari","Raghavendra Araveeti","amit.thakuri@v5global.co.in","amit.thakuri@v5global.co.in","pchakraborty@lenovo.com","atiwari11@lenovo.com","raraveeti@lenovo.com","ASO","Shilpi Gautam","sgautam2@lenovo.com",null,"Amit Tiwari",null,"atiwari11@lenovo.com",null,"2025-11-29","23:46:00","26.1177276,91.6805327","Data Solution",{"$nulls":3},"T3","18AGEPG8713C3ZM","East1",null,"T-56","Kamrup Metropolitan","ASSAM","V5 Global",null,"Yes","Telephonic","82X700HJIN",1,"Lenovo","Ideapad","Slim 3","i3-1315U/8GB,512GB SSD/W11+MSO24/15.6'' FHD/Arctic grey","Win 11","Thin & Light","Entry","i3-1315U","Consumer",38990,null,"NB",38990,"East1",46008.2,"",null,"East1","Mainstream","Mainstream"]
[21633240,"Anmol Sachdeva","anmol.sachdeva@v5global.co.in",9780132392,"V5 Global","BHATINDA","V5433235","PUNJAB","PUNJAB","-","V5 Global",null,null,"Shivam Kumar1","shivam.kumar1@v5global.co.in",null,"North1",null,"External Consumer","ASO","V5 Global ASO",null,"FT",null,"ASO",null,"Naveen Kumar","Gaurav Sharma",null,"Kumar Tanksale","Raghavendra Araveeti","gaurav.sharma@v5global.co.in","gaurav.sharma@v5global.co.in","nkumar12@lenovo.com","ktanksale1@lenovo.com","raraveeti@lenovo.com","ASO","Shilpi Gautam","sgautam2@lenovo.com",null,"Kumar Tanksale",null,"ktanksale1@lenovo.com",null,"2025-11-30","23:50:00","30.6748489,74.7558907","Bharat Enterprises",{"$nulls":3},"T3",null,"North1",null,"T-4676","Bathinda","PUNJAB","V5 Global",null,"Yes","Telephonic","83B40004IN",1,"Lenovo","Ideapad","Ideapad 1","15.6\"FHD,8GB/512GB/I3 1315/WIN/MS OFFICE/","Win 11","Thin & Light","Entry","13 1315","Consumer",36960,null,"NB",36960,"North1",43612.799999999996,"",null,"North1","Mainstream","Entry"]
[21633244,"Anmol Sachdeva","anmol.sachdeva@v5global.co.in",9780132392,"V5 Global","BHATINDA","V5433235","PUNJAB","PUNJAB","-","V5 Global",null,null,"Shivam Kumar1","shivam.kumar1@v5global.co.in",null,"North1",null,"External Consumer","ASO","V5 Global ASO",null,"FT",null,"ASO",null,"Naveen Kumar","Gaurav Sharma",null,"Kumar Tanksale","Raghavendra Araveeti","gaurav.sharma@v5global.co.in","gaurav.sharma@v5global.co.in","nkumar12@lenovo.com","ktanksale1@lenovo.com","raraveeti@lenovo.com","ASO","Shilpi Gautam","sgautam2@lenovo.com",null,"Kumar Tanksale",null,"ktanksale1@lenovo.com",null,"2025-11-30","23:51:00","30.6748629,74.7559142","HARDWARE & SOFTWARE SOLUTIONS",{"$nulls":3},"T3","03AINPG5056F1ZH","North1",null,"T-4712","Moga","PUNJAB","V5 Global",null,"Yes","Telephonic","83B40004IN",1,"Lenovo","Ideapad","Ideapad 1","15.6\"FHD,8GB/512GB/I3 1315/WIN/MS OFFICE/","Win 11","Thin & Light","Entry","13 1315","Consumer",36960,null,"NB",36960,"North1",43612.799999999996,"",null,"North1","Mainstream","Entry"]
[21633247,"Anmol Sachdeva","anmol.sachdeva@v5global.co.in",9780132392,"V5 Global","BHATINDA","V5433235","PUNJAB","PUNJAB","-","V5 Global",null,null,"Shivam Kumar1","shivam.kumar1@v5global.co.in",null,"North1",null,"External Consumer","ASO","V5 Global ASO",null,"FT",null,"ASO",null,"Naveen Kumar","Gaurav Sharma",null,"Kumar Tanksale","Raghavendra Araveeti","gaurav.sharma@v5global.co.in","gaurav.sharma@v5global.co.in","nkumar12@lenovo.com","ktanksale1@lenovo.com","raraveeti@lenovo.com","ASO","Shilpi Gautam","sgautam2@lenovo.com",null,"Kumar Tanksale",null,"ktanksale1@lenovo.com",null,"2025-11-30","23:52:00","30.6748582,74.755896","SAI COMPUTER",{"$nulls":3},"T3","03ADOPK0753D1ZX","North1",null,"T-4735","Sangrur","PUNJAB","V5 Global",null,"Yes","Telephonic","83B40004IN",1,"Lenovo","Ideapad","Ideapad 1","15.6\"FHD,8GB/512GB/I3 1315/WIN/MS OFFICE/","Win 11","Thin & Light","Entry","13 1315","Consumer",36960,null,"NB",36960,"North1",43612.799999999996,"",null,"North1","Mainstream","Entry"]
[21633249,"Anmol Sachdeva","anmol.sachdeva@v5global.co.in",9780132392,"V5 Global","BHATINDA","V5433235","PUNJAB","PUNJAB","-","V5 Global",null,null,"Shivam Kumar1","shivam.kumar1@v5global.co.in",null,"North1",null,"External Consumer","ASO","V5 Global ASO",null,"FT",null,"ASO",null,"Naveen Kumar","Gaurav Sharma",null,"Kumar Tanksale","Raghavendra Araveeti","gaurav.sharma@v5global.co.in","gaurav.sharma@v5global.co.in","nkumar12@lenovo.com","ktanksale1@lenovo.com","raraveeti@lenovo.com","ASO","Shilpi Gautam","sgautam2@lenovo.com",null,"Kumar Tanksale",null,"ktanksale1@lenovo.com",null,"2025-11-30","23:53:00","30.6748703,74.7558994","Simran Engiers",{"$nulls":3},"T3","03ABMPA0757H1Z1","North1",null,"T-4773","Patiala","PUNJAB","V5 Global",null,"Yes","Telephonic","83B40004IN",1,"Lenovo","Ideapad","Ideapad 1","15.6\"FHD,8GB/512GB/I3 1315/WIN/MS OFFICE/","Win 11","Thin & Light","Entry","13 1315","Consumer",36960,null,"NB",36960,"North1",43612.799999999996,"",null,"North1","Mainstream","Entry"]
[21633250,"Anmol Sachdeva","anmol.sachdeva@v5global.co.in",9780132392,"V5 Global","BHATINDA","V5433235","PUNJAB","PUNJAB","-","V5 Global",null,null,"Shivam Kumar1","shivam.kumar1@v5global.co.in",null,"North1",null,"External Consumer","ASO","V5 Global ASO",null,"FT",null,"ASO",null,"Naveen Kumar","Gaurav Sharma",null,"Kumar Tanksale","Raghavendra Araveeti","gaurav.sharma@v5global.co.in","gaurav.sharma@v5global.co.in","nkumar12@lenovo.com","ktanksale1@lenovo.com","raraveeti@lenovo.com","ASO","Shilpi Gautam","sgautam2@lenovo.com",null,"Kumar Tanksale",null,"ktanksale1@lenovo.com",null,"2025-11-30","23:54:00","30.6748642,74.7558984","Utics technologies",{"$nulls":3},"T3","03AFTPB6756L1Z1","North1",null,"T-20845","Sangrur","Punjab","V5 Global",null,"Yes","Telephonic","83B40004IN",1,"Lenovo","Ideapad","Ideapad 1","15.6\"FHD,8GB/512GB/I3 1315/WIN/MS OFFICE/","Win 11","Thin & Light","Entry","13 1315","Consumer",36960,null,"NB",36960,"North1",43612.799999999996,"",null,"North1","Mainstream","Entry"]